{"text_format":"3","workbook":"xls","n_sheets":14,"sheets":["METADATA","STATION","METHOD","DATA","Ref_STYPE","Ref_SUBPROG","Ref_AREA","Ref_TLEVEL","Ref_SUBST","Ref_MEDIUM","Ref_UNIT","Ref_FLAGQUA","Ref_FLAGSTA","Tabelle4"],"not_rendered":{"images":1,"external_links":1,"defined_names":12},"read":"whole","date_system":"1900","formulas":"cached_only"}

{"sheet":"METADATA","index":0,"n_rows":15,"n_cols":2,"rows_kept":15,"merged":[[5,0,5,2],[7,0,7,2],[9,1,9,2],[10,1,10,2],[11,1,11,2],[12,1,12,2],[13,1,13,2],[14,1,14,2]],"flags":["formulas_cached_only"]}
[]
[null,"eLTER (H2020)"]
[null,"H2020-funded project, GA: 654359, INFRAIA call 2014-2015"]
[]
[]
["eLTER Data submission"]
[]
["For the eLTER project data on meteorology, vegetation and deposition are collected for the vTA. This includes physical or chemical analysis (e.g. meteorology or air quality) as well as vegetation observation data. \n\nThe data are open and will be used for cross domain and cross site analysis. The data use is defined by the vTA schema\n"]
[]
["IND_NAME","Arne Verstraeten"]
["ORG_NAME","Research Institute for Forest and Nature (INBO)"]
["EMAIL","arne.verstraeten@inbo.be"]
["DATE OF PUBLICATION","2017-03-13"]
["DATA VERSION",1]
["COMMENTS","daily meteorological data for Wijnendale - LTER_EU_BE_05 (2011-2016)"]

{"sheet":"STATION","index":1,"n_rows":6,"n_cols":8,"rows_kept":6,"flags":["formulas_cached_only"]}
["STATION"]
["SCODE","STYPE","westBoundingCoordinate","eastBoundingCoordinate","northBoundingCoordinate","southBoundingCoordinate","altitudeMinimum","altitudeMaximum"]
["stat. code","spatial type","Longitude [decimal degree]","Longitude [decimal degree]","Latitude [decimal degree]","Latitude [decimal degree]","[m a.sl.]","[m a.s.l.]"]
["M","M","C","C","C","C","C","C"]
["name or code for the plot from which the data are reported, left blank if this is not important for the data reporting","PT … point\nHLN … horizontal transect\nVLN … vertical transect\nPL … areal plot","conditional - if different from the site/platform\nbounding box for station in decimal degree WGS84\n\n\n\n7.88749","conditional - if different from the site/platform\nbounding box for station in decimal degree WGS84\n\n\n\n7.93573","conditional - if different from the site/platform\nbounding box for station in decimal degree WGS84\n\n\n\n45.34080","conditional - if different from the site/platform\nbounding box for station in decimal degree WGS84\n\n\n\n45.31461","conditional - if different from the site/platform\nminimum altitude for the observed station, negative if below water level\n\n265","conditional - if different from the site/platform\nmaximum altitude for the observed station, negative if below the water level\n\n270"]
["WIJ1","PT"]

{"sheet":"METHOD","index":2,"n_rows":6,"n_cols":5,"rows_kept":6,"flags":["formulas_cached_only"]}
["METHOD"]
["CODE","SAMPLING","FIELD_METHOD","LAB_METHOD","AGG_METHOD"]
[]
["Short code for the method to be used in the data submission page; will be used for the drop-down list in the data submission page","sampling method - how the observation sites were selected; e.g. random or stratfied","field method - method applied in the field to collect the data; e.g. sampler, vegetation relevée","lab method - e.g. pretreatment and analysis method","description of the aggregation procedure"]
["METH_1","random","acoustic"," ","sum"]
["METH_2","random","PT100"," ","average"]

{"sheet":"DATA","index":3,"n_rows":3836,"n_cols":27,"rows_kept":3836,"flags":["formulas_cached_only"]}
["eLTER BaseData submission"]
[]
["SUBPROG","SITE_CODE","ORG_NAME","SCODE","MEDIUM","LISTMED","MAX_LEVEL","MIN_LEVEL","SIZE","YEAR","MONTH","DAY","HOUR","MINUTE","SECOND","SPOOL","TPOOL","TLEVEL","TAXA","LISTTAXA","SUBST","LISTSUB","METHOD_CODE","VALUE","UNIT","FLAGQUA","FLAGSTA"]
["code","name","code","code","code","listcode","number [cm]","number [cm]","number [m²]","YYYY","MM","DD","HH","MM","SS","number","number","code","code","listcode","code","listcode","code","number","code","code","code"]
["M","M","M","M","M","M","M","M","M","M","C","C","C","C","C","C","C","C","C","C","M","M","M","M","M",null,"M"]
["Sub programme; e.g. BIOCHEM","Site code (e.g. LTER_EU_AT_003) or Site UUID (e.g. https://data.lter-europe.net/deims/site/0ce0d289-9ef9-4232-a981-8f34869db76d)","name of the organisation, e.g. EAA","Code for the station, e.g. IP1","code for the sampled medium, e.g. SOIL","Codelist for medium, e.g. EnvEurope","measurement level from, e.g. -5","measurement level to, e.g. -10","size of sampling plot in m², e.g. 2","obs. Year, e.g. 2011","obs. Month, e.g. 1","obs. Day","obs. Hour, if necessary","obs. Minunte, if necessary","obs. Second, if necessary","spatial pool of sampling units used for the aggregation, e.g. 5","temporal pool of values used for the aggregation; e.g. 10","level of temporal aggregation; e.g. month","taxa observed, e.g. FAG SYLV","code list for taxa, e.g. B4","parameter name, e.g. TEMP    ","codelist for parameter name, e.g. DB","code for the method as defined in \"METHOD\", e.g. METH_1","value of observation, e.g. 5","unit of observation, e.g. °C        ","quality flag for observation, e.g. -","status flag on how the data were aggregated"]
["METEO","LTER_EU_BE_05","INBO","WIJ1","AIR","EnvEurope",3,3,0,2011,10,5,{"$nulls":8},"TEMP","DB","METH_2",17.14000479166667,"°C",null,"X"]
["METEO","LTER_EU_BE_05","INBO","WIJ1","AIR","EnvEurope",3,3,0,2011,10,6,{"$nulls":8},"TEMP","DB","METH_2",13.891371468750002,"°C",null,"X"]
["METEO","LTER_EU_BE_05","INBO","WIJ1","AIR","EnvEurope",3,3,0,2011,10,7,{"$nulls":8},"TEMP","DB","METH_2",11.542587302083335,"°C",null,"X"]
["METEO","LTER_EU_BE_05","INBO","WIJ1","AIR","EnvEurope",3,3,0,2011,10,8,{"$nulls":8},"TEMP","DB","METH_2",10.837898791666662,"°C",null,"X"]
["METEO","LTER_EU_BE_05","INBO","WIJ1","AIR","EnvEurope",3,3,0,2011,10,9,{"$nulls":8},"TEMP","DB","METH_2",13.461928437500006,"°C",null,"X"]
["METEO","LTER_EU_BE_05","INBO","WIJ1","AIR","EnvEurope",3,3,0,2011,10,10,{"$nulls":8},"TEMP","DB","METH_2",16.578908750000007,"°C",null,"X"]
["METEO","LTER_EU_BE_05","INBO","WIJ1","AIR","EnvEurope",3,3,0,2011,10,11,{"$nulls":8},"TEMP","DB","METH_2",16.188281041666674,"°C",null,"X"]
["METEO","LTER_EU_BE_05","INBO","WIJ1","AIR","EnvEurope",3,3,0,2011,10,12,{"$nulls":8},"TEMP","DB","METH_2",15.06355854166666,"°C",null,"X"]
["METEO","LTER_EU_BE_05","INBO","WIJ1","AIR","EnvEurope",3,3,0,2011,10,13,{"$nulls":8},"TEMP","DB","METH_2",12.18527803125,"°C",null,"X"]
["METEO","LTER_EU_BE_05","INBO","WIJ1","AIR","EnvEurope",3,3,0,2011,10,14,{"$nulls":8},"TEMP","DB","METH_2",9.010919833333334,"°C",null,"X"]
["METEO","LTER_EU_BE_05","INBO","WIJ1","AIR","EnvEurope",3,3,0,2011,10,15,{"$nulls":8},"TEMP","DB","METH_2",7.703489125,"°C",null,"X"]
["METEO","LTER_EU_BE_05","INBO","WIJ1","AIR","EnvEurope",3,3,0,2011,10,16,{"$nulls":8},"TEMP","DB","METH_2",8.167673406250001,"°C",null,"X"]
["METEO","LTER_EU_BE_05","INBO","WIJ1","AIR","EnvEurope",3,3,0,2011,10,17,{"$nulls":8},"TEMP","DB","METH_2",11.542170510416673,"°C",null,"X"]
["METEO","LTER_EU_BE_05","INBO","WIJ1","AIR","EnvEurope",3,3,0,2011,10,18,{"$nulls":8},"TEMP","DB","METH_2",10.348699583333332,"°C",null,"X"]
["METEO","LTER_EU_BE_05","INBO","WIJ1","AIR","EnvEurope",3,3,0,2011,10,19,{"$nulls":8},"TEMP","DB","METH_2",7.3489238229166665,"°C",null,"X"]
["METEO","LTER_EU_BE_05","INBO","WIJ1","AIR","EnvEurope",3,3,0,2011,10,20,{"$nulls":8},"TEMP","DB","METH_2",5.5481245625,"°C",null,"X"]
["METEO","LTER_EU_BE_05","INBO","WIJ1","AIR","EnvEurope",3,3,0,2011,10,21,{"$nulls":8},"TEMP","DB","METH_2",5.919947992708333,"°C",null,"X"]
["METEO","LTER_EU_BE_05","INBO","WIJ1","AIR","EnvEurope",3,3,0,2011,10,22,{"$nulls":8},"TEMP","DB","METH_2",4.672569322916666,"°C",null,"X"]
["METEO","LTER_EU_BE_05","INBO","WIJ1","AIR","EnvEurope",3,3,0,2011,10,23,{"$nulls":8},"TEMP","DB","METH_2",8.684374656250002,"°C",null,"X"]
["METEO","LTER_EU_BE_05","INBO","WIJ1","AIR","EnvEurope",3,3,0,2011,10,24,{"$nulls":8},"TEMP","DB","METH_2",9.258333260416665,"°C",null,"X"]
["METEO","LTER_EU_BE_05","INBO","WIJ1","AIR","EnvEurope",3,3,0,2011,10,25,{"$nulls":8},"TEMP","DB","METH_2",10.876822854166662,"°C",null,"X"]
["METEO","LTER_EU_BE_05","INBO","WIJ1","AIR","EnvEurope",3,3,0,2011,10,26,{"$nulls":8},"TEMP","DB","METH_2",10.384062656249998,"°C",null,"X"]
["METEO","LTER_EU_BE_05","INBO","WIJ1","AIR","EnvEurope",3,3,0,2011,10,27,{"$nulls":8},"TEMP","DB","METH_2",10.917621343750001,"°C",null,"X"]
["METEO","LTER_EU_BE_05","INBO","WIJ1","AIR","EnvEurope",3,3,0,2011,10,28,{"$nulls":8},"TEMP","DB","METH_2",13.011163124999989,"°C",null,"X"]
["METEO","LTER_EU_BE_05","INBO","WIJ1","AIR","EnvEurope",3,3,0,2011,10,29,{"$nulls":8},"TEMP","DB","METH_2",13.420693437499999,"°C",null,"X"]
["METEO","LTER_EU_BE_05","INBO","WIJ1","AIR","EnvEurope",3,3,0,2011,10,30,{"$nulls":8},"TEMP","DB","METH_2",12.320224374999997,"°C",null,"X"]
["METEO","LTER_EU_BE_05","INBO","WIJ1","AIR","EnvEurope",3,3,0,2011,10,31,{"$nulls":8},"TEMP","DB","METH_2",13.018784281249998,"°C",null,"X"]
["METEO","LTER_EU_BE_05","INBO","WIJ1","AIR","EnvEurope",3,3,0,2011,11,1,{"$nulls":8},"TEMP","DB","METH_2",11.75326338541666,"°C",null,"X"]
["METEO","LTER_EU_BE_05","INBO","WIJ1","AIR","EnvEurope",3,3,0,2011,11,2,{"$nulls":8},"TEMP","DB","METH_2",10.87835121875,"°C",null,"X"]
["METEO","LTER_EU_BE_05","INBO","WIJ1","AIR","EnvEurope",3,3,0,2011,11,3,{"$nulls":8},"TEMP","DB","METH_2",14.44635479166667,"°C",null,"X"]
["METEO","LTER_EU_BE_05","INBO","WIJ1","AIR","EnvEurope",3,3,0,2011,11,4,{"$nulls":8},"TEMP","DB","METH_2",13.852673437500002,"°C",null,"X"]
["METEO","LTER_EU_BE_05","INBO","WIJ1","AIR","EnvEurope",3,3,0,2011,11,5,{"$nulls":8},"TEMP","DB","METH_2",13.264600520833332,"°C",null,"X"]
["METEO","LTER_EU_BE_05","INBO","WIJ1","AIR","EnvEurope",3,3,0,2011,11,6,{"$nulls":8},"TEMP","DB","METH_2",12.878489583333334,"°C",null,"X"]
["METEO","LTER_EU_BE_05","INBO","WIJ1","AIR","EnvEurope",3,3,0,2011,11,7,{"$nulls":8},"TEMP","DB","METH_2",10.391684916666666,"°C",null,"X"]
["METEO","LTER_EU_BE_05","INBO","WIJ1","AIR","EnvEurope",3,3,0,2011,11,8,{"$nulls":8},"TEMP","DB","METH_2",9.267397000000004,"°C",null,"X"]
["METEO","LTER_EU_BE_05","INBO","WIJ1","AIR","EnvEurope",3,3,0,2011,11,9,{"$nulls":8},"TEMP","DB","METH_2",10.941910031249996,"°C",null,"X"]
["METEO","LTER_EU_BE_05","INBO","WIJ1","AIR","EnvEurope",3,3,0,2011,11,10,{"$nulls":8},"TEMP","DB","METH_2",9.480486177083332,"°C",null,"X"]
["METEO","LTER_EU_BE_05","INBO","WIJ1","AIR","EnvEurope",3,3,0,2011,11,11,{"$nulls":8},"TEMP","DB","METH_2",6.978073104166668,"°C",null,"X"]
["METEO","LTER_EU_BE_05","INBO","WIJ1","AIR","EnvEurope",3,3,0,2011,11,12,{"$nulls":8},"TEMP","DB","METH_2",8.065138510416668,"°C",null,"X"]
["METEO","LTER_EU_BE_05","INBO","WIJ1","AIR","EnvEurope",3,3,0,2011,11,13,{"$nulls":8},"TEMP","DB","METH_2",6.521301718749997,"°C",null,"X"]
["METEO","LTER_EU_BE_05","INBO","WIJ1","AIR","EnvEurope",3,3,0,2011,11,14,{"$nulls":8},"TEMP","DB","METH_2",5.183211427083337,"°C",null,"X"]
["METEO","LTER_EU_BE_05","INBO","WIJ1","AIR","EnvEurope",3,3,0,2011,11,15,{"$nulls":8},"TEMP","DB","METH_2",1.4242707583333332,"°C",null,"X"]
["METEO","LTER_EU_BE_05","INBO","WIJ1","AIR","EnvEurope",3,3,0,2011,11,16,{"$nulls":8},"TEMP","DB","METH_2",0.9027605564583334,"°C",null,"X"]
["METEO","LTER_EU_BE_05","INBO","WIJ1","AIR","EnvEurope",3,3,0,2011,11,17,{"$nulls":8},"TEMP","DB","METH_2",5.771787833333332,"°C",null,"X"]
["METEO","LTER_EU_BE_05","INBO","WIJ1","AIR","EnvEurope",3,3,0,2011,11,18,{"$nulls":8},"TEMP","DB","METH_2",7.040434312500001,"°C",null,"X"]
["METEO","LTER_EU_BE_05","INBO","WIJ1","AIR","EnvEurope",3,3,0,2011,11,19,{"$nulls":8},"TEMP","DB","METH_2",5.462152885416665,"°C",null,"X"]
["METEO","LTER_EU_BE_05","INBO","WIJ1","AIR","EnvEurope",3,3,0,2011,11,20,{"$nulls":8},"TEMP","DB","METH_2",4.728298666666666,"°C",null,"X"]
["METEO","LTER_EU_BE_05","INBO","WIJ1","AIR","EnvEurope",3,3,0,2011,11,21,{"$nulls":8},"TEMP","DB","METH_2",2.8450522968749996,"°C",null,"X"]
["METEO","LTER_EU_BE_05","INBO","WIJ1","AIR","EnvEurope",3,3,0,2011,11,22,{"$nulls":8},"TEMP","DB","METH_2",6.62734397916667,"°C",null,"X"]
["METEO","LTER_EU_BE_05","INBO","WIJ1","AIR","EnvEurope",3,3,0,2011,11,23,{"$nulls":8},"TEMP","DB","METH_2",8.783541760416666,"°C",null,"X"]
["METEO","LTER_EU_BE_05","INBO","WIJ1","AIR","EnvEurope",3,3,0,2011,11,24,{"$nulls":8},"TEMP","DB","METH_2",6.509548499999998,"°C",null,"X"]
["METEO","LTER_EU_BE_05","INBO","WIJ1","AIR","EnvEurope",3,3,0,2011,11,25,{"$nulls":8},"TEMP","DB","METH_2",8.75782969791667,"°C",null,"X"]
["METEO","LTER_EU_BE_05","INBO","WIJ1","AIR","EnvEurope",3,3,0,2011,11,26,{"$nulls":8},"TEMP","DB","METH_2",7.501163281249998,"°C",null,"X"]
["METEO","LTER_EU_BE_05","INBO","WIJ1","AIR","EnvEurope",3,3,0,2011,11,27,{"$nulls":8},"TEMP","DB","METH_2",8.909740135416666,"°C",null,"X"]
["METEO","LTER_EU_BE_05","INBO","WIJ1","AIR","EnvEurope",3,3,0,2011,11,28,{"$nulls":8},"TEMP","DB","METH_2",4.103541779687499,"°C",null,"X"]
["METEO","LTER_EU_BE_05","INBO","WIJ1","AIR","EnvEurope",3,3,0,2011,11,29,{"$nulls":8},"TEMP","DB","METH_2",8.146788104166669,"°C",null,"X"]
["METEO","LTER_EU_BE_05","INBO","WIJ1","AIR","EnvEurope",3,3,0,2011,11,30,{"$nulls":8},"TEMP","DB","METH_2",5.978003927083336,"°C",null,"X"]
["METEO","LTER_EU_BE_05","INBO","WIJ1","AIR","EnvEurope",3,3,0,2011,12,1,{"$nulls":8},"TEMP","DB","METH_2",10.016336187499997,"°C",null,"X"]
["METEO","LTER_EU_BE_05","INBO","WIJ1","AIR","EnvEurope",3,3,0,2011,12,2,{"$nulls":8},"TEMP","DB","METH_2",6.3115279895833325,"°C",null,"X"]
["METEO","LTER_EU_BE_05","INBO","WIJ1","AIR","EnvEurope",3,3,0,2011,12,3,{"$nulls":8},"TEMP","DB","METH_2",8.262881885416666,"°C",null,"X"]
["METEO","LTER_EU_BE_05","INBO","WIJ1","AIR","EnvEurope",3,3,0,2011,12,4,{"$nulls":8},"TEMP","DB","METH_2",7.756649322916663,"°C",null,"X"]
["METEO","LTER_EU_BE_05","INBO","WIJ1","AIR","EnvEurope",3,3,0,2011,12,5,{"$nulls":8},"TEMP","DB","METH_2",5.125485864583332,"°C",null,"X"]
["METEO","LTER_EU_BE_05","INBO","WIJ1","AIR","EnvEurope",3,3,0,2011,12,6,{"$nulls":8},"TEMP","DB","METH_2",3.9564236666666646,"°C",null,"X"]
["METEO","LTER_EU_BE_05","INBO","WIJ1","AIR","EnvEurope",3,3,0,2011,12,7,{"$nulls":8},"TEMP","DB","METH_2",7.337517031249997,"°C",null,"X"]
["METEO","LTER_EU_BE_05","INBO","WIJ1","AIR","EnvEurope",3,3,0,2011,12,8,{"$nulls":8},"TEMP","DB","METH_2",6.888350776041665,"°C",null,"X"]
["METEO","LTER_EU_BE_05","INBO","WIJ1","AIR","EnvEurope",3,3,0,2011,12,9,{"$nulls":8},"TEMP","DB","METH_2",5.79243071875,"°C",null,"X"]
["METEO","LTER_EU_BE_05","INBO","WIJ1","AIR","EnvEurope",3,3,0,2011,12,10,{"$nulls":8},"TEMP","DB","METH_2",1.5446704109375007,"°C",null,"X"]
["METEO","LTER_EU_BE_05","INBO","WIJ1","AIR","EnvEurope",3,3,0,2011,12,11,{"$nulls":8},"TEMP","DB","METH_2",3.1543227802083336,"°C",null,"X"]
["METEO","LTER_EU_BE_05","INBO","WIJ1","AIR","EnvEurope",3,3,0,2011,12,12,{"$nulls":8},"TEMP","DB","METH_2",6.639861666666668,"°C",null,"X"]
["METEO","LTER_EU_BE_05","INBO","WIJ1","AIR","EnvEurope",3,3,0,2011,12,13,{"$nulls":8},"TEMP","DB","METH_2",7.567152749999999,"°C",null,"X"]
["METEO","LTER_EU_BE_05","INBO","WIJ1","AIR","EnvEurope",3,3,0,2011,12,14,{"$nulls":8},"TEMP","DB","METH_2",4.1567360625,"°C",null,"X"]
["METEO","LTER_EU_BE_05","INBO","WIJ1","AIR","EnvEurope",3,3,0,2011,12,15,{"$nulls":8},"TEMP","DB","METH_2",5.258541427083335,"°C",null,"X"]
["METEO","LTER_EU_BE_05","INBO","WIJ1","AIR","EnvEurope",3,3,0,2011,12,16,{"$nulls":8},"TEMP","DB","METH_2",3.9279166145833333,"°C",null,"X"]
["METEO","LTER_EU_BE_05","INBO","WIJ1","AIR","EnvEurope",3,3,0,2011,12,17,{"$nulls":8},"TEMP","DB","METH_2",4.158316083333334,"°C",null,"X"]
["METEO","LTER_EU_BE_05","INBO","WIJ1","AIR","EnvEurope",3,3,0,2011,12,18,{"$nulls":8},"TEMP","DB","METH_2",2.642187457291667,"°C",null,"X"]
["METEO","LTER_EU_BE_05","INBO","WIJ1","AIR","EnvEurope",3,3,0,2011,12,19,{"$nulls":8},"TEMP","DB","METH_2",1.6289583342708325,"°C",null,"X"]
["METEO","LTER_EU_BE_05","INBO","WIJ1","AIR","EnvEurope",3,3,0,2011,12,20,{"$nulls":8},"TEMP","DB","METH_2",5.725468552083334,"°C",null,"X"]
["METEO","LTER_EU_BE_05","INBO","WIJ1","AIR","EnvEurope",3,3,0,2011,12,21,{"$nulls":8},"TEMP","DB","METH_2",5.688115916666669,"°C",null,"X"]
["METEO","LTER_EU_BE_05","INBO","WIJ1","AIR","EnvEurope",3,3,0,2011,12,22,{"$nulls":8},"TEMP","DB","METH_2",9.453663968749998,"°C",null,"X"]
["METEO","LTER_EU_BE_05","INBO","WIJ1","AIR","EnvEurope",3,3,0,2011,12,23,{"$nulls":8},"TEMP","DB","METH_2",8.987951968750002,"°C",null,"X"]
["METEO","LTER_EU_BE_05","INBO","WIJ1","AIR","EnvEurope",3,3,0,2011,12,24,{"$nulls":8},"TEMP","DB","METH_2",5.93105896875,"°C",null,"X"]
["METEO","LTER_EU_BE_05","INBO","WIJ1","AIR","EnvEurope",3,3,0,2011,12,25,{"$nulls":8},"TEMP","DB","METH_2",9.006562364583331,"°C",null,"X"]
["METEO","LTER_EU_BE_05","INBO","WIJ1","AIR","EnvEurope",3,3,0,2011,12,26,{"$nulls":8},"TEMP","DB","METH_2",10.125955624999998,"°C",null,"X"]
["METEO","LTER_EU_BE_05","INBO","WIJ1","AIR","EnvEurope",3,3,0,2011,12,27,{"$nulls":8},"TEMP","DB","METH_2",7.320051697916668,"°C",null,"X"]
["METEO","LTER_EU_BE_05","INBO","WIJ1","AIR","EnvEurope",3,3,0,2011,12,28,{"$nulls":8},"TEMP","DB","METH_2",5.4948440312499995,"°C",null,"X"]
["METEO","LTER_EU_BE_05","INBO","WIJ1","AIR","EnvEurope",3,3,0,2011,12,29,{"$nulls":8},"TEMP","DB","METH_2",5.90883657291667,"°C",null,"X"]
["METEO","LTER_EU_BE_05","INBO","WIJ1","AIR","EnvEurope",3,3,0,2011,12,30,{"$nulls":8},"TEMP","DB","METH_2",5.684999843750002,"°C",null,"X"]
["METEO","LTER_EU_BE_05","INBO","WIJ1","AIR","EnvEurope",3,3,0,2011,12,31,{"$nulls":8},"TEMP","DB","METH_2",9.37109375,"°C",null,"X"]
["METEO","LTER_EU_BE_05","INBO","WIJ1","AIR","EnvEurope",3,3,0,2011,10,5,{"$nulls":8},"PREC","DB","METH_1",0,"mm",null,"S"]
["METEO","LTER_EU_BE_05","INBO","WIJ1","AIR","EnvEurope",3,3,0,2011,10,6,{"$nulls":8},"PREC","DB","METH_1",2.9399999999999995,"mm",null,"S"]
["METEO","LTER_EU_BE_05","INBO","WIJ1","AIR","EnvEurope",3,3,0,2011,10,7,{"$nulls":8},"PREC","DB","METH_1",2.3699999899999997,"mm",null,"S"]
["METEO","LTER_EU_BE_05","INBO","WIJ1","AIR","EnvEurope",3,3,0,2011,10,8,{"$nulls":8},"PREC","DB","METH_1",4.58999976,"mm",null,"S"]
["METEO","LTER_EU_BE_05","INBO","WIJ1","AIR","EnvEurope",3,3,0,2011,10,9,{"$nulls":8},"PREC","DB","METH_1",3.4299998399999994,"mm",null,"S"]
["METEO","LTER_EU_BE_05","INBO","WIJ1","AIR","EnvEurope",3,3,0,2011,10,10,{"$nulls":8},"PREC","DB","METH_1",0.37,"mm",null,"S"]
["METEO","LTER_EU_BE_05","INBO","WIJ1","AIR","EnvEurope",3,3,0,2011,10,11,{"$nulls":8},"PREC","DB","METH_1",0,"mm",null,"S"]
["METEO","LTER_EU_BE_05","INBO","WIJ1","AIR","EnvEurope",3,3,0,2011,10,12,{"$nulls":8},"PREC","DB","METH_1",0.01,"mm",null,"S"]
["METEO","LTER_EU_BE_05","INBO","WIJ1","AIR","EnvEurope",3,3,0,2011,10,13,{"$nulls":8},"PREC","DB","METH_1",0,"mm",null,"S"]
["METEO","LTER_EU_BE_05","INBO","WIJ1","AIR","EnvEurope",3,3,0,2011,10,14,{"$nulls":8},"PREC","DB","METH_1",0,"mm",null,"S"]
["METEO","LTER_EU_BE_05","INBO","WIJ1","AIR","EnvEurope",3,3,0,2011,10,15,{"$nulls":8},"PREC","DB","METH_1",0,"mm",null,"S"]
["METEO","LTER_EU_BE_05","INBO","WIJ1","AIR","EnvEurope",3,3,0,2011,10,16,{"$nulls":8},"PREC","DB","METH_1",0,"mm",null,"S"]
["METEO","LTER_EU_BE_05","INBO","WIJ1","AIR","EnvEurope",3,3,0,2011,10,17,{"$nulls":8},"PREC","DB","METH_1",0.18,"mm",null,"S"]
["METEO","LTER_EU_BE_05","INBO","WIJ1","AIR","EnvEurope",3,3,0,2011,10,18,{"$nulls":8},"PREC","DB","METH_1",8.38999778,"mm",null,"S"]
["METEO","LTER_EU_BE_05","INBO","WIJ1","AIR","EnvEurope",3,3,0,2011,10,19,{"$nulls":8},"PREC","DB","METH_1",7.28999968,"mm",null,"S"]
["METEO","LTER_EU_BE_05","INBO","WIJ1","AIR","EnvEurope",3,3,0,2011,10,20,{"$nulls":8},"PREC","DB","METH_1",0,"mm",null,"S"]
["METEO","LTER_EU_BE_05","INBO","WIJ1","AIR","EnvEurope",3,3,0,2011,10,21,{"$nulls":8},"PREC","DB","METH_1",0,"mm",null,"S"]
["METEO","LTER_EU_BE_05","INBO","WIJ1","AIR","EnvEurope",3,3,0,2011,10,22,{"$nulls":8},"PREC","DB","METH_1",0,"mm",null,"S"]
["METEO","LTER_EU_BE_05","INBO","WIJ1","AIR","EnvEurope",3,3,0,2011,10,23,{"$nulls":8},"PREC","DB","METH_1",0,"mm",null,"S"]
["METEO","LTER_EU_BE_05","INBO","WIJ1","AIR","EnvEurope",3,3,0,2011,10,24,{"$nulls":8},"PREC","DB","METH_1",0,"mm",null,"S"]
["METEO","LTER_EU_BE_05","INBO","WIJ1","AIR","EnvEurope",3,3,0,2011,10,25,{"$nulls":8},"PREC","DB","METH_1",8.209999170000001,"mm",null,"S"]
["METEO","LTER_EU_BE_05","INBO","WIJ1","AIR","EnvEurope",3,3,0,2011,10,26,{"$nulls":8},"PREC","DB","METH_1",0,"mm",null,"S"]
["METEO","LTER_EU_BE_05","INBO","WIJ1","AIR","EnvEurope",3,3,0,2011,10,27,{"$nulls":8},"PREC","DB","METH_1",0.08,"mm",null,"S"]
["METEO","LTER_EU_BE_05","INBO","WIJ1","AIR","EnvEurope",3,3,0,2011,10,28,{"$nulls":8},"PREC","DB","METH_1",0,"mm",null,"S"]
["METEO","LTER_EU_BE_05","INBO","WIJ1","AIR","EnvEurope",3,3,0,2011,10,29,{"$nulls":8},"PREC","DB","METH_1",0,"mm",null,"S"]
["METEO","LTER_EU_BE_05","INBO","WIJ1","AIR","EnvEurope",3,3,0,2011,10,30,{"$nulls":8},"PREC","DB","METH_1",0,"mm",null,"S"]
["METEO","LTER_EU_BE_05","INBO","WIJ1","AIR","EnvEurope",3,3,0,2011,10,31,{"$nulls":8},"PREC","DB","METH_1",0,"mm",null,"S"]
["METEO","LTER_EU_BE_05","INBO","WIJ1","AIR","EnvEurope",3,3,0,2011,11,1,{"$nulls":8},"PREC","DB","METH_1",0.8399999800000001,"mm",null,"S"]
["METEO","LTER_EU_BE_05","INBO","WIJ1","AIR","EnvEurope",3,3,0,2011,11,2,{"$nulls":8},"PREC","DB","METH_1",0,"mm",null,"S"]
["METEO","LTER_EU_BE_05","INBO","WIJ1","AIR","EnvEurope",3,3,0,2011,11,3,{"$nulls":8},"PREC","DB","METH_1",1.54999995,"mm",null,"S"]
["METEO","LTER_EU_BE_05","INBO","WIJ1","AIR","EnvEurope",3,3,0,2011,11,4,{"$nulls":8},"PREC","DB","METH_1",0.05,"mm",null,"S"]
["METEO","LTER_EU_BE_05","INBO","WIJ1","AIR","EnvEurope",3,3,0,2011,11,5,{"$nulls":8},"PREC","DB","METH_1",2.68999977,"mm",null,"S"]
["METEO","LTER_EU_BE_05","INBO","WIJ1","AIR","EnvEurope",3,3,0,2011,11,6,{"$nulls":8},"PREC","DB","METH_1",0,"mm",null,"S"]
["METEO","LTER_EU_BE_05","INBO","WIJ1","AIR","EnvEurope",3,3,0,2011,11,7,{"$nulls":8},"PREC","DB","METH_1",0,"mm",null,"S"]
["METEO","LTER_EU_BE_05","INBO","WIJ1","AIR","EnvEurope",3,3,0,2011,11,8,{"$nulls":8},"PREC","DB","METH_1",0,"mm",null,"S"]
["METEO","LTER_EU_BE_05","INBO","WIJ1","AIR","EnvEurope",3,3,0,2011,11,9,{"$nulls":8},"PREC","DB","METH_1",0,"mm",null,"S"]
["METEO","LTER_EU_BE_05","INBO","WIJ1","AIR","EnvEurope",3,3,0,2011,11,10,{"$nulls":8},"PREC","DB","METH_1",0,"mm",null,"S"]
["METEO","LTER_EU_BE_05","INBO","WIJ1","AIR","EnvEurope",3,3,0,2011,11,11,{"$nulls":8},"PREC","DB","METH_1",0,"mm",null,"S"]
["METEO","LTER_EU_BE_05","INBO","WIJ1","AIR","EnvEurope",3,3,0,2011,11,12,{"$nulls":8},"PREC","DB","METH_1",0,"mm",null,"S"]
["METEO","LTER_EU_BE_05","INBO","WIJ1","AIR","EnvEurope",3,3,0,2011,11,13,{"$nulls":8},"PREC","DB","METH_1",0,"mm",null,"S"]
["METEO","LTER_EU_BE_05","INBO","WIJ1","AIR","EnvEurope",3,3,0,2011,11,14,{"$nulls":8},"PREC","DB","METH_1",0,"mm",null,"S"]
["METEO","LTER_EU_BE_05","INBO","WIJ1","AIR","EnvEurope",3,3,0,2011,11,15,{"$nulls":8},"PREC","DB","METH_1",0,"mm",null,"S"]
["METEO","LTER_EU_BE_05","INBO","WIJ1","AIR","EnvEurope",3,3,0,2011,11,16,{"$nulls":8},"PREC","DB","METH_1",0,"mm",null,"S"]
["METEO","LTER_EU_BE_05","INBO","WIJ1","AIR","EnvEurope",3,3,0,2011,11,17,{"$nulls":8},"PREC","DB","METH_1",0,"mm",null,"S"]
["METEO","LTER_EU_BE_05","INBO","WIJ1","AIR","EnvEurope",3,3,0,2011,11,18,{"$nulls":8},"PREC","DB","METH_1",0,"mm",null,"S"]
["METEO","LTER_EU_BE_05","INBO","WIJ1","AIR","EnvEurope",3,3,0,2011,11,19,{"$nulls":8},"PREC","DB","METH_1",0,"mm",null,"S"]
["METEO","LTER_EU_BE_05","INBO","WIJ1","AIR","EnvEurope",3,3,0,2011,11,20,{"$nulls":8},"PREC","DB","METH_1",0,"mm",null,"S"]
["METEO","LTER_EU_BE_05","INBO","WIJ1","AIR","EnvEurope",3,3,0,2011,11,21,{"$nulls":8},"PREC","DB","METH_1",0,"mm",null,"S"]
["METEO","LTER_EU_BE_05","INBO","WIJ1","AIR","EnvEurope",3,3,0,2011,11,22,{"$nulls":8},"PREC","DB","METH_1",0,"mm",null,"S"]
["METEO","LTER_EU_BE_05","INBO","WIJ1","AIR","EnvEurope",3,3,0,2011,11,23,{"$nulls":8},"PREC","DB","METH_1",0,"mm",null,"S"]
["METEO","LTER_EU_BE_05","INBO","WIJ1","AIR","EnvEurope",3,3,0,2011,11,24,{"$nulls":8},"PREC","DB","METH_1",0,"mm",null,"S"]
["METEO","LTER_EU_BE_05","INBO","WIJ1","AIR","EnvEurope",3,3,0,2011,11,25,{"$nulls":8},"PREC","DB","METH_1",0,"mm",null,"S"]
["METEO","LTER_EU_BE_05","INBO","WIJ1","AIR","EnvEurope",3,3,0,2011,11,26,{"$nulls":8},"PREC","DB","METH_1",0,"mm",null,"S"]
["METEO","LTER_EU_BE_05","INBO","WIJ1","AIR","EnvEurope",3,3,0,2011,11,27,{"$nulls":8},"PREC","DB","METH_1",0.14,"mm",null,"S"]
["METEO","LTER_EU_BE_05","INBO","WIJ1","AIR","EnvEurope",3,3,0,2011,11,28,{"$nulls":8},"PREC","DB","METH_1",0,"mm",null,"S"]
["METEO","LTER_EU_BE_05","INBO","WIJ1","AIR","EnvEurope",3,3,0,2011,11,29,{"$nulls":8},"PREC","DB","METH_1",0.08999999,"mm",null,"S"]
["METEO","LTER_EU_BE_05","INBO","WIJ1","AIR","EnvEurope",3,3,0,2011,11,30,{"$nulls":8},"PREC","DB","METH_1",0,"mm",null,"S"]
["METEO","LTER_EU_BE_05","INBO","WIJ1","AIR","EnvEurope",3,3,0,2011,12,1,{"$nulls":8},"PREC","DB","METH_1",8.64999816,"mm",null,"S"]
["METEO","LTER_EU_BE_05","INBO","WIJ1","AIR","EnvEurope",3,3,0,2011,12,2,{"$nulls":8},"PREC","DB","METH_1",13.709995279999998,"mm",null,"S"]
["METEO","LTER_EU_BE_05","INBO","WIJ1","AIR","EnvEurope",3,3,0,2011,12,3,{"$nulls":8},"PREC","DB","METH_1",1.8899998900000001,"mm",null,"S"]
["METEO","LTER_EU_BE_05","INBO","WIJ1","AIR","EnvEurope",3,3,0,2011,12,4,{"$nulls":8},"PREC","DB","METH_1",0.6299999900000001,"mm",null,"S"]
["METEO","LTER_EU_BE_05","INBO","WIJ1","AIR","EnvEurope",3,3,0,2011,12,5,{"$nulls":8},"PREC","DB","METH_1",0,"mm",null,"S"]
["METEO","LTER_EU_BE_05","INBO","WIJ1","AIR","EnvEurope",3,3,0,2011,12,6,{"$nulls":8},"PREC","DB","METH_1",1.7199998,"mm",null,"S"]
["METEO","LTER_EU_BE_05","INBO","WIJ1","AIR","EnvEurope",3,3,0,2011,12,7,{"$nulls":8},"PREC","DB","METH_1",0.51,"mm",null,"S"]
["METEO","LTER_EU_BE_05","INBO","WIJ1","AIR","EnvEurope",3,3,0,2011,12,8,{"$nulls":8},"PREC","DB","METH_1",1.2099997,"mm",null,"S"]
["METEO","LTER_EU_BE_05","INBO","WIJ1","AIR","EnvEurope",3,3,0,2011,12,9,{"$nulls":8},"PREC","DB","METH_1",2.95999899,"mm",null,"S"]
["METEO","LTER_EU_BE_05","INBO","WIJ1","AIR","EnvEurope",3,3,0,2011,12,10,{"$nulls":8},"PREC","DB","METH_1",0,"mm",null,"S"]
["METEO","LTER_EU_BE_05","INBO","WIJ1","AIR","EnvEurope",3,3,0,2011,12,11,{"$nulls":8},"PREC","DB","METH_1",1.5999998,"mm",null,"S"]
["METEO","LTER_EU_BE_05","INBO","WIJ1","AIR","EnvEurope",3,3,0,2011,12,12,{"$nulls":8},"PREC","DB","METH_1",0.11,"mm",null,"S"]
["METEO","LTER_EU_BE_05","INBO","WIJ1","AIR","EnvEurope",3,3,0,2011,12,13,{"$nulls":8},"PREC","DB","METH_1",12.359997779999997,"mm",null,"S"]
["METEO","LTER_EU_BE_05","INBO","WIJ1","AIR","EnvEurope",3,3,0,2011,12,14,{"$nulls":8},"PREC","DB","METH_1",26.669990559999995,"mm",null,"S"]
["METEO","LTER_EU_BE_05","INBO","WIJ1","AIR","EnvEurope",3,3,0,2011,12,15,{"$nulls":8},"PREC","DB","METH_1",22.449991140000005,"mm",null,"S"]
["METEO","LTER_EU_BE_05","INBO","WIJ1","AIR","EnvEurope",3,3,0,2011,12,16,{"$nulls":8},"PREC","DB","METH_1",26.639991769999998,"mm",null,"S"]
["METEO","LTER_EU_BE_05","INBO","WIJ1","AIR","EnvEurope",3,3,0,2011,12,17,{"$nulls":8},"PREC","DB","METH_1",4.66999929,"mm",null,"S"]
["METEO","LTER_EU_BE_05","INBO","WIJ1","AIR","EnvEurope",3,3,0,2011,12,18,{"$nulls":8},"PREC","DB","METH_1",13.28999957,"mm",null,"S"]
["METEO","LTER_EU_BE_05","INBO","WIJ1","AIR","EnvEurope",3,3,0,2011,12,19,{"$nulls":8},"PREC","DB","METH_1",3.8199999699999982,"mm",null,"S"]
["METEO","LTER_EU_BE_05","INBO","WIJ1","AIR","EnvEurope",3,3,0,2011,12,20,{"$nulls":8},"PREC","DB","METH_1",1.21999997,"mm",null,"S"]
["METEO","LTER_EU_BE_05","INBO","WIJ1","AIR","EnvEurope",3,3,0,2011,12,21,{"$nulls":8},"PREC","DB","METH_1",2.0699998799999992,"mm",null,"S"]
["METEO","LTER_EU_BE_05","INBO","WIJ1","AIR","EnvEurope",3,3,0,2011,12,22,{"$nulls":8},"PREC","DB","METH_1",0,"mm",null,"S"]
["METEO","LTER_EU_BE_05","INBO","WIJ1","AIR","EnvEurope",3,3,0,2011,12,23,{"$nulls":8},"PREC","DB","METH_1",4.699999280000001,"mm",null,"S"]
["METEO","LTER_EU_BE_05","INBO","WIJ1","AIR","EnvEurope",3,3,0,2011,12,24,{"$nulls":8},"PREC","DB","METH_1",0.6900000000000001,"mm",null,"S"]
["METEO","LTER_EU_BE_05","INBO","WIJ1","AIR","EnvEurope",3,3,0,2011,12,25,{"$nulls":8},"PREC","DB","METH_1",0.3,"mm",null,"S"]
["METEO","LTER_EU_BE_05","INBO","WIJ1","AIR","EnvEurope",3,3,0,2011,12,26,{"$nulls":8},"PREC","DB","METH_1",0,"mm",null,"S"]
["METEO","LTER_EU_BE_05","INBO","WIJ1","AIR","EnvEurope",3,3,0,2011,12,27,{"$nulls":8},"PREC","DB","METH_1",0,"mm",null,"S"]
["METEO","LTER_EU_BE_05","INBO","WIJ1","AIR","EnvEurope",3,3,0,2011,12,28,{"$nulls":8},"PREC","DB","METH_1",2.2799998999999995,"mm",null,"S"]
["METEO","LTER_EU_BE_05","INBO","WIJ1","AIR","EnvEurope",3,3,0,2011,12,29,{"$nulls":8},"PREC","DB","METH_1",2.6999997899999997,"mm",null,"S"]
["METEO","LTER_EU_BE_05","INBO","WIJ1","AIR","EnvEurope",3,3,0,2011,12,30,{"$nulls":8},"PREC","DB","METH_1",2.6000000599999993,"mm",null,"S"]
["METEO","LTER_EU_BE_05","INBO","WIJ1","AIR","EnvEurope",3,3,0,2011,12,31,{"$nulls":8},"PREC","DB","METH_1",0.03,"mm",null,"S"]
["METEO","LTER_EU_BE_05","INBO","WIJ1","AIR","EnvEurope",3,3,0,2012,1,1,{"$nulls":8},"TEMP","DB","METH_2",11.851457021052628,"°C",null,"X"]
["METEO","LTER_EU_BE_05","INBO","WIJ1","AIR","EnvEurope",3,3,0,2012,1,2,{"$nulls":8},"TEMP","DB","METH_2",7.019652802083335,"°C",null,"X"]
["METEO","LTER_EU_BE_05","INBO","WIJ1","AIR","EnvEurope",3,3,0,2012,1,3,{"$nulls":8},"TEMP","DB","METH_2",7.843749604166671,"°C",null,"X"]
["METEO","LTER_EU_BE_05","INBO","WIJ1","AIR","EnvEurope",3,3,0,2012,1,4,{"$nulls":8},"TEMP","DB","METH_2",6.8909375625,"°C",null,"X"]
["METEO","LTER_EU_BE_05","INBO","WIJ1","AIR","EnvEurope",3,3,0,2012,1,5,{"$nulls":8},"TEMP","DB","METH_2",8.444496822916667,"°C",null,"X"]
["METEO","LTER_EU_BE_05","INBO","WIJ1","AIR","EnvEurope",3,3,0,2012,1,6,{"$nulls":8},"TEMP","DB","METH_2",5.600312416666667,"°C",null,"X"]
["METEO","LTER_EU_BE_05","INBO","WIJ1","AIR","EnvEurope",3,3,0,2012,1,7,{"$nulls":8},"TEMP","DB","METH_2",7.983055093749999,"°C",null,"X"]
["METEO","LTER_EU_BE_05","INBO","WIJ1","AIR","EnvEurope",3,3,0,2012,1,8,{"$nulls":8},"TEMP","DB","METH_2",7.370972218750001,"°C",null,"X"]
["METEO","LTER_EU_BE_05","INBO","WIJ1","AIR","EnvEurope",3,3,0,2012,1,9,{"$nulls":8},"TEMP","DB","METH_2",8.585815624999997,"°C",null,"X"]
["METEO","LTER_EU_BE_05","INBO","WIJ1","AIR","EnvEurope",3,3,0,2012,1,10,{"$nulls":8},"TEMP","DB","METH_2",8.29899315625,"°C",null,"X"]
["METEO","LTER_EU_BE_05","INBO","WIJ1","AIR","EnvEurope",3,3,0,2012,1,11,{"$nulls":8},"TEMP","DB","METH_2",8.23581551041667,"°C",null,"X"]
["METEO","LTER_EU_BE_05","INBO","WIJ1","AIR","EnvEurope",3,3,0,2012,1,12,{"$nulls":8},"TEMP","DB","METH_2",7.63973884375,"°C",null,"X"]
["METEO","LTER_EU_BE_05","INBO","WIJ1","AIR","EnvEurope",3,3,0,2012,1,13,{"$nulls":8},"TEMP","DB","METH_2",3.365694562499998,"°C",null,"X"]
["METEO","LTER_EU_BE_05","INBO","WIJ1","AIR","EnvEurope",3,3,0,2012,1,14,{"$nulls":8},"TEMP","DB","METH_2",3.0187150270833327,"°C",null,"X"]
["METEO","LTER_EU_BE_05","INBO","WIJ1","AIR","EnvEurope",3,3,0,2012,1,15,{"$nulls":8},"TEMP","DB","METH_2",0.8294269963880039,"°C",null,"X"]
["METEO","LTER_EU_BE_05","INBO","WIJ1","AIR","EnvEurope",3,3,0,2012,1,16,{"$nulls":8},"TEMP","DB","METH_2",-0.2214583455208333,"°C",null,"X"]
["METEO","LTER_EU_BE_05","INBO","WIJ1","AIR","EnvEurope",3,3,0,2012,1,17,{"$nulls":8},"TEMP","DB","METH_2",-0.4745138998958334,"°C",null,"X"]
["METEO","LTER_EU_BE_05","INBO","WIJ1","AIR","EnvEurope",3,3,0,2012,1,18,{"$nulls":8},"TEMP","DB","METH_2",1.5752951380208333,"°C",null,"X"]
["METEO","LTER_EU_BE_05","INBO","WIJ1","AIR","EnvEurope",3,3,0,2012,1,19,{"$nulls":8},"TEMP","DB","METH_2",8.300451614583334,"°C",null,"X"]
["METEO","LTER_EU_BE_05","INBO","WIJ1","AIR","EnvEurope",3,3,0,2012,1,20,{"$nulls":8},"TEMP","DB","METH_2",5.708507197916666,"°C",null,"X"]
["METEO","LTER_EU_BE_05","INBO","WIJ1","AIR","EnvEurope",3,3,0,2012,1,21,{"$nulls":8},"TEMP","DB","METH_2",8.315122416666668,"°C",null,"X"]
["METEO","LTER_EU_BE_05","INBO","WIJ1","AIR","EnvEurope",3,3,0,2012,1,22,{"$nulls":8},"TEMP","DB","METH_2",7.246284562499999,"°C",null,"X"]
["METEO","LTER_EU_BE_05","INBO","WIJ1","AIR","EnvEurope",3,3,0,2012,1,23,{"$nulls":8},"TEMP","DB","METH_2",5.42517365625,"°C",null,"X"]
["METEO","LTER_EU_BE_05","INBO","WIJ1","AIR","EnvEurope",3,3,0,2012,1,24,{"$nulls":8},"TEMP","DB","METH_2",2.860121815625,"°C",null,"X"]
["METEO","LTER_EU_BE_05","INBO","WIJ1","AIR","EnvEurope",3,3,0,2012,1,25,{"$nulls":8},"TEMP","DB","METH_2",5.414010062500001,"°C",null,"X"]
["METEO","LTER_EU_BE_05","INBO","WIJ1","AIR","EnvEurope",3,3,0,2012,1,26,{"$nulls":8},"TEMP","DB","METH_2",6.487726239583331,"°C",null,"X"]
["METEO","LTER_EU_BE_05","INBO","WIJ1","AIR","EnvEurope",3,3,0,2012,1,27,{"$nulls":8},"TEMP","DB","METH_2",2.8361111788541677,"°C",null,"X"]
["METEO","LTER_EU_BE_05","INBO","WIJ1","AIR","EnvEurope",3,3,0,2012,1,28,{"$nulls":8},"TEMP","DB","METH_2",3.1516146354166668,"°C",null,"X"]
["METEO","LTER_EU_BE_05","INBO","WIJ1","AIR","EnvEurope",3,3,0,2012,1,29,{"$nulls":8},"TEMP","DB","METH_2",0.5802778001041665,"°C",null,"X"]
["METEO","LTER_EU_BE_05","INBO","WIJ1","AIR","EnvEurope",3,3,0,2012,1,30,{"$nulls":8},"TEMP","DB","METH_2",-0.563732593333333,"°C",null,"X"]
["METEO","LTER_EU_BE_05","INBO","WIJ1","AIR","EnvEurope",3,3,0,2012,1,31,{"$nulls":8},"TEMP","DB","METH_2",-1.2642882082291667,"°C",null,"X"]
["METEO","LTER_EU_BE_05","INBO","WIJ1","AIR","EnvEurope",3,3,0,2012,10,1,{"$nulls":8},"TEMP","DB","METH_2",12.851076854166665,"°C",null,"X"]
["METEO","LTER_EU_BE_05","INBO","WIJ1","AIR","EnvEurope",3,3,0,2012,10,2,{"$nulls":8},"TEMP","DB","METH_2",14.220904062499999,"°C",null,"X"]
["METEO","LTER_EU_BE_05","INBO","WIJ1","AIR","EnvEurope",3,3,0,2012,10,3,{"$nulls":8},"TEMP","DB","METH_2",12.376267604166664,"°C",null,"X"]
["METEO","LTER_EU_BE_05","INBO","WIJ1","AIR","EnvEurope",3,3,0,2012,10,4,{"$nulls":8},"TEMP","DB","METH_2",11.408627968749997,"°C",null,"X"]
["METEO","LTER_EU_BE_05","INBO","WIJ1","AIR","EnvEurope",3,3,0,2012,10,5,{"$nulls":8},"TEMP","DB","METH_2",13.31470440625,"°C",null,"X"]
["METEO","LTER_EU_BE_05","INBO","WIJ1","AIR","EnvEurope",3,3,0,2012,10,6,{"$nulls":8},"TEMP","DB","METH_2",11.419722802083337,"°C",null,"X"]
["METEO","LTER_EU_BE_05","INBO","WIJ1","AIR","EnvEurope",3,3,0,2012,10,7,{"$nulls":8},"TEMP","DB","METH_2",9.10447940625,"°C",null,"X"]
["METEO","LTER_EU_BE_05","INBO","WIJ1","AIR","EnvEurope",3,3,0,2012,10,8,{"$nulls":8},"TEMP","DB","METH_2",9.050537520833332,"°C",null,"X"]
["METEO","LTER_EU_BE_05","INBO","WIJ1","AIR","EnvEurope",3,3,0,2012,10,9,{"$nulls":8},"TEMP","DB","METH_2",10.269843437499997,"°C",null,"X"]
["METEO","LTER_EU_BE_05","INBO","WIJ1","AIR","EnvEurope",3,3,0,2012,10,10,{"$nulls":8},"TEMP","DB","METH_2",8.517534427083332,"°C",null,"X"]
["METEO","LTER_EU_BE_05","INBO","WIJ1","AIR","EnvEurope",3,3,0,2012,10,11,{"$nulls":8},"TEMP","DB","METH_2",10.266129031250001,"°C",null,"X"]
["METEO","LTER_EU_BE_05","INBO","WIJ1","AIR","EnvEurope",3,3,0,2012,10,12,{"$nulls":8},"TEMP","DB","METH_2",11.57243098958333,"°C",null,"X"]
["METEO","LTER_EU_BE_05","INBO","WIJ1","AIR","EnvEurope",3,3,0,2012,10,13,{"$nulls":8},"TEMP","DB","METH_2",8.39711789583333,"°C",null,"X"]
["METEO","LTER_EU_BE_05","INBO","WIJ1","AIR","EnvEurope",3,3,0,2012,10,14,{"$nulls":8},"TEMP","DB","METH_2",7.570433468749999,"°C",null,"X"]
["METEO","LTER_EU_BE_05","INBO","WIJ1","AIR","EnvEurope",3,3,0,2012,10,15,{"$nulls":8},"TEMP","DB","METH_2",9.071857354166669,"°C",null,"X"]
["METEO","LTER_EU_BE_05","INBO","WIJ1","AIR","EnvEurope",3,3,0,2012,10,16,{"$nulls":8},"TEMP","DB","METH_2",10.607343343750001,"°C",null,"X"]
["METEO","LTER_EU_BE_05","INBO","WIJ1","AIR","EnvEurope",3,3,0,2012,10,17,{"$nulls":8},"TEMP","DB","METH_2",11.389478781249998,"°C",null,"X"]
["METEO","LTER_EU_BE_05","INBO","WIJ1","AIR","EnvEurope",3,3,0,2012,10,18,{"$nulls":8},"TEMP","DB","METH_2",13.491754895833338,"°C",null,"X"]
["METEO","LTER_EU_BE_05","INBO","WIJ1","AIR","EnvEurope",3,3,0,2012,10,19,{"$nulls":8},"TEMP","DB","METH_2",14.649131875000007,"°C",null,"X"]
["METEO","LTER_EU_BE_05","INBO","WIJ1","AIR","EnvEurope",3,3,0,2012,10,20,{"$nulls":8},"TEMP","DB","METH_2",13.5692703125,"°C",null,"X"]
["METEO","LTER_EU_BE_05","INBO","WIJ1","AIR","EnvEurope",3,3,0,2012,10,21,{"$nulls":8},"TEMP","DB","METH_2",12.307985833333333,"°C",null,"X"]
["METEO","LTER_EU_BE_05","INBO","WIJ1","AIR","EnvEurope",3,3,0,2012,10,22,{"$nulls":8},"TEMP","DB","METH_2",14.868994062500006,"°C",null,"X"]
["METEO","LTER_EU_BE_05","INBO","WIJ1","AIR","EnvEurope",3,3,0,2012,10,23,{"$nulls":8},"TEMP","DB","METH_2",14.289531062500002,"°C",null,"X"]
["METEO","LTER_EU_BE_05","INBO","WIJ1","AIR","EnvEurope",3,3,0,2012,10,24,{"$nulls":8},"TEMP","DB","METH_2",12.820019166666674,"°C",null,"X"]
["METEO","LTER_EU_BE_05","INBO","WIJ1","AIR","EnvEurope",3,3,0,2012,10,25,{"$nulls":8},"TEMP","DB","METH_2",11.499792697916666,"°C",null,"X"]
["METEO","LTER_EU_BE_05","INBO","WIJ1","AIR","EnvEurope",3,3,0,2012,10,26,{"$nulls":8},"TEMP","DB","METH_2",6.213107802083336,"°C",null,"X"]
["METEO","LTER_EU_BE_05","INBO","WIJ1","AIR","EnvEurope",3,3,0,2012,10,27,{"$nulls":8},"TEMP","DB","METH_2",3.4911978333333327,"°C",null,"X"]
["METEO","LTER_EU_BE_05","INBO","WIJ1","AIR","EnvEurope",3,3,0,2012,10,28,{"$nulls":8},"TEMP","DB","METH_2",5.533732760416666,"°C",null,"X"]
["METEO","LTER_EU_BE_05","INBO","WIJ1","AIR","EnvEurope",3,3,0,2012,10,29,{"$nulls":8},"TEMP","DB","METH_2",7.659097635416667,"°C",null,"X"]
["METEO","LTER_EU_BE_05","INBO","WIJ1","AIR","EnvEurope",3,3,0,2012,10,30,{"$nulls":8},"TEMP","DB","METH_2",7.229722062500002,"°C",null,"X"]
["METEO","LTER_EU_BE_05","INBO","WIJ1","AIR","EnvEurope",3,3,0,2012,10,31,{"$nulls":8},"TEMP","DB","METH_2",7.970537791666666,"°C",null,"X"]
["METEO","LTER_EU_BE_05","INBO","WIJ1","AIR","EnvEurope",3,3,0,2012,11,1,{"$nulls":8},"TEMP","DB","METH_2",7.5912153124999975,"°C",null,"X"]
["METEO","LTER_EU_BE_05","INBO","WIJ1","AIR","EnvEurope",3,3,0,2012,11,2,{"$nulls":8},"TEMP","DB","METH_2",5.427534791666666,"°C",null,"X"]
["METEO","LTER_EU_BE_05","INBO","WIJ1","AIR","EnvEurope",3,3,0,2012,11,3,{"$nulls":8},"TEMP","DB","METH_2",6.3619441875,"°C",null,"X"]
["METEO","LTER_EU_BE_05","INBO","WIJ1","AIR","EnvEurope",3,3,0,2012,11,4,{"$nulls":8},"TEMP","DB","METH_2",6.167708010416665,"°C",null,"X"]
["METEO","LTER_EU_BE_05","INBO","WIJ1","AIR","EnvEurope",3,3,0,2012,11,5,{"$nulls":8},"TEMP","DB","METH_2",5.531684375000001,"°C",null,"X"]
["METEO","LTER_EU_BE_05","INBO","WIJ1","AIR","EnvEurope",3,3,0,2012,11,6,{"$nulls":8},"TEMP","DB","METH_2",6.504114333333333,"°C",null,"X"]
["METEO","LTER_EU_BE_05","INBO","WIJ1","AIR","EnvEurope",3,3,0,2012,11,7,{"$nulls":8},"TEMP","DB","METH_2",9.574045062499998,"°C",null,"X"]
["METEO","LTER_EU_BE_05","INBO","WIJ1","AIR","EnvEurope",3,3,0,2012,11,8,{"$nulls":8},"TEMP","DB","METH_2",9.440902999999997,"°C",null,"X"]
["METEO","LTER_EU_BE_05","INBO","WIJ1","AIR","EnvEurope",3,3,0,2012,11,9,{"$nulls":8},"TEMP","DB","METH_2",8.919774052083335,"°C",null,"X"]
["METEO","LTER_EU_BE_05","INBO","WIJ1","AIR","EnvEurope",3,3,0,2012,11,10,{"$nulls":8},"TEMP","DB","METH_2",9.760399708333331,"°C",null,"X"]
["METEO","LTER_EU_BE_05","INBO","WIJ1","AIR","EnvEurope",3,3,0,2012,11,11,{"$nulls":8},"TEMP","DB","METH_2",6.12616352083333,"°C",null,"X"]
["METEO","LTER_EU_BE_05","INBO","WIJ1","AIR","EnvEurope",3,3,0,2012,11,12,{"$nulls":8},"TEMP","DB","METH_2",5.366544729166666,"°C",null,"X"]
["METEO","LTER_EU_BE_05","INBO","WIJ1","AIR","EnvEurope",3,3,0,2012,11,13,{"$nulls":8},"TEMP","DB","METH_2",8.615902510416666,"°C",null,"X"]
["METEO","LTER_EU_BE_05","INBO","WIJ1","AIR","EnvEurope",3,3,0,2012,11,14,{"$nulls":8},"TEMP","DB","METH_2",7.6675351354166645,"°C",null,"X"]
["METEO","LTER_EU_BE_05","INBO","WIJ1","AIR","EnvEurope",3,3,0,2012,11,15,{"$nulls":8},"TEMP","DB","METH_2",4.086215185416665,"°C",null,"X"]
["METEO","LTER_EU_BE_05","INBO","WIJ1","AIR","EnvEurope",3,3,0,2012,11,16,{"$nulls":8},"TEMP","DB","METH_2",3.8908507604166656,"°C",null,"X"]
["METEO","LTER_EU_BE_05","INBO","WIJ1","AIR","EnvEurope",3,3,0,2012,11,17,{"$nulls":8},"TEMP","DB","METH_2",5.908298697916667,"°C",null,"X"]
["METEO","LTER_EU_BE_05","INBO","WIJ1","AIR","EnvEurope",3,3,0,2012,11,18,{"$nulls":8},"TEMP","DB","METH_2",6.85069547916667,"°C",null,"X"]
["METEO","LTER_EU_BE_05","INBO","WIJ1","AIR","EnvEurope",3,3,0,2012,11,19,{"$nulls":8},"TEMP","DB","METH_2",6.387030854166667,"°C",null,"X"]
["METEO","LTER_EU_BE_05","INBO","WIJ1","AIR","EnvEurope",3,3,0,2012,11,20,{"$nulls":8},"TEMP","DB","METH_2",9.436735812499995,"°C",null,"X"]
["METEO","LTER_EU_BE_05","INBO","WIJ1","AIR","EnvEurope",3,3,0,2012,11,21,{"$nulls":8},"TEMP","DB","METH_2",7.097638802083334,"°C",null,"X"]
["METEO","LTER_EU_BE_05","INBO","WIJ1","AIR","EnvEurope",3,3,0,2012,11,22,{"$nulls":8},"TEMP","DB","METH_2",7.041666677083331,"°C",null,"X"]
["METEO","LTER_EU_BE_05","INBO","WIJ1","AIR","EnvEurope",3,3,0,2012,11,23,{"$nulls":8},"TEMP","DB","METH_2",6.755416291666665,"°C",null,"X"]
["METEO","LTER_EU_BE_05","INBO","WIJ1","AIR","EnvEurope",3,3,0,2012,11,24,{"$nulls":8},"TEMP","DB","METH_2",7.135589479166668,"°C",null,"X"]
["METEO","LTER_EU_BE_05","INBO","WIJ1","AIR","EnvEurope",3,3,0,2012,11,25,{"$nulls":8},"TEMP","DB","METH_2",10.199618072916666,"°C",null,"X"]
["METEO","LTER_EU_BE_05","INBO","WIJ1","AIR","EnvEurope",3,3,0,2012,11,26,{"$nulls":8},"TEMP","DB","METH_2",8.301752906249998,"°C",null,"X"]
["METEO","LTER_EU_BE_05","INBO","WIJ1","AIR","EnvEurope",3,3,0,2012,11,27,{"$nulls":8},"TEMP","DB","METH_2",7.4150164895833335,"°C",null,"X"]
["METEO","LTER_EU_BE_05","INBO","WIJ1","AIR","EnvEurope",3,3,0,2012,11,28,{"$nulls":8},"TEMP","DB","METH_2",6.527136187500001,"°C",null,"X"]
["METEO","LTER_EU_BE_05","INBO","WIJ1","AIR","EnvEurope",3,3,0,2012,11,29,{"$nulls":8},"TEMP","DB","METH_2",4.289097083333336,"°C",null,"X"]
["METEO","LTER_EU_BE_05","INBO","WIJ1","AIR","EnvEurope",3,3,0,2012,11,30,{"$nulls":8},"TEMP","DB","METH_2",3.1911285697916676,"°C",null,"X"]
["METEO","LTER_EU_BE_05","INBO","WIJ1","AIR","EnvEurope",3,3,0,2012,12,1,{"$nulls":8},"TEMP","DB","METH_2",1.9697047671875,"°C",null,"X"]
["METEO","LTER_EU_BE_05","INBO","WIJ1","AIR","EnvEurope",3,3,0,2012,12,2,{"$nulls":8},"TEMP","DB","METH_2",3.384583063541667,"°C",null,"X"]
["METEO","LTER_EU_BE_05","INBO","WIJ1","AIR","EnvEurope",3,3,0,2012,12,3,{"$nulls":8},"TEMP","DB","METH_2",3.464236289062501,"°C",null,"X"]
["METEO","LTER_EU_BE_05","INBO","WIJ1","AIR","EnvEurope",3,3,0,2012,12,4,{"$nulls":8},"TEMP","DB","METH_2",4.214201625,"°C",null,"X"]
["METEO","LTER_EU_BE_05","INBO","WIJ1","AIR","EnvEurope",3,3,0,2012,12,5,{"$nulls":8},"TEMP","DB","METH_2",1.8661285723541663,"°C",null,"X"]
["METEO","LTER_EU_BE_05","INBO","WIJ1","AIR","EnvEurope",3,3,0,2012,12,6,{"$nulls":8},"TEMP","DB","METH_2",1.692378405281251,"°C",null,"X"]
["METEO","LTER_EU_BE_05","INBO","WIJ1","AIR","EnvEurope",3,3,0,2012,12,7,{"$nulls":8},"TEMP","DB","METH_2",1.6132814052083333,"°C",null,"X"]
["METEO","LTER_EU_BE_05","INBO","WIJ1","AIR","EnvEurope",3,3,0,2012,12,8,{"$nulls":8},"TEMP","DB","METH_2",1.1784722481249998,"°C",null,"X"]
["METEO","LTER_EU_BE_05","INBO","WIJ1","AIR","EnvEurope",3,3,0,2012,12,9,{"$nulls":8},"TEMP","DB","METH_2",5.582378697916667,"°C",null,"X"]
["METEO","LTER_EU_BE_05","INBO","WIJ1","AIR","EnvEurope",3,3,0,2012,12,10,{"$nulls":8},"TEMP","DB","METH_2",4.353159624999999,"°C",null,"X"]
["METEO","LTER_EU_BE_05","INBO","WIJ1","AIR","EnvEurope",3,3,0,2012,12,11,{"$nulls":8},"TEMP","DB","METH_2",0.11321175434374998,"°C",null,"X"]
["METEO","LTER_EU_BE_05","INBO","WIJ1","AIR","EnvEurope",3,3,0,2012,12,12,{"$nulls":8},"TEMP","DB","METH_2",-0.9061805342708334,"°C",null,"X"]
["METEO","LTER_EU_BE_05","INBO","WIJ1","AIR","EnvEurope",3,3,0,2012,12,13,{"$nulls":8},"TEMP","DB","METH_2",-1.5637499785729163,"°C",null,"X"]
["METEO","LTER_EU_BE_05","INBO","WIJ1","AIR","EnvEurope",3,3,0,2012,12,14,{"$nulls":8},"TEMP","DB","METH_2",5.411770909374998,"°C",null,"X"]
["METEO","LTER_EU_BE_05","INBO","WIJ1","AIR","EnvEurope",3,3,0,2012,12,15,{"$nulls":8},"TEMP","DB","METH_2",8.134860645833337,"°C",null,"X"]
["METEO","LTER_EU_BE_05","INBO","WIJ1","AIR","EnvEurope",3,3,0,2012,12,16,{"$nulls":8},"TEMP","DB","METH_2",6.987066010416665,"°C",null,"X"]
["METEO","LTER_EU_BE_05","INBO","WIJ1","AIR","EnvEurope",3,3,0,2012,12,17,{"$nulls":8},"TEMP","DB","METH_2",6.241822687500002,"°C",null,"X"]
["METEO","LTER_EU_BE_05","INBO","WIJ1","AIR","EnvEurope",3,3,0,2012,12,18,{"$nulls":8},"TEMP","DB","METH_2",5.4183158958333335,"°C",null,"X"]
["METEO","LTER_EU_BE_05","INBO","WIJ1","AIR","EnvEurope",3,3,0,2012,12,19,{"$nulls":8},"TEMP","DB","METH_2",4.478385302083334,"°C",null,"X"]
["METEO","LTER_EU_BE_05","INBO","WIJ1","AIR","EnvEurope",3,3,0,2012,12,20,{"$nulls":8},"TEMP","DB","METH_2",4.985294906249997,"°C",null,"X"]
["METEO","LTER_EU_BE_05","INBO","WIJ1","AIR","EnvEurope",3,3,0,2012,12,21,{"$nulls":8},"TEMP","DB","METH_2",7.647344645833338,"°C",null,"X"]
["METEO","LTER_EU_BE_05","INBO","WIJ1","AIR","EnvEurope",3,3,0,2012,12,22,{"$nulls":8},"TEMP","DB","METH_2",7.761944822916662,"°C",null,"X"]
["METEO","LTER_EU_BE_05","INBO","WIJ1","AIR","EnvEurope",3,3,0,2012,12,23,{"$nulls":8},"TEMP","DB","METH_2",11.388471979166665,"°C",null,"X"]
["METEO","LTER_EU_BE_05","INBO","WIJ1","AIR","EnvEurope",3,3,0,2012,12,24,{"$nulls":8},"TEMP","DB","METH_2",10.25099,"°C",null,"X"]
["METEO","LTER_EU_BE_05","INBO","WIJ1","AIR","EnvEurope",3,3,0,2012,12,25,{"$nulls":8},"TEMP","DB","METH_2",8.890398791666668,"°C",null,"X"]
["METEO","LTER_EU_BE_05","INBO","WIJ1","AIR","EnvEurope",3,3,0,2012,12,26,{"$nulls":8},"TEMP","DB","METH_2",7.89545178125,"°C",null,"X"]
["METEO","LTER_EU_BE_05","INBO","WIJ1","AIR","EnvEurope",3,3,0,2012,12,27,{"$nulls":8},"TEMP","DB","METH_2",7.5763718645833364,"°C",null,"X"]
["METEO","LTER_EU_BE_05","INBO","WIJ1","AIR","EnvEurope",3,3,0,2012,12,28,{"$nulls":8},"TEMP","DB","METH_2",7.587326708333333,"°C",null,"X"]
["METEO","LTER_EU_BE_05","INBO","WIJ1","AIR","EnvEurope",3,3,0,2012,12,29,{"$nulls":8},"TEMP","DB","METH_2",10.274426447916671,"°C",null,"X"]
["METEO","LTER_EU_BE_05","INBO","WIJ1","AIR","EnvEurope",3,3,0,2012,12,30,{"$nulls":8},"TEMP","DB","METH_2",7.220103499999996,"°C",null,"X"]
["METEO","LTER_EU_BE_05","INBO","WIJ1","AIR","EnvEurope",3,3,0,2012,12,31,{"$nulls":8},"TEMP","DB","METH_2",9.11501716666667,"°C",null,"X"]
["METEO","LTER_EU_BE_05","INBO","WIJ1","AIR","EnvEurope",3,3,0,2012,2,1,{"$nulls":8},"TEMP","DB","METH_2",-4.1772395354166685,"°C",null,"X"]
["METEO","LTER_EU_BE_05","INBO","WIJ1","AIR","EnvEurope",3,3,0,2012,2,2,{"$nulls":8},"TEMP","DB","METH_2",-5.268055927083336,"°C",null,"X"]
["METEO","LTER_EU_BE_05","INBO","WIJ1","AIR","EnvEurope",3,3,0,2012,2,3,{"$nulls":8},"TEMP","DB","METH_2",-5.023038229479167,"°C",null,"X"]
["METEO","LTER_EU_BE_05","INBO","WIJ1","AIR","EnvEurope",3,3,0,2012,2,4,{"$nulls":8},"TEMP","DB","METH_2",-8.936597072916665,"°C",null,"X"]
["METEO","LTER_EU_BE_05","INBO","WIJ1","AIR","EnvEurope",3,3,0,2012,2,5,{"$nulls":8},"TEMP","DB","METH_2",-4.683663635416665,"°C",null,"X"]
["METEO","LTER_EU_BE_05","INBO","WIJ1","AIR","EnvEurope",3,3,0,2012,2,6,{"$nulls":8},"TEMP","DB","METH_2",-3.4730206339583316,"°C",null,"X"]
["METEO","LTER_EU_BE_05","INBO","WIJ1","AIR","EnvEurope",3,3,0,2012,2,7,{"$nulls":8},"TEMP","DB","METH_2",-7.676423572916665,"°C",null,"X"]
["METEO","LTER_EU_BE_05","INBO","WIJ1","AIR","EnvEurope",3,3,0,2012,2,8,{"$nulls":8},"TEMP","DB","METH_2",-3.7204861968749987,"°C",null,"X"]
["METEO","LTER_EU_BE_05","INBO","WIJ1","AIR","EnvEurope",3,3,0,2012,2,9,{"$nulls":8},"TEMP","DB","METH_2",-5.136962041666669,"°C",null,"X"]
["METEO","LTER_EU_BE_05","INBO","WIJ1","AIR","EnvEurope",3,3,0,2012,2,10,{"$nulls":8},"TEMP","DB","METH_2",-5.195590608124999,"°C",null,"X"]
["METEO","LTER_EU_BE_05","INBO","WIJ1","AIR","EnvEurope",3,3,0,2012,2,11,{"$nulls":8},"TEMP","DB","METH_2",-7.260104135416665,"°C",null,"X"]
["METEO","LTER_EU_BE_05","INBO","WIJ1","AIR","EnvEurope",3,3,0,2012,2,12,{"$nulls":8},"TEMP","DB","METH_2",-4.312326313541666,"°C",null,"X"]
["METEO","LTER_EU_BE_05","INBO","WIJ1","AIR","EnvEurope",3,3,0,2012,2,13,{"$nulls":8},"TEMP","DB","METH_2",2.047204879687499,"°C",null,"X"]
["METEO","LTER_EU_BE_05","INBO","WIJ1","AIR","EnvEurope",3,3,0,2012,2,14,{"$nulls":8},"TEMP","DB","METH_2",4.292291833333333,"°C",null,"X"]
["METEO","LTER_EU_BE_05","INBO","WIJ1","AIR","EnvEurope",3,3,0,2012,2,15,{"$nulls":8},"TEMP","DB","METH_2",5.648490031249999,"°C",null,"X"]
["METEO","LTER_EU_BE_05","INBO","WIJ1","AIR","EnvEurope",3,3,0,2012,2,16,{"$nulls":8},"TEMP","DB","METH_2",5.342170145833333,"°C",null,"X"]
["METEO","LTER_EU_BE_05","INBO","WIJ1","AIR","EnvEurope",3,3,0,2012,2,17,{"$nulls":8},"TEMP","DB","METH_2",6.701701822916667,"°C",null,"X"]
["METEO","LTER_EU_BE_05","INBO","WIJ1","AIR","EnvEurope",3,3,0,2012,2,18,{"$nulls":8},"TEMP","DB","METH_2",7.167708541666669,"°C",null,"X"]
["METEO","LTER_EU_BE_05","INBO","WIJ1","AIR","EnvEurope",3,3,0,2012,2,19,{"$nulls":8},"TEMP","DB","METH_2",2.7297570062499994,"°C",null,"X"]
["METEO","LTER_EU_BE_05","INBO","WIJ1","AIR","EnvEurope",3,3,0,2012,2,20,{"$nulls":8},"TEMP","DB","METH_2",1.0753473364583332,"°C",null,"X"]
["METEO","LTER_EU_BE_05","INBO","WIJ1","AIR","EnvEurope",3,3,0,2012,2,21,{"$nulls":8},"TEMP","DB","METH_2",5.1248438541666665,"°C",null,"X"]
["METEO","LTER_EU_BE_05","INBO","WIJ1","AIR","EnvEurope",3,3,0,2012,2,22,{"$nulls":8},"TEMP","DB","METH_2",5.642066087499998,"°C",null,"X"]
["METEO","LTER_EU_BE_05","INBO","WIJ1","AIR","EnvEurope",3,3,0,2012,2,23,{"$nulls":8},"TEMP","DB","METH_2",9.716682760416667,"°C",null,"X"]
["METEO","LTER_EU_BE_05","INBO","WIJ1","AIR","EnvEurope",3,3,0,2012,2,24,{"$nulls":8},"TEMP","DB","METH_2",9.440676770833328,"°C",null,"X"]
["METEO","LTER_EU_BE_05","INBO","WIJ1","AIR","EnvEurope",3,3,0,2012,2,25,{"$nulls":8},"TEMP","DB","METH_2",6.682760416666667,"°C",null,"X"]
["METEO","LTER_EU_BE_05","INBO","WIJ1","AIR","EnvEurope",3,3,0,2012,2,26,{"$nulls":8},"TEMP","DB","METH_2",3.6054339130208337,"°C",null,"X"]
["METEO","LTER_EU_BE_05","INBO","WIJ1","AIR","EnvEurope",3,3,0,2012,2,27,{"$nulls":8},"TEMP","DB","METH_2",4.935729415624999,"°C",null,"X"]
["METEO","LTER_EU_BE_05","INBO","WIJ1","AIR","EnvEurope",3,3,0,2012,2,28,{"$nulls":8},"TEMP","DB","METH_2",9.136180489583333,"°C",null,"X"]
["METEO","LTER_EU_BE_05","INBO","WIJ1","AIR","EnvEurope",3,3,0,2012,2,29,{"$nulls":8},"TEMP","DB","METH_2",8.954721989583335,"°C",null,"X"]
["METEO","LTER_EU_BE_05","INBO","WIJ1","AIR","EnvEurope",3,3,0,2012,3,1,{"$nulls":8},"TEMP","DB","METH_2",9.006388166666666,"°C",null,"X"]
["METEO","LTER_EU_BE_05","INBO","WIJ1","AIR","EnvEurope",3,3,0,2012,3,2,{"$nulls":8},"TEMP","DB","METH_2",8.025069833333331,"°C",null,"X"]
["METEO","LTER_EU_BE_05","INBO","WIJ1","AIR","EnvEurope",3,3,0,2012,3,3,{"$nulls":8},"TEMP","DB","METH_2",8.990433645833335,"°C",null,"X"]
["METEO","LTER_EU_BE_05","INBO","WIJ1","AIR","EnvEurope",3,3,0,2012,3,4,{"$nulls":8},"TEMP","DB","METH_2",6.398593437500003,"°C",null,"X"]
["METEO","LTER_EU_BE_05","INBO","WIJ1","AIR","EnvEurope",3,3,0,2012,3,5,{"$nulls":8},"TEMP","DB","METH_2",3.375277541666667,"°C",null,"X"]
["METEO","LTER_EU_BE_05","INBO","WIJ1","AIR","EnvEurope",3,3,0,2012,3,6,{"$nulls":8},"TEMP","DB","METH_2",3.9427081468750003,"°C",null,"X"]
["METEO","LTER_EU_BE_05","INBO","WIJ1","AIR","EnvEurope",3,3,0,2012,3,7,{"$nulls":8},"TEMP","DB","METH_2",3.714236294510417,"°C",null,"X"]
["METEO","LTER_EU_BE_05","INBO","WIJ1","AIR","EnvEurope",3,3,0,2012,3,8,{"$nulls":8},"TEMP","DB","METH_2",5.3208334062499985,"°C",null,"X"]
["METEO","LTER_EU_BE_05","INBO","WIJ1","AIR","EnvEurope",3,3,0,2012,3,9,{"$nulls":8},"TEMP","DB","METH_2",5.927656968750001,"°C",null,"X"]
["METEO","LTER_EU_BE_05","INBO","WIJ1","AIR","EnvEurope",3,3,0,2012,3,10,{"$nulls":8},"TEMP","DB","METH_2",9.47744795833333,"°C",null,"X"]
["METEO","LTER_EU_BE_05","INBO","WIJ1","AIR","EnvEurope",3,3,0,2012,3,11,{"$nulls":8},"TEMP","DB","METH_2",9.195624239583335,"°C",null,"X"]
["METEO","LTER_EU_BE_05","INBO","WIJ1","AIR","EnvEurope",3,3,0,2012,3,12,{"$nulls":8},"TEMP","DB","METH_2",7.405833635416667,"°C",null,"X"]
["METEO","LTER_EU_BE_05","INBO","WIJ1","AIR","EnvEurope",3,3,0,2012,3,13,{"$nulls":8},"TEMP","DB","METH_2",7.236214958333334,"°C",null,"X"]
["METEO","LTER_EU_BE_05","INBO","WIJ1","AIR","EnvEurope",3,3,0,2012,3,14,{"$nulls":8},"TEMP","DB","METH_2",7.334427375000003,"°C",null,"X"]
["METEO","LTER_EU_BE_05","INBO","WIJ1","AIR","EnvEurope",3,3,0,2012,3,15,{"$nulls":8},"TEMP","DB","METH_2",8.975954562500002,"°C",null,"X"]
["METEO","LTER_EU_BE_05","INBO","WIJ1","AIR","EnvEurope",3,3,0,2012,3,16,{"$nulls":8},"TEMP","DB","METH_2",8.552222104166669,"°C",null,"X"]
["METEO","LTER_EU_BE_05","INBO","WIJ1","AIR","EnvEurope",3,3,0,2012,3,17,{"$nulls":8},"TEMP","DB","METH_2",7.8930035625000015,"°C",null,"X"]
["METEO","LTER_EU_BE_05","INBO","WIJ1","AIR","EnvEurope",3,3,0,2012,3,18,{"$nulls":8},"TEMP","DB","METH_2",7.644653010416661,"°C",null,"X"]
["METEO","LTER_EU_BE_05","INBO","WIJ1","AIR","EnvEurope",3,3,0,2012,3,19,{"$nulls":8},"TEMP","DB","METH_2",6.602865281249998,"°C",null,"X"]
["METEO","LTER_EU_BE_05","INBO","WIJ1","AIR","EnvEurope",3,3,0,2012,3,20,{"$nulls":8},"TEMP","DB","METH_2",7.0298089374999995,"°C",null,"X"]
["METEO","LTER_EU_BE_05","INBO","WIJ1","AIR","EnvEurope",3,3,0,2012,3,21,{"$nulls":8},"TEMP","DB","METH_2",8.717273989583335,"°C",null,"X"]
["METEO","LTER_EU_BE_05","INBO","WIJ1","AIR","EnvEurope",3,3,0,2012,3,22,{"$nulls":8},"TEMP","DB","METH_2",11.635920760416665,"°C",null,"X"]
["METEO","LTER_EU_BE_05","INBO","WIJ1","AIR","EnvEurope",3,3,0,2012,3,23,{"$nulls":8},"TEMP","DB","METH_2",12.240867677083335,"°C",null,"X"]
["METEO","LTER_EU_BE_05","INBO","WIJ1","AIR","EnvEurope",3,3,0,2012,3,24,{"$nulls":8},"TEMP","DB","METH_2",11.140208520833339,"°C",null,"X"]
["METEO","LTER_EU_BE_05","INBO","WIJ1","AIR","EnvEurope",3,3,0,2012,3,25,{"$nulls":8},"TEMP","DB","METH_2",7.017985822916665,"°C",null,"X"]
["METEO","LTER_EU_BE_05","INBO","WIJ1","AIR","EnvEurope",3,3,0,2012,3,26,{"$nulls":8},"TEMP","DB","METH_2",10.292309749999998,"°C",null,"X"]
["METEO","LTER_EU_BE_05","INBO","WIJ1","AIR","EnvEurope",3,3,0,2012,3,27,{"$nulls":8},"TEMP","DB","METH_2",9.978141447916665,"°C",null,"X"]
["METEO","LTER_EU_BE_05","INBO","WIJ1","AIR","EnvEurope",3,3,0,2012,3,28,{"$nulls":8},"TEMP","DB","METH_2",9.978975197916668,"°C",null,"X"]
["METEO","LTER_EU_BE_05","INBO","WIJ1","AIR","EnvEurope",3,3,0,2012,3,29,{"$nulls":8},"TEMP","DB","METH_2",8.452882177083337,"°C",null,"X"]
["METEO","LTER_EU_BE_05","INBO","WIJ1","AIR","EnvEurope",3,3,0,2012,3,30,{"$nulls":8},"TEMP","DB","METH_2",7.046006541666664,"°C",null,"X"]
["METEO","LTER_EU_BE_05","INBO","WIJ1","AIR","EnvEurope",3,3,0,2012,3,31,{"$nulls":8},"TEMP","DB","METH_2",6.945763499999999,"°C",null,"X"]
["METEO","LTER_EU_BE_05","INBO","WIJ1","AIR","EnvEurope",3,3,0,2012,4,1,{"$nulls":8},"TEMP","DB","METH_2",4.533246574375,"°C",null,"X"]
["METEO","LTER_EU_BE_05","INBO","WIJ1","AIR","EnvEurope",3,3,0,2012,4,2,{"$nulls":8},"TEMP","DB","METH_2",6.40244791875,"°C",null,"X"]
["METEO","LTER_EU_BE_05","INBO","WIJ1","AIR","EnvEurope",3,3,0,2012,4,3,{"$nulls":8},"TEMP","DB","METH_2",7.978611239583333,"°C",null,"X"]
["METEO","LTER_EU_BE_05","INBO","WIJ1","AIR","EnvEurope",3,3,0,2012,4,4,{"$nulls":8},"TEMP","DB","METH_2",7.7109372916666645,"°C",null,"X"]
["METEO","LTER_EU_BE_05","INBO","WIJ1","AIR","EnvEurope",3,3,0,2012,4,5,{"$nulls":8},"TEMP","DB","METH_2",7.151128885416669,"°C",null,"X"]
["METEO","LTER_EU_BE_05","INBO","WIJ1","AIR","EnvEurope",3,3,0,2012,4,6,{"$nulls":8},"TEMP","DB","METH_2",5.8467359947916675,"°C",null,"X"]
["METEO","LTER_EU_BE_05","INBO","WIJ1","AIR","EnvEurope",3,3,0,2012,4,7,{"$nulls":8},"TEMP","DB","METH_2",6.248906552083336,"°C",null,"X"]
["METEO","LTER_EU_BE_05","INBO","WIJ1","AIR","EnvEurope",3,3,0,2012,4,8,{"$nulls":8},"TEMP","DB","METH_2",6.534253958333334,"°C",null,"X"]
["METEO","LTER_EU_BE_05","INBO","WIJ1","AIR","EnvEurope",3,3,0,2012,4,9,{"$nulls":8},"TEMP","DB","METH_2",9.35961797916667,"°C",null,"X"]
["METEO","LTER_EU_BE_05","INBO","WIJ1","AIR","EnvEurope",3,3,0,2012,4,10,{"$nulls":8},"TEMP","DB","METH_2",9.25777790625,"°C",null,"X"]
["METEO","LTER_EU_BE_05","INBO","WIJ1","AIR","EnvEurope",3,3,0,2012,4,11,{"$nulls":8},"TEMP","DB","METH_2",7.315000624999999,"°C",null,"X"]
["METEO","LTER_EU_BE_05","INBO","WIJ1","AIR","EnvEurope",3,3,0,2012,4,12,{"$nulls":8},"TEMP","DB","METH_2",6.49890640625,"°C",null,"X"]
["METEO","LTER_EU_BE_05","INBO","WIJ1","AIR","EnvEurope",3,3,0,2012,4,13,{"$nulls":8},"TEMP","DB","METH_2",5.806371453124998,"°C",null,"X"]
["METEO","LTER_EU_BE_05","INBO","WIJ1","AIR","EnvEurope",3,3,0,2012,4,14,{"$nulls":8},"TEMP","DB","METH_2",6.5990101875,"°C",null,"X"]
["METEO","LTER_EU_BE_05","INBO","WIJ1","AIR","EnvEurope",3,3,0,2012,4,15,{"$nulls":8},"TEMP","DB","METH_2",6.52605934375,"°C",null,"X"]
["METEO","LTER_EU_BE_05","INBO","WIJ1","AIR","EnvEurope",3,3,0,2012,4,16,{"$nulls":8},"TEMP","DB","METH_2",5.334739500625002,"°C",null,"X"]
["METEO","LTER_EU_BE_05","INBO","WIJ1","AIR","EnvEurope",3,3,0,2012,4,17,{"$nulls":8},"TEMP","DB","METH_2",3.950451455208334,"°C",null,"X"]
["METEO","LTER_EU_BE_05","INBO","WIJ1","AIR","EnvEurope",3,3,0,2012,4,18,{"$nulls":8},"TEMP","DB","METH_2",6.741215427083332,"°C",null,"X"]
["METEO","LTER_EU_BE_05","INBO","WIJ1","AIR","EnvEurope",3,3,0,2012,4,19,{"$nulls":8},"TEMP","DB","METH_2",7.8931421875,"°C",null,"X"]
["METEO","LTER_EU_BE_05","INBO","WIJ1","AIR","EnvEurope",3,3,0,2012,4,20,{"$nulls":8},"TEMP","DB","METH_2",8.413733114583334,"°C",null,"X"]
["METEO","LTER_EU_BE_05","INBO","WIJ1","AIR","EnvEurope",3,3,0,2012,4,21,{"$nulls":8},"TEMP","DB","METH_2",7.218733020833334,"°C",null,"X"]
["METEO","LTER_EU_BE_05","INBO","WIJ1","AIR","EnvEurope",3,3,0,2012,4,22,{"$nulls":8},"TEMP","DB","METH_2",8.438489718749999,"°C",null,"X"]
["METEO","LTER_EU_BE_05","INBO","WIJ1","AIR","EnvEurope",3,3,0,2012,4,23,{"$nulls":8},"TEMP","DB","METH_2",8.178575979166665,"°C",null,"X"]
["METEO","LTER_EU_BE_05","INBO","WIJ1","AIR","EnvEurope",3,3,0,2012,4,24,{"$nulls":8},"TEMP","DB","METH_2",8.438524822916667,"°C",null,"X"]
["METEO","LTER_EU_BE_05","INBO","WIJ1","AIR","EnvEurope",3,3,0,2012,4,25,{"$nulls":8},"TEMP","DB","METH_2",8.574947593749995,"°C",null,"X"]
["METEO","LTER_EU_BE_05","INBO","WIJ1","AIR","EnvEurope",3,3,0,2012,4,26,{"$nulls":8},"TEMP","DB","METH_2",10.774878864583334,"°C",null,"X"]
["METEO","LTER_EU_BE_05","INBO","WIJ1","AIR","EnvEurope",3,3,0,2012,4,27,{"$nulls":8},"TEMP","DB","METH_2",11.2785764375,"°C",null,"X"]
["METEO","LTER_EU_BE_05","INBO","WIJ1","AIR","EnvEurope",3,3,0,2012,4,28,{"$nulls":8},"TEMP","DB","METH_2",9.854947760416666,"°C",null,"X"]
["METEO","LTER_EU_BE_05","INBO","WIJ1","AIR","EnvEurope",3,3,0,2012,4,29,{"$nulls":8},"TEMP","DB","METH_2",12.777066333333329,"°C",null,"X"]
["METEO","LTER_EU_BE_05","INBO","WIJ1","AIR","EnvEurope",3,3,0,2012,4,30,{"$nulls":8},"TEMP","DB","METH_2",13.555832656250004,"°C",null,"X"]
["METEO","LTER_EU_BE_05","INBO","WIJ1","AIR","EnvEurope",3,3,0,2012,5,1,{"$nulls":8},"TEMP","DB","METH_2",13.789235635416672,"°C",null,"X"]
["METEO","LTER_EU_BE_05","INBO","WIJ1","AIR","EnvEurope",3,3,0,2012,5,2,{"$nulls":8},"TEMP","DB","METH_2",8.869357666666668,"°C",null,"X"]
["METEO","LTER_EU_BE_05","INBO","WIJ1","AIR","EnvEurope",3,3,0,2012,5,3,{"$nulls":8},"TEMP","DB","METH_2",9.992101083333333,"°C",null,"X"]
["METEO","LTER_EU_BE_05","INBO","WIJ1","AIR","EnvEurope",3,3,0,2012,5,4,{"$nulls":8},"TEMP","DB","METH_2",9.178317302083334,"°C",null,"X"]
["METEO","LTER_EU_BE_05","INBO","WIJ1","AIR","EnvEurope",3,3,0,2012,5,5,{"$nulls":8},"TEMP","DB","METH_2",7.999600624999999,"°C",null,"X"]
["METEO","LTER_EU_BE_05","INBO","WIJ1","AIR","EnvEurope",3,3,0,2012,5,6,{"$nulls":8},"TEMP","DB","METH_2",8.676024416666666,"°C",null,"X"]
["METEO","LTER_EU_BE_05","INBO","WIJ1","AIR","EnvEurope",3,3,0,2012,5,7,{"$nulls":8},"TEMP","DB","METH_2",10.58324671875,"°C",null,"X"]
["METEO","LTER_EU_BE_05","INBO","WIJ1","AIR","EnvEurope",3,3,0,2012,5,8,{"$nulls":8},"TEMP","DB","METH_2",13.115328437499995,"°C",null,"X"]
["METEO","LTER_EU_BE_05","INBO","WIJ1","AIR","EnvEurope",3,3,0,2012,5,9,{"$nulls":8},"TEMP","DB","METH_2",15.307604062499996,"°C",null,"X"]
["METEO","LTER_EU_BE_05","INBO","WIJ1","AIR","EnvEurope",3,3,0,2012,5,10,{"$nulls":8},"TEMP","DB","METH_2",17.9881084375,"°C",null,"X"]
["METEO","LTER_EU_BE_05","INBO","WIJ1","AIR","EnvEurope",3,3,0,2012,5,11,{"$nulls":8},"TEMP","DB","METH_2",13.63286558333334,"°C",null,"X"]
["METEO","LTER_EU_BE_05","INBO","WIJ1","AIR","EnvEurope",3,3,0,2012,5,12,{"$nulls":8},"TEMP","DB","METH_2",8.775190635416665,"°C",null,"X"]
["METEO","LTER_EU_BE_05","INBO","WIJ1","AIR","EnvEurope",3,3,0,2012,5,13,{"$nulls":8},"TEMP","DB","METH_2",8.269166864583337,"°C",null,"X"]
["METEO","LTER_EU_BE_05","INBO","WIJ1","AIR","EnvEurope",3,3,0,2012,5,14,{"$nulls":8},"TEMP","DB","METH_2",9.909618,"°C",null,"X"]
["METEO","LTER_EU_BE_05","INBO","WIJ1","AIR","EnvEurope",3,3,0,2012,5,15,{"$nulls":8},"TEMP","DB","METH_2",8.459322343750005,"°C",null,"X"]
["METEO","LTER_EU_BE_05","INBO","WIJ1","AIR","EnvEurope",3,3,0,2012,5,16,{"$nulls":8},"TEMP","DB","METH_2",8.94161375,"°C",null,"X"]
["METEO","LTER_EU_BE_05","INBO","WIJ1","AIR","EnvEurope",3,3,0,2012,5,17,{"$nulls":8},"TEMP","DB","METH_2",9.685295875000003,"°C",null,"X"]
["METEO","LTER_EU_BE_05","INBO","WIJ1","AIR","EnvEurope",3,3,0,2012,5,18,{"$nulls":8},"TEMP","DB","METH_2",12.646337322916665,"°C",null,"X"]
["METEO","LTER_EU_BE_05","INBO","WIJ1","AIR","EnvEurope",3,3,0,2012,5,19,{"$nulls":8},"TEMP","DB","METH_2",13.68493125,"°C",null,"X"]
["METEO","LTER_EU_BE_05","INBO","WIJ1","AIR","EnvEurope",3,3,0,2012,5,20,{"$nulls":8},"TEMP","DB","METH_2",11.056474958333334,"°C",null,"X"]
["METEO","LTER_EU_BE_05","INBO","WIJ1","AIR","EnvEurope",3,3,0,2012,5,21,{"$nulls":8},"TEMP","DB","METH_2",10.933158541666662,"°C",null,"X"]
["METEO","LTER_EU_BE_05","INBO","WIJ1","AIR","EnvEurope",3,3,0,2012,5,22,{"$nulls":8},"TEMP","DB","METH_2",12.656075729166664,"°C",null,"X"]
["METEO","LTER_EU_BE_05","INBO","WIJ1","AIR","EnvEurope",3,3,0,2012,5,23,{"$nulls":8},"TEMP","DB","METH_2",14.124514583333331,"°C",null,"X"]
["METEO","LTER_EU_BE_05","INBO","WIJ1","AIR","EnvEurope",3,3,0,2012,5,24,{"$nulls":8},"TEMP","DB","METH_2",16.890382395833335,"°C",null,"X"]
["METEO","LTER_EU_BE_05","INBO","WIJ1","AIR","EnvEurope",3,3,0,2012,5,25,{"$nulls":8},"TEMP","DB","METH_2",19.791716874999995,"°C",null,"X"]
["METEO","LTER_EU_BE_05","INBO","WIJ1","AIR","EnvEurope",3,3,0,2012,5,26,{"$nulls":8},"TEMP","DB","METH_2",19.761353958333327,"°C",null,"X"]
["METEO","LTER_EU_BE_05","INBO","WIJ1","AIR","EnvEurope",3,3,0,2012,5,27,{"$nulls":8},"TEMP","DB","METH_2",20.272013124999997,"°C",null,"X"]
["METEO","LTER_EU_BE_05","INBO","WIJ1","AIR","EnvEurope",3,3,0,2012,5,28,{"$nulls":8},"TEMP","DB","METH_2",18.238906458333336,"°C",null,"X"]
["METEO","LTER_EU_BE_05","INBO","WIJ1","AIR","EnvEurope",3,3,0,2012,5,29,{"$nulls":8},"TEMP","DB","METH_2",15.073350312500006,"°C",null,"X"]
["METEO","LTER_EU_BE_05","INBO","WIJ1","AIR","EnvEurope",3,3,0,2012,5,30,{"$nulls":8},"TEMP","DB","METH_2",15.338906833333327,"°C",null,"X"]
["METEO","LTER_EU_BE_05","INBO","WIJ1","AIR","EnvEurope",3,3,0,2012,5,31,{"$nulls":8},"TEMP","DB","METH_2",15.425502604166665,"°C",null,"X"]
["METEO","LTER_EU_BE_05","INBO","WIJ1","AIR","EnvEurope",3,3,0,2012,6,1,{"$nulls":8},"TEMP","DB","METH_2",15.246735520833338,"°C",null,"X"]
["METEO","LTER_EU_BE_05","INBO","WIJ1","AIR","EnvEurope",3,3,0,2012,6,2,{"$nulls":8},"TEMP","DB","METH_2",13.980902604166666,"°C",null,"X"]
["METEO","LTER_EU_BE_05","INBO","WIJ1","AIR","EnvEurope",3,3,0,2012,6,3,{"$nulls":8},"TEMP","DB","METH_2",9.999774687499999,"°C",null,"X"]
["METEO","LTER_EU_BE_05","INBO","WIJ1","AIR","EnvEurope",3,3,0,2012,6,4,{"$nulls":8},"TEMP","DB","METH_2",10.478471968749998,"°C",null,"X"]
["METEO","LTER_EU_BE_05","INBO","WIJ1","AIR","EnvEurope",3,3,0,2012,6,5,{"$nulls":8},"TEMP","DB","METH_2",11.081718718749999,"°C",null,"X"]
["METEO","LTER_EU_BE_05","INBO","WIJ1","AIR","EnvEurope",3,3,0,2012,6,6,{"$nulls":8},"TEMP","DB","METH_2",14.46112708333334,"°C",null,"X"]
["METEO","LTER_EU_BE_05","INBO","WIJ1","AIR","EnvEurope",3,3,0,2012,6,7,{"$nulls":8},"TEMP","DB","METH_2",14.75619833333333,"°C",null,"X"]
["METEO","LTER_EU_BE_05","INBO","WIJ1","AIR","EnvEurope",3,3,0,2012,6,8,{"$nulls":8},"TEMP","DB","METH_2",14.274826145833337,"°C",null,"X"]
["METEO","LTER_EU_BE_05","INBO","WIJ1","AIR","EnvEurope",3,3,0,2012,6,9,{"$nulls":8},"TEMP","DB","METH_2",13.211041562499998,"°C",null,"X"]
["METEO","LTER_EU_BE_05","INBO","WIJ1","AIR","EnvEurope",3,3,0,2012,6,10,{"$nulls":8},"TEMP","DB","METH_2",12.63600704166666,"°C",null,"X"]
["METEO","LTER_EU_BE_05","INBO","WIJ1","AIR","EnvEurope",3,3,0,2012,6,11,{"$nulls":8},"TEMP","DB","METH_2",13.477708958333336,"°C",null,"X"]
["METEO","LTER_EU_BE_05","INBO","WIJ1","AIR","EnvEurope",3,3,0,2012,6,12,{"$nulls":8},"TEMP","DB","METH_2",12.671076979166665,"°C",null,"X"]
["METEO","LTER_EU_BE_05","INBO","WIJ1","AIR","EnvEurope",3,3,0,2012,6,13,{"$nulls":8},"TEMP","DB","METH_2",11.543889114583335,"°C",null,"X"]
["METEO","LTER_EU_BE_05","INBO","WIJ1","AIR","EnvEurope",3,3,0,2012,6,14,{"$nulls":8},"TEMP","DB","METH_2",12.965277031250004,"°C",null,"X"]
["METEO","LTER_EU_BE_05","INBO","WIJ1","AIR","EnvEurope",3,3,0,2012,6,15,{"$nulls":8},"TEMP","DB","METH_2",15.281180416666674,"°C",null,"X"]
["METEO","LTER_EU_BE_05","INBO","WIJ1","AIR","EnvEurope",3,3,0,2012,6,16,{"$nulls":8},"TEMP","DB","METH_2",15.72647625,"°C",null,"X"]
["METEO","LTER_EU_BE_05","INBO","WIJ1","AIR","EnvEurope",3,3,0,2012,6,17,{"$nulls":8},"TEMP","DB","METH_2",15.473454583333334,"°C",null,"X"]
["METEO","LTER_EU_BE_05","INBO","WIJ1","AIR","EnvEurope",3,3,0,2012,6,18,{"$nulls":8},"TEMP","DB","METH_2",14.154375208333335,"°C",null,"X"]
["METEO","LTER_EU_BE_05","INBO","WIJ1","AIR","EnvEurope",3,3,0,2012,6,19,{"$nulls":8},"TEMP","DB","METH_2",13.34897548958333,"°C",null,"X"]
["METEO","LTER_EU_BE_05","INBO","WIJ1","AIR","EnvEurope",3,3,0,2012,6,20,{"$nulls":8},"TEMP","DB","METH_2",15.870643020833334,"°C",null,"X"]
["METEO","LTER_EU_BE_05","INBO","WIJ1","AIR","EnvEurope",3,3,0,2012,6,21,{"$nulls":8},"TEMP","DB","METH_2",17.024876770833327,"°C",null,"X"]
["METEO","LTER_EU_BE_05","INBO","WIJ1","AIR","EnvEurope",3,3,0,2012,6,22,{"$nulls":8},"TEMP","DB","METH_2",14.218715312500004,"°C",null,"X"]
["METEO","LTER_EU_BE_05","INBO","WIJ1","AIR","EnvEurope",3,3,0,2012,6,23,{"$nulls":8},"TEMP","DB","METH_2",14.77163270833334,"°C",null,"X"]
["METEO","LTER_EU_BE_05","INBO","WIJ1","AIR","EnvEurope",3,3,0,2012,6,24,{"$nulls":8},"TEMP","DB","METH_2",13.911181666666664,"°C",null,"X"]
["METEO","LTER_EU_BE_05","INBO","WIJ1","AIR","EnvEurope",3,3,0,2012,6,25,{"$nulls":8},"TEMP","DB","METH_2",15.141181354166667,"°C",null,"X"]
["METEO","LTER_EU_BE_05","INBO","WIJ1","AIR","EnvEurope",3,3,0,2012,6,26,{"$nulls":8},"TEMP","DB","METH_2",17.048160104166666,"°C",null,"X"]
["METEO","LTER_EU_BE_05","INBO","WIJ1","AIR","EnvEurope",3,3,0,2012,6,27,{"$nulls":8},"TEMP","DB","METH_2",19.110503541666667,"°C",null,"X"]
["METEO","LTER_EU_BE_05","INBO","WIJ1","AIR","EnvEurope",3,3,0,2012,6,28,{"$nulls":8},"TEMP","DB","METH_2",21.815068958333327,"°C",null,"X"]
["METEO","LTER_EU_BE_05","INBO","WIJ1","AIR","EnvEurope",3,3,0,2012,6,29,{"$nulls":8},"TEMP","DB","METH_2",18.062309270833335,"°C",null,"X"]
["METEO","LTER_EU_BE_05","INBO","WIJ1","AIR","EnvEurope",3,3,0,2012,6,30,{"$nulls":8},"TEMP","DB","METH_2",17.103020833333336,"°C",null,"X"]
["METEO","LTER_EU_BE_05","INBO","WIJ1","AIR","EnvEurope",3,3,0,2012,7,1,{"$nulls":8},"TEMP","DB","METH_2",14.725659479166668,"°C",null,"X"]
["METEO","LTER_EU_BE_05","INBO","WIJ1","AIR","EnvEurope",3,3,0,2012,7,2,{"$nulls":8},"TEMP","DB","METH_2",15.47366298958333,"°C",null,"X"]
["METEO","LTER_EU_BE_05","INBO","WIJ1","AIR","EnvEurope",3,3,0,2012,7,3,{"$nulls":8},"TEMP","DB","METH_2",16.826736875000005,"°C",null,"X"]
["METEO","LTER_EU_BE_05","INBO","WIJ1","AIR","EnvEurope",3,3,0,2012,7,4,{"$nulls":8},"TEMP","DB","METH_2",18.984496875,"°C",null,"X"]
["METEO","LTER_EU_BE_05","INBO","WIJ1","AIR","EnvEurope",3,3,0,2012,7,5,{"$nulls":8},"TEMP","DB","METH_2",18.268679375,"°C",null,"X"]
["METEO","LTER_EU_BE_05","INBO","WIJ1","AIR","EnvEurope",3,3,0,2012,7,6,{"$nulls":8},"TEMP","DB","METH_2",15.819755416666668,"°C",null,"X"]
["METEO","LTER_EU_BE_05","INBO","WIJ1","AIR","EnvEurope",3,3,0,2012,7,7,{"$nulls":8},"TEMP","DB","METH_2",16.124912708333337,"°C",null,"X"]
["METEO","LTER_EU_BE_05","INBO","WIJ1","AIR","EnvEurope",3,3,0,2012,7,8,{"$nulls":8},"TEMP","DB","METH_2",16.15046885416667,"°C",null,"X"]
["METEO","LTER_EU_BE_05","INBO","WIJ1","AIR","EnvEurope",3,3,0,2012,7,9,{"$nulls":8},"TEMP","DB","METH_2",16.17614520833334,"°C",null,"X"]
["METEO","LTER_EU_BE_05","INBO","WIJ1","AIR","EnvEurope",3,3,0,2012,7,10,{"$nulls":8},"TEMP","DB","METH_2",15.374409895833336,"°C",null,"X"]
["METEO","LTER_EU_BE_05","INBO","WIJ1","AIR","EnvEurope",3,3,0,2012,7,11,{"$nulls":8},"TEMP","DB","METH_2",15.523976145833329,"°C",null,"X"]
["METEO","LTER_EU_BE_05","INBO","WIJ1","AIR","EnvEurope",3,3,0,2012,7,12,{"$nulls":8},"TEMP","DB","METH_2",14.504080104166674,"°C",null,"X"]
["METEO","LTER_EU_BE_05","INBO","WIJ1","AIR","EnvEurope",3,3,0,2012,7,13,{"$nulls":8},"TEMP","DB","METH_2",15.101960520833332,"°C",null,"X"]
["METEO","LTER_EU_BE_05","INBO","WIJ1","AIR","EnvEurope",3,3,0,2012,7,14,{"$nulls":8},"TEMP","DB","METH_2",14.177916041666668,"°C",null,"X"]
["METEO","LTER_EU_BE_05","INBO","WIJ1","AIR","EnvEurope",3,3,0,2012,7,15,{"$nulls":8},"TEMP","DB","METH_2",14.28883583333333,"°C",null,"X"]
["METEO","LTER_EU_BE_05","INBO","WIJ1","AIR","EnvEurope",3,3,0,2012,7,16,{"$nulls":8},"TEMP","DB","METH_2",13.89751697916666,"°C",null,"X"]
["METEO","LTER_EU_BE_05","INBO","WIJ1","AIR","EnvEurope",3,3,0,2012,7,17,{"$nulls":8},"TEMP","DB","METH_2",16.498975208333338,"°C",null,"X"]
["METEO","LTER_EU_BE_05","INBO","WIJ1","AIR","EnvEurope",3,3,0,2012,7,18,{"$nulls":8},"TEMP","DB","METH_2",16.19708270833333,"°C",null,"X"]
["METEO","LTER_EU_BE_05","INBO","WIJ1","AIR","EnvEurope",3,3,0,2012,7,19,{"$nulls":8},"TEMP","DB","METH_2",15.339687291666657,"°C",null,"X"]
["METEO","LTER_EU_BE_05","INBO","WIJ1","AIR","EnvEurope",3,3,0,2012,7,20,{"$nulls":8},"TEMP","DB","METH_2",14.692656354166665,"°C",null,"X"]
["METEO","LTER_EU_BE_05","INBO","WIJ1","AIR","EnvEurope",3,3,0,2012,7,21,{"$nulls":8},"TEMP","DB","METH_2",13.946371458333326,"°C",null,"X"]
["METEO","LTER_EU_BE_05","INBO","WIJ1","AIR","EnvEurope",3,3,0,2012,7,22,{"$nulls":8},"TEMP","DB","METH_2",14.717447895833331,"°C",null,"X"]
["METEO","LTER_EU_BE_05","INBO","WIJ1","AIR","EnvEurope",3,3,0,2012,7,23,{"$nulls":8},"TEMP","DB","METH_2",18.327481666666674,"°C",null,"X"]
["METEO","LTER_EU_BE_05","INBO","WIJ1","AIR","EnvEurope",3,3,0,2012,7,24,{"$nulls":8},"TEMP","DB","METH_2",19.852048749999998,"°C",null,"X"]
["METEO","LTER_EU_BE_05","INBO","WIJ1","AIR","EnvEurope",3,3,0,2012,7,25,{"$nulls":8},"TEMP","DB","METH_2",19.587118854166672,"°C",null,"X"]
["METEO","LTER_EU_BE_05","INBO","WIJ1","AIR","EnvEurope",3,3,0,2012,7,26,{"$nulls":8},"TEMP","DB","METH_2",19.881822291666662,"°C",null,"X"]
["METEO","LTER_EU_BE_05","INBO","WIJ1","AIR","EnvEurope",3,3,0,2012,7,27,{"$nulls":8},"TEMP","DB","METH_2",19.38513916666666,"°C",null,"X"]
["METEO","LTER_EU_BE_05","INBO","WIJ1","AIR","EnvEurope",3,3,0,2012,7,28,{"$nulls":8},"TEMP","DB","METH_2",17.002030520833333,"°C",null,"X"]
["METEO","LTER_EU_BE_05","INBO","WIJ1","AIR","EnvEurope",3,3,0,2012,7,29,{"$nulls":8},"TEMP","DB","METH_2",15.039808124999999,"°C",null,"X"]
["METEO","LTER_EU_BE_05","INBO","WIJ1","AIR","EnvEurope",3,3,0,2012,7,30,{"$nulls":8},"TEMP","DB","METH_2",14.709600520833328,"°C",null,"X"]
["METEO","LTER_EU_BE_05","INBO","WIJ1","AIR","EnvEurope",3,3,0,2012,7,31,{"$nulls":8},"TEMP","DB","METH_2",14.713679895833335,"°C",null,"X"]
["METEO","LTER_EU_BE_05","INBO","WIJ1","AIR","EnvEurope",3,3,0,2012,8,1,{"$nulls":8},"TEMP","DB","METH_2",17.660920208333334,"°C",null,"X"]
["METEO","LTER_EU_BE_05","INBO","WIJ1","AIR","EnvEurope",3,3,0,2012,8,2,{"$nulls":8},"TEMP","DB","METH_2",17.416839583333324,"°C",null,"X"]
["METEO","LTER_EU_BE_05","INBO","WIJ1","AIR","EnvEurope",3,3,0,2012,8,3,{"$nulls":8},"TEMP","DB","METH_2",16.640364166666664,"°C",null,"X"]
["METEO","LTER_EU_BE_05","INBO","WIJ1","AIR","EnvEurope",3,3,0,2012,8,4,{"$nulls":8},"TEMP","DB","METH_2",16.724305937500002,"°C",null,"X"]
["METEO","LTER_EU_BE_05","INBO","WIJ1","AIR","EnvEurope",3,3,0,2012,8,5,{"$nulls":8},"TEMP","DB","METH_2",16.780901770833328,"°C",null,"X"]
["METEO","LTER_EU_BE_05","INBO","WIJ1","AIR","EnvEurope",3,3,0,2012,8,6,{"$nulls":8},"TEMP","DB","METH_2",15.89572927083334,"°C",null,"X"]
["METEO","LTER_EU_BE_05","INBO","WIJ1","AIR","EnvEurope",3,3,0,2012,8,7,{"$nulls":8},"TEMP","DB","METH_2",15.364861458333342,"°C",null,"X"]
["METEO","LTER_EU_BE_05","INBO","WIJ1","AIR","EnvEurope",3,3,0,2012,8,8,{"$nulls":8},"TEMP","DB","METH_2",15.650085833333335,"°C",null,"X"]
["METEO","LTER_EU_BE_05","INBO","WIJ1","AIR","EnvEurope",3,3,0,2012,8,9,{"$nulls":8},"TEMP","DB","METH_2",17.680537395833337,"°C",null,"X"]
["METEO","LTER_EU_BE_05","INBO","WIJ1","AIR","EnvEurope",3,3,0,2012,8,10,{"$nulls":8},"TEMP","DB","METH_2",16.73048541666667,"°C",null,"X"]
["METEO","LTER_EU_BE_05","INBO","WIJ1","AIR","EnvEurope",3,3,0,2012,8,11,{"$nulls":8},"TEMP","DB","METH_2",17.03760416666666,"°C",null,"X"]
["METEO","LTER_EU_BE_05","INBO","WIJ1","AIR","EnvEurope",3,3,0,2012,8,12,{"$nulls":8},"TEMP","DB","METH_2",18.406544479166662,"°C",null,"X"]
["METEO","LTER_EU_BE_05","INBO","WIJ1","AIR","EnvEurope",3,3,0,2012,8,13,{"$nulls":8},"TEMP","DB","METH_2",17.61022625,"°C",null,"X"]
["METEO","LTER_EU_BE_05","INBO","WIJ1","AIR","EnvEurope",3,3,0,2012,8,14,{"$nulls":8},"TEMP","DB","METH_2",18.752238229166668,"°C",null,"X"]
["METEO","LTER_EU_BE_05","INBO","WIJ1","AIR","EnvEurope",3,3,0,2012,8,15,{"$nulls":8},"TEMP","DB","METH_2",20.06720510416668,"°C",null,"X"]
["METEO","LTER_EU_BE_05","INBO","WIJ1","AIR","EnvEurope",3,3,0,2012,8,16,{"$nulls":8},"TEMP","DB","METH_2",17.05970479166666,"°C",null,"X"]
["METEO","LTER_EU_BE_05","INBO","WIJ1","AIR","EnvEurope",3,3,0,2012,8,17,{"$nulls":8},"TEMP","DB","METH_2",20.73170177083333,"°C",null,"X"]
["METEO","LTER_EU_BE_05","INBO","WIJ1","AIR","EnvEurope",3,3,0,2012,8,18,{"$nulls":8},"TEMP","DB","METH_2",22.661320104166673,"°C",null,"X"]
["METEO","LTER_EU_BE_05","INBO","WIJ1","AIR","EnvEurope",3,3,0,2012,8,19,{"$nulls":8},"TEMP","DB","METH_2",21.2889059375,"°C",null,"X"]
["METEO","LTER_EU_BE_05","INBO","WIJ1","AIR","EnvEurope",3,3,0,2012,8,20,{"$nulls":8},"TEMP","DB","METH_2",19.570000312499996,"°C",null,"X"]
["METEO","LTER_EU_BE_05","INBO","WIJ1","AIR","EnvEurope",3,3,0,2012,8,21,{"$nulls":8},"TEMP","DB","METH_2",18.279965520833333,"°C",null,"X"]
["METEO","LTER_EU_BE_05","INBO","WIJ1","AIR","EnvEurope",3,3,0,2012,8,22,{"$nulls":8},"TEMP","DB","METH_2",16.786179583333332,"°C",null,"X"]
["METEO","LTER_EU_BE_05","INBO","WIJ1","AIR","EnvEurope",3,3,0,2012,8,23,{"$nulls":8},"TEMP","DB","METH_2",15.965972291666661,"°C",null,"X"]
["METEO","LTER_EU_BE_05","INBO","WIJ1","AIR","EnvEurope",3,3,0,2012,8,24,{"$nulls":8},"TEMP","DB","METH_2",17.050607604166668,"°C",null,"X"]
["METEO","LTER_EU_BE_05","INBO","WIJ1","AIR","EnvEurope",3,3,0,2012,8,25,{"$nulls":8},"TEMP","DB","METH_2",16.579861354166663,"°C",null,"X"]
["METEO","LTER_EU_BE_05","INBO","WIJ1","AIR","EnvEurope",3,3,0,2012,8,26,{"$nulls":8},"TEMP","DB","METH_2",15.778645625000001,"°C",null,"X"]
["METEO","LTER_EU_BE_05","INBO","WIJ1","AIR","EnvEurope",3,3,0,2012,8,27,{"$nulls":8},"TEMP","DB","METH_2",16.445433968750006,"°C",null,"X"]
["METEO","LTER_EU_BE_05","INBO","WIJ1","AIR","EnvEurope",3,3,0,2012,8,28,{"$nulls":8},"TEMP","DB","METH_2",17.01085010416666,"°C",null,"X"]
["METEO","LTER_EU_BE_05","INBO","WIJ1","AIR","EnvEurope",3,3,0,2012,8,29,{"$nulls":8},"TEMP","DB","METH_2",16.020885000000003,"°C",null,"X"]
["METEO","LTER_EU_BE_05","INBO","WIJ1","AIR","EnvEurope",3,3,0,2012,8,30,{"$nulls":8},"TEMP","DB","METH_2",14.699340208333334,"°C",null,"X"]
["METEO","LTER_EU_BE_05","INBO","WIJ1","AIR","EnvEurope",3,3,0,2012,8,31,{"$nulls":8},"TEMP","DB","METH_2",13.216874937499993,"°C",null,"X"]
["METEO","LTER_EU_BE_05","INBO","WIJ1","AIR","EnvEurope",3,3,0,2012,9,1,{"$nulls":8},"TEMP","DB","METH_2",12.576927447916665,"°C",null,"X"]
["METEO","LTER_EU_BE_05","INBO","WIJ1","AIR","EnvEurope",3,3,0,2012,9,2,{"$nulls":8},"TEMP","DB","METH_2",15.969531041666665,"°C",null,"X"]
["METEO","LTER_EU_BE_05","INBO","WIJ1","AIR","EnvEurope",3,3,0,2012,9,3,{"$nulls":8},"TEMP","DB","METH_2",17.790365104166668,"°C",null,"X"]
["METEO","LTER_EU_BE_05","INBO","WIJ1","AIR","EnvEurope",3,3,0,2012,9,4,{"$nulls":8},"TEMP","DB","METH_2",16.67961916666667,"°C",null,"X"]
["METEO","LTER_EU_BE_05","INBO","WIJ1","AIR","EnvEurope",3,3,0,2012,9,5,{"$nulls":8},"TEMP","DB","METH_2",16.096735625000004,"°C",null,"X"]
["METEO","LTER_EU_BE_05","INBO","WIJ1","AIR","EnvEurope",3,3,0,2012,9,6,{"$nulls":8},"TEMP","DB","METH_2",14.028055624999999,"°C",null,"X"]
["METEO","LTER_EU_BE_05","INBO","WIJ1","AIR","EnvEurope",3,3,0,2012,9,7,{"$nulls":8},"TEMP","DB","METH_2",14.872343708333338,"°C",null,"X"]
["METEO","LTER_EU_BE_05","INBO","WIJ1","AIR","EnvEurope",3,3,0,2012,9,8,{"$nulls":8},"TEMP","DB","METH_2",16.18690953125,"°C",null,"X"]
["METEO","LTER_EU_BE_05","INBO","WIJ1","AIR","EnvEurope",3,3,0,2012,9,9,{"$nulls":8},"TEMP","DB","METH_2",18.076372187500002,"°C",null,"X"]
["METEO","LTER_EU_BE_05","INBO","WIJ1","AIR","EnvEurope",3,3,0,2012,9,10,{"$nulls":8},"TEMP","DB","METH_2",18.281058958333322,"°C",null,"X"]
["METEO","LTER_EU_BE_05","INBO","WIJ1","AIR","EnvEurope",3,3,0,2012,9,11,{"$nulls":8},"TEMP","DB","METH_2",15.462395864583334,"°C",null,"X"]
["METEO","LTER_EU_BE_05","INBO","WIJ1","AIR","EnvEurope",3,3,0,2012,9,12,{"$nulls":8},"TEMP","DB","METH_2",12.163935765957445,"°C",null,"X"]
["METEO","LTER_EU_BE_05","INBO","WIJ1","AIR","EnvEurope",3,3,0,2012,9,13,{"$nulls":8},"TEMP","DB","METH_2",13.585781875000002,"°C",null,"X"]
["METEO","LTER_EU_BE_05","INBO","WIJ1","AIR","EnvEurope",3,3,0,2012,9,14,{"$nulls":8},"TEMP","DB","METH_2",14.547760239583333,"°C",null,"X"]
["METEO","LTER_EU_BE_05","INBO","WIJ1","AIR","EnvEurope",3,3,0,2012,9,15,{"$nulls":8},"TEMP","DB","METH_2",13.767777999999995,"°C",null,"X"]
["METEO","LTER_EU_BE_05","INBO","WIJ1","AIR","EnvEurope",3,3,0,2012,9,16,{"$nulls":8},"TEMP","DB","METH_2",13.829879208333338,"°C",null,"X"]
["METEO","LTER_EU_BE_05","INBO","WIJ1","AIR","EnvEurope",3,3,0,2012,9,17,{"$nulls":8},"TEMP","DB","METH_2",15.016006979166663,"°C",null,"X"]
["METEO","LTER_EU_BE_05","INBO","WIJ1","AIR","EnvEurope",3,3,0,2012,9,18,{"$nulls":8},"TEMP","DB","METH_2",12.893282385416667,"°C",null,"X"]
["METEO","LTER_EU_BE_05","INBO","WIJ1","AIR","EnvEurope",3,3,0,2012,9,19,{"$nulls":8},"TEMP","DB","METH_2",10.254496479166672,"°C",null,"X"]
["METEO","LTER_EU_BE_05","INBO","WIJ1","AIR","EnvEurope",3,3,0,2012,9,20,{"$nulls":8},"TEMP","DB","METH_2",10.414549135416669,"°C",null,"X"]
["METEO","LTER_EU_BE_05","INBO","WIJ1","AIR","EnvEurope",3,3,0,2012,9,21,{"$nulls":8},"TEMP","DB","METH_2",10.63616336458333,"°C",null,"X"]
["METEO","LTER_EU_BE_05","INBO","WIJ1","AIR","EnvEurope",3,3,0,2012,9,22,{"$nulls":8},"TEMP","DB","METH_2",11.326649510416667,"°C",null,"X"]
["METEO","LTER_EU_BE_05","INBO","WIJ1","AIR","EnvEurope",3,3,0,2012,9,23,{"$nulls":8},"TEMP","DB","METH_2",9.339774302083333,"°C",null,"X"]
["METEO","LTER_EU_BE_05","INBO","WIJ1","AIR","EnvEurope",3,3,0,2012,9,24,{"$nulls":8},"TEMP","DB","METH_2",13.283888958333335,"°C",null,"X"]
["METEO","LTER_EU_BE_05","INBO","WIJ1","AIR","EnvEurope",3,3,0,2012,9,25,{"$nulls":8},"TEMP","DB","METH_2",12.843454416666667,"°C",null,"X"]
["METEO","LTER_EU_BE_05","INBO","WIJ1","AIR","EnvEurope",3,3,0,2012,9,26,{"$nulls":8},"TEMP","DB","METH_2",13.567951562500001,"°C",null,"X"]
["METEO","LTER_EU_BE_05","INBO","WIJ1","AIR","EnvEurope",3,3,0,2012,9,27,{"$nulls":8},"TEMP","DB","METH_2",12.100798145833338,"°C",null,"X"]
["METEO","LTER_EU_BE_05","INBO","WIJ1","AIR","EnvEurope",3,3,0,2012,9,28,{"$nulls":8},"TEMP","DB","METH_2",13.030312666666669,"°C",null,"X"]
["METEO","LTER_EU_BE_05","INBO","WIJ1","AIR","EnvEurope",3,3,0,2012,9,29,{"$nulls":8},"TEMP","DB","METH_2",11.677396781249996,"°C",null,"X"]
["METEO","LTER_EU_BE_05","INBO","WIJ1","AIR","EnvEurope",3,3,0,2012,9,30,{"$nulls":8},"TEMP","DB","METH_2",10.577725281250002,"°C",null,"X"]
["METEO","LTER_EU_BE_05","INBO","WIJ1","AIR","EnvEurope",3,3,0,2012,1,1,{"$nulls":8},"PREC    ","DB","METH_1",6.58999927,"mm",null,"S"]
["METEO","LTER_EU_BE_05","INBO","WIJ1","AIR","EnvEurope",3,3,0,2012,1,2,{"$nulls":8},"PREC    ","DB","METH_1",0.17999999,"mm",null,"S"]
["METEO","LTER_EU_BE_05","INBO","WIJ1","AIR","EnvEurope",3,3,0,2012,1,3,{"$nulls":8},"PREC    ","DB","METH_1",1.9199997,"mm",null,"S"]
["METEO","LTER_EU_BE_05","INBO","WIJ1","AIR","EnvEurope",3,3,0,2012,1,4,{"$nulls":8},"PREC    ","DB","METH_1",1.9399999500000003,"mm",null,"S"]
["METEO","LTER_EU_BE_05","INBO","WIJ1","AIR","EnvEurope",3,3,0,2012,1,5,{"$nulls":8},"PREC    ","DB","METH_1",4.789999899999999,"mm",null,"S"]
["METEO","LTER_EU_BE_05","INBO","WIJ1","AIR","EnvEurope",3,3,0,2012,1,6,{"$nulls":8},"PREC    ","DB","METH_1",0,"mm",null,"S"]
["METEO","LTER_EU_BE_05","INBO","WIJ1","AIR","EnvEurope",3,3,0,2012,1,7,{"$nulls":8},"PREC    ","DB","METH_1",0.18999998999999998,"mm",null,"S"]
["METEO","LTER_EU_BE_05","INBO","WIJ1","AIR","EnvEurope",3,3,0,2012,1,8,{"$nulls":8},"PREC    ","DB","METH_1",0.20999999000000003,"mm",null,"S"]
["METEO","LTER_EU_BE_05","INBO","WIJ1","AIR","EnvEurope",3,3,0,2012,1,9,{"$nulls":8},"PREC    ","DB","METH_1",0.04,"mm",null,"S"]
["METEO","LTER_EU_BE_05","INBO","WIJ1","AIR","EnvEurope",3,3,0,2012,1,10,{"$nulls":8},"PREC    ","DB","METH_1",0,"mm",null,"S"]
["METEO","LTER_EU_BE_05","INBO","WIJ1","AIR","EnvEurope",3,3,0,2012,1,11,{"$nulls":8},"PREC    ","DB","METH_1",0,"mm",null,"S"]
["METEO","LTER_EU_BE_05","INBO","WIJ1","AIR","EnvEurope",3,3,0,2012,1,12,{"$nulls":8},"PREC    ","DB","METH_1",0,"mm",null,"S"]
["METEO","LTER_EU_BE_05","INBO","WIJ1","AIR","EnvEurope",3,3,0,2012,1,13,{"$nulls":8},"PREC    ","DB","METH_1",0.36,"mm",null,"S"]
["METEO","LTER_EU_BE_05","INBO","WIJ1","AIR","EnvEurope",3,3,0,2012,1,14,{"$nulls":8},"PREC    ","DB","METH_1",0.04,"mm",null,"S"]
["METEO","LTER_EU_BE_05","INBO","WIJ1","AIR","EnvEurope",3,3,0,2012,1,15,{"$nulls":8},"PREC    ","DB","METH_1",0,"mm",null,"S"]
["METEO","LTER_EU_BE_05","INBO","WIJ1","AIR","EnvEurope",3,3,0,2012,1,16,{"$nulls":8},"PREC    ","DB","METH_1",0,"mm",null,"S"]
["METEO","LTER_EU_BE_05","INBO","WIJ1","AIR","EnvEurope",3,3,0,2012,1,17,{"$nulls":8},"PREC    ","DB","METH_1",0,"mm",null,"S"]
["METEO","LTER_EU_BE_05","INBO","WIJ1","AIR","EnvEurope",3,3,0,2012,1,18,{"$nulls":8},"PREC    ","DB","METH_1",0.31999998,"mm",null,"S"]
["METEO","LTER_EU_BE_05","INBO","WIJ1","AIR","EnvEurope",3,3,0,2012,1,19,{"$nulls":8},"PREC    ","DB","METH_1",3.159999659999999,"mm",null,"S"]
["METEO","LTER_EU_BE_05","INBO","WIJ1","AIR","EnvEurope",3,3,0,2012,1,20,{"$nulls":8},"PREC    ","DB","METH_1",3.709999959999999,"mm",null,"S"]
["METEO","LTER_EU_BE_05","INBO","WIJ1","AIR","EnvEurope",3,3,0,2012,1,21,{"$nulls":8},"PREC    ","DB","METH_1",0.48999999000000005,"mm",null,"S"]
["METEO","LTER_EU_BE_05","INBO","WIJ1","AIR","EnvEurope",3,3,0,2012,1,22,{"$nulls":8},"PREC    ","DB","METH_1",0,"mm",null,"S"]
["METEO","LTER_EU_BE_05","INBO","WIJ1","AIR","EnvEurope",3,3,0,2012,1,23,{"$nulls":8},"PREC    ","DB","METH_1",0.61,"mm",null,"S"]
["METEO","LTER_EU_BE_05","INBO","WIJ1","AIR","EnvEurope",3,3,0,2012,1,24,{"$nulls":8},"PREC    ","DB","METH_1",0.59999997,"mm",null,"S"]
["METEO","LTER_EU_BE_05","INBO","WIJ1","AIR","EnvEurope",3,3,0,2012,1,25,{"$nulls":8},"PREC    ","DB","METH_1",0.05,"mm",null,"S"]
["METEO","LTER_EU_BE_05","INBO","WIJ1","AIR","EnvEurope",3,3,0,2012,1,26,{"$nulls":8},"PREC    ","DB","METH_1",2.00999997,"mm",null,"S"]
["METEO","LTER_EU_BE_05","INBO","WIJ1","AIR","EnvEurope",3,3,0,2012,1,27,{"$nulls":8},"PREC    ","DB","METH_1",1.42,"mm",null,"S"]
["METEO","LTER_EU_BE_05","INBO","WIJ1","AIR","EnvEurope",3,3,0,2012,1,28,{"$nulls":8},"PREC    ","DB","METH_1",0.1,"mm",null,"S"]
["METEO","LTER_EU_BE_05","INBO","WIJ1","AIR","EnvEurope",3,3,0,2012,1,29,{"$nulls":8},"PREC    ","DB","METH_1",0,"mm",null,"S"]
["METEO","LTER_EU_BE_05","INBO","WIJ1","AIR","EnvEurope",3,3,0,2012,1,30,{"$nulls":8},"PREC    ","DB","METH_1",0,"mm",null,"S"]
["METEO","LTER_EU_BE_05","INBO","WIJ1","AIR","EnvEurope",3,3,0,2012,1,31,{"$nulls":8},"PREC    ","DB","METH_1",0,"mm",null,"S"]
["METEO","LTER_EU_BE_05","INBO","WIJ1","AIR","EnvEurope",3,3,0,2012,10,1,{"$nulls":8},"PREC    ","DB","METH_1",0.9299999000000001,"mm",null,"S"]
["METEO","LTER_EU_BE_05","INBO","WIJ1","AIR","EnvEurope",3,3,0,2012,10,2,{"$nulls":8},"PREC    ","DB","METH_1",0.17999998,"mm",null,"S"]
["METEO","LTER_EU_BE_05","INBO","WIJ1","AIR","EnvEurope",3,3,0,2012,10,3,{"$nulls":8},"PREC    ","DB","METH_1",12.319999229999997,"mm",null,"S"]
["METEO","LTER_EU_BE_05","INBO","WIJ1","AIR","EnvEurope",3,3,0,2012,10,4,{"$nulls":8},"PREC    ","DB","METH_1",14.98999679,"mm",null,"S"]
["METEO","LTER_EU_BE_05","INBO","WIJ1","AIR","EnvEurope",3,3,0,2012,10,5,{"$nulls":8},"PREC    ","DB","METH_1",2.00999989,"mm",null,"S"]
["METEO","LTER_EU_BE_05","INBO","WIJ1","AIR","EnvEurope",3,3,0,2012,10,6,{"$nulls":8},"PREC    ","DB","METH_1",3.2999993700000005,"mm",null,"S"]
["METEO","LTER_EU_BE_05","INBO","WIJ1","AIR","EnvEurope",3,3,0,2012,10,7,{"$nulls":8},"PREC    ","DB","METH_1",0,"mm",null,"S"]
["METEO","LTER_EU_BE_05","INBO","WIJ1","AIR","EnvEurope",3,3,0,2012,10,8,{"$nulls":8},"PREC    ","DB","METH_1",1.5999997800000003,"mm",null,"S"]
["METEO","LTER_EU_BE_05","INBO","WIJ1","AIR","EnvEurope",3,3,0,2012,10,9,{"$nulls":8},"PREC    ","DB","METH_1",0,"mm",null,"S"]
["METEO","LTER_EU_BE_05","INBO","WIJ1","AIR","EnvEurope",3,3,0,2012,10,10,{"$nulls":8},"PREC    ","DB","METH_1",0,"mm",null,"S"]
["METEO","LTER_EU_BE_05","INBO","WIJ1","AIR","EnvEurope",3,3,0,2012,10,11,{"$nulls":8},"PREC    ","DB","METH_1",1.9799997900000001,"mm",null,"S"]
["METEO","LTER_EU_BE_05","INBO","WIJ1","AIR","EnvEurope",3,3,0,2012,10,12,{"$nulls":8},"PREC    ","DB","METH_1",5.789999,"mm",null,"S"]
["METEO","LTER_EU_BE_05","INBO","WIJ1","AIR","EnvEurope",3,3,0,2012,10,13,{"$nulls":8},"PREC    ","DB","METH_1",14.929997179999997,"mm",null,"S"]
["METEO","LTER_EU_BE_05","INBO","WIJ1","AIR","EnvEurope",3,3,0,2012,10,14,{"$nulls":8},"PREC    ","DB","METH_1",2.85999969,"mm",null,"S"]
["METEO","LTER_EU_BE_05","INBO","WIJ1","AIR","EnvEurope",3,3,0,2012,10,15,{"$nulls":8},"PREC    ","DB","METH_1",6.6399976,"mm",null,"S"]
["METEO","LTER_EU_BE_05","INBO","WIJ1","AIR","EnvEurope",3,3,0,2012,10,16,{"$nulls":8},"PREC    ","DB","METH_1",0.6699999800000002,"mm",null,"S"]
["METEO","LTER_EU_BE_05","INBO","WIJ1","AIR","EnvEurope",3,3,0,2012,10,17,{"$nulls":8},"PREC    ","DB","METH_1",2.4499998499999993,"mm",null,"S"]
["METEO","LTER_EU_BE_05","INBO","WIJ1","AIR","EnvEurope",3,3,0,2012,10,18,{"$nulls":8},"PREC    ","DB","METH_1",14.329993920000001,"mm",null,"S"]
["METEO","LTER_EU_BE_05","INBO","WIJ1","AIR","EnvEurope",3,3,0,2012,10,19,{"$nulls":8},"PREC    ","DB","METH_1",2.659999659999999,"mm",null,"S"]
["METEO","LTER_EU_BE_05","INBO","WIJ1","AIR","EnvEurope",3,3,0,2012,10,20,{"$nulls":8},"PREC    ","DB","METH_1",1.90999955,"mm",null,"S"]
["METEO","LTER_EU_BE_05","INBO","WIJ1","AIR","EnvEurope",3,3,0,2012,10,21,{"$nulls":8},"PREC    ","DB","METH_1",5.769999390000001,"mm",null,"S"]
["METEO","LTER_EU_BE_05","INBO","WIJ1","AIR","EnvEurope",3,3,0,2012,10,22,{"$nulls":8},"PREC    ","DB","METH_1",0,"mm",null,"S"]
["METEO","LTER_EU_BE_05","INBO","WIJ1","AIR","EnvEurope",3,3,0,2012,10,23,{"$nulls":8},"PREC    ","DB","METH_1",0,"mm",null,"S"]
["METEO","LTER_EU_BE_05","INBO","WIJ1","AIR","EnvEurope",3,3,0,2012,10,24,{"$nulls":8},"PREC    ","DB","METH_1",0,"mm",null,"S"]
["METEO","LTER_EU_BE_05","INBO","WIJ1","AIR","EnvEurope",3,3,0,2012,10,25,{"$nulls":8},"PREC    ","DB","METH_1",1.6699998699999996,"mm",null,"S"]
["METEO","LTER_EU_BE_05","INBO","WIJ1","AIR","EnvEurope",3,3,0,2012,10,26,{"$nulls":8},"PREC    ","DB","METH_1",3.1299996799999996,"mm",null,"S"]
["METEO","LTER_EU_BE_05","INBO","WIJ1","AIR","EnvEurope",3,3,0,2012,10,27,{"$nulls":8},"PREC    ","DB","METH_1",7.29999955,"mm",null,"S"]
["METEO","LTER_EU_BE_05","INBO","WIJ1","AIR","EnvEurope",3,3,0,2012,10,28,{"$nulls":8},"PREC    ","DB","METH_1",2.84999959,"mm",null,"S"]
["METEO","LTER_EU_BE_05","INBO","WIJ1","AIR","EnvEurope",3,3,0,2012,10,29,{"$nulls":8},"PREC    ","DB","METH_1",14.169996509999997,"mm",null,"S"]
["METEO","LTER_EU_BE_05","INBO","WIJ1","AIR","EnvEurope",3,3,0,2012,10,30,{"$nulls":8},"PREC    ","DB","METH_1",3.3099992699999996,"mm",null,"S"]
["METEO","LTER_EU_BE_05","INBO","WIJ1","AIR","EnvEurope",3,3,0,2012,10,31,{"$nulls":8},"PREC    ","DB","METH_1",0.02,"mm",null,"S"]
["METEO","LTER_EU_BE_05","INBO","WIJ1","AIR","EnvEurope",3,3,0,2012,11,1,{"$nulls":8},"PREC    ","DB","METH_1",9.84999842,"mm",null,"S"]
["METEO","LTER_EU_BE_05","INBO","WIJ1","AIR","EnvEurope",3,3,0,2012,11,2,{"$nulls":8},"PREC    ","DB","METH_1",18.26999477,"mm",null,"S"]
["METEO","LTER_EU_BE_05","INBO","WIJ1","AIR","EnvEurope",3,3,0,2012,11,3,{"$nulls":8},"PREC    ","DB","METH_1",2.2499997799999996,"mm",null,"S"]
["METEO","LTER_EU_BE_05","INBO","WIJ1","AIR","EnvEurope",3,3,0,2012,11,4,{"$nulls":8},"PREC    ","DB","METH_1",6.499997079999999,"mm",null,"S"]
["METEO","LTER_EU_BE_05","INBO","WIJ1","AIR","EnvEurope",3,3,0,2012,11,5,{"$nulls":8},"PREC    ","DB","METH_1",1.3299995900000001,"mm",null,"S"]
["METEO","LTER_EU_BE_05","INBO","WIJ1","AIR","EnvEurope",3,3,0,2012,11,6,{"$nulls":8},"PREC    ","DB","METH_1",0.5899999600000001,"mm",null,"S"]
["METEO","LTER_EU_BE_05","INBO","WIJ1","AIR","EnvEurope",3,3,0,2012,11,7,{"$nulls":8},"PREC    ","DB","METH_1",0,"mm",null,"S"]
["METEO","LTER_EU_BE_05","INBO","WIJ1","AIR","EnvEurope",3,3,0,2012,11,8,{"$nulls":8},"PREC    ","DB","METH_1",0,"mm",null,"S"]
["METEO","LTER_EU_BE_05","INBO","WIJ1","AIR","EnvEurope",3,3,0,2012,11,9,{"$nulls":8},"PREC    ","DB","METH_1",0.47000000000000003,"mm",null,"S"]
["METEO","LTER_EU_BE_05","INBO","WIJ1","AIR","EnvEurope",3,3,0,2012,11,10,{"$nulls":8},"PREC    ","DB","METH_1",5.26999939,"mm",null,"S"]
["METEO","LTER_EU_BE_05","INBO","WIJ1","AIR","EnvEurope",3,3,0,2012,11,11,{"$nulls":8},"PREC    ","DB","METH_1",0.09999999,"mm",null,"S"]
["METEO","LTER_EU_BE_05","INBO","WIJ1","AIR","EnvEurope",3,3,0,2012,11,12,{"$nulls":8},"PREC    ","DB","METH_1",0.01,"mm",null,"S"]
["METEO","LTER_EU_BE_05","INBO","WIJ1","AIR","EnvEurope",3,3,0,2012,11,13,{"$nulls":8},"PREC    ","DB","METH_1",0,"mm",null,"S"]
["METEO","LTER_EU_BE_05","INBO","WIJ1","AIR","EnvEurope",3,3,0,2012,11,14,{"$nulls":8},"PREC    ","DB","METH_1",0,"mm",null,"S"]
["METEO","LTER_EU_BE_05","INBO","WIJ1","AIR","EnvEurope",3,3,0,2012,11,15,{"$nulls":8},"PREC    ","DB","METH_1",0,"mm",null,"S"]
["METEO","LTER_EU_BE_05","INBO","WIJ1","AIR","EnvEurope",3,3,0,2012,11,16,{"$nulls":8},"PREC    ","DB","METH_1",0,"mm",null,"S"]
["METEO","LTER_EU_BE_05","INBO","WIJ1","AIR","EnvEurope",3,3,0,2012,11,17,{"$nulls":8},"PREC    ","DB","METH_1",0.48999998000000006,"mm",null,"S"]
["METEO","LTER_EU_BE_05","INBO","WIJ1","AIR","EnvEurope",3,3,0,2012,11,18,{"$nulls":8},"PREC    ","DB","METH_1",1.08999997,"mm",null,"S"]
["METEO","LTER_EU_BE_05","INBO","WIJ1","AIR","EnvEurope",3,3,0,2012,11,19,{"$nulls":8},"PREC    ","DB","METH_1",0,"mm",null,"S"]
["METEO","LTER_EU_BE_05","INBO","WIJ1","AIR","EnvEurope",3,3,0,2012,11,20,{"$nulls":8},"PREC    ","DB","METH_1",0,"mm",null,"S"]
["METEO","LTER_EU_BE_05","INBO","WIJ1","AIR","EnvEurope",3,3,0,2012,11,21,{"$nulls":8},"PREC    ","DB","METH_1",0.69999997,"mm",null,"S"]
["METEO","LTER_EU_BE_05","INBO","WIJ1","AIR","EnvEurope",3,3,0,2012,11,22,{"$nulls":8},"PREC    ","DB","METH_1",0.01,"mm",null,"S"]
["METEO","LTER_EU_BE_05","INBO","WIJ1","AIR","EnvEurope",3,3,0,2012,11,23,{"$nulls":8},"PREC    ","DB","METH_1",1.0699999700000002,"mm",null,"S"]
["METEO","LTER_EU_BE_05","INBO","WIJ1","AIR","EnvEurope",3,3,0,2012,11,24,{"$nulls":8},"PREC    ","DB","METH_1",1.8199999700000002,"mm",null,"S"]
["METEO","LTER_EU_BE_05","INBO","WIJ1","AIR","EnvEurope",3,3,0,2012,11,25,{"$nulls":8},"PREC    ","DB","METH_1",0.39,"mm",null,"S"]
["METEO","LTER_EU_BE_05","INBO","WIJ1","AIR","EnvEurope",3,3,0,2012,11,26,{"$nulls":8},"PREC    ","DB","METH_1",0.29999998000000005,"mm",null,"S"]
["METEO","LTER_EU_BE_05","INBO","WIJ1","AIR","EnvEurope",3,3,0,2012,11,27,{"$nulls":8},"PREC    ","DB","METH_1",0.27999999000000003,"mm",null,"S"]
["METEO","LTER_EU_BE_05","INBO","WIJ1","AIR","EnvEurope",3,3,0,2012,11,28,{"$nulls":8},"PREC    ","DB","METH_1",4.67999968,"mm",null,"S"]
["METEO","LTER_EU_BE_05","INBO","WIJ1","AIR","EnvEurope",3,3,0,2012,11,29,{"$nulls":8},"PREC    ","DB","METH_1",6.619999759999999,"mm",null,"S"]
["METEO","LTER_EU_BE_05","INBO","WIJ1","AIR","EnvEurope",3,3,0,2012,11,30,{"$nulls":8},"PREC    ","DB","METH_1",0.7500000000000001,"mm",null,"S"]
["METEO","LTER_EU_BE_05","INBO","WIJ1","AIR","EnvEurope",3,3,0,2012,12,1,{"$nulls":8},"PREC    ","DB","METH_1",1.23999999,"mm",null,"S"]
["METEO","LTER_EU_BE_05","INBO","WIJ1","AIR","EnvEurope",3,3,0,2012,12,2,{"$nulls":8},"PREC    ","DB","METH_1",1.47999999,"mm",null,"S"]
["METEO","LTER_EU_BE_05","INBO","WIJ1","AIR","EnvEurope",3,3,0,2012,12,3,{"$nulls":8},"PREC    ","DB","METH_1",4.679999479999999,"mm",null,"S"]
["METEO","LTER_EU_BE_05","INBO","WIJ1","AIR","EnvEurope",3,3,0,2012,12,4,{"$nulls":8},"PREC    ","DB","METH_1",1.44999989,"mm",null,"S"]
["METEO","LTER_EU_BE_05","INBO","WIJ1","AIR","EnvEurope",3,3,0,2012,12,5,{"$nulls":8},"PREC    ","DB","METH_1",12.449999149999995,"mm",null,"S"]
["METEO","LTER_EU_BE_05","INBO","WIJ1","AIR","EnvEurope",3,3,0,2012,12,6,{"$nulls":8},"PREC    ","DB","METH_1",0.34,"mm",null,"S"]
["METEO","LTER_EU_BE_05","INBO","WIJ1","AIR","EnvEurope",3,3,0,2012,12,7,{"$nulls":8},"PREC    ","DB","METH_1",2.71999964,"mm",null,"S"]
["METEO","LTER_EU_BE_05","INBO","WIJ1","AIR","EnvEurope",3,3,0,2012,12,8,{"$nulls":8},"PREC    ","DB","METH_1",0,"mm",null,"S"]
["METEO","LTER_EU_BE_05","INBO","WIJ1","AIR","EnvEurope",3,3,0,2012,12,9,{"$nulls":8},"PREC    ","DB","METH_1",0.30999999,"mm",null,"S"]
["METEO","LTER_EU_BE_05","INBO","WIJ1","AIR","EnvEurope",3,3,0,2012,12,10,{"$nulls":8},"PREC    ","DB","METH_1",4.709999769999998,"mm",null,"S"]
["METEO","LTER_EU_BE_05","INBO","WIJ1","AIR","EnvEurope",3,3,0,2012,12,11,{"$nulls":8},"PREC    ","DB","METH_1",0.04,"mm",null,"S"]
["METEO","LTER_EU_BE_05","INBO","WIJ1","AIR","EnvEurope",3,3,0,2012,12,12,{"$nulls":8},"PREC    ","DB","METH_1",0,"mm",null,"S"]
["METEO","LTER_EU_BE_05","INBO","WIJ1","AIR","EnvEurope",3,3,0,2012,12,13,{"$nulls":8},"PREC    ","DB","METH_1",0,"mm",null,"S"]
["METEO","LTER_EU_BE_05","INBO","WIJ1","AIR","EnvEurope",3,3,0,2012,12,14,{"$nulls":8},"PREC    ","DB","METH_1",6.419999,"mm",null,"S"]
["METEO","LTER_EU_BE_05","INBO","WIJ1","AIR","EnvEurope",3,3,0,2012,12,15,{"$nulls":8},"PREC    ","DB","METH_1",1.73999969,"mm",null,"S"]
["METEO","LTER_EU_BE_05","INBO","WIJ1","AIR","EnvEurope",3,3,0,2012,12,16,{"$nulls":8},"PREC    ","DB","METH_1",1.70999975,"mm",null,"S"]
["METEO","LTER_EU_BE_05","INBO","WIJ1","AIR","EnvEurope",3,3,0,2012,12,17,{"$nulls":8},"PREC    ","DB","METH_1",1.2499998600000002,"mm",null,"S"]
["METEO","LTER_EU_BE_05","INBO","WIJ1","AIR","EnvEurope",3,3,0,2012,12,18,{"$nulls":8},"PREC    ","DB","METH_1",1.4299999700000001,"mm",null,"S"]
["METEO","LTER_EU_BE_05","INBO","WIJ1","AIR","EnvEurope",3,3,0,2012,12,19,{"$nulls":8},"PREC    ","DB","METH_1",0,"mm",null,"S"]
["METEO","LTER_EU_BE_05","INBO","WIJ1","AIR","EnvEurope",3,3,0,2012,12,20,{"$nulls":8},"PREC    ","DB","METH_1",4.019999709999999,"mm",null,"S"]
["METEO","LTER_EU_BE_05","INBO","WIJ1","AIR","EnvEurope",3,3,0,2012,12,21,{"$nulls":8},"PREC    ","DB","METH_1",0,"mm",null,"S"]
["METEO","LTER_EU_BE_05","INBO","WIJ1","AIR","EnvEurope",3,3,0,2012,12,22,{"$nulls":8},"PREC    ","DB","METH_1",14.429997459999996,"mm",null,"S"]
["METEO","LTER_EU_BE_05","INBO","WIJ1","AIR","EnvEurope",3,3,0,2012,12,23,{"$nulls":8},"PREC    ","DB","METH_1",3.9499996099999977,"mm",null,"S"]
["METEO","LTER_EU_BE_05","INBO","WIJ1","AIR","EnvEurope",3,3,0,2012,12,24,{"$nulls":8},"PREC    ","DB","METH_1",0.44999996000000003,"mm",null,"S"]
["METEO","LTER_EU_BE_05","INBO","WIJ1","AIR","EnvEurope",3,3,0,2012,12,25,{"$nulls":8},"PREC    ","DB","METH_1",6.009998780000001,"mm",null,"S"]
["METEO","LTER_EU_BE_05","INBO","WIJ1","AIR","EnvEurope",3,3,0,2012,12,26,{"$nulls":8},"PREC    ","DB","METH_1",13.389994879999998,"mm",null,"S"]
["METEO","LTER_EU_BE_05","INBO","WIJ1","AIR","EnvEurope",3,3,0,2012,12,27,{"$nulls":8},"PREC    ","DB","METH_1",7.429998399999999,"mm",null,"S"]
["METEO","LTER_EU_BE_05","INBO","WIJ1","AIR","EnvEurope",3,3,0,2012,12,28,{"$nulls":8},"PREC    ","DB","METH_1",2.0999996800000003,"mm",null,"S"]
["METEO","LTER_EU_BE_05","INBO","WIJ1","AIR","EnvEurope",3,3,0,2012,12,29,{"$nulls":8},"PREC    ","DB","METH_1",0.07,"mm",null,"S"]
["METEO","LTER_EU_BE_05","INBO","WIJ1","AIR","EnvEurope",3,3,0,2012,12,30,{"$nulls":8},"PREC    ","DB","METH_1",2.259999889999999,"mm",null,"S"]
["METEO","LTER_EU_BE_05","INBO","WIJ1","AIR","EnvEurope",3,3,0,2012,12,31,{"$nulls":8},"PREC    ","DB","METH_1",0.4100000000000001,"mm",null,"S"]
["METEO","LTER_EU_BE_05","INBO","WIJ1","AIR","EnvEurope",3,3,0,2012,2,1,{"$nulls":8},"PREC    ","DB","METH_1",0,"mm",null,"S"]
["METEO","LTER_EU_BE_05","INBO","WIJ1","AIR","EnvEurope",3,3,0,2012,2,2,{"$nulls":8},"PREC    ","DB","METH_1",0,"mm",null,"S"]
["METEO","LTER_EU_BE_05","INBO","WIJ1","AIR","EnvEurope",3,3,0,2012,2,3,{"$nulls":8},"PREC    ","DB","METH_1",0.02,"mm",null,"S"]
["METEO","LTER_EU_BE_05","INBO","WIJ1","AIR","EnvEurope",3,3,0,2012,2,4,{"$nulls":8},"PREC    ","DB","METH_1",0,"mm",null,"S"]
["METEO","LTER_EU_BE_05","INBO","WIJ1","AIR","EnvEurope",3,3,0,2012,2,5,{"$nulls":8},"PREC    ","DB","METH_1",0,"mm",null,"S"]
["METEO","LTER_EU_BE_05","INBO","WIJ1","AIR","EnvEurope",3,3,0,2012,2,6,{"$nulls":8},"PREC    ","DB","METH_1",0,"mm",null,"S"]
["METEO","LTER_EU_BE_05","INBO","WIJ1","AIR","EnvEurope",3,3,0,2012,2,7,{"$nulls":8},"PREC    ","DB","METH_1",0,"mm",null,"S"]
["METEO","LTER_EU_BE_05","INBO","WIJ1","AIR","EnvEurope",3,3,0,2012,2,8,{"$nulls":8},"PREC    ","DB","METH_1",0.02,"mm",null,"S"]
["METEO","LTER_EU_BE_05","INBO","WIJ1","AIR","EnvEurope",3,3,0,2012,2,9,{"$nulls":8},"PREC    ","DB","METH_1",0,"mm",null,"S"]
["METEO","LTER_EU_BE_05","INBO","WIJ1","AIR","EnvEurope",3,3,0,2012,2,10,{"$nulls":8},"PREC    ","DB","METH_1",0,"mm",null,"S"]
["METEO","LTER_EU_BE_05","INBO","WIJ1","AIR","EnvEurope",3,3,0,2012,2,11,{"$nulls":8},"PREC    ","DB","METH_1",0,"mm",null,"S"]
["METEO","LTER_EU_BE_05","INBO","WIJ1","AIR","EnvEurope",3,3,0,2012,2,12,{"$nulls":8},"PREC    ","DB","METH_1",0.02,"mm",null,"S"]
["METEO","LTER_EU_BE_05","INBO","WIJ1","AIR","EnvEurope",3,3,0,2012,2,13,{"$nulls":8},"PREC    ","DB","METH_1",1.5199999,"mm",null,"S"]
["METEO","LTER_EU_BE_05","INBO","WIJ1","AIR","EnvEurope",3,3,0,2012,2,14,{"$nulls":8},"PREC    ","DB","METH_1",1.94999989,"mm",null,"S"]
["METEO","LTER_EU_BE_05","INBO","WIJ1","AIR","EnvEurope",3,3,0,2012,2,15,{"$nulls":8},"PREC    ","DB","METH_1",1.50999998,"mm",null,"S"]
["METEO","LTER_EU_BE_05","INBO","WIJ1","AIR","EnvEurope",3,3,0,2012,2,16,{"$nulls":8},"PREC    ","DB","METH_1",0,"mm",null,"S"]
["METEO","LTER_EU_BE_05","INBO","WIJ1","AIR","EnvEurope",3,3,0,2012,2,17,{"$nulls":8},"PREC    ","DB","METH_1",0,"mm",null,"S"]
["METEO","LTER_EU_BE_05","INBO","WIJ1","AIR","EnvEurope",3,3,0,2012,2,18,{"$nulls":8},"PREC    ","DB","METH_1",5.799997799999999,"mm",null,"S"]
["METEO","LTER_EU_BE_05","INBO","WIJ1","AIR","EnvEurope",3,3,0,2012,2,19,{"$nulls":8},"PREC    ","DB","METH_1",0,"mm",null,"S"]
["METEO","LTER_EU_BE_05","INBO","WIJ1","AIR","EnvEurope",3,3,0,2012,2,20,{"$nulls":8},"PREC    ","DB","METH_1",0,"mm",null,"S"]
["METEO","LTER_EU_BE_05","INBO","WIJ1","AIR","EnvEurope",3,3,0,2012,2,21,{"$nulls":8},"PREC    ","DB","METH_1",0,"mm",null,"S"]
["METEO","LTER_EU_BE_05","INBO","WIJ1","AIR","EnvEurope",3,3,0,2012,2,22,{"$nulls":8},"PREC    ","DB","METH_1",0.07,"mm",null,"S"]
["METEO","LTER_EU_BE_05","INBO","WIJ1","AIR","EnvEurope",3,3,0,2012,2,23,{"$nulls":8},"PREC    ","DB","METH_1",0,"mm",null,"S"]
["METEO","LTER_EU_BE_05","INBO","WIJ1","AIR","EnvEurope",3,3,0,2012,2,24,{"$nulls":8},"PREC    ","DB","METH_1",0,"mm",null,"S"]
["METEO","LTER_EU_BE_05","INBO","WIJ1","AIR","EnvEurope",3,3,0,2012,2,25,{"$nulls":8},"PREC    ","DB","METH_1",0,"mm",null,"S"]
["METEO","LTER_EU_BE_05","INBO","WIJ1","AIR","EnvEurope",3,3,0,2012,2,26,{"$nulls":8},"PREC    ","DB","METH_1",0,"mm",null,"S"]
["METEO","LTER_EU_BE_05","INBO","WIJ1","AIR","EnvEurope",3,3,0,2012,2,27,{"$nulls":8},"PREC    ","DB","METH_1",0,"mm",null,"S"]
["METEO","LTER_EU_BE_05","INBO","WIJ1","AIR","EnvEurope",3,3,0,2012,2,28,{"$nulls":8},"PREC    ","DB","METH_1",0.01,"mm",null,"S"]
["METEO","LTER_EU_BE_05","INBO","WIJ1","AIR","EnvEurope",3,3,0,2012,2,29,{"$nulls":8},"PREC    ","DB","METH_1",0,"mm",null,"S"]
["METEO","LTER_EU_BE_05","INBO","WIJ1","AIR","EnvEurope",3,3,0,2012,3,1,{"$nulls":8},"PREC    ","DB","METH_1",0,"mm",null,"S"]
["METEO","LTER_EU_BE_05","INBO","WIJ1","AIR","EnvEurope",3,3,0,2012,3,2,{"$nulls":8},"PREC    ","DB","METH_1",0,"mm",null,"S"]
["METEO","LTER_EU_BE_05","INBO","WIJ1","AIR","EnvEurope",3,3,0,2012,3,3,{"$nulls":8},"PREC    ","DB","METH_1",0,"mm",null,"S"]
["METEO","LTER_EU_BE_05","INBO","WIJ1","AIR","EnvEurope",3,3,0,2012,3,4,{"$nulls":8},"PREC    ","DB","METH_1",9.24999877,"mm",null,"S"]
["METEO","LTER_EU_BE_05","INBO","WIJ1","AIR","EnvEurope",3,3,0,2012,3,5,{"$nulls":8},"PREC    ","DB","METH_1",29.46999259,"mm",null,"S"]
["METEO","LTER_EU_BE_05","INBO","WIJ1","AIR","EnvEurope",3,3,0,2012,3,6,{"$nulls":8},"PREC    ","DB","METH_1",0.04,"mm",null,"S"]
["METEO","LTER_EU_BE_05","INBO","WIJ1","AIR","EnvEurope",3,3,0,2012,3,7,{"$nulls":8},"PREC    ","DB","METH_1",7.909999179999999,"mm",null,"S"]
["METEO","LTER_EU_BE_05","INBO","WIJ1","AIR","EnvEurope",3,3,0,2012,3,8,{"$nulls":8},"PREC    ","DB","METH_1",0,"mm",null,"S"]
["METEO","LTER_EU_BE_05","INBO","WIJ1","AIR","EnvEurope",3,3,0,2012,3,9,{"$nulls":8},"PREC    ","DB","METH_1",0,"mm",null,"S"]
["METEO","LTER_EU_BE_05","INBO","WIJ1","AIR","EnvEurope",3,3,0,2012,3,10,{"$nulls":8},"PREC    ","DB","METH_1",0,"mm",null,"S"]
["METEO","LTER_EU_BE_05","INBO","WIJ1","AIR","EnvEurope",3,3,0,2012,3,11,{"$nulls":8},"PREC    ","DB","METH_1",0,"mm",null,"S"]
["METEO","LTER_EU_BE_05","INBO","WIJ1","AIR","EnvEurope",3,3,0,2012,3,12,{"$nulls":8},"PREC    ","DB","METH_1",0,"mm",null,"S"]
["METEO","LTER_EU_BE_05","INBO","WIJ1","AIR","EnvEurope",3,3,0,2012,3,13,{"$nulls":8},"PREC    ","DB","METH_1",0,"mm",null,"S"]
["METEO","LTER_EU_BE_05","INBO","WIJ1","AIR","EnvEurope",3,3,0,2012,3,14,{"$nulls":8},"PREC    ","DB","METH_1",0,"mm",null,"S"]
["METEO","LTER_EU_BE_05","INBO","WIJ1","AIR","EnvEurope",3,3,0,2012,3,15,{"$nulls":8},"PREC    ","DB","METH_1",0,"mm",null,"S"]
["METEO","LTER_EU_BE_05","INBO","WIJ1","AIR","EnvEurope",3,3,0,2012,3,16,{"$nulls":8},"PREC    ","DB","METH_1",0,"mm",null,"S"]
["METEO","LTER_EU_BE_05","INBO","WIJ1","AIR","EnvEurope",3,3,0,2012,3,17,{"$nulls":8},"PREC    ","DB","METH_1",0.31,"mm",null,"S"]
["METEO","LTER_EU_BE_05","INBO","WIJ1","AIR","EnvEurope",3,3,0,2012,3,18,{"$nulls":8},"PREC    ","DB","METH_1",0.56999997,"mm",null,"S"]
["METEO","LTER_EU_BE_05","INBO","WIJ1","AIR","EnvEurope",3,3,0,2012,3,19,{"$nulls":8},"PREC    ","DB","METH_1",0,"mm",null,"S"]
["METEO","LTER_EU_BE_05","INBO","WIJ1","AIR","EnvEurope",3,3,0,2012,3,20,{"$nulls":8},"PREC    ","DB","METH_1",0,"mm",null,"S"]
["METEO","LTER_EU_BE_05","INBO","WIJ1","AIR","EnvEurope",3,3,0,2012,3,21,{"$nulls":8},"PREC    ","DB","METH_1",0,"mm",null,"S"]
["METEO","LTER_EU_BE_05","INBO","WIJ1","AIR","EnvEurope",3,3,0,2012,3,22,{"$nulls":8},"PREC    ","DB","METH_1",0,"mm",null,"S"]
["METEO","LTER_EU_BE_05","INBO","WIJ1","AIR","EnvEurope",3,3,0,2012,3,23,{"$nulls":8},"PREC    ","DB","METH_1",0,"mm",null,"S"]
["METEO","LTER_EU_BE_05","INBO","WIJ1","AIR","EnvEurope",3,3,0,2012,3,24,{"$nulls":8},"PREC    ","DB","METH_1",0,"mm",null,"S"]
["METEO","LTER_EU_BE_05","INBO","WIJ1","AIR","EnvEurope",3,3,0,2012,3,25,{"$nulls":8},"PREC    ","DB","METH_1",0,"mm",null,"S"]
["METEO","LTER_EU_BE_05","INBO","WIJ1","AIR","EnvEurope",3,3,0,2012,3,26,{"$nulls":8},"PREC    ","DB","METH_1",0,"mm",null,"S"]
["METEO","LTER_EU_BE_05","INBO","WIJ1","AIR","EnvEurope",3,3,0,2012,3,27,{"$nulls":8},"PREC    ","DB","METH_1",0,"mm",null,"S"]
["METEO","LTER_EU_BE_05","INBO","WIJ1","AIR","EnvEurope",3,3,0,2012,3,28,{"$nulls":8},"PREC    ","DB","METH_1",0,"mm",null,"S"]
["METEO","LTER_EU_BE_05","INBO","WIJ1","AIR","EnvEurope",3,3,0,2012,3,29,{"$nulls":8},"PREC    ","DB","METH_1",0,"mm",null,"S"]
["METEO","LTER_EU_BE_05","INBO","WIJ1","AIR","EnvEurope",3,3,0,2012,3,30,{"$nulls":8},"PREC    ","DB","METH_1",0,"mm",null,"S"]
["METEO","LTER_EU_BE_05","INBO","WIJ1","AIR","EnvEurope",3,3,0,2012,3,31,{"$nulls":8},"PREC    ","DB","METH_1",0.02,"mm",null,"S"]
["METEO","LTER_EU_BE_05","INBO","WIJ1","AIR","EnvEurope",3,3,0,2012,4,1,{"$nulls":8},"PREC    ","DB","METH_1",0,"mm",null,"S"]
["METEO","LTER_EU_BE_05","INBO","WIJ1","AIR","EnvEurope",3,3,0,2012,4,2,{"$nulls":8},"PREC    ","DB","METH_1",0,"mm",null,"S"]
["METEO","LTER_EU_BE_05","INBO","WIJ1","AIR","EnvEurope",3,3,0,2012,4,3,{"$nulls":8},"PREC    ","DB","METH_1",0,"mm",null,"S"]
["METEO","LTER_EU_BE_05","INBO","WIJ1","AIR","EnvEurope",3,3,0,2012,4,4,{"$nulls":8},"PREC    ","DB","METH_1",0.08999999,"mm",null,"S"]
["METEO","LTER_EU_BE_05","INBO","WIJ1","AIR","EnvEurope",3,3,0,2012,4,5,{"$nulls":8},"PREC    ","DB","METH_1",0,"mm",null,"S"]
["METEO","LTER_EU_BE_05","INBO","WIJ1","AIR","EnvEurope",3,3,0,2012,4,6,{"$nulls":8},"PREC    ","DB","METH_1",0.01,"mm",null,"S"]
["METEO","LTER_EU_BE_05","INBO","WIJ1","AIR","EnvEurope",3,3,0,2012,4,7,{"$nulls":8},"PREC    ","DB","METH_1",0.6099999700000001,"mm",null,"S"]
["METEO","LTER_EU_BE_05","INBO","WIJ1","AIR","EnvEurope",3,3,0,2012,4,8,{"$nulls":8},"PREC    ","DB","METH_1",1.8099999,"mm",null,"S"]
["METEO","LTER_EU_BE_05","INBO","WIJ1","AIR","EnvEurope",3,3,0,2012,4,9,{"$nulls":8},"PREC    ","DB","METH_1",2.1499998700000003,"mm",null,"S"]
["METEO","LTER_EU_BE_05","INBO","WIJ1","AIR","EnvEurope",3,3,0,2012,4,10,{"$nulls":8},"PREC    ","DB","METH_1",1.7299999499999998,"mm",null,"S"]
["METEO","LTER_EU_BE_05","INBO","WIJ1","AIR","EnvEurope",3,3,0,2012,4,11,{"$nulls":8},"PREC    ","DB","METH_1",0.9999998800000001,"mm",null,"S"]
["METEO","LTER_EU_BE_05","INBO","WIJ1","AIR","EnvEurope",3,3,0,2012,4,12,{"$nulls":8},"PREC    ","DB","METH_1",0.03,"mm",null,"S"]
["METEO","LTER_EU_BE_05","INBO","WIJ1","AIR","EnvEurope",3,3,0,2012,4,13,{"$nulls":8},"PREC    ","DB","METH_1",0,"mm",null,"S"]
["METEO","LTER_EU_BE_05","INBO","WIJ1","AIR","EnvEurope",3,3,0,2012,4,14,{"$nulls":8},"PREC    ","DB","METH_1",0,"mm",null,"S"]
["METEO","LTER_EU_BE_05","INBO","WIJ1","AIR","EnvEurope",3,3,0,2012,4,15,{"$nulls":8},"PREC    ","DB","METH_1",0.09,"mm",null,"S"]
["METEO","LTER_EU_BE_05","INBO","WIJ1","AIR","EnvEurope",3,3,0,2012,4,16,{"$nulls":8},"PREC    ","DB","METH_1",0.05,"mm",null,"S"]
["METEO","LTER_EU_BE_05","INBO","WIJ1","AIR","EnvEurope",3,3,0,2012,4,17,{"$nulls":8},"PREC    ","DB","METH_1",3.98999909,"mm",null,"S"]
["METEO","LTER_EU_BE_05","INBO","WIJ1","AIR","EnvEurope",3,3,0,2012,4,18,{"$nulls":8},"PREC    ","DB","METH_1",6.7899978800000005,"mm",null,"S"]
["METEO","LTER_EU_BE_05","INBO","WIJ1","AIR","EnvEurope",3,3,0,2012,4,19,{"$nulls":8},"PREC    ","DB","METH_1",3.3799998799999997,"mm",null,"S"]
["METEO","LTER_EU_BE_05","INBO","WIJ1","AIR","EnvEurope",3,3,0,2012,4,20,{"$nulls":8},"PREC    ","DB","METH_1",2.9699997799999998,"mm",null,"S"]
["METEO","LTER_EU_BE_05","INBO","WIJ1","AIR","EnvEurope",3,3,0,2012,4,21,{"$nulls":8},"PREC    ","DB","METH_1",5.6399994499999995,"mm",null,"S"]
["METEO","LTER_EU_BE_05","INBO","WIJ1","AIR","EnvEurope",3,3,0,2012,4,22,{"$nulls":8},"PREC    ","DB","METH_1",0.36000000000000004,"mm",null,"S"]
["METEO","LTER_EU_BE_05","INBO","WIJ1","AIR","EnvEurope",3,3,0,2012,4,23,{"$nulls":8},"PREC    ","DB","METH_1",2.7299997499999997,"mm",null,"S"]
["METEO","LTER_EU_BE_05","INBO","WIJ1","AIR","EnvEurope",3,3,0,2012,4,24,{"$nulls":8},"PREC    ","DB","METH_1",0.37,"mm",null,"S"]
["METEO","LTER_EU_BE_05","INBO","WIJ1","AIR","EnvEurope",3,3,0,2012,4,25,{"$nulls":8},"PREC    ","DB","METH_1",3.7399994899999998,"mm",null,"S"]
["METEO","LTER_EU_BE_05","INBO","WIJ1","AIR","EnvEurope",3,3,0,2012,4,26,{"$nulls":8},"PREC    ","DB","METH_1",6.199998579999999,"mm",null,"S"]
["METEO","LTER_EU_BE_05","INBO","WIJ1","AIR","EnvEurope",3,3,0,2012,4,27,{"$nulls":8},"PREC    ","DB","METH_1",0,"mm",null,"S"]
["METEO","LTER_EU_BE_05","INBO","WIJ1","AIR","EnvEurope",3,3,0,2012,4,28,{"$nulls":8},"PREC    ","DB","METH_1",14.209997069999993,"mm",null,"S"]
["METEO","LTER_EU_BE_05","INBO","WIJ1","AIR","EnvEurope",3,3,0,2012,4,29,{"$nulls":8},"PREC    ","DB","METH_1",0.65999998,"mm",null,"S"]
["METEO","LTER_EU_BE_05","INBO","WIJ1","AIR","EnvEurope",3,3,0,2012,4,30,{"$nulls":8},"PREC    ","DB","METH_1",0.70999999,"mm",null,"S"]
["METEO","LTER_EU_BE_05","INBO","WIJ1","AIR","EnvEurope",3,3,0,2012,5,1,{"$nulls":8},"PREC    ","DB","METH_1",5.389998670000001,"mm",null,"S"]
["METEO","LTER_EU_BE_05","INBO","WIJ1","AIR","EnvEurope",3,3,0,2012,5,2,{"$nulls":8},"PREC    ","DB","METH_1",7.70999769,"mm",null,"S"]
["METEO","LTER_EU_BE_05","INBO","WIJ1","AIR","EnvEurope",3,3,0,2012,5,3,{"$nulls":8},"PREC    ","DB","METH_1",0,"mm",null,"S"]
["METEO","LTER_EU_BE_05","INBO","WIJ1","AIR","EnvEurope",3,3,0,2012,5,4,{"$nulls":8},"PREC    ","DB","METH_1",0.01,"mm",null,"S"]
["METEO","LTER_EU_BE_05","INBO","WIJ1","AIR","EnvEurope",3,3,0,2012,5,5,{"$nulls":8},"PREC    ","DB","METH_1",3.899998579999999,"mm",null,"S"]
["METEO","LTER_EU_BE_05","INBO","WIJ1","AIR","EnvEurope",3,3,0,2012,5,6,{"$nulls":8},"PREC    ","DB","METH_1",0.01,"mm",null,"S"]
["METEO","LTER_EU_BE_05","INBO","WIJ1","AIR","EnvEurope",3,3,0,2012,5,7,{"$nulls":8},"PREC    ","DB","METH_1",0.15999999,"mm",null,"S"]
["METEO","LTER_EU_BE_05","INBO","WIJ1","AIR","EnvEurope",3,3,0,2012,5,8,{"$nulls":8},"PREC    ","DB","METH_1",1.2499999700000002,"mm",null,"S"]
["METEO","LTER_EU_BE_05","INBO","WIJ1","AIR","EnvEurope",3,3,0,2012,5,9,{"$nulls":8},"PREC    ","DB","METH_1",3.21999968,"mm",null,"S"]
["METEO","LTER_EU_BE_05","INBO","WIJ1","AIR","EnvEurope",3,3,0,2012,5,10,{"$nulls":8},"PREC    ","DB","METH_1",3.6399999600000004,"mm",null,"S"]
["METEO","LTER_EU_BE_05","INBO","WIJ1","AIR","EnvEurope",3,3,0,2012,5,11,{"$nulls":8},"PREC    ","DB","METH_1",0.01,"mm",null,"S"]
["METEO","LTER_EU_BE_05","INBO","WIJ1","AIR","EnvEurope",3,3,0,2012,5,12,{"$nulls":8},"PREC    ","DB","METH_1",0,"mm",null,"S"]
["METEO","LTER_EU_BE_05","INBO","WIJ1","AIR","EnvEurope",3,3,0,2012,5,13,{"$nulls":8},"PREC    ","DB","METH_1",0,"mm",null,"S"]
["METEO","LTER_EU_BE_05","INBO","WIJ1","AIR","EnvEurope",3,3,0,2012,5,14,{"$nulls":8},"PREC    ","DB","METH_1",1.51999979,"mm",null,"S"]
["METEO","LTER_EU_BE_05","INBO","WIJ1","AIR","EnvEurope",3,3,0,2012,5,15,{"$nulls":8},"PREC    ","DB","METH_1",11.87000099,"mm",null,"S"]
["METEO","LTER_EU_BE_05","INBO","WIJ1","AIR","EnvEurope",3,3,0,2012,5,16,{"$nulls":8},"PREC    ","DB","METH_1",0.060000000000000005,"mm",null,"S"]
["METEO","LTER_EU_BE_05","INBO","WIJ1","AIR","EnvEurope",3,3,0,2012,5,17,{"$nulls":8},"PREC    ","DB","METH_1",0,"mm",null,"S"]
["METEO","LTER_EU_BE_05","INBO","WIJ1","AIR","EnvEurope",3,3,0,2012,5,18,{"$nulls":8},"PREC    ","DB","METH_1",0.04,"mm",null,"S"]
["METEO","LTER_EU_BE_05","INBO","WIJ1","AIR","EnvEurope",3,3,0,2012,5,19,{"$nulls":8},"PREC    ","DB","METH_1",0.46,"mm",null,"S"]
["METEO","LTER_EU_BE_05","INBO","WIJ1","AIR","EnvEurope",3,3,0,2012,5,20,{"$nulls":8},"PREC    ","DB","METH_1",3.6799988,"mm",null,"S"]
["METEO","LTER_EU_BE_05","INBO","WIJ1","AIR","EnvEurope",3,3,0,2012,5,21,{"$nulls":8},"PREC    ","DB","METH_1",0,"mm",null,"S"]
["METEO","LTER_EU_BE_05","INBO","WIJ1","AIR","EnvEurope",3,3,0,2012,5,22,{"$nulls":8},"PREC    ","DB","METH_1",0,"mm",null,"S"]
["METEO","LTER_EU_BE_05","INBO","WIJ1","AIR","EnvEurope",3,3,0,2012,5,23,{"$nulls":8},"PREC    ","DB","METH_1",0,"mm",null,"S"]
["METEO","LTER_EU_BE_05","INBO","WIJ1","AIR","EnvEurope",3,3,0,2012,5,24,{"$nulls":8},"PREC    ","DB","METH_1",0,"mm",null,"S"]
["METEO","LTER_EU_BE_05","INBO","WIJ1","AIR","EnvEurope",3,3,0,2012,5,25,{"$nulls":8},"PREC    ","DB","METH_1",0,"mm",null,"S"]
["METEO","LTER_EU_BE_05","INBO","WIJ1","AIR","EnvEurope",3,3,0,2012,5,26,{"$nulls":8},"PREC    ","DB","METH_1",0,"mm",null,"S"]
["METEO","LTER_EU_BE_05","INBO","WIJ1","AIR","EnvEurope",3,3,0,2012,5,27,{"$nulls":8},"PREC    ","DB","METH_1",0,"mm",null,"S"]
["METEO","LTER_EU_BE_05","INBO","WIJ1","AIR","EnvEurope",3,3,0,2012,5,28,{"$nulls":8},"PREC    ","DB","METH_1",0,"mm",null,"S"]
["METEO","LTER_EU_BE_05","INBO","WIJ1","AIR","EnvEurope",3,3,0,2012,5,29,{"$nulls":8},"PREC    ","DB","METH_1",0,"mm",null,"S"]
["METEO","LTER_EU_BE_05","INBO","WIJ1","AIR","EnvEurope",3,3,0,2012,5,30,{"$nulls":8},"PREC    ","DB","METH_1",0,"mm",null,"S"]
["METEO","LTER_EU_BE_05","INBO","WIJ1","AIR","EnvEurope",3,3,0,2012,5,31,{"$nulls":8},"PREC    ","DB","METH_1",0.07,"mm",null,"S"]
["METEO","LTER_EU_BE_05","INBO","WIJ1","AIR","EnvEurope",3,3,0,2012,6,1,{"$nulls":8},"PREC    ","DB","METH_1",0,"mm",null,"S"]
["METEO","LTER_EU_BE_05","INBO","WIJ1","AIR","EnvEurope",3,3,0,2012,6,2,{"$nulls":8},"PREC    ","DB","METH_1",0.01,"mm",null,"S"]
["METEO","LTER_EU_BE_05","INBO","WIJ1","AIR","EnvEurope",3,3,0,2012,6,3,{"$nulls":8},"PREC    ","DB","METH_1",11.2999989,"mm",null,"S"]
["METEO","LTER_EU_BE_05","INBO","WIJ1","AIR","EnvEurope",3,3,0,2012,6,4,{"$nulls":8},"PREC    ","DB","METH_1",5.01999937,"mm",null,"S"]
["METEO","LTER_EU_BE_05","INBO","WIJ1","AIR","EnvEurope",3,3,0,2012,6,5,{"$nulls":8},"PREC    ","DB","METH_1",0.29,"mm",null,"S"]
["METEO","LTER_EU_BE_05","INBO","WIJ1","AIR","EnvEurope",3,3,0,2012,6,6,{"$nulls":8},"PREC    ","DB","METH_1",8.509999239999999,"mm",null,"S"]
["METEO","LTER_EU_BE_05","INBO","WIJ1","AIR","EnvEurope",3,3,0,2012,6,7,{"$nulls":8},"PREC    ","DB","METH_1",5.06999919,"mm",null,"S"]
["METEO","LTER_EU_BE_05","INBO","WIJ1","AIR","EnvEurope",3,3,0,2012,6,8,{"$nulls":8},"PREC    ","DB","METH_1",0.02,"mm",null,"S"]
["METEO","LTER_EU_BE_05","INBO","WIJ1","AIR","EnvEurope",3,3,0,2012,6,9,{"$nulls":8},"PREC    ","DB","METH_1",0,"mm",null,"S"]
["METEO","LTER_EU_BE_05","INBO","WIJ1","AIR","EnvEurope",3,3,0,2012,6,10,{"$nulls":8},"PREC    ","DB","METH_1",0.7899999900000002,"mm",null,"S"]
["METEO","LTER_EU_BE_05","INBO","WIJ1","AIR","EnvEurope",3,3,0,2012,6,11,{"$nulls":8},"PREC    ","DB","METH_1",4.9200001,"mm",null,"S"]
["METEO","LTER_EU_BE_05","INBO","WIJ1","AIR","EnvEurope",3,3,0,2012,6,12,{"$nulls":8},"PREC    ","DB","METH_1",32.589999299999995,"mm",null,"S"]
["METEO","LTER_EU_BE_05","INBO","WIJ1","AIR","EnvEurope",3,3,0,2012,6,13,{"$nulls":8},"PREC    ","DB","METH_1",0.2,"mm",null,"S"]
["METEO","LTER_EU_BE_05","INBO","WIJ1","AIR","EnvEurope",3,3,0,2012,6,14,{"$nulls":8},"PREC    ","DB","METH_1",0.03,"mm",null,"S"]
["METEO","LTER_EU_BE_05","INBO","WIJ1","AIR","EnvEurope",3,3,0,2012,6,15,{"$nulls":8},"PREC    ","DB","METH_1",2.19999999,"mm",null,"S"]
["METEO","LTER_EU_BE_05","INBO","WIJ1","AIR","EnvEurope",3,3,0,2012,6,16,{"$nulls":8},"PREC    ","DB","METH_1",0.86,"mm",null,"S"]
["METEO","LTER_EU_BE_05","INBO","WIJ1","AIR","EnvEurope",3,3,0,2012,6,17,{"$nulls":8},"PREC    ","DB","METH_1",0,"mm",null,"S"]
["METEO","LTER_EU_BE_05","INBO","WIJ1","AIR","EnvEurope",3,3,0,2012,6,18,{"$nulls":8},"PREC    ","DB","METH_1",13.739994990000001,"mm",null,"S"]
["METEO","LTER_EU_BE_05","INBO","WIJ1","AIR","EnvEurope",3,3,0,2012,6,19,{"$nulls":8},"PREC    ","DB","METH_1",0,"mm",null,"S"]
["METEO","LTER_EU_BE_05","INBO","WIJ1","AIR","EnvEurope",3,3,0,2012,6,20,{"$nulls":8},"PREC    ","DB","METH_1",0,"mm",null,"S"]
["METEO","LTER_EU_BE_05","INBO","WIJ1","AIR","EnvEurope",3,3,0,2012,6,21,{"$nulls":8},"PREC    ","DB","METH_1",15.159998,"mm",null,"S"]
["METEO","LTER_EU_BE_05","INBO","WIJ1","AIR","EnvEurope",3,3,0,2012,6,22,{"$nulls":8},"PREC    ","DB","METH_1",2.31999966,"mm",null,"S"]
["METEO","LTER_EU_BE_05","INBO","WIJ1","AIR","EnvEurope",3,3,0,2012,6,23,{"$nulls":8},"PREC    ","DB","METH_1",0,"mm",null,"S"]
["METEO","LTER_EU_BE_05","INBO","WIJ1","AIR","EnvEurope",3,3,0,2012,6,24,{"$nulls":8},"PREC    ","DB","METH_1",3.0599998699999995,"mm",null,"S"]
["METEO","LTER_EU_BE_05","INBO","WIJ1","AIR","EnvEurope",3,3,0,2012,6,25,{"$nulls":8},"PREC    ","DB","METH_1",0.51,"mm",null,"S"]
["METEO","LTER_EU_BE_05","INBO","WIJ1","AIR","EnvEurope",3,3,0,2012,6,26,{"$nulls":8},"PREC    ","DB","METH_1",0,"mm",null,"S"]
["METEO","LTER_EU_BE_05","INBO","WIJ1","AIR","EnvEurope",3,3,0,2012,6,27,{"$nulls":8},"PREC    ","DB","METH_1",0,"mm",null,"S"]
["METEO","LTER_EU_BE_05","INBO","WIJ1","AIR","EnvEurope",3,3,0,2012,6,28,{"$nulls":8},"PREC    ","DB","METH_1",0.41000000000000003,"mm",null,"S"]
["METEO","LTER_EU_BE_05","INBO","WIJ1","AIR","EnvEurope",3,3,0,2012,6,29,{"$nulls":8},"PREC    ","DB","METH_1",0.10999999,"mm",null,"S"]
["METEO","LTER_EU_BE_05","INBO","WIJ1","AIR","EnvEurope",3,3,0,2012,6,30,{"$nulls":8},"PREC    ","DB","METH_1",0.77999998,"mm",null,"S"]
["METEO","LTER_EU_BE_05","INBO","WIJ1","AIR","EnvEurope",3,3,0,2012,7,1,{"$nulls":8},"PREC    ","DB","METH_1",0.15999998999999998,"mm",null,"S"]
["METEO","LTER_EU_BE_05","INBO","WIJ1","AIR","EnvEurope",3,3,0,2012,7,2,{"$nulls":8},"PREC    ","DB","METH_1",0.03,"mm",null,"S"]
["METEO","LTER_EU_BE_05","INBO","WIJ1","AIR","EnvEurope",3,3,0,2012,7,3,{"$nulls":8},"PREC    ","DB","METH_1",0.88,"mm",null,"S"]
["METEO","LTER_EU_BE_05","INBO","WIJ1","AIR","EnvEurope",3,3,0,2012,7,4,{"$nulls":8},"PREC    ","DB","METH_1",22.16999946,"mm",null,"S"]
["METEO","LTER_EU_BE_05","INBO","WIJ1","AIR","EnvEurope",3,3,0,2012,7,5,{"$nulls":8},"PREC    ","DB","METH_1",4.80999828,"mm",null,"S"]
["METEO","LTER_EU_BE_05","INBO","WIJ1","AIR","EnvEurope",3,3,0,2012,7,6,{"$nulls":8},"PREC    ","DB","METH_1",5.32999981,"mm",null,"S"]
["METEO","LTER_EU_BE_05","INBO","WIJ1","AIR","EnvEurope",3,3,0,2012,7,7,{"$nulls":8},"PREC    ","DB","METH_1",17.469995689999998,"mm",null,"S"]
["METEO","LTER_EU_BE_05","INBO","WIJ1","AIR","EnvEurope",3,3,0,2012,7,8,{"$nulls":8},"PREC    ","DB","METH_1",15.22999739,"mm",null,"S"]
["METEO","LTER_EU_BE_05","INBO","WIJ1","AIR","EnvEurope",3,3,0,2012,7,9,{"$nulls":8},"PREC    ","DB","METH_1",0.09999999000000001,"mm",null,"S"]
["METEO","LTER_EU_BE_05","INBO","WIJ1","AIR","EnvEurope",3,3,0,2012,7,10,{"$nulls":8},"PREC    ","DB","METH_1",0.02,"mm",null,"S"]
["METEO","LTER_EU_BE_05","INBO","WIJ1","AIR","EnvEurope",3,3,0,2012,7,11,{"$nulls":8},"PREC    ","DB","METH_1",0.25,"mm",null,"S"]
["METEO","LTER_EU_BE_05","INBO","WIJ1","AIR","EnvEurope",3,3,0,2012,7,12,{"$nulls":8},"PREC    ","DB","METH_1",22.119997940000015,"mm",null,"S"]
["METEO","LTER_EU_BE_05","INBO","WIJ1","AIR","EnvEurope",3,3,0,2012,7,13,{"$nulls":8},"PREC    ","DB","METH_1",1.4099999600000002,"mm",null,"S"]
["METEO","LTER_EU_BE_05","INBO","WIJ1","AIR","EnvEurope",3,3,0,2012,7,14,{"$nulls":8},"PREC    ","DB","METH_1",37.049990439999995,"mm",null,"S"]
["METEO","LTER_EU_BE_05","INBO","WIJ1","AIR","EnvEurope",3,3,0,2012,7,15,{"$nulls":8},"PREC    ","DB","METH_1",6.740000480000001,"mm",null,"S"]
["METEO","LTER_EU_BE_05","INBO","WIJ1","AIR","EnvEurope",3,3,0,2012,7,16,{"$nulls":8},"PREC    ","DB","METH_1",1.8799999700000003,"mm",null,"S"]
["METEO","LTER_EU_BE_05","INBO","WIJ1","AIR","EnvEurope",3,3,0,2012,7,17,{"$nulls":8},"PREC    ","DB","METH_1",0.03,"mm",null,"S"]
["METEO","LTER_EU_BE_05","INBO","WIJ1","AIR","EnvEurope",3,3,0,2012,7,18,{"$nulls":8},"PREC    ","DB","METH_1",0.17,"mm",null,"S"]
["METEO","LTER_EU_BE_05","INBO","WIJ1","AIR","EnvEurope",3,3,0,2012,7,19,{"$nulls":8},"PREC    ","DB","METH_1",9.129999569999999,"mm",null,"S"]
["METEO","LTER_EU_BE_05","INBO","WIJ1","AIR","EnvEurope",3,3,0,2012,7,20,{"$nulls":8},"PREC    ","DB","METH_1",2.1899999,"mm",null,"S"]
["METEO","LTER_EU_BE_05","INBO","WIJ1","AIR","EnvEurope",3,3,0,2012,7,21,{"$nulls":8},"PREC    ","DB","METH_1",0,"mm",null,"S"]
["METEO","LTER_EU_BE_05","INBO","WIJ1","AIR","EnvEurope",3,3,0,2012,7,22,{"$nulls":8},"PREC    ","DB","METH_1",0,"mm",null,"S"]
["METEO","LTER_EU_BE_05","INBO","WIJ1","AIR","EnvEurope",3,3,0,2012,7,23,{"$nulls":8},"PREC    ","DB","METH_1",0,"mm",null,"S"]
["METEO","LTER_EU_BE_05","INBO","WIJ1","AIR","EnvEurope",3,3,0,2012,7,24,{"$nulls":8},"PREC    ","DB","METH_1",0,"mm",null,"S"]
["METEO","LTER_EU_BE_05","INBO","WIJ1","AIR","EnvEurope",3,3,0,2012,7,25,{"$nulls":8},"PREC    ","DB","METH_1",0,"mm",null,"S"]
["METEO","LTER_EU_BE_05","INBO","WIJ1","AIR","EnvEurope",3,3,0,2012,7,26,{"$nulls":8},"PREC    ","DB","METH_1",0,"mm",null,"S"]
["METEO","LTER_EU_BE_05","INBO","WIJ1","AIR","EnvEurope",3,3,0,2012,7,27,{"$nulls":8},"PREC    ","DB","METH_1",10.9199967,"mm",null,"S"]
["METEO","LTER_EU_BE_05","INBO","WIJ1","AIR","EnvEurope",3,3,0,2012,7,28,{"$nulls":8},"PREC    ","DB","METH_1",0,"mm",null,"S"]
["METEO","LTER_EU_BE_05","INBO","WIJ1","AIR","EnvEurope",3,3,0,2012,7,29,{"$nulls":8},"PREC    ","DB","METH_1",0.27999998000000004,"mm",null,"S"]
["METEO","LTER_EU_BE_05","INBO","WIJ1","AIR","EnvEurope",3,3,0,2012,7,30,{"$nulls":8},"PREC    ","DB","METH_1",0,"mm",null,"S"]
["METEO","LTER_EU_BE_05","INBO","WIJ1","AIR","EnvEurope",3,3,0,2012,7,31,{"$nulls":8},"PREC    ","DB","METH_1",0.09,"mm",null,"S"]
["METEO","LTER_EU_BE_05","INBO","WIJ1","AIR","EnvEurope",3,3,0,2012,8,1,{"$nulls":8},"PREC    ","DB","METH_1",3.3499989999999995,"mm",null,"S"]
["METEO","LTER_EU_BE_05","INBO","WIJ1","AIR","EnvEurope",3,3,0,2012,8,2,{"$nulls":8},"PREC    ","DB","METH_1",0.01,"mm",null,"S"]
["METEO","LTER_EU_BE_05","INBO","WIJ1","AIR","EnvEurope",3,3,0,2012,8,3,{"$nulls":8},"PREC    ","DB","METH_1",2.7799998699999997,"mm",null,"S"]
["METEO","LTER_EU_BE_05","INBO","WIJ1","AIR","EnvEurope",3,3,0,2012,8,4,{"$nulls":8},"PREC    ","DB","METH_1",0.66999999,"mm",null,"S"]
["METEO","LTER_EU_BE_05","INBO","WIJ1","AIR","EnvEurope",3,3,0,2012,8,5,{"$nulls":8},"PREC    ","DB","METH_1",10.05000188,"mm",null,"S"]
["METEO","LTER_EU_BE_05","INBO","WIJ1","AIR","EnvEurope",3,3,0,2012,8,6,{"$nulls":8},"PREC    ","DB","METH_1",0.74999998,"mm",null,"S"]
["METEO","LTER_EU_BE_05","INBO","WIJ1","AIR","EnvEurope",3,3,0,2012,8,7,{"$nulls":8},"PREC    ","DB","METH_1",0,"mm",null,"S"]
["METEO","LTER_EU_BE_05","INBO","WIJ1","AIR","EnvEurope",3,3,0,2012,8,8,{"$nulls":8},"PREC    ","DB","METH_1",0.49,"mm",null,"S"]
["METEO","LTER_EU_BE_05","INBO","WIJ1","AIR","EnvEurope",3,3,0,2012,8,9,{"$nulls":8},"PREC    ","DB","METH_1",0,"mm",null,"S"]
["METEO","LTER_EU_BE_05","INBO","WIJ1","AIR","EnvEurope",3,3,0,2012,8,10,{"$nulls":8},"PREC    ","DB","METH_1",0,"mm",null,"S"]
["METEO","LTER_EU_BE_05","INBO","WIJ1","AIR","EnvEurope",3,3,0,2012,8,11,{"$nulls":8},"PREC    ","DB","METH_1",0,"mm",null,"S"]
["METEO","LTER_EU_BE_05","INBO","WIJ1","AIR","EnvEurope",3,3,0,2012,8,12,{"$nulls":8},"PREC    ","DB","METH_1",0,"mm",null,"S"]
["METEO","LTER_EU_BE_05","INBO","WIJ1","AIR","EnvEurope",3,3,0,2012,8,13,{"$nulls":8},"PREC    ","DB","METH_1",0.36999999,"mm",null,"S"]
["METEO","LTER_EU_BE_05","INBO","WIJ1","AIR","EnvEurope",3,3,0,2012,8,14,{"$nulls":8},"PREC    ","DB","METH_1",0,"mm",null,"S"]
["METEO","LTER_EU_BE_05","INBO","WIJ1","AIR","EnvEurope",3,3,0,2012,8,15,{"$nulls":8},"PREC    ","DB","METH_1",0.04,"mm",null,"S"]
["METEO","LTER_EU_BE_05","INBO","WIJ1","AIR","EnvEurope",3,3,0,2012,8,16,{"$nulls":8},"PREC    ","DB","METH_1",0,"mm",null,"S"]
["METEO","LTER_EU_BE_05","INBO","WIJ1","AIR","EnvEurope",3,3,0,2012,8,17,{"$nulls":8},"PREC    ","DB","METH_1",0,"mm",null,"S"]
["METEO","LTER_EU_BE_05","INBO","WIJ1","AIR","EnvEurope",3,3,0,2012,8,18,{"$nulls":8},"PREC    ","DB","METH_1",0,"mm",null,"S"]
["METEO","LTER_EU_BE_05","INBO","WIJ1","AIR","EnvEurope",3,3,0,2012,8,19,{"$nulls":8},"PREC    ","DB","METH_1",0.26,"mm",null,"S"]
["METEO","LTER_EU_BE_05","INBO","WIJ1","AIR","EnvEurope",3,3,0,2012,8,20,{"$nulls":8},"PREC    ","DB","METH_1",0.06,"mm",null,"S"]
["METEO","LTER_EU_BE_05","INBO","WIJ1","AIR","EnvEurope",3,3,0,2012,8,21,{"$nulls":8},"PREC    ","DB","METH_1",0,"mm",null,"S"]
["METEO","LTER_EU_BE_05","INBO","WIJ1","AIR","EnvEurope",3,3,0,2012,8,22,{"$nulls":8},"PREC    ","DB","METH_1",0,"mm",null,"S"]
["METEO","LTER_EU_BE_05","INBO","WIJ1","AIR","EnvEurope",3,3,0,2012,8,23,{"$nulls":8},"PREC    ","DB","METH_1",0.01,"mm",null,"S"]
["METEO","LTER_EU_BE_05","INBO","WIJ1","AIR","EnvEurope",3,3,0,2012,8,24,{"$nulls":8},"PREC    ","DB","METH_1",3.3199988899999995,"mm",null,"S"]
["METEO","LTER_EU_BE_05","INBO","WIJ1","AIR","EnvEurope",3,3,0,2012,8,25,{"$nulls":8},"PREC    ","DB","METH_1",1.79999987,"mm",null,"S"]
["METEO","LTER_EU_BE_05","INBO","WIJ1","AIR","EnvEurope",3,3,0,2012,8,26,{"$nulls":8},"PREC    ","DB","METH_1",4.469999790000001,"mm",null,"S"]
["METEO","LTER_EU_BE_05","INBO","WIJ1","AIR","EnvEurope",3,3,0,2012,8,27,{"$nulls":8},"PREC    ","DB","METH_1",0.32,"mm",null,"S"]
["METEO","LTER_EU_BE_05","INBO","WIJ1","AIR","EnvEurope",3,3,0,2012,8,28,{"$nulls":8},"PREC    ","DB","METH_1",1.2699998899999998,"mm",null,"S"]
["METEO","LTER_EU_BE_05","INBO","WIJ1","AIR","EnvEurope",3,3,0,2012,8,29,{"$nulls":8},"PREC    ","DB","METH_1",0.37999998,"mm",null,"S"]
["METEO","LTER_EU_BE_05","INBO","WIJ1","AIR","EnvEurope",3,3,0,2012,8,30,{"$nulls":8},"PREC    ","DB","METH_1",3.1999998899999986,"mm",null,"S"]
["METEO","LTER_EU_BE_05","INBO","WIJ1","AIR","EnvEurope",3,3,0,2012,8,31,{"$nulls":8},"PREC    ","DB","METH_1",2.2899999600000007,"mm",null,"S"]
["METEO","LTER_EU_BE_05","INBO","WIJ1","AIR","EnvEurope",3,3,0,2012,9,1,{"$nulls":8},"PREC    ","DB","METH_1",0,"mm",null,"S"]
["METEO","LTER_EU_BE_05","INBO","WIJ1","AIR","EnvEurope",3,3,0,2012,9,2,{"$nulls":8},"PREC    ","DB","METH_1",0,"mm",null,"S"]
["METEO","LTER_EU_BE_05","INBO","WIJ1","AIR","EnvEurope",3,3,0,2012,9,3,{"$nulls":8},"PREC    ","DB","METH_1",0,"mm",null,"S"]
["METEO","LTER_EU_BE_05","INBO","WIJ1","AIR","EnvEurope",3,3,0,2012,9,4,{"$nulls":8},"PREC    ","DB","METH_1",0,"mm",null,"S"]
["METEO","LTER_EU_BE_05","INBO","WIJ1","AIR","EnvEurope",3,3,0,2012,9,5,{"$nulls":8},"PREC    ","DB","METH_1",0.08,"mm",null,"S"]
["METEO","LTER_EU_BE_05","INBO","WIJ1","AIR","EnvEurope",3,3,0,2012,9,6,{"$nulls":8},"PREC    ","DB","METH_1",0,"mm",null,"S"]
["METEO","LTER_EU_BE_05","INBO","WIJ1","AIR","EnvEurope",3,3,0,2012,9,7,{"$nulls":8},"PREC    ","DB","METH_1",0,"mm",null,"S"]
["METEO","LTER_EU_BE_05","INBO","WIJ1","AIR","EnvEurope",3,3,0,2012,9,8,{"$nulls":8},"PREC    ","DB","METH_1",0,"mm",null,"S"]
["METEO","LTER_EU_BE_05","INBO","WIJ1","AIR","EnvEurope",3,3,0,2012,9,9,{"$nulls":8},"PREC    ","DB","METH_1",0,"mm",null,"S"]
["METEO","LTER_EU_BE_05","INBO","WIJ1","AIR","EnvEurope",3,3,0,2012,9,10,{"$nulls":8},"PREC    ","DB","METH_1",0,"mm",null,"S"]
["METEO","LTER_EU_BE_05","INBO","WIJ1","AIR","EnvEurope",3,3,0,2012,9,11,{"$nulls":8},"PREC    ","DB","METH_1",0.9899998900000001,"mm",null,"S"]
["METEO","LTER_EU_BE_05","INBO","WIJ1","AIR","EnvEurope",3,3,0,2012,9,12,{"$nulls":8},"PREC    ","DB","METH_1",6.489997970000001,"mm",null,"S"]
["METEO","LTER_EU_BE_05","INBO","WIJ1","AIR","EnvEurope",3,3,0,2012,9,13,{"$nulls":8},"PREC    ","DB","METH_1",8.569999789999997,"mm",null,"S"]
["METEO","LTER_EU_BE_05","INBO","WIJ1","AIR","EnvEurope",3,3,0,2012,9,14,{"$nulls":8},"PREC    ","DB","METH_1",0.08,"mm",null,"S"]
["METEO","LTER_EU_BE_05","INBO","WIJ1","AIR","EnvEurope",3,3,0,2012,9,15,{"$nulls":8},"PREC    ","DB","METH_1",0,"mm",null,"S"]
["METEO","LTER_EU_BE_05","INBO","WIJ1","AIR","EnvEurope",3,3,0,2012,9,16,{"$nulls":8},"PREC    ","DB","METH_1",0,"mm",null,"S"]
["METEO","LTER_EU_BE_05","INBO","WIJ1","AIR","EnvEurope",3,3,0,2012,9,17,{"$nulls":8},"PREC    ","DB","METH_1",0,"mm",null,"S"]
["METEO","LTER_EU_BE_05","INBO","WIJ1","AIR","EnvEurope",3,3,0,2012,9,18,{"$nulls":8},"PREC    ","DB","METH_1",0.76,"mm",null,"S"]
["METEO","LTER_EU_BE_05","INBO","WIJ1","AIR","EnvEurope",3,3,0,2012,9,19,{"$nulls":8},"PREC    ","DB","METH_1",0,"mm",null,"S"]
["METEO","LTER_EU_BE_05","INBO","WIJ1","AIR","EnvEurope",3,3,0,2012,9,20,{"$nulls":8},"PREC    ","DB","METH_1",0,"mm",null,"S"]
["METEO","LTER_EU_BE_05","INBO","WIJ1","AIR","EnvEurope",3,3,0,2012,9,21,{"$nulls":8},"PREC    ","DB","METH_1",0,"mm",null,"S"]
["METEO","LTER_EU_BE_05","INBO","WIJ1","AIR","EnvEurope",3,3,0,2012,9,22,{"$nulls":8},"PREC    ","DB","METH_1",0.53,"mm",null,"S"]
["METEO","LTER_EU_BE_05","INBO","WIJ1","AIR","EnvEurope",3,3,0,2012,9,23,{"$nulls":8},"PREC    ","DB","METH_1",14.07999656,"mm",null,"S"]
["METEO","LTER_EU_BE_05","INBO","WIJ1","AIR","EnvEurope",3,3,0,2012,9,24,{"$nulls":8},"PREC    ","DB","METH_1",15.099998179999996,"mm",null,"S"]
["METEO","LTER_EU_BE_05","INBO","WIJ1","AIR","EnvEurope",3,3,0,2012,9,25,{"$nulls":8},"PREC    ","DB","METH_1",3.5699998999999996,"mm",null,"S"]
["METEO","LTER_EU_BE_05","INBO","WIJ1","AIR","EnvEurope",3,3,0,2012,9,26,{"$nulls":8},"PREC    ","DB","METH_1",1.05999989,"mm",null,"S"]
["METEO","LTER_EU_BE_05","INBO","WIJ1","AIR","EnvEurope",3,3,0,2012,9,27,{"$nulls":8},"PREC    ","DB","METH_1",0.11,"mm",null,"S"]
["METEO","LTER_EU_BE_05","INBO","WIJ1","AIR","EnvEurope",3,3,0,2012,9,28,{"$nulls":8},"PREC    ","DB","METH_1",0.14,"mm",null,"S"]
["METEO","LTER_EU_BE_05","INBO","WIJ1","AIR","EnvEurope",3,3,0,2012,9,29,{"$nulls":8},"PREC    ","DB","METH_1",0,"mm",null,"S"]
["METEO","LTER_EU_BE_05","INBO","WIJ1","AIR","EnvEurope",3,3,0,2012,9,30,{"$nulls":8},"PREC    ","DB","METH_1",0,"mm",null,"S"]
["METEO","LTER_EU_BE_05","INBO","WIJ1","AIR","EnvEurope",3,3,0,2013,1,1,{"$nulls":8},"TEMP    ","DB","METH_2",7.017071031578945,"°C",null,"X"]
["METEO","LTER_EU_BE_05","INBO","WIJ1","AIR","EnvEurope",3,3,0,2013,1,2,{"$nulls":8},"TEMP    ","DB","METH_2",6.507499729166665,"°C",null,"X"]
["METEO","LTER_EU_BE_05","INBO","WIJ1","AIR","EnvEurope",3,3,0,2013,1,3,{"$nulls":8},"TEMP    ","DB","METH_2",9.526562270833335,"°C",null,"X"]
["METEO","LTER_EU_BE_05","INBO","WIJ1","AIR","EnvEurope",3,3,0,2013,1,4,{"$nulls":8},"TEMP    ","DB","METH_2",8.731943,"°C",null,"X"]
["METEO","LTER_EU_BE_05","INBO","WIJ1","AIR","EnvEurope",3,3,0,2013,1,5,{"$nulls":8},"TEMP    ","DB","METH_2",7.931458177083333,"°C",null,"X"]
["METEO","LTER_EU_BE_05","INBO","WIJ1","AIR","EnvEurope",3,3,0,2013,1,6,{"$nulls":8},"TEMP    ","DB","METH_2",7.6490971354166675,"°C",null,"X"]
["METEO","LTER_EU_BE_05","INBO","WIJ1","AIR","EnvEurope",3,3,0,2013,1,7,{"$nulls":8},"TEMP    ","DB","METH_2",6.410452135416672,"°C",null,"X"]
["METEO","LTER_EU_BE_05","INBO","WIJ1","AIR","EnvEurope",3,3,0,2013,1,8,{"$nulls":8},"TEMP    ","DB","METH_2",6.478698145833334,"°C",null,"X"]
["METEO","LTER_EU_BE_05","INBO","WIJ1","AIR","EnvEurope",3,3,0,2013,1,9,{"$nulls":8},"TEMP    ","DB","METH_2",5.982777812499999,"°C",null,"X"]
["METEO","LTER_EU_BE_05","INBO","WIJ1","AIR","EnvEurope",3,3,0,2013,1,10,{"$nulls":8},"TEMP    ","DB","METH_2",3.2185068750000005,"°C",null,"X"]
["METEO","LTER_EU_BE_05","INBO","WIJ1","AIR","EnvEurope",3,3,0,2013,1,11,{"$nulls":8},"TEMP    ","DB","METH_2",1.5523611468750005,"°C",null,"X"]
["METEO","LTER_EU_BE_05","INBO","WIJ1","AIR","EnvEurope",3,3,0,2013,1,12,{"$nulls":8},"TEMP    ","DB","METH_2",-0.6730034480208338,"°C",null,"X"]
["METEO","LTER_EU_BE_05","INBO","WIJ1","AIR","EnvEurope",3,3,0,2013,1,13,{"$nulls":8},"TEMP    ","DB","METH_2",-1.0698611405208336,"°C",null,"X"]
["METEO","LTER_EU_BE_05","INBO","WIJ1","AIR","EnvEurope",3,3,0,2013,1,14,{"$nulls":8},"TEMP    ","DB","METH_2",-2.8238714815625006,"°C",null,"X"]
["METEO","LTER_EU_BE_05","INBO","WIJ1","AIR","EnvEurope",3,3,0,2013,1,15,{"$nulls":8},"TEMP    ","DB","METH_2",-0.7597742983645833,"°C",null,"X"]
["METEO","LTER_EU_BE_05","INBO","WIJ1","AIR","EnvEurope",3,3,0,2013,1,16,{"$nulls":8},"TEMP    ","DB","METH_2",-5.951562869791668,"°C",null,"X"]
["METEO","LTER_EU_BE_05","INBO","WIJ1","AIR","EnvEurope",3,3,0,2013,1,17,{"$nulls":8},"TEMP    ","DB","METH_2",-8.356648927083333,"°C",null,"X"]
["METEO","LTER_EU_BE_05","INBO","WIJ1","AIR","EnvEurope",3,3,0,2013,1,18,{"$nulls":8},"TEMP    ","DB","METH_2",-3.4092363229166645,"°C",null,"X"]
["METEO","LTER_EU_BE_05","INBO","WIJ1","AIR","EnvEurope",3,3,0,2013,1,19,{"$nulls":8},"TEMP    ","DB","METH_2",-2.709079906249999,"°C",null,"X"]
["METEO","LTER_EU_BE_05","INBO","WIJ1","AIR","EnvEurope",3,3,0,2013,1,20,{"$nulls":8},"TEMP    ","DB","METH_2",-4.465989520833333,"°C",null,"X"]
["METEO","LTER_EU_BE_05","INBO","WIJ1","AIR","EnvEurope",3,3,0,2013,1,21,{"$nulls":8},"TEMP    ","DB","METH_2",-0.838072913645833,"°C",null,"X"]
["METEO","LTER_EU_BE_05","INBO","WIJ1","AIR","EnvEurope",3,3,0,2013,1,22,{"$nulls":8},"TEMP    ","DB","METH_2",-1.1374306270833334,"°C",null,"X"]
["METEO","LTER_EU_BE_05","INBO","WIJ1","AIR","EnvEurope",3,3,0,2013,1,23,{"$nulls":8},"TEMP    ","DB","METH_2",-4.448246187499998,"°C",null,"X"]
["METEO","LTER_EU_BE_05","INBO","WIJ1","AIR","EnvEurope",3,3,0,2013,1,24,{"$nulls":8},"TEMP    ","DB","METH_2",-4.438889062500002,"°C",null,"X"]
["METEO","LTER_EU_BE_05","INBO","WIJ1","AIR","EnvEurope",3,3,0,2013,1,25,{"$nulls":8},"TEMP    ","DB","METH_2",-5.156840302083332,"°C",null,"X"]
["METEO","LTER_EU_BE_05","INBO","WIJ1","AIR","EnvEurope",3,3,0,2013,1,26,{"$nulls":8},"TEMP    ","DB","METH_2",-1.3965104211145831,"°C",null,"X"]
["METEO","LTER_EU_BE_05","INBO","WIJ1","AIR","EnvEurope",3,3,0,2013,1,27,{"$nulls":8},"TEMP    ","DB","METH_2",4.289461687499999,"°C",null,"X"]
["METEO","LTER_EU_BE_05","INBO","WIJ1","AIR","EnvEurope",3,3,0,2013,1,28,{"$nulls":8},"TEMP    ","DB","METH_2",5.2550693125,"°C",null,"X"]
["METEO","LTER_EU_BE_05","INBO","WIJ1","AIR","EnvEurope",3,3,0,2013,1,29,{"$nulls":8},"TEMP    ","DB","METH_2",10.981510145833331,"°C",null,"X"]
["METEO","LTER_EU_BE_05","INBO","WIJ1","AIR","EnvEurope",3,3,0,2013,1,30,{"$nulls":8},"TEMP    ","DB","METH_2",10.882396927083336,"°C",null,"X"]
["METEO","LTER_EU_BE_05","INBO","WIJ1","AIR","EnvEurope",3,3,0,2013,1,31,{"$nulls":8},"TEMP    ","DB","METH_2",7.8378825312499965,"°C",null,"X"]
["METEO","LTER_EU_BE_05","INBO","WIJ1","AIR","EnvEurope",3,3,0,2013,10,1,{"$nulls":8},"TEMP    ","DB","METH_2",11.875034989583334,"°C",null,"X"]
["METEO","LTER_EU_BE_05","INBO","WIJ1","AIR","EnvEurope",3,3,0,2013,10,2,{"$nulls":8},"TEMP    ","DB","METH_2",13.137743010416662,"°C",null,"X"]
["METEO","LTER_EU_BE_05","INBO","WIJ1","AIR","EnvEurope",3,3,0,2013,10,3,{"$nulls":8},"TEMP    ","DB","METH_2",14.839183791666663,"°C",null,"X"]
["METEO","LTER_EU_BE_05","INBO","WIJ1","AIR","EnvEurope",3,3,0,2013,10,4,{"$nulls":8},"TEMP    ","DB","METH_2",17.419949166666676,"°C",null,"X"]
["METEO","LTER_EU_BE_05","INBO","WIJ1","AIR","EnvEurope",3,3,0,2013,10,5,{"$nulls":8},"TEMP    ","DB","METH_2",14.665260520833344,"°C",null,"X"]
["METEO","LTER_EU_BE_05","INBO","WIJ1","AIR","EnvEurope",3,3,0,2013,10,6,{"$nulls":8},"TEMP    ","DB","METH_2",14.004236250000003,"°C",null,"X"]
["METEO","LTER_EU_BE_05","INBO","WIJ1","AIR","EnvEurope",3,3,0,2013,10,7,{"$nulls":8},"TEMP    ","DB","METH_2",12.086927843750003,"°C",null,"X"]
["METEO","LTER_EU_BE_05","INBO","WIJ1","AIR","EnvEurope",3,3,0,2013,10,8,{"$nulls":8},"TEMP    ","DB","METH_2",12.703246718750002,"°C",null,"X"]
["METEO","LTER_EU_BE_05","INBO","WIJ1","AIR","EnvEurope",3,3,0,2013,10,9,{"$nulls":8},"TEMP    ","DB","METH_2",14.06635479166667,"°C",null,"X"]
["METEO","LTER_EU_BE_05","INBO","WIJ1","AIR","EnvEurope",3,3,0,2013,10,10,{"$nulls":8},"TEMP    ","DB","METH_2",8.766806333333335,"°C",null,"X"]
["METEO","LTER_EU_BE_05","INBO","WIJ1","AIR","EnvEurope",3,3,0,2013,10,11,{"$nulls":8},"TEMP    ","DB","METH_2",7.909165666666666,"°C",null,"X"]
["METEO","LTER_EU_BE_05","INBO","WIJ1","AIR","EnvEurope",3,3,0,2013,10,12,{"$nulls":8},"TEMP    ","DB","METH_2",8.121354531249997,"°C",null,"X"]
["METEO","LTER_EU_BE_05","INBO","WIJ1","AIR","EnvEurope",3,3,0,2013,10,13,{"$nulls":8},"TEMP    ","DB","METH_2",8.562777770833334,"°C",null,"X"]
["METEO","LTER_EU_BE_05","INBO","WIJ1","AIR","EnvEurope",3,3,0,2013,10,14,{"$nulls":8},"TEMP    ","DB","METH_2",10.089357062499998,"°C",null,"X"]
["METEO","LTER_EU_BE_05","INBO","WIJ1","AIR","EnvEurope",3,3,0,2013,10,15,{"$nulls":8},"TEMP    ","DB","METH_2",10.162031218750002,"°C",null,"X"]
["METEO","LTER_EU_BE_05","INBO","WIJ1","AIR","EnvEurope",3,3,0,2013,10,16,{"$nulls":8},"TEMP    ","DB","METH_2",10.25713516666667,"°C",null,"X"]
["METEO","LTER_EU_BE_05","INBO","WIJ1","AIR","EnvEurope",3,3,0,2013,10,17,{"$nulls":8},"TEMP    ","DB","METH_2",13.13864552083333,"°C",null,"X"]
["METEO","LTER_EU_BE_05","INBO","WIJ1","AIR","EnvEurope",3,3,0,2013,10,18,{"$nulls":8},"TEMP    ","DB","METH_2",11.291822479166669,"°C",null,"X"]
["METEO","LTER_EU_BE_05","INBO","WIJ1","AIR","EnvEurope",3,3,0,2013,10,19,{"$nulls":8},"TEMP    ","DB","METH_2",12.247360812499998,"°C",null,"X"]
["METEO","LTER_EU_BE_05","INBO","WIJ1","AIR","EnvEurope",3,3,0,2013,10,20,{"$nulls":8},"TEMP    ","DB","METH_2",14.064669687499999,"°C",null,"X"]
["METEO","LTER_EU_BE_05","INBO","WIJ1","AIR","EnvEurope",3,3,0,2013,10,21,{"$nulls":8},"TEMP    ","DB","METH_2",14.57340270833334,"°C",null,"X"]
["METEO","LTER_EU_BE_05","INBO","WIJ1","AIR","EnvEurope",3,3,0,2013,10,22,{"$nulls":8},"TEMP    ","DB","METH_2",16.440780208333337,"°C",null,"X"]
["METEO","LTER_EU_BE_05","INBO","WIJ1","AIR","EnvEurope",3,3,0,2013,10,23,{"$nulls":8},"TEMP    ","DB","METH_2",15.245814791666668,"°C",null,"X"]
["METEO","LTER_EU_BE_05","INBO","WIJ1","AIR","EnvEurope",3,3,0,2013,10,24,{"$nulls":8},"TEMP    ","DB","METH_2",10.338836197916661,"°C",null,"X"]
["METEO","LTER_EU_BE_05","INBO","WIJ1","AIR","EnvEurope",3,3,0,2013,10,25,{"$nulls":8},"TEMP    ","DB","METH_2",14.703090000000001,"°C",null,"X"]
["METEO","LTER_EU_BE_05","INBO","WIJ1","AIR","EnvEurope",3,3,0,2013,10,26,{"$nulls":8},"TEMP    ","DB","METH_2",15.448940520833334,"°C",null,"X"]
["METEO","LTER_EU_BE_05","INBO","WIJ1","AIR","EnvEurope",3,3,0,2013,10,27,{"$nulls":8},"TEMP    ","DB","METH_2",13.878281458333332,"°C",null,"X"]
["METEO","LTER_EU_BE_05","INBO","WIJ1","AIR","EnvEurope",3,3,0,2013,10,28,{"$nulls":8},"TEMP    ","DB","METH_2",13.506909187499994,"°C",null,"X"]
["METEO","LTER_EU_BE_05","INBO","WIJ1","AIR","EnvEurope",3,3,0,2013,10,29,{"$nulls":8},"TEMP    ","DB","METH_2",9.24498198958333,"°C",null,"X"]
["METEO","LTER_EU_BE_05","INBO","WIJ1","AIR","EnvEurope",3,3,0,2013,10,30,{"$nulls":8},"TEMP    ","DB","METH_2",7.649652187500002,"°C",null,"X"]
["METEO","LTER_EU_BE_05","INBO","WIJ1","AIR","EnvEurope",3,3,0,2013,10,31,{"$nulls":8},"TEMP    ","DB","METH_2",10.220972635416665,"°C",null,"X"]
["METEO","LTER_EU_BE_05","INBO","WIJ1","AIR","EnvEurope",3,3,0,2013,11,1,{"$nulls":8},"TEMP    ","DB","METH_2",11.004670197916665,"°C",null,"X"]
["METEO","LTER_EU_BE_05","INBO","WIJ1","AIR","EnvEurope",3,3,0,2013,11,2,{"$nulls":8},"TEMP    ","DB","METH_2",11.231440791666662,"°C",null,"X"]
["METEO","LTER_EU_BE_05","INBO","WIJ1","AIR","EnvEurope",3,3,0,2013,11,3,{"$nulls":8},"TEMP    ","DB","METH_2",9.15272542708333,"°C",null,"X"]
["METEO","LTER_EU_BE_05","INBO","WIJ1","AIR","EnvEurope",3,3,0,2013,11,4,{"$nulls":8},"TEMP    ","DB","METH_2",9.21951475,"°C",null,"X"]
["METEO","LTER_EU_BE_05","INBO","WIJ1","AIR","EnvEurope",3,3,0,2013,11,5,{"$nulls":8},"TEMP    ","DB","METH_2",6.7299134583333355,"°C",null,"X"]
["METEO","LTER_EU_BE_05","INBO","WIJ1","AIR","EnvEurope",3,3,0,2013,11,6,{"$nulls":8},"TEMP    ","DB","METH_2",10.901266645833333,"°C",null,"X"]
["METEO","LTER_EU_BE_05","INBO","WIJ1","AIR","EnvEurope",3,3,0,2013,11,7,{"$nulls":8},"TEMP    ","DB","METH_2",11.775937489583336,"°C",null,"X"]
["METEO","LTER_EU_BE_05","INBO","WIJ1","AIR","EnvEurope",3,3,0,2013,11,8,{"$nulls":8},"TEMP    ","DB","METH_2",8.6459374375,"°C",null,"X"]
["METEO","LTER_EU_BE_05","INBO","WIJ1","AIR","EnvEurope",3,3,0,2013,11,9,{"$nulls":8},"TEMP    ","DB","METH_2",7.6286284687500014,"°C",null,"X"]
["METEO","LTER_EU_BE_05","INBO","WIJ1","AIR","EnvEurope",3,3,0,2013,11,10,{"$nulls":8},"TEMP    ","DB","METH_2",6.537031458333334,"°C",null,"X"]
["METEO","LTER_EU_BE_05","INBO","WIJ1","AIR","EnvEurope",3,3,0,2013,11,11,{"$nulls":8},"TEMP    ","DB","METH_2",5.624808937500002,"°C",null,"X"]
["METEO","LTER_EU_BE_05","INBO","WIJ1","AIR","EnvEurope",3,3,0,2013,11,12,{"$nulls":8},"TEMP    ","DB","METH_2",8.021198374999999,"°C",null,"X"]
["METEO","LTER_EU_BE_05","INBO","WIJ1","AIR","EnvEurope",3,3,0,2013,11,13,{"$nulls":8},"TEMP    ","DB","METH_2",6.43779536458333,"°C",null,"X"]
["METEO","LTER_EU_BE_05","INBO","WIJ1","AIR","EnvEurope",3,3,0,2013,11,14,{"$nulls":8},"TEMP    ","DB","METH_2",6.73866316666667,"°C",null,"X"]
["METEO","LTER_EU_BE_05","INBO","WIJ1","AIR","EnvEurope",3,3,0,2013,11,15,{"$nulls":8},"TEMP    ","DB","METH_2",7.475641666666668,"°C",null,"X"]
["METEO","LTER_EU_BE_05","INBO","WIJ1","AIR","EnvEurope",3,3,0,2013,11,16,{"$nulls":8},"TEMP    ","DB","METH_2",4.432916104166664,"°C",null,"X"]
["METEO","LTER_EU_BE_05","INBO","WIJ1","AIR","EnvEurope",3,3,0,2013,11,17,{"$nulls":8},"TEMP    ","DB","METH_2",6.4245476979166645,"°C",null,"X"]
["METEO","LTER_EU_BE_05","INBO","WIJ1","AIR","EnvEurope",3,3,0,2013,11,18,{"$nulls":8},"TEMP    ","DB","METH_2",5.485781614583337,"°C",null,"X"]
["METEO","LTER_EU_BE_05","INBO","WIJ1","AIR","EnvEurope",3,3,0,2013,11,19,{"$nulls":8},"TEMP    ","DB","METH_2",6.029461958333333,"°C",null,"X"]
["METEO","LTER_EU_BE_05","INBO","WIJ1","AIR","EnvEurope",3,3,0,2013,11,20,{"$nulls":8},"TEMP    ","DB","METH_2",2.6827432023958324,"°C",null,"X"]
["METEO","LTER_EU_BE_05","INBO","WIJ1","AIR","EnvEurope",3,3,0,2013,11,21,{"$nulls":8},"TEMP    ","DB","METH_2",2.579131819791666,"°C",null,"X"]
["METEO","LTER_EU_BE_05","INBO","WIJ1","AIR","EnvEurope",3,3,0,2013,11,22,{"$nulls":8},"TEMP    ","DB","METH_2",3.3159197981979163,"°C",null,"X"]
["METEO","LTER_EU_BE_05","INBO","WIJ1","AIR","EnvEurope",3,3,0,2013,11,23,{"$nulls":8},"TEMP    ","DB","METH_2",4.9935419375000025,"°C",null,"X"]
["METEO","LTER_EU_BE_05","INBO","WIJ1","AIR","EnvEurope",3,3,0,2013,11,24,{"$nulls":8},"TEMP    ","DB","METH_2",6.134583093749995,"°C",null,"X"]
["METEO","LTER_EU_BE_05","INBO","WIJ1","AIR","EnvEurope",3,3,0,2013,11,25,{"$nulls":8},"TEMP    ","DB","METH_2",5.182587052083332,"°C",null,"X"]
["METEO","LTER_EU_BE_05","INBO","WIJ1","AIR","EnvEurope",3,3,0,2013,11,26,{"$nulls":8},"TEMP    ","DB","METH_2",5.504410260416669,"°C",null,"X"]
["METEO","LTER_EU_BE_05","INBO","WIJ1","AIR","EnvEurope",3,3,0,2013,11,27,{"$nulls":8},"TEMP    ","DB","METH_2",5.646370885416665,"°C",null,"X"]
["METEO","LTER_EU_BE_05","INBO","WIJ1","AIR","EnvEurope",3,3,0,2013,11,28,{"$nulls":8},"TEMP    ","DB","METH_2",8.153246354166665,"°C",null,"X"]
["METEO","LTER_EU_BE_05","INBO","WIJ1","AIR","EnvEurope",3,3,0,2013,11,29,{"$nulls":8},"TEMP    ","DB","METH_2",7.556823031249997,"°C",null,"X"]
["METEO","LTER_EU_BE_05","INBO","WIJ1","AIR","EnvEurope",3,3,0,2013,11,30,{"$nulls":8},"TEMP    ","DB","METH_2",7.1701565625,"°C",null,"X"]
["METEO","LTER_EU_BE_05","INBO","WIJ1","AIR","EnvEurope",3,3,0,2013,12,1,{"$nulls":8},"TEMP    ","DB","METH_2",6.782031083333334,"°C",null,"X"]
["METEO","LTER_EU_BE_05","INBO","WIJ1","AIR","EnvEurope",3,3,0,2013,12,2,{"$nulls":8},"TEMP    ","DB","METH_2",6.038819697916669,"°C",null,"X"]
["METEO","LTER_EU_BE_05","INBO","WIJ1","AIR","EnvEurope",3,3,0,2013,12,3,{"$nulls":8},"TEMP    ","DB","METH_2",0.9929688558333337,"°C",null,"X"]
["METEO","LTER_EU_BE_05","INBO","WIJ1","AIR","EnvEurope",3,3,0,2013,12,4,{"$nulls":8},"TEMP    ","DB","METH_2",5.070208260416667,"°C",null,"X"]
["METEO","LTER_EU_BE_05","INBO","WIJ1","AIR","EnvEurope",3,3,0,2013,12,5,{"$nulls":8},"TEMP    ","DB","METH_2",4.151770798364583,"°C",null,"X"]
["METEO","LTER_EU_BE_05","INBO","WIJ1","AIR","EnvEurope",3,3,0,2013,12,6,{"$nulls":8},"TEMP    ","DB","METH_2",4.7866840729166675,"°C",null,"X"]
["METEO","LTER_EU_BE_05","INBO","WIJ1","AIR","EnvEurope",3,3,0,2013,12,7,{"$nulls":8},"TEMP    ","DB","METH_2",6.105694510416666,"°C",null,"X"]
["METEO","LTER_EU_BE_05","INBO","WIJ1","AIR","EnvEurope",3,3,0,2013,12,8,{"$nulls":8},"TEMP    ","DB","METH_2",7.382778416666664,"°C",null,"X"]
["METEO","LTER_EU_BE_05","INBO","WIJ1","AIR","EnvEurope",3,3,0,2013,12,9,{"$nulls":8},"TEMP    ","DB","METH_2",6.849443520833334,"°C",null,"X"]
["METEO","LTER_EU_BE_05","INBO","WIJ1","AIR","EnvEurope",3,3,0,2013,12,10,{"$nulls":8},"TEMP    ","DB","METH_2",1.9736631585416669,"°C",null,"X"]
["METEO","LTER_EU_BE_05","INBO","WIJ1","AIR","EnvEurope",3,3,0,2013,12,11,{"$nulls":8},"TEMP    ","DB","METH_2",1.3246006737500002,"°C",null,"X"]
["METEO","LTER_EU_BE_05","INBO","WIJ1","AIR","EnvEurope",3,3,0,2013,12,12,{"$nulls":8},"TEMP    ","DB","METH_2",0.05918399076041669,"°C",null,"X"]
["METEO","LTER_EU_BE_05","INBO","WIJ1","AIR","EnvEurope",3,3,0,2013,12,13,{"$nulls":8},"TEMP    ","DB","METH_2",2.0590624410416667,"°C",null,"X"]
["METEO","LTER_EU_BE_05","INBO","WIJ1","AIR","EnvEurope",3,3,0,2013,12,14,{"$nulls":8},"TEMP    ","DB","METH_2",5.657534781249997,"°C",null,"X"]
["METEO","LTER_EU_BE_05","INBO","WIJ1","AIR","EnvEurope",3,3,0,2013,12,15,{"$nulls":8},"TEMP    ","DB","METH_2",7.799253854166672,"°C",null,"X"]
["METEO","LTER_EU_BE_05","INBO","WIJ1","AIR","EnvEurope",3,3,0,2013,12,16,{"$nulls":8},"TEMP    ","DB","METH_2",8.997742520833333,"°C",null,"X"]
["METEO","LTER_EU_BE_05","INBO","WIJ1","AIR","EnvEurope",3,3,0,2013,12,17,{"$nulls":8},"TEMP    ","DB","METH_2",6.6651207708333295,"°C",null,"X"]
["METEO","LTER_EU_BE_05","INBO","WIJ1","AIR","EnvEurope",3,3,0,2013,12,18,{"$nulls":8},"TEMP    ","DB","METH_2",7.80736097916667,"°C",null,"X"]
["METEO","LTER_EU_BE_05","INBO","WIJ1","AIR","EnvEurope",3,3,0,2013,12,19,{"$nulls":8},"TEMP    ","DB","METH_2",6.918454447916669,"°C",null,"X"]
["METEO","LTER_EU_BE_05","INBO","WIJ1","AIR","EnvEurope",3,3,0,2013,12,20,{"$nulls":8},"TEMP    ","DB","METH_2",5.45713521875,"°C",null,"X"]
["METEO","LTER_EU_BE_05","INBO","WIJ1","AIR","EnvEurope",3,3,0,2013,12,21,{"$nulls":8},"TEMP    ","DB","METH_2",6.971822229166668,"°C",null,"X"]
["METEO","LTER_EU_BE_05","INBO","WIJ1","AIR","EnvEurope",3,3,0,2013,12,22,{"$nulls":8},"TEMP    ","DB","METH_2",7.9532984166666685,"°C",null,"X"]
["METEO","LTER_EU_BE_05","INBO","WIJ1","AIR","EnvEurope",3,3,0,2013,12,23,{"$nulls":8},"TEMP    ","DB","METH_2",8.159270958333334,"°C",null,"X"]
["METEO","LTER_EU_BE_05","INBO","WIJ1","AIR","EnvEurope",3,3,0,2013,12,24,{"$nulls":8},"TEMP    ","DB","METH_2",9.96644094791667,"°C",null,"X"]
["METEO","LTER_EU_BE_05","INBO","WIJ1","AIR","EnvEurope",3,3,0,2013,12,25,{"$nulls":8},"TEMP    ","DB","METH_2",6.04406253125,"°C",null,"X"]
["METEO","LTER_EU_BE_05","INBO","WIJ1","AIR","EnvEurope",3,3,0,2013,12,26,{"$nulls":8},"TEMP    ","DB","METH_2",4.094097232291664,"°C",null,"X"]
["METEO","LTER_EU_BE_05","INBO","WIJ1","AIR","EnvEurope",3,3,0,2013,12,27,{"$nulls":8},"TEMP    ","DB","METH_2",7.491024583333334,"°C",null,"X"]
["METEO","LTER_EU_BE_05","INBO","WIJ1","AIR","EnvEurope",3,3,0,2013,12,28,{"$nulls":8},"TEMP    ","DB","METH_2",6.511579583333334,"°C",null,"X"]
["METEO","LTER_EU_BE_05","INBO","WIJ1","AIR","EnvEurope",3,3,0,2013,12,29,{"$nulls":8},"TEMP    ","DB","METH_2",3.7926909833333333,"°C",null,"X"]
["METEO","LTER_EU_BE_05","INBO","WIJ1","AIR","EnvEurope",3,3,0,2013,12,30,{"$nulls":8},"TEMP    ","DB","METH_2",5.2914587187499995,"°C",null,"X"]
["METEO","LTER_EU_BE_05","INBO","WIJ1","AIR","EnvEurope",3,3,0,2013,12,31,{"$nulls":8},"TEMP    ","DB","METH_2",6.6006771875000005,"°C",null,"X"]
["METEO","LTER_EU_BE_05","INBO","WIJ1","AIR","EnvEurope",3,3,0,2013,2,1,{"$nulls":8},"TEMP    ","DB","METH_2",5.870642072916667,"°C",null,"X"]
["METEO","LTER_EU_BE_05","INBO","WIJ1","AIR","EnvEurope",3,3,0,2013,2,2,{"$nulls":8},"TEMP    ","DB","METH_2",3.987551874999997,"°C",null,"X"]
["METEO","LTER_EU_BE_05","INBO","WIJ1","AIR","EnvEurope",3,3,0,2013,2,3,{"$nulls":8},"TEMP    ","DB","METH_2",4.737950864583333,"°C",null,"X"]
["METEO","LTER_EU_BE_05","INBO","WIJ1","AIR","EnvEurope",3,3,0,2013,2,4,{"$nulls":8},"TEMP    ","DB","METH_2",8.242621604166667,"°C",null,"X"]
["METEO","LTER_EU_BE_05","INBO","WIJ1","AIR","EnvEurope",3,3,0,2013,2,5,{"$nulls":8},"TEMP    ","DB","METH_2",4.210034729166666,"°C",null,"X"]
["METEO","LTER_EU_BE_05","INBO","WIJ1","AIR","EnvEurope",3,3,0,2013,2,6,{"$nulls":8},"TEMP    ","DB","METH_2",3.7302431874999993,"°C",null,"X"]
["METEO","LTER_EU_BE_05","INBO","WIJ1","AIR","EnvEurope",3,3,0,2013,2,7,{"$nulls":8},"TEMP    ","DB","METH_2",3.331649115625001,"°C",null,"X"]
["METEO","LTER_EU_BE_05","INBO","WIJ1","AIR","EnvEurope",3,3,0,2013,2,8,{"$nulls":8},"TEMP    ","DB","METH_2",1.7473784645833332,"°C",null,"X"]
["METEO","LTER_EU_BE_05","INBO","WIJ1","AIR","EnvEurope",3,3,0,2013,2,9,{"$nulls":8},"TEMP    ","DB","METH_2",0.5169790427083333,"°C",null,"X"]
["METEO","LTER_EU_BE_05","INBO","WIJ1","AIR","EnvEurope",3,3,0,2013,2,10,{"$nulls":8},"TEMP    ","DB","METH_2",0.5531597786875001,"°C",null,"X"]
["METEO","LTER_EU_BE_05","INBO","WIJ1","AIR","EnvEurope",3,3,0,2013,2,11,{"$nulls":8},"TEMP    ","DB","METH_2",-0.6452605177083335,"°C",null,"X"]
["METEO","LTER_EU_BE_05","INBO","WIJ1","AIR","EnvEurope",3,3,0,2013,2,12,{"$nulls":8},"TEMP    ","DB","METH_2",-1.0509549119791668,"°C",null,"X"]
["METEO","LTER_EU_BE_05","INBO","WIJ1","AIR","EnvEurope",3,3,0,2013,2,13,{"$nulls":8},"TEMP    ","DB","METH_2",-1.2284549050625004,"°C",null,"X"]
["METEO","LTER_EU_BE_05","INBO","WIJ1","AIR","EnvEurope",3,3,0,2013,2,14,{"$nulls":8},"TEMP    ","DB","METH_2",-0.12270825854166673,"°C",null,"X"]
["METEO","LTER_EU_BE_05","INBO","WIJ1","AIR","EnvEurope",3,3,0,2013,2,15,{"$nulls":8},"TEMP    ","DB","METH_2",4.319392128124998,"°C",null,"X"]
["METEO","LTER_EU_BE_05","INBO","WIJ1","AIR","EnvEurope",3,3,0,2013,2,16,{"$nulls":8},"TEMP    ","DB","METH_2",5.082048833333333,"°C",null,"X"]
["METEO","LTER_EU_BE_05","INBO","WIJ1","AIR","EnvEurope",3,3,0,2013,2,17,{"$nulls":8},"TEMP    ","DB","METH_2",2.3094096916666675,"°C",null,"X"]
["METEO","LTER_EU_BE_05","INBO","WIJ1","AIR","EnvEurope",3,3,0,2013,2,18,{"$nulls":8},"TEMP    ","DB","METH_2",2.1621701209375,"°C",null,"X"]
["METEO","LTER_EU_BE_05","INBO","WIJ1","AIR","EnvEurope",3,3,0,2013,2,19,{"$nulls":8},"TEMP    ","DB","METH_2",2.0676910051458335,"°C",null,"X"]
["METEO","LTER_EU_BE_05","INBO","WIJ1","AIR","EnvEurope",3,3,0,2013,2,20,{"$nulls":8},"TEMP    ","DB","METH_2",1.720503516916667,"°C",null,"X"]
["METEO","LTER_EU_BE_05","INBO","WIJ1","AIR","EnvEurope",3,3,0,2013,2,21,{"$nulls":8},"TEMP    ","DB","METH_2",-1.1178818435416666,"°C",null,"X"]
["METEO","LTER_EU_BE_05","INBO","WIJ1","AIR","EnvEurope",3,3,0,2013,2,22,{"$nulls":8},"TEMP    ","DB","METH_2",-1.5325520684687486,"°C",null,"X"]
["METEO","LTER_EU_BE_05","INBO","WIJ1","AIR","EnvEurope",3,3,0,2013,2,23,{"$nulls":8},"TEMP    ","DB","METH_2",-1.4423262484062498,"°C",null,"X"]
["METEO","LTER_EU_BE_05","INBO","WIJ1","AIR","EnvEurope",3,3,0,2013,2,24,{"$nulls":8},"TEMP    ","DB","METH_2",0.2604166223229167,"°C",null,"X"]
["METEO","LTER_EU_BE_05","INBO","WIJ1","AIR","EnvEurope",3,3,0,2013,2,25,{"$nulls":8},"TEMP    ","DB","METH_2",1.8508678864583332,"°C",null,"X"]
["METEO","LTER_EU_BE_05","INBO","WIJ1","AIR","EnvEurope",3,3,0,2013,2,26,{"$nulls":8},"TEMP    ","DB","METH_2",2.757343635416667,"°C",null,"X"]
["METEO","LTER_EU_BE_05","INBO","WIJ1","AIR","EnvEurope",3,3,0,2013,2,27,{"$nulls":8},"TEMP    ","DB","METH_2",1.3504340177083336,"°C",null,"X"]
["METEO","LTER_EU_BE_05","INBO","WIJ1","AIR","EnvEurope",3,3,0,2013,2,28,{"$nulls":8},"TEMP    ","DB","METH_2",1.3905035531249998,"°C",null,"X"]
["METEO","LTER_EU_BE_05","INBO","WIJ1","AIR","EnvEurope",3,3,0,2013,3,1,{"$nulls":8},"TEMP    ","DB","METH_2",2.887256958333334,"°C",null,"X"]
["METEO","LTER_EU_BE_05","INBO","WIJ1","AIR","EnvEurope",3,3,0,2013,3,2,{"$nulls":8},"TEMP    ","DB","METH_2",2.686666697916666,"°C",null,"X"]
["METEO","LTER_EU_BE_05","INBO","WIJ1","AIR","EnvEurope",3,3,0,2013,3,3,{"$nulls":8},"TEMP    ","DB","METH_2",3.9783677291666657,"°C",null,"X"]
["METEO","LTER_EU_BE_05","INBO","WIJ1","AIR","EnvEurope",3,3,0,2013,3,4,{"$nulls":8},"TEMP    ","DB","METH_2",3.8683853273958326,"°C",null,"X"]
["METEO","LTER_EU_BE_05","INBO","WIJ1","AIR","EnvEurope",3,3,0,2013,3,5,{"$nulls":8},"TEMP    ","DB","METH_2",8.790937552083333,"°C",null,"X"]
["METEO","LTER_EU_BE_05","INBO","WIJ1","AIR","EnvEurope",3,3,0,2013,3,6,{"$nulls":8},"TEMP    ","DB","METH_2",10.574583583333334,"°C",null,"X"]
["METEO","LTER_EU_BE_05","INBO","WIJ1","AIR","EnvEurope",3,3,0,2013,3,7,{"$nulls":8},"TEMP    ","DB","METH_2",9.926336989583332,"°C",null,"X"]
["METEO","LTER_EU_BE_05","INBO","WIJ1","AIR","EnvEurope",3,3,0,2013,3,8,{"$nulls":8},"TEMP    ","DB","METH_2",10.154046010416668,"°C",null,"X"]
["METEO","LTER_EU_BE_05","INBO","WIJ1","AIR","EnvEurope",3,3,0,2013,3,9,{"$nulls":8},"TEMP    ","DB","METH_2",5.804027333333335,"°C",null,"X"]
["METEO","LTER_EU_BE_05","INBO","WIJ1","AIR","EnvEurope",3,3,0,2013,3,10,{"$nulls":8},"TEMP    ","DB","METH_2",1.2172049706249994,"°C",null,"X"]
["METEO","LTER_EU_BE_05","INBO","WIJ1","AIR","EnvEurope",3,3,0,2013,3,11,{"$nulls":8},"TEMP    ","DB","METH_2",-1.6827776701041672,"°C",null,"X"]
["METEO","LTER_EU_BE_05","INBO","WIJ1","AIR","EnvEurope",3,3,0,2013,3,12,{"$nulls":8},"TEMP    ","DB","METH_2",-2.1889238141041667,"°C",null,"X"]
["METEO","LTER_EU_BE_05","INBO","WIJ1","AIR","EnvEurope",3,3,0,2013,3,13,{"$nulls":8},"TEMP    ","DB","METH_2",-0.6696874773958337,"°C",null,"X"]
["METEO","LTER_EU_BE_05","INBO","WIJ1","AIR","EnvEurope",3,3,0,2013,3,14,{"$nulls":8},"TEMP    ","DB","METH_2",0.0391667093750001,"°C",null,"X"]
["METEO","LTER_EU_BE_05","INBO","WIJ1","AIR","EnvEurope",3,3,0,2013,3,15,{"$nulls":8},"TEMP    ","DB","METH_2",1.5353852928125002,"°C",null,"X"]
["METEO","LTER_EU_BE_05","INBO","WIJ1","AIR","EnvEurope",3,3,0,2013,3,16,{"$nulls":8},"TEMP    ","DB","METH_2",5.064010635416667,"°C",null,"X"]
["METEO","LTER_EU_BE_05","INBO","WIJ1","AIR","EnvEurope",3,3,0,2013,3,17,{"$nulls":8},"TEMP    ","DB","METH_2",5.75678840625,"°C",null,"X"]
["METEO","LTER_EU_BE_05","INBO","WIJ1","AIR","EnvEurope",3,3,0,2013,3,18,{"$nulls":8},"TEMP    ","DB","METH_2",3.964982612187501,"°C",null,"X"]
["METEO","LTER_EU_BE_05","INBO","WIJ1","AIR","EnvEurope",3,3,0,2013,3,19,{"$nulls":8},"TEMP    ","DB","METH_2",3.169427057083331,"°C",null,"X"]
["METEO","LTER_EU_BE_05","INBO","WIJ1","AIR","EnvEurope",3,3,0,2013,3,20,{"$nulls":8},"TEMP    ","DB","METH_2",1.8809895614270833,"°C",null,"X"]
["METEO","LTER_EU_BE_05","INBO","WIJ1","AIR","EnvEurope",3,3,0,2013,3,21,{"$nulls":8},"TEMP    ","DB","METH_2",2.574253437500001,"°C",null,"X"]
["METEO","LTER_EU_BE_05","INBO","WIJ1","AIR","EnvEurope",3,3,0,2013,3,22,{"$nulls":8},"TEMP    ","DB","METH_2",2.973246439270834,"°C",null,"X"]
["METEO","LTER_EU_BE_05","INBO","WIJ1","AIR","EnvEurope",3,3,0,2013,3,23,{"$nulls":8},"TEMP    ","DB","METH_2",0.9109548882604167,"°C",null,"X"]
["METEO","LTER_EU_BE_05","INBO","WIJ1","AIR","EnvEurope",3,3,0,2013,3,24,{"$nulls":8},"TEMP    ","DB","METH_2",-0.5454167101041668,"°C",null,"X"]
["METEO","LTER_EU_BE_05","INBO","WIJ1","AIR","EnvEurope",3,3,0,2013,3,25,{"$nulls":8},"TEMP    ","DB","METH_2",0.4988194885416668,"°C",null,"X"]
["METEO","LTER_EU_BE_05","INBO","WIJ1","AIR","EnvEurope",3,3,0,2013,3,26,{"$nulls":8},"TEMP    ","DB","METH_2",1.1008334068750003,"°C",null,"X"]
["METEO","LTER_EU_BE_05","INBO","WIJ1","AIR","EnvEurope",3,3,0,2013,3,27,{"$nulls":8},"TEMP    ","DB","METH_2",1.255729298958333,"°C",null,"X"]
["METEO","LTER_EU_BE_05","INBO","WIJ1","AIR","EnvEurope",3,3,0,2013,3,28,{"$nulls":8},"TEMP    ","DB","METH_2",1.5814062933333324,"°C",null,"X"]
["METEO","LTER_EU_BE_05","INBO","WIJ1","AIR","EnvEurope",3,3,0,2013,3,29,{"$nulls":8},"TEMP    ","DB","METH_2",1.0239062985416665,"°C",null,"X"]
["METEO","LTER_EU_BE_05","INBO","WIJ1","AIR","EnvEurope",3,3,0,2013,3,30,{"$nulls":8},"TEMP    ","DB","METH_2",0.768142309895833,"°C",null,"X"]
["METEO","LTER_EU_BE_05","INBO","WIJ1","AIR","EnvEurope",3,3,0,2013,3,31,{"$nulls":8},"TEMP    ","DB","METH_2",0.9757637749999999,"°C",null,"X"]
["METEO","LTER_EU_BE_05","INBO","WIJ1","AIR","EnvEurope",3,3,0,2013,4,1,{"$nulls":8},"TEMP    ","DB","METH_2",3.0959202109374995,"°C",null,"X"]
["METEO","LTER_EU_BE_05","INBO","WIJ1","AIR","EnvEurope",3,3,0,2013,4,2,{"$nulls":8},"TEMP    ","DB","METH_2",3.0037328244166677,"°C",null,"X"]
["METEO","LTER_EU_BE_05","INBO","WIJ1","AIR","EnvEurope",3,3,0,2013,4,3,{"$nulls":8},"TEMP    ","DB","METH_2",2.7805207534374996,"°C",null,"X"]
["METEO","LTER_EU_BE_05","INBO","WIJ1","AIR","EnvEurope",3,3,0,2013,4,4,{"$nulls":8},"TEMP    ","DB","METH_2",3.5483505395833337,"°C",null,"X"]
["METEO","LTER_EU_BE_05","INBO","WIJ1","AIR","EnvEurope",3,3,0,2013,4,5,{"$nulls":8},"TEMP    ","DB","METH_2",3.563454999999999,"°C",null,"X"]
["METEO","LTER_EU_BE_05","INBO","WIJ1","AIR","EnvEurope",3,3,0,2013,4,6,{"$nulls":8},"TEMP    ","DB","METH_2",3.9097567645833347,"°C",null,"X"]
["METEO","LTER_EU_BE_05","INBO","WIJ1","AIR","EnvEurope",3,3,0,2013,4,7,{"$nulls":8},"TEMP    ","DB","METH_2",3.932916379375,"°C",null,"X"]
["METEO","LTER_EU_BE_05","INBO","WIJ1","AIR","EnvEurope",3,3,0,2013,4,8,{"$nulls":8},"TEMP    ","DB","METH_2",6.106163249999999,"°C",null,"X"]
["METEO","LTER_EU_BE_05","INBO","WIJ1","AIR","EnvEurope",3,3,0,2013,4,9,{"$nulls":8},"TEMP    ","DB","METH_2",6.14319459375,"°C",null,"X"]
["METEO","LTER_EU_BE_05","INBO","WIJ1","AIR","EnvEurope",3,3,0,2013,4,10,{"$nulls":8},"TEMP    ","DB","METH_2",6.60958378125,"°C",null,"X"]
["METEO","LTER_EU_BE_05","INBO","WIJ1","AIR","EnvEurope",3,3,0,2013,4,11,{"$nulls":8},"TEMP    ","DB","METH_2",8.443298239583337,"°C",null,"X"]
["METEO","LTER_EU_BE_05","INBO","WIJ1","AIR","EnvEurope",3,3,0,2013,4,12,{"$nulls":8},"TEMP    ","DB","METH_2",8.954218906250004,"°C",null,"X"]
["METEO","LTER_EU_BE_05","INBO","WIJ1","AIR","EnvEurope",3,3,0,2013,4,13,{"$nulls":8},"TEMP    ","DB","METH_2",10.086840489583333,"°C",null,"X"]
["METEO","LTER_EU_BE_05","INBO","WIJ1","AIR","EnvEurope",3,3,0,2013,4,14,{"$nulls":8},"TEMP    ","DB","METH_2",16.438994479166663,"°C",null,"X"]
["METEO","LTER_EU_BE_05","INBO","WIJ1","AIR","EnvEurope",3,3,0,2013,4,15,{"$nulls":8},"TEMP    ","DB","METH_2",12.788940489583332,"°C",null,"X"]
["METEO","LTER_EU_BE_05","INBO","WIJ1","AIR","EnvEurope",3,3,0,2013,4,16,{"$nulls":8},"TEMP    ","DB","METH_2",11.199061875,"°C",null,"X"]
["METEO","LTER_EU_BE_05","INBO","WIJ1","AIR","EnvEurope",3,3,0,2013,4,17,{"$nulls":8},"TEMP    ","DB","METH_2",15.457726541666666,"°C",null,"X"]
["METEO","LTER_EU_BE_05","INBO","WIJ1","AIR","EnvEurope",3,3,0,2013,4,18,{"$nulls":8},"TEMP    ","DB","METH_2",11.501320510416663,"°C",null,"X"]
["METEO","LTER_EU_BE_05","INBO","WIJ1","AIR","EnvEurope",3,3,0,2013,4,19,{"$nulls":8},"TEMP    ","DB","METH_2",7.807899385416667,"°C",null,"X"]
["METEO","LTER_EU_BE_05","INBO","WIJ1","AIR","EnvEurope",3,3,0,2013,4,20,{"$nulls":8},"TEMP    ","DB","METH_2",6.122638791666664,"°C",null,"X"]
["METEO","LTER_EU_BE_05","INBO","WIJ1","AIR","EnvEurope",3,3,0,2013,4,21,{"$nulls":8},"TEMP    ","DB","METH_2",6.955920270833331,"°C",null,"X"]
["METEO","LTER_EU_BE_05","INBO","WIJ1","AIR","EnvEurope",3,3,0,2013,4,22,{"$nulls":8},"TEMP    ","DB","METH_2",8.304809932291668,"°C",null,"X"]
["METEO","LTER_EU_BE_05","INBO","WIJ1","AIR","EnvEurope",3,3,0,2013,4,23,{"$nulls":8},"TEMP    ","DB","METH_2",11.296979312499998,"°C",null,"X"]
["METEO","LTER_EU_BE_05","INBO","WIJ1","AIR","EnvEurope",3,3,0,2013,4,24,{"$nulls":8},"TEMP    ","DB","METH_2",11.546301937500003,"°C",null,"X"]
["METEO","LTER_EU_BE_05","INBO","WIJ1","AIR","EnvEurope",3,3,0,2013,4,25,{"$nulls":8},"TEMP    ","DB","METH_2",15.349461031249996,"°C",null,"X"]
["METEO","LTER_EU_BE_05","INBO","WIJ1","AIR","EnvEurope",3,3,0,2013,4,26,{"$nulls":8},"TEMP    ","DB","METH_2",7.990711552083329,"°C",null,"X"]
["METEO","LTER_EU_BE_05","INBO","WIJ1","AIR","EnvEurope",3,3,0,2013,4,27,{"$nulls":8},"TEMP    ","DB","METH_2",6.239253364583333,"°C",null,"X"]
["METEO","LTER_EU_BE_05","INBO","WIJ1","AIR","EnvEurope",3,3,0,2013,4,28,{"$nulls":8},"TEMP    ","DB","METH_2",7.118159989583336,"°C",null,"X"]
["METEO","LTER_EU_BE_05","INBO","WIJ1","AIR","EnvEurope",3,3,0,2013,4,29,{"$nulls":8},"TEMP    ","DB","METH_2",8.680122083333332,"°C",null,"X"]
["METEO","LTER_EU_BE_05","INBO","WIJ1","AIR","EnvEurope",3,3,0,2013,4,30,{"$nulls":8},"TEMP    ","DB","METH_2",8.430469385416666,"°C",null,"X"]
["METEO","LTER_EU_BE_05","INBO","WIJ1","AIR","EnvEurope",3,3,0,2013,5,1,{"$nulls":8},"TEMP    ","DB","METH_2",10.166666000000001,"°C",null,"X"]
["METEO","LTER_EU_BE_05","INBO","WIJ1","AIR","EnvEurope",3,3,0,2013,5,2,{"$nulls":8},"TEMP    ","DB","METH_2",9.279358187500003,"°C",null,"X"]
["METEO","LTER_EU_BE_05","INBO","WIJ1","AIR","EnvEurope",3,3,0,2013,5,3,{"$nulls":8},"TEMP    ","DB","METH_2",10.92644088541667,"°C",null,"X"]
["METEO","LTER_EU_BE_05","INBO","WIJ1","AIR","EnvEurope",3,3,0,2013,5,4,{"$nulls":8},"TEMP    ","DB","METH_2",10.46604172916667,"°C",null,"X"]
["METEO","LTER_EU_BE_05","INBO","WIJ1","AIR","EnvEurope",3,3,0,2013,5,5,{"$nulls":8},"TEMP    ","DB","METH_2",11.11310729166666,"°C",null,"X"]
["METEO","LTER_EU_BE_05","INBO","WIJ1","AIR","EnvEurope",3,3,0,2013,5,6,{"$nulls":8},"TEMP    ","DB","METH_2",11.747083822916665,"°C",null,"X"]
["METEO","LTER_EU_BE_05","INBO","WIJ1","AIR","EnvEurope",3,3,0,2013,5,7,{"$nulls":8},"TEMP    ","DB","METH_2",13.074860895833332,"°C",null,"X"]
["METEO","LTER_EU_BE_05","INBO","WIJ1","AIR","EnvEurope",3,3,0,2013,5,8,{"$nulls":8},"TEMP    ","DB","METH_2",12.484513760416666,"°C",null,"X"]
["METEO","LTER_EU_BE_05","INBO","WIJ1","AIR","EnvEurope",3,3,0,2013,5,9,{"$nulls":8},"TEMP    ","DB","METH_2",12.035625375000008,"°C",null,"X"]
["METEO","LTER_EU_BE_05","INBO","WIJ1","AIR","EnvEurope",3,3,0,2013,5,10,{"$nulls":8},"TEMP    ","DB","METH_2",11.646598020833338,"°C",null,"X"]
["METEO","LTER_EU_BE_05","INBO","WIJ1","AIR","EnvEurope",3,3,0,2013,5,11,{"$nulls":8},"TEMP    ","DB","METH_2",10.058073208333335,"°C",null,"X"]
["METEO","LTER_EU_BE_05","INBO","WIJ1","AIR","EnvEurope",3,3,0,2013,5,12,{"$nulls":8},"TEMP    ","DB","METH_2",9.478889052083332,"°C",null,"X"]
["METEO","LTER_EU_BE_05","INBO","WIJ1","AIR","EnvEurope",3,3,0,2013,5,13,{"$nulls":8},"TEMP    ","DB","METH_2",11.150642437499997,"°C",null,"X"]
["METEO","LTER_EU_BE_05","INBO","WIJ1","AIR","EnvEurope",3,3,0,2013,5,14,{"$nulls":8},"TEMP    ","DB","METH_2",9.370103947916666,"°C",null,"X"]
["METEO","LTER_EU_BE_05","INBO","WIJ1","AIR","EnvEurope",3,3,0,2013,5,15,{"$nulls":8},"TEMP    ","DB","METH_2",11.239548656250003,"°C",null,"X"]
["METEO","LTER_EU_BE_05","INBO","WIJ1","AIR","EnvEurope",3,3,0,2013,5,16,{"$nulls":8},"TEMP    ","DB","METH_2",8.324913083333332,"°C",null,"X"]
["METEO","LTER_EU_BE_05","INBO","WIJ1","AIR","EnvEurope",3,3,0,2013,5,17,{"$nulls":8},"TEMP    ","DB","METH_2",8.517238864583334,"°C",null,"X"]
["METEO","LTER_EU_BE_05","INBO","WIJ1","AIR","EnvEurope",3,3,0,2013,5,18,{"$nulls":8},"TEMP    ","DB","METH_2",10.534705500000001,"°C",null,"X"]
["METEO","LTER_EU_BE_05","INBO","WIJ1","AIR","EnvEurope",3,3,0,2013,5,19,{"$nulls":8},"TEMP    ","DB","METH_2",11.408594114583332,"°C",null,"X"]
["METEO","LTER_EU_BE_05","INBO","WIJ1","AIR","EnvEurope",3,3,0,2013,5,20,{"$nulls":8},"TEMP    ","DB","METH_2",9.903645229166667,"°C",null,"X"]
["METEO","LTER_EU_BE_05","INBO","WIJ1","AIR","EnvEurope",3,3,0,2013,5,21,{"$nulls":8},"TEMP    ","DB","METH_2",9.033454770833332,"°C",null,"X"]
["METEO","LTER_EU_BE_05","INBO","WIJ1","AIR","EnvEurope",3,3,0,2013,5,22,{"$nulls":8},"TEMP    ","DB","METH_2",9.88895847916667,"°C",null,"X"]
["METEO","LTER_EU_BE_05","INBO","WIJ1","AIR","EnvEurope",3,3,0,2013,5,23,{"$nulls":8},"TEMP    ","DB","METH_2",7.256301843750002,"°C",null,"X"]
["METEO","LTER_EU_BE_05","INBO","WIJ1","AIR","EnvEurope",3,3,0,2013,5,24,{"$nulls":8},"TEMP    ","DB","METH_2",6.118628572916666,"°C",null,"X"]
["METEO","LTER_EU_BE_05","INBO","WIJ1","AIR","EnvEurope",3,3,0,2013,5,25,{"$nulls":8},"TEMP    ","DB","METH_2",8.372308291666664,"°C",null,"X"]
["METEO","LTER_EU_BE_05","INBO","WIJ1","AIR","EnvEurope",3,3,0,2013,5,26,{"$nulls":8},"TEMP    ","DB","METH_2",10.665624687499998,"°C",null,"X"]
["METEO","LTER_EU_BE_05","INBO","WIJ1","AIR","EnvEurope",3,3,0,2013,5,27,{"$nulls":8},"TEMP    ","DB","METH_2",11.934514302083329,"°C",null,"X"]
["METEO","LTER_EU_BE_05","INBO","WIJ1","AIR","EnvEurope",3,3,0,2013,5,28,{"$nulls":8},"TEMP    ","DB","METH_2",12.42722144791667,"°C",null,"X"]
["METEO","LTER_EU_BE_05","INBO","WIJ1","AIR","EnvEurope",3,3,0,2013,5,29,{"$nulls":8},"TEMP    ","DB","METH_2",9.55795203125,"°C",null,"X"]
["METEO","LTER_EU_BE_05","INBO","WIJ1","AIR","EnvEurope",3,3,0,2013,5,30,{"$nulls":8},"TEMP    ","DB","METH_2",10.757794822916667,"°C",null,"X"]
["METEO","LTER_EU_BE_05","INBO","WIJ1","AIR","EnvEurope",3,3,0,2013,5,31,{"$nulls":8},"TEMP    ","DB","METH_2",11.520486208333333,"°C",null,"X"]
["METEO","LTER_EU_BE_05","INBO","WIJ1","AIR","EnvEurope",3,3,0,2013,6,1,{"$nulls":8},"TEMP    ","DB","METH_2",10.140295427083336,"°C",null,"X"]
["METEO","LTER_EU_BE_05","INBO","WIJ1","AIR","EnvEurope",3,3,0,2013,6,2,{"$nulls":8},"TEMP    ","DB","METH_2",11.069079156249998,"°C",null,"X"]
["METEO","LTER_EU_BE_05","INBO","WIJ1","AIR","EnvEurope",3,3,0,2013,6,3,{"$nulls":8},"TEMP    ","DB","METH_2",10.60913165625,"°C",null,"X"]
["METEO","LTER_EU_BE_05","INBO","WIJ1","AIR","EnvEurope",3,3,0,2013,6,4,{"$nulls":8},"TEMP    ","DB","METH_2",10.66586790625,"°C",null,"X"]
["METEO","LTER_EU_BE_05","INBO","WIJ1","AIR","EnvEurope",3,3,0,2013,6,5,{"$nulls":8},"TEMP    ","DB","METH_2",13.070382406250006,"°C",null,"X"]
["METEO","LTER_EU_BE_05","INBO","WIJ1","AIR","EnvEurope",3,3,0,2013,6,6,{"$nulls":8},"TEMP    ","DB","METH_2",15.463367291666666,"°C",null,"X"]
["METEO","LTER_EU_BE_05","INBO","WIJ1","AIR","EnvEurope",3,3,0,2013,6,7,{"$nulls":8},"TEMP    ","DB","METH_2",16.055138749999994,"°C",null,"X"]
["METEO","LTER_EU_BE_05","INBO","WIJ1","AIR","EnvEurope",3,3,0,2013,6,8,{"$nulls":8},"TEMP    ","DB","METH_2",13.206250312500002,"°C",null,"X"]
["METEO","LTER_EU_BE_05","INBO","WIJ1","AIR","EnvEurope",3,3,0,2013,6,9,{"$nulls":8},"TEMP    ","DB","METH_2",11.909652687499998,"°C",null,"X"]
["METEO","LTER_EU_BE_05","INBO","WIJ1","AIR","EnvEurope",3,3,0,2013,6,10,{"$nulls":8},"TEMP    ","DB","METH_2",11.326632604166669,"°C",null,"X"]
["METEO","LTER_EU_BE_05","INBO","WIJ1","AIR","EnvEurope",3,3,0,2013,6,11,{"$nulls":8},"TEMP    ","DB","METH_2",13.971944239583335,"°C",null,"X"]
["METEO","LTER_EU_BE_05","INBO","WIJ1","AIR","EnvEurope",3,3,0,2013,6,12,{"$nulls":8},"TEMP    ","DB","METH_2",17.730606874999996,"°C",null,"X"]
["METEO","LTER_EU_BE_05","INBO","WIJ1","AIR","EnvEurope",3,3,0,2013,6,13,{"$nulls":8},"TEMP    ","DB","METH_2",15.622378645833338,"°C",null,"X"]
["METEO","LTER_EU_BE_05","INBO","WIJ1","AIR","EnvEurope",3,3,0,2013,6,14,{"$nulls":8},"TEMP    ","DB","METH_2",14.314983416666669,"°C",null,"X"]
["METEO","LTER_EU_BE_05","INBO","WIJ1","AIR","EnvEurope",3,3,0,2013,6,15,{"$nulls":8},"TEMP    ","DB","METH_2",14.71152770833333,"°C",null,"X"]
["METEO","LTER_EU_BE_05","INBO","WIJ1","AIR","EnvEurope",3,3,0,2013,6,16,{"$nulls":8},"TEMP    ","DB","METH_2",13.485869166666667,"°C",null,"X"]
["METEO","LTER_EU_BE_05","INBO","WIJ1","AIR","EnvEurope",3,3,0,2013,6,17,{"$nulls":8},"TEMP    ","DB","METH_2",16.805243437500007,"°C",null,"X"]
["METEO","LTER_EU_BE_05","INBO","WIJ1","AIR","EnvEurope",3,3,0,2013,6,18,{"$nulls":8},"TEMP    ","DB","METH_2",19.971544479166667,"°C",null,"X"]
["METEO","LTER_EU_BE_05","INBO","WIJ1","AIR","EnvEurope",3,3,0,2013,6,19,{"$nulls":8},"TEMP    ","DB","METH_2",17.6632478125,"°C",null,"X"]
["METEO","LTER_EU_BE_05","INBO","WIJ1","AIR","EnvEurope",3,3,0,2013,6,20,{"$nulls":8},"TEMP    ","DB","METH_2",18.40788270833334,"°C",null,"X"]
["METEO","LTER_EU_BE_05","INBO","WIJ1","AIR","EnvEurope",3,3,0,2013,6,21,{"$nulls":8},"TEMP    ","DB","METH_2",15.036632395833324,"°C",null,"X"]
["METEO","LTER_EU_BE_05","INBO","WIJ1","AIR","EnvEurope",3,3,0,2013,6,22,{"$nulls":8},"TEMP    ","DB","METH_2",14.36164833333334,"°C",null,"X"]
["METEO","LTER_EU_BE_05","INBO","WIJ1","AIR","EnvEurope",3,3,0,2013,6,23,{"$nulls":8},"TEMP    ","DB","METH_2",14.249375208333335,"°C",null,"X"]
["METEO","LTER_EU_BE_05","INBO","WIJ1","AIR","EnvEurope",3,3,0,2013,6,24,{"$nulls":8},"TEMP    ","DB","METH_2",12.927535312499996,"°C",null,"X"]
["METEO","LTER_EU_BE_05","INBO","WIJ1","AIR","EnvEurope",3,3,0,2013,6,25,{"$nulls":8},"TEMP    ","DB","METH_2",13.139670343749998,"°C",null,"X"]
["METEO","LTER_EU_BE_05","INBO","WIJ1","AIR","EnvEurope",3,3,0,2013,6,26,{"$nulls":8},"TEMP    ","DB","METH_2",13.765486093750004,"°C",null,"X"]
["METEO","LTER_EU_BE_05","INBO","WIJ1","AIR","EnvEurope",3,3,0,2013,6,27,{"$nulls":8},"TEMP    ","DB","METH_2",12.956579906249997,"°C",null,"X"]
["METEO","LTER_EU_BE_05","INBO","WIJ1","AIR","EnvEurope",3,3,0,2013,6,28,{"$nulls":8},"TEMP    ","DB","METH_2",14.080902708333328,"°C",null,"X"]
["METEO","LTER_EU_BE_05","INBO","WIJ1","AIR","EnvEurope",3,3,0,2013,6,29,{"$nulls":8},"TEMP    ","DB","METH_2",14.07006939583333,"°C",null,"X"]
["METEO","LTER_EU_BE_05","INBO","WIJ1","AIR","EnvEurope",3,3,0,2013,6,30,{"$nulls":8},"TEMP    ","DB","METH_2",16.17017372916666,"°C",null,"X"]
["METEO","LTER_EU_BE_05","INBO","WIJ1","AIR","EnvEurope",3,3,0,2013,7,1,{"$nulls":8},"TEMP    ","DB","METH_2",15.450833124999997,"°C",null,"X"]
["METEO","LTER_EU_BE_05","INBO","WIJ1","AIR","EnvEurope",3,3,0,2013,7,2,{"$nulls":8},"TEMP    ","DB","METH_2",14.425955354166666,"°C",null,"X"]
["METEO","LTER_EU_BE_05","INBO","WIJ1","AIR","EnvEurope",3,3,0,2013,7,3,{"$nulls":8},"TEMP    ","DB","METH_2",15.211665625,"°C",null,"X"]
["METEO","LTER_EU_BE_05","INBO","WIJ1","AIR","EnvEurope",3,3,0,2013,7,4,{"$nulls":8},"TEMP    ","DB","METH_2",15.564496666666669,"°C",null,"X"]
["METEO","LTER_EU_BE_05","INBO","WIJ1","AIR","EnvEurope",3,3,0,2013,7,5,{"$nulls":8},"TEMP    ","DB","METH_2",16.022742291666667,"°C",null,"X"]
["METEO","LTER_EU_BE_05","INBO","WIJ1","AIR","EnvEurope",3,3,0,2013,7,6,{"$nulls":8},"TEMP    ","DB","METH_2",18.56305541666666,"°C",null,"X"]
["METEO","LTER_EU_BE_05","INBO","WIJ1","AIR","EnvEurope",3,3,0,2013,7,7,{"$nulls":8},"TEMP    ","DB","METH_2",19.602882812500003,"°C",null,"X"]
["METEO","LTER_EU_BE_05","INBO","WIJ1","AIR","EnvEurope",3,3,0,2013,7,8,{"$nulls":8},"TEMP    ","DB","METH_2",18.4749996875,"°C",null,"X"]
["METEO","LTER_EU_BE_05","INBO","WIJ1","AIR","EnvEurope",3,3,0,2013,7,9,{"$nulls":8},"TEMP    ","DB","METH_2",17.682239479166658,"°C",null,"X"]
["METEO","LTER_EU_BE_05","INBO","WIJ1","AIR","EnvEurope",3,3,0,2013,7,10,{"$nulls":8},"TEMP    ","DB","METH_2",15.85642354166667,"°C",null,"X"]
["METEO","LTER_EU_BE_05","INBO","WIJ1","AIR","EnvEurope",3,3,0,2013,7,11,{"$nulls":8},"TEMP    ","DB","METH_2",14.641719270833336,"°C",null,"X"]
["METEO","LTER_EU_BE_05","INBO","WIJ1","AIR","EnvEurope",3,3,0,2013,7,12,{"$nulls":8},"TEMP    ","DB","METH_2",13.663542718750003,"°C",null,"X"]
["METEO","LTER_EU_BE_05","INBO","WIJ1","AIR","EnvEurope",3,3,0,2013,7,13,{"$nulls":8},"TEMP    ","DB","METH_2",16.273663333333335,"°C",null,"X"]
["METEO","LTER_EU_BE_05","INBO","WIJ1","AIR","EnvEurope",3,3,0,2013,7,14,{"$nulls":8},"TEMP    ","DB","METH_2",17.446997604166665,"°C",null,"X"]
["METEO","LTER_EU_BE_05","INBO","WIJ1","AIR","EnvEurope",3,3,0,2013,7,15,{"$nulls":8},"TEMP    ","DB","METH_2",18.468872291666667,"°C",null,"X"]
["METEO","LTER_EU_BE_05","INBO","WIJ1","AIR","EnvEurope",3,3,0,2013,7,16,{"$nulls":8},"TEMP    ","DB","METH_2",18.33840385416667,"°C",null,"X"]
["METEO","LTER_EU_BE_05","INBO","WIJ1","AIR","EnvEurope",3,3,0,2013,7,17,{"$nulls":8},"TEMP    ","DB","METH_2",19.717778124999995,"°C",null,"X"]
["METEO","LTER_EU_BE_05","INBO","WIJ1","AIR","EnvEurope",3,3,0,2013,7,18,{"$nulls":8},"TEMP    ","DB","METH_2",18.701631562499998,"°C",null,"X"]
["METEO","LTER_EU_BE_05","INBO","WIJ1","AIR","EnvEurope",3,3,0,2013,7,19,{"$nulls":8},"TEMP    ","DB","METH_2",20.30994708333333,"°C",null,"X"]
["METEO","LTER_EU_BE_05","INBO","WIJ1","AIR","EnvEurope",3,3,0,2013,7,20,{"$nulls":8},"TEMP    ","DB","METH_2",17.53711812499999,"°C",null,"X"]
["METEO","LTER_EU_BE_05","INBO","WIJ1","AIR","EnvEurope",3,3,0,2013,7,21,{"$nulls":8},"TEMP    ","DB","METH_2",21.39626760416667,"°C",null,"X"]
["METEO","LTER_EU_BE_05","INBO","WIJ1","AIR","EnvEurope",3,3,0,2013,7,22,{"$nulls":8},"TEMP    ","DB","METH_2",22.954426249999997,"°C",null,"X"]
["METEO","LTER_EU_BE_05","INBO","WIJ1","AIR","EnvEurope",3,3,0,2013,7,23,{"$nulls":8},"TEMP    ","DB","METH_2",22.153004270833335,"°C",null,"X"]
["METEO","LTER_EU_BE_05","INBO","WIJ1","AIR","EnvEurope",3,3,0,2013,7,24,{"$nulls":8},"TEMP    ","DB","METH_2",19.92277875,"°C",null,"X"]
["METEO","LTER_EU_BE_05","INBO","WIJ1","AIR","EnvEurope",3,3,0,2013,7,25,{"$nulls":8},"TEMP    ","DB","METH_2",20.338106979166664,"°C",null,"X"]
["METEO","LTER_EU_BE_05","INBO","WIJ1","AIR","EnvEurope",3,3,0,2013,7,26,{"$nulls":8},"TEMP    ","DB","METH_2",20.012414583333335,"°C",null,"X"]
["METEO","LTER_EU_BE_05","INBO","WIJ1","AIR","EnvEurope",3,3,0,2013,7,27,{"$nulls":8},"TEMP    ","DB","METH_2",19.738595,"°C",null,"X"]
["METEO","LTER_EU_BE_05","INBO","WIJ1","AIR","EnvEurope",3,3,0,2013,7,28,{"$nulls":8},"TEMP    ","DB","METH_2",19.017673437499997,"°C",null,"X"]
["METEO","LTER_EU_BE_05","INBO","WIJ1","AIR","EnvEurope",3,3,0,2013,7,29,{"$nulls":8},"TEMP    ","DB","METH_2",18.74571145833333,"°C",null,"X"]
["METEO","LTER_EU_BE_05","INBO","WIJ1","AIR","EnvEurope",3,3,0,2013,7,30,{"$nulls":8},"TEMP    ","DB","METH_2",16.719375416666665,"°C",null,"X"]
["METEO","LTER_EU_BE_05","INBO","WIJ1","AIR","EnvEurope",3,3,0,2013,7,31,{"$nulls":8},"TEMP    ","DB","METH_2",18.90336833333333,"°C",null,"X"]
["METEO","LTER_EU_BE_05","INBO","WIJ1","AIR","EnvEurope",3,3,0,2013,8,1,{"$nulls":8},"TEMP    ","DB","METH_2",22.893455729166664,"°C",null,"X"]
["METEO","LTER_EU_BE_05","INBO","WIJ1","AIR","EnvEurope",3,3,0,2013,8,2,{"$nulls":8},"TEMP    ","DB","METH_2",22.16654541666666,"°C",null,"X"]
["METEO","LTER_EU_BE_05","INBO","WIJ1","AIR","EnvEurope",3,3,0,2013,8,3,{"$nulls":8},"TEMP    ","DB","METH_2",18.339080312499995,"°C",null,"X"]
["METEO","LTER_EU_BE_05","INBO","WIJ1","AIR","EnvEurope",3,3,0,2013,8,4,{"$nulls":8},"TEMP    ","DB","METH_2",17.560069895833333,"°C",null,"X"]
["METEO","LTER_EU_BE_05","INBO","WIJ1","AIR","EnvEurope",3,3,0,2013,8,5,{"$nulls":8},"TEMP    ","DB","METH_2",19.010087187499995,"°C",null,"X"]
["METEO","LTER_EU_BE_05","INBO","WIJ1","AIR","EnvEurope",3,3,0,2013,8,6,{"$nulls":8},"TEMP    ","DB","METH_2",18.207342916666672,"°C",null,"X"]
["METEO","LTER_EU_BE_05","INBO","WIJ1","AIR","EnvEurope",3,3,0,2013,8,7,{"$nulls":8},"TEMP    ","DB","METH_2",15.856094270833337,"°C",null,"X"]
["METEO","LTER_EU_BE_05","INBO","WIJ1","AIR","EnvEurope",3,3,0,2013,8,8,{"$nulls":8},"TEMP    ","DB","METH_2",15.832310416666672,"°C",null,"X"]
["METEO","LTER_EU_BE_05","INBO","WIJ1","AIR","EnvEurope",3,3,0,2013,8,9,{"$nulls":8},"TEMP    ","DB","METH_2",16.415433437499996,"°C",null,"X"]
["METEO","LTER_EU_BE_05","INBO","WIJ1","AIR","EnvEurope",3,3,0,2013,8,10,{"$nulls":8},"TEMP    ","DB","METH_2",15.946180624999998,"°C",null,"X"]
["METEO","LTER_EU_BE_05","INBO","WIJ1","AIR","EnvEurope",3,3,0,2013,8,11,{"$nulls":8},"TEMP    ","DB","METH_2",16.591684270833333,"°C",null,"X"]
["METEO","LTER_EU_BE_05","INBO","WIJ1","AIR","EnvEurope",3,3,0,2013,8,12,{"$nulls":8},"TEMP    ","DB","METH_2",15.558124062499994,"°C",null,"X"]
["METEO","LTER_EU_BE_05","INBO","WIJ1","AIR","EnvEurope",3,3,0,2013,8,13,{"$nulls":8},"TEMP    ","DB","METH_2",14.388264187499999,"°C",null,"X"]
["METEO","LTER_EU_BE_05","INBO","WIJ1","AIR","EnvEurope",3,3,0,2013,8,14,{"$nulls":8},"TEMP    ","DB","METH_2",15.318940833333322,"°C",null,"X"]
["METEO","LTER_EU_BE_05","INBO","WIJ1","AIR","EnvEurope",3,3,0,2013,8,15,{"$nulls":8},"TEMP    ","DB","METH_2",17.109983229166662,"°C",null,"X"]
["METEO","LTER_EU_BE_05","INBO","WIJ1","AIR","EnvEurope",3,3,0,2013,8,16,{"$nulls":8},"TEMP    ","DB","METH_2",17.815260937500003,"°C",null,"X"]
["METEO","LTER_EU_BE_05","INBO","WIJ1","AIR","EnvEurope",3,3,0,2013,8,17,{"$nulls":8},"TEMP    ","DB","METH_2",18.994096458333328,"°C",null,"X"]
["METEO","LTER_EU_BE_05","INBO","WIJ1","AIR","EnvEurope",3,3,0,2013,8,18,{"$nulls":8},"TEMP    ","DB","METH_2",18.859356875000007,"°C",null,"X"]
["METEO","LTER_EU_BE_05","INBO","WIJ1","AIR","EnvEurope",3,3,0,2013,8,19,{"$nulls":8},"TEMP    ","DB","METH_2",16.117552812500005,"°C",null,"X"]
["METEO","LTER_EU_BE_05","INBO","WIJ1","AIR","EnvEurope",3,3,0,2013,8,20,{"$nulls":8},"TEMP    ","DB","METH_2",16.234601249999997,"°C",null,"X"]
["METEO","LTER_EU_BE_05","INBO","WIJ1","AIR","EnvEurope",3,3,0,2013,8,21,{"$nulls":8},"TEMP    ","DB","METH_2",17.0820309375,"°C",null,"X"]
["METEO","LTER_EU_BE_05","INBO","WIJ1","AIR","EnvEurope",3,3,0,2013,8,22,{"$nulls":8},"TEMP    ","DB","METH_2",15.747117916666662,"°C",null,"X"]
["METEO","LTER_EU_BE_05","INBO","WIJ1","AIR","EnvEurope",3,3,0,2013,8,23,{"$nulls":8},"TEMP    ","DB","METH_2",19.618802395833335,"°C",null,"X"]
["METEO","LTER_EU_BE_05","INBO","WIJ1","AIR","EnvEurope",3,3,0,2013,8,24,{"$nulls":8},"TEMP    ","DB","METH_2",17.293750000000006,"°C",null,"X"]
["METEO","LTER_EU_BE_05","INBO","WIJ1","AIR","EnvEurope",3,3,0,2013,8,25,{"$nulls":8},"TEMP    ","DB","METH_2",16.8820659375,"°C",null,"X"]
["METEO","LTER_EU_BE_05","INBO","WIJ1","AIR","EnvEurope",3,3,0,2013,8,26,{"$nulls":8},"TEMP    ","DB","METH_2",17.544321666666665,"°C",null,"X"]
["METEO","LTER_EU_BE_05","INBO","WIJ1","AIR","EnvEurope",3,3,0,2013,8,27,{"$nulls":8},"TEMP    ","DB","METH_2",17.897412812500008,"°C",null,"X"]
["METEO","LTER_EU_BE_05","INBO","WIJ1","AIR","EnvEurope",3,3,0,2013,8,28,{"$nulls":8},"TEMP    ","DB","METH_2",17.15534645833333,"°C",null,"X"]
["METEO","LTER_EU_BE_05","INBO","WIJ1","AIR","EnvEurope",3,3,0,2013,8,29,{"$nulls":8},"TEMP    ","DB","METH_2",16.282117395833332,"°C",null,"X"]
["METEO","LTER_EU_BE_05","INBO","WIJ1","AIR","EnvEurope",3,3,0,2013,8,30,{"$nulls":8},"TEMP    ","DB","METH_2",16.403645729166662,"°C",null,"X"]
["METEO","LTER_EU_BE_05","INBO","WIJ1","AIR","EnvEurope",3,3,0,2013,8,31,{"$nulls":8},"TEMP    ","DB","METH_2",15.687223125000004,"°C",null,"X"]
["METEO","LTER_EU_BE_05","INBO","WIJ1","AIR","EnvEurope",3,3,0,2013,9,1,{"$nulls":8},"TEMP    ","DB","METH_2",13.198177770833333,"°C",null,"X"]
["METEO","LTER_EU_BE_05","INBO","WIJ1","AIR","EnvEurope",3,3,0,2013,9,2,{"$nulls":8},"TEMP    ","DB","METH_2",15.635537562500003,"°C",null,"X"]
["METEO","LTER_EU_BE_05","INBO","WIJ1","AIR","EnvEurope",3,3,0,2013,9,3,{"$nulls":8},"TEMP    ","DB","METH_2",17.223524687499992,"°C",null,"X"]
["METEO","LTER_EU_BE_05","INBO","WIJ1","AIR","EnvEurope",3,3,0,2013,9,4,{"$nulls":8},"TEMP    ","DB","METH_2",19.819548541666666,"°C",null,"X"]
["METEO","LTER_EU_BE_05","INBO","WIJ1","AIR","EnvEurope",3,3,0,2013,9,5,{"$nulls":8},"TEMP    ","DB","METH_2",21.786232812499993,"°C",null,"X"]
["METEO","LTER_EU_BE_05","INBO","WIJ1","AIR","EnvEurope",3,3,0,2013,9,6,{"$nulls":8},"TEMP    ","DB","METH_2",16.175381666666656,"°C",null,"X"]
["METEO","LTER_EU_BE_05","INBO","WIJ1","AIR","EnvEurope",3,3,0,2013,9,7,{"$nulls":8},"TEMP    ","DB","METH_2",14.921997395833328,"°C",null,"X"]
["METEO","LTER_EU_BE_05","INBO","WIJ1","AIR","EnvEurope",3,3,0,2013,9,8,{"$nulls":8},"TEMP    ","DB","METH_2",14.133436666666666,"°C",null,"X"]
["METEO","LTER_EU_BE_05","INBO","WIJ1","AIR","EnvEurope",3,3,0,2013,9,9,{"$nulls":8},"TEMP    ","DB","METH_2",11.038577020833335,"°C",null,"X"]
["METEO","LTER_EU_BE_05","INBO","WIJ1","AIR","EnvEurope",3,3,0,2013,9,10,{"$nulls":8},"TEMP    ","DB","METH_2",11.60298553125,"°C",null,"X"]
["METEO","LTER_EU_BE_05","INBO","WIJ1","AIR","EnvEurope",3,3,0,2013,9,11,{"$nulls":8},"TEMP    ","DB","METH_2",13.641926979166676,"°C",null,"X"]
["METEO","LTER_EU_BE_05","INBO","WIJ1","AIR","EnvEurope",3,3,0,2013,9,12,{"$nulls":8},"TEMP    ","DB","METH_2",12.89451327083333,"°C",null,"X"]
["METEO","LTER_EU_BE_05","INBO","WIJ1","AIR","EnvEurope",3,3,0,2013,9,13,{"$nulls":8},"TEMP    ","DB","METH_2",13.024010447916668,"°C",null,"X"]
["METEO","LTER_EU_BE_05","INBO","WIJ1","AIR","EnvEurope",3,3,0,2013,9,14,{"$nulls":8},"TEMP    ","DB","METH_2",14.218488437499994,"°C",null,"X"]
["METEO","LTER_EU_BE_05","INBO","WIJ1","AIR","EnvEurope",3,3,0,2013,9,15,{"$nulls":8},"TEMP    ","DB","METH_2",12.31211792708333,"°C",null,"X"]
["METEO","LTER_EU_BE_05","INBO","WIJ1","AIR","EnvEurope",3,3,0,2013,9,16,{"$nulls":8},"TEMP    ","DB","METH_2",11.244357156250002,"°C",null,"X"]
["METEO","LTER_EU_BE_05","INBO","WIJ1","AIR","EnvEurope",3,3,0,2013,9,17,{"$nulls":8},"TEMP    ","DB","METH_2",9.475399197916667,"°C",null,"X"]
["METEO","LTER_EU_BE_05","INBO","WIJ1","AIR","EnvEurope",3,3,0,2013,9,18,{"$nulls":8},"TEMP    ","DB","METH_2",12.673593427083327,"°C",null,"X"]
["METEO","LTER_EU_BE_05","INBO","WIJ1","AIR","EnvEurope",3,3,0,2013,9,19,{"$nulls":8},"TEMP    ","DB","METH_2",11.591509708333335,"°C",null,"X"]
["METEO","LTER_EU_BE_05","INBO","WIJ1","AIR","EnvEurope",3,3,0,2013,9,20,{"$nulls":8},"TEMP    ","DB","METH_2",12.279982499999997,"°C",null,"X"]
["METEO","LTER_EU_BE_05","INBO","WIJ1","AIR","EnvEurope",3,3,0,2013,9,21,{"$nulls":8},"TEMP    ","DB","METH_2",12.44609410416667,"°C",null,"X"]
["METEO","LTER_EU_BE_05","INBO","WIJ1","AIR","EnvEurope",3,3,0,2013,9,22,{"$nulls":8},"TEMP    ","DB","METH_2",16.0308684375,"°C",null,"X"]
["METEO","LTER_EU_BE_05","INBO","WIJ1","AIR","EnvEurope",3,3,0,2013,9,23,{"$nulls":8},"TEMP    ","DB","METH_2",15.993142187499997,"°C",null,"X"]
["METEO","LTER_EU_BE_05","INBO","WIJ1","AIR","EnvEurope",3,3,0,2013,9,24,{"$nulls":8},"TEMP    ","DB","METH_2",14.947759062499998,"°C",null,"X"]
["METEO","LTER_EU_BE_05","INBO","WIJ1","AIR","EnvEurope",3,3,0,2013,9,25,{"$nulls":8},"TEMP    ","DB","METH_2",15.143438541666663,"°C",null,"X"]
["METEO","LTER_EU_BE_05","INBO","WIJ1","AIR","EnvEurope",3,3,0,2013,9,26,{"$nulls":8},"TEMP    ","DB","METH_2",14.81675447916667,"°C",null,"X"]
["METEO","LTER_EU_BE_05","INBO","WIJ1","AIR","EnvEurope",3,3,0,2013,9,27,{"$nulls":8},"TEMP    ","DB","METH_2",11.723646135416667,"°C",null,"X"]
["METEO","LTER_EU_BE_05","INBO","WIJ1","AIR","EnvEurope",3,3,0,2013,9,28,{"$nulls":8},"TEMP    ","DB","METH_2",12.918333010416667,"°C",null,"X"]
["METEO","LTER_EU_BE_05","INBO","WIJ1","AIR","EnvEurope",3,3,0,2013,9,29,{"$nulls":8},"TEMP    ","DB","METH_2",13.092707229166669,"°C",null,"X"]
["METEO","LTER_EU_BE_05","INBO","WIJ1","AIR","EnvEurope",3,3,0,2013,9,30,{"$nulls":8},"TEMP    ","DB","METH_2",12.661440729166666,"°C",null,"X"]
["METEO","LTER_EU_BE_05","INBO","WIJ1","AIR","EnvEurope",3,3,0,2013,1,1,{"$nulls":8},"PREC","DB","METH_1",1.9499997199999994,"mm",null,"S"]
["METEO","LTER_EU_BE_05","INBO","WIJ1","AIR","EnvEurope",3,3,0,2013,1,2,{"$nulls":8},"PREC","DB","METH_1",0.060000000000000005,"mm",null,"S"]
["METEO","LTER_EU_BE_05","INBO","WIJ1","AIR","EnvEurope",3,3,0,2013,1,3,{"$nulls":8},"PREC","DB","METH_1",0.03,"mm",null,"S"]
["METEO","LTER_EU_BE_05","INBO","WIJ1","AIR","EnvEurope",3,3,0,2013,1,4,{"$nulls":8},"PREC","DB","METH_1",0,"mm",null,"S"]
["METEO","LTER_EU_BE_05","INBO","WIJ1","AIR","EnvEurope",3,3,0,2013,1,5,{"$nulls":8},"PREC","DB","METH_1",0,"mm",null,"S"]
["METEO","LTER_EU_BE_05","INBO","WIJ1","AIR","EnvEurope",3,3,0,2013,1,6,{"$nulls":8},"PREC","DB","METH_1",0,"mm",null,"S"]
["METEO","LTER_EU_BE_05","INBO","WIJ1","AIR","EnvEurope",3,3,0,2013,1,7,{"$nulls":8},"PREC","DB","METH_1",0,"mm",null,"S"]
["METEO","LTER_EU_BE_05","INBO","WIJ1","AIR","EnvEurope",3,3,0,2013,1,8,{"$nulls":8},"PREC","DB","METH_1",0,"mm",null,"S"]
["METEO","LTER_EU_BE_05","INBO","WIJ1","AIR","EnvEurope",3,3,0,2013,1,9,{"$nulls":8},"PREC","DB","METH_1",0.56999999,"mm",null,"S"]
["METEO","LTER_EU_BE_05","INBO","WIJ1","AIR","EnvEurope",3,3,0,2013,1,10,{"$nulls":8},"PREC","DB","METH_1",0,"mm",null,"S"]
["METEO","LTER_EU_BE_05","INBO","WIJ1","AIR","EnvEurope",3,3,0,2013,1,11,{"$nulls":8},"PREC","DB","METH_1",0.8099998800000001,"mm",null,"S"]
["METEO","LTER_EU_BE_05","INBO","WIJ1","AIR","EnvEurope",3,3,0,2013,1,12,{"$nulls":8},"PREC","DB","METH_1",0,"mm",null,"S"]
["METEO","LTER_EU_BE_05","INBO","WIJ1","AIR","EnvEurope",3,3,0,2013,1,13,{"$nulls":8},"PREC","DB","METH_1",0,"mm",null,"S"]
["METEO","LTER_EU_BE_05","INBO","WIJ1","AIR","EnvEurope",3,3,0,2013,1,14,{"$nulls":8},"PREC","DB","METH_1",0,"mm",null,"S"]
["METEO","LTER_EU_BE_05","INBO","WIJ1","AIR","EnvEurope",3,3,0,2013,1,15,{"$nulls":8},"PREC","DB","METH_1",0.02,"mm",null,"S"]
["METEO","LTER_EU_BE_05","INBO","WIJ1","AIR","EnvEurope",3,3,0,2013,1,16,{"$nulls":8},"PREC","DB","METH_1",0,"mm",null,"S"]
["METEO","LTER_EU_BE_05","INBO","WIJ1","AIR","EnvEurope",3,3,0,2013,1,17,{"$nulls":8},"PREC","DB","METH_1",0,"mm",null,"S"]
["METEO","LTER_EU_BE_05","INBO","WIJ1","AIR","EnvEurope",3,3,0,2013,1,18,{"$nulls":8},"PREC","DB","METH_1",0,"mm",null,"S"]
["METEO","LTER_EU_BE_05","INBO","WIJ1","AIR","EnvEurope",3,3,0,2013,1,19,{"$nulls":8},"PREC","DB","METH_1",0,"mm",null,"S"]
["METEO","LTER_EU_BE_05","INBO","WIJ1","AIR","EnvEurope",3,3,0,2013,1,20,{"$nulls":8},"PREC","DB","METH_1",0,"mm",null,"S"]
["METEO","LTER_EU_BE_05","INBO","WIJ1","AIR","EnvEurope",3,3,0,2013,1,21,{"$nulls":8},"PREC","DB","METH_1",0,"mm",null,"S"]
["METEO","LTER_EU_BE_05","INBO","WIJ1","AIR","EnvEurope",3,3,0,2013,1,22,{"$nulls":8},"PREC","DB","METH_1",0,"mm",null,"S"]
["METEO","LTER_EU_BE_05","INBO","WIJ1","AIR","EnvEurope",3,3,0,2013,1,23,{"$nulls":8},"PREC","DB","METH_1",0,"mm",null,"S"]
["METEO","LTER_EU_BE_05","INBO","WIJ1","AIR","EnvEurope",3,3,0,2013,1,24,{"$nulls":8},"PREC","DB","METH_1",0,"mm",null,"S"]
["METEO","LTER_EU_BE_05","INBO","WIJ1","AIR","EnvEurope",3,3,0,2013,1,25,{"$nulls":8},"PREC","DB","METH_1",0,"mm",null,"S"]
["METEO","LTER_EU_BE_05","INBO","WIJ1","AIR","EnvEurope",3,3,0,2013,1,26,{"$nulls":8},"PREC","DB","METH_1",0,"mm",null,"S"]
["METEO","LTER_EU_BE_05","INBO","WIJ1","AIR","EnvEurope",3,3,0,2013,1,27,{"$nulls":8},"PREC","DB","METH_1",4.839999529999999,"mm",null,"S"]
["METEO","LTER_EU_BE_05","INBO","WIJ1","AIR","EnvEurope",3,3,0,2013,1,28,{"$nulls":8},"PREC","DB","METH_1",2.2899999899999997,"mm",null,"S"]
["METEO","LTER_EU_BE_05","INBO","WIJ1","AIR","EnvEurope",3,3,0,2013,1,29,{"$nulls":8},"PREC","DB","METH_1",7.279998369999998,"mm",null,"S"]
["METEO","LTER_EU_BE_05","INBO","WIJ1","AIR","EnvEurope",3,3,0,2013,1,30,{"$nulls":8},"PREC","DB","METH_1",0.6300000000000001,"mm",null,"S"]
["METEO","LTER_EU_BE_05","INBO","WIJ1","AIR","EnvEurope",3,3,0,2013,1,31,{"$nulls":8},"PREC","DB","METH_1",1.0099999,"mm",null,"S"]
["METEO","LTER_EU_BE_05","INBO","WIJ1","AIR","EnvEurope",3,3,0,2013,10,1,{"$nulls":8},"PREC","DB","METH_1",0,"mm",null,"S"]
["METEO","LTER_EU_BE_05","INBO","WIJ1","AIR","EnvEurope",3,3,0,2013,10,2,{"$nulls":8},"PREC","DB","METH_1",0,"mm",null,"S"]
["METEO","LTER_EU_BE_05","INBO","WIJ1","AIR","EnvEurope",3,3,0,2013,10,3,{"$nulls":8},"PREC","DB","METH_1",0.09999999,"mm",null,"S"]
["METEO","LTER_EU_BE_05","INBO","WIJ1","AIR","EnvEurope",3,3,0,2013,10,4,{"$nulls":8},"PREC","DB","METH_1",0.23999999,"mm",null,"S"]
["METEO","LTER_EU_BE_05","INBO","WIJ1","AIR","EnvEurope",3,3,0,2013,10,5,{"$nulls":8},"PREC","DB","METH_1",0,"mm",null,"S"]
["METEO","LTER_EU_BE_05","INBO","WIJ1","AIR","EnvEurope",3,3,0,2013,10,6,{"$nulls":8},"PREC","DB","METH_1",0,"mm",null,"S"]
["METEO","LTER_EU_BE_05","INBO","WIJ1","AIR","EnvEurope",3,3,0,2013,10,7,{"$nulls":8},"PREC","DB","METH_1",0,"mm",null,"S"]
["METEO","LTER_EU_BE_05","INBO","WIJ1","AIR","EnvEurope",3,3,0,2013,10,8,{"$nulls":8},"PREC","DB","METH_1",0,"mm",null,"S"]
["METEO","LTER_EU_BE_05","INBO","WIJ1","AIR","EnvEurope",3,3,0,2013,10,9,{"$nulls":8},"PREC","DB","METH_1",0.5199999000000001,"mm",null,"S"]
["METEO","LTER_EU_BE_05","INBO","WIJ1","AIR","EnvEurope",3,3,0,2013,10,10,{"$nulls":8},"PREC","DB","METH_1",60.249995139999996,"mm",null,"S"]
["METEO","LTER_EU_BE_05","INBO","WIJ1","AIR","EnvEurope",3,3,0,2013,10,11,{"$nulls":8},"PREC","DB","METH_1",4.899999369999998,"mm",null,"S"]
["METEO","LTER_EU_BE_05","INBO","WIJ1","AIR","EnvEurope",3,3,0,2013,10,12,{"$nulls":8},"PREC","DB","METH_1",1.95999979,"mm",null,"S"]
["METEO","LTER_EU_BE_05","INBO","WIJ1","AIR","EnvEurope",3,3,0,2013,10,13,{"$nulls":8},"PREC","DB","METH_1",19.369993030000007,"mm",null,"S"]
["METEO","LTER_EU_BE_05","INBO","WIJ1","AIR","EnvEurope",3,3,0,2013,10,14,{"$nulls":8},"PREC","DB","METH_1",6.579998959999999,"mm",null,"S"]
["METEO","LTER_EU_BE_05","INBO","WIJ1","AIR","EnvEurope",3,3,0,2013,10,15,{"$nulls":8},"PREC","DB","METH_1",0.48,"mm",null,"S"]
["METEO","LTER_EU_BE_05","INBO","WIJ1","AIR","EnvEurope",3,3,0,2013,10,16,{"$nulls":8},"PREC","DB","METH_1",1.66999949,"mm",null,"S"]
["METEO","LTER_EU_BE_05","INBO","WIJ1","AIR","EnvEurope",3,3,0,2013,10,17,{"$nulls":8},"PREC","DB","METH_1",4.97999969,"mm",null,"S"]
["METEO","LTER_EU_BE_05","INBO","WIJ1","AIR","EnvEurope",3,3,0,2013,10,18,{"$nulls":8},"PREC","DB","METH_1",0,"mm",null,"S"]
["METEO","LTER_EU_BE_05","INBO","WIJ1","AIR","EnvEurope",3,3,0,2013,10,19,{"$nulls":8},"PREC","DB","METH_1",16.05999899,"mm",null,"S"]
["METEO","LTER_EU_BE_05","INBO","WIJ1","AIR","EnvEurope",3,3,0,2013,10,20,{"$nulls":8},"PREC","DB","METH_1",7.1699988800000005,"mm",null,"S"]
["METEO","LTER_EU_BE_05","INBO","WIJ1","AIR","EnvEurope",3,3,0,2013,10,21,{"$nulls":8},"PREC","DB","METH_1",0.02,"mm",null,"S"]
["METEO","LTER_EU_BE_05","INBO","WIJ1","AIR","EnvEurope",3,3,0,2013,10,22,{"$nulls":8},"PREC","DB","METH_1",0.50999998,"mm",null,"S"]
["METEO","LTER_EU_BE_05","INBO","WIJ1","AIR","EnvEurope",3,3,0,2013,10,23,{"$nulls":8},"PREC","DB","METH_1",0.02,"mm",null,"S"]
["METEO","LTER_EU_BE_05","INBO","WIJ1","AIR","EnvEurope",3,3,0,2013,10,24,{"$nulls":8},"PREC","DB","METH_1",0,"mm",null,"S"]
["METEO","LTER_EU_BE_05","INBO","WIJ1","AIR","EnvEurope",3,3,0,2013,10,25,{"$nulls":8},"PREC","DB","METH_1",0.060000000000000005,"mm",null,"S"]
["METEO","LTER_EU_BE_05","INBO","WIJ1","AIR","EnvEurope",3,3,0,2013,10,26,{"$nulls":8},"PREC","DB","METH_1",0,"mm",null,"S"]
["METEO","LTER_EU_BE_05","INBO","WIJ1","AIR","EnvEurope",3,3,0,2013,10,27,{"$nulls":8},"PREC","DB","METH_1",3.849999689999999,"mm",null,"S"]
["METEO","LTER_EU_BE_05","INBO","WIJ1","AIR","EnvEurope",3,3,0,2013,10,28,{"$nulls":8},"PREC","DB","METH_1",5.83999959,"mm",null,"S"]
["METEO","LTER_EU_BE_05","INBO","WIJ1","AIR","EnvEurope",3,3,0,2013,10,29,{"$nulls":8},"PREC","DB","METH_1",3.90999978,"mm",null,"S"]
["METEO","LTER_EU_BE_05","INBO","WIJ1","AIR","EnvEurope",3,3,0,2013,10,30,{"$nulls":8},"PREC","DB","METH_1",0,"mm",null,"S"]
["METEO","LTER_EU_BE_05","INBO","WIJ1","AIR","EnvEurope",3,3,0,2013,10,31,{"$nulls":8},"PREC","DB","METH_1",0,"mm",null,"S"]
["METEO","LTER_EU_BE_05","INBO","WIJ1","AIR","EnvEurope",3,3,0,2013,11,1,{"$nulls":8},"PREC","DB","METH_1",2.0399998900000003,"mm",null,"S"]
["METEO","LTER_EU_BE_05","INBO","WIJ1","AIR","EnvEurope",3,3,0,2013,11,2,{"$nulls":8},"PREC","DB","METH_1",9.129996499999999,"mm",null,"S"]
["METEO","LTER_EU_BE_05","INBO","WIJ1","AIR","EnvEurope",3,3,0,2013,11,3,{"$nulls":8},"PREC","DB","METH_1",1.0699999900000001,"mm",null,"S"]
["METEO","LTER_EU_BE_05","INBO","WIJ1","AIR","EnvEurope",3,3,0,2013,11,4,{"$nulls":8},"PREC","DB","METH_1",10.579996359999996,"mm",null,"S"]
["METEO","LTER_EU_BE_05","INBO","WIJ1","AIR","EnvEurope",3,3,0,2013,11,5,{"$nulls":8},"PREC","DB","METH_1",7.01999957,"mm",null,"S"]
["METEO","LTER_EU_BE_05","INBO","WIJ1","AIR","EnvEurope",3,3,0,2013,11,6,{"$nulls":8},"PREC","DB","METH_1",0.23999999,"mm",null,"S"]
["METEO","LTER_EU_BE_05","INBO","WIJ1","AIR","EnvEurope",3,3,0,2013,11,7,{"$nulls":8},"PREC","DB","METH_1",2.5999999700000007,"mm",null,"S"]
["METEO","LTER_EU_BE_05","INBO","WIJ1","AIR","EnvEurope",3,3,0,2013,11,8,{"$nulls":8},"PREC","DB","METH_1",2.5399996,"mm",null,"S"]
["METEO","LTER_EU_BE_05","INBO","WIJ1","AIR","EnvEurope",3,3,0,2013,11,9,{"$nulls":8},"PREC","DB","METH_1",1.76999999,"mm",null,"S"]
["METEO","LTER_EU_BE_05","INBO","WIJ1","AIR","EnvEurope",3,3,0,2013,11,10,{"$nulls":8},"PREC","DB","METH_1",7.949998479999997,"mm",null,"S"]
["METEO","LTER_EU_BE_05","INBO","WIJ1","AIR","EnvEurope",3,3,0,2013,11,11,{"$nulls":8},"PREC","DB","METH_1",0,"mm",null,"S"]
["METEO","LTER_EU_BE_05","INBO","WIJ1","AIR","EnvEurope",3,3,0,2013,11,12,{"$nulls":8},"PREC","DB","METH_1",0.08999999,"mm",null,"S"]
["METEO","LTER_EU_BE_05","INBO","WIJ1","AIR","EnvEurope",3,3,0,2013,11,13,{"$nulls":8},"PREC","DB","METH_1",0,"mm",null,"S"]
["METEO","LTER_EU_BE_05","INBO","WIJ1","AIR","EnvEurope",3,3,0,2013,11,14,{"$nulls":8},"PREC","DB","METH_1",9.589999259999999,"mm",null,"S"]
["METEO","LTER_EU_BE_05","INBO","WIJ1","AIR","EnvEurope",3,3,0,2013,11,15,{"$nulls":8},"PREC","DB","METH_1",8.199999489999998,"mm",null,"S"]
["METEO","LTER_EU_BE_05","INBO","WIJ1","AIR","EnvEurope",3,3,0,2013,11,16,{"$nulls":8},"PREC","DB","METH_1",0,"mm",null,"S"]
["METEO","LTER_EU_BE_05","INBO","WIJ1","AIR","EnvEurope",3,3,0,2013,11,17,{"$nulls":8},"PREC","DB","METH_1",0,"mm",null,"S"]
["METEO","LTER_EU_BE_05","INBO","WIJ1","AIR","EnvEurope",3,3,0,2013,11,18,{"$nulls":8},"PREC","DB","METH_1",0,"mm",null,"S"]
["METEO","LTER_EU_BE_05","INBO","WIJ1","AIR","EnvEurope",3,3,0,2013,11,19,{"$nulls":8},"PREC","DB","METH_1",2.3999997900000003,"mm",null,"S"]
["METEO","LTER_EU_BE_05","INBO","WIJ1","AIR","EnvEurope",3,3,0,2013,11,20,{"$nulls":8},"PREC","DB","METH_1",13.669998149999996,"mm",null,"S"]
["METEO","LTER_EU_BE_05","INBO","WIJ1","AIR","EnvEurope",3,3,0,2013,11,21,{"$nulls":8},"PREC","DB","METH_1",2.71999977,"mm",null,"S"]
["METEO","LTER_EU_BE_05","INBO","WIJ1","AIR","EnvEurope",3,3,0,2013,11,22,{"$nulls":8},"PREC","DB","METH_1",0,"mm",null,"S"]
["METEO","LTER_EU_BE_05","INBO","WIJ1","AIR","EnvEurope",3,3,0,2013,11,23,{"$nulls":8},"PREC","DB","METH_1",0,"mm",null,"S"]
["METEO","LTER_EU_BE_05","INBO","WIJ1","AIR","EnvEurope",3,3,0,2013,11,24,{"$nulls":8},"PREC","DB","METH_1",0.56,"mm",null,"S"]
["METEO","LTER_EU_BE_05","INBO","WIJ1","AIR","EnvEurope",3,3,0,2013,11,25,{"$nulls":8},"PREC","DB","METH_1",3.90999974,"mm",null,"S"]
["METEO","LTER_EU_BE_05","INBO","WIJ1","AIR","EnvEurope",3,3,0,2013,11,26,{"$nulls":8},"PREC","DB","METH_1",0.9399999800000002,"mm",null,"S"]
["METEO","LTER_EU_BE_05","INBO","WIJ1","AIR","EnvEurope",3,3,0,2013,11,27,{"$nulls":8},"PREC","DB","METH_1",0,"mm",null,"S"]
["METEO","LTER_EU_BE_05","INBO","WIJ1","AIR","EnvEurope",3,3,0,2013,11,28,{"$nulls":8},"PREC","DB","METH_1",0,"mm",null,"S"]
["METEO","LTER_EU_BE_05","INBO","WIJ1","AIR","EnvEurope",3,3,0,2013,11,29,{"$nulls":8},"PREC","DB","METH_1",0.16999999,"mm",null,"S"]
["METEO","LTER_EU_BE_05","INBO","WIJ1","AIR","EnvEurope",3,3,0,2013,11,30,{"$nulls":8},"PREC","DB","METH_1",2.1199997699999997,"mm",null,"S"]
["METEO","LTER_EU_BE_05","INBO","WIJ1","AIR","EnvEurope",3,3,0,2013,12,1,{"$nulls":8},"PREC","DB","METH_1",0.01,"mm",null,"S"]
["METEO","LTER_EU_BE_05","INBO","WIJ1","AIR","EnvEurope",3,3,0,2013,12,2,{"$nulls":8},"PREC","DB","METH_1",0,"mm",null,"S"]
["METEO","LTER_EU_BE_05","INBO","WIJ1","AIR","EnvEurope",3,3,0,2013,12,3,{"$nulls":8},"PREC","DB","METH_1",0,"mm",null,"S"]
["METEO","LTER_EU_BE_05","INBO","WIJ1","AIR","EnvEurope",3,3,0,2013,12,4,{"$nulls":8},"PREC","DB","METH_1",0,"mm",null,"S"]
["METEO","LTER_EU_BE_05","INBO","WIJ1","AIR","EnvEurope",3,3,0,2013,12,5,{"$nulls":8},"PREC","DB","METH_1",0.4,"mm",null,"S"]
["METEO","LTER_EU_BE_05","INBO","WIJ1","AIR","EnvEurope",3,3,0,2013,12,6,{"$nulls":8},"PREC","DB","METH_1",0.49999998,"mm",null,"S"]
["METEO","LTER_EU_BE_05","INBO","WIJ1","AIR","EnvEurope",3,3,0,2013,12,7,{"$nulls":8},"PREC","DB","METH_1",0.11999998999999999,"mm",null,"S"]
["METEO","LTER_EU_BE_05","INBO","WIJ1","AIR","EnvEurope",3,3,0,2013,12,8,{"$nulls":8},"PREC","DB","METH_1",0,"mm",null,"S"]
["METEO","LTER_EU_BE_05","INBO","WIJ1","AIR","EnvEurope",3,3,0,2013,12,9,{"$nulls":8},"PREC","DB","METH_1",0,"mm",null,"S"]
["METEO","LTER_EU_BE_05","INBO","WIJ1","AIR","EnvEurope",3,3,0,2013,12,10,{"$nulls":8},"PREC","DB","METH_1",0,"mm",null,"S"]
["METEO","LTER_EU_BE_05","INBO","WIJ1","AIR","EnvEurope",3,3,0,2013,12,11,{"$nulls":8},"PREC","DB","METH_1",0,"mm",null,"S"]
["METEO","LTER_EU_BE_05","INBO","WIJ1","AIR","EnvEurope",3,3,0,2013,12,12,{"$nulls":8},"PREC","DB","METH_1",0,"mm",null,"S"]
["METEO","LTER_EU_BE_05","INBO","WIJ1","AIR","EnvEurope",3,3,0,2013,12,13,{"$nulls":8},"PREC","DB","METH_1",0.90999999,"mm",null,"S"]
["METEO","LTER_EU_BE_05","INBO","WIJ1","AIR","EnvEurope",3,3,0,2013,12,14,{"$nulls":8},"PREC","DB","METH_1",2.9399992900000003,"mm",null,"S"]
["METEO","LTER_EU_BE_05","INBO","WIJ1","AIR","EnvEurope",3,3,0,2013,12,15,{"$nulls":8},"PREC","DB","METH_1",0.23,"mm",null,"S"]
["METEO","LTER_EU_BE_05","INBO","WIJ1","AIR","EnvEurope",3,3,0,2013,12,16,{"$nulls":8},"PREC","DB","METH_1",0,"mm",null,"S"]
["METEO","LTER_EU_BE_05","INBO","WIJ1","AIR","EnvEurope",3,3,0,2013,12,17,{"$nulls":8},"PREC","DB","METH_1",0,"mm",null,"S"]
["METEO","LTER_EU_BE_05","INBO","WIJ1","AIR","EnvEurope",3,3,0,2013,12,18,{"$nulls":8},"PREC","DB","METH_1",0.03,"mm",null,"S"]
["METEO","LTER_EU_BE_05","INBO","WIJ1","AIR","EnvEurope",3,3,0,2013,12,19,{"$nulls":8},"PREC","DB","METH_1",7.02999868,"mm",null,"S"]
["METEO","LTER_EU_BE_05","INBO","WIJ1","AIR","EnvEurope",3,3,0,2013,12,20,{"$nulls":8},"PREC","DB","METH_1",0.23999998000000003,"mm",null,"S"]
["METEO","LTER_EU_BE_05","INBO","WIJ1","AIR","EnvEurope",3,3,0,2013,12,21,{"$nulls":8},"PREC","DB","METH_1",1.15999999,"mm",null,"S"]
["METEO","LTER_EU_BE_05","INBO","WIJ1","AIR","EnvEurope",3,3,0,2013,12,22,{"$nulls":8},"PREC","DB","METH_1",4.059998899999999,"mm",null,"S"]
["METEO","LTER_EU_BE_05","INBO","WIJ1","AIR","EnvEurope",3,3,0,2013,12,23,{"$nulls":8},"PREC","DB","METH_1",0.15999999,"mm",null,"S"]
["METEO","LTER_EU_BE_05","INBO","WIJ1","AIR","EnvEurope",3,3,0,2013,12,24,{"$nulls":8},"PREC","DB","METH_1",7.7299994299999994,"mm",null,"S"]
["METEO","LTER_EU_BE_05","INBO","WIJ1","AIR","EnvEurope",3,3,0,2013,12,25,{"$nulls":8},"PREC","DB","METH_1",3.2699992999999994,"mm",null,"S"]
["METEO","LTER_EU_BE_05","INBO","WIJ1","AIR","EnvEurope",3,3,0,2013,12,26,{"$nulls":8},"PREC","DB","METH_1",0,"mm",null,"S"]
["METEO","LTER_EU_BE_05","INBO","WIJ1","AIR","EnvEurope",3,3,0,2013,12,27,{"$nulls":8},"PREC","DB","METH_1",3.7699998399999997,"mm",null,"S"]
["METEO","LTER_EU_BE_05","INBO","WIJ1","AIR","EnvEurope",3,3,0,2013,12,28,{"$nulls":8},"PREC","DB","METH_1",3.0499995799999997,"mm",null,"S"]
["METEO","LTER_EU_BE_05","INBO","WIJ1","AIR","EnvEurope",3,3,0,2013,12,29,{"$nulls":8},"PREC","DB","METH_1",1.61,"mm",null,"S"]
["METEO","LTER_EU_BE_05","INBO","WIJ1","AIR","EnvEurope",3,3,0,2013,12,30,{"$nulls":8},"PREC","DB","METH_1",0.31999999,"mm",null,"S"]
["METEO","LTER_EU_BE_05","INBO","WIJ1","AIR","EnvEurope",3,3,0,2013,12,31,{"$nulls":8},"PREC","DB","METH_1",1.0199999400000002,"mm",null,"S"]
["METEO","LTER_EU_BE_05","INBO","WIJ1","AIR","EnvEurope",3,3,0,2013,2,1,{"$nulls":8},"PREC","DB","METH_1",5.679999510000001,"mm",null,"S"]
["METEO","LTER_EU_BE_05","INBO","WIJ1","AIR","EnvEurope",3,3,0,2013,2,2,{"$nulls":8},"PREC","DB","METH_1",4.879999959999998,"mm",null,"S"]
["METEO","LTER_EU_BE_05","INBO","WIJ1","AIR","EnvEurope",3,3,0,2013,2,3,{"$nulls":8},"PREC","DB","METH_1",0.5899999800000001,"mm",null,"S"]
["METEO","LTER_EU_BE_05","INBO","WIJ1","AIR","EnvEurope",3,3,0,2013,2,4,{"$nulls":8},"PREC","DB","METH_1",0,"mm",null,"S"]
["METEO","LTER_EU_BE_05","INBO","WIJ1","AIR","EnvEurope",3,3,0,2013,2,5,{"$nulls":8},"PREC","DB","METH_1",1.9899989800000002,"mm",null,"S"]
["METEO","LTER_EU_BE_05","INBO","WIJ1","AIR","EnvEurope",3,3,0,2013,2,6,{"$nulls":8},"PREC","DB","METH_1",10.989998869999997,"mm",null,"S"]
["METEO","LTER_EU_BE_05","INBO","WIJ1","AIR","EnvEurope",3,3,0,2013,2,7,{"$nulls":8},"PREC","DB","METH_1",2.1299998899999997,"mm",null,"S"]
["METEO","LTER_EU_BE_05","INBO","WIJ1","AIR","EnvEurope",3,3,0,2013,2,8,{"$nulls":8},"PREC","DB","METH_1",0.35999997,"mm",null,"S"]
["METEO","LTER_EU_BE_05","INBO","WIJ1","AIR","EnvEurope",3,3,0,2013,2,9,{"$nulls":8},"PREC","DB","METH_1",0,"mm",null,"S"]
["METEO","LTER_EU_BE_05","INBO","WIJ1","AIR","EnvEurope",3,3,0,2013,2,10,{"$nulls":8},"PREC","DB","METH_1",0,"mm",null,"S"]
["METEO","LTER_EU_BE_05","INBO","WIJ1","AIR","EnvEurope",3,3,0,2013,2,11,{"$nulls":8},"PREC","DB","METH_1",0,"mm",null,"S"]
["METEO","LTER_EU_BE_05","INBO","WIJ1","AIR","EnvEurope",3,3,0,2013,2,12,{"$nulls":8},"PREC","DB","METH_1",0,"mm",null,"S"]
["METEO","LTER_EU_BE_05","INBO","WIJ1","AIR","EnvEurope",3,3,0,2013,2,13,{"$nulls":8},"PREC","DB","METH_1",0,"mm",null,"S"]
["METEO","LTER_EU_BE_05","INBO","WIJ1","AIR","EnvEurope",3,3,0,2013,2,14,{"$nulls":8},"PREC","DB","METH_1",3.0199998599999995,"mm",null,"S"]
["METEO","LTER_EU_BE_05","INBO","WIJ1","AIR","EnvEurope",3,3,0,2013,2,15,{"$nulls":8},"PREC","DB","METH_1",0.07999998999999999,"mm",null,"S"]
["METEO","LTER_EU_BE_05","INBO","WIJ1","AIR","EnvEurope",3,3,0,2013,2,16,{"$nulls":8},"PREC","DB","METH_1",0,"mm",null,"S"]
["METEO","LTER_EU_BE_05","INBO","WIJ1","AIR","EnvEurope",3,3,0,2013,2,17,{"$nulls":8},"PREC","DB","METH_1",0,"mm",null,"S"]
["METEO","LTER_EU_BE_05","INBO","WIJ1","AIR","EnvEurope",3,3,0,2013,2,18,{"$nulls":8},"PREC","DB","METH_1",0,"mm",null,"S"]
["METEO","LTER_EU_BE_05","INBO","WIJ1","AIR","EnvEurope",3,3,0,2013,2,19,{"$nulls":8},"PREC","DB","METH_1",0.01,"mm",null,"S"]
["METEO","LTER_EU_BE_05","INBO","WIJ1","AIR","EnvEurope",3,3,0,2013,2,20,{"$nulls":8},"PREC","DB","METH_1",0,"mm",null,"S"]
["METEO","LTER_EU_BE_05","INBO","WIJ1","AIR","EnvEurope",3,3,0,2013,2,21,{"$nulls":8},"PREC","DB","METH_1",0,"mm",null,"S"]
["METEO","LTER_EU_BE_05","INBO","WIJ1","AIR","EnvEurope",3,3,0,2013,2,22,{"$nulls":8},"PREC","DB","METH_1",0,"mm",null,"S"]
["METEO","LTER_EU_BE_05","INBO","WIJ1","AIR","EnvEurope",3,3,0,2013,2,23,{"$nulls":8},"PREC","DB","METH_1",0,"mm",null,"S"]
["METEO","LTER_EU_BE_05","INBO","WIJ1","AIR","EnvEurope",3,3,0,2013,2,24,{"$nulls":8},"PREC","DB","METH_1",0,"mm",null,"S"]
["METEO","LTER_EU_BE_05","INBO","WIJ1","AIR","EnvEurope",3,3,0,2013,2,25,{"$nulls":8},"PREC","DB","METH_1",0.5799999600000001,"mm",null,"S"]
["METEO","LTER_EU_BE_05","INBO","WIJ1","AIR","EnvEurope",3,3,0,2013,2,26,{"$nulls":8},"PREC","DB","METH_1",0,"mm",null,"S"]
["METEO","LTER_EU_BE_05","INBO","WIJ1","AIR","EnvEurope",3,3,0,2013,2,27,{"$nulls":8},"PREC","DB","METH_1",0,"mm",null,"S"]
["METEO","LTER_EU_BE_05","INBO","WIJ1","AIR","EnvEurope",3,3,0,2013,2,28,{"$nulls":8},"PREC","DB","METH_1",0,"mm",null,"S"]
["METEO","LTER_EU_BE_05","INBO","WIJ1","AIR","EnvEurope",3,3,0,2013,3,1,{"$nulls":8},"PREC","DB","METH_1",0,"mm",null,"S"]
["METEO","LTER_EU_BE_05","INBO","WIJ1","AIR","EnvEurope",3,3,0,2013,3,2,{"$nulls":8},"PREC","DB","METH_1",0,"mm",null,"S"]
["METEO","LTER_EU_BE_05","INBO","WIJ1","AIR","EnvEurope",3,3,0,2013,3,3,{"$nulls":8},"PREC","DB","METH_1",0,"mm",null,"S"]
["METEO","LTER_EU_BE_05","INBO","WIJ1","AIR","EnvEurope",3,3,0,2013,3,4,{"$nulls":8},"PREC","DB","METH_1",0,"mm",null,"S"]
["METEO","LTER_EU_BE_05","INBO","WIJ1","AIR","EnvEurope",3,3,0,2013,3,5,{"$nulls":8},"PREC","DB","METH_1",0,"mm",null,"S"]
["METEO","LTER_EU_BE_05","INBO","WIJ1","AIR","EnvEurope",3,3,0,2013,3,6,{"$nulls":8},"PREC","DB","METH_1",0.01,"mm",null,"S"]
["METEO","LTER_EU_BE_05","INBO","WIJ1","AIR","EnvEurope",3,3,0,2013,3,7,{"$nulls":8},"PREC","DB","METH_1",0.8999999799999999,"mm",null,"S"]
["METEO","LTER_EU_BE_05","INBO","WIJ1","AIR","EnvEurope",3,3,0,2013,3,8,{"$nulls":8},"PREC","DB","METH_1",10.16999845,"mm",null,"S"]
["METEO","LTER_EU_BE_05","INBO","WIJ1","AIR","EnvEurope",3,3,0,2013,3,9,{"$nulls":8},"PREC","DB","METH_1",9.9599972,"mm",null,"S"]
["METEO","LTER_EU_BE_05","INBO","WIJ1","AIR","EnvEurope",3,3,0,2013,3,10,{"$nulls":8},"PREC","DB","METH_1",0.06,"mm",null,"S"]
["METEO","LTER_EU_BE_05","INBO","WIJ1","AIR","EnvEurope",3,3,0,2013,3,11,{"$nulls":8},"PREC","DB","METH_1",0,"mm",null,"S"]
["METEO","LTER_EU_BE_05","INBO","WIJ1","AIR","EnvEurope",3,3,0,2013,3,12,{"$nulls":8},"PREC","DB","METH_1",0,"mm",null,"S"]
["METEO","LTER_EU_BE_05","INBO","WIJ1","AIR","EnvEurope",3,3,0,2013,3,13,{"$nulls":8},"PREC","DB","METH_1",0.44,"mm",null,"S"]
["METEO","LTER_EU_BE_05","INBO","WIJ1","AIR","EnvEurope",3,3,0,2013,3,14,{"$nulls":8},"PREC","DB","METH_1",0.03,"mm",null,"S"]
["METEO","LTER_EU_BE_05","INBO","WIJ1","AIR","EnvEurope",3,3,0,2013,3,15,{"$nulls":8},"PREC","DB","METH_1",0.08,"mm",null,"S"]
["METEO","LTER_EU_BE_05","INBO","WIJ1","AIR","EnvEurope",3,3,0,2013,3,16,{"$nulls":8},"PREC","DB","METH_1",0.62999998,"mm",null,"S"]
["METEO","LTER_EU_BE_05","INBO","WIJ1","AIR","EnvEurope",3,3,0,2013,3,17,{"$nulls":8},"PREC","DB","METH_1",0.7799998900000001,"mm",null,"S"]
["METEO","LTER_EU_BE_05","INBO","WIJ1","AIR","EnvEurope",3,3,0,2013,3,18,{"$nulls":8},"PREC","DB","METH_1",1.38999996,"mm",null,"S"]
["METEO","LTER_EU_BE_05","INBO","WIJ1","AIR","EnvEurope",3,3,0,2013,3,19,{"$nulls":8},"PREC","DB","METH_1",0.23999999000000002,"mm",null,"S"]
["METEO","LTER_EU_BE_05","INBO","WIJ1","AIR","EnvEurope",3,3,0,2013,3,20,{"$nulls":8},"PREC","DB","METH_1",4.86999987,"mm",null,"S"]
["METEO","LTER_EU_BE_05","INBO","WIJ1","AIR","EnvEurope",3,3,0,2013,3,21,{"$nulls":8},"PREC","DB","METH_1",0,"mm",null,"S"]
["METEO","LTER_EU_BE_05","INBO","WIJ1","AIR","EnvEurope",3,3,0,2013,3,22,{"$nulls":8},"PREC","DB","METH_1",0,"mm",null,"S"]
["METEO","LTER_EU_BE_05","INBO","WIJ1","AIR","EnvEurope",3,3,0,2013,3,23,{"$nulls":8},"PREC","DB","METH_1",1.3699997900000003,"mm",null,"S"]
["METEO","LTER_EU_BE_05","INBO","WIJ1","AIR","EnvEurope",3,3,0,2013,3,24,{"$nulls":8},"PREC","DB","METH_1",0,"mm",null,"S"]
["METEO","LTER_EU_BE_05","INBO","WIJ1","AIR","EnvEurope",3,3,0,2013,3,25,{"$nulls":8},"PREC","DB","METH_1",0,"mm",null,"S"]
["METEO","LTER_EU_BE_05","INBO","WIJ1","AIR","EnvEurope",3,3,0,2013,3,26,{"$nulls":8},"PREC","DB","METH_1",0,"mm",null,"S"]
["METEO","LTER_EU_BE_05","INBO","WIJ1","AIR","EnvEurope",3,3,0,2013,3,27,{"$nulls":8},"PREC","DB","METH_1",0,"mm",null,"S"]
["METEO","LTER_EU_BE_05","INBO","WIJ1","AIR","EnvEurope",3,3,0,2013,3,28,{"$nulls":8},"PREC","DB","METH_1",0,"mm",null,"S"]
["METEO","LTER_EU_BE_05","INBO","WIJ1","AIR","EnvEurope",3,3,0,2013,3,29,{"$nulls":8},"PREC","DB","METH_1",0,"mm",null,"S"]
["METEO","LTER_EU_BE_05","INBO","WIJ1","AIR","EnvEurope",3,3,0,2013,3,30,{"$nulls":8},"PREC","DB","METH_1",0,"mm",null,"S"]
["METEO","LTER_EU_BE_05","INBO","WIJ1","AIR","EnvEurope",3,3,0,2013,3,31,{"$nulls":8},"PREC","DB","METH_1",0,"mm",null,"S"]
["METEO","LTER_EU_BE_05","INBO","WIJ1","AIR","EnvEurope",3,3,0,2013,4,1,{"$nulls":8},"PREC","DB","METH_1",0,"mm",null,"S"]
["METEO","LTER_EU_BE_05","INBO","WIJ1","AIR","EnvEurope",3,3,0,2013,4,2,{"$nulls":8},"PREC","DB","METH_1",0,"mm",null,"S"]
["METEO","LTER_EU_BE_05","INBO","WIJ1","AIR","EnvEurope",3,3,0,2013,4,3,{"$nulls":8},"PREC","DB","METH_1",0,"mm",null,"S"]
["METEO","LTER_EU_BE_05","INBO","WIJ1","AIR","EnvEurope",3,3,0,2013,4,4,{"$nulls":8},"PREC","DB","METH_1",0,"mm",null,"S"]
["METEO","LTER_EU_BE_05","INBO","WIJ1","AIR","EnvEurope",3,3,0,2013,4,5,{"$nulls":8},"PREC","DB","METH_1",0,"mm",null,"S"]
["METEO","LTER_EU_BE_05","INBO","WIJ1","AIR","EnvEurope",3,3,0,2013,4,6,{"$nulls":8},"PREC","DB","METH_1",0,"mm",null,"S"]
["METEO","LTER_EU_BE_05","INBO","WIJ1","AIR","EnvEurope",3,3,0,2013,4,7,{"$nulls":8},"PREC","DB","METH_1",0,"mm",null,"S"]
["METEO","LTER_EU_BE_05","INBO","WIJ1","AIR","EnvEurope",3,3,0,2013,4,8,{"$nulls":8},"PREC","DB","METH_1",0,"mm",null,"S"]
["METEO","LTER_EU_BE_05","INBO","WIJ1","AIR","EnvEurope",3,3,0,2013,4,9,{"$nulls":8},"PREC","DB","METH_1",1.93999986,"mm",null,"S"]
["METEO","LTER_EU_BE_05","INBO","WIJ1","AIR","EnvEurope",3,3,0,2013,4,10,{"$nulls":8},"PREC","DB","METH_1",1.6599999799999998,"mm",null,"S"]
["METEO","LTER_EU_BE_05","INBO","WIJ1","AIR","EnvEurope",3,3,0,2013,4,11,{"$nulls":8},"PREC","DB","METH_1",1.3499999900000001,"mm",null,"S"]
["METEO","LTER_EU_BE_05","INBO","WIJ1","AIR","EnvEurope",3,3,0,2013,4,12,{"$nulls":8},"PREC","DB","METH_1",2.3899999799999994,"mm",null,"S"]
["METEO","LTER_EU_BE_05","INBO","WIJ1","AIR","EnvEurope",3,3,0,2013,4,13,{"$nulls":8},"PREC","DB","METH_1",1.1199999400000002,"mm",null,"S"]
["METEO","LTER_EU_BE_05","INBO","WIJ1","AIR","EnvEurope",3,3,0,2013,4,14,{"$nulls":8},"PREC","DB","METH_1",0.01,"mm",null,"S"]
["METEO","LTER_EU_BE_05","INBO","WIJ1","AIR","EnvEurope",3,3,0,2013,4,15,{"$nulls":8},"PREC","DB","METH_1",0.34,"mm",null,"S"]
["METEO","LTER_EU_BE_05","INBO","WIJ1","AIR","EnvEurope",3,3,0,2013,4,16,{"$nulls":8},"PREC","DB","METH_1",0.02,"mm",null,"S"]
["METEO","LTER_EU_BE_05","INBO","WIJ1","AIR","EnvEurope",3,3,0,2013,4,17,{"$nulls":8},"PREC","DB","METH_1",0,"mm",null,"S"]
["METEO","LTER_EU_BE_05","INBO","WIJ1","AIR","EnvEurope",3,3,0,2013,4,18,{"$nulls":8},"PREC","DB","METH_1",0,"mm",null,"S"]
["METEO","LTER_EU_BE_05","INBO","WIJ1","AIR","EnvEurope",3,3,0,2013,4,19,{"$nulls":8},"PREC","DB","METH_1",0,"mm",null,"S"]
["METEO","LTER_EU_BE_05","INBO","WIJ1","AIR","EnvEurope",3,3,0,2013,4,20,{"$nulls":8},"PREC","DB","METH_1",0,"mm",null,"S"]
["METEO","LTER_EU_BE_05","INBO","WIJ1","AIR","EnvEurope",3,3,0,2013,4,21,{"$nulls":8},"PREC","DB","METH_1",0,"mm",null,"S"]
["METEO","LTER_EU_BE_05","INBO","WIJ1","AIR","EnvEurope",3,3,0,2013,4,22,{"$nulls":8},"PREC","DB","METH_1",0,"mm",null,"S"]
["METEO","LTER_EU_BE_05","INBO","WIJ1","AIR","EnvEurope",3,3,0,2013,4,23,{"$nulls":8},"PREC","DB","METH_1",0,"mm",null,"S"]
["METEO","LTER_EU_BE_05","INBO","WIJ1","AIR","EnvEurope",3,3,0,2013,4,24,{"$nulls":8},"PREC","DB","METH_1",0,"mm",null,"S"]
["METEO","LTER_EU_BE_05","INBO","WIJ1","AIR","EnvEurope",3,3,0,2013,4,25,{"$nulls":8},"PREC","DB","METH_1",0,"mm",null,"S"]
["METEO","LTER_EU_BE_05","INBO","WIJ1","AIR","EnvEurope",3,3,0,2013,4,26,{"$nulls":8},"PREC","DB","METH_1",1.2899999500000001,"mm",null,"S"]
["METEO","LTER_EU_BE_05","INBO","WIJ1","AIR","EnvEurope",3,3,0,2013,4,27,{"$nulls":8},"PREC","DB","METH_1",0,"mm",null,"S"]
["METEO","LTER_EU_BE_05","INBO","WIJ1","AIR","EnvEurope",3,3,0,2013,4,28,{"$nulls":8},"PREC","DB","METH_1",0,"mm",null,"S"]
["METEO","LTER_EU_BE_05","INBO","WIJ1","AIR","EnvEurope",3,3,0,2013,4,29,{"$nulls":8},"PREC","DB","METH_1",0.43999989,"mm",null,"S"]
["METEO","LTER_EU_BE_05","INBO","WIJ1","AIR","EnvEurope",3,3,0,2013,4,30,{"$nulls":8},"PREC","DB","METH_1",0,"mm",null,"S"]
["METEO","LTER_EU_BE_05","INBO","WIJ1","AIR","EnvEurope",3,3,0,2013,5,1,{"$nulls":8},"PREC","DB","METH_1",0,"mm",null,"S"]
["METEO","LTER_EU_BE_05","INBO","WIJ1","AIR","EnvEurope",3,3,0,2013,5,2,{"$nulls":8},"PREC","DB","METH_1",3.4799995999999997,"mm",null,"S"]
["METEO","LTER_EU_BE_05","INBO","WIJ1","AIR","EnvEurope",3,3,0,2013,5,3,{"$nulls":8},"PREC","DB","METH_1",0,"mm",null,"S"]
["METEO","LTER_EU_BE_05","INBO","WIJ1","AIR","EnvEurope",3,3,0,2013,5,4,{"$nulls":8},"PREC","DB","METH_1",0,"mm",null,"S"]
["METEO","LTER_EU_BE_05","INBO","WIJ1","AIR","EnvEurope",3,3,0,2013,5,5,{"$nulls":8},"PREC","DB","METH_1",0,"mm",null,"S"]
["METEO","LTER_EU_BE_05","INBO","WIJ1","AIR","EnvEurope",3,3,0,2013,5,6,{"$nulls":8},"PREC","DB","METH_1",0,"mm",null,"S"]
["METEO","LTER_EU_BE_05","INBO","WIJ1","AIR","EnvEurope",3,3,0,2013,5,7,{"$nulls":8},"PREC","DB","METH_1",0,"mm",null,"S"]
["METEO","LTER_EU_BE_05","INBO","WIJ1","AIR","EnvEurope",3,3,0,2013,5,8,{"$nulls":8},"PREC","DB","METH_1",7.65999959,"mm",null,"S"]
["METEO","LTER_EU_BE_05","INBO","WIJ1","AIR","EnvEurope",3,3,0,2013,5,9,{"$nulls":8},"PREC","DB","METH_1",0,"mm",null,"S"]
["METEO","LTER_EU_BE_05","INBO","WIJ1","AIR","EnvEurope",3,3,0,2013,5,10,{"$nulls":8},"PREC","DB","METH_1",0.04,"mm",null,"S"]
["METEO","LTER_EU_BE_05","INBO","WIJ1","AIR","EnvEurope",3,3,0,2013,5,11,{"$nulls":8},"PREC","DB","METH_1",2.819999979999999,"mm",null,"S"]
["METEO","LTER_EU_BE_05","INBO","WIJ1","AIR","EnvEurope",3,3,0,2013,5,12,{"$nulls":8},"PREC","DB","METH_1",1.8599998899999999,"mm",null,"S"]
["METEO","LTER_EU_BE_05","INBO","WIJ1","AIR","EnvEurope",3,3,0,2013,5,13,{"$nulls":8},"PREC","DB","METH_1",0.44999998,"mm",null,"S"]
["METEO","LTER_EU_BE_05","INBO","WIJ1","AIR","EnvEurope",3,3,0,2013,5,14,{"$nulls":8},"PREC","DB","METH_1",3.7899997599999984,"mm",null,"S"]
["METEO","LTER_EU_BE_05","INBO","WIJ1","AIR","EnvEurope",3,3,0,2013,5,15,{"$nulls":8},"PREC","DB","METH_1",0.65,"mm",null,"S"]
["METEO","LTER_EU_BE_05","INBO","WIJ1","AIR","EnvEurope",3,3,0,2013,5,16,{"$nulls":8},"PREC","DB","METH_1",2.4899997699999994,"mm",null,"S"]
["METEO","LTER_EU_BE_05","INBO","WIJ1","AIR","EnvEurope",3,3,0,2013,5,17,{"$nulls":8},"PREC","DB","METH_1",1.07999997,"mm",null,"S"]
["METEO","LTER_EU_BE_05","INBO","WIJ1","AIR","EnvEurope",3,3,0,2013,5,18,{"$nulls":8},"PREC","DB","METH_1",0,"mm",null,"S"]
["METEO","LTER_EU_BE_05","INBO","WIJ1","AIR","EnvEurope",3,3,0,2013,5,19,{"$nulls":8},"PREC","DB","METH_1",0,"mm",null,"S"]
["METEO","LTER_EU_BE_05","INBO","WIJ1","AIR","EnvEurope",3,3,0,2013,5,20,{"$nulls":8},"PREC","DB","METH_1",8.639999550000002,"mm",null,"S"]
["METEO","LTER_EU_BE_05","INBO","WIJ1","AIR","EnvEurope",3,3,0,2013,5,21,{"$nulls":8},"PREC","DB","METH_1",0.61999999,"mm",null,"S"]
["METEO","LTER_EU_BE_05","INBO","WIJ1","AIR","EnvEurope",3,3,0,2013,5,22,{"$nulls":8},"PREC","DB","METH_1",0.22,"mm",null,"S"]
["METEO","LTER_EU_BE_05","INBO","WIJ1","AIR","EnvEurope",3,3,0,2013,5,23,{"$nulls":8},"PREC","DB","METH_1",5.089999969999999,"mm",null,"S"]
["METEO","LTER_EU_BE_05","INBO","WIJ1","AIR","EnvEurope",3,3,0,2013,5,24,{"$nulls":8},"PREC","DB","METH_1",4.639999179999999,"mm",null,"S"]
["METEO","LTER_EU_BE_05","INBO","WIJ1","AIR","EnvEurope",3,3,0,2013,5,25,{"$nulls":8},"PREC","DB","METH_1",0,"mm",null,"S"]
["METEO","LTER_EU_BE_05","INBO","WIJ1","AIR","EnvEurope",3,3,0,2013,5,26,{"$nulls":8},"PREC","DB","METH_1",0.5399999800000002,"mm",null,"S"]
["METEO","LTER_EU_BE_05","INBO","WIJ1","AIR","EnvEurope",3,3,0,2013,5,27,{"$nulls":8},"PREC","DB","METH_1",0,"mm",null,"S"]
["METEO","LTER_EU_BE_05","INBO","WIJ1","AIR","EnvEurope",3,3,0,2013,5,28,{"$nulls":8},"PREC","DB","METH_1",8.76999808,"mm",null,"S"]
["METEO","LTER_EU_BE_05","INBO","WIJ1","AIR","EnvEurope",3,3,0,2013,5,29,{"$nulls":8},"PREC","DB","METH_1",2.9499994500000004,"mm",null,"S"]
["METEO","LTER_EU_BE_05","INBO","WIJ1","AIR","EnvEurope",3,3,0,2013,5,30,{"$nulls":8},"PREC","DB","METH_1",1.3099998,"mm",null,"S"]
["METEO","LTER_EU_BE_05","INBO","WIJ1","AIR","EnvEurope",3,3,0,2013,5,31,{"$nulls":8},"PREC","DB","METH_1",0,"mm",null,"S"]
["METEO","LTER_EU_BE_05","INBO","WIJ1","AIR","EnvEurope",3,3,0,2013,6,1,{"$nulls":8},"PREC","DB","METH_1",0,"mm",null,"S"]
["METEO","LTER_EU_BE_05","INBO","WIJ1","AIR","EnvEurope",3,3,0,2013,6,2,{"$nulls":8},"PREC","DB","METH_1",0,"mm",null,"S"]
["METEO","LTER_EU_BE_05","INBO","WIJ1","AIR","EnvEurope",3,3,0,2013,6,3,{"$nulls":8},"PREC","DB","METH_1",0,"mm",null,"S"]
["METEO","LTER_EU_BE_05","INBO","WIJ1","AIR","EnvEurope",3,3,0,2013,6,4,{"$nulls":8},"PREC","DB","METH_1",0,"mm",null,"S"]
["METEO","LTER_EU_BE_05","INBO","WIJ1","AIR","EnvEurope",3,3,0,2013,6,5,{"$nulls":8},"PREC","DB","METH_1",0,"mm",null,"S"]
["METEO","LTER_EU_BE_05","INBO","WIJ1","AIR","EnvEurope",3,3,0,2013,6,6,{"$nulls":8},"PREC","DB","METH_1",0,"mm",null,"S"]
["METEO","LTER_EU_BE_05","INBO","WIJ1","AIR","EnvEurope",3,3,0,2013,6,7,{"$nulls":8},"PREC","DB","METH_1",0,"mm",null,"S"]
["METEO","LTER_EU_BE_05","INBO","WIJ1","AIR","EnvEurope",3,3,0,2013,6,8,{"$nulls":8},"PREC","DB","METH_1",0,"mm",null,"S"]
["METEO","LTER_EU_BE_05","INBO","WIJ1","AIR","EnvEurope",3,3,0,2013,6,9,{"$nulls":8},"PREC","DB","METH_1",0,"mm",null,"S"]
["METEO","LTER_EU_BE_05","INBO","WIJ1","AIR","EnvEurope",3,3,0,2013,6,10,{"$nulls":8},"PREC","DB","METH_1",0,"mm",null,"S"]
["METEO","LTER_EU_BE_05","INBO","WIJ1","AIR","EnvEurope",3,3,0,2013,6,11,{"$nulls":8},"PREC","DB","METH_1",0.02,"mm",null,"S"]
["METEO","LTER_EU_BE_05","INBO","WIJ1","AIR","EnvEurope",3,3,0,2013,6,12,{"$nulls":8},"PREC","DB","METH_1",0.59999998,"mm",null,"S"]
["METEO","LTER_EU_BE_05","INBO","WIJ1","AIR","EnvEurope",3,3,0,2013,6,13,{"$nulls":8},"PREC","DB","METH_1",0.36999997999999995,"mm",null,"S"]
["METEO","LTER_EU_BE_05","INBO","WIJ1","AIR","EnvEurope",3,3,0,2013,6,14,{"$nulls":8},"PREC","DB","METH_1",0,"mm",null,"S"]
["METEO","LTER_EU_BE_05","INBO","WIJ1","AIR","EnvEurope",3,3,0,2013,6,15,{"$nulls":8},"PREC","DB","METH_1",1.21999989,"mm",null,"S"]
["METEO","LTER_EU_BE_05","INBO","WIJ1","AIR","EnvEurope",3,3,0,2013,6,16,{"$nulls":8},"PREC","DB","METH_1",0.35999999000000005,"mm",null,"S"]
["METEO","LTER_EU_BE_05","INBO","WIJ1","AIR","EnvEurope",3,3,0,2013,6,17,{"$nulls":8},"PREC","DB","METH_1",0.03,"mm",null,"S"]
["METEO","LTER_EU_BE_05","INBO","WIJ1","AIR","EnvEurope",3,3,0,2013,6,18,{"$nulls":8},"PREC","DB","METH_1",0.27,"mm",null,"S"]
["METEO","LTER_EU_BE_05","INBO","WIJ1","AIR","EnvEurope",3,3,0,2013,6,19,{"$nulls":8},"PREC","DB","METH_1",1.5799998899999999,"mm",null,"S"]
["METEO","LTER_EU_BE_05","INBO","WIJ1","AIR","EnvEurope",3,3,0,2013,6,20,{"$nulls":8},"PREC","DB","METH_1",2.3699999899999997,"mm",null,"S"]
["METEO","LTER_EU_BE_05","INBO","WIJ1","AIR","EnvEurope",3,3,0,2013,6,21,{"$nulls":8},"PREC","DB","METH_1",7.0799981800000005,"mm",null,"S"]
["METEO","LTER_EU_BE_05","INBO","WIJ1","AIR","EnvEurope",3,3,0,2013,6,22,{"$nulls":8},"PREC","DB","METH_1",0.8699999700000001,"mm",null,"S"]
["METEO","LTER_EU_BE_05","INBO","WIJ1","AIR","EnvEurope",3,3,0,2013,6,23,{"$nulls":8},"PREC","DB","METH_1",0.19999998999999996,"mm",null,"S"]
["METEO","LTER_EU_BE_05","INBO","WIJ1","AIR","EnvEurope",3,3,0,2013,6,24,{"$nulls":8},"PREC","DB","METH_1",0.23999998,"mm",null,"S"]
["METEO","LTER_EU_BE_05","INBO","WIJ1","AIR","EnvEurope",3,3,0,2013,6,25,{"$nulls":8},"PREC","DB","METH_1",0.060000000000000005,"mm",null,"S"]
["METEO","LTER_EU_BE_05","INBO","WIJ1","AIR","EnvEurope",3,3,0,2013,6,26,{"$nulls":8},"PREC","DB","METH_1",3.5199985999999996,"mm",null,"S"]
["METEO","LTER_EU_BE_05","INBO","WIJ1","AIR","EnvEurope",3,3,0,2013,6,27,{"$nulls":8},"PREC","DB","METH_1",0.7599999700000001,"mm",null,"S"]
["METEO","LTER_EU_BE_05","INBO","WIJ1","AIR","EnvEurope",3,3,0,2013,6,28,{"$nulls":8},"PREC","DB","METH_1",1.6099997700000002,"mm",null,"S"]
["METEO","LTER_EU_BE_05","INBO","WIJ1","AIR","EnvEurope",3,3,0,2013,6,29,{"$nulls":8},"PREC","DB","METH_1",0.16,"mm",null,"S"]
["METEO","LTER_EU_BE_05","INBO","WIJ1","AIR","EnvEurope",3,3,0,2013,6,30,{"$nulls":8},"PREC","DB","METH_1",0,"mm",null,"S"]
["METEO","LTER_EU_BE_05","INBO","WIJ1","AIR","EnvEurope",3,3,0,2013,7,1,{"$nulls":8},"PREC","DB","METH_1",0,"mm",null,"S"]
["METEO","LTER_EU_BE_05","INBO","WIJ1","AIR","EnvEurope",3,3,0,2013,7,2,{"$nulls":8},"PREC","DB","METH_1",18.82000289,"mm",null,"S"]
["METEO","LTER_EU_BE_05","INBO","WIJ1","AIR","EnvEurope",3,3,0,2013,7,3,{"$nulls":8},"PREC","DB","METH_1",4.999999869999999,"mm",null,"S"]
["METEO","LTER_EU_BE_05","INBO","WIJ1","AIR","EnvEurope",3,3,0,2013,7,4,{"$nulls":8},"PREC","DB","METH_1",0,"mm",null,"S"]
["METEO","LTER_EU_BE_05","INBO","WIJ1","AIR","EnvEurope",3,3,0,2013,7,5,{"$nulls":8},"PREC","DB","METH_1",0,"mm",null,"S"]
["METEO","LTER_EU_BE_05","INBO","WIJ1","AIR","EnvEurope",3,3,0,2013,7,6,{"$nulls":8},"PREC","DB","METH_1",0,"mm",null,"S"]
["METEO","LTER_EU_BE_05","INBO","WIJ1","AIR","EnvEurope",3,3,0,2013,7,7,{"$nulls":8},"PREC","DB","METH_1",0,"mm",null,"S"]
["METEO","LTER_EU_BE_05","INBO","WIJ1","AIR","EnvEurope",3,3,0,2013,7,8,{"$nulls":8},"PREC","DB","METH_1",0,"mm",null,"S"]
["METEO","LTER_EU_BE_05","INBO","WIJ1","AIR","EnvEurope",3,3,0,2013,7,9,{"$nulls":8},"PREC","DB","METH_1",0,"mm",null,"S"]
["METEO","LTER_EU_BE_05","INBO","WIJ1","AIR","EnvEurope",3,3,0,2013,7,10,{"$nulls":8},"PREC","DB","METH_1",0,"mm",null,"S"]
["METEO","LTER_EU_BE_05","INBO","WIJ1","AIR","EnvEurope",3,3,0,2013,7,11,{"$nulls":8},"PREC","DB","METH_1",0,"mm",null,"S"]
["METEO","LTER_EU_BE_05","INBO","WIJ1","AIR","EnvEurope",3,3,0,2013,7,12,{"$nulls":8},"PREC","DB","METH_1",0,"mm",null,"S"]
["METEO","LTER_EU_BE_05","INBO","WIJ1","AIR","EnvEurope",3,3,0,2013,7,13,{"$nulls":8},"PREC","DB","METH_1",0,"mm",null,"S"]
["METEO","LTER_EU_BE_05","INBO","WIJ1","AIR","EnvEurope",3,3,0,2013,7,14,{"$nulls":8},"PREC","DB","METH_1",0,"mm",null,"S"]
["METEO","LTER_EU_BE_05","INBO","WIJ1","AIR","EnvEurope",3,3,0,2013,7,15,{"$nulls":8},"PREC","DB","METH_1",0,"mm",null,"S"]
["METEO","LTER_EU_BE_05","INBO","WIJ1","AIR","EnvEurope",3,3,0,2013,7,16,{"$nulls":8},"PREC","DB","METH_1",0,"mm",null,"S"]
["METEO","LTER_EU_BE_05","INBO","WIJ1","AIR","EnvEurope",3,3,0,2013,7,17,{"$nulls":8},"PREC","DB","METH_1",0,"mm",null,"S"]
["METEO","LTER_EU_BE_05","INBO","WIJ1","AIR","EnvEurope",3,3,0,2013,7,18,{"$nulls":8},"PREC","DB","METH_1",0,"mm",null,"S"]
["METEO","LTER_EU_BE_05","INBO","WIJ1","AIR","EnvEurope",3,3,0,2013,7,19,{"$nulls":8},"PREC","DB","METH_1",0,"mm",null,"S"]
["METEO","LTER_EU_BE_05","INBO","WIJ1","AIR","EnvEurope",3,3,0,2013,7,20,{"$nulls":8},"PREC","DB","METH_1",0,"mm",null,"S"]
["METEO","LTER_EU_BE_05","INBO","WIJ1","AIR","EnvEurope",3,3,0,2013,7,21,{"$nulls":8},"PREC","DB","METH_1",0,"mm",null,"S"]
["METEO","LTER_EU_BE_05","INBO","WIJ1","AIR","EnvEurope",3,3,0,2013,7,22,{"$nulls":8},"PREC","DB","METH_1",0,"mm",null,"S"]
["METEO","LTER_EU_BE_05","INBO","WIJ1","AIR","EnvEurope",3,3,0,2013,7,23,{"$nulls":8},"PREC","DB","METH_1",0.07,"mm",null,"S"]
["METEO","LTER_EU_BE_05","INBO","WIJ1","AIR","EnvEurope",3,3,0,2013,7,24,{"$nulls":8},"PREC","DB","METH_1",0,"mm",null,"S"]
["METEO","LTER_EU_BE_05","INBO","WIJ1","AIR","EnvEurope",3,3,0,2013,7,25,{"$nulls":8},"PREC","DB","METH_1",1.39999979,"mm",null,"S"]
["METEO","LTER_EU_BE_05","INBO","WIJ1","AIR","EnvEurope",3,3,0,2013,7,26,{"$nulls":8},"PREC","DB","METH_1",11.58999789,"mm",null,"S"]
["METEO","LTER_EU_BE_05","INBO","WIJ1","AIR","EnvEurope",3,3,0,2013,7,27,{"$nulls":8},"PREC","DB","METH_1",30.19000129,"mm",null,"S"]
["METEO","LTER_EU_BE_05","INBO","WIJ1","AIR","EnvEurope",3,3,0,2013,7,28,{"$nulls":8},"PREC","DB","METH_1",0,"mm",null,"S"]
["METEO","LTER_EU_BE_05","INBO","WIJ1","AIR","EnvEurope",3,3,0,2013,7,29,{"$nulls":8},"PREC","DB","METH_1",0,"mm",null,"S"]
["METEO","LTER_EU_BE_05","INBO","WIJ1","AIR","EnvEurope",3,3,0,2013,7,30,{"$nulls":8},"PREC","DB","METH_1",1.09999998,"mm",null,"S"]
["METEO","LTER_EU_BE_05","INBO","WIJ1","AIR","EnvEurope",3,3,0,2013,7,31,{"$nulls":8},"PREC","DB","METH_1",0.03,"mm",null,"S"]
["METEO","LTER_EU_BE_05","INBO","WIJ1","AIR","EnvEurope",3,3,0,2013,8,1,{"$nulls":8},"PREC","DB","METH_1",0,"mm",null,"S"]
["METEO","LTER_EU_BE_05","INBO","WIJ1","AIR","EnvEurope",3,3,0,2013,8,2,{"$nulls":8},"PREC","DB","METH_1",0.01,"mm",null,"S"]
["METEO","LTER_EU_BE_05","INBO","WIJ1","AIR","EnvEurope",3,3,0,2013,8,3,{"$nulls":8},"PREC","DB","METH_1",0,"mm",null,"S"]
["METEO","LTER_EU_BE_05","INBO","WIJ1","AIR","EnvEurope",3,3,0,2013,8,4,{"$nulls":8},"PREC","DB","METH_1",0,"mm",null,"S"]
["METEO","LTER_EU_BE_05","INBO","WIJ1","AIR","EnvEurope",3,3,0,2013,8,5,{"$nulls":8},"PREC","DB","METH_1",0.060000000000000005,"mm",null,"S"]
["METEO","LTER_EU_BE_05","INBO","WIJ1","AIR","EnvEurope",3,3,0,2013,8,6,{"$nulls":8},"PREC","DB","METH_1",0,"mm",null,"S"]
["METEO","LTER_EU_BE_05","INBO","WIJ1","AIR","EnvEurope",3,3,0,2013,8,7,{"$nulls":8},"PREC","DB","METH_1",5.37999925,"mm",null,"S"]
["METEO","LTER_EU_BE_05","INBO","WIJ1","AIR","EnvEurope",3,3,0,2013,8,8,{"$nulls":8},"PREC","DB","METH_1",0,"mm",null,"S"]
["METEO","LTER_EU_BE_05","INBO","WIJ1","AIR","EnvEurope",3,3,0,2013,8,9,{"$nulls":8},"PREC","DB","METH_1",0.24,"mm",null,"S"]
["METEO","LTER_EU_BE_05","INBO","WIJ1","AIR","EnvEurope",3,3,0,2013,8,10,{"$nulls":8},"PREC","DB","METH_1",0,"mm",null,"S"]
["METEO","LTER_EU_BE_05","INBO","WIJ1","AIR","EnvEurope",3,3,0,2013,8,11,{"$nulls":8},"PREC","DB","METH_1",0,"mm",null,"S"]
["METEO","LTER_EU_BE_05","INBO","WIJ1","AIR","EnvEurope",3,3,0,2013,8,12,{"$nulls":8},"PREC","DB","METH_1",0,"mm",null,"S"]
["METEO","LTER_EU_BE_05","INBO","WIJ1","AIR","EnvEurope",3,3,0,2013,8,13,{"$nulls":8},"PREC","DB","METH_1",0,"mm",null,"S"]
["METEO","LTER_EU_BE_05","INBO","WIJ1","AIR","EnvEurope",3,3,0,2013,8,14,{"$nulls":8},"PREC","DB","METH_1",0,"mm",null,"S"]
["METEO","LTER_EU_BE_05","INBO","WIJ1","AIR","EnvEurope",3,3,0,2013,8,15,{"$nulls":8},"PREC","DB","METH_1",0,"mm",null,"S"]
["METEO","LTER_EU_BE_05","INBO","WIJ1","AIR","EnvEurope",3,3,0,2013,8,16,{"$nulls":8},"PREC","DB","METH_1",0.08999999,"mm",null,"S"]
["METEO","LTER_EU_BE_05","INBO","WIJ1","AIR","EnvEurope",3,3,0,2013,8,17,{"$nulls":8},"PREC","DB","METH_1",0.02,"mm",null,"S"]
["METEO","LTER_EU_BE_05","INBO","WIJ1","AIR","EnvEurope",3,3,0,2013,8,18,{"$nulls":8},"PREC","DB","METH_1",0.30000000000000004,"mm",null,"S"]
["METEO","LTER_EU_BE_05","INBO","WIJ1","AIR","EnvEurope",3,3,0,2013,8,19,{"$nulls":8},"PREC","DB","METH_1",0.22999999,"mm",null,"S"]
["METEO","LTER_EU_BE_05","INBO","WIJ1","AIR","EnvEurope",3,3,0,2013,8,20,{"$nulls":8},"PREC","DB","METH_1",0,"mm",null,"S"]
["METEO","LTER_EU_BE_05","INBO","WIJ1","AIR","EnvEurope",3,3,0,2013,8,21,{"$nulls":8},"PREC","DB","METH_1",0,"mm",null,"S"]
["METEO","LTER_EU_BE_05","INBO","WIJ1","AIR","EnvEurope",3,3,0,2013,8,22,{"$nulls":8},"PREC","DB","METH_1",4.629999759999999,"mm",null,"S"]
["METEO","LTER_EU_BE_05","INBO","WIJ1","AIR","EnvEurope",3,3,0,2013,8,23,{"$nulls":8},"PREC","DB","METH_1",0.65999989,"mm",null,"S"]
["METEO","LTER_EU_BE_05","INBO","WIJ1","AIR","EnvEurope",3,3,0,2013,8,24,{"$nulls":8},"PREC","DB","METH_1",7.9099977899999985,"mm",null,"S"]
["METEO","LTER_EU_BE_05","INBO","WIJ1","AIR","EnvEurope",3,3,0,2013,8,25,{"$nulls":8},"PREC","DB","METH_1",0.02,"mm",null,"S"]
["METEO","LTER_EU_BE_05","INBO","WIJ1","AIR","EnvEurope",3,3,0,2013,8,26,{"$nulls":8},"PREC","DB","METH_1",0,"mm",null,"S"]
["METEO","LTER_EU_BE_05","INBO","WIJ1","AIR","EnvEurope",3,3,0,2013,8,27,{"$nulls":8},"PREC","DB","METH_1",0,"mm",null,"S"]
["METEO","LTER_EU_BE_05","INBO","WIJ1","AIR","EnvEurope",3,3,0,2013,8,28,{"$nulls":8},"PREC","DB","METH_1",0.01,"mm",null,"S"]
["METEO","LTER_EU_BE_05","INBO","WIJ1","AIR","EnvEurope",3,3,0,2013,8,29,{"$nulls":8},"PREC","DB","METH_1",0,"mm",null,"S"]
["METEO","LTER_EU_BE_05","INBO","WIJ1","AIR","EnvEurope",3,3,0,2013,8,30,{"$nulls":8},"PREC","DB","METH_1",0,"mm",null,"S"]
["METEO","LTER_EU_BE_05","INBO","WIJ1","AIR","EnvEurope",3,3,0,2013,8,31,{"$nulls":8},"PREC","DB","METH_1",0.26,"mm",null,"S"]
["METEO","LTER_EU_BE_05","INBO","WIJ1","AIR","EnvEurope",3,3,0,2013,9,1,{"$nulls":8},"PREC","DB","METH_1",0,"mm",null,"S"]
["METEO","LTER_EU_BE_05","INBO","WIJ1","AIR","EnvEurope",3,3,0,2013,9,2,{"$nulls":8},"PREC","DB","METH_1",0,"mm",null,"S"]
["METEO","LTER_EU_BE_05","INBO","WIJ1","AIR","EnvEurope",3,3,0,2013,9,3,{"$nulls":8},"PREC","DB","METH_1",0,"mm",null,"S"]
["METEO","LTER_EU_BE_05","INBO","WIJ1","AIR","EnvEurope",3,3,0,2013,9,4,{"$nulls":8},"PREC","DB","METH_1",0,"mm",null,"S"]
["METEO","LTER_EU_BE_05","INBO","WIJ1","AIR","EnvEurope",3,3,0,2013,9,5,{"$nulls":8},"PREC","DB","METH_1",0,"mm",null,"S"]
["METEO","LTER_EU_BE_05","INBO","WIJ1","AIR","EnvEurope",3,3,0,2013,9,6,{"$nulls":8},"PREC","DB","METH_1",1.74999958,"mm",null,"S"]
["METEO","LTER_EU_BE_05","INBO","WIJ1","AIR","EnvEurope",3,3,0,2013,9,7,{"$nulls":8},"PREC","DB","METH_1",0,"mm",null,"S"]
["METEO","LTER_EU_BE_05","INBO","WIJ1","AIR","EnvEurope",3,3,0,2013,9,8,{"$nulls":8},"PREC","DB","METH_1",9.1899977,"mm",null,"S"]
["METEO","LTER_EU_BE_05","INBO","WIJ1","AIR","EnvEurope",3,3,0,2013,9,9,{"$nulls":8},"PREC","DB","METH_1",3.5699992,"mm",null,"S"]
["METEO","LTER_EU_BE_05","INBO","WIJ1","AIR","EnvEurope",3,3,0,2013,9,10,{"$nulls":8},"PREC","DB","METH_1",18.200000630000016,"mm",null,"S"]
["METEO","LTER_EU_BE_05","INBO","WIJ1","AIR","EnvEurope",3,3,0,2013,9,11,{"$nulls":8},"PREC","DB","METH_1",12.56000029,"mm",null,"S"]
["METEO","LTER_EU_BE_05","INBO","WIJ1","AIR","EnvEurope",3,3,0,2013,9,12,{"$nulls":8},"PREC","DB","METH_1",0.06,"mm",null,"S"]
["METEO","LTER_EU_BE_05","INBO","WIJ1","AIR","EnvEurope",3,3,0,2013,9,13,{"$nulls":8},"PREC","DB","METH_1",0.40999999000000004,"mm",null,"S"]
["METEO","LTER_EU_BE_05","INBO","WIJ1","AIR","EnvEurope",3,3,0,2013,9,14,{"$nulls":8},"PREC","DB","METH_1",3.289999579999999,"mm",null,"S"]
["METEO","LTER_EU_BE_05","INBO","WIJ1","AIR","EnvEurope",3,3,0,2013,9,15,{"$nulls":8},"PREC","DB","METH_1",3.0799997800000005,"mm",null,"S"]
["METEO","LTER_EU_BE_05","INBO","WIJ1","AIR","EnvEurope",3,3,0,2013,9,16,{"$nulls":8},"PREC","DB","METH_1",3.21999959,"mm",null,"S"]
["METEO","LTER_EU_BE_05","INBO","WIJ1","AIR","EnvEurope",3,3,0,2013,9,17,{"$nulls":8},"PREC","DB","METH_1",4.33999918,"mm",null,"S"]
["METEO","LTER_EU_BE_05","INBO","WIJ1","AIR","EnvEurope",3,3,0,2013,9,18,{"$nulls":8},"PREC","DB","METH_1",0.15999999999999998,"mm",null,"S"]
["METEO","LTER_EU_BE_05","INBO","WIJ1","AIR","EnvEurope",3,3,0,2013,9,19,{"$nulls":8},"PREC","DB","METH_1",0.22999999,"mm",null,"S"]
["METEO","LTER_EU_BE_05","INBO","WIJ1","AIR","EnvEurope",3,3,0,2013,9,20,{"$nulls":8},"PREC","DB","METH_1",0.01,"mm",null,"S"]
["METEO","LTER_EU_BE_05","INBO","WIJ1","AIR","EnvEurope",3,3,0,2013,9,21,{"$nulls":8},"PREC","DB","METH_1",0,"mm",null,"S"]
["METEO","LTER_EU_BE_05","INBO","WIJ1","AIR","EnvEurope",3,3,0,2013,9,22,{"$nulls":8},"PREC","DB","METH_1",0,"mm",null,"S"]
["METEO","LTER_EU_BE_05","INBO","WIJ1","AIR","EnvEurope",3,3,0,2013,9,23,{"$nulls":8},"PREC","DB","METH_1",0,"mm",null,"S"]
["METEO","LTER_EU_BE_05","INBO","WIJ1","AIR","EnvEurope",3,3,0,2013,9,24,{"$nulls":8},"PREC","DB","METH_1",0,"mm",null,"S"]
["METEO","LTER_EU_BE_05","INBO","WIJ1","AIR","EnvEurope",3,3,0,2013,9,25,{"$nulls":8},"PREC","DB","METH_1",0,"mm",null,"S"]
["METEO","LTER_EU_BE_05","INBO","WIJ1","AIR","EnvEurope",3,3,0,2013,9,26,{"$nulls":8},"PREC","DB","METH_1",0.04,"mm",null,"S"]
["METEO","LTER_EU_BE_05","INBO","WIJ1","AIR","EnvEurope",3,3,0,2013,9,27,{"$nulls":8},"PREC","DB","METH_1",0,"mm",null,"S"]
["METEO","LTER_EU_BE_05","INBO","WIJ1","AIR","EnvEurope",3,3,0,2013,9,28,{"$nulls":8},"PREC","DB","METH_1",0,"mm",null,"S"]
["METEO","LTER_EU_BE_05","INBO","WIJ1","AIR","EnvEurope",3,3,0,2013,9,29,{"$nulls":8},"PREC","DB","METH_1",0,"mm",null,"S"]
["METEO","LTER_EU_BE_05","INBO","WIJ1","AIR","EnvEurope",3,3,0,2013,9,30,{"$nulls":8},"PREC","DB","METH_1",0,"mm",null,"S"]
["METEO","LTER_EU_BE_05","INBO","WIJ1","AIR","EnvEurope",3,3,0,2014,1,1,{"$nulls":8},"TEMP","DB","METH_2",7.004070084210526,"°C",null,"X"]
["METEO","LTER_EU_BE_05","INBO","WIJ1","AIR","EnvEurope",3,3,0,2014,1,2,{"$nulls":8},"TEMP","DB","METH_2",8.858212520833332,"°C",null,"X"]
["METEO","LTER_EU_BE_05","INBO","WIJ1","AIR","EnvEurope",3,3,0,2014,1,3,{"$nulls":8},"TEMP","DB","METH_2",9.144357999999995,"°C",null,"X"]
["METEO","LTER_EU_BE_05","INBO","WIJ1","AIR","EnvEurope",3,3,0,2014,1,4,{"$nulls":8},"TEMP","DB","METH_2",7.890295041666668,"°C",null,"X"]
["METEO","LTER_EU_BE_05","INBO","WIJ1","AIR","EnvEurope",3,3,0,2014,1,5,{"$nulls":8},"TEMP","DB","METH_2",4.986875145833335,"°C",null,"X"]
["METEO","LTER_EU_BE_05","INBO","WIJ1","AIR","EnvEurope",3,3,0,2014,1,6,{"$nulls":8},"TEMP","DB","METH_2",11.406892708333336,"°C",null,"X"]
["METEO","LTER_EU_BE_05","INBO","WIJ1","AIR","EnvEurope",3,3,0,2014,1,7,{"$nulls":8},"TEMP","DB","METH_2",10.10888845833333,"°C",null,"X"]
["METEO","LTER_EU_BE_05","INBO","WIJ1","AIR","EnvEurope",3,3,0,2014,1,8,{"$nulls":8},"TEMP","DB","METH_2",8.439722000000002,"°C",null,"X"]
["METEO","LTER_EU_BE_05","INBO","WIJ1","AIR","EnvEurope",3,3,0,2014,1,9,{"$nulls":8},"TEMP","DB","METH_2",9.143228843750002,"°C",null,"X"]
["METEO","LTER_EU_BE_05","INBO","WIJ1","AIR","EnvEurope",3,3,0,2014,1,10,{"$nulls":8},"TEMP","DB","METH_2",4.8966840625,"°C",null,"X"]
["METEO","LTER_EU_BE_05","INBO","WIJ1","AIR","EnvEurope",3,3,0,2014,1,11,{"$nulls":8},"TEMP","DB","METH_2",4.735087052083334,"°C",null,"X"]
["METEO","LTER_EU_BE_05","INBO","WIJ1","AIR","EnvEurope",3,3,0,2014,1,12,{"$nulls":8},"TEMP","DB","METH_2",1.8413365908333337,"°C",null,"X"]
["METEO","LTER_EU_BE_05","INBO","WIJ1","AIR","EnvEurope",3,3,0,2014,1,13,{"$nulls":8},"TEMP","DB","METH_2",7.019478822916664,"°C",null,"X"]
["METEO","LTER_EU_BE_05","INBO","WIJ1","AIR","EnvEurope",3,3,0,2014,1,14,{"$nulls":8},"TEMP","DB","METH_2",4.849288583333332,"°C",null,"X"]
["METEO","LTER_EU_BE_05","INBO","WIJ1","AIR","EnvEurope",3,3,0,2014,1,15,{"$nulls":8},"TEMP","DB","METH_2",5.128559208333335,"°C",null,"X"]
["METEO","LTER_EU_BE_05","INBO","WIJ1","AIR","EnvEurope",3,3,0,2014,1,16,{"$nulls":8},"TEMP","DB","METH_2",8.129636166666666,"°C",null,"X"]
["METEO","LTER_EU_BE_05","INBO","WIJ1","AIR","EnvEurope",3,3,0,2014,1,17,{"$nulls":8},"TEMP","DB","METH_2",7.270624916666666,"°C",null,"X"]
["METEO","LTER_EU_BE_05","INBO","WIJ1","AIR","EnvEurope",3,3,0,2014,1,18,{"$nulls":8},"TEMP","DB","METH_2",6.045260312499999,"°C",null,"X"]
["METEO","LTER_EU_BE_05","INBO","WIJ1","AIR","EnvEurope",3,3,0,2014,1,19,{"$nulls":8},"TEMP","DB","METH_2",5.803628583333332,"°C",null,"X"]
["METEO","LTER_EU_BE_05","INBO","WIJ1","AIR","EnvEurope",3,3,0,2014,1,20,{"$nulls":8},"TEMP","DB","METH_2",5.213420322916669,"°C",null,"X"]
["METEO","LTER_EU_BE_05","INBO","WIJ1","AIR","EnvEurope",3,3,0,2014,1,21,{"$nulls":8},"TEMP","DB","METH_2",3.4357465416666666,"°C",null,"X"]
["METEO","LTER_EU_BE_05","INBO","WIJ1","AIR","EnvEurope",3,3,0,2014,1,22,{"$nulls":8},"TEMP","DB","METH_2",3.3194615833333327,"°C",null,"X"]
["METEO","LTER_EU_BE_05","INBO","WIJ1","AIR","EnvEurope",3,3,0,2014,1,23,{"$nulls":8},"TEMP","DB","METH_2",5.249913625,"°C",null,"X"]
["METEO","LTER_EU_BE_05","INBO","WIJ1","AIR","EnvEurope",3,3,0,2014,1,24,{"$nulls":8},"TEMP","DB","METH_2",2.9474652833958346,"°C",null,"X"]
["METEO","LTER_EU_BE_05","INBO","WIJ1","AIR","EnvEurope",3,3,0,2014,1,25,{"$nulls":8},"TEMP","DB","METH_2",4.2290276166666665,"°C",null,"X"]
["METEO","LTER_EU_BE_05","INBO","WIJ1","AIR","EnvEurope",3,3,0,2014,1,26,{"$nulls":8},"TEMP","DB","METH_2",5.004982541666668,"°C",null,"X"]
["METEO","LTER_EU_BE_05","INBO","WIJ1","AIR","EnvEurope",3,3,0,2014,1,27,{"$nulls":8},"TEMP","DB","METH_2",3.396753458333333,"°C",null,"X"]
["METEO","LTER_EU_BE_05","INBO","WIJ1","AIR","EnvEurope",3,3,0,2014,1,28,{"$nulls":8},"TEMP","DB","METH_2",4.021892260416666,"°C",null,"X"]
["METEO","LTER_EU_BE_05","INBO","WIJ1","AIR","EnvEurope",3,3,0,2014,1,29,{"$nulls":8},"TEMP","DB","METH_2",3.7976908749999994,"°C",null,"X"]
["METEO","LTER_EU_BE_05","INBO","WIJ1","AIR","EnvEurope",3,3,0,2014,1,30,{"$nulls":8},"TEMP","DB","METH_2",4.398698114583334,"°C",null,"X"]
["METEO","LTER_EU_BE_05","INBO","WIJ1","AIR","EnvEurope",3,3,0,2014,1,31,{"$nulls":8},"TEMP","DB","METH_2",3.8164761129166656,"°C",null,"X"]
["METEO","LTER_EU_BE_05","INBO","WIJ1","AIR","EnvEurope",3,3,0,2014,10,1,{"$nulls":8},"TEMP","DB","METH_2",15.372865000000004,"°C",null,"X"]
["METEO","LTER_EU_BE_05","INBO","WIJ1","AIR","EnvEurope",3,3,0,2014,10,2,{"$nulls":8},"TEMP","DB","METH_2",15.415016875000008,"°C",null,"X"]
["METEO","LTER_EU_BE_05","INBO","WIJ1","AIR","EnvEurope",3,3,0,2014,10,3,{"$nulls":8},"TEMP","DB","METH_2",16.014062395833335,"°C",null,"X"]
["METEO","LTER_EU_BE_05","INBO","WIJ1","AIR","EnvEurope",3,3,0,2014,10,4,{"$nulls":8},"TEMP","DB","METH_2",14.827812604166665,"°C",null,"X"]
["METEO","LTER_EU_BE_05","INBO","WIJ1","AIR","EnvEurope",3,3,0,2014,10,5,{"$nulls":8},"TEMP","DB","METH_2",12.373229041666667,"°C",null,"X"]
["METEO","LTER_EU_BE_05","INBO","WIJ1","AIR","EnvEurope",3,3,0,2014,10,6,{"$nulls":8},"TEMP","DB","METH_2",12.334704270833333,"°C",null,"X"]
["METEO","LTER_EU_BE_05","INBO","WIJ1","AIR","EnvEurope",3,3,0,2014,10,7,{"$nulls":8},"TEMP","DB","METH_2",10.844045718750003,"°C",null,"X"]
["METEO","LTER_EU_BE_05","INBO","WIJ1","AIR","EnvEurope",3,3,0,2014,10,8,{"$nulls":8},"TEMP","DB","METH_2",12.923922906250004,"°C",null,"X"]
["METEO","LTER_EU_BE_05","INBO","WIJ1","AIR","EnvEurope",3,3,0,2014,10,9,{"$nulls":8},"TEMP","DB","METH_2",14.523749895833333,"°C",null,"X"]
["METEO","LTER_EU_BE_05","INBO","WIJ1","AIR","EnvEurope",3,3,0,2014,10,10,{"$nulls":8},"TEMP","DB","METH_2",13.482707708333336,"°C",null,"X"]
["METEO","LTER_EU_BE_05","INBO","WIJ1","AIR","EnvEurope",3,3,0,2014,10,11,{"$nulls":8},"TEMP","DB","METH_2",12.134826531249999,"°C",null,"X"]
["METEO","LTER_EU_BE_05","INBO","WIJ1","AIR","EnvEurope",3,3,0,2014,10,12,{"$nulls":8},"TEMP","DB","METH_2",11.723941552083334,"°C",null,"X"]
["METEO","LTER_EU_BE_05","INBO","WIJ1","AIR","EnvEurope",3,3,0,2014,10,13,{"$nulls":8},"TEMP","DB","METH_2",13.889010416666666,"°C",null,"X"]
["METEO","LTER_EU_BE_05","INBO","WIJ1","AIR","EnvEurope",3,3,0,2014,10,14,{"$nulls":8},"TEMP","DB","METH_2",12.845903749999998,"°C",null,"X"]
["METEO","LTER_EU_BE_05","INBO","WIJ1","AIR","EnvEurope",3,3,0,2014,10,15,{"$nulls":8},"TEMP","DB","METH_2",12.793090624999998,"°C",null,"X"]
["METEO","LTER_EU_BE_05","INBO","WIJ1","AIR","EnvEurope",3,3,0,2014,10,16,{"$nulls":8},"TEMP","DB","METH_2",14.346979270833332,"°C",null,"X"]
["METEO","LTER_EU_BE_05","INBO","WIJ1","AIR","EnvEurope",3,3,0,2014,10,17,{"$nulls":8},"TEMP","DB","METH_2",14.538751250000002,"°C",null,"X"]
["METEO","LTER_EU_BE_05","INBO","WIJ1","AIR","EnvEurope",3,3,0,2014,10,18,{"$nulls":8},"TEMP","DB","METH_2",17.4093228125,"°C",null,"X"]
["METEO","LTER_EU_BE_05","INBO","WIJ1","AIR","EnvEurope",3,3,0,2014,10,19,{"$nulls":8},"TEMP","DB","METH_2",16.745017812500006,"°C",null,"X"]
["METEO","LTER_EU_BE_05","INBO","WIJ1","AIR","EnvEurope",3,3,0,2014,10,20,{"$nulls":8},"TEMP","DB","METH_2",13.874914270833337,"°C",null,"X"]
["METEO","LTER_EU_BE_05","INBO","WIJ1","AIR","EnvEurope",3,3,0,2014,10,21,{"$nulls":8},"TEMP","DB","METH_2",11.858506291666671,"°C",null,"X"]
["METEO","LTER_EU_BE_05","INBO","WIJ1","AIR","EnvEurope",3,3,0,2014,10,22,{"$nulls":8},"TEMP","DB","METH_2",10.501059187500001,"°C",null,"X"]
["METEO","LTER_EU_BE_05","INBO","WIJ1","AIR","EnvEurope",3,3,0,2014,10,23,{"$nulls":8},"TEMP","DB","METH_2",11.279392229166668,"°C",null,"X"]
["METEO","LTER_EU_BE_05","INBO","WIJ1","AIR","EnvEurope",3,3,0,2014,10,24,{"$nulls":8},"TEMP","DB","METH_2",11.615849374999996,"°C",null,"X"]
["METEO","LTER_EU_BE_05","INBO","WIJ1","AIR","EnvEurope",3,3,0,2014,10,25,{"$nulls":8},"TEMP","DB","METH_2",12.802586562499998,"°C",null,"X"]
["METEO","LTER_EU_BE_05","INBO","WIJ1","AIR","EnvEurope",3,3,0,2014,10,26,{"$nulls":8},"TEMP","DB","METH_2",13.116075624999999,"°C",null,"X"]
["METEO","LTER_EU_BE_05","INBO","WIJ1","AIR","EnvEurope",3,3,0,2014,10,27,{"$nulls":8},"TEMP","DB","METH_2",12.08251666666667,"°C",null,"X"]
["METEO","LTER_EU_BE_05","INBO","WIJ1","AIR","EnvEurope",3,3,0,2014,10,28,{"$nulls":8},"TEMP","DB","METH_2",10.12335034375,"°C",null,"X"]
["METEO","LTER_EU_BE_05","INBO","WIJ1","AIR","EnvEurope",3,3,0,2014,10,29,{"$nulls":8},"TEMP","DB","METH_2",11.309133124999994,"°C",null,"X"]
["METEO","LTER_EU_BE_05","INBO","WIJ1","AIR","EnvEurope",3,3,0,2014,10,30,{"$nulls":8},"TEMP","DB","METH_2",13.19368041666666,"°C",null,"X"]
["METEO","LTER_EU_BE_05","INBO","WIJ1","AIR","EnvEurope",3,3,0,2014,10,31,{"$nulls":8},"TEMP","DB","METH_2",13.658141979166665,"°C",null,"X"]
["METEO","LTER_EU_BE_05","INBO","WIJ1","AIR","EnvEurope",3,3,0,2014,11,1,{"$nulls":8},"TEMP","DB","METH_2",14.332726354166674,"°C",null,"X"]
["METEO","LTER_EU_BE_05","INBO","WIJ1","AIR","EnvEurope",3,3,0,2014,11,2,{"$nulls":8},"TEMP","DB","METH_2",13.593958645833327,"°C",null,"X"]
["METEO","LTER_EU_BE_05","INBO","WIJ1","AIR","EnvEurope",3,3,0,2014,11,3,{"$nulls":8},"TEMP","DB","METH_2",11.739687229166664,"°C",null,"X"]
["METEO","LTER_EU_BE_05","INBO","WIJ1","AIR","EnvEurope",3,3,0,2014,11,4,{"$nulls":8},"TEMP","DB","METH_2",8.471180958333333,"°C",null,"X"]
["METEO","LTER_EU_BE_05","INBO","WIJ1","AIR","EnvEurope",3,3,0,2014,11,5,{"$nulls":8},"TEMP","DB","METH_2",6.273211760416664,"°C",null,"X"]
["METEO","LTER_EU_BE_05","INBO","WIJ1","AIR","EnvEurope",3,3,0,2014,11,6,{"$nulls":8},"TEMP","DB","METH_2",6.931875104166665,"°C",null,"X"]
["METEO","LTER_EU_BE_05","INBO","WIJ1","AIR","EnvEurope",3,3,0,2014,11,7,{"$nulls":8},"TEMP","DB","METH_2",8.9804856875,"°C",null,"X"]
["METEO","LTER_EU_BE_05","INBO","WIJ1","AIR","EnvEurope",3,3,0,2014,11,8,{"$nulls":8},"TEMP","DB","METH_2",9.81076303125,"°C",null,"X"]
["METEO","LTER_EU_BE_05","INBO","WIJ1","AIR","EnvEurope",3,3,0,2014,11,9,{"$nulls":8},"TEMP","DB","METH_2",10.404982260416666,"°C",null,"X"]
["METEO","LTER_EU_BE_05","INBO","WIJ1","AIR","EnvEurope",3,3,0,2014,11,10,{"$nulls":8},"TEMP","DB","METH_2",8.424340083333338,"°C",null,"X"]
["METEO","LTER_EU_BE_05","INBO","WIJ1","AIR","EnvEurope",3,3,0,2014,11,11,{"$nulls":8},"TEMP","DB","METH_2",8.769687062500003,"°C",null,"X"]
["METEO","LTER_EU_BE_05","INBO","WIJ1","AIR","EnvEurope",3,3,0,2014,11,12,{"$nulls":8},"TEMP","DB","METH_2",10.560468604166662,"°C",null,"X"]
["METEO","LTER_EU_BE_05","INBO","WIJ1","AIR","EnvEurope",3,3,0,2014,11,13,{"$nulls":8},"TEMP","DB","METH_2",7.942153208333337,"°C",null,"X"]
["METEO","LTER_EU_BE_05","INBO","WIJ1","AIR","EnvEurope",3,3,0,2014,11,14,{"$nulls":8},"TEMP","DB","METH_2",9.049826468750004,"°C",null,"X"]
["METEO","LTER_EU_BE_05","INBO","WIJ1","AIR","EnvEurope",3,3,0,2014,11,15,{"$nulls":8},"TEMP","DB","METH_2",9.679930364583333,"°C",null,"X"]
["METEO","LTER_EU_BE_05","INBO","WIJ1","AIR","EnvEurope",3,3,0,2014,11,16,{"$nulls":8},"TEMP","DB","METH_2",8.130295937500003,"°C",null,"X"]
["METEO","LTER_EU_BE_05","INBO","WIJ1","AIR","EnvEurope",3,3,0,2014,11,17,{"$nulls":8},"TEMP","DB","METH_2",8.138837281250002,"°C",null,"X"]
["METEO","LTER_EU_BE_05","INBO","WIJ1","AIR","EnvEurope",3,3,0,2014,11,18,{"$nulls":8},"TEMP","DB","METH_2",8.087014031250002,"°C",null,"X"]
["METEO","LTER_EU_BE_05","INBO","WIJ1","AIR","EnvEurope",3,3,0,2014,11,19,{"$nulls":8},"TEMP","DB","METH_2",7.939826385416668,"°C",null,"X"]
["METEO","LTER_EU_BE_05","INBO","WIJ1","AIR","EnvEurope",3,3,0,2014,11,20,{"$nulls":8},"TEMP","DB","METH_2",6.086284906250001,"°C",null,"X"]
["METEO","LTER_EU_BE_05","INBO","WIJ1","AIR","EnvEurope",3,3,0,2014,11,21,{"$nulls":8},"TEMP","DB","METH_2",5.234375020833333,"°C",null,"X"]
["METEO","LTER_EU_BE_05","INBO","WIJ1","AIR","EnvEurope",3,3,0,2014,11,22,{"$nulls":8},"TEMP","DB","METH_2",8.907968104166665,"°C",null,"X"]
["METEO","LTER_EU_BE_05","INBO","WIJ1","AIR","EnvEurope",3,3,0,2014,11,23,{"$nulls":8},"TEMP","DB","METH_2",10.47916671875,"°C",null,"X"]
["METEO","LTER_EU_BE_05","INBO","WIJ1","AIR","EnvEurope",3,3,0,2014,11,24,{"$nulls":8},"TEMP","DB","METH_2",6.64567696875,"°C",null,"X"]
["METEO","LTER_EU_BE_05","INBO","WIJ1","AIR","EnvEurope",3,3,0,2014,11,25,{"$nulls":8},"TEMP","DB","METH_2",5.116822583333333,"°C",null,"X"]
["METEO","LTER_EU_BE_05","INBO","WIJ1","AIR","EnvEurope",3,3,0,2014,11,26,{"$nulls":8},"TEMP","DB","METH_2",7.018870947916665,"°C",null,"X"]
["METEO","LTER_EU_BE_05","INBO","WIJ1","AIR","EnvEurope",3,3,0,2014,11,27,{"$nulls":8},"TEMP","DB","METH_2",10.041944781249997,"°C",null,"X"]
["METEO","LTER_EU_BE_05","INBO","WIJ1","AIR","EnvEurope",3,3,0,2014,11,28,{"$nulls":8},"TEMP","DB","METH_2",9.379496812500005,"°C",null,"X"]
["METEO","LTER_EU_BE_05","INBO","WIJ1","AIR","EnvEurope",3,3,0,2014,11,29,{"$nulls":8},"TEMP","DB","METH_2",4.913125020833333,"°C",null,"X"]
["METEO","LTER_EU_BE_05","INBO","WIJ1","AIR","EnvEurope",3,3,0,2014,11,30,{"$nulls":8},"TEMP","DB","METH_2",3.343159695833334,"°C",null,"X"]
["METEO","LTER_EU_BE_05","INBO","WIJ1","AIR","EnvEurope",3,3,0,2014,12,1,{"$nulls":8},"TEMP","DB","METH_2",2.5100518020833325,"°C",null,"X"]
["METEO","LTER_EU_BE_05","INBO","WIJ1","AIR","EnvEurope",3,3,0,2014,12,2,{"$nulls":8},"TEMP","DB","METH_2",2.481213739583334,"°C",null,"X"]
["METEO","LTER_EU_BE_05","INBO","WIJ1","AIR","EnvEurope",3,3,0,2014,12,3,{"$nulls":8},"TEMP","DB","METH_2",1.4039582751041666,"°C",null,"X"]
["METEO","LTER_EU_BE_05","INBO","WIJ1","AIR","EnvEurope",3,3,0,2014,12,4,{"$nulls":8},"TEMP","DB","METH_2",-0.05730903937499996,"°C",null,"X"]
["METEO","LTER_EU_BE_05","INBO","WIJ1","AIR","EnvEurope",3,3,0,2014,12,5,{"$nulls":8},"TEMP","DB","METH_2",3.0259546770833334,"°C",null,"X"]
["METEO","LTER_EU_BE_05","INBO","WIJ1","AIR","EnvEurope",3,3,0,2014,12,6,{"$nulls":8},"TEMP","DB","METH_2",4.959166451041669,"°C",null,"X"]
["METEO","LTER_EU_BE_05","INBO","WIJ1","AIR","EnvEurope",3,3,0,2014,12,7,{"$nulls":8},"TEMP","DB","METH_2",3.2756945161458355,"°C",null,"X"]
["METEO","LTER_EU_BE_05","INBO","WIJ1","AIR","EnvEurope",3,3,0,2014,12,8,{"$nulls":8},"TEMP","DB","METH_2",2.462447885625,"°C",null,"X"]
["METEO","LTER_EU_BE_05","INBO","WIJ1","AIR","EnvEurope",3,3,0,2014,12,9,{"$nulls":8},"TEMP","DB","METH_2",4.6290969791666665,"°C",null,"X"]
["METEO","LTER_EU_BE_05","INBO","WIJ1","AIR","EnvEurope",3,3,0,2014,12,10,{"$nulls":8},"TEMP","DB","METH_2",6.182066052083333,"°C",null,"X"]
["METEO","LTER_EU_BE_05","INBO","WIJ1","AIR","EnvEurope",3,3,0,2014,12,11,{"$nulls":8},"TEMP","DB","METH_2",6.501822645833336,"°C",null,"X"]
["METEO","LTER_EU_BE_05","INBO","WIJ1","AIR","EnvEurope",3,3,0,2014,12,12,{"$nulls":8},"TEMP","DB","METH_2",8.146528583333334,"°C",null,"X"]
["METEO","LTER_EU_BE_05","INBO","WIJ1","AIR","EnvEurope",3,3,0,2014,12,13,{"$nulls":8},"TEMP","DB","METH_2",3.6980381281250008,"°C",null,"X"]
["METEO","LTER_EU_BE_05","INBO","WIJ1","AIR","EnvEurope",3,3,0,2014,12,14,{"$nulls":8},"TEMP","DB","METH_2",1.2442532759374998,"°C",null,"X"]
["METEO","LTER_EU_BE_05","INBO","WIJ1","AIR","EnvEurope",3,3,0,2014,12,15,{"$nulls":8},"TEMP","DB","METH_2",5.549479166666668,"°C",null,"X"]
["METEO","LTER_EU_BE_05","INBO","WIJ1","AIR","EnvEurope",3,3,0,2014,12,16,{"$nulls":8},"TEMP","DB","METH_2",4.422708114583336,"°C",null,"X"]
["METEO","LTER_EU_BE_05","INBO","WIJ1","AIR","EnvEurope",3,3,0,2014,12,17,{"$nulls":8},"TEMP","DB","METH_2",7.968941052083338,"°C",null,"X"]
["METEO","LTER_EU_BE_05","INBO","WIJ1","AIR","EnvEurope",3,3,0,2014,12,18,{"$nulls":8},"TEMP","DB","METH_2",11.638126250000004,"°C",null,"X"]
["METEO","LTER_EU_BE_05","INBO","WIJ1","AIR","EnvEurope",3,3,0,2014,12,19,{"$nulls":8},"TEMP","DB","METH_2",9.116076343750002,"°C",null,"X"]
["METEO","LTER_EU_BE_05","INBO","WIJ1","AIR","EnvEurope",3,3,0,2014,12,20,{"$nulls":8},"TEMP","DB","METH_2",6.557500177083331,"°C",null,"X"]
["METEO","LTER_EU_BE_05","INBO","WIJ1","AIR","EnvEurope",3,3,0,2014,12,21,{"$nulls":8},"TEMP","DB","METH_2",6.897812562499998,"°C",null,"X"]
["METEO","LTER_EU_BE_05","INBO","WIJ1","AIR","EnvEurope",3,3,0,2014,12,22,{"$nulls":8},"TEMP","DB","METH_2",11.012725177083333,"°C",null,"X"]
["METEO","LTER_EU_BE_05","INBO","WIJ1","AIR","EnvEurope",3,3,0,2014,12,23,{"$nulls":8},"TEMP","DB","METH_2",10.749948489583334,"°C",null,"X"]
["METEO","LTER_EU_BE_05","INBO","WIJ1","AIR","EnvEurope",3,3,0,2014,12,24,{"$nulls":8},"TEMP","DB","METH_2",8.304999989583331,"°C",null,"X"]
["METEO","LTER_EU_BE_05","INBO","WIJ1","AIR","EnvEurope",3,3,0,2014,12,25,{"$nulls":8},"TEMP","DB","METH_2",4.956649562499997,"°C",null,"X"]
["METEO","LTER_EU_BE_05","INBO","WIJ1","AIR","EnvEurope",3,3,0,2014,12,26,{"$nulls":8},"TEMP","DB","METH_2",3.7744271250000008,"°C",null,"X"]
["METEO","LTER_EU_BE_05","INBO","WIJ1","AIR","EnvEurope",3,3,0,2014,12,27,{"$nulls":8},"TEMP","DB","METH_2",2.434374802083333,"°C",null,"X"]
["METEO","LTER_EU_BE_05","INBO","WIJ1","AIR","EnvEurope",3,3,0,2014,12,28,{"$nulls":8},"TEMP","DB","METH_2",-1.0484895969791668,"°C",null,"X"]
["METEO","LTER_EU_BE_05","INBO","WIJ1","AIR","EnvEurope",3,3,0,2014,12,29,{"$nulls":8},"TEMP","DB","METH_2",3.124774218333334,"°C",null,"X"]
["METEO","LTER_EU_BE_05","INBO","WIJ1","AIR","EnvEurope",3,3,0,2014,12,30,{"$nulls":8},"TEMP","DB","METH_2",2.4655380645833325,"°C",null,"X"]
["METEO","LTER_EU_BE_05","INBO","WIJ1","AIR","EnvEurope",3,3,0,2014,12,31,{"$nulls":8},"TEMP","DB","METH_2",3.112551868229165,"°C",null,"X"]
["METEO","LTER_EU_BE_05","INBO","WIJ1","AIR","EnvEurope",3,3,0,2014,2,1,{"$nulls":8},"TEMP","DB","METH_2",6.370174197916665,"°C",null,"X"]
["METEO","LTER_EU_BE_05","INBO","WIJ1","AIR","EnvEurope",3,3,0,2014,2,2,{"$nulls":8},"TEMP","DB","METH_2",4.860017635416665,"°C",null,"X"]
["METEO","LTER_EU_BE_05","INBO","WIJ1","AIR","EnvEurope",3,3,0,2014,2,3,{"$nulls":8},"TEMP","DB","METH_2",3.4559028805208336,"°C",null,"X"]
["METEO","LTER_EU_BE_05","INBO","WIJ1","AIR","EnvEurope",3,3,0,2014,2,4,{"$nulls":8},"TEMP","DB","METH_2",5.656180458333332,"°C",null,"X"]
["METEO","LTER_EU_BE_05","INBO","WIJ1","AIR","EnvEurope",3,3,0,2014,2,5,{"$nulls":8},"TEMP","DB","METH_2",7.175278270833334,"°C",null,"X"]
["METEO","LTER_EU_BE_05","INBO","WIJ1","AIR","EnvEurope",3,3,0,2014,2,6,{"$nulls":8},"TEMP","DB","METH_2",6.591701468749998,"°C",null,"X"]
["METEO","LTER_EU_BE_05","INBO","WIJ1","AIR","EnvEurope",3,3,0,2014,2,7,{"$nulls":8},"TEMP","DB","METH_2",7.313610531250003,"°C",null,"X"]
["METEO","LTER_EU_BE_05","INBO","WIJ1","AIR","EnvEurope",3,3,0,2014,2,8,{"$nulls":8},"TEMP","DB","METH_2",7.593506718750002,"°C",null,"X"]
["METEO","LTER_EU_BE_05","INBO","WIJ1","AIR","EnvEurope",3,3,0,2014,2,9,{"$nulls":8},"TEMP","DB","METH_2",5.237760770833332,"°C",null,"X"]
["METEO","LTER_EU_BE_05","INBO","WIJ1","AIR","EnvEurope",3,3,0,2014,2,10,{"$nulls":8},"TEMP","DB","METH_2",4.696666833333333,"°C",null,"X"]
["METEO","LTER_EU_BE_05","INBO","WIJ1","AIR","EnvEurope",3,3,0,2014,2,11,{"$nulls":8},"TEMP","DB","METH_2",4.883420406250001,"°C",null,"X"]
["METEO","LTER_EU_BE_05","INBO","WIJ1","AIR","EnvEurope",3,3,0,2014,2,12,{"$nulls":8},"TEMP","DB","METH_2",4.871197850000002,"°C",null,"X"]
["METEO","LTER_EU_BE_05","INBO","WIJ1","AIR","EnvEurope",3,3,0,2014,2,13,{"$nulls":8},"TEMP","DB","METH_2",4.604027635416666,"°C",null,"X"]
["METEO","LTER_EU_BE_05","INBO","WIJ1","AIR","EnvEurope",3,3,0,2014,2,14,{"$nulls":8},"TEMP","DB","METH_2",5.224635114583333,"°C",null,"X"]
["METEO","LTER_EU_BE_05","INBO","WIJ1","AIR","EnvEurope",3,3,0,2014,2,15,{"$nulls":8},"TEMP","DB","METH_2",9.42835107291667,"°C",null,"X"]
["METEO","LTER_EU_BE_05","INBO","WIJ1","AIR","EnvEurope",3,3,0,2014,2,16,{"$nulls":8},"TEMP","DB","METH_2",5.985607770833333,"°C",null,"X"]
["METEO","LTER_EU_BE_05","INBO","WIJ1","AIR","EnvEurope",3,3,0,2014,2,17,{"$nulls":8},"TEMP","DB","METH_2",5.86782959375,"°C",null,"X"]
["METEO","LTER_EU_BE_05","INBO","WIJ1","AIR","EnvEurope",3,3,0,2014,2,18,{"$nulls":8},"TEMP","DB","METH_2",6.7696010312500015,"°C",null,"X"]
["METEO","LTER_EU_BE_05","INBO","WIJ1","AIR","EnvEurope",3,3,0,2014,2,19,{"$nulls":8},"TEMP","DB","METH_2",7.582691510416666,"°C",null,"X"]
["METEO","LTER_EU_BE_05","INBO","WIJ1","AIR","EnvEurope",3,3,0,2014,2,20,{"$nulls":8},"TEMP","DB","METH_2",8.901979489583338,"°C",null,"X"]
["METEO","LTER_EU_BE_05","INBO","WIJ1","AIR","EnvEurope",3,3,0,2014,2,21,{"$nulls":8},"TEMP","DB","METH_2",6.705226156249999,"°C",null,"X"]
["METEO","LTER_EU_BE_05","INBO","WIJ1","AIR","EnvEurope",3,3,0,2014,2,22,{"$nulls":8},"TEMP","DB","METH_2",6.881284427083332,"°C",null,"X"]
["METEO","LTER_EU_BE_05","INBO","WIJ1","AIR","EnvEurope",3,3,0,2014,2,23,{"$nulls":8},"TEMP","DB","METH_2",7.936771114583334,"°C",null,"X"]
["METEO","LTER_EU_BE_05","INBO","WIJ1","AIR","EnvEurope",3,3,0,2014,2,24,{"$nulls":8},"TEMP","DB","METH_2",8.382117760416666,"°C",null,"X"]
["METEO","LTER_EU_BE_05","INBO","WIJ1","AIR","EnvEurope",3,3,0,2014,2,25,{"$nulls":8},"TEMP","DB","METH_2",8.841592072916667,"°C",null,"X"]
["METEO","LTER_EU_BE_05","INBO","WIJ1","AIR","EnvEurope",3,3,0,2014,2,26,{"$nulls":8},"TEMP","DB","METH_2",5.941162999999996,"°C",null,"X"]
["METEO","LTER_EU_BE_05","INBO","WIJ1","AIR","EnvEurope",3,3,0,2014,2,27,{"$nulls":8},"TEMP","DB","METH_2",5.309878572916665,"°C",null,"X"]
["METEO","LTER_EU_BE_05","INBO","WIJ1","AIR","EnvEurope",3,3,0,2014,2,28,{"$nulls":8},"TEMP","DB","METH_2",4.418940854166665,"°C",null,"X"]
["METEO","LTER_EU_BE_05","INBO","WIJ1","AIR","EnvEurope",3,3,0,2014,3,1,{"$nulls":8},"TEMP","DB","METH_2",5.008159750000002,"°C",null,"X"]
["METEO","LTER_EU_BE_05","INBO","WIJ1","AIR","EnvEurope",3,3,0,2014,3,2,{"$nulls":8},"TEMP","DB","METH_2",4.4157290837500005,"°C",null,"X"]
["METEO","LTER_EU_BE_05","INBO","WIJ1","AIR","EnvEurope",3,3,0,2014,3,3,{"$nulls":8},"TEMP","DB","METH_2",6.4921533125,"°C",null,"X"]
["METEO","LTER_EU_BE_05","INBO","WIJ1","AIR","EnvEurope",3,3,0,2014,3,4,{"$nulls":8},"TEMP","DB","METH_2",4.8436283125,"°C",null,"X"]
["METEO","LTER_EU_BE_05","INBO","WIJ1","AIR","EnvEurope",3,3,0,2014,3,5,{"$nulls":8},"TEMP","DB","METH_2",6.166700979166664,"°C",null,"X"]
["METEO","LTER_EU_BE_05","INBO","WIJ1","AIR","EnvEurope",3,3,0,2014,3,6,{"$nulls":8},"TEMP","DB","METH_2",6.40131983854167,"°C",null,"X"]
["METEO","LTER_EU_BE_05","INBO","WIJ1","AIR","EnvEurope",3,3,0,2014,3,7,{"$nulls":8},"TEMP","DB","METH_2",7.298332927083332,"°C",null,"X"]
["METEO","LTER_EU_BE_05","INBO","WIJ1","AIR","EnvEurope",3,3,0,2014,3,8,{"$nulls":8},"TEMP","DB","METH_2",9.967100770833332,"°C",null,"X"]
["METEO","LTER_EU_BE_05","INBO","WIJ1","AIR","EnvEurope",3,3,0,2014,3,9,{"$nulls":8},"TEMP","DB","METH_2",11.141857635416665,"°C",null,"X"]
["METEO","LTER_EU_BE_05","INBO","WIJ1","AIR","EnvEurope",3,3,0,2014,3,10,{"$nulls":8},"TEMP","DB","METH_2",9.123089864583333,"°C",null,"X"]
["METEO","LTER_EU_BE_05","INBO","WIJ1","AIR","EnvEurope",3,3,0,2014,3,11,{"$nulls":8},"TEMP","DB","METH_2",8.180173843750005,"°C",null,"X"]
["METEO","LTER_EU_BE_05","INBO","WIJ1","AIR","EnvEurope",3,3,0,2014,3,12,{"$nulls":8},"TEMP","DB","METH_2",8.368680468750002,"°C",null,"X"]
["METEO","LTER_EU_BE_05","INBO","WIJ1","AIR","EnvEurope",3,3,0,2014,3,13,{"$nulls":8},"TEMP","DB","METH_2",7.623715627083335,"°C",null,"X"]
["METEO","LTER_EU_BE_05","INBO","WIJ1","AIR","EnvEurope",3,3,0,2014,3,14,{"$nulls":8},"TEMP","DB","METH_2",7.476631625000002,"°C",null,"X"]
["METEO","LTER_EU_BE_05","INBO","WIJ1","AIR","EnvEurope",3,3,0,2014,3,15,{"$nulls":8},"TEMP","DB","METH_2",9.668576687500002,"°C",null,"X"]
["METEO","LTER_EU_BE_05","INBO","WIJ1","AIR","EnvEurope",3,3,0,2014,3,16,{"$nulls":8},"TEMP","DB","METH_2",10.882170281250003,"°C",null,"X"]
["METEO","LTER_EU_BE_05","INBO","WIJ1","AIR","EnvEurope",3,3,0,2014,3,17,{"$nulls":8},"TEMP","DB","METH_2",9.917846510416664,"°C",null,"X"]
["METEO","LTER_EU_BE_05","INBO","WIJ1","AIR","EnvEurope",3,3,0,2014,3,18,{"$nulls":8},"TEMP","DB","METH_2",9.656492864583333,"°C",null,"X"]
["METEO","LTER_EU_BE_05","INBO","WIJ1","AIR","EnvEurope",3,3,0,2014,3,19,{"$nulls":8},"TEMP","DB","METH_2",10.422065625000007,"°C",null,"X"]
["METEO","LTER_EU_BE_05","INBO","WIJ1","AIR","EnvEurope",3,3,0,2014,3,20,{"$nulls":8},"TEMP","DB","METH_2",11.484010927083332,"°C",null,"X"]
["METEO","LTER_EU_BE_05","INBO","WIJ1","AIR","EnvEurope",3,3,0,2014,3,21,{"$nulls":8},"TEMP","DB","METH_2",8.605659885416664,"°C",null,"X"]
["METEO","LTER_EU_BE_05","INBO","WIJ1","AIR","EnvEurope",3,3,0,2014,3,22,{"$nulls":8},"TEMP","DB","METH_2",6.587638812499997,"°C",null,"X"]
["METEO","LTER_EU_BE_05","INBO","WIJ1","AIR","EnvEurope",3,3,0,2014,3,23,{"$nulls":8},"TEMP","DB","METH_2",6.0875865520833345,"°C",null,"X"]
["METEO","LTER_EU_BE_05","INBO","WIJ1","AIR","EnvEurope",3,3,0,2014,3,24,{"$nulls":8},"TEMP","DB","METH_2",5.662135552083332,"°C",null,"X"]
["METEO","LTER_EU_BE_05","INBO","WIJ1","AIR","EnvEurope",3,3,0,2014,3,25,{"$nulls":8},"TEMP","DB","METH_2",5.686510657395831,"°C",null,"X"]
["METEO","LTER_EU_BE_05","INBO","WIJ1","AIR","EnvEurope",3,3,0,2014,3,26,{"$nulls":8},"TEMP","DB","METH_2",4.976197729166668,"°C",null,"X"]
["METEO","LTER_EU_BE_05","INBO","WIJ1","AIR","EnvEurope",3,3,0,2014,3,27,{"$nulls":8},"TEMP","DB","METH_2",6.039913159374998,"°C",null,"X"]
["METEO","LTER_EU_BE_05","INBO","WIJ1","AIR","EnvEurope",3,3,0,2014,3,28,{"$nulls":8},"TEMP","DB","METH_2",8.505937114583336,"°C",null,"X"]
["METEO","LTER_EU_BE_05","INBO","WIJ1","AIR","EnvEurope",3,3,0,2014,3,29,{"$nulls":8},"TEMP","DB","METH_2",12.07385389583333,"°C",null,"X"]
["METEO","LTER_EU_BE_05","INBO","WIJ1","AIR","EnvEurope",3,3,0,2014,3,30,{"$nulls":8},"TEMP","DB","METH_2",13.937481614583335,"°C",null,"X"]
["METEO","LTER_EU_BE_05","INBO","WIJ1","AIR","EnvEurope",3,3,0,2014,3,31,{"$nulls":8},"TEMP","DB","METH_2",14.396684041666674,"°C",null,"X"]
["METEO","LTER_EU_BE_05","INBO","WIJ1","AIR","EnvEurope",3,3,0,2014,4,1,{"$nulls":8},"TEMP","DB","METH_2",13.149774479166659,"°C",null,"X"]
["METEO","LTER_EU_BE_05","INBO","WIJ1","AIR","EnvEurope",3,3,0,2014,4,2,{"$nulls":8},"TEMP","DB","METH_2",14.674183416666667,"°C",null,"X"]
["METEO","LTER_EU_BE_05","INBO","WIJ1","AIR","EnvEurope",3,3,0,2014,4,3,{"$nulls":8},"TEMP","DB","METH_2",15.07591989583333,"°C",null,"X"]
["METEO","LTER_EU_BE_05","INBO","WIJ1","AIR","EnvEurope",3,3,0,2014,4,4,{"$nulls":8},"TEMP","DB","METH_2",11.471510562499999,"°C",null,"X"]
["METEO","LTER_EU_BE_05","INBO","WIJ1","AIR","EnvEurope",3,3,0,2014,4,5,{"$nulls":8},"TEMP","DB","METH_2",11.66006930208333,"°C",null,"X"]
["METEO","LTER_EU_BE_05","INBO","WIJ1","AIR","EnvEurope",3,3,0,2014,4,6,{"$nulls":8},"TEMP","DB","METH_2",13.57553832291667,"°C",null,"X"]
["METEO","LTER_EU_BE_05","INBO","WIJ1","AIR","EnvEurope",3,3,0,2014,4,7,{"$nulls":8},"TEMP","DB","METH_2",15.269044999999993,"°C",null,"X"]
["METEO","LTER_EU_BE_05","INBO","WIJ1","AIR","EnvEurope",3,3,0,2014,4,8,{"$nulls":8},"TEMP","DB","METH_2",9.856336302083337,"°C",null,"X"]
["METEO","LTER_EU_BE_05","INBO","WIJ1","AIR","EnvEurope",3,3,0,2014,4,9,{"$nulls":8},"TEMP","DB","METH_2",9.230955260416668,"°C",null,"X"]
["METEO","LTER_EU_BE_05","INBO","WIJ1","AIR","EnvEurope",3,3,0,2014,4,10,{"$nulls":8},"TEMP","DB","METH_2",9.313663291666666,"°C",null,"X"]
["METEO","LTER_EU_BE_05","INBO","WIJ1","AIR","EnvEurope",3,3,0,2014,4,11,{"$nulls":8},"TEMP","DB","METH_2",9.999999479166666,"°C",null,"X"]
["METEO","LTER_EU_BE_05","INBO","WIJ1","AIR","EnvEurope",3,3,0,2014,4,12,{"$nulls":8},"TEMP","DB","METH_2",9.194218625000003,"°C",null,"X"]
["METEO","LTER_EU_BE_05","INBO","WIJ1","AIR","EnvEurope",3,3,0,2014,4,13,{"$nulls":8},"TEMP","DB","METH_2",10.089149687500003,"°C",null,"X"]
["METEO","LTER_EU_BE_05","INBO","WIJ1","AIR","EnvEurope",3,3,0,2014,4,14,{"$nulls":8},"TEMP","DB","METH_2",9.243419864583332,"°C",null,"X"]
["METEO","LTER_EU_BE_05","INBO","WIJ1","AIR","EnvEurope",3,3,0,2014,4,15,{"$nulls":8},"TEMP","DB","METH_2",6.816961583333331,"°C",null,"X"]
["METEO","LTER_EU_BE_05","INBO","WIJ1","AIR","EnvEurope",3,3,0,2014,4,16,{"$nulls":8},"TEMP","DB","METH_2",8.061978708333333,"°C",null,"X"]
["METEO","LTER_EU_BE_05","INBO","WIJ1","AIR","EnvEurope",3,3,0,2014,4,17,{"$nulls":8},"TEMP","DB","METH_2",10.836910333333336,"°C",null,"X"]
["METEO","LTER_EU_BE_05","INBO","WIJ1","AIR","EnvEurope",3,3,0,2014,4,18,{"$nulls":8},"TEMP","DB","METH_2",8.97527814583333,"°C",null,"X"]
["METEO","LTER_EU_BE_05","INBO","WIJ1","AIR","EnvEurope",3,3,0,2014,4,19,{"$nulls":8},"TEMP","DB","METH_2",9.29083352083333,"°C",null,"X"]
["METEO","LTER_EU_BE_05","INBO","WIJ1","AIR","EnvEurope",3,3,0,2014,4,20,{"$nulls":8},"TEMP","DB","METH_2",13.439756250000002,"°C",null,"X"]
["METEO","LTER_EU_BE_05","INBO","WIJ1","AIR","EnvEurope",3,3,0,2014,4,21,{"$nulls":8},"TEMP","DB","METH_2",13.802084260416663,"°C",null,"X"]
["METEO","LTER_EU_BE_05","INBO","WIJ1","AIR","EnvEurope",3,3,0,2014,4,22,{"$nulls":8},"TEMP","DB","METH_2",12.928628062500003,"°C",null,"X"]
["METEO","LTER_EU_BE_05","INBO","WIJ1","AIR","EnvEurope",3,3,0,2014,4,23,{"$nulls":8},"TEMP","DB","METH_2",13.267830218749998,"°C",null,"X"]
["METEO","LTER_EU_BE_05","INBO","WIJ1","AIR","EnvEurope",3,3,0,2014,4,24,{"$nulls":8},"TEMP","DB","METH_2",12.982725312499996,"°C",null,"X"]
["METEO","LTER_EU_BE_05","INBO","WIJ1","AIR","EnvEurope",3,3,0,2014,4,25,{"$nulls":8},"TEMP","DB","METH_2",14.478211770833338,"°C",null,"X"]
["METEO","LTER_EU_BE_05","INBO","WIJ1","AIR","EnvEurope",3,3,0,2014,4,26,{"$nulls":8},"TEMP","DB","METH_2",10.610347416666666,"°C",null,"X"]
["METEO","LTER_EU_BE_05","INBO","WIJ1","AIR","EnvEurope",3,3,0,2014,4,27,{"$nulls":8},"TEMP","DB","METH_2",10.626997708333333,"°C",null,"X"]
["METEO","LTER_EU_BE_05","INBO","WIJ1","AIR","EnvEurope",3,3,0,2014,4,28,{"$nulls":8},"TEMP","DB","METH_2",11.6678471875,"°C",null,"X"]
["METEO","LTER_EU_BE_05","INBO","WIJ1","AIR","EnvEurope",3,3,0,2014,4,29,{"$nulls":8},"TEMP","DB","METH_2",12.623021145833336,"°C",null,"X"]
["METEO","LTER_EU_BE_05","INBO","WIJ1","AIR","EnvEurope",3,3,0,2014,4,30,{"$nulls":8},"TEMP","DB","METH_2",11.43635419791667,"°C",null,"X"]
["METEO","LTER_EU_BE_05","INBO","WIJ1","AIR","EnvEurope",3,3,0,2014,5,1,{"$nulls":8},"TEMP","DB","METH_2",12.205711541666666,"°C",null,"X"]
["METEO","LTER_EU_BE_05","INBO","WIJ1","AIR","EnvEurope",3,3,0,2014,5,2,{"$nulls":8},"TEMP","DB","METH_2",11.09031330208333,"°C",null,"X"]
["METEO","LTER_EU_BE_05","INBO","WIJ1","AIR","EnvEurope",3,3,0,2014,5,3,{"$nulls":8},"TEMP","DB","METH_2",8.717568979166666,"°C",null,"X"]
["METEO","LTER_EU_BE_05","INBO","WIJ1","AIR","EnvEurope",3,3,0,2014,5,4,{"$nulls":8},"TEMP","DB","METH_2",8.100538364583334,"°C",null,"X"]
["METEO","LTER_EU_BE_05","INBO","WIJ1","AIR","EnvEurope",3,3,0,2014,5,5,{"$nulls":8},"TEMP","DB","METH_2",12.826857645833337,"°C",null,"X"]
["METEO","LTER_EU_BE_05","INBO","WIJ1","AIR","EnvEurope",3,3,0,2014,5,6,{"$nulls":8},"TEMP","DB","METH_2",13.813143083333335,"°C",null,"X"]
["METEO","LTER_EU_BE_05","INBO","WIJ1","AIR","EnvEurope",3,3,0,2014,5,7,{"$nulls":8},"TEMP","DB","METH_2",11.930520114583333,"°C",null,"X"]
["METEO","LTER_EU_BE_05","INBO","WIJ1","AIR","EnvEurope",3,3,0,2014,5,8,{"$nulls":8},"TEMP","DB","METH_2",11.747239687499993,"°C",null,"X"]
["METEO","LTER_EU_BE_05","INBO","WIJ1","AIR","EnvEurope",3,3,0,2014,5,9,{"$nulls":8},"TEMP","DB","METH_2",13.10090126041667,"°C",null,"X"]
["METEO","LTER_EU_BE_05","INBO","WIJ1","AIR","EnvEurope",3,3,0,2014,5,10,{"$nulls":8},"TEMP","DB","METH_2",11.539374614583336,"°C",null,"X"]
["METEO","LTER_EU_BE_05","INBO","WIJ1","AIR","EnvEurope",3,3,0,2014,5,11,{"$nulls":8},"TEMP","DB","METH_2",10.85197815625,"°C",null,"X"]
["METEO","LTER_EU_BE_05","INBO","WIJ1","AIR","EnvEurope",3,3,0,2014,5,12,{"$nulls":8},"TEMP","DB","METH_2",11.361788458333328,"°C",null,"X"]
["METEO","LTER_EU_BE_05","INBO","WIJ1","AIR","EnvEurope",3,3,0,2014,5,13,{"$nulls":8},"TEMP","DB","METH_2",10.364288197916672,"°C",null,"X"]
["METEO","LTER_EU_BE_05","INBO","WIJ1","AIR","EnvEurope",3,3,0,2014,5,14,{"$nulls":8},"TEMP","DB","METH_2",9.785607281250003,"°C",null,"X"]
["METEO","LTER_EU_BE_05","INBO","WIJ1","AIR","EnvEurope",3,3,0,2014,5,15,{"$nulls":8},"TEMP","DB","METH_2",9.785278114583333,"°C",null,"X"]
["METEO","LTER_EU_BE_05","INBO","WIJ1","AIR","EnvEurope",3,3,0,2014,5,16,{"$nulls":8},"TEMP","DB","METH_2",11.779271177083332,"°C",null,"X"]
["METEO","LTER_EU_BE_05","INBO","WIJ1","AIR","EnvEurope",3,3,0,2014,5,17,{"$nulls":8},"TEMP","DB","METH_2",14.120086645833334,"°C",null,"X"]
["METEO","LTER_EU_BE_05","INBO","WIJ1","AIR","EnvEurope",3,3,0,2014,5,18,{"$nulls":8},"TEMP","DB","METH_2",16.264287802083338,"°C",null,"X"]
["METEO","LTER_EU_BE_05","INBO","WIJ1","AIR","EnvEurope",3,3,0,2014,5,19,{"$nulls":8},"TEMP","DB","METH_2",18.64835020833334,"°C",null,"X"]
["METEO","LTER_EU_BE_05","INBO","WIJ1","AIR","EnvEurope",3,3,0,2014,5,20,{"$nulls":8},"TEMP","DB","METH_2",17.56972333333334,"°C",null,"X"]
["METEO","LTER_EU_BE_05","INBO","WIJ1","AIR","EnvEurope",3,3,0,2014,5,21,{"$nulls":8},"TEMP","DB","METH_2",14.35787642105263,"°C",null,"X"]
["METEO","LTER_EU_BE_05","INBO","WIJ1","AIR","EnvEurope",3,3,0,2014,5,22,{"$nulls":8},"TEMP","DB","METH_2",16.315538854166668,"°C",null,"X"]
["METEO","LTER_EU_BE_05","INBO","WIJ1","AIR","EnvEurope",3,3,0,2014,5,23,{"$nulls":8},"TEMP","DB","METH_2",13.849357708333335,"°C",null,"X"]
["METEO","LTER_EU_BE_05","INBO","WIJ1","AIR","EnvEurope",3,3,0,2014,5,24,{"$nulls":8},"TEMP","DB","METH_2",12.739253833333334,"°C",null,"X"]
["METEO","LTER_EU_BE_05","INBO","WIJ1","AIR","EnvEurope",3,3,0,2014,5,25,{"$nulls":8},"TEMP","DB","METH_2",13.706110635416662,"°C",null,"X"]
["METEO","LTER_EU_BE_05","INBO","WIJ1","AIR","EnvEurope",3,3,0,2014,5,26,{"$nulls":8},"TEMP","DB","METH_2",15.023506666666671,"°C",null,"X"]
["METEO","LTER_EU_BE_05","INBO","WIJ1","AIR","EnvEurope",3,3,0,2014,5,27,{"$nulls":8},"TEMP","DB","METH_2",14.310902812500004,"°C",null,"X"]
["METEO","LTER_EU_BE_05","INBO","WIJ1","AIR","EnvEurope",3,3,0,2014,5,28,{"$nulls":8},"TEMP","DB","METH_2",13.650729270833333,"°C",null,"X"]
["METEO","LTER_EU_BE_05","INBO","WIJ1","AIR","EnvEurope",3,3,0,2014,5,29,{"$nulls":8},"TEMP","DB","METH_2",14.634566250000004,"°C",null,"X"]
["METEO","LTER_EU_BE_05","INBO","WIJ1","AIR","EnvEurope",3,3,0,2014,5,30,{"$nulls":8},"TEMP","DB","METH_2",13.634010416666667,"°C",null,"X"]
["METEO","LTER_EU_BE_05","INBO","WIJ1","AIR","EnvEurope",3,3,0,2014,5,31,{"$nulls":8},"TEMP","DB","METH_2",13.318056687499999,"°C",null,"X"]
["METEO","LTER_EU_BE_05","INBO","WIJ1","AIR","EnvEurope",3,3,0,2014,6,1,{"$nulls":8},"TEMP","DB","METH_2",13.338541187500004,"°C",null,"X"]
["METEO","LTER_EU_BE_05","INBO","WIJ1","AIR","EnvEurope",3,3,0,2014,6,2,{"$nulls":8},"TEMP","DB","METH_2",13.30175390625,"°C",null,"X"]
["METEO","LTER_EU_BE_05","INBO","WIJ1","AIR","EnvEurope",3,3,0,2014,6,3,{"$nulls":8},"TEMP","DB","METH_2",14.813733645833336,"°C",null,"X"]
["METEO","LTER_EU_BE_05","INBO","WIJ1","AIR","EnvEurope",3,3,0,2014,6,4,{"$nulls":8},"TEMP","DB","METH_2",12.8992709375,"°C",null,"X"]
["METEO","LTER_EU_BE_05","INBO","WIJ1","AIR","EnvEurope",3,3,0,2014,6,5,{"$nulls":8},"TEMP","DB","METH_2",12.687205197916668,"°C",null,"X"]
["METEO","LTER_EU_BE_05","INBO","WIJ1","AIR","EnvEurope",3,3,0,2014,6,6,{"$nulls":8},"TEMP","DB","METH_2",15.863453895833333,"°C",null,"X"]
["METEO","LTER_EU_BE_05","INBO","WIJ1","AIR","EnvEurope",3,3,0,2014,6,7,{"$nulls":8},"TEMP","DB","METH_2",18.967188541666665,"°C",null,"X"]
["METEO","LTER_EU_BE_05","INBO","WIJ1","AIR","EnvEurope",3,3,0,2014,6,8,{"$nulls":8},"TEMP","DB","METH_2",18.44470458333334,"°C",null,"X"]
["METEO","LTER_EU_BE_05","INBO","WIJ1","AIR","EnvEurope",3,3,0,2014,6,9,{"$nulls":8},"TEMP","DB","METH_2",19.74739552083333,"°C",null,"X"]
["METEO","LTER_EU_BE_05","INBO","WIJ1","AIR","EnvEurope",3,3,0,2014,6,10,{"$nulls":8},"TEMP","DB","METH_2",18.261978229166665,"°C",null,"X"]
["METEO","LTER_EU_BE_05","INBO","WIJ1","AIR","EnvEurope",3,3,0,2014,6,11,{"$nulls":8},"TEMP","DB","METH_2",15.362951041666674,"°C",null,"X"]
["METEO","LTER_EU_BE_05","INBO","WIJ1","AIR","EnvEurope",3,3,0,2014,6,12,{"$nulls":8},"TEMP","DB","METH_2",15.968715624999996,"°C",null,"X"]
["METEO","LTER_EU_BE_05","INBO","WIJ1","AIR","EnvEurope",3,3,0,2014,6,13,{"$nulls":8},"TEMP","DB","METH_2",16.840936875,"°C",null,"X"]
["METEO","LTER_EU_BE_05","INBO","WIJ1","AIR","EnvEurope",3,3,0,2014,6,14,{"$nulls":8},"TEMP","DB","METH_2",15.108923645833338,"°C",null,"X"]
["METEO","LTER_EU_BE_05","INBO","WIJ1","AIR","EnvEurope",3,3,0,2014,6,15,{"$nulls":8},"TEMP","DB","METH_2",14.064913854166667,"°C",null,"X"]
["METEO","LTER_EU_BE_05","INBO","WIJ1","AIR","EnvEurope",3,3,0,2014,6,16,{"$nulls":8},"TEMP","DB","METH_2",13.448386156249994,"°C",null,"X"]
["METEO","LTER_EU_BE_05","INBO","WIJ1","AIR","EnvEurope",3,3,0,2014,6,17,{"$nulls":8},"TEMP","DB","METH_2",14.158541979166664,"°C",null,"X"]
["METEO","LTER_EU_BE_05","INBO","WIJ1","AIR","EnvEurope",3,3,0,2014,6,18,{"$nulls":8},"TEMP","DB","METH_2",13.503298635416664,"°C",null,"X"]
["METEO","LTER_EU_BE_05","INBO","WIJ1","AIR","EnvEurope",3,3,0,2014,6,19,{"$nulls":8},"TEMP","DB","METH_2",14.988298437500006,"°C",null,"X"]
["METEO","LTER_EU_BE_05","INBO","WIJ1","AIR","EnvEurope",3,3,0,2014,6,20,{"$nulls":8},"TEMP","DB","METH_2",14.078748749999995,"°C",null,"X"]
["METEO","LTER_EU_BE_05","INBO","WIJ1","AIR","EnvEurope",3,3,0,2014,6,21,{"$nulls":8},"TEMP","DB","METH_2",15.416545114583338,"°C",null,"X"]
["METEO","LTER_EU_BE_05","INBO","WIJ1","AIR","EnvEurope",3,3,0,2014,6,22,{"$nulls":8},"TEMP","DB","METH_2",16.735573437499998,"°C",null,"X"]
["METEO","LTER_EU_BE_05","INBO","WIJ1","AIR","EnvEurope",3,3,0,2014,6,23,{"$nulls":8},"TEMP","DB","METH_2",16.43918385416667,"°C",null,"X"]
["METEO","LTER_EU_BE_05","INBO","WIJ1","AIR","EnvEurope",3,3,0,2014,6,24,{"$nulls":8},"TEMP","DB","METH_2",16.36987895833333,"°C",null,"X"]
["METEO","LTER_EU_BE_05","INBO","WIJ1","AIR","EnvEurope",3,3,0,2014,6,25,{"$nulls":8},"TEMP","DB","METH_2",14.615936666666665,"°C",null,"X"]
["METEO","LTER_EU_BE_05","INBO","WIJ1","AIR","EnvEurope",3,3,0,2014,6,26,{"$nulls":8},"TEMP","DB","METH_2",15.354131281249998,"°C",null,"X"]
["METEO","LTER_EU_BE_05","INBO","WIJ1","AIR","EnvEurope",3,3,0,2014,6,27,{"$nulls":8},"TEMP","DB","METH_2",17.1386109375,"°C",null,"X"]
["METEO","LTER_EU_BE_05","INBO","WIJ1","AIR","EnvEurope",3,3,0,2014,6,28,{"$nulls":8},"TEMP","DB","METH_2",15.688506458333336,"°C",null,"X"]
["METEO","LTER_EU_BE_05","INBO","WIJ1","AIR","EnvEurope",3,3,0,2014,6,29,{"$nulls":8},"TEMP","DB","METH_2",13.934582291666667,"°C",null,"X"]
["METEO","LTER_EU_BE_05","INBO","WIJ1","AIR","EnvEurope",3,3,0,2014,6,30,{"$nulls":8},"TEMP","DB","METH_2",14.188680520833337,"°C",null,"X"]
["METEO","LTER_EU_BE_05","INBO","WIJ1","AIR","EnvEurope",3,3,0,2014,7,1,{"$nulls":8},"TEMP","DB","METH_2",14.243941177083338,"°C",null,"X"]
["METEO","LTER_EU_BE_05","INBO","WIJ1","AIR","EnvEurope",3,3,0,2014,7,2,{"$nulls":8},"TEMP","DB","METH_2",15.144219364583334,"°C",null,"X"]
["METEO","LTER_EU_BE_05","INBO","WIJ1","AIR","EnvEurope",3,3,0,2014,7,3,{"$nulls":8},"TEMP","DB","METH_2",18.4360596875,"°C",null,"X"]
["METEO","LTER_EU_BE_05","INBO","WIJ1","AIR","EnvEurope",3,3,0,2014,7,4,{"$nulls":8},"TEMP","DB","METH_2",19.45649145833334,"°C",null,"X"]
["METEO","LTER_EU_BE_05","INBO","WIJ1","AIR","EnvEurope",3,3,0,2014,7,5,{"$nulls":8},"TEMP","DB","METH_2",18.19852395833333,"°C",null,"X"]
["METEO","LTER_EU_BE_05","INBO","WIJ1","AIR","EnvEurope",3,3,0,2014,7,6,{"$nulls":8},"TEMP","DB","METH_2",16.59053843750001,"°C",null,"X"]
["METEO","LTER_EU_BE_05","INBO","WIJ1","AIR","EnvEurope",3,3,0,2014,7,7,{"$nulls":8},"TEMP","DB","METH_2",15.68918375,"°C",null,"X"]
["METEO","LTER_EU_BE_05","INBO","WIJ1","AIR","EnvEurope",3,3,0,2014,7,8,{"$nulls":8},"TEMP","DB","METH_2",14.971876145833336,"°C",null,"X"]
["METEO","LTER_EU_BE_05","INBO","WIJ1","AIR","EnvEurope",3,3,0,2014,7,9,{"$nulls":8},"TEMP","DB","METH_2",14.166163437500002,"°C",null,"X"]
["METEO","LTER_EU_BE_05","INBO","WIJ1","AIR","EnvEurope",3,3,0,2014,7,10,{"$nulls":8},"TEMP","DB","METH_2",15.861267187500003,"°C",null,"X"]
["METEO","LTER_EU_BE_05","INBO","WIJ1","AIR","EnvEurope",3,3,0,2014,7,11,{"$nulls":8},"TEMP","DB","METH_2",16.148800729166663,"°C",null,"X"]
["METEO","LTER_EU_BE_05","INBO","WIJ1","AIR","EnvEurope",3,3,0,2014,7,12,{"$nulls":8},"TEMP","DB","METH_2",16.472811770833328,"°C",null,"X"]
["METEO","LTER_EU_BE_05","INBO","WIJ1","AIR","EnvEurope",3,3,0,2014,7,13,{"$nulls":8},"TEMP","DB","METH_2",17.16793395833333,"°C",null,"X"]
["METEO","LTER_EU_BE_05","INBO","WIJ1","AIR","EnvEurope",3,3,0,2014,7,14,{"$nulls":8},"TEMP","DB","METH_2",17.467083437500005,"°C",null,"X"]
["METEO","LTER_EU_BE_05","INBO","WIJ1","AIR","EnvEurope",3,3,0,2014,7,15,{"$nulls":8},"TEMP","DB","METH_2",17.599983125000005,"°C",null,"X"]
["METEO","LTER_EU_BE_05","INBO","WIJ1","AIR","EnvEurope",3,3,0,2014,7,16,{"$nulls":8},"TEMP","DB","METH_2",18.022864270833328,"°C",null,"X"]
["METEO","LTER_EU_BE_05","INBO","WIJ1","AIR","EnvEurope",3,3,0,2014,7,17,{"$nulls":8},"TEMP","DB","METH_2",19.670190833333336,"°C",null,"X"]
["METEO","LTER_EU_BE_05","INBO","WIJ1","AIR","EnvEurope",3,3,0,2014,7,18,{"$nulls":8},"TEMP","DB","METH_2",24.043871875000008,"°C",null,"X"]
["METEO","LTER_EU_BE_05","INBO","WIJ1","AIR","EnvEurope",3,3,0,2014,7,19,{"$nulls":8},"TEMP","DB","METH_2",22.483524791666657,"°C",null,"X"]
["METEO","LTER_EU_BE_05","INBO","WIJ1","AIR","EnvEurope",3,3,0,2014,7,20,{"$nulls":8},"TEMP","DB","METH_2",18.76861,"°C",null,"X"]
["METEO","LTER_EU_BE_05","INBO","WIJ1","AIR","EnvEurope",3,3,0,2014,7,21,{"$nulls":8},"TEMP","DB","METH_2",18.178905625000006,"°C",null,"X"]
["METEO","LTER_EU_BE_05","INBO","WIJ1","AIR","EnvEurope",3,3,0,2014,7,22,{"$nulls":8},"TEMP","DB","METH_2",18.92000125,"°C",null,"X"]
["METEO","LTER_EU_BE_05","INBO","WIJ1","AIR","EnvEurope",3,3,0,2014,7,23,{"$nulls":8},"TEMP","DB","METH_2",21.949236770833334,"°C",null,"X"]
["METEO","LTER_EU_BE_05","INBO","WIJ1","AIR","EnvEurope",3,3,0,2014,7,24,{"$nulls":8},"TEMP","DB","METH_2",21.49059083333333,"°C",null,"X"]
["METEO","LTER_EU_BE_05","INBO","WIJ1","AIR","EnvEurope",3,3,0,2014,7,25,{"$nulls":8},"TEMP","DB","METH_2",19.9149828125,"°C",null,"X"]
["METEO","LTER_EU_BE_05","INBO","WIJ1","AIR","EnvEurope",3,3,0,2014,7,26,{"$nulls":8},"TEMP","DB","METH_2",18.798297604166674,"°C",null,"X"]
["METEO","LTER_EU_BE_05","INBO","WIJ1","AIR","EnvEurope",3,3,0,2014,7,27,{"$nulls":8},"TEMP","DB","METH_2",19.463679895833323,"°C",null,"X"]
["METEO","LTER_EU_BE_05","INBO","WIJ1","AIR","EnvEurope",3,3,0,2014,7,28,{"$nulls":8},"TEMP","DB","METH_2",16.756059479166666,"°C",null,"X"]
["METEO","LTER_EU_BE_05","INBO","WIJ1","AIR","EnvEurope",3,3,0,2014,7,29,{"$nulls":8},"TEMP","DB","METH_2",17.73817739583333,"°C",null,"X"]
["METEO","LTER_EU_BE_05","INBO","WIJ1","AIR","EnvEurope",3,3,0,2014,7,30,{"$nulls":8},"TEMP","DB","METH_2",16.841164166666662,"°C",null,"X"]
["METEO","LTER_EU_BE_05","INBO","WIJ1","AIR","EnvEurope",3,3,0,2014,7,31,{"$nulls":8},"TEMP","DB","METH_2",17.619653333333332,"°C",null,"X"]
["METEO","LTER_EU_BE_05","INBO","WIJ1","AIR","EnvEurope",3,3,0,2014,8,1,{"$nulls":8},"TEMP","DB","METH_2",17.630139062499996,"°C",null,"X"]
["METEO","LTER_EU_BE_05","INBO","WIJ1","AIR","EnvEurope",3,3,0,2014,8,2,{"$nulls":8},"TEMP","DB","METH_2",19.66399145833333,"°C",null,"X"]
["METEO","LTER_EU_BE_05","INBO","WIJ1","AIR","EnvEurope",3,3,0,2014,8,3,{"$nulls":8},"TEMP","DB","METH_2",17.308820208333337,"°C",null,"X"]
["METEO","LTER_EU_BE_05","INBO","WIJ1","AIR","EnvEurope",3,3,0,2014,8,4,{"$nulls":8},"TEMP","DB","METH_2",16.131284687500003,"°C",null,"X"]
["METEO","LTER_EU_BE_05","INBO","WIJ1","AIR","EnvEurope",3,3,0,2014,8,5,{"$nulls":8},"TEMP","DB","METH_2",16.985278437500003,"°C",null,"X"]
["METEO","LTER_EU_BE_05","INBO","WIJ1","AIR","EnvEurope",3,3,0,2014,8,6,{"$nulls":8},"TEMP","DB","METH_2",16.892412187499996,"°C",null,"X"]
["METEO","LTER_EU_BE_05","INBO","WIJ1","AIR","EnvEurope",3,3,0,2014,8,7,{"$nulls":8},"TEMP","DB","METH_2",18.201510520833338,"°C",null,"X"]
["METEO","LTER_EU_BE_05","INBO","WIJ1","AIR","EnvEurope",3,3,0,2014,8,8,{"$nulls":8},"TEMP","DB","METH_2",18.227550520833333,"°C",null,"X"]
["METEO","LTER_EU_BE_05","INBO","WIJ1","AIR","EnvEurope",3,3,0,2014,8,9,{"$nulls":8},"TEMP","DB","METH_2",18.030173750000007,"°C",null,"X"]
["METEO","LTER_EU_BE_05","INBO","WIJ1","AIR","EnvEurope",3,3,0,2014,8,10,{"$nulls":8},"TEMP","DB","METH_2",16.974983229166668,"°C",null,"X"]
["METEO","LTER_EU_BE_05","INBO","WIJ1","AIR","EnvEurope",3,3,0,2014,8,11,{"$nulls":8},"TEMP","DB","METH_2",15.862032083333332,"°C",null,"X"]
["METEO","LTER_EU_BE_05","INBO","WIJ1","AIR","EnvEurope",3,3,0,2014,8,12,{"$nulls":8},"TEMP","DB","METH_2",14.815364687499999,"°C",null,"X"]
["METEO","LTER_EU_BE_05","INBO","WIJ1","AIR","EnvEurope",3,3,0,2014,8,13,{"$nulls":8},"TEMP","DB","METH_2",15.355277916666665,"°C",null,"X"]
["METEO","LTER_EU_BE_05","INBO","WIJ1","AIR","EnvEurope",3,3,0,2014,8,14,{"$nulls":8},"TEMP","DB","METH_2",16.03480947916666,"°C",null,"X"]
["METEO","LTER_EU_BE_05","INBO","WIJ1","AIR","EnvEurope",3,3,0,2014,8,15,{"$nulls":8},"TEMP","DB","METH_2",14.717603854166667,"°C",null,"X"]
["METEO","LTER_EU_BE_05","INBO","WIJ1","AIR","EnvEurope",3,3,0,2014,8,16,{"$nulls":8},"TEMP","DB","METH_2",14.972899270833338,"°C",null,"X"]
["METEO","LTER_EU_BE_05","INBO","WIJ1","AIR","EnvEurope",3,3,0,2014,8,17,{"$nulls":8},"TEMP","DB","METH_2",15.013471666666668,"°C",null,"X"]
["METEO","LTER_EU_BE_05","INBO","WIJ1","AIR","EnvEurope",3,3,0,2014,8,18,{"$nulls":8},"TEMP","DB","METH_2",13.96776125,"°C",null,"X"]
["METEO","LTER_EU_BE_05","INBO","WIJ1","AIR","EnvEurope",3,3,0,2014,8,19,{"$nulls":8},"TEMP","DB","METH_2",12.990260635416673,"°C",null,"X"]
["METEO","LTER_EU_BE_05","INBO","WIJ1","AIR","EnvEurope",3,3,0,2014,8,20,{"$nulls":8},"TEMP","DB","METH_2",12.082812416666663,"°C",null,"X"]
["METEO","LTER_EU_BE_05","INBO","WIJ1","AIR","EnvEurope",3,3,0,2014,8,21,{"$nulls":8},"TEMP","DB","METH_2",12.586180395833331,"°C",null,"X"]
["METEO","LTER_EU_BE_05","INBO","WIJ1","AIR","EnvEurope",3,3,0,2014,8,22,{"$nulls":8},"TEMP","DB","METH_2",12.564166135416668,"°C",null,"X"]
["METEO","LTER_EU_BE_05","INBO","WIJ1","AIR","EnvEurope",3,3,0,2014,8,23,{"$nulls":8},"TEMP","DB","METH_2",12.195364708333337,"°C",null,"X"]
["METEO","LTER_EU_BE_05","INBO","WIJ1","AIR","EnvEurope",3,3,0,2014,8,24,{"$nulls":8},"TEMP","DB","METH_2",12.097916125000003,"°C",null,"X"]
["METEO","LTER_EU_BE_05","INBO","WIJ1","AIR","EnvEurope",3,3,0,2014,8,25,{"$nulls":8},"TEMP","DB","METH_2",12.606041635416661,"°C",null,"X"]
["METEO","LTER_EU_BE_05","INBO","WIJ1","AIR","EnvEurope",3,3,0,2014,8,26,{"$nulls":8},"TEMP","DB","METH_2",15.126042916666668,"°C",null,"X"]
["METEO","LTER_EU_BE_05","INBO","WIJ1","AIR","EnvEurope",3,3,0,2014,8,27,{"$nulls":8},"TEMP","DB","METH_2",15.129461770833332,"°C",null,"X"]
["METEO","LTER_EU_BE_05","INBO","WIJ1","AIR","EnvEurope",3,3,0,2014,8,28,{"$nulls":8},"TEMP","DB","METH_2",16.57008708333333,"°C",null,"X"]
["METEO","LTER_EU_BE_05","INBO","WIJ1","AIR","EnvEurope",3,3,0,2014,8,29,{"$nulls":8},"TEMP","DB","METH_2",15.980087083333336,"°C",null,"X"]
["METEO","LTER_EU_BE_05","INBO","WIJ1","AIR","EnvEurope",3,3,0,2014,8,30,{"$nulls":8},"TEMP","DB","METH_2",16.140729166666663,"°C",null,"X"]
["METEO","LTER_EU_BE_05","INBO","WIJ1","AIR","EnvEurope",3,3,0,2014,8,31,{"$nulls":8},"TEMP","DB","METH_2",15.04991343750001,"°C",null,"X"]
["METEO","LTER_EU_BE_05","INBO","WIJ1","AIR","EnvEurope",3,3,0,2014,9,1,{"$nulls":8},"TEMP","DB","METH_2",14.974130999999998,"°C",null,"X"]
["METEO","LTER_EU_BE_05","INBO","WIJ1","AIR","EnvEurope",3,3,0,2014,9,2,{"$nulls":8},"TEMP","DB","METH_2",17.1011446875,"°C",null,"X"]
["METEO","LTER_EU_BE_05","INBO","WIJ1","AIR","EnvEurope",3,3,0,2014,9,3,{"$nulls":8},"TEMP","DB","METH_2",16.669686770833344,"°C",null,"X"]
["METEO","LTER_EU_BE_05","INBO","WIJ1","AIR","EnvEurope",3,3,0,2014,9,4,{"$nulls":8},"TEMP","DB","METH_2",17.036370729166666,"°C",null,"X"]
["METEO","LTER_EU_BE_05","INBO","WIJ1","AIR","EnvEurope",3,3,0,2014,9,5,{"$nulls":8},"TEMP","DB","METH_2",18.2332975,"°C",null,"X"]
["METEO","LTER_EU_BE_05","INBO","WIJ1","AIR","EnvEurope",3,3,0,2014,9,6,{"$nulls":8},"TEMP","DB","METH_2",16.999880729166666,"°C",null,"X"]
["METEO","LTER_EU_BE_05","INBO","WIJ1","AIR","EnvEurope",3,3,0,2014,9,7,{"$nulls":8},"TEMP","DB","METH_2",16.27546791666666,"°C",null,"X"]
["METEO","LTER_EU_BE_05","INBO","WIJ1","AIR","EnvEurope",3,3,0,2014,9,8,{"$nulls":8},"TEMP","DB","METH_2",15.754825624999993,"°C",null,"X"]
["METEO","LTER_EU_BE_05","INBO","WIJ1","AIR","EnvEurope",3,3,0,2014,9,9,{"$nulls":8},"TEMP","DB","METH_2",13.810364479166665,"°C",null,"X"]
["METEO","LTER_EU_BE_05","INBO","WIJ1","AIR","EnvEurope",3,3,0,2014,9,10,{"$nulls":8},"TEMP","DB","METH_2",14.42567885416667,"°C",null,"X"]
["METEO","LTER_EU_BE_05","INBO","WIJ1","AIR","EnvEurope",3,3,0,2014,9,11,{"$nulls":8},"TEMP","DB","METH_2",14.324774583333337,"°C",null,"X"]
["METEO","LTER_EU_BE_05","INBO","WIJ1","AIR","EnvEurope",3,3,0,2014,9,12,{"$nulls":8},"TEMP","DB","METH_2",15.515571458333326,"°C",null,"X"]
["METEO","LTER_EU_BE_05","INBO","WIJ1","AIR","EnvEurope",3,3,0,2014,9,13,{"$nulls":8},"TEMP","DB","METH_2",15.772951770833336,"°C",null,"X"]
["METEO","LTER_EU_BE_05","INBO","WIJ1","AIR","EnvEurope",3,3,0,2014,9,14,{"$nulls":8},"TEMP","DB","METH_2",16.021701250000003,"°C",null,"X"]
["METEO","LTER_EU_BE_05","INBO","WIJ1","AIR","EnvEurope",3,3,0,2014,9,15,{"$nulls":8},"TEMP","DB","METH_2",16.752882083333333,"°C",null,"X"]
["METEO","LTER_EU_BE_05","INBO","WIJ1","AIR","EnvEurope",3,3,0,2014,9,16,{"$nulls":8},"TEMP","DB","METH_2",17.225921041666673,"°C",null,"X"]
["METEO","LTER_EU_BE_05","INBO","WIJ1","AIR","EnvEurope",3,3,0,2014,9,17,{"$nulls":8},"TEMP","DB","METH_2",18.59236093750001,"°C",null,"X"]
["METEO","LTER_EU_BE_05","INBO","WIJ1","AIR","EnvEurope",3,3,0,2014,9,18,{"$nulls":8},"TEMP","DB","METH_2",19.43447791666667,"°C",null,"X"]
["METEO","LTER_EU_BE_05","INBO","WIJ1","AIR","EnvEurope",3,3,0,2014,9,19,{"$nulls":8},"TEMP","DB","METH_2",18.727812708333325,"°C",null,"X"]
["METEO","LTER_EU_BE_05","INBO","WIJ1","AIR","EnvEurope",3,3,0,2014,9,20,{"$nulls":8},"TEMP","DB","METH_2",16.848193854166663,"°C",null,"X"]
["METEO","LTER_EU_BE_05","INBO","WIJ1","AIR","EnvEurope",3,3,0,2014,9,21,{"$nulls":8},"TEMP","DB","METH_2",15.863575104166662,"°C",null,"X"]
["METEO","LTER_EU_BE_05","INBO","WIJ1","AIR","EnvEurope",3,3,0,2014,9,22,{"$nulls":8},"TEMP","DB","METH_2",13.613872395833331,"°C",null,"X"]
["METEO","LTER_EU_BE_05","INBO","WIJ1","AIR","EnvEurope",3,3,0,2014,9,23,{"$nulls":8},"TEMP","DB","METH_2",12.140365041666668,"°C",null,"X"]
["METEO","LTER_EU_BE_05","INBO","WIJ1","AIR","EnvEurope",3,3,0,2014,9,24,{"$nulls":8},"TEMP","DB","METH_2",12.952795312500001,"°C",null,"X"]
["METEO","LTER_EU_BE_05","INBO","WIJ1","AIR","EnvEurope",3,3,0,2014,9,25,{"$nulls":8},"TEMP","DB","METH_2",12.642916833333333,"°C",null,"X"]
["METEO","LTER_EU_BE_05","INBO","WIJ1","AIR","EnvEurope",3,3,0,2014,9,26,{"$nulls":8},"TEMP","DB","METH_2",15.425035104166668,"°C",null,"X"]
["METEO","LTER_EU_BE_05","INBO","WIJ1","AIR","EnvEurope",3,3,0,2014,9,27,{"$nulls":8},"TEMP","DB","METH_2",16.679392395833343,"°C",null,"X"]
["METEO","LTER_EU_BE_05","INBO","WIJ1","AIR","EnvEurope",3,3,0,2014,9,28,{"$nulls":8},"TEMP","DB","METH_2",16.3210590625,"°C",null,"X"]
["METEO","LTER_EU_BE_05","INBO","WIJ1","AIR","EnvEurope",3,3,0,2014,9,29,{"$nulls":8},"TEMP","DB","METH_2",15.562291145833337,"°C",null,"X"]
["METEO","LTER_EU_BE_05","INBO","WIJ1","AIR","EnvEurope",3,3,0,2014,9,30,{"$nulls":8},"TEMP","DB","METH_2",15.732291145833342,"°C",null,"X"]
["METEO","LTER_EU_BE_05","INBO","WIJ1","AIR","EnvEurope",3,3,0,2014,1,1,{"$nulls":8},"PREC","DB","METH_1",1.3199997799999998,"mm",null,"S"]
["METEO","LTER_EU_BE_05","INBO","WIJ1","AIR","EnvEurope",3,3,0,2014,1,2,{"$nulls":8},"PREC","DB","METH_1",0.40999999000000004,"mm",null,"S"]
["METEO","LTER_EU_BE_05","INBO","WIJ1","AIR","EnvEurope",3,3,0,2014,1,3,{"$nulls":8},"PREC","DB","METH_1",4.35999978,"mm",null,"S"]
["METEO","LTER_EU_BE_05","INBO","WIJ1","AIR","EnvEurope",3,3,0,2014,1,4,{"$nulls":8},"PREC","DB","METH_1",0.03,"mm",null,"S"]
["METEO","LTER_EU_BE_05","INBO","WIJ1","AIR","EnvEurope",3,3,0,2014,1,5,{"$nulls":8},"PREC","DB","METH_1",0,"mm",null,"S"]
["METEO","LTER_EU_BE_05","INBO","WIJ1","AIR","EnvEurope",3,3,0,2014,1,6,{"$nulls":8},"PREC","DB","METH_1",0.28999999,"mm",null,"S"]
["METEO","LTER_EU_BE_05","INBO","WIJ1","AIR","EnvEurope",3,3,0,2014,1,7,{"$nulls":8},"PREC","DB","METH_1",0.02,"mm",null,"S"]
["METEO","LTER_EU_BE_05","INBO","WIJ1","AIR","EnvEurope",3,3,0,2014,1,8,{"$nulls":8},"PREC","DB","METH_1",2.5099996,"mm",null,"S"]
["METEO","LTER_EU_BE_05","INBO","WIJ1","AIR","EnvEurope",3,3,0,2014,1,9,{"$nulls":8},"PREC","DB","METH_1",4.31999958,"mm",null,"S"]
["METEO","LTER_EU_BE_05","INBO","WIJ1","AIR","EnvEurope",3,3,0,2014,1,10,{"$nulls":8},"PREC","DB","METH_1",0,"mm",null,"S"]
["METEO","LTER_EU_BE_05","INBO","WIJ1","AIR","EnvEurope",3,3,0,2014,1,11,{"$nulls":8},"PREC","DB","METH_1",0.03,"mm",null,"S"]
["METEO","LTER_EU_BE_05","INBO","WIJ1","AIR","EnvEurope",3,3,0,2014,1,12,{"$nulls":8},"PREC","DB","METH_1",0,"mm",null,"S"]
["METEO","LTER_EU_BE_05","INBO","WIJ1","AIR","EnvEurope",3,3,0,2014,1,13,{"$nulls":8},"PREC","DB","METH_1",0,"mm",null,"S"]
["METEO","LTER_EU_BE_05","INBO","WIJ1","AIR","EnvEurope",3,3,0,2014,1,14,{"$nulls":8},"PREC","DB","METH_1",3.9199992799999994,"mm",null,"S"]
["METEO","LTER_EU_BE_05","INBO","WIJ1","AIR","EnvEurope",3,3,0,2014,1,15,{"$nulls":8},"PREC","DB","METH_1",3.1799999899999993,"mm",null,"S"]
["METEO","LTER_EU_BE_05","INBO","WIJ1","AIR","EnvEurope",3,3,0,2014,1,16,{"$nulls":8},"PREC","DB","METH_1",7.3199985000000005,"mm",null,"S"]
["METEO","LTER_EU_BE_05","INBO","WIJ1","AIR","EnvEurope",3,3,0,2014,1,17,{"$nulls":8},"PREC","DB","METH_1",0.5799999800000001,"mm",null,"S"]
["METEO","LTER_EU_BE_05","INBO","WIJ1","AIR","EnvEurope",3,3,0,2014,1,18,{"$nulls":8},"PREC","DB","METH_1",0,"mm",null,"S"]
["METEO","LTER_EU_BE_05","INBO","WIJ1","AIR","EnvEurope",3,3,0,2014,1,19,{"$nulls":8},"PREC","DB","METH_1",0.35,"mm",null,"S"]
["METEO","LTER_EU_BE_05","INBO","WIJ1","AIR","EnvEurope",3,3,0,2014,1,20,{"$nulls":8},"PREC","DB","METH_1",0,"mm",null,"S"]
["METEO","LTER_EU_BE_05","INBO","WIJ1","AIR","EnvEurope",3,3,0,2014,1,21,{"$nulls":8},"PREC","DB","METH_1",0,"mm",null,"S"]
["METEO","LTER_EU_BE_05","INBO","WIJ1","AIR","EnvEurope",3,3,0,2014,1,22,{"$nulls":8},"PREC","DB","METH_1",1.9999999400000004,"mm",null,"S"]
["METEO","LTER_EU_BE_05","INBO","WIJ1","AIR","EnvEurope",3,3,0,2014,1,23,{"$nulls":8},"PREC","DB","METH_1",8.599998089999998,"mm",null,"S"]
["METEO","LTER_EU_BE_05","INBO","WIJ1","AIR","EnvEurope",3,3,0,2014,1,24,{"$nulls":8},"PREC","DB","METH_1",0.02,"mm",null,"S"]
["METEO","LTER_EU_BE_05","INBO","WIJ1","AIR","EnvEurope",3,3,0,2014,1,25,{"$nulls":8},"PREC","DB","METH_1",4.43999997,"mm",null,"S"]
["METEO","LTER_EU_BE_05","INBO","WIJ1","AIR","EnvEurope",3,3,0,2014,1,26,{"$nulls":8},"PREC","DB","METH_1",4.389999390000001,"mm",null,"S"]
["METEO","LTER_EU_BE_05","INBO","WIJ1","AIR","EnvEurope",3,3,0,2014,1,27,{"$nulls":8},"PREC","DB","METH_1",1.2999999900000003,"mm",null,"S"]
["METEO","LTER_EU_BE_05","INBO","WIJ1","AIR","EnvEurope",3,3,0,2014,1,28,{"$nulls":8},"PREC","DB","METH_1",1.8699998,"mm",null,"S"]
["METEO","LTER_EU_BE_05","INBO","WIJ1","AIR","EnvEurope",3,3,0,2014,1,29,{"$nulls":8},"PREC","DB","METH_1",0.01,"mm",null,"S"]
["METEO","LTER_EU_BE_05","INBO","WIJ1","AIR","EnvEurope",3,3,0,2014,1,30,{"$nulls":8},"PREC","DB","METH_1",0,"mm",null,"S"]
["METEO","LTER_EU_BE_05","INBO","WIJ1","AIR","EnvEurope",3,3,0,2014,1,31,{"$nulls":8},"PREC","DB","METH_1",0.5099999500000001,"mm",null,"S"]
["METEO","LTER_EU_BE_05","INBO","WIJ1","AIR","EnvEurope",3,3,0,2014,10,1,{"$nulls":8},"PREC","DB","METH_1",0,"mm",null,"S"]
["METEO","LTER_EU_BE_05","INBO","WIJ1","AIR","EnvEurope",3,3,0,2014,10,2,{"$nulls":8},"PREC","DB","METH_1",0.03,"mm",null,"S"]
["METEO","LTER_EU_BE_05","INBO","WIJ1","AIR","EnvEurope",3,3,0,2014,10,3,{"$nulls":8},"PREC","DB","METH_1",0,"mm",null,"S"]
["METEO","LTER_EU_BE_05","INBO","WIJ1","AIR","EnvEurope",3,3,0,2014,10,4,{"$nulls":8},"PREC","DB","METH_1",6.6100008,"mm",null,"S"]
["METEO","LTER_EU_BE_05","INBO","WIJ1","AIR","EnvEurope",3,3,0,2014,10,5,{"$nulls":8},"PREC","DB","METH_1",0,"mm",null,"S"]
["METEO","LTER_EU_BE_05","INBO","WIJ1","AIR","EnvEurope",3,3,0,2014,10,6,{"$nulls":8},"PREC","DB","METH_1",1.18999998,"mm",null,"S"]
["METEO","LTER_EU_BE_05","INBO","WIJ1","AIR","EnvEurope",3,3,0,2014,10,7,{"$nulls":8},"PREC","DB","METH_1",9.04999948,"mm",null,"S"]
["METEO","LTER_EU_BE_05","INBO","WIJ1","AIR","EnvEurope",3,3,0,2014,10,8,{"$nulls":8},"PREC","DB","METH_1",2.29999989,"mm",null,"S"]
["METEO","LTER_EU_BE_05","INBO","WIJ1","AIR","EnvEurope",3,3,0,2014,10,9,{"$nulls":8},"PREC","DB","METH_1",0,"mm",null,"S"]
["METEO","LTER_EU_BE_05","INBO","WIJ1","AIR","EnvEurope",3,3,0,2014,10,10,{"$nulls":8},"PREC","DB","METH_1",0,"mm",null,"S"]
["METEO","LTER_EU_BE_05","INBO","WIJ1","AIR","EnvEurope",3,3,0,2014,10,11,{"$nulls":8},"PREC","DB","METH_1",4.169999679999999,"mm",null,"S"]
["METEO","LTER_EU_BE_05","INBO","WIJ1","AIR","EnvEurope",3,3,0,2014,10,12,{"$nulls":8},"PREC","DB","METH_1",2.1899996699999997,"mm",null,"S"]
["METEO","LTER_EU_BE_05","INBO","WIJ1","AIR","EnvEurope",3,3,0,2014,10,13,{"$nulls":8},"PREC","DB","METH_1",0.01,"mm",null,"S"]
["METEO","LTER_EU_BE_05","INBO","WIJ1","AIR","EnvEurope",3,3,0,2014,10,14,{"$nulls":8},"PREC","DB","METH_1",0,"mm",null,"S"]
["METEO","LTER_EU_BE_05","INBO","WIJ1","AIR","EnvEurope",3,3,0,2014,10,15,{"$nulls":8},"PREC","DB","METH_1",0.5800000000000001,"mm",null,"S"]
["METEO","LTER_EU_BE_05","INBO","WIJ1","AIR","EnvEurope",3,3,0,2014,10,16,{"$nulls":8},"PREC","DB","METH_1",1.64999988,"mm",null,"S"]
["METEO","LTER_EU_BE_05","INBO","WIJ1","AIR","EnvEurope",3,3,0,2014,10,17,{"$nulls":8},"PREC","DB","METH_1",0,"mm",null,"S"]
["METEO","LTER_EU_BE_05","INBO","WIJ1","AIR","EnvEurope",3,3,0,2014,10,18,{"$nulls":8},"PREC","DB","METH_1",0,"mm",null,"S"]
["METEO","LTER_EU_BE_05","INBO","WIJ1","AIR","EnvEurope",3,3,0,2014,10,19,{"$nulls":8},"PREC","DB","METH_1",0,"mm",null,"S"]
["METEO","LTER_EU_BE_05","INBO","WIJ1","AIR","EnvEurope",3,3,0,2014,10,20,{"$nulls":8},"PREC","DB","METH_1",0,"mm",null,"S"]
["METEO","LTER_EU_BE_05","INBO","WIJ1","AIR","EnvEurope",3,3,0,2014,10,21,{"$nulls":8},"PREC","DB","METH_1",3.58999987,"mm",null,"S"]
["METEO","LTER_EU_BE_05","INBO","WIJ1","AIR","EnvEurope",3,3,0,2014,10,22,{"$nulls":8},"PREC","DB","METH_1",0.06,"mm",null,"S"]
["METEO","LTER_EU_BE_05","INBO","WIJ1","AIR","EnvEurope",3,3,0,2014,10,23,{"$nulls":8},"PREC","DB","METH_1",0,"mm",null,"S"]
["METEO","LTER_EU_BE_05","INBO","WIJ1","AIR","EnvEurope",3,3,0,2014,10,24,{"$nulls":8},"PREC","DB","METH_1",5.80999759,"mm",null,"S"]
["METEO","LTER_EU_BE_05","INBO","WIJ1","AIR","EnvEurope",3,3,0,2014,10,25,{"$nulls":8},"PREC","DB","METH_1",0,"mm",null,"S"]
["METEO","LTER_EU_BE_05","INBO","WIJ1","AIR","EnvEurope",3,3,0,2014,10,26,{"$nulls":8},"PREC","DB","METH_1",0,"mm",null,"S"]
["METEO","LTER_EU_BE_05","INBO","WIJ1","AIR","EnvEurope",3,3,0,2014,10,27,{"$nulls":8},"PREC","DB","METH_1",0,"mm",null,"S"]
["METEO","LTER_EU_BE_05","INBO","WIJ1","AIR","EnvEurope",3,3,0,2014,10,28,{"$nulls":8},"PREC","DB","METH_1",0,"mm",null,"S"]
["METEO","LTER_EU_BE_05","INBO","WIJ1","AIR","EnvEurope",3,3,0,2014,10,29,{"$nulls":8},"PREC","DB","METH_1",1.7499999699999997,"mm",null,"S"]
["METEO","LTER_EU_BE_05","INBO","WIJ1","AIR","EnvEurope",3,3,0,2014,10,30,{"$nulls":8},"PREC","DB","METH_1",0.12999998999999998,"mm",null,"S"]
["METEO","LTER_EU_BE_05","INBO","WIJ1","AIR","EnvEurope",3,3,0,2014,10,31,{"$nulls":8},"PREC","DB","METH_1",0,"mm",null,"S"]
["METEO","LTER_EU_BE_05","INBO","WIJ1","AIR","EnvEurope",3,3,0,2014,11,1,{"$nulls":8},"PREC","DB","METH_1",0,"mm",null,"S"]
["METEO","LTER_EU_BE_05","INBO","WIJ1","AIR","EnvEurope",3,3,0,2014,11,2,{"$nulls":8},"PREC","DB","METH_1",3.3599996799999996,"mm",null,"S"]
["METEO","LTER_EU_BE_05","INBO","WIJ1","AIR","EnvEurope",3,3,0,2014,11,3,{"$nulls":8},"PREC","DB","METH_1",7.779999539999998,"mm",null,"S"]
["METEO","LTER_EU_BE_05","INBO","WIJ1","AIR","EnvEurope",3,3,0,2014,11,4,{"$nulls":8},"PREC","DB","METH_1",0,"mm",null,"S"]
["METEO","LTER_EU_BE_05","INBO","WIJ1","AIR","EnvEurope",3,3,0,2014,11,5,{"$nulls":8},"PREC","DB","METH_1",0,"mm",null,"S"]
["METEO","LTER_EU_BE_05","INBO","WIJ1","AIR","EnvEurope",3,3,0,2014,11,6,{"$nulls":8},"PREC","DB","METH_1",0.46999999000000003,"mm",null,"S"]
["METEO","LTER_EU_BE_05","INBO","WIJ1","AIR","EnvEurope",3,3,0,2014,11,7,{"$nulls":8},"PREC","DB","METH_1",2.1199999899999997,"mm",null,"S"]
["METEO","LTER_EU_BE_05","INBO","WIJ1","AIR","EnvEurope",3,3,0,2014,11,8,{"$nulls":8},"PREC","DB","METH_1",1.36999988,"mm",null,"S"]
["METEO","LTER_EU_BE_05","INBO","WIJ1","AIR","EnvEurope",3,3,0,2014,11,9,{"$nulls":8},"PREC","DB","METH_1",0.09,"mm",null,"S"]
["METEO","LTER_EU_BE_05","INBO","WIJ1","AIR","EnvEurope",3,3,0,2014,11,10,{"$nulls":8},"PREC","DB","METH_1",0,"mm",null,"S"]
["METEO","LTER_EU_BE_05","INBO","WIJ1","AIR","EnvEurope",3,3,0,2014,11,11,{"$nulls":8},"PREC","DB","METH_1",0,"mm",null,"S"]
["METEO","LTER_EU_BE_05","INBO","WIJ1","AIR","EnvEurope",3,3,0,2014,11,12,{"$nulls":8},"PREC","DB","METH_1",0.03,"mm",null,"S"]
["METEO","LTER_EU_BE_05","INBO","WIJ1","AIR","EnvEurope",3,3,0,2014,11,13,{"$nulls":8},"PREC","DB","METH_1",0,"mm",null,"S"]
["METEO","LTER_EU_BE_05","INBO","WIJ1","AIR","EnvEurope",3,3,0,2014,11,14,{"$nulls":8},"PREC","DB","METH_1",7.949997,"mm",null,"S"]
["METEO","LTER_EU_BE_05","INBO","WIJ1","AIR","EnvEurope",3,3,0,2014,11,15,{"$nulls":8},"PREC","DB","METH_1",8.53999783,"mm",null,"S"]
["METEO","LTER_EU_BE_05","INBO","WIJ1","AIR","EnvEurope",3,3,0,2014,11,16,{"$nulls":8},"PREC","DB","METH_1",0.04,"mm",null,"S"]
["METEO","LTER_EU_BE_05","INBO","WIJ1","AIR","EnvEurope",3,3,0,2014,11,17,{"$nulls":8},"PREC","DB","METH_1",0,"mm",null,"S"]
["METEO","LTER_EU_BE_05","INBO","WIJ1","AIR","EnvEurope",3,3,0,2014,11,18,{"$nulls":8},"PREC","DB","METH_1",1.3600000600000002,"mm",null,"S"]
["METEO","LTER_EU_BE_05","INBO","WIJ1","AIR","EnvEurope",3,3,0,2014,11,19,{"$nulls":8},"PREC","DB","METH_1",0,"mm",null,"S"]
["METEO","LTER_EU_BE_05","INBO","WIJ1","AIR","EnvEurope",3,3,0,2014,11,20,{"$nulls":8},"PREC","DB","METH_1",0,"mm",null,"S"]
["METEO","LTER_EU_BE_05","INBO","WIJ1","AIR","EnvEurope",3,3,0,2014,11,21,{"$nulls":8},"PREC","DB","METH_1",0,"mm",null,"S"]
["METEO","LTER_EU_BE_05","INBO","WIJ1","AIR","EnvEurope",3,3,0,2014,11,22,{"$nulls":8},"PREC","DB","METH_1",0.04,"mm",null,"S"]
["METEO","LTER_EU_BE_05","INBO","WIJ1","AIR","EnvEurope",3,3,0,2014,11,23,{"$nulls":8},"PREC","DB","METH_1",0.28,"mm",null,"S"]
["METEO","LTER_EU_BE_05","INBO","WIJ1","AIR","EnvEurope",3,3,0,2014,11,24,{"$nulls":8},"PREC","DB","METH_1",0.36,"mm",null,"S"]
["METEO","LTER_EU_BE_05","INBO","WIJ1","AIR","EnvEurope",3,3,0,2014,11,25,{"$nulls":8},"PREC","DB","METH_1",0.01,"mm",null,"S"]
["METEO","LTER_EU_BE_05","INBO","WIJ1","AIR","EnvEurope",3,3,0,2014,11,26,{"$nulls":8},"PREC","DB","METH_1",0.8299999800000001,"mm",null,"S"]
["METEO","LTER_EU_BE_05","INBO","WIJ1","AIR","EnvEurope",3,3,0,2014,11,27,{"$nulls":8},"PREC","DB","METH_1",0,"mm",null,"S"]
["METEO","LTER_EU_BE_05","INBO","WIJ1","AIR","EnvEurope",3,3,0,2014,11,28,{"$nulls":8},"PREC","DB","METH_1",0,"mm",null,"S"]
["METEO","LTER_EU_BE_05","INBO","WIJ1","AIR","EnvEurope",3,3,0,2014,11,29,{"$nulls":8},"PREC","DB","METH_1",0,"mm",null,"S"]
["METEO","LTER_EU_BE_05","INBO","WIJ1","AIR","EnvEurope",3,3,0,2014,11,30,{"$nulls":8},"PREC","DB","METH_1",1.7799998799999999,"mm",null,"S"]
["METEO","LTER_EU_BE_05","INBO","WIJ1","AIR","EnvEurope",3,3,0,2014,12,1,{"$nulls":8},"PREC","DB","METH_1",0,"mm",null,"S"]
["METEO","LTER_EU_BE_05","INBO","WIJ1","AIR","EnvEurope",3,3,0,2014,12,2,{"$nulls":8},"PREC","DB","METH_1",0,"mm",null,"S"]
["METEO","LTER_EU_BE_05","INBO","WIJ1","AIR","EnvEurope",3,3,0,2014,12,3,{"$nulls":8},"PREC","DB","METH_1",0,"mm",null,"S"]
["METEO","LTER_EU_BE_05","INBO","WIJ1","AIR","EnvEurope",3,3,0,2014,12,4,{"$nulls":8},"PREC","DB","METH_1",0,"mm",null,"S"]
["METEO","LTER_EU_BE_05","INBO","WIJ1","AIR","EnvEurope",3,3,0,2014,12,5,{"$nulls":8},"PREC","DB","METH_1",0.5299999700000001,"mm",null,"S"]
["METEO","LTER_EU_BE_05","INBO","WIJ1","AIR","EnvEurope",3,3,0,2014,12,6,{"$nulls":8},"PREC","DB","METH_1",0.46,"mm",null,"S"]
["METEO","LTER_EU_BE_05","INBO","WIJ1","AIR","EnvEurope",3,3,0,2014,12,7,{"$nulls":8},"PREC","DB","METH_1",0.28999998000000005,"mm",null,"S"]
["METEO","LTER_EU_BE_05","INBO","WIJ1","AIR","EnvEurope",3,3,0,2014,12,8,{"$nulls":8},"PREC","DB","METH_1",3.34999975,"mm",null,"S"]
["METEO","LTER_EU_BE_05","INBO","WIJ1","AIR","EnvEurope",3,3,0,2014,12,9,{"$nulls":8},"PREC","DB","METH_1",4.10999999,"mm",null,"S"]
["METEO","LTER_EU_BE_05","INBO","WIJ1","AIR","EnvEurope",3,3,0,2014,12,10,{"$nulls":8},"PREC","DB","METH_1",0.9299998000000003,"mm",null,"S"]
["METEO","LTER_EU_BE_05","INBO","WIJ1","AIR","EnvEurope",3,3,0,2014,12,11,{"$nulls":8},"PREC","DB","METH_1",0.25,"mm",null,"S"]
["METEO","LTER_EU_BE_05","INBO","WIJ1","AIR","EnvEurope",3,3,0,2014,12,12,{"$nulls":8},"PREC","DB","METH_1",5.83999913,"mm",null,"S"]
["METEO","LTER_EU_BE_05","INBO","WIJ1","AIR","EnvEurope",3,3,0,2014,12,13,{"$nulls":8},"PREC","DB","METH_1",0,"mm",null,"S"]
["METEO","LTER_EU_BE_05","INBO","WIJ1","AIR","EnvEurope",3,3,0,2014,12,14,{"$nulls":8},"PREC","DB","METH_1",0,"mm",null,"S"]
["METEO","LTER_EU_BE_05","INBO","WIJ1","AIR","EnvEurope",3,3,0,2014,12,15,{"$nulls":8},"PREC","DB","METH_1",0.19999998999999996,"mm",null,"S"]
["METEO","LTER_EU_BE_05","INBO","WIJ1","AIR","EnvEurope",3,3,0,2014,12,16,{"$nulls":8},"PREC","DB","METH_1",0,"mm",null,"S"]
["METEO","LTER_EU_BE_05","INBO","WIJ1","AIR","EnvEurope",3,3,0,2014,12,17,{"$nulls":8},"PREC","DB","METH_1",4.919998599999999,"mm",null,"S"]
["METEO","LTER_EU_BE_05","INBO","WIJ1","AIR","EnvEurope",3,3,0,2014,12,18,{"$nulls":8},"PREC","DB","METH_1",0,"mm",null,"S"]
["METEO","LTER_EU_BE_05","INBO","WIJ1","AIR","EnvEurope",3,3,0,2014,12,19,{"$nulls":8},"PREC","DB","METH_1",7.31999957,"mm",null,"S"]
["METEO","LTER_EU_BE_05","INBO","WIJ1","AIR","EnvEurope",3,3,0,2014,12,20,{"$nulls":8},"PREC","DB","METH_1",0,"mm",null,"S"]
["METEO","LTER_EU_BE_05","INBO","WIJ1","AIR","EnvEurope",3,3,0,2014,12,21,{"$nulls":8},"PREC","DB","METH_1",0,"mm",null,"S"]
["METEO","LTER_EU_BE_05","INBO","WIJ1","AIR","EnvEurope",3,3,0,2014,12,22,{"$nulls":8},"PREC","DB","METH_1",0,"mm",null,"S"]
["METEO","LTER_EU_BE_05","INBO","WIJ1","AIR","EnvEurope",3,3,0,2014,12,23,{"$nulls":8},"PREC","DB","METH_1",0.02,"mm",null,"S"]
["METEO","LTER_EU_BE_05","INBO","WIJ1","AIR","EnvEurope",3,3,0,2014,12,24,{"$nulls":8},"PREC","DB","METH_1",1.1099999,"mm",null,"S"]
["METEO","LTER_EU_BE_05","INBO","WIJ1","AIR","EnvEurope",3,3,0,2014,12,25,{"$nulls":8},"PREC","DB","METH_1",0.26999999,"mm",null,"S"]
["METEO","LTER_EU_BE_05","INBO","WIJ1","AIR","EnvEurope",3,3,0,2014,12,26,{"$nulls":8},"PREC","DB","METH_1",3.34999969,"mm",null,"S"]
["METEO","LTER_EU_BE_05","INBO","WIJ1","AIR","EnvEurope",3,3,0,2014,12,27,{"$nulls":8},"PREC","DB","METH_1",10.179997589999997,"mm",null,"S"]
["METEO","LTER_EU_BE_05","INBO","WIJ1","AIR","EnvEurope",3,3,0,2014,12,28,{"$nulls":8},"PREC","DB","METH_1",0,"mm",null,"S"]
["METEO","LTER_EU_BE_05","INBO","WIJ1","AIR","EnvEurope",3,3,0,2014,12,29,{"$nulls":8},"PREC","DB","METH_1",0.14999998,"mm",null,"S"]
["METEO","LTER_EU_BE_05","INBO","WIJ1","AIR","EnvEurope",3,3,0,2014,12,30,{"$nulls":8},"PREC","DB","METH_1",0,"mm",null,"S"]
["METEO","LTER_EU_BE_05","INBO","WIJ1","AIR","EnvEurope",3,3,0,2014,12,31,{"$nulls":8},"PREC","DB","METH_1",0,"mm",null,"S"]
["METEO","LTER_EU_BE_05","INBO","WIJ1","AIR","EnvEurope",3,3,0,2014,2,1,{"$nulls":8},"PREC","DB","METH_1",8.839999299999999,"mm",null,"S"]
["METEO","LTER_EU_BE_05","INBO","WIJ1","AIR","EnvEurope",3,3,0,2014,2,2,{"$nulls":8},"PREC","DB","METH_1",0.08999999,"mm",null,"S"]
["METEO","LTER_EU_BE_05","INBO","WIJ1","AIR","EnvEurope",3,3,0,2014,2,3,{"$nulls":8},"PREC","DB","METH_1",0,"mm",null,"S"]
["METEO","LTER_EU_BE_05","INBO","WIJ1","AIR","EnvEurope",3,3,0,2014,2,4,{"$nulls":8},"PREC","DB","METH_1",0,"mm",null,"S"]
["METEO","LTER_EU_BE_05","INBO","WIJ1","AIR","EnvEurope",3,3,0,2014,2,5,{"$nulls":8},"PREC","DB","METH_1",2.6799998400000002,"mm",null,"S"]
["METEO","LTER_EU_BE_05","INBO","WIJ1","AIR","EnvEurope",3,3,0,2014,2,6,{"$nulls":8},"PREC","DB","METH_1",9.239998139999994,"mm",null,"S"]
["METEO","LTER_EU_BE_05","INBO","WIJ1","AIR","EnvEurope",3,3,0,2014,2,7,{"$nulls":8},"PREC","DB","METH_1",7.979998769999999,"mm",null,"S"]
["METEO","LTER_EU_BE_05","INBO","WIJ1","AIR","EnvEurope",3,3,0,2014,2,8,{"$nulls":8},"PREC","DB","METH_1",5.139999079999999,"mm",null,"S"]
["METEO","LTER_EU_BE_05","INBO","WIJ1","AIR","EnvEurope",3,3,0,2014,2,9,{"$nulls":8},"PREC","DB","METH_1",5.159999480000001,"mm",null,"S"]
["METEO","LTER_EU_BE_05","INBO","WIJ1","AIR","EnvEurope",3,3,0,2014,2,10,{"$nulls":8},"PREC","DB","METH_1",0.43999999,"mm",null,"S"]
["METEO","LTER_EU_BE_05","INBO","WIJ1","AIR","EnvEurope",3,3,0,2014,2,11,{"$nulls":8},"PREC","DB","METH_1",2.76999959,"mm",null,"S"]
["METEO","LTER_EU_BE_05","INBO","WIJ1","AIR","EnvEurope",3,3,0,2014,2,12,{"$nulls":8},"PREC","DB","METH_1",6.449997569999999,"mm",null,"S"]
["METEO","LTER_EU_BE_05","INBO","WIJ1","AIR","EnvEurope",3,3,0,2014,2,13,{"$nulls":8},"PREC","DB","METH_1",8.079997969999999,"mm",null,"S"]
["METEO","LTER_EU_BE_05","INBO","WIJ1","AIR","EnvEurope",3,3,0,2014,2,14,{"$nulls":8},"PREC","DB","METH_1",7.529998000000001,"mm",null,"S"]
["METEO","LTER_EU_BE_05","INBO","WIJ1","AIR","EnvEurope",3,3,0,2014,2,15,{"$nulls":8},"PREC","DB","METH_1",3.8299996899999993,"mm",null,"S"]
["METEO","LTER_EU_BE_05","INBO","WIJ1","AIR","EnvEurope",3,3,0,2014,2,16,{"$nulls":8},"PREC","DB","METH_1",0,"mm",null,"S"]
["METEO","LTER_EU_BE_05","INBO","WIJ1","AIR","EnvEurope",3,3,0,2014,2,17,{"$nulls":8},"PREC","DB","METH_1",0,"mm",null,"S"]
["METEO","LTER_EU_BE_05","INBO","WIJ1","AIR","EnvEurope",3,3,0,2014,2,18,{"$nulls":8},"PREC","DB","METH_1",0.35999999,"mm",null,"S"]
["METEO","LTER_EU_BE_05","INBO","WIJ1","AIR","EnvEurope",3,3,0,2014,2,19,{"$nulls":8},"PREC","DB","METH_1",0,"mm",null,"S"]
["METEO","LTER_EU_BE_05","INBO","WIJ1","AIR","EnvEurope",3,3,0,2014,2,20,{"$nulls":8},"PREC","DB","METH_1",3.43999998,"mm",null,"S"]
["METEO","LTER_EU_BE_05","INBO","WIJ1","AIR","EnvEurope",3,3,0,2014,2,21,{"$nulls":8},"PREC","DB","METH_1",3.84999968,"mm",null,"S"]
["METEO","LTER_EU_BE_05","INBO","WIJ1","AIR","EnvEurope",3,3,0,2014,2,22,{"$nulls":8},"PREC","DB","METH_1",0.12,"mm",null,"S"]
["METEO","LTER_EU_BE_05","INBO","WIJ1","AIR","EnvEurope",3,3,0,2014,2,23,{"$nulls":8},"PREC","DB","METH_1",0,"mm",null,"S"]
["METEO","LTER_EU_BE_05","INBO","WIJ1","AIR","EnvEurope",3,3,0,2014,2,24,{"$nulls":8},"PREC","DB","METH_1",0,"mm",null,"S"]
["METEO","LTER_EU_BE_05","INBO","WIJ1","AIR","EnvEurope",3,3,0,2014,2,25,{"$nulls":8},"PREC","DB","METH_1",1.4599998699999999,"mm",null,"S"]
["METEO","LTER_EU_BE_05","INBO","WIJ1","AIR","EnvEurope",3,3,0,2014,2,26,{"$nulls":8},"PREC","DB","METH_1",0,"mm",null,"S"]
["METEO","LTER_EU_BE_05","INBO","WIJ1","AIR","EnvEurope",3,3,0,2014,2,27,{"$nulls":8},"PREC","DB","METH_1",3.3699995799999996,"mm",null,"S"]
["METEO","LTER_EU_BE_05","INBO","WIJ1","AIR","EnvEurope",3,3,0,2014,2,28,{"$nulls":8},"PREC","DB","METH_1",4.98999993,"mm",null,"S"]
["METEO","LTER_EU_BE_05","INBO","WIJ1","AIR","EnvEurope",3,3,0,2014,3,1,{"$nulls":8},"PREC","DB","METH_1",1.30999998,"mm",null,"S"]
["METEO","LTER_EU_BE_05","INBO","WIJ1","AIR","EnvEurope",3,3,0,2014,3,2,{"$nulls":8},"PREC","DB","METH_1",0,"mm",null,"S"]
["METEO","LTER_EU_BE_05","INBO","WIJ1","AIR","EnvEurope",3,3,0,2014,3,3,{"$nulls":8},"PREC","DB","METH_1",8.12999815,"mm",null,"S"]
["METEO","LTER_EU_BE_05","INBO","WIJ1","AIR","EnvEurope",3,3,0,2014,3,4,{"$nulls":8},"PREC","DB","METH_1",0.59999999,"mm",null,"S"]
["METEO","LTER_EU_BE_05","INBO","WIJ1","AIR","EnvEurope",3,3,0,2014,3,5,{"$nulls":8},"PREC","DB","METH_1",0,"mm",null,"S"]
["METEO","LTER_EU_BE_05","INBO","WIJ1","AIR","EnvEurope",3,3,0,2014,3,6,{"$nulls":8},"PREC","DB","METH_1",0,"mm",null,"S"]
["METEO","LTER_EU_BE_05","INBO","WIJ1","AIR","EnvEurope",3,3,0,2014,3,7,{"$nulls":8},"PREC","DB","METH_1",0,"mm",null,"S"]
["METEO","LTER_EU_BE_05","INBO","WIJ1","AIR","EnvEurope",3,3,0,2014,3,8,{"$nulls":8},"PREC","DB","METH_1",0,"mm",null,"S"]
["METEO","LTER_EU_BE_05","INBO","WIJ1","AIR","EnvEurope",3,3,0,2014,3,9,{"$nulls":8},"PREC","DB","METH_1",0,"mm",null,"S"]
["METEO","LTER_EU_BE_05","INBO","WIJ1","AIR","EnvEurope",3,3,0,2014,3,10,{"$nulls":8},"PREC","DB","METH_1",0,"mm",null,"S"]
["METEO","LTER_EU_BE_05","INBO","WIJ1","AIR","EnvEurope",3,3,0,2014,3,11,{"$nulls":8},"PREC","DB","METH_1",0,"mm",null,"S"]
["METEO","LTER_EU_BE_05","INBO","WIJ1","AIR","EnvEurope",3,3,0,2014,3,12,{"$nulls":8},"PREC","DB","METH_1",0,"mm",null,"S"]
["METEO","LTER_EU_BE_05","INBO","WIJ1","AIR","EnvEurope",3,3,0,2014,3,13,{"$nulls":8},"PREC","DB","METH_1",0,"mm",null,"S"]
["METEO","LTER_EU_BE_05","INBO","WIJ1","AIR","EnvEurope",3,3,0,2014,3,14,{"$nulls":8},"PREC","DB","METH_1",0,"mm",null,"S"]
["METEO","LTER_EU_BE_05","INBO","WIJ1","AIR","EnvEurope",3,3,0,2014,3,15,{"$nulls":8},"PREC","DB","METH_1",0,"mm",null,"S"]
["METEO","LTER_EU_BE_05","INBO","WIJ1","AIR","EnvEurope",3,3,0,2014,3,16,{"$nulls":8},"PREC","DB","METH_1",0,"mm",null,"S"]
["METEO","LTER_EU_BE_05","INBO","WIJ1","AIR","EnvEurope",3,3,0,2014,3,17,{"$nulls":8},"PREC","DB","METH_1",0,"mm",null,"S"]
["METEO","LTER_EU_BE_05","INBO","WIJ1","AIR","EnvEurope",3,3,0,2014,3,18,{"$nulls":8},"PREC","DB","METH_1",0,"mm",null,"S"]
["METEO","LTER_EU_BE_05","INBO","WIJ1","AIR","EnvEurope",3,3,0,2014,3,19,{"$nulls":8},"PREC","DB","METH_1",0,"mm",null,"S"]
["METEO","LTER_EU_BE_05","INBO","WIJ1","AIR","EnvEurope",3,3,0,2014,3,20,{"$nulls":8},"PREC","DB","METH_1",0,"mm",null,"S"]
["METEO","LTER_EU_BE_05","INBO","WIJ1","AIR","EnvEurope",3,3,0,2014,3,21,{"$nulls":8},"PREC","DB","METH_1",9.979998649999997,"mm",null,"S"]
["METEO","LTER_EU_BE_05","INBO","WIJ1","AIR","EnvEurope",3,3,0,2014,3,22,{"$nulls":8},"PREC","DB","METH_1",0.8500000000000001,"mm",null,"S"]
["METEO","LTER_EU_BE_05","INBO","WIJ1","AIR","EnvEurope",3,3,0,2014,3,23,{"$nulls":8},"PREC","DB","METH_1",3.39999989,"mm",null,"S"]
["METEO","LTER_EU_BE_05","INBO","WIJ1","AIR","EnvEurope",3,3,0,2014,3,24,{"$nulls":8},"PREC","DB","METH_1",0.03,"mm",null,"S"]
["METEO","LTER_EU_BE_05","INBO","WIJ1","AIR","EnvEurope",3,3,0,2014,3,25,{"$nulls":8},"PREC","DB","METH_1",0,"mm",null,"S"]
["METEO","LTER_EU_BE_05","INBO","WIJ1","AIR","EnvEurope",3,3,0,2014,3,26,{"$nulls":8},"PREC","DB","METH_1",1.1799998000000003,"mm",null,"S"]
["METEO","LTER_EU_BE_05","INBO","WIJ1","AIR","EnvEurope",3,3,0,2014,3,27,{"$nulls":8},"PREC","DB","METH_1",0,"mm",null,"S"]
["METEO","LTER_EU_BE_05","INBO","WIJ1","AIR","EnvEurope",3,3,0,2014,3,28,{"$nulls":8},"PREC","DB","METH_1",0,"mm",null,"S"]
["METEO","LTER_EU_BE_05","INBO","WIJ1","AIR","EnvEurope",3,3,0,2014,3,29,{"$nulls":8},"PREC","DB","METH_1",0,"mm",null,"S"]
["METEO","LTER_EU_BE_05","INBO","WIJ1","AIR","EnvEurope",3,3,0,2014,3,30,{"$nulls":8},"PREC","DB","METH_1",0,"mm",null,"S"]
["METEO","LTER_EU_BE_05","INBO","WIJ1","AIR","EnvEurope",3,3,0,2014,3,31,{"$nulls":8},"PREC","DB","METH_1",0,"mm",null,"S"]
["METEO","LTER_EU_BE_05","INBO","WIJ1","AIR","EnvEurope",3,3,0,2014,4,1,{"$nulls":8},"PREC","DB","METH_1",0,"mm",null,"S"]
["METEO","LTER_EU_BE_05","INBO","WIJ1","AIR","EnvEurope",3,3,0,2014,4,2,{"$nulls":8},"PREC","DB","METH_1",0,"mm",null,"S"]
["METEO","LTER_EU_BE_05","INBO","WIJ1","AIR","EnvEurope",3,3,0,2014,4,3,{"$nulls":8},"PREC","DB","METH_1",0,"mm",null,"S"]
["METEO","LTER_EU_BE_05","INBO","WIJ1","AIR","EnvEurope",3,3,0,2014,4,4,{"$nulls":8},"PREC","DB","METH_1",0,"mm",null,"S"]
["METEO","LTER_EU_BE_05","INBO","WIJ1","AIR","EnvEurope",3,3,0,2014,4,5,{"$nulls":8},"PREC","DB","METH_1",0,"mm",null,"S"]
["METEO","LTER_EU_BE_05","INBO","WIJ1","AIR","EnvEurope",3,3,0,2014,4,6,{"$nulls":8},"PREC","DB","METH_1",0.17999999000000003,"mm",null,"S"]
["METEO","LTER_EU_BE_05","INBO","WIJ1","AIR","EnvEurope",3,3,0,2014,4,7,{"$nulls":8},"PREC","DB","METH_1",14.929997699999998,"mm",null,"S"]
["METEO","LTER_EU_BE_05","INBO","WIJ1","AIR","EnvEurope",3,3,0,2014,4,8,{"$nulls":8},"PREC","DB","METH_1",0.42999989,"mm",null,"S"]
["METEO","LTER_EU_BE_05","INBO","WIJ1","AIR","EnvEurope",3,3,0,2014,4,9,{"$nulls":8},"PREC","DB","METH_1",0,"mm",null,"S"]
["METEO","LTER_EU_BE_05","INBO","WIJ1","AIR","EnvEurope",3,3,0,2014,4,10,{"$nulls":8},"PREC","DB","METH_1",0,"mm",null,"S"]
["METEO","LTER_EU_BE_05","INBO","WIJ1","AIR","EnvEurope",3,3,0,2014,4,11,{"$nulls":8},"PREC","DB","METH_1",0,"mm",null,"S"]
["METEO","LTER_EU_BE_05","INBO","WIJ1","AIR","EnvEurope",3,3,0,2014,4,12,{"$nulls":8},"PREC","DB","METH_1",0,"mm",null,"S"]
["METEO","LTER_EU_BE_05","INBO","WIJ1","AIR","EnvEurope",3,3,0,2014,4,13,{"$nulls":8},"PREC","DB","METH_1",0,"mm",null,"S"]
["METEO","LTER_EU_BE_05","INBO","WIJ1","AIR","EnvEurope",3,3,0,2014,4,14,{"$nulls":8},"PREC","DB","METH_1",0,"mm",null,"S"]
["METEO","LTER_EU_BE_05","INBO","WIJ1","AIR","EnvEurope",3,3,0,2014,4,15,{"$nulls":8},"PREC","DB","METH_1",0.01,"mm",null,"S"]
["METEO","LTER_EU_BE_05","INBO","WIJ1","AIR","EnvEurope",3,3,0,2014,4,16,{"$nulls":8},"PREC","DB","METH_1",0,"mm",null,"S"]
["METEO","LTER_EU_BE_05","INBO","WIJ1","AIR","EnvEurope",3,3,0,2014,4,17,{"$nulls":8},"PREC","DB","METH_1",0.03,"mm",null,"S"]
["METEO","LTER_EU_BE_05","INBO","WIJ1","AIR","EnvEurope",3,3,0,2014,4,18,{"$nulls":8},"PREC","DB","METH_1",0.60999999,"mm",null,"S"]
["METEO","LTER_EU_BE_05","INBO","WIJ1","AIR","EnvEurope",3,3,0,2014,4,19,{"$nulls":8},"PREC","DB","METH_1",0.03,"mm",null,"S"]
["METEO","LTER_EU_BE_05","INBO","WIJ1","AIR","EnvEurope",3,3,0,2014,4,20,{"$nulls":8},"PREC","DB","METH_1",0.01,"mm",null,"S"]
["METEO","LTER_EU_BE_05","INBO","WIJ1","AIR","EnvEurope",3,3,0,2014,4,21,{"$nulls":8},"PREC","DB","METH_1",0.23999997,"mm",null,"S"]
["METEO","LTER_EU_BE_05","INBO","WIJ1","AIR","EnvEurope",3,3,0,2014,4,22,{"$nulls":8},"PREC","DB","METH_1",1.51999985,"mm",null,"S"]
["METEO","LTER_EU_BE_05","INBO","WIJ1","AIR","EnvEurope",3,3,0,2014,4,23,{"$nulls":8},"PREC","DB","METH_1",0.4599999,"mm",null,"S"]
["METEO","LTER_EU_BE_05","INBO","WIJ1","AIR","EnvEurope",3,3,0,2014,4,24,{"$nulls":8},"PREC","DB","METH_1",0,"mm",null,"S"]
["METEO","LTER_EU_BE_05","INBO","WIJ1","AIR","EnvEurope",3,3,0,2014,4,25,{"$nulls":8},"PREC","DB","METH_1",3.509999659999999,"mm",null,"S"]
["METEO","LTER_EU_BE_05","INBO","WIJ1","AIR","EnvEurope",3,3,0,2014,4,26,{"$nulls":8},"PREC","DB","METH_1",0.44999998,"mm",null,"S"]
["METEO","LTER_EU_BE_05","INBO","WIJ1","AIR","EnvEurope",3,3,0,2014,4,27,{"$nulls":8},"PREC","DB","METH_1",0.10999998999999999,"mm",null,"S"]
["METEO","LTER_EU_BE_05","INBO","WIJ1","AIR","EnvEurope",3,3,0,2014,4,28,{"$nulls":8},"PREC","DB","METH_1",0,"mm",null,"S"]
["METEO","LTER_EU_BE_05","INBO","WIJ1","AIR","EnvEurope",3,3,0,2014,4,29,{"$nulls":8},"PREC","DB","METH_1",3.7599989999999988,"mm",null,"S"]
["METEO","LTER_EU_BE_05","INBO","WIJ1","AIR","EnvEurope",3,3,0,2014,4,30,{"$nulls":8},"PREC","DB","METH_1",0,"mm",null,"S"]
["METEO","LTER_EU_BE_05","INBO","WIJ1","AIR","EnvEurope",3,3,0,2014,5,1,{"$nulls":8},"PREC","DB","METH_1",0.4599999,"mm",null,"S"]
["METEO","LTER_EU_BE_05","INBO","WIJ1","AIR","EnvEurope",3,3,0,2014,5,2,{"$nulls":8},"PREC","DB","METH_1",2.8200000000000003,"mm",null,"S"]
["METEO","LTER_EU_BE_05","INBO","WIJ1","AIR","EnvEurope",3,3,0,2014,5,3,{"$nulls":8},"PREC","DB","METH_1",0.07999999,"mm",null,"S"]
["METEO","LTER_EU_BE_05","INBO","WIJ1","AIR","EnvEurope",3,3,0,2014,5,4,{"$nulls":8},"PREC","DB","METH_1",0,"mm",null,"S"]
["METEO","LTER_EU_BE_05","INBO","WIJ1","AIR","EnvEurope",3,3,0,2014,5,5,{"$nulls":8},"PREC","DB","METH_1",0,"mm",null,"S"]
["METEO","LTER_EU_BE_05","INBO","WIJ1","AIR","EnvEurope",3,3,0,2014,5,6,{"$nulls":8},"PREC","DB","METH_1",2.4999996399999995,"mm",null,"S"]
["METEO","LTER_EU_BE_05","INBO","WIJ1","AIR","EnvEurope",3,3,0,2014,5,7,{"$nulls":8},"PREC","DB","METH_1",4.93999969,"mm",null,"S"]
["METEO","LTER_EU_BE_05","INBO","WIJ1","AIR","EnvEurope",3,3,0,2014,5,8,{"$nulls":8},"PREC","DB","METH_1",3.9099993900000003,"mm",null,"S"]
["METEO","LTER_EU_BE_05","INBO","WIJ1","AIR","EnvEurope",3,3,0,2014,5,9,{"$nulls":8},"PREC","DB","METH_1",0.01,"mm",null,"S"]
["METEO","LTER_EU_BE_05","INBO","WIJ1","AIR","EnvEurope",3,3,0,2014,5,10,{"$nulls":8},"PREC","DB","METH_1",8.16999838,"mm",null,"S"]
["METEO","LTER_EU_BE_05","INBO","WIJ1","AIR","EnvEurope",3,3,0,2014,5,11,{"$nulls":8},"PREC","DB","METH_1",0.08999998999999999,"mm",null,"S"]
["METEO","LTER_EU_BE_05","INBO","WIJ1","AIR","EnvEurope",3,3,0,2014,5,12,{"$nulls":8},"PREC","DB","METH_1",0.45999997,"mm",null,"S"]
["METEO","LTER_EU_BE_05","INBO","WIJ1","AIR","EnvEurope",3,3,0,2014,5,13,{"$nulls":8},"PREC","DB","METH_1",4.519999899999999,"mm",null,"S"]
["METEO","LTER_EU_BE_05","INBO","WIJ1","AIR","EnvEurope",3,3,0,2014,5,14,{"$nulls":8},"PREC","DB","METH_1",0.03,"mm",null,"S"]
["METEO","LTER_EU_BE_05","INBO","WIJ1","AIR","EnvEurope",3,3,0,2014,5,15,{"$nulls":8},"PREC","DB","METH_1",0,"mm",null,"S"]
["METEO","LTER_EU_BE_05","INBO","WIJ1","AIR","EnvEurope",3,3,0,2014,5,16,{"$nulls":8},"PREC","DB","METH_1",0,"mm",null,"S"]
["METEO","LTER_EU_BE_05","INBO","WIJ1","AIR","EnvEurope",3,3,0,2014,5,17,{"$nulls":8},"PREC","DB","METH_1",0,"mm",null,"S"]
["METEO","LTER_EU_BE_05","INBO","WIJ1","AIR","EnvEurope",3,3,0,2014,5,18,{"$nulls":8},"PREC","DB","METH_1",0,"mm",null,"S"]
["METEO","LTER_EU_BE_05","INBO","WIJ1","AIR","EnvEurope",3,3,0,2014,5,19,{"$nulls":8},"PREC","DB","METH_1",0,"mm",null,"S"]
["METEO","LTER_EU_BE_05","INBO","WIJ1","AIR","EnvEurope",3,3,0,2014,5,20,{"$nulls":8},"PREC","DB","METH_1",10.649997789999997,"mm",null,"S"]
["METEO","LTER_EU_BE_05","INBO","WIJ1","AIR","EnvEurope",3,3,0,2014,5,21,{"$nulls":8},"PREC","DB","METH_1",12.209998480000001,"mm",null,"S"]
["METEO","LTER_EU_BE_05","INBO","WIJ1","AIR","EnvEurope",3,3,0,2014,5,22,{"$nulls":8},"PREC","DB","METH_1",2.1599999999999997,"mm",null,"S"]
["METEO","LTER_EU_BE_05","INBO","WIJ1","AIR","EnvEurope",3,3,0,2014,5,23,{"$nulls":8},"PREC","DB","METH_1",3.1199993800000003,"mm",null,"S"]
["METEO","LTER_EU_BE_05","INBO","WIJ1","AIR","EnvEurope",3,3,0,2014,5,24,{"$nulls":8},"PREC","DB","METH_1",10.859996879999999,"mm",null,"S"]
["METEO","LTER_EU_BE_05","INBO","WIJ1","AIR","EnvEurope",3,3,0,2014,5,25,{"$nulls":8},"PREC","DB","METH_1",0,"mm",null,"S"]
["METEO","LTER_EU_BE_05","INBO","WIJ1","AIR","EnvEurope",3,3,0,2014,5,26,{"$nulls":8},"PREC","DB","METH_1",0.56,"mm",null,"S"]
["METEO","LTER_EU_BE_05","INBO","WIJ1","AIR","EnvEurope",3,3,0,2014,5,27,{"$nulls":8},"PREC","DB","METH_1",0.26,"mm",null,"S"]
["METEO","LTER_EU_BE_05","INBO","WIJ1","AIR","EnvEurope",3,3,0,2014,5,28,{"$nulls":8},"PREC","DB","METH_1",0,"mm",null,"S"]
["METEO","LTER_EU_BE_05","INBO","WIJ1","AIR","EnvEurope",3,3,0,2014,5,29,{"$nulls":8},"PREC","DB","METH_1",7.28999699,"mm",null,"S"]
["METEO","LTER_EU_BE_05","INBO","WIJ1","AIR","EnvEurope",3,3,0,2014,5,30,{"$nulls":8},"PREC","DB","METH_1",0,"mm",null,"S"]
["METEO","LTER_EU_BE_05","INBO","WIJ1","AIR","EnvEurope",3,3,0,2014,5,31,{"$nulls":8},"PREC","DB","METH_1",0,"mm",null,"S"]
["METEO","LTER_EU_BE_05","INBO","WIJ1","AIR","EnvEurope",3,3,0,2014,6,1,{"$nulls":8},"PREC","DB","METH_1",0,"mm",null,"S"]
["METEO","LTER_EU_BE_05","INBO","WIJ1","AIR","EnvEurope",3,3,0,2014,6,2,{"$nulls":8},"PREC","DB","METH_1",0,"mm",null,"S"]
["METEO","LTER_EU_BE_05","INBO","WIJ1","AIR","EnvEurope",3,3,0,2014,6,3,{"$nulls":8},"PREC","DB","METH_1",1.1999999000000001,"mm",null,"S"]
["METEO","LTER_EU_BE_05","INBO","WIJ1","AIR","EnvEurope",3,3,0,2014,6,4,{"$nulls":8},"PREC","DB","METH_1",6.389998519999998,"mm",null,"S"]
["METEO","LTER_EU_BE_05","INBO","WIJ1","AIR","EnvEurope",3,3,0,2014,6,5,{"$nulls":8},"PREC","DB","METH_1",3.3899997899999996,"mm",null,"S"]
["METEO","LTER_EU_BE_05","INBO","WIJ1","AIR","EnvEurope",3,3,0,2014,6,6,{"$nulls":8},"PREC","DB","METH_1",0,"mm",null,"S"]
["METEO","LTER_EU_BE_05","INBO","WIJ1","AIR","EnvEurope",3,3,0,2014,6,7,{"$nulls":8},"PREC","DB","METH_1",2.08999999,"mm",null,"S"]
["METEO","LTER_EU_BE_05","INBO","WIJ1","AIR","EnvEurope",3,3,0,2014,6,8,{"$nulls":8},"PREC","DB","METH_1",0.02,"mm",null,"S"]
["METEO","LTER_EU_BE_05","INBO","WIJ1","AIR","EnvEurope",3,3,0,2014,6,9,{"$nulls":8},"PREC","DB","METH_1",29.98999848,"mm",null,"S"]
["METEO","LTER_EU_BE_05","INBO","WIJ1","AIR","EnvEurope",3,3,0,2014,6,10,{"$nulls":8},"PREC","DB","METH_1",7.989996479999998,"mm",null,"S"]
["METEO","LTER_EU_BE_05","INBO","WIJ1","AIR","EnvEurope",3,3,0,2014,6,11,{"$nulls":8},"PREC","DB","METH_1",0,"mm",null,"S"]
["METEO","LTER_EU_BE_05","INBO","WIJ1","AIR","EnvEurope",3,3,0,2014,6,12,{"$nulls":8},"PREC","DB","METH_1",0,"mm",null,"S"]
["METEO","LTER_EU_BE_05","INBO","WIJ1","AIR","EnvEurope",3,3,0,2014,6,13,{"$nulls":8},"PREC","DB","METH_1",0,"mm",null,"S"]
["METEO","LTER_EU_BE_05","INBO","WIJ1","AIR","EnvEurope",3,3,0,2014,6,14,{"$nulls":8},"PREC","DB","METH_1",0,"mm",null,"S"]
["METEO","LTER_EU_BE_05","INBO","WIJ1","AIR","EnvEurope",3,3,0,2014,6,15,{"$nulls":8},"PREC","DB","METH_1",0,"mm",null,"S"]
["METEO","LTER_EU_BE_05","INBO","WIJ1","AIR","EnvEurope",3,3,0,2014,6,16,{"$nulls":8},"PREC","DB","METH_1",0.37999999,"mm",null,"S"]
["METEO","LTER_EU_BE_05","INBO","WIJ1","AIR","EnvEurope",3,3,0,2014,6,17,{"$nulls":8},"PREC","DB","METH_1",0,"mm",null,"S"]
["METEO","LTER_EU_BE_05","INBO","WIJ1","AIR","EnvEurope",3,3,0,2014,6,18,{"$nulls":8},"PREC","DB","METH_1",0.18,"mm",null,"S"]
["METEO","LTER_EU_BE_05","INBO","WIJ1","AIR","EnvEurope",3,3,0,2014,6,19,{"$nulls":8},"PREC","DB","METH_1",0.03,"mm",null,"S"]
["METEO","LTER_EU_BE_05","INBO","WIJ1","AIR","EnvEurope",3,3,0,2014,6,20,{"$nulls":8},"PREC","DB","METH_1",0,"mm",null,"S"]
["METEO","LTER_EU_BE_05","INBO","WIJ1","AIR","EnvEurope",3,3,0,2014,6,21,{"$nulls":8},"PREC","DB","METH_1",0,"mm",null,"S"]
["METEO","LTER_EU_BE_05","INBO","WIJ1","AIR","EnvEurope",3,3,0,2014,6,22,{"$nulls":8},"PREC","DB","METH_1",0,"mm",null,"S"]
["METEO","LTER_EU_BE_05","INBO","WIJ1","AIR","EnvEurope",3,3,0,2014,6,23,{"$nulls":8},"PREC","DB","METH_1",0,"mm",null,"S"]
["METEO","LTER_EU_BE_05","INBO","WIJ1","AIR","EnvEurope",3,3,0,2014,6,24,{"$nulls":8},"PREC","DB","METH_1",0.02,"mm",null,"S"]
["METEO","LTER_EU_BE_05","INBO","WIJ1","AIR","EnvEurope",3,3,0,2014,6,25,{"$nulls":8},"PREC","DB","METH_1",0.02,"mm",null,"S"]
["METEO","LTER_EU_BE_05","INBO","WIJ1","AIR","EnvEurope",3,3,0,2014,6,26,{"$nulls":8},"PREC","DB","METH_1",0.01,"mm",null,"S"]
["METEO","LTER_EU_BE_05","INBO","WIJ1","AIR","EnvEurope",3,3,0,2014,6,27,{"$nulls":8},"PREC","DB","METH_1",0.47999998,"mm",null,"S"]
["METEO","LTER_EU_BE_05","INBO","WIJ1","AIR","EnvEurope",3,3,0,2014,6,28,{"$nulls":8},"PREC","DB","METH_1",0.18000000000000002,"mm",null,"S"]
["METEO","LTER_EU_BE_05","INBO","WIJ1","AIR","EnvEurope",3,3,0,2014,6,29,{"$nulls":8},"PREC","DB","METH_1",10.479995289999996,"mm",null,"S"]
["METEO","LTER_EU_BE_05","INBO","WIJ1","AIR","EnvEurope",3,3,0,2014,6,30,{"$nulls":8},"PREC","DB","METH_1",0,"mm",null,"S"]
["METEO","LTER_EU_BE_05","INBO","WIJ1","AIR","EnvEurope",3,3,0,2014,7,1,{"$nulls":8},"PREC","DB","METH_1",0,"mm",null,"S"]
["METEO","LTER_EU_BE_05","INBO","WIJ1","AIR","EnvEurope",3,3,0,2014,7,2,{"$nulls":8},"PREC","DB","METH_1",0,"mm",null,"S"]
["METEO","LTER_EU_BE_05","INBO","WIJ1","AIR","EnvEurope",3,3,0,2014,7,3,{"$nulls":8},"PREC","DB","METH_1",0,"mm",null,"S"]
["METEO","LTER_EU_BE_05","INBO","WIJ1","AIR","EnvEurope",3,3,0,2014,7,4,{"$nulls":8},"PREC","DB","METH_1",2.71999969,"mm",null,"S"]
["METEO","LTER_EU_BE_05","INBO","WIJ1","AIR","EnvEurope",3,3,0,2014,7,5,{"$nulls":8},"PREC","DB","METH_1",2.6100001699999997,"mm",null,"S"]
["METEO","LTER_EU_BE_05","INBO","WIJ1","AIR","EnvEurope",3,3,0,2014,7,6,{"$nulls":8},"PREC","DB","METH_1",11.969997369999996,"mm",null,"S"]
["METEO","LTER_EU_BE_05","INBO","WIJ1","AIR","EnvEurope",3,3,0,2014,7,7,{"$nulls":8},"PREC","DB","METH_1",0,"mm",null,"S"]
["METEO","LTER_EU_BE_05","INBO","WIJ1","AIR","EnvEurope",3,3,0,2014,7,8,{"$nulls":8},"PREC","DB","METH_1",12.039999669999995,"mm",null,"S"]
["METEO","LTER_EU_BE_05","INBO","WIJ1","AIR","EnvEurope",3,3,0,2014,7,9,{"$nulls":8},"PREC","DB","METH_1",9.769999079999998,"mm",null,"S"]
["METEO","LTER_EU_BE_05","INBO","WIJ1","AIR","EnvEurope",3,3,0,2014,7,10,{"$nulls":8},"PREC","DB","METH_1",0.11999999,"mm",null,"S"]
["METEO","LTER_EU_BE_05","INBO","WIJ1","AIR","EnvEurope",3,3,0,2014,7,11,{"$nulls":8},"PREC","DB","METH_1",11.699996399999996,"mm",null,"S"]
["METEO","LTER_EU_BE_05","INBO","WIJ1","AIR","EnvEurope",3,3,0,2014,7,12,{"$nulls":8},"PREC","DB","METH_1",0.01,"mm",null,"S"]
["METEO","LTER_EU_BE_05","INBO","WIJ1","AIR","EnvEurope",3,3,0,2014,7,13,{"$nulls":8},"PREC","DB","METH_1",10.849998980000002,"mm",null,"S"]
["METEO","LTER_EU_BE_05","INBO","WIJ1","AIR","EnvEurope",3,3,0,2014,7,14,{"$nulls":8},"PREC","DB","METH_1",0.11000000000000001,"mm",null,"S"]
["METEO","LTER_EU_BE_05","INBO","WIJ1","AIR","EnvEurope",3,3,0,2014,7,15,{"$nulls":8},"PREC","DB","METH_1",0.01,"mm",null,"S"]
["METEO","LTER_EU_BE_05","INBO","WIJ1","AIR","EnvEurope",3,3,0,2014,7,16,{"$nulls":8},"PREC","DB","METH_1",0,"mm",null,"S"]
["METEO","LTER_EU_BE_05","INBO","WIJ1","AIR","EnvEurope",3,3,0,2014,7,17,{"$nulls":8},"PREC","DB","METH_1",0.07,"mm",null,"S"]
["METEO","LTER_EU_BE_05","INBO","WIJ1","AIR","EnvEurope",3,3,0,2014,7,18,{"$nulls":8},"PREC","DB","METH_1",0.02,"mm",null,"S"]
["METEO","LTER_EU_BE_05","INBO","WIJ1","AIR","EnvEurope",3,3,0,2014,7,19,{"$nulls":8},"PREC","DB","METH_1",15.729996690000002,"mm",null,"S"]
["METEO","LTER_EU_BE_05","INBO","WIJ1","AIR","EnvEurope",3,3,0,2014,7,20,{"$nulls":8},"PREC","DB","METH_1",0.23999999,"mm",null,"S"]
["METEO","LTER_EU_BE_05","INBO","WIJ1","AIR","EnvEurope",3,3,0,2014,7,21,{"$nulls":8},"PREC","DB","METH_1",0,"mm",null,"S"]
["METEO","LTER_EU_BE_05","INBO","WIJ1","AIR","EnvEurope",3,3,0,2014,7,22,{"$nulls":8},"PREC","DB","METH_1",1.15999989,"mm",null,"S"]
["METEO","LTER_EU_BE_05","INBO","WIJ1","AIR","EnvEurope",3,3,0,2014,7,23,{"$nulls":8},"PREC","DB","METH_1",0,"mm",null,"S"]
["METEO","LTER_EU_BE_05","INBO","WIJ1","AIR","EnvEurope",3,3,0,2014,7,24,{"$nulls":8},"PREC","DB","METH_1",0,"mm",null,"S"]
["METEO","LTER_EU_BE_05","INBO","WIJ1","AIR","EnvEurope",3,3,0,2014,7,25,{"$nulls":8},"PREC","DB","METH_1",0.02,"mm",null,"S"]
["METEO","LTER_EU_BE_05","INBO","WIJ1","AIR","EnvEurope",3,3,0,2014,7,26,{"$nulls":8},"PREC","DB","METH_1",0,"mm",null,"S"]
["METEO","LTER_EU_BE_05","INBO","WIJ1","AIR","EnvEurope",3,3,0,2014,7,27,{"$nulls":8},"PREC","DB","METH_1",13.050002,"mm",null,"S"]
["METEO","LTER_EU_BE_05","INBO","WIJ1","AIR","EnvEurope",3,3,0,2014,7,28,{"$nulls":8},"PREC","DB","METH_1",29.07999746,"mm",null,"S"]
["METEO","LTER_EU_BE_05","INBO","WIJ1","AIR","EnvEurope",3,3,0,2014,7,29,{"$nulls":8},"PREC","DB","METH_1",0.02,"mm",null,"S"]
["METEO","LTER_EU_BE_05","INBO","WIJ1","AIR","EnvEurope",3,3,0,2014,7,30,{"$nulls":8},"PREC","DB","METH_1",0,"mm",null,"S"]
["METEO","LTER_EU_BE_05","INBO","WIJ1","AIR","EnvEurope",3,3,0,2014,7,31,{"$nulls":8},"PREC","DB","METH_1",0,"mm",null,"S"]
["METEO","LTER_EU_BE_05","INBO","WIJ1","AIR","EnvEurope",3,3,0,2014,8,1,{"$nulls":8},"PREC","DB","METH_1",0,"mm",null,"S"]
["METEO","LTER_EU_BE_05","INBO","WIJ1","AIR","EnvEurope",3,3,0,2014,8,2,{"$nulls":8},"PREC","DB","METH_1",0.72,"mm",null,"S"]
["METEO","LTER_EU_BE_05","INBO","WIJ1","AIR","EnvEurope",3,3,0,2014,8,3,{"$nulls":8},"PREC","DB","METH_1",0,"mm",null,"S"]
["METEO","LTER_EU_BE_05","INBO","WIJ1","AIR","EnvEurope",3,3,0,2014,8,4,{"$nulls":8},"PREC","DB","METH_1",0,"mm",null,"S"]
["METEO","LTER_EU_BE_05","INBO","WIJ1","AIR","EnvEurope",3,3,0,2014,8,5,{"$nulls":8},"PREC","DB","METH_1",0,"mm",null,"S"]
["METEO","LTER_EU_BE_05","INBO","WIJ1","AIR","EnvEurope",3,3,0,2014,8,6,{"$nulls":8},"PREC","DB","METH_1",2.46999969,"mm",null,"S"]
["METEO","LTER_EU_BE_05","INBO","WIJ1","AIR","EnvEurope",3,3,0,2014,8,7,{"$nulls":8},"PREC","DB","METH_1",0.34999999,"mm",null,"S"]
["METEO","LTER_EU_BE_05","INBO","WIJ1","AIR","EnvEurope",3,3,0,2014,8,8,{"$nulls":8},"PREC","DB","METH_1",3.5399996800000006,"mm",null,"S"]
["METEO","LTER_EU_BE_05","INBO","WIJ1","AIR","EnvEurope",3,3,0,2014,8,9,{"$nulls":8},"PREC","DB","METH_1",0.8999999900000001,"mm",null,"S"]
["METEO","LTER_EU_BE_05","INBO","WIJ1","AIR","EnvEurope",3,3,0,2014,8,10,{"$nulls":8},"PREC","DB","METH_1",4.50999967,"mm",null,"S"]
["METEO","LTER_EU_BE_05","INBO","WIJ1","AIR","EnvEurope",3,3,0,2014,8,11,{"$nulls":8},"PREC","DB","METH_1",3.8799999899999995,"mm",null,"S"]
["METEO","LTER_EU_BE_05","INBO","WIJ1","AIR","EnvEurope",3,3,0,2014,8,12,{"$nulls":8},"PREC","DB","METH_1",24.590001,"mm",null,"S"]
["METEO","LTER_EU_BE_05","INBO","WIJ1","AIR","EnvEurope",3,3,0,2014,8,13,{"$nulls":8},"PREC","DB","METH_1",0.16,"mm",null,"S"]
["METEO","LTER_EU_BE_05","INBO","WIJ1","AIR","EnvEurope",3,3,0,2014,8,14,{"$nulls":8},"PREC","DB","METH_1",3.41999898,"mm",null,"S"]
["METEO","LTER_EU_BE_05","INBO","WIJ1","AIR","EnvEurope",3,3,0,2014,8,15,{"$nulls":8},"PREC","DB","METH_1",1.4100000000000001,"mm",null,"S"]
["METEO","LTER_EU_BE_05","INBO","WIJ1","AIR","EnvEurope",3,3,0,2014,8,16,{"$nulls":8},"PREC","DB","METH_1",0,"mm",null,"S"]
["METEO","LTER_EU_BE_05","INBO","WIJ1","AIR","EnvEurope",3,3,0,2014,8,17,{"$nulls":8},"PREC","DB","METH_1",4.5399997899999995,"mm",null,"S"]
["METEO","LTER_EU_BE_05","INBO","WIJ1","AIR","EnvEurope",3,3,0,2014,8,18,{"$nulls":8},"PREC","DB","METH_1",3.84999919,"mm",null,"S"]
["METEO","LTER_EU_BE_05","INBO","WIJ1","AIR","EnvEurope",3,3,0,2014,8,19,{"$nulls":8},"PREC","DB","METH_1",3.94999999,"mm",null,"S"]
["METEO","LTER_EU_BE_05","INBO","WIJ1","AIR","EnvEurope",3,3,0,2014,8,20,{"$nulls":8},"PREC","DB","METH_1",0.05,"mm",null,"S"]
["METEO","LTER_EU_BE_05","INBO","WIJ1","AIR","EnvEurope",3,3,0,2014,8,21,{"$nulls":8},"PREC","DB","METH_1",0.01,"mm",null,"S"]
["METEO","LTER_EU_BE_05","INBO","WIJ1","AIR","EnvEurope",3,3,0,2014,8,22,{"$nulls":8},"PREC","DB","METH_1",17.109999560000002,"mm",null,"S"]
["METEO","LTER_EU_BE_05","INBO","WIJ1","AIR","EnvEurope",3,3,0,2014,8,23,{"$nulls":8},"PREC","DB","METH_1",8.189999890000001,"mm",null,"S"]
["METEO","LTER_EU_BE_05","INBO","WIJ1","AIR","EnvEurope",3,3,0,2014,8,24,{"$nulls":8},"PREC","DB","METH_1",0,"mm",null,"S"]
["METEO","LTER_EU_BE_05","INBO","WIJ1","AIR","EnvEurope",3,3,0,2014,8,25,{"$nulls":8},"PREC","DB","METH_1",18.71999436,"mm",null,"S"]
["METEO","LTER_EU_BE_05","INBO","WIJ1","AIR","EnvEurope",3,3,0,2014,8,26,{"$nulls":8},"PREC","DB","METH_1",25.329997770000002,"mm",null,"S"]
["METEO","LTER_EU_BE_05","INBO","WIJ1","AIR","EnvEurope",3,3,0,2014,8,27,{"$nulls":8},"PREC","DB","METH_1",0,"mm",null,"S"]
["METEO","LTER_EU_BE_05","INBO","WIJ1","AIR","EnvEurope",3,3,0,2014,8,28,{"$nulls":8},"PREC","DB","METH_1",0.45999999999999996,"mm",null,"S"]
["METEO","LTER_EU_BE_05","INBO","WIJ1","AIR","EnvEurope",3,3,0,2014,8,29,{"$nulls":8},"PREC","DB","METH_1",0.03,"mm",null,"S"]
["METEO","LTER_EU_BE_05","INBO","WIJ1","AIR","EnvEurope",3,3,0,2014,8,30,{"$nulls":8},"PREC","DB","METH_1",0.6300000000000001,"mm",null,"S"]
["METEO","LTER_EU_BE_05","INBO","WIJ1","AIR","EnvEurope",3,3,0,2014,8,31,{"$nulls":8},"PREC","DB","METH_1",0.90999989,"mm",null,"S"]
["METEO","LTER_EU_BE_05","INBO","WIJ1","AIR","EnvEurope",3,3,0,2014,9,1,{"$nulls":8},"PREC","DB","METH_1",0.63999989,"mm",null,"S"]
["METEO","LTER_EU_BE_05","INBO","WIJ1","AIR","EnvEurope",3,3,0,2014,9,2,{"$nulls":8},"PREC","DB","METH_1",0,"mm",null,"S"]
["METEO","LTER_EU_BE_05","INBO","WIJ1","AIR","EnvEurope",3,3,0,2014,9,3,{"$nulls":8},"PREC","DB","METH_1",0,"mm",null,"S"]
["METEO","LTER_EU_BE_05","INBO","WIJ1","AIR","EnvEurope",3,3,0,2014,9,4,{"$nulls":8},"PREC","DB","METH_1",0,"mm",null,"S"]
["METEO","LTER_EU_BE_05","INBO","WIJ1","AIR","EnvEurope",3,3,0,2014,9,5,{"$nulls":8},"PREC","DB","METH_1",0,"mm",null,"S"]
["METEO","LTER_EU_BE_05","INBO","WIJ1","AIR","EnvEurope",3,3,0,2014,9,6,{"$nulls":8},"PREC","DB","METH_1",0,"mm",null,"S"]
["METEO","LTER_EU_BE_05","INBO","WIJ1","AIR","EnvEurope",3,3,0,2014,9,7,{"$nulls":8},"PREC","DB","METH_1",0,"mm",null,"S"]
["METEO","LTER_EU_BE_05","INBO","WIJ1","AIR","EnvEurope",3,3,0,2014,9,8,{"$nulls":8},"PREC","DB","METH_1",0,"mm",null,"S"]
["METEO","LTER_EU_BE_05","INBO","WIJ1","AIR","EnvEurope",3,3,0,2014,9,9,{"$nulls":8},"PREC","DB","METH_1",0,"mm",null,"S"]
["METEO","LTER_EU_BE_05","INBO","WIJ1","AIR","EnvEurope",3,3,0,2014,9,10,{"$nulls":8},"PREC","DB","METH_1",0,"mm",null,"S"]
["METEO","LTER_EU_BE_05","INBO","WIJ1","AIR","EnvEurope",3,3,0,2014,9,11,{"$nulls":8},"PREC","DB","METH_1",0,"mm",null,"S"]
["METEO","LTER_EU_BE_05","INBO","WIJ1","AIR","EnvEurope",3,3,0,2014,9,12,{"$nulls":8},"PREC","DB","METH_1",0,"mm",null,"S"]
["METEO","LTER_EU_BE_05","INBO","WIJ1","AIR","EnvEurope",3,3,0,2014,9,13,{"$nulls":8},"PREC","DB","METH_1",0,"mm",null,"S"]
["METEO","LTER_EU_BE_05","INBO","WIJ1","AIR","EnvEurope",3,3,0,2014,9,14,{"$nulls":8},"PREC","DB","METH_1",0,"mm",null,"S"]
["METEO","LTER_EU_BE_05","INBO","WIJ1","AIR","EnvEurope",3,3,0,2014,9,15,{"$nulls":8},"PREC","DB","METH_1",0,"mm",null,"S"]
["METEO","LTER_EU_BE_05","INBO","WIJ1","AIR","EnvEurope",3,3,0,2014,9,16,{"$nulls":8},"PREC","DB","METH_1",0,"mm",null,"S"]
["METEO","LTER_EU_BE_05","INBO","WIJ1","AIR","EnvEurope",3,3,0,2014,9,17,{"$nulls":8},"PREC","DB","METH_1",0,"mm",null,"S"]
["METEO","LTER_EU_BE_05","INBO","WIJ1","AIR","EnvEurope",3,3,0,2014,9,18,{"$nulls":8},"PREC","DB","METH_1",0.01,"mm",null,"S"]
["METEO","LTER_EU_BE_05","INBO","WIJ1","AIR","EnvEurope",3,3,0,2014,9,19,{"$nulls":8},"PREC","DB","METH_1",14.3199999,"mm",null,"S"]
["METEO","LTER_EU_BE_05","INBO","WIJ1","AIR","EnvEurope",3,3,0,2014,9,20,{"$nulls":8},"PREC","DB","METH_1",0,"mm",null,"S"]
["METEO","LTER_EU_BE_05","INBO","WIJ1","AIR","EnvEurope",3,3,0,2014,9,21,{"$nulls":8},"PREC","DB","METH_1",0.8899998800000001,"mm",null,"S"]
["METEO","LTER_EU_BE_05","INBO","WIJ1","AIR","EnvEurope",3,3,0,2014,9,22,{"$nulls":8},"PREC","DB","METH_1",0.03,"mm",null,"S"]
["METEO","LTER_EU_BE_05","INBO","WIJ1","AIR","EnvEurope",3,3,0,2014,9,23,{"$nulls":8},"PREC","DB","METH_1",0,"mm",null,"S"]
["METEO","LTER_EU_BE_05","INBO","WIJ1","AIR","EnvEurope",3,3,0,2014,9,24,{"$nulls":8},"PREC","DB","METH_1",0.9999999600000002,"mm",null,"S"]
["METEO","LTER_EU_BE_05","INBO","WIJ1","AIR","EnvEurope",3,3,0,2014,9,25,{"$nulls":8},"PREC","DB","METH_1",0,"mm",null,"S"]
["METEO","LTER_EU_BE_05","INBO","WIJ1","AIR","EnvEurope",3,3,0,2014,9,26,{"$nulls":8},"PREC","DB","METH_1",0.11,"mm",null,"S"]
["METEO","LTER_EU_BE_05","INBO","WIJ1","AIR","EnvEurope",3,3,0,2014,9,27,{"$nulls":8},"PREC","DB","METH_1",0,"mm",null,"S"]
["METEO","LTER_EU_BE_05","INBO","WIJ1","AIR","EnvEurope",3,3,0,2014,9,28,{"$nulls":8},"PREC","DB","METH_1",0,"mm",null,"S"]
["METEO","LTER_EU_BE_05","INBO","WIJ1","AIR","EnvEurope",3,3,0,2014,9,29,{"$nulls":8},"PREC","DB","METH_1",0.08,"mm",null,"S"]
["METEO","LTER_EU_BE_05","INBO","WIJ1","AIR","EnvEurope",3,3,0,2014,9,30,{"$nulls":8},"PREC","DB","METH_1",0.03,"mm",null,"S"]
["METEO","LTER_EU_BE_05","INBO","WIJ1","AIR","EnvEurope",3,3,0,2015,1,1,{"$nulls":8},"TEMP","DB","METH_2",2.030824739263158,"°C",null,"X"]
["METEO","LTER_EU_BE_05","INBO","WIJ1","AIR","EnvEurope",3,3,0,2015,1,2,{"$nulls":8},"TEMP","DB","METH_2",6.598628416666667,"°C",null,"X"]
["METEO","LTER_EU_BE_05","INBO","WIJ1","AIR","EnvEurope",3,3,0,2015,1,3,{"$nulls":8},"TEMP","DB","METH_2",3.1105379375,"°C",null,"X"]
["METEO","LTER_EU_BE_05","INBO","WIJ1","AIR","EnvEurope",3,3,0,2015,1,4,{"$nulls":8},"TEMP","DB","METH_2",2.0724999153437498,"°C",null,"X"]
["METEO","LTER_EU_BE_05","INBO","WIJ1","AIR","EnvEurope",3,3,0,2015,1,5,{"$nulls":8},"TEMP","DB","METH_2",0.8717708614583333,"°C",null,"X"]
["METEO","LTER_EU_BE_05","INBO","WIJ1","AIR","EnvEurope",3,3,0,2015,1,6,{"$nulls":8},"TEMP","DB","METH_2",0.8868922526041668,"°C",null,"X"]
["METEO","LTER_EU_BE_05","INBO","WIJ1","AIR","EnvEurope",3,3,0,2015,1,7,{"$nulls":8},"TEMP","DB","METH_2",2.442153214687501,"°C",null,"X"]
["METEO","LTER_EU_BE_05","INBO","WIJ1","AIR","EnvEurope",3,3,0,2015,1,8,{"$nulls":8},"TEMP","DB","METH_2",6.542430625000002,"°C",null,"X"]
["METEO","LTER_EU_BE_05","INBO","WIJ1","AIR","EnvEurope",3,3,0,2015,1,9,{"$nulls":8},"TEMP","DB","METH_2",9.7339590625,"°C",null,"X"]
["METEO","LTER_EU_BE_05","INBO","WIJ1","AIR","EnvEurope",3,3,0,2015,1,10,{"$nulls":8},"TEMP","DB","METH_2",10.390398895833338,"°C",null,"X"]
["METEO","LTER_EU_BE_05","INBO","WIJ1","AIR","EnvEurope",3,3,0,2015,1,11,{"$nulls":8},"TEMP","DB","METH_2",5.474131718750001,"°C",null,"X"]
["METEO","LTER_EU_BE_05","INBO","WIJ1","AIR","EnvEurope",3,3,0,2015,1,12,{"$nulls":8},"TEMP","DB","METH_2",8.608541645833332,"°C",null,"X"]
["METEO","LTER_EU_BE_05","INBO","WIJ1","AIR","EnvEurope",3,3,0,2015,1,13,{"$nulls":8},"TEMP","DB","METH_2",8.803177354166664,"°C",null,"X"]
["METEO","LTER_EU_BE_05","INBO","WIJ1","AIR","EnvEurope",3,3,0,2015,1,14,{"$nulls":8},"TEMP","DB","METH_2",4.175173790624999,"°C",null,"X"]
["METEO","LTER_EU_BE_05","INBO","WIJ1","AIR","EnvEurope",3,3,0,2015,1,15,{"$nulls":8},"TEMP","DB","METH_2",7.877638687500002,"°C",null,"X"]
["METEO","LTER_EU_BE_05","INBO","WIJ1","AIR","EnvEurope",3,3,0,2015,1,16,{"$nulls":8},"TEMP","DB","METH_2",4.581388562499998,"°C",null,"X"]
["METEO","LTER_EU_BE_05","INBO","WIJ1","AIR","EnvEurope",3,3,0,2015,1,17,{"$nulls":8},"TEMP","DB","METH_2",1.8025521519791667,"°C",null,"X"]
["METEO","LTER_EU_BE_05","INBO","WIJ1","AIR","EnvEurope",3,3,0,2015,1,18,{"$nulls":8},"TEMP","DB","METH_2",2.322066114583334,"°C",null,"X"]
["METEO","LTER_EU_BE_05","INBO","WIJ1","AIR","EnvEurope",3,3,0,2015,1,19,{"$nulls":8},"TEMP","DB","METH_2",1.8161459070833328,"°C",null,"X"]
["METEO","LTER_EU_BE_05","INBO","WIJ1","AIR","EnvEurope",3,3,0,2015,1,20,{"$nulls":8},"TEMP","DB","METH_2",0.7798784872916666,"°C",null,"X"]
["METEO","LTER_EU_BE_05","INBO","WIJ1","AIR","EnvEurope",3,3,0,2015,1,21,{"$nulls":8},"TEMP","DB","METH_2",-0.35466667431578924,"°C",null,"X"]
["METEO","LTER_EU_BE_05","INBO","WIJ1","AIR","EnvEurope",3,3,0,2015,1,22,{"$nulls":8},"TEMP","DB","METH_2",-1.3920312270833344,"°C",null,"X"]
["METEO","LTER_EU_BE_05","INBO","WIJ1","AIR","EnvEurope",3,3,0,2015,1,23,{"$nulls":8},"TEMP","DB","METH_2",-0.5154340207291668,"°C",null,"X"]
["METEO","LTER_EU_BE_05","INBO","WIJ1","AIR","EnvEurope",3,3,0,2015,1,24,{"$nulls":8},"TEMP","DB","METH_2",2.5531422330208335,"°C",null,"X"]
["METEO","LTER_EU_BE_05","INBO","WIJ1","AIR","EnvEurope",3,3,0,2015,1,25,{"$nulls":8},"TEMP","DB","METH_2",3.9849647395833334,"°C",null,"X"]
["METEO","LTER_EU_BE_05","INBO","WIJ1","AIR","EnvEurope",3,3,0,2015,1,26,{"$nulls":8},"TEMP","DB","METH_2",6.849132114583331,"°C",null,"X"]
["METEO","LTER_EU_BE_05","INBO","WIJ1","AIR","EnvEurope",3,3,0,2015,1,27,{"$nulls":8},"TEMP","DB","METH_2",4.778385614583333,"°C",null,"X"]
["METEO","LTER_EU_BE_05","INBO","WIJ1","AIR","EnvEurope",3,3,0,2015,1,28,{"$nulls":8},"TEMP","DB","METH_2",5.623420374999999,"°C",null,"X"]
["METEO","LTER_EU_BE_05","INBO","WIJ1","AIR","EnvEurope",3,3,0,2015,1,29,{"$nulls":8},"TEMP","DB","METH_2",2.9722395104166672,"°C",null,"X"]
["METEO","LTER_EU_BE_05","INBO","WIJ1","AIR","EnvEurope",3,3,0,2015,1,30,{"$nulls":8},"TEMP","DB","METH_2",2.2127951281250007,"°C",null,"X"]
["METEO","LTER_EU_BE_05","INBO","WIJ1","AIR","EnvEurope",3,3,0,2015,1,31,{"$nulls":8},"TEMP","DB","METH_2",1.1740624358333334,"°C",null,"X"]
["METEO","LTER_EU_BE_05","INBO","WIJ1","AIR","EnvEurope",3,3,0,2015,10,1,{"$nulls":8},"TEMP","DB","METH_2",11.321197614583333,"°C",null,"X"]
["METEO","LTER_EU_BE_05","INBO","WIJ1","AIR","EnvEurope",3,3,0,2015,10,2,{"$nulls":8},"TEMP","DB","METH_2",11.001787875,"°C",null,"X"]
["METEO","LTER_EU_BE_05","INBO","WIJ1","AIR","EnvEurope",3,3,0,2015,10,3,{"$nulls":8},"TEMP","DB","METH_2",11.363437364583334,"°C",null,"X"]
["METEO","LTER_EU_BE_05","INBO","WIJ1","AIR","EnvEurope",3,3,0,2015,10,4,{"$nulls":8},"TEMP","DB","METH_2",10.702604031249999,"°C",null,"X"]
["METEO","LTER_EU_BE_05","INBO","WIJ1","AIR","EnvEurope",3,3,0,2015,10,5,{"$nulls":8},"TEMP","DB","METH_2",13.660416833333334,"°C",null,"X"]
["METEO","LTER_EU_BE_05","INBO","WIJ1","AIR","EnvEurope",3,3,0,2015,10,6,{"$nulls":8},"TEMP","DB","METH_2",15.626199583333337,"°C",null,"X"]
["METEO","LTER_EU_BE_05","INBO","WIJ1","AIR","EnvEurope",3,3,0,2015,10,7,{"$nulls":8},"TEMP","DB","METH_2",14.448107812500004,"°C",null,"X"]
["METEO","LTER_EU_BE_05","INBO","WIJ1","AIR","EnvEurope",3,3,0,2015,10,8,{"$nulls":8},"TEMP","DB","METH_2",11.566268104166666,"°C",null,"X"]
["METEO","LTER_EU_BE_05","INBO","WIJ1","AIR","EnvEurope",3,3,0,2015,10,9,{"$nulls":8},"TEMP","DB","METH_2",10.790555854166664,"°C",null,"X"]
["METEO","LTER_EU_BE_05","INBO","WIJ1","AIR","EnvEurope",3,3,0,2015,10,10,{"$nulls":8},"TEMP","DB","METH_2",11.113993427083335,"°C",null,"X"]
["METEO","LTER_EU_BE_05","INBO","WIJ1","AIR","EnvEurope",3,3,0,2015,10,11,{"$nulls":8},"TEMP","DB","METH_2",8.546110489583329,"°C",null,"X"]
["METEO","LTER_EU_BE_05","INBO","WIJ1","AIR","EnvEurope",3,3,0,2015,10,12,{"$nulls":8},"TEMP","DB","METH_2",7.114930343750001,"°C",null,"X"]
["METEO","LTER_EU_BE_05","INBO","WIJ1","AIR","EnvEurope",3,3,0,2015,10,13,{"$nulls":8},"TEMP","DB","METH_2",6.752986593749999,"°C",null,"X"]
["METEO","LTER_EU_BE_05","INBO","WIJ1","AIR","EnvEurope",3,3,0,2015,10,14,{"$nulls":8},"TEMP","DB","METH_2",5.913871624999998,"°C",null,"X"]
["METEO","LTER_EU_BE_05","INBO","WIJ1","AIR","EnvEurope",3,3,0,2015,10,15,{"$nulls":8},"TEMP","DB","METH_2",5.129583249999999,"°C",null,"X"]
["METEO","LTER_EU_BE_05","INBO","WIJ1","AIR","EnvEurope",3,3,0,2015,10,16,{"$nulls":8},"TEMP","DB","METH_2",8.350833572916669,"°C",null,"X"]
["METEO","LTER_EU_BE_05","INBO","WIJ1","AIR","EnvEurope",3,3,0,2015,10,17,{"$nulls":8},"TEMP","DB","METH_2",10.133281385416664,"°C",null,"X"]
["METEO","LTER_EU_BE_05","INBO","WIJ1","AIR","EnvEurope",3,3,0,2015,10,18,{"$nulls":8},"TEMP","DB","METH_2",9.162292697916666,"°C",null,"X"]
["METEO","LTER_EU_BE_05","INBO","WIJ1","AIR","EnvEurope",3,3,0,2015,10,19,{"$nulls":8},"TEMP","DB","METH_2",11.39362872916667,"°C",null,"X"]
["METEO","LTER_EU_BE_05","INBO","WIJ1","AIR","EnvEurope",3,3,0,2015,10,20,{"$nulls":8},"TEMP","DB","METH_2",10.418471395833334,"°C",null,"X"]
["METEO","LTER_EU_BE_05","INBO","WIJ1","AIR","EnvEurope",3,3,0,2015,10,21,{"$nulls":8},"TEMP","DB","METH_2",9.059236812499998,"°C",null,"X"]
["METEO","LTER_EU_BE_05","INBO","WIJ1","AIR","EnvEurope",3,3,0,2015,10,22,{"$nulls":8},"TEMP","DB","METH_2",12.358559270833332,"°C",null,"X"]
["METEO","LTER_EU_BE_05","INBO","WIJ1","AIR","EnvEurope",3,3,0,2015,10,23,{"$nulls":8},"TEMP","DB","METH_2",10.536024427083332,"°C",null,"X"]
["METEO","LTER_EU_BE_05","INBO","WIJ1","AIR","EnvEurope",3,3,0,2015,10,24,{"$nulls":8},"TEMP","DB","METH_2",10.864531541666667,"°C",null,"X"]
["METEO","LTER_EU_BE_05","INBO","WIJ1","AIR","EnvEurope",3,3,0,2015,10,25,{"$nulls":8},"TEMP","DB","METH_2",9.860746312500002,"°C",null,"X"]
["METEO","LTER_EU_BE_05","INBO","WIJ1","AIR","EnvEurope",3,3,0,2015,10,26,{"$nulls":8},"TEMP","DB","METH_2",10.272778364583333,"°C",null,"X"]
["METEO","LTER_EU_BE_05","INBO","WIJ1","AIR","EnvEurope",3,3,0,2015,10,27,{"$nulls":8},"TEMP","DB","METH_2",10.69156294791667,"°C",null,"X"]
["METEO","LTER_EU_BE_05","INBO","WIJ1","AIR","EnvEurope",3,3,0,2015,10,28,{"$nulls":8},"TEMP","DB","METH_2",11.797134781249996,"°C",null,"X"]
["METEO","LTER_EU_BE_05","INBO","WIJ1","AIR","EnvEurope",3,3,0,2015,10,29,{"$nulls":8},"TEMP","DB","METH_2",9.788854177083332,"°C",null,"X"]
["METEO","LTER_EU_BE_05","INBO","WIJ1","AIR","EnvEurope",3,3,0,2015,10,30,{"$nulls":8},"TEMP","DB","METH_2",10.9989070625,"°C",null,"X"]
["METEO","LTER_EU_BE_05","INBO","WIJ1","AIR","EnvEurope",3,3,0,2015,10,31,{"$nulls":8},"TEMP","DB","METH_2",10.011250843750002,"°C",null,"X"]
["METEO","LTER_EU_BE_05","INBO","WIJ1","AIR","EnvEurope",3,3,0,2015,11,1,{"$nulls":8},"TEMP","DB","METH_2",9.961718729166666,"°C",null,"X"]
["METEO","LTER_EU_BE_05","INBO","WIJ1","AIR","EnvEurope",3,3,0,2015,11,2,{"$nulls":8},"TEMP","DB","METH_2",8.169513614583334,"°C",null,"X"]
["METEO","LTER_EU_BE_05","INBO","WIJ1","AIR","EnvEurope",3,3,0,2015,11,3,{"$nulls":8},"TEMP","DB","METH_2",9.572604437499997,"°C",null,"X"]
["METEO","LTER_EU_BE_05","INBO","WIJ1","AIR","EnvEurope",3,3,0,2015,11,4,{"$nulls":8},"TEMP","DB","METH_2",12.126023874999996,"°C",null,"X"]
["METEO","LTER_EU_BE_05","INBO","WIJ1","AIR","EnvEurope",3,3,0,2015,11,5,{"$nulls":8},"TEMP","DB","METH_2",13.275660052083337,"°C",null,"X"]
["METEO","LTER_EU_BE_05","INBO","WIJ1","AIR","EnvEurope",3,3,0,2015,11,6,{"$nulls":8},"TEMP","DB","METH_2",15.403229375,"°C",null,"X"]
["METEO","LTER_EU_BE_05","INBO","WIJ1","AIR","EnvEurope",3,3,0,2015,11,7,{"$nulls":8},"TEMP","DB","METH_2",16.55968802083333,"°C",null,"X"]
["METEO","LTER_EU_BE_05","INBO","WIJ1","AIR","EnvEurope",3,3,0,2015,11,8,{"$nulls":8},"TEMP","DB","METH_2",13.573906260416663,"°C",null,"X"]
["METEO","LTER_EU_BE_05","INBO","WIJ1","AIR","EnvEurope",3,3,0,2015,11,9,{"$nulls":8},"TEMP","DB","METH_2",13.673905208333338,"°C",null,"X"]
["METEO","LTER_EU_BE_05","INBO","WIJ1","AIR","EnvEurope",3,3,0,2015,11,10,{"$nulls":8},"TEMP","DB","METH_2",13.881405937499997,"°C",null,"X"]
["METEO","LTER_EU_BE_05","INBO","WIJ1","AIR","EnvEurope",3,3,0,2015,11,11,{"$nulls":8},"TEMP","DB","METH_2",12.464826562500003,"°C",null,"X"]
["METEO","LTER_EU_BE_05","INBO","WIJ1","AIR","EnvEurope",3,3,0,2015,11,12,{"$nulls":8},"TEMP","DB","METH_2",13.058298645833334,"°C",null,"X"]
["METEO","LTER_EU_BE_05","INBO","WIJ1","AIR","EnvEurope",3,3,0,2015,11,13,{"$nulls":8},"TEMP","DB","METH_2",11.026040541666669,"°C",null,"X"]
["METEO","LTER_EU_BE_05","INBO","WIJ1","AIR","EnvEurope",3,3,0,2015,11,14,{"$nulls":8},"TEMP","DB","METH_2",8.892985781249998,"°C",null,"X"]
["METEO","LTER_EU_BE_05","INBO","WIJ1","AIR","EnvEurope",3,3,0,2015,11,15,{"$nulls":8},"TEMP","DB","METH_2",14.136510833333332,"°C",null,"X"]
["METEO","LTER_EU_BE_05","INBO","WIJ1","AIR","EnvEurope",3,3,0,2015,11,16,{"$nulls":8},"TEMP","DB","METH_2",12.400399270833331,"°C",null,"X"]
["METEO","LTER_EU_BE_05","INBO","WIJ1","AIR","EnvEurope",3,3,0,2015,11,17,{"$nulls":8},"TEMP","DB","METH_2",13.779149062499998,"°C",null,"X"]
["METEO","LTER_EU_BE_05","INBO","WIJ1","AIR","EnvEurope",3,3,0,2015,11,18,{"$nulls":8},"TEMP","DB","METH_2",12.927309166666667,"°C",null,"X"]
["METEO","LTER_EU_BE_05","INBO","WIJ1","AIR","EnvEurope",3,3,0,2015,11,19,{"$nulls":8},"TEMP","DB","METH_2",11.514913083333331,"°C",null,"X"]
["METEO","LTER_EU_BE_05","INBO","WIJ1","AIR","EnvEurope",3,3,0,2015,11,20,{"$nulls":8},"TEMP","DB","METH_2",8.186528885416669,"°C",null,"X"]
["METEO","LTER_EU_BE_05","INBO","WIJ1","AIR","EnvEurope",3,3,0,2015,11,21,{"$nulls":8},"TEMP","DB","METH_2",5.217465114583335,"°C",null,"X"]
["METEO","LTER_EU_BE_05","INBO","WIJ1","AIR","EnvEurope",3,3,0,2015,11,22,{"$nulls":8},"TEMP","DB","METH_2",2.2717361437499997,"°C",null,"X"]
["METEO","LTER_EU_BE_05","INBO","WIJ1","AIR","EnvEurope",3,3,0,2015,11,23,{"$nulls":8},"TEMP","DB","METH_2",2.618368282708333,"°C",null,"X"]
["METEO","LTER_EU_BE_05","INBO","WIJ1","AIR","EnvEurope",3,3,0,2015,11,24,{"$nulls":8},"TEMP","DB","METH_2",4.3775171875000005,"°C",null,"X"]
["METEO","LTER_EU_BE_05","INBO","WIJ1","AIR","EnvEurope",3,3,0,2015,11,25,{"$nulls":8},"TEMP","DB","METH_2",6.927656145833335,"°C",null,"X"]
["METEO","LTER_EU_BE_05","INBO","WIJ1","AIR","EnvEurope",3,3,0,2015,11,26,{"$nulls":8},"TEMP","DB","METH_2",5.890573208333333,"°C",null,"X"]
["METEO","LTER_EU_BE_05","INBO","WIJ1","AIR","EnvEurope",3,3,0,2015,11,27,{"$nulls":8},"TEMP","DB","METH_2",4.903854312499999,"°C",null,"X"]
["METEO","LTER_EU_BE_05","INBO","WIJ1","AIR","EnvEurope",3,3,0,2015,11,28,{"$nulls":8},"TEMP","DB","METH_2",6.46237873958333,"°C",null,"X"]
["METEO","LTER_EU_BE_05","INBO","WIJ1","AIR","EnvEurope",3,3,0,2015,11,29,{"$nulls":8},"TEMP","DB","METH_2",10.881910375000002,"°C",null,"X"]
["METEO","LTER_EU_BE_05","INBO","WIJ1","AIR","EnvEurope",3,3,0,2015,11,30,{"$nulls":8},"TEMP","DB","METH_2",11.012117624999993,"°C",null,"X"]
["METEO","LTER_EU_BE_05","INBO","WIJ1","AIR","EnvEurope",3,3,0,2015,12,1,{"$nulls":8},"TEMP","DB","METH_2",11.822829791666676,"°C",null,"X"]
["METEO","LTER_EU_BE_05","INBO","WIJ1","AIR","EnvEurope",3,3,0,2015,12,2,{"$nulls":8},"TEMP","DB","METH_2",10.6340095625,"°C",null,"X"]
["METEO","LTER_EU_BE_05","INBO","WIJ1","AIR","EnvEurope",3,3,0,2015,12,3,{"$nulls":8},"TEMP","DB","METH_2",9.027101510416665,"°C",null,"X"]
["METEO","LTER_EU_BE_05","INBO","WIJ1","AIR","EnvEurope",3,3,0,2015,12,4,{"$nulls":8},"TEMP","DB","METH_2",9.05690909375,"°C",null,"X"]
["METEO","LTER_EU_BE_05","INBO","WIJ1","AIR","EnvEurope",3,3,0,2015,12,5,{"$nulls":8},"TEMP","DB","METH_2",7.345903104166666,"°C",null,"X"]
["METEO","LTER_EU_BE_05","INBO","WIJ1","AIR","EnvEurope",3,3,0,2015,12,6,{"$nulls":8},"TEMP","DB","METH_2",10.096702052083334,"°C",null,"X"]
["METEO","LTER_EU_BE_05","INBO","WIJ1","AIR","EnvEurope",3,3,0,2015,12,7,{"$nulls":8},"TEMP","DB","METH_2",9.957830135416666,"°C",null,"X"]
["METEO","LTER_EU_BE_05","INBO","WIJ1","AIR","EnvEurope",3,3,0,2015,12,8,{"$nulls":8},"TEMP","DB","METH_2",8.758905968750001,"°C",null,"X"]
["METEO","LTER_EU_BE_05","INBO","WIJ1","AIR","EnvEurope",3,3,0,2015,12,9,{"$nulls":8},"TEMP","DB","METH_2",6.369774406249998,"°C",null,"X"]
["METEO","LTER_EU_BE_05","INBO","WIJ1","AIR","EnvEurope",3,3,0,2015,12,10,{"$nulls":8},"TEMP","DB","METH_2",5.2586804375,"°C",null,"X"]
["METEO","LTER_EU_BE_05","INBO","WIJ1","AIR","EnvEurope",3,3,0,2015,12,11,{"$nulls":8},"TEMP","DB","METH_2",7.506284385416662,"°C",null,"X"]
["METEO","LTER_EU_BE_05","INBO","WIJ1","AIR","EnvEurope",3,3,0,2015,12,12,{"$nulls":8},"TEMP","DB","METH_2",7.770954750000002,"°C",null,"X"]
["METEO","LTER_EU_BE_05","INBO","WIJ1","AIR","EnvEurope",3,3,0,2015,12,13,{"$nulls":8},"TEMP","DB","METH_2",8.844514166666665,"°C",null,"X"]
["METEO","LTER_EU_BE_05","INBO","WIJ1","AIR","EnvEurope",3,3,0,2015,12,14,{"$nulls":8},"TEMP","DB","METH_2",6.295971708333332,"°C",null,"X"]
["METEO","LTER_EU_BE_05","INBO","WIJ1","AIR","EnvEurope",3,3,0,2015,12,15,{"$nulls":8},"TEMP","DB","METH_2",7.362707854166668,"°C",null,"X"]
["METEO","LTER_EU_BE_05","INBO","WIJ1","AIR","EnvEurope",3,3,0,2015,12,16,{"$nulls":8},"TEMP","DB","METH_2",11.998627947916665,"°C",null,"X"]
["METEO","LTER_EU_BE_05","INBO","WIJ1","AIR","EnvEurope",3,3,0,2015,12,17,{"$nulls":8},"TEMP","DB","METH_2",12.85447895833333,"°C",null,"X"]
["METEO","LTER_EU_BE_05","INBO","WIJ1","AIR","EnvEurope",3,3,0,2015,12,18,{"$nulls":8},"TEMP","DB","METH_2",11.487395208333327,"°C",null,"X"]
["METEO","LTER_EU_BE_05","INBO","WIJ1","AIR","EnvEurope",3,3,0,2015,12,19,{"$nulls":8},"TEMP","DB","METH_2",12.37980947916666,"°C",null,"X"]
["METEO","LTER_EU_BE_05","INBO","WIJ1","AIR","EnvEurope",3,3,0,2015,12,20,{"$nulls":8},"TEMP","DB","METH_2",11.78308958333333,"°C",null,"X"]
["METEO","LTER_EU_BE_05","INBO","WIJ1","AIR","EnvEurope",3,3,0,2015,12,21,{"$nulls":8},"TEMP","DB","METH_2",10.468697916666665,"°C",null,"X"]
["METEO","LTER_EU_BE_05","INBO","WIJ1","AIR","EnvEurope",3,3,0,2015,12,22,{"$nulls":8},"TEMP","DB","METH_2",12.840279375,"°C",null,"X"]
["METEO","LTER_EU_BE_05","INBO","WIJ1","AIR","EnvEurope",3,3,0,2015,12,23,{"$nulls":8},"TEMP","DB","METH_2",10.442951375000002,"°C",null,"X"]
["METEO","LTER_EU_BE_05","INBO","WIJ1","AIR","EnvEurope",3,3,0,2015,12,24,{"$nulls":8},"TEMP","DB","METH_2",9.224269854166662,"°C",null,"X"]
["METEO","LTER_EU_BE_05","INBO","WIJ1","AIR","EnvEurope",3,3,0,2015,12,25,{"$nulls":8},"TEMP","DB","METH_2",9.438923677083332,"°C",null,"X"]
["METEO","LTER_EU_BE_05","INBO","WIJ1","AIR","EnvEurope",3,3,0,2015,12,26,{"$nulls":8},"TEMP","DB","METH_2",12.327934572916666,"°C",null,"X"]
["METEO","LTER_EU_BE_05","INBO","WIJ1","AIR","EnvEurope",3,3,0,2015,12,27,{"$nulls":8},"TEMP","DB","METH_2",10.91987875,"°C",null,"X"]
["METEO","LTER_EU_BE_05","INBO","WIJ1","AIR","EnvEurope",3,3,0,2015,12,28,{"$nulls":8},"TEMP","DB","METH_2",7.316284697916669,"°C",null,"X"]
["METEO","LTER_EU_BE_05","INBO","WIJ1","AIR","EnvEurope",3,3,0,2015,12,29,{"$nulls":8},"TEMP","DB","METH_2",9.046179697916667,"°C",null,"X"]
["METEO","LTER_EU_BE_05","INBO","WIJ1","AIR","EnvEurope",3,3,0,2015,12,30,{"$nulls":8},"TEMP","DB","METH_2",8.387343395833332,"°C",null,"X"]
["METEO","LTER_EU_BE_05","INBO","WIJ1","AIR","EnvEurope",3,3,0,2015,12,31,{"$nulls":8},"TEMP","DB","METH_2",8.176996666666666,"°C",null,"X"]
["METEO","LTER_EU_BE_05","INBO","WIJ1","AIR","EnvEurope",3,3,0,2015,2,1,{"$nulls":8},"TEMP","DB","METH_2",3.6397222552083335,"°C",null,"X"]
["METEO","LTER_EU_BE_05","INBO","WIJ1","AIR","EnvEurope",3,3,0,2015,2,2,{"$nulls":8},"TEMP","DB","METH_2",1.6265451064583323,"°C",null,"X"]
["METEO","LTER_EU_BE_05","INBO","WIJ1","AIR","EnvEurope",3,3,0,2015,2,3,{"$nulls":8},"TEMP","DB","METH_2",0.19765624197916679,"°C",null,"X"]
["METEO","LTER_EU_BE_05","INBO","WIJ1","AIR","EnvEurope",3,3,0,2015,2,4,{"$nulls":8},"TEMP","DB","METH_2",0.9591145255833334,"°C",null,"X"]
["METEO","LTER_EU_BE_05","INBO","WIJ1","AIR","EnvEurope",3,3,0,2015,2,5,{"$nulls":8},"TEMP","DB","METH_2",-0.29659726885416665,"°C",null,"X"]
["METEO","LTER_EU_BE_05","INBO","WIJ1","AIR","EnvEurope",3,3,0,2015,2,6,{"$nulls":8},"TEMP","DB","METH_2",0.007795109062499938,"°C",null,"X"]
["METEO","LTER_EU_BE_05","INBO","WIJ1","AIR","EnvEurope",3,3,0,2015,2,7,{"$nulls":8},"TEMP","DB","METH_2",1.6597569038541664,"°C",null,"X"]
["METEO","LTER_EU_BE_05","INBO","WIJ1","AIR","EnvEurope",3,3,0,2015,2,8,{"$nulls":8},"TEMP","DB","METH_2",5.098541603125,"°C",null,"X"]
["METEO","LTER_EU_BE_05","INBO","WIJ1","AIR","EnvEurope",3,3,0,2015,2,9,{"$nulls":8},"TEMP","DB","METH_2",2.730971908645835,"°C",null,"X"]
["METEO","LTER_EU_BE_05","INBO","WIJ1","AIR","EnvEurope",3,3,0,2015,2,10,{"$nulls":8},"TEMP","DB","METH_2",4.846458364583332,"°C",null,"X"]
["METEO","LTER_EU_BE_05","INBO","WIJ1","AIR","EnvEurope",3,3,0,2015,2,11,{"$nulls":8},"TEMP","DB","METH_2",3.950139020833335,"°C",null,"X"]
["METEO","LTER_EU_BE_05","INBO","WIJ1","AIR","EnvEurope",3,3,0,2015,2,12,{"$nulls":8},"TEMP","DB","METH_2",3.4609373645833332,"°C",null,"X"]
["METEO","LTER_EU_BE_05","INBO","WIJ1","AIR","EnvEurope",3,3,0,2015,2,13,{"$nulls":8},"TEMP","DB","METH_2",5.455138722916668,"°C",null,"X"]
["METEO","LTER_EU_BE_05","INBO","WIJ1","AIR","EnvEurope",3,3,0,2015,2,14,{"$nulls":8},"TEMP","DB","METH_2",7.221441552083334,"°C",null,"X"]
["METEO","LTER_EU_BE_05","INBO","WIJ1","AIR","EnvEurope",3,3,0,2015,2,15,{"$nulls":8},"TEMP","DB","METH_2",4.896996947916665,"°C",null,"X"]
["METEO","LTER_EU_BE_05","INBO","WIJ1","AIR","EnvEurope",3,3,0,2015,2,16,{"$nulls":8},"TEMP","DB","METH_2",1.723107730979167,"°C",null,"X"]
["METEO","LTER_EU_BE_05","INBO","WIJ1","AIR","EnvEurope",3,3,0,2015,2,17,{"$nulls":8},"TEMP","DB","METH_2",4.580694192708336,"°C",null,"X"]
["METEO","LTER_EU_BE_05","INBO","WIJ1","AIR","EnvEurope",3,3,0,2015,2,18,{"$nulls":8},"TEMP","DB","METH_2",1.8370137128020831,"°C",null,"X"]
["METEO","LTER_EU_BE_05","INBO","WIJ1","AIR","EnvEurope",3,3,0,2015,2,19,{"$nulls":8},"TEMP","DB","METH_2",2.855486229583334,"°C",null,"X"]
["METEO","LTER_EU_BE_05","INBO","WIJ1","AIR","EnvEurope",3,3,0,2015,2,20,{"$nulls":8},"TEMP","DB","METH_2",5.625573364583335,"°C",null,"X"]
["METEO","LTER_EU_BE_05","INBO","WIJ1","AIR","EnvEurope",3,3,0,2015,2,21,{"$nulls":8},"TEMP","DB","METH_2",3.3793052558333336,"°C",null,"X"]
["METEO","LTER_EU_BE_05","INBO","WIJ1","AIR","EnvEurope",3,3,0,2015,2,22,{"$nulls":8},"TEMP","DB","METH_2",2.6281597008333333,"°C",null,"X"]
["METEO","LTER_EU_BE_05","INBO","WIJ1","AIR","EnvEurope",3,3,0,2015,2,23,{"$nulls":8},"TEMP","DB","METH_2",5.876718864583331,"°C",null,"X"]
["METEO","LTER_EU_BE_05","INBO","WIJ1","AIR","EnvEurope",3,3,0,2015,2,24,{"$nulls":8},"TEMP","DB","METH_2",5.810243281250002,"°C",null,"X"]
["METEO","LTER_EU_BE_05","INBO","WIJ1","AIR","EnvEurope",3,3,0,2015,2,25,{"$nulls":8},"TEMP","DB","METH_2",3.9884548572916665,"°C",null,"X"]
["METEO","LTER_EU_BE_05","INBO","WIJ1","AIR","EnvEurope",3,3,0,2015,2,26,{"$nulls":8},"TEMP","DB","METH_2",6.49013885416667,"°C",null,"X"]
["METEO","LTER_EU_BE_05","INBO","WIJ1","AIR","EnvEurope",3,3,0,2015,2,27,{"$nulls":8},"TEMP","DB","METH_2",4.402864504270833,"°C",null,"X"]
["METEO","LTER_EU_BE_05","INBO","WIJ1","AIR","EnvEurope",3,3,0,2015,2,28,{"$nulls":8},"TEMP","DB","METH_2",4.204236010416667,"°C",null,"X"]
["METEO","LTER_EU_BE_05","INBO","WIJ1","AIR","EnvEurope",3,3,0,2015,3,1,{"$nulls":8},"TEMP","DB","METH_2",8.819010666666665,"°C",null,"X"]
["METEO","LTER_EU_BE_05","INBO","WIJ1","AIR","EnvEurope",3,3,0,2015,3,2,{"$nulls":8},"TEMP","DB","METH_2",5.4800000833333335,"°C",null,"X"]
["METEO","LTER_EU_BE_05","INBO","WIJ1","AIR","EnvEurope",3,3,0,2015,3,3,{"$nulls":8},"TEMP","DB","METH_2",4.880260510416667,"°C",null,"X"]
["METEO","LTER_EU_BE_05","INBO","WIJ1","AIR","EnvEurope",3,3,0,2015,3,4,{"$nulls":8},"TEMP","DB","METH_2",4.177274370195399,"°C",null,"X"]
["METEO","LTER_EU_BE_05","INBO","WIJ1","AIR","EnvEurope",3,3,0,2015,3,5,{"$nulls":8},"TEMP","DB","METH_2",4.511493329479166,"°C",null,"X"]
["METEO","LTER_EU_BE_05","INBO","WIJ1","AIR","EnvEurope",3,3,0,2015,3,6,{"$nulls":8},"TEMP","DB","METH_2",6.207343979166667,"°C",null,"X"]
["METEO","LTER_EU_BE_05","INBO","WIJ1","AIR","EnvEurope",3,3,0,2015,3,7,{"$nulls":8},"TEMP","DB","METH_2",7.164392552083332,"°C",null,"X"]
["METEO","LTER_EU_BE_05","INBO","WIJ1","AIR","EnvEurope",3,3,0,2015,3,8,{"$nulls":8},"TEMP","DB","METH_2",8.251944072916668,"°C",null,"X"]
["METEO","LTER_EU_BE_05","INBO","WIJ1","AIR","EnvEurope",3,3,0,2015,3,9,{"$nulls":8},"TEMP","DB","METH_2",7.647777437499999,"°C",null,"X"]
["METEO","LTER_EU_BE_05","INBO","WIJ1","AIR","EnvEurope",3,3,0,2015,3,10,{"$nulls":8},"TEMP","DB","METH_2",8.094427052083333,"°C",null,"X"]
["METEO","LTER_EU_BE_05","INBO","WIJ1","AIR","EnvEurope",3,3,0,2015,3,11,{"$nulls":8},"TEMP","DB","METH_2",5.003246447916666,"°C",null,"X"]
["METEO","LTER_EU_BE_05","INBO","WIJ1","AIR","EnvEurope",3,3,0,2015,3,12,{"$nulls":8},"TEMP","DB","METH_2",6.341979328302084,"°C",null,"X"]
["METEO","LTER_EU_BE_05","INBO","WIJ1","AIR","EnvEurope",3,3,0,2015,3,13,{"$nulls":8},"TEMP","DB","METH_2",6.045086454166666,"°C",null,"X"]
["METEO","LTER_EU_BE_05","INBO","WIJ1","AIR","EnvEurope",3,3,0,2015,3,14,{"$nulls":8},"TEMP","DB","METH_2",4.04954856875,"°C",null,"X"]
["METEO","LTER_EU_BE_05","INBO","WIJ1","AIR","EnvEurope",3,3,0,2015,3,15,{"$nulls":8},"TEMP","DB","METH_2",5.313246364583332,"°C",null,"X"]
["METEO","LTER_EU_BE_05","INBO","WIJ1","AIR","EnvEurope",3,3,0,2015,3,16,{"$nulls":8},"TEMP","DB","METH_2",6.387187875000001,"°C",null,"X"]
["METEO","LTER_EU_BE_05","INBO","WIJ1","AIR","EnvEurope",3,3,0,2015,3,17,{"$nulls":8},"TEMP","DB","METH_2",8.325885052083335,"°C",null,"X"]
["METEO","LTER_EU_BE_05","INBO","WIJ1","AIR","EnvEurope",3,3,0,2015,3,18,{"$nulls":8},"TEMP","DB","METH_2",6.17232627083333,"°C",null,"X"]
["METEO","LTER_EU_BE_05","INBO","WIJ1","AIR","EnvEurope",3,3,0,2015,3,19,{"$nulls":8},"TEMP","DB","METH_2",6.247447270833331,"°C",null,"X"]
["METEO","LTER_EU_BE_05","INBO","WIJ1","AIR","EnvEurope",3,3,0,2015,3,20,{"$nulls":8},"TEMP","DB","METH_2",5.6212497500000005,"°C",null,"X"]
["METEO","LTER_EU_BE_05","INBO","WIJ1","AIR","EnvEurope",3,3,0,2015,3,21,{"$nulls":8},"TEMP","DB","METH_2",5.920520468750002,"°C",null,"X"]
["METEO","LTER_EU_BE_05","INBO","WIJ1","AIR","EnvEurope",3,3,0,2015,3,22,{"$nulls":8},"TEMP","DB","METH_2",5.417795041666667,"°C",null,"X"]
["METEO","LTER_EU_BE_05","INBO","WIJ1","AIR","EnvEurope",3,3,0,2015,3,23,{"$nulls":8},"TEMP","DB","METH_2",3.2901388394791664,"°C",null,"X"]
["METEO","LTER_EU_BE_05","INBO","WIJ1","AIR","EnvEurope",3,3,0,2015,3,24,{"$nulls":8},"TEMP","DB","METH_2",3.9958857253124997,"°C",null,"X"]
["METEO","LTER_EU_BE_05","INBO","WIJ1","AIR","EnvEurope",3,3,0,2015,3,25,{"$nulls":8},"TEMP","DB","METH_2",5.007829937499997,"°C",null,"X"]
["METEO","LTER_EU_BE_05","INBO","WIJ1","AIR","EnvEurope",3,3,0,2015,3,26,{"$nulls":8},"TEMP","DB","METH_2",3.6024303985416677,"°C",null,"X"]
["METEO","LTER_EU_BE_05","INBO","WIJ1","AIR","EnvEurope",3,3,0,2015,3,27,{"$nulls":8},"TEMP","DB","METH_2",6.518819760416665,"°C",null,"X"]
["METEO","LTER_EU_BE_05","INBO","WIJ1","AIR","EnvEurope",3,3,0,2015,3,28,{"$nulls":8},"TEMP","DB","METH_2",7.911284781249999,"°C",null,"X"]
["METEO","LTER_EU_BE_05","INBO","WIJ1","AIR","EnvEurope",3,3,0,2015,3,29,{"$nulls":8},"TEMP","DB","METH_2",10.016145281250001,"°C",null,"X"]
["METEO","LTER_EU_BE_05","INBO","WIJ1","AIR","EnvEurope",3,3,0,2015,3,30,{"$nulls":8},"TEMP","DB","METH_2",8.063176677083332,"°C",null,"X"]
["METEO","LTER_EU_BE_05","INBO","WIJ1","AIR","EnvEurope",3,3,0,2015,3,31,{"$nulls":8},"TEMP","DB","METH_2",10.287517197916664,"°C",null,"X"]
["METEO","LTER_EU_BE_05","INBO","WIJ1","AIR","EnvEurope",3,3,0,2015,4,1,{"$nulls":8},"TEMP","DB","METH_2",7.683524135416664,"°C",null,"X"]
["METEO","LTER_EU_BE_05","INBO","WIJ1","AIR","EnvEurope",3,3,0,2015,4,2,{"$nulls":8},"TEMP","DB","METH_2",6.585642104166666,"°C",null,"X"]
["METEO","LTER_EU_BE_05","INBO","WIJ1","AIR","EnvEurope",3,3,0,2015,4,3,{"$nulls":8},"TEMP","DB","METH_2",5.395052406250001,"°C",null,"X"]
["METEO","LTER_EU_BE_05","INBO","WIJ1","AIR","EnvEurope",3,3,0,2015,4,4,{"$nulls":8},"TEMP","DB","METH_2",6.192726604166669,"°C",null,"X"]
["METEO","LTER_EU_BE_05","INBO","WIJ1","AIR","EnvEurope",3,3,0,2015,4,5,{"$nulls":8},"TEMP","DB","METH_2",5.166006895833331,"°C",null,"X"]
["METEO","LTER_EU_BE_05","INBO","WIJ1","AIR","EnvEurope",3,3,0,2015,4,6,{"$nulls":8},"TEMP","DB","METH_2",5.015347458333333,"°C",null,"X"]
["METEO","LTER_EU_BE_05","INBO","WIJ1","AIR","EnvEurope",3,3,0,2015,4,7,{"$nulls":8},"TEMP","DB","METH_2",7.107777715625002,"°C",null,"X"]
["METEO","LTER_EU_BE_05","INBO","WIJ1","AIR","EnvEurope",3,3,0,2015,4,8,{"$nulls":8},"TEMP","DB","METH_2",8.281719104166664,"°C",null,"X"]
["METEO","LTER_EU_BE_05","INBO","WIJ1","AIR","EnvEurope",3,3,0,2015,4,9,{"$nulls":8},"TEMP","DB","METH_2",9.260451572916663,"°C",null,"X"]
["METEO","LTER_EU_BE_05","INBO","WIJ1","AIR","EnvEurope",3,3,0,2015,4,10,{"$nulls":8},"TEMP","DB","METH_2",12.78473901041667,"°C",null,"X"]
["METEO","LTER_EU_BE_05","INBO","WIJ1","AIR","EnvEurope",3,3,0,2015,4,11,{"$nulls":8},"TEMP","DB","METH_2",10.077499833333333,"°C",null,"X"]
["METEO","LTER_EU_BE_05","INBO","WIJ1","AIR","EnvEurope",3,3,0,2015,4,12,{"$nulls":8},"TEMP","DB","METH_2",9.534479458333333,"°C",null,"X"]
["METEO","LTER_EU_BE_05","INBO","WIJ1","AIR","EnvEurope",3,3,0,2015,4,13,{"$nulls":8},"TEMP","DB","METH_2",9.817968437500003,"°C",null,"X"]
["METEO","LTER_EU_BE_05","INBO","WIJ1","AIR","EnvEurope",3,3,0,2015,4,14,{"$nulls":8},"TEMP","DB","METH_2",13.532413260416668,"°C",null,"X"]
["METEO","LTER_EU_BE_05","INBO","WIJ1","AIR","EnvEurope",3,3,0,2015,4,15,{"$nulls":8},"TEMP","DB","METH_2",15.293159843750002,"°C",null,"X"]
["METEO","LTER_EU_BE_05","INBO","WIJ1","AIR","EnvEurope",3,3,0,2015,4,16,{"$nulls":8},"TEMP","DB","METH_2",12.01116272916667,"°C",null,"X"]
["METEO","LTER_EU_BE_05","INBO","WIJ1","AIR","EnvEurope",3,3,0,2015,4,17,{"$nulls":8},"TEMP","DB","METH_2",10.006753760416665,"°C",null,"X"]
["METEO","LTER_EU_BE_05","INBO","WIJ1","AIR","EnvEurope",3,3,0,2015,4,18,{"$nulls":8},"TEMP","DB","METH_2",8.681441364583334,"°C",null,"X"]
["METEO","LTER_EU_BE_05","INBO","WIJ1","AIR","EnvEurope",3,3,0,2015,4,19,{"$nulls":8},"TEMP","DB","METH_2",7.431997010416668,"°C",null,"X"]
["METEO","LTER_EU_BE_05","INBO","WIJ1","AIR","EnvEurope",3,3,0,2015,4,20,{"$nulls":8},"TEMP","DB","METH_2",10.319426572916663,"°C",null,"X"]
["METEO","LTER_EU_BE_05","INBO","WIJ1","AIR","EnvEurope",3,3,0,2015,4,21,{"$nulls":8},"TEMP","DB","METH_2",9.704375229166667,"°C",null,"X"]
["METEO","LTER_EU_BE_05","INBO","WIJ1","AIR","EnvEurope",3,3,0,2015,4,22,{"$nulls":8},"TEMP","DB","METH_2",8.190677656250001,"°C",null,"X"]
["METEO","LTER_EU_BE_05","INBO","WIJ1","AIR","EnvEurope",3,3,0,2015,4,23,{"$nulls":8},"TEMP","DB","METH_2",8.17901005208333,"°C",null,"X"]
["METEO","LTER_EU_BE_05","INBO","WIJ1","AIR","EnvEurope",3,3,0,2015,4,24,{"$nulls":8},"TEMP","DB","METH_2",11.28168378125,"°C",null,"X"]
["METEO","LTER_EU_BE_05","INBO","WIJ1","AIR","EnvEurope",3,3,0,2015,4,25,{"$nulls":8},"TEMP","DB","METH_2",12.624131770833332,"°C",null,"X"]
["METEO","LTER_EU_BE_05","INBO","WIJ1","AIR","EnvEurope",3,3,0,2015,4,26,{"$nulls":8},"TEMP","DB","METH_2",11.115156343749995,"°C",null,"X"]
["METEO","LTER_EU_BE_05","INBO","WIJ1","AIR","EnvEurope",3,3,0,2015,4,27,{"$nulls":8},"TEMP","DB","METH_2",8.0602780625,"°C",null,"X"]
["METEO","LTER_EU_BE_05","INBO","WIJ1","AIR","EnvEurope",3,3,0,2015,4,28,{"$nulls":8},"TEMP","DB","METH_2",7.795399250000002,"°C",null,"X"]
["METEO","LTER_EU_BE_05","INBO","WIJ1","AIR","EnvEurope",3,3,0,2015,4,29,{"$nulls":8},"TEMP","DB","METH_2",8.613176843750002,"°C",null,"X"]
["METEO","LTER_EU_BE_05","INBO","WIJ1","AIR","EnvEurope",3,3,0,2015,4,30,{"$nulls":8},"TEMP","DB","METH_2",9.589808854166668,"°C",null,"X"]
["METEO","LTER_EU_BE_05","INBO","WIJ1","AIR","EnvEurope",3,3,0,2015,5,1,{"$nulls":8},"TEMP","DB","METH_2",8.489496322916663,"°C",null,"X"]
["METEO","LTER_EU_BE_05","INBO","WIJ1","AIR","EnvEurope",3,3,0,2015,5,2,{"$nulls":8},"TEMP","DB","METH_2",11.173384989583335,"°C",null,"X"]
["METEO","LTER_EU_BE_05","INBO","WIJ1","AIR","EnvEurope",3,3,0,2015,5,3,{"$nulls":8},"TEMP","DB","METH_2",13.588560416666665,"°C",null,"X"]
["METEO","LTER_EU_BE_05","INBO","WIJ1","AIR","EnvEurope",3,3,0,2015,5,4,{"$nulls":8},"TEMP","DB","METH_2",14.875381666666664,"°C",null,"X"]
["METEO","LTER_EU_BE_05","INBO","WIJ1","AIR","EnvEurope",3,3,0,2015,5,5,{"$nulls":8},"TEMP","DB","METH_2",15.229236354166666,"°C",null,"X"]
["METEO","LTER_EU_BE_05","INBO","WIJ1","AIR","EnvEurope",3,3,0,2015,5,6,{"$nulls":8},"TEMP","DB","METH_2",11.640589927083333,"°C",null,"X"]
["METEO","LTER_EU_BE_05","INBO","WIJ1","AIR","EnvEurope",3,3,0,2015,5,7,{"$nulls":8},"TEMP","DB","METH_2",12.131806260416672,"°C",null,"X"]
["METEO","LTER_EU_BE_05","INBO","WIJ1","AIR","EnvEurope",3,3,0,2015,5,8,{"$nulls":8},"TEMP","DB","METH_2",14.634270708333332,"°C",null,"X"]
["METEO","LTER_EU_BE_05","INBO","WIJ1","AIR","EnvEurope",3,3,0,2015,5,9,{"$nulls":8},"TEMP","DB","METH_2",13.713975520833337,"°C",null,"X"]
["METEO","LTER_EU_BE_05","INBO","WIJ1","AIR","EnvEurope",3,3,0,2015,5,10,{"$nulls":8},"TEMP","DB","METH_2",13.907499645833331,"°C",null,"X"]
["METEO","LTER_EU_BE_05","INBO","WIJ1","AIR","EnvEurope",3,3,0,2015,5,11,{"$nulls":8},"TEMP","DB","METH_2",17.555885624999995,"°C",null,"X"]
["METEO","LTER_EU_BE_05","INBO","WIJ1","AIR","EnvEurope",3,3,0,2015,5,12,{"$nulls":8},"TEMP","DB","METH_2",14.543820250000008,"°C",null,"X"]
["METEO","LTER_EU_BE_05","INBO","WIJ1","AIR","EnvEurope",3,3,0,2015,5,13,{"$nulls":8},"TEMP","DB","METH_2",11.493489302083338,"°C",null,"X"]
["METEO","LTER_EU_BE_05","INBO","WIJ1","AIR","EnvEurope",3,3,0,2015,5,14,{"$nulls":8},"TEMP","DB","METH_2",9.56170161458333,"°C",null,"X"]
["METEO","LTER_EU_BE_05","INBO","WIJ1","AIR","EnvEurope",3,3,0,2015,5,15,{"$nulls":8},"TEMP","DB","METH_2",9.888628666666671,"°C",null,"X"]
["METEO","LTER_EU_BE_05","INBO","WIJ1","AIR","EnvEurope",3,3,0,2015,5,16,{"$nulls":8},"TEMP","DB","METH_2",11.507656020833332,"°C",null,"X"]
["METEO","LTER_EU_BE_05","INBO","WIJ1","AIR","EnvEurope",3,3,0,2015,5,17,{"$nulls":8},"TEMP","DB","METH_2",11.77769196875,"°C",null,"X"]
["METEO","LTER_EU_BE_05","INBO","WIJ1","AIR","EnvEurope",3,3,0,2015,5,18,{"$nulls":8},"TEMP","DB","METH_2",10.566544499999997,"°C",null,"X"]
["METEO","LTER_EU_BE_05","INBO","WIJ1","AIR","EnvEurope",3,3,0,2015,5,19,{"$nulls":8},"TEMP","DB","METH_2",9.776805208333334,"°C",null,"X"]
["METEO","LTER_EU_BE_05","INBO","WIJ1","AIR","EnvEurope",3,3,0,2015,5,20,{"$nulls":8},"TEMP","DB","METH_2",9.910694531250002,"°C",null,"X"]
["METEO","LTER_EU_BE_05","INBO","WIJ1","AIR","EnvEurope",3,3,0,2015,5,21,{"$nulls":8},"TEMP","DB","METH_2",11.596145677083326,"°C",null,"X"]
["METEO","LTER_EU_BE_05","INBO","WIJ1","AIR","EnvEurope",3,3,0,2015,5,22,{"$nulls":8},"TEMP","DB","METH_2",13.717274427083337,"°C",null,"X"]
["METEO","LTER_EU_BE_05","INBO","WIJ1","AIR","EnvEurope",3,3,0,2015,5,23,{"$nulls":8},"TEMP","DB","METH_2",12.79161479166666,"°C",null,"X"]
["METEO","LTER_EU_BE_05","INBO","WIJ1","AIR","EnvEurope",3,3,0,2015,5,24,{"$nulls":8},"TEMP","DB","METH_2",12.455173552083332,"°C",null,"X"]
["METEO","LTER_EU_BE_05","INBO","WIJ1","AIR","EnvEurope",3,3,0,2015,5,25,{"$nulls":8},"TEMP","DB","METH_2",12.450520520833331,"°C",null,"X"]
["METEO","LTER_EU_BE_05","INBO","WIJ1","AIR","EnvEurope",3,3,0,2015,5,26,{"$nulls":8},"TEMP","DB","METH_2",12.380954906249997,"°C",null,"X"]
["METEO","LTER_EU_BE_05","INBO","WIJ1","AIR","EnvEurope",3,3,0,2015,5,27,{"$nulls":8},"TEMP","DB","METH_2",13.336788260416663,"°C",null,"X"]
["METEO","LTER_EU_BE_05","INBO","WIJ1","AIR","EnvEurope",3,3,0,2015,5,28,{"$nulls":8},"TEMP","DB","METH_2",13.830833541666678,"°C",null,"X"]
["METEO","LTER_EU_BE_05","INBO","WIJ1","AIR","EnvEurope",3,3,0,2015,5,29,{"$nulls":8},"TEMP","DB","METH_2",10.788859736842106,"°C",null,"X"]
["METEO","LTER_EU_BE_05","INBO","WIJ1","AIR","EnvEurope",3,3,0,2015,5,30,{"$nulls":8},"TEMP","DB","METH_2",10.486093645833334,"°C",null,"X"]
["METEO","LTER_EU_BE_05","INBO","WIJ1","AIR","EnvEurope",3,3,0,2015,5,31,{"$nulls":8},"TEMP","DB","METH_2",12.519982614583336,"°C",null,"X"]
["METEO","LTER_EU_BE_05","INBO","WIJ1","AIR","EnvEurope",3,3,0,2015,6,1,{"$nulls":8},"TEMP","DB","METH_2",11.803576375,"°C",null,"X"]
["METEO","LTER_EU_BE_05","INBO","WIJ1","AIR","EnvEurope",3,3,0,2015,6,2,{"$nulls":8},"TEMP","DB","METH_2",14.096389791666667,"°C",null,"X"]
["METEO","LTER_EU_BE_05","INBO","WIJ1","AIR","EnvEurope",3,3,0,2015,6,3,{"$nulls":8},"TEMP","DB","METH_2",14.129530260416672,"°C",null,"X"]
["METEO","LTER_EU_BE_05","INBO","WIJ1","AIR","EnvEurope",3,3,0,2015,6,4,{"$nulls":8},"TEMP","DB","METH_2",15.628055593750004,"°C",null,"X"]
["METEO","LTER_EU_BE_05","INBO","WIJ1","AIR","EnvEurope",3,3,0,2015,6,5,{"$nulls":8},"TEMP","DB","METH_2",19.230608020833337,"°C",null,"X"]
["METEO","LTER_EU_BE_05","INBO","WIJ1","AIR","EnvEurope",3,3,0,2015,6,6,{"$nulls":8},"TEMP","DB","METH_2",14.283576552083327,"°C",null,"X"]
["METEO","LTER_EU_BE_05","INBO","WIJ1","AIR","EnvEurope",3,3,0,2015,6,7,{"$nulls":8},"TEMP","DB","METH_2",12.485260854166667,"°C",null,"X"]
["METEO","LTER_EU_BE_05","INBO","WIJ1","AIR","EnvEurope",3,3,0,2015,6,8,{"$nulls":8},"TEMP","DB","METH_2",11.744670375,"°C",null,"X"]
["METEO","LTER_EU_BE_05","INBO","WIJ1","AIR","EnvEurope",3,3,0,2015,6,9,{"$nulls":8},"TEMP","DB","METH_2",11.572951187500003,"°C",null,"X"]
["METEO","LTER_EU_BE_05","INBO","WIJ1","AIR","EnvEurope",3,3,0,2015,6,10,{"$nulls":8},"TEMP","DB","METH_2",14.11133689583333,"°C",null,"X"]
["METEO","LTER_EU_BE_05","INBO","WIJ1","AIR","EnvEurope",3,3,0,2015,6,11,{"$nulls":8},"TEMP","DB","METH_2",18.127082812499996,"°C",null,"X"]
["METEO","LTER_EU_BE_05","INBO","WIJ1","AIR","EnvEurope",3,3,0,2015,6,12,{"$nulls":8},"TEMP","DB","METH_2",20.796267604166662,"°C",null,"X"]
["METEO","LTER_EU_BE_05","INBO","WIJ1","AIR","EnvEurope",3,3,0,2015,6,13,{"$nulls":8},"TEMP","DB","METH_2",16.52031208333334,"°C",null,"X"]
["METEO","LTER_EU_BE_05","INBO","WIJ1","AIR","EnvEurope",3,3,0,2015,6,14,{"$nulls":8},"TEMP","DB","METH_2",14.236753572916662,"°C",null,"X"]
["METEO","LTER_EU_BE_05","INBO","WIJ1","AIR","EnvEurope",3,3,0,2015,6,15,{"$nulls":8},"TEMP","DB","METH_2",14.568854375,"°C",null,"X"]
["METEO","LTER_EU_BE_05","INBO","WIJ1","AIR","EnvEurope",3,3,0,2015,6,16,{"$nulls":8},"TEMP","DB","METH_2",12.729913281250004,"°C",null,"X"]
["METEO","LTER_EU_BE_05","INBO","WIJ1","AIR","EnvEurope",3,3,0,2015,6,17,{"$nulls":8},"TEMP","DB","METH_2",16.00796907291667,"°C",null,"X"]
["METEO","LTER_EU_BE_05","INBO","WIJ1","AIR","EnvEurope",3,3,0,2015,6,18,{"$nulls":8},"TEMP","DB","METH_2",14.466110677083334,"°C",null,"X"]
["METEO","LTER_EU_BE_05","INBO","WIJ1","AIR","EnvEurope",3,3,0,2015,6,19,{"$nulls":8},"TEMP","DB","METH_2",13.130728229166666,"°C",null,"X"]
["METEO","LTER_EU_BE_05","INBO","WIJ1","AIR","EnvEurope",3,3,0,2015,6,20,{"$nulls":8},"TEMP","DB","METH_2",14.557500833333338,"°C",null,"X"]
["METEO","LTER_EU_BE_05","INBO","WIJ1","AIR","EnvEurope",3,3,0,2015,6,21,{"$nulls":8},"TEMP","DB","METH_2",15.639234375000003,"°C",null,"X"]
["METEO","LTER_EU_BE_05","INBO","WIJ1","AIR","EnvEurope",3,3,0,2015,6,22,{"$nulls":8},"TEMP","DB","METH_2",12.137898822916668,"°C",null,"X"]
["METEO","LTER_EU_BE_05","INBO","WIJ1","AIR","EnvEurope",3,3,0,2015,6,23,{"$nulls":8},"TEMP","DB","METH_2",12.774185364583337,"°C",null,"X"]
["METEO","LTER_EU_BE_05","INBO","WIJ1","AIR","EnvEurope",3,3,0,2015,6,24,{"$nulls":8},"TEMP","DB","METH_2",14.862031864583335,"°C",null,"X"]
["METEO","LTER_EU_BE_05","INBO","WIJ1","AIR","EnvEurope",3,3,0,2015,6,25,{"$nulls":8},"TEMP","DB","METH_2",16.799462604166674,"°C",null,"X"]
["METEO","LTER_EU_BE_05","INBO","WIJ1","AIR","EnvEurope",3,3,0,2015,6,26,{"$nulls":8},"TEMP","DB","METH_2",18.68128395833334,"°C",null,"X"]
["METEO","LTER_EU_BE_05","INBO","WIJ1","AIR","EnvEurope",3,3,0,2015,6,27,{"$nulls":8},"TEMP","DB","METH_2",17.693558645833328,"°C",null,"X"]
["METEO","LTER_EU_BE_05","INBO","WIJ1","AIR","EnvEurope",3,3,0,2015,6,28,{"$nulls":8},"TEMP","DB","METH_2",17.111822812499998,"°C",null,"X"]
["METEO","LTER_EU_BE_05","INBO","WIJ1","AIR","EnvEurope",3,3,0,2015,6,29,{"$nulls":8},"TEMP","DB","METH_2",17.27359375,"°C",null,"X"]
["METEO","LTER_EU_BE_05","INBO","WIJ1","AIR","EnvEurope",3,3,0,2015,6,30,{"$nulls":8},"TEMP","DB","METH_2",20.10484395833333,"°C",null,"X"]
["METEO","LTER_EU_BE_05","INBO","WIJ1","AIR","EnvEurope",3,3,0,2015,7,1,{"$nulls":8},"TEMP","DB","METH_2",25.118436770833327,"°C",null,"X"]
["METEO","LTER_EU_BE_05","INBO","WIJ1","AIR","EnvEurope",3,3,0,2015,7,2,{"$nulls":8},"TEMP","DB","METH_2",20.706753854166667,"°C",null,"X"]
["METEO","LTER_EU_BE_05","INBO","WIJ1","AIR","EnvEurope",3,3,0,2015,7,3,{"$nulls":8},"TEMP","DB","METH_2",20.44083343750001,"°C",null,"X"]
["METEO","LTER_EU_BE_05","INBO","WIJ1","AIR","EnvEurope",3,3,0,2015,7,4,{"$nulls":8},"TEMP","DB","METH_2",23.4880209375,"°C",null,"X"]
["METEO","LTER_EU_BE_05","INBO","WIJ1","AIR","EnvEurope",3,3,0,2015,7,5,{"$nulls":8},"TEMP","DB","METH_2",16.78010395833333,"°C",null,"X"]
["METEO","LTER_EU_BE_05","INBO","WIJ1","AIR","EnvEurope",3,3,0,2015,7,6,{"$nulls":8},"TEMP","DB","METH_2",16.996023124999997,"°C",null,"X"]
["METEO","LTER_EU_BE_05","INBO","WIJ1","AIR","EnvEurope",3,3,0,2015,7,7,{"$nulls":8},"TEMP","DB","METH_2",17.216648645833327,"°C",null,"X"]
["METEO","LTER_EU_BE_05","INBO","WIJ1","AIR","EnvEurope",3,3,0,2015,7,8,{"$nulls":8},"TEMP","DB","METH_2",15.222968333333332,"°C",null,"X"]
["METEO","LTER_EU_BE_05","INBO","WIJ1","AIR","EnvEurope",3,3,0,2015,7,9,{"$nulls":8},"TEMP","DB","METH_2",14.152396250000002,"°C",null,"X"]
["METEO","LTER_EU_BE_05","INBO","WIJ1","AIR","EnvEurope",3,3,0,2015,7,10,{"$nulls":8},"TEMP","DB","METH_2",16.817516437500004,"°C",null,"X"]
["METEO","LTER_EU_BE_05","INBO","WIJ1","AIR","EnvEurope",3,3,0,2015,7,11,{"$nulls":8},"TEMP","DB","METH_2",19.08560739583334,"°C",null,"X"]
["METEO","LTER_EU_BE_05","INBO","WIJ1","AIR","EnvEurope",3,3,0,2015,7,12,{"$nulls":8},"TEMP","DB","METH_2",16.222672916666657,"°C",null,"X"]
["METEO","LTER_EU_BE_05","INBO","WIJ1","AIR","EnvEurope",3,3,0,2015,7,13,{"$nulls":8},"TEMP","DB","METH_2",16.598263333333332,"°C",null,"X"]
["METEO","LTER_EU_BE_05","INBO","WIJ1","AIR","EnvEurope",3,3,0,2015,7,14,{"$nulls":8},"TEMP","DB","METH_2",17.43248145833333,"°C",null,"X"]
["METEO","LTER_EU_BE_05","INBO","WIJ1","AIR","EnvEurope",3,3,0,2015,7,15,{"$nulls":8},"TEMP","DB","METH_2",17.96531302083333,"°C",null,"X"]
["METEO","LTER_EU_BE_05","INBO","WIJ1","AIR","EnvEurope",3,3,0,2015,7,16,{"$nulls":8},"TEMP","DB","METH_2",19.86270864583333,"°C",null,"X"]
["METEO","LTER_EU_BE_05","INBO","WIJ1","AIR","EnvEurope",3,3,0,2015,7,17,{"$nulls":8},"TEMP","DB","METH_2",20.307744375000002,"°C",null,"X"]
["METEO","LTER_EU_BE_05","INBO","WIJ1","AIR","EnvEurope",3,3,0,2015,7,18,{"$nulls":8},"TEMP","DB","METH_2",17.069478020833333,"°C",null,"X"]
["METEO","LTER_EU_BE_05","INBO","WIJ1","AIR","EnvEurope",3,3,0,2015,7,19,{"$nulls":8},"TEMP","DB","METH_2",16.37133635416666,"°C",null,"X"]
["METEO","LTER_EU_BE_05","INBO","WIJ1","AIR","EnvEurope",3,3,0,2015,7,20,{"$nulls":8},"TEMP","DB","METH_2",17.964393125,"°C",null,"X"]
["METEO","LTER_EU_BE_05","INBO","WIJ1","AIR","EnvEurope",3,3,0,2015,7,21,{"$nulls":8},"TEMP","DB","METH_2",19.63012072916667,"°C",null,"X"]
["METEO","LTER_EU_BE_05","INBO","WIJ1","AIR","EnvEurope",3,3,0,2015,7,22,{"$nulls":8},"TEMP","DB","METH_2",17.46342010416667,"°C",null,"X"]
["METEO","LTER_EU_BE_05","INBO","WIJ1","AIR","EnvEurope",3,3,0,2015,7,23,{"$nulls":8},"TEMP","DB","METH_2",16.25541645833333,"°C",null,"X"]
["METEO","LTER_EU_BE_05","INBO","WIJ1","AIR","EnvEurope",3,3,0,2015,7,24,{"$nulls":8},"TEMP","DB","METH_2",16.792308854166667,"°C",null,"X"]
["METEO","LTER_EU_BE_05","INBO","WIJ1","AIR","EnvEurope",3,3,0,2015,7,25,{"$nulls":8},"TEMP","DB","METH_2",14.3407309375,"°C",null,"X"]
["METEO","LTER_EU_BE_05","INBO","WIJ1","AIR","EnvEurope",3,3,0,2015,7,26,{"$nulls":8},"TEMP","DB","METH_2",13.042569125000005,"°C",null,"X"]
["METEO","LTER_EU_BE_05","INBO","WIJ1","AIR","EnvEurope",3,3,0,2015,7,27,{"$nulls":8},"TEMP","DB","METH_2",15.960260729166668,"°C",null,"X"]
["METEO","LTER_EU_BE_05","INBO","WIJ1","AIR","EnvEurope",3,3,0,2015,7,28,{"$nulls":8},"TEMP","DB","METH_2",15.291544583333339,"°C",null,"X"]
["METEO","LTER_EU_BE_05","INBO","WIJ1","AIR","EnvEurope",3,3,0,2015,7,29,{"$nulls":8},"TEMP","DB","METH_2",14.86642260416668,"°C",null,"X"]
["METEO","LTER_EU_BE_05","INBO","WIJ1","AIR","EnvEurope",3,3,0,2015,7,30,{"$nulls":8},"TEMP","DB","METH_2",13.465191416666672,"°C",null,"X"]
["METEO","LTER_EU_BE_05","INBO","WIJ1","AIR","EnvEurope",3,3,0,2015,7,31,{"$nulls":8},"TEMP","DB","METH_2",13.88308965625,"°C",null,"X"]
["METEO","LTER_EU_BE_05","INBO","WIJ1","AIR","EnvEurope",3,3,0,2015,8,1,{"$nulls":8},"TEMP","DB","METH_2",15.699479375000001,"°C",null,"X"]
["METEO","LTER_EU_BE_05","INBO","WIJ1","AIR","EnvEurope",3,3,0,2015,8,2,{"$nulls":8},"TEMP","DB","METH_2",16.725503322916666,"°C",null,"X"]
["METEO","LTER_EU_BE_05","INBO","WIJ1","AIR","EnvEurope",3,3,0,2015,8,3,{"$nulls":8},"TEMP","DB","METH_2",20.468784166666666,"°C",null,"X"]
["METEO","LTER_EU_BE_05","INBO","WIJ1","AIR","EnvEurope",3,3,0,2015,8,4,{"$nulls":8},"TEMP","DB","METH_2",17.575711666666678,"°C",null,"X"]
["METEO","LTER_EU_BE_05","INBO","WIJ1","AIR","EnvEurope",3,3,0,2015,8,5,{"$nulls":8},"TEMP","DB","METH_2",18.279721145833335,"°C",null,"X"]
["METEO","LTER_EU_BE_05","INBO","WIJ1","AIR","EnvEurope",3,3,0,2015,8,6,{"$nulls":8},"TEMP","DB","METH_2",18.15149343750001,"°C",null,"X"]
["METEO","LTER_EU_BE_05","INBO","WIJ1","AIR","EnvEurope",3,3,0,2015,8,7,{"$nulls":8},"TEMP","DB","METH_2",17.177032083333337,"°C",null,"X"]
["METEO","LTER_EU_BE_05","INBO","WIJ1","AIR","EnvEurope",3,3,0,2015,8,8,{"$nulls":8},"TEMP","DB","METH_2",18.70272614583334,"°C",null,"X"]
["METEO","LTER_EU_BE_05","INBO","WIJ1","AIR","EnvEurope",3,3,0,2015,8,9,{"$nulls":8},"TEMP","DB","METH_2",17.922604166666662,"°C",null,"X"]
["METEO","LTER_EU_BE_05","INBO","WIJ1","AIR","EnvEurope",3,3,0,2015,8,10,{"$nulls":8},"TEMP","DB","METH_2",18.638957708333333,"°C",null,"X"]
["METEO","LTER_EU_BE_05","INBO","WIJ1","AIR","EnvEurope",3,3,0,2015,8,11,{"$nulls":8},"TEMP","DB","METH_2",17.46291708333334,"°C",null,"X"]
["METEO","LTER_EU_BE_05","INBO","WIJ1","AIR","EnvEurope",3,3,0,2015,8,12,{"$nulls":8},"TEMP","DB","METH_2",20.273801770833334,"°C",null,"X"]
["METEO","LTER_EU_BE_05","INBO","WIJ1","AIR","EnvEurope",3,3,0,2015,8,13,{"$nulls":8},"TEMP","DB","METH_2",20.94277708333333,"°C",null,"X"]
["METEO","LTER_EU_BE_05","INBO","WIJ1","AIR","EnvEurope",3,3,0,2015,8,14,{"$nulls":8},"TEMP","DB","METH_2",19.669756145833333,"°C",null,"X"]
["METEO","LTER_EU_BE_05","INBO","WIJ1","AIR","EnvEurope",3,3,0,2015,8,15,{"$nulls":8},"TEMP","DB","METH_2",16.73508770833334,"°C",null,"X"]
["METEO","LTER_EU_BE_05","INBO","WIJ1","AIR","EnvEurope",3,3,0,2015,8,16,{"$nulls":8},"TEMP","DB","METH_2",15.403872395833345,"°C",null,"X"]
["METEO","LTER_EU_BE_05","INBO","WIJ1","AIR","EnvEurope",3,3,0,2015,8,17,{"$nulls":8},"TEMP","DB","METH_2",13.707777947916666,"°C",null,"X"]
["METEO","LTER_EU_BE_05","INBO","WIJ1","AIR","EnvEurope",3,3,0,2015,8,18,{"$nulls":8},"TEMP","DB","METH_2",13.918160208333333,"°C",null,"X"]
["METEO","LTER_EU_BE_05","INBO","WIJ1","AIR","EnvEurope",3,3,0,2015,8,19,{"$nulls":8},"TEMP","DB","METH_2",16.902067499999998,"°C",null,"X"]
["METEO","LTER_EU_BE_05","INBO","WIJ1","AIR","EnvEurope",3,3,0,2015,8,20,{"$nulls":8},"TEMP","DB","METH_2",17.108436770833332,"°C",null,"X"]
["METEO","LTER_EU_BE_05","INBO","WIJ1","AIR","EnvEurope",3,3,0,2015,8,21,{"$nulls":8},"TEMP","DB","METH_2",19.930538020833342,"°C",null,"X"]
["METEO","LTER_EU_BE_05","INBO","WIJ1","AIR","EnvEurope",3,3,0,2015,8,22,{"$nulls":8},"TEMP","DB","METH_2",21.471407395833328,"°C",null,"X"]
["METEO","LTER_EU_BE_05","INBO","WIJ1","AIR","EnvEurope",3,3,0,2015,8,23,{"$nulls":8},"TEMP","DB","METH_2",18.30753385416667,"°C",null,"X"]
["METEO","LTER_EU_BE_05","INBO","WIJ1","AIR","EnvEurope",3,3,0,2015,8,24,{"$nulls":8},"TEMP","DB","METH_2",15.478247708333333,"°C",null,"X"]
["METEO","LTER_EU_BE_05","INBO","WIJ1","AIR","EnvEurope",3,3,0,2015,8,25,{"$nulls":8},"TEMP","DB","METH_2",15.664184270833337,"°C",null,"X"]
["METEO","LTER_EU_BE_05","INBO","WIJ1","AIR","EnvEurope",3,3,0,2015,8,26,{"$nulls":8},"TEMP","DB","METH_2",18.959687604166664,"°C",null,"X"]
["METEO","LTER_EU_BE_05","INBO","WIJ1","AIR","EnvEurope",3,3,0,2015,8,27,{"$nulls":8},"TEMP","DB","METH_2",14.833992708333334,"°C",null,"X"]
["METEO","LTER_EU_BE_05","INBO","WIJ1","AIR","EnvEurope",3,3,0,2015,8,28,{"$nulls":8},"TEMP","DB","METH_2",15.2807284375,"°C",null,"X"]
["METEO","LTER_EU_BE_05","INBO","WIJ1","AIR","EnvEurope",3,3,0,2015,8,29,{"$nulls":8},"TEMP","DB","METH_2",16.158089666666662,"°C",null,"X"]
["METEO","LTER_EU_BE_05","INBO","WIJ1","AIR","EnvEurope",3,3,0,2015,8,30,{"$nulls":8},"TEMP","DB","METH_2",20.254149374999994,"°C",null,"X"]
["METEO","LTER_EU_BE_05","INBO","WIJ1","AIR","EnvEurope",3,3,0,2015,8,31,{"$nulls":8},"TEMP","DB","METH_2",19.13600875,"°C",null,"X"]
["METEO","LTER_EU_BE_05","INBO","WIJ1","AIR","EnvEurope",3,3,0,2015,9,1,{"$nulls":8},"TEMP","DB","METH_2",15.680884583333338,"°C",null,"X"]
["METEO","LTER_EU_BE_05","INBO","WIJ1","AIR","EnvEurope",3,3,0,2015,9,2,{"$nulls":8},"TEMP","DB","METH_2",13.188454687499997,"°C",null,"X"]
["METEO","LTER_EU_BE_05","INBO","WIJ1","AIR","EnvEurope",3,3,0,2015,9,3,{"$nulls":8},"TEMP","DB","METH_2",11.90923686458333,"°C",null,"X"]
["METEO","LTER_EU_BE_05","INBO","WIJ1","AIR","EnvEurope",3,3,0,2015,9,4,{"$nulls":8},"TEMP","DB","METH_2",11.847257135416667,"°C",null,"X"]
["METEO","LTER_EU_BE_05","INBO","WIJ1","AIR","EnvEurope",3,3,0,2015,9,5,{"$nulls":8},"TEMP","DB","METH_2",12.198194968749995,"°C",null,"X"]
["METEO","LTER_EU_BE_05","INBO","WIJ1","AIR","EnvEurope",3,3,0,2015,9,6,{"$nulls":8},"TEMP","DB","METH_2",11.763193833333332,"°C",null,"X"]
["METEO","LTER_EU_BE_05","INBO","WIJ1","AIR","EnvEurope",3,3,0,2015,9,7,{"$nulls":8},"TEMP","DB","METH_2",12.148974520833335,"°C",null,"X"]
["METEO","LTER_EU_BE_05","INBO","WIJ1","AIR","EnvEurope",3,3,0,2015,9,8,{"$nulls":8},"TEMP","DB","METH_2",14.019200729166657,"°C",null,"X"]
["METEO","LTER_EU_BE_05","INBO","WIJ1","AIR","EnvEurope",3,3,0,2015,9,9,{"$nulls":8},"TEMP","DB","METH_2",14.902604687500004,"°C",null,"X"]
["METEO","LTER_EU_BE_05","INBO","WIJ1","AIR","EnvEurope",3,3,0,2015,9,10,{"$nulls":8},"TEMP","DB","METH_2",14.149391854166664,"°C",null,"X"]
["METEO","LTER_EU_BE_05","INBO","WIJ1","AIR","EnvEurope",3,3,0,2015,9,11,{"$nulls":8},"TEMP","DB","METH_2",14.253975833333337,"°C",null,"X"]
["METEO","LTER_EU_BE_05","INBO","WIJ1","AIR","EnvEurope",3,3,0,2015,9,12,{"$nulls":8},"TEMP","DB","METH_2",15.105382291666666,"°C",null,"X"]
["METEO","LTER_EU_BE_05","INBO","WIJ1","AIR","EnvEurope",3,3,0,2015,9,13,{"$nulls":8},"TEMP","DB","METH_2",11.587916312499999,"°C",null,"X"]
["METEO","LTER_EU_BE_05","INBO","WIJ1","AIR","EnvEurope",3,3,0,2015,9,14,{"$nulls":8},"TEMP","DB","METH_2",13.22437395833333,"°C",null,"X"]
["METEO","LTER_EU_BE_05","INBO","WIJ1","AIR","EnvEurope",3,3,0,2015,9,15,{"$nulls":8},"TEMP","DB","METH_2",12.054322104166667,"°C",null,"X"]
["METEO","LTER_EU_BE_05","INBO","WIJ1","AIR","EnvEurope",3,3,0,2015,9,16,{"$nulls":8},"TEMP","DB","METH_2",14.692031354166666,"°C",null,"X"]
["METEO","LTER_EU_BE_05","INBO","WIJ1","AIR","EnvEurope",3,3,0,2015,9,17,{"$nulls":8},"TEMP","DB","METH_2",13.841667354166665,"°C",null,"X"]
["METEO","LTER_EU_BE_05","INBO","WIJ1","AIR","EnvEurope",3,3,0,2015,9,18,{"$nulls":8},"TEMP","DB","METH_2",12.768853458333332,"°C",null,"X"]
["METEO","LTER_EU_BE_05","INBO","WIJ1","AIR","EnvEurope",3,3,0,2015,9,19,{"$nulls":8},"TEMP","DB","METH_2",13.372881458333332,"°C",null,"X"]
["METEO","LTER_EU_BE_05","INBO","WIJ1","AIR","EnvEurope",3,3,0,2015,9,20,{"$nulls":8},"TEMP","DB","METH_2",12.500589500000004,"°C",null,"X"]
["METEO","LTER_EU_BE_05","INBO","WIJ1","AIR","EnvEurope",3,3,0,2015,9,21,{"$nulls":8},"TEMP","DB","METH_2",12.452066197916665,"°C",null,"X"]
["METEO","LTER_EU_BE_05","INBO","WIJ1","AIR","EnvEurope",3,3,0,2015,9,22,{"$nulls":8},"TEMP","DB","METH_2",12.153194375,"°C",null,"X"]
["METEO","LTER_EU_BE_05","INBO","WIJ1","AIR","EnvEurope",3,3,0,2015,9,23,{"$nulls":8},"TEMP","DB","METH_2",12.832708135416668,"°C",null,"X"]
["METEO","LTER_EU_BE_05","INBO","WIJ1","AIR","EnvEurope",3,3,0,2015,9,24,{"$nulls":8},"TEMP","DB","METH_2",13.166233437499999,"°C",null,"X"]
["METEO","LTER_EU_BE_05","INBO","WIJ1","AIR","EnvEurope",3,3,0,2015,9,25,{"$nulls":8},"TEMP","DB","METH_2",11.760538458333336,"°C",null,"X"]
["METEO","LTER_EU_BE_05","INBO","WIJ1","AIR","EnvEurope",3,3,0,2015,9,26,{"$nulls":8},"TEMP","DB","METH_2",11.620260374999996,"°C",null,"X"]
["METEO","LTER_EU_BE_05","INBO","WIJ1","AIR","EnvEurope",3,3,0,2015,9,27,{"$nulls":8},"TEMP","DB","METH_2",12.28987822916666,"°C",null,"X"]
["METEO","LTER_EU_BE_05","INBO","WIJ1","AIR","EnvEurope",3,3,0,2015,9,28,{"$nulls":8},"TEMP","DB","METH_2",11.9567531875,"°C",null,"X"]
["METEO","LTER_EU_BE_05","INBO","WIJ1","AIR","EnvEurope",3,3,0,2015,9,29,{"$nulls":8},"TEMP","DB","METH_2",11.975242958333334,"°C",null,"X"]
["METEO","LTER_EU_BE_05","INBO","WIJ1","AIR","EnvEurope",3,3,0,2015,9,30,{"$nulls":8},"TEMP","DB","METH_2",11.891528760416675,"°C",null,"X"]
["METEO","LTER_EU_BE_05","INBO","WIJ1","AIR","EnvEurope",3,3,0,2015,1,1,{"$nulls":8},"PREC","DB","METH_1",0,"mm",null,"S"]
["METEO","LTER_EU_BE_05","INBO","WIJ1","AIR","EnvEurope",3,3,0,2015,1,2,{"$nulls":8},"PREC","DB","METH_1",0.6899999800000001,"mm",null,"S"]
["METEO","LTER_EU_BE_05","INBO","WIJ1","AIR","EnvEurope",3,3,0,2015,1,3,{"$nulls":8},"PREC","DB","METH_1",10.71999788,"mm",null,"S"]
["METEO","LTER_EU_BE_05","INBO","WIJ1","AIR","EnvEurope",3,3,0,2015,1,4,{"$nulls":8},"PREC","DB","METH_1",0,"mm",null,"S"]
["METEO","LTER_EU_BE_05","INBO","WIJ1","AIR","EnvEurope",3,3,0,2015,1,5,{"$nulls":8},"PREC","DB","METH_1",0,"mm",null,"S"]
["METEO","LTER_EU_BE_05","INBO","WIJ1","AIR","EnvEurope",3,3,0,2015,1,6,{"$nulls":8},"PREC","DB","METH_1",0,"mm",null,"S"]
["METEO","LTER_EU_BE_05","INBO","WIJ1","AIR","EnvEurope",3,3,0,2015,1,7,{"$nulls":8},"PREC","DB","METH_1",0.37,"mm",null,"S"]
["METEO","LTER_EU_BE_05","INBO","WIJ1","AIR","EnvEurope",3,3,0,2015,1,8,{"$nulls":8},"PREC","DB","METH_1",16.289994890000003,"mm",null,"S"]
["METEO","LTER_EU_BE_05","INBO","WIJ1","AIR","EnvEurope",3,3,0,2015,1,9,{"$nulls":8},"PREC","DB","METH_1",0.8699999,"mm",null,"S"]
["METEO","LTER_EU_BE_05","INBO","WIJ1","AIR","EnvEurope",3,3,0,2015,1,10,{"$nulls":8},"PREC","DB","METH_1",0.39999999,"mm",null,"S"]
["METEO","LTER_EU_BE_05","INBO","WIJ1","AIR","EnvEurope",3,3,0,2015,1,11,{"$nulls":8},"PREC","DB","METH_1",0,"mm",null,"S"]
["METEO","LTER_EU_BE_05","INBO","WIJ1","AIR","EnvEurope",3,3,0,2015,1,12,{"$nulls":8},"PREC","DB","METH_1",0.05,"mm",null,"S"]
["METEO","LTER_EU_BE_05","INBO","WIJ1","AIR","EnvEurope",3,3,0,2015,1,13,{"$nulls":8},"PREC","DB","METH_1",7.279999179999996,"mm",null,"S"]
["METEO","LTER_EU_BE_05","INBO","WIJ1","AIR","EnvEurope",3,3,0,2015,1,14,{"$nulls":8},"PREC","DB","METH_1",5.14999959,"mm",null,"S"]
["METEO","LTER_EU_BE_05","INBO","WIJ1","AIR","EnvEurope",3,3,0,2015,1,15,{"$nulls":8},"PREC","DB","METH_1",8.12999832,"mm",null,"S"]
["METEO","LTER_EU_BE_05","INBO","WIJ1","AIR","EnvEurope",3,3,0,2015,1,16,{"$nulls":8},"PREC","DB","METH_1",0.77999998,"mm",null,"S"]
["METEO","LTER_EU_BE_05","INBO","WIJ1","AIR","EnvEurope",3,3,0,2015,1,17,{"$nulls":8},"PREC","DB","METH_1",0.61999998,"mm",null,"S"]
["METEO","LTER_EU_BE_05","INBO","WIJ1","AIR","EnvEurope",3,3,0,2015,1,18,{"$nulls":8},"PREC","DB","METH_1",7.059999749999998,"mm",null,"S"]
["METEO","LTER_EU_BE_05","INBO","WIJ1","AIR","EnvEurope",3,3,0,2015,1,19,{"$nulls":8},"PREC","DB","METH_1",0.34,"mm",null,"S"]
["METEO","LTER_EU_BE_05","INBO","WIJ1","AIR","EnvEurope",3,3,0,2015,1,20,{"$nulls":8},"PREC","DB","METH_1",0.21,"mm",null,"S"]
["METEO","LTER_EU_BE_05","INBO","WIJ1","AIR","EnvEurope",3,3,0,2015,1,21,{"$nulls":8},"PREC","DB","METH_1",0,"mm",null,"S"]
["METEO","LTER_EU_BE_05","INBO","WIJ1","AIR","EnvEurope",3,3,0,2015,1,22,{"$nulls":8},"PREC","DB","METH_1",0,"mm",null,"S"]
["METEO","LTER_EU_BE_05","INBO","WIJ1","AIR","EnvEurope",3,3,0,2015,1,23,{"$nulls":8},"PREC","DB","METH_1",0,"mm",null,"S"]
["METEO","LTER_EU_BE_05","INBO","WIJ1","AIR","EnvEurope",3,3,0,2015,1,24,{"$nulls":8},"PREC","DB","METH_1",8.34999858,"mm",null,"S"]
["METEO","LTER_EU_BE_05","INBO","WIJ1","AIR","EnvEurope",3,3,0,2015,1,25,{"$nulls":8},"PREC","DB","METH_1",0,"mm",null,"S"]
["METEO","LTER_EU_BE_05","INBO","WIJ1","AIR","EnvEurope",3,3,0,2015,1,26,{"$nulls":8},"PREC","DB","METH_1",0.14,"mm",null,"S"]
["METEO","LTER_EU_BE_05","INBO","WIJ1","AIR","EnvEurope",3,3,0,2015,1,27,{"$nulls":8},"PREC","DB","METH_1",0,"mm",null,"S"]
["METEO","LTER_EU_BE_05","INBO","WIJ1","AIR","EnvEurope",3,3,0,2015,1,28,{"$nulls":8},"PREC","DB","METH_1",2.28999988,"mm",null,"S"]
["METEO","LTER_EU_BE_05","INBO","WIJ1","AIR","EnvEurope",3,3,0,2015,1,29,{"$nulls":8},"PREC","DB","METH_1",2.0299995799999997,"mm",null,"S"]
["METEO","LTER_EU_BE_05","INBO","WIJ1","AIR","EnvEurope",3,3,0,2015,1,30,{"$nulls":8},"PREC","DB","METH_1",2.0099998699999997,"mm",null,"S"]
["METEO","LTER_EU_BE_05","INBO","WIJ1","AIR","EnvEurope",3,3,0,2015,1,31,{"$nulls":8},"PREC","DB","METH_1",1.01999986,"mm",null,"S"]
["METEO","LTER_EU_BE_05","INBO","WIJ1","AIR","EnvEurope",3,3,0,2015,10,1,{"$nulls":8},"PREC","DB","METH_1",0,"mm",null,"S"]
["METEO","LTER_EU_BE_05","INBO","WIJ1","AIR","EnvEurope",3,3,0,2015,10,2,{"$nulls":8},"PREC","DB","METH_1",0,"mm",null,"S"]
["METEO","LTER_EU_BE_05","INBO","WIJ1","AIR","EnvEurope",3,3,0,2015,10,3,{"$nulls":8},"PREC","DB","METH_1",0,"mm",null,"S"]
["METEO","LTER_EU_BE_05","INBO","WIJ1","AIR","EnvEurope",3,3,0,2015,10,4,{"$nulls":8},"PREC","DB","METH_1",0,"mm",null,"S"]
["METEO","LTER_EU_BE_05","INBO","WIJ1","AIR","EnvEurope",3,3,0,2015,10,5,{"$nulls":8},"PREC","DB","METH_1",2.17999995,"mm",null,"S"]
["METEO","LTER_EU_BE_05","INBO","WIJ1","AIR","EnvEurope",3,3,0,2015,10,6,{"$nulls":8},"PREC","DB","METH_1",4.99999946,"mm",null,"S"]
["METEO","LTER_EU_BE_05","INBO","WIJ1","AIR","EnvEurope",3,3,0,2015,10,7,{"$nulls":8},"PREC","DB","METH_1",0.11,"mm",null,"S"]
["METEO","LTER_EU_BE_05","INBO","WIJ1","AIR","EnvEurope",3,3,0,2015,10,8,{"$nulls":8},"PREC","DB","METH_1",0.01,"mm",null,"S"]
["METEO","LTER_EU_BE_05","INBO","WIJ1","AIR","EnvEurope",3,3,0,2015,10,9,{"$nulls":8},"PREC","DB","METH_1",0.11,"mm",null,"S"]
["METEO","LTER_EU_BE_05","INBO","WIJ1","AIR","EnvEurope",3,3,0,2015,10,10,{"$nulls":8},"PREC","DB","METH_1",0,"mm",null,"S"]
["METEO","LTER_EU_BE_05","INBO","WIJ1","AIR","EnvEurope",3,3,0,2015,10,11,{"$nulls":8},"PREC","DB","METH_1",0,"mm",null,"S"]
["METEO","LTER_EU_BE_05","INBO","WIJ1","AIR","EnvEurope",3,3,0,2015,10,12,{"$nulls":8},"PREC","DB","METH_1",0,"mm",null,"S"]
["METEO","LTER_EU_BE_05","INBO","WIJ1","AIR","EnvEurope",3,3,0,2015,10,13,{"$nulls":8},"PREC","DB","METH_1",0.06,"mm",null,"S"]
["METEO","LTER_EU_BE_05","INBO","WIJ1","AIR","EnvEurope",3,3,0,2015,10,14,{"$nulls":8},"PREC","DB","METH_1",0.33999999000000003,"mm",null,"S"]
["METEO","LTER_EU_BE_05","INBO","WIJ1","AIR","EnvEurope",3,3,0,2015,10,15,{"$nulls":8},"PREC","DB","METH_1",0.7999999600000002,"mm",null,"S"]
["METEO","LTER_EU_BE_05","INBO","WIJ1","AIR","EnvEurope",3,3,0,2015,10,16,{"$nulls":8},"PREC","DB","METH_1",2.3999997899999994,"mm",null,"S"]
["METEO","LTER_EU_BE_05","INBO","WIJ1","AIR","EnvEurope",3,3,0,2015,10,17,{"$nulls":8},"PREC","DB","METH_1",0.49999998,"mm",null,"S"]
["METEO","LTER_EU_BE_05","INBO","WIJ1","AIR","EnvEurope",3,3,0,2015,10,18,{"$nulls":8},"PREC","DB","METH_1",0,"mm",null,"S"]
["METEO","LTER_EU_BE_05","INBO","WIJ1","AIR","EnvEurope",3,3,0,2015,10,19,{"$nulls":8},"PREC","DB","METH_1",0,"mm",null,"S"]
["METEO","LTER_EU_BE_05","INBO","WIJ1","AIR","EnvEurope",3,3,0,2015,10,20,{"$nulls":8},"PREC","DB","METH_1",0.16,"mm",null,"S"]
["METEO","LTER_EU_BE_05","INBO","WIJ1","AIR","EnvEurope",3,3,0,2015,10,21,{"$nulls":8},"PREC","DB","METH_1",1.62999995,"mm",null,"S"]
["METEO","LTER_EU_BE_05","INBO","WIJ1","AIR","EnvEurope",3,3,0,2015,10,22,{"$nulls":8},"PREC","DB","METH_1",0,"mm",null,"S"]
["METEO","LTER_EU_BE_05","INBO","WIJ1","AIR","EnvEurope",3,3,0,2015,10,23,{"$nulls":8},"PREC","DB","METH_1",0,"mm",null,"S"]
["METEO","LTER_EU_BE_05","INBO","WIJ1","AIR","EnvEurope",3,3,0,2015,10,24,{"$nulls":8},"PREC","DB","METH_1",0.01,"mm",null,"S"]
["METEO","LTER_EU_BE_05","INBO","WIJ1","AIR","EnvEurope",3,3,0,2015,10,25,{"$nulls":8},"PREC","DB","METH_1",0,"mm",null,"S"]
["METEO","LTER_EU_BE_05","INBO","WIJ1","AIR","EnvEurope",3,3,0,2015,10,26,{"$nulls":8},"PREC","DB","METH_1",0,"mm",null,"S"]
["METEO","LTER_EU_BE_05","INBO","WIJ1","AIR","EnvEurope",3,3,0,2015,10,27,{"$nulls":8},"PREC","DB","METH_1",0.01,"mm",null,"S"]
["METEO","LTER_EU_BE_05","INBO","WIJ1","AIR","EnvEurope",3,3,0,2015,10,28,{"$nulls":8},"PREC","DB","METH_1",0.59999999,"mm",null,"S"]
["METEO","LTER_EU_BE_05","INBO","WIJ1","AIR","EnvEurope",3,3,0,2015,10,29,{"$nulls":8},"PREC","DB","METH_1",0,"mm",null,"S"]
["METEO","LTER_EU_BE_05","INBO","WIJ1","AIR","EnvEurope",3,3,0,2015,10,30,{"$nulls":8},"PREC","DB","METH_1",0,"mm",null,"S"]
["METEO","LTER_EU_BE_05","INBO","WIJ1","AIR","EnvEurope",3,3,0,2015,10,31,{"$nulls":8},"PREC","DB","METH_1",0,"mm",null,"S"]
["METEO","LTER_EU_BE_05","INBO","WIJ1","AIR","EnvEurope",3,3,0,2015,11,1,{"$nulls":8},"PREC","DB","METH_1",0,"mm",null,"S"]
["METEO","LTER_EU_BE_05","INBO","WIJ1","AIR","EnvEurope",3,3,0,2015,11,2,{"$nulls":8},"PREC","DB","METH_1",0,"mm",null,"S"]
["METEO","LTER_EU_BE_05","INBO","WIJ1","AIR","EnvEurope",3,3,0,2015,11,3,{"$nulls":8},"PREC","DB","METH_1",0,"mm",null,"S"]
["METEO","LTER_EU_BE_05","INBO","WIJ1","AIR","EnvEurope",3,3,0,2015,11,4,{"$nulls":8},"PREC","DB","METH_1",4.319999,"mm",null,"S"]
["METEO","LTER_EU_BE_05","INBO","WIJ1","AIR","EnvEurope",3,3,0,2015,11,5,{"$nulls":8},"PREC","DB","METH_1",6.0999979600000005,"mm",null,"S"]
["METEO","LTER_EU_BE_05","INBO","WIJ1","AIR","EnvEurope",3,3,0,2015,11,6,{"$nulls":8},"PREC","DB","METH_1",0.83,"mm",null,"S"]
["METEO","LTER_EU_BE_05","INBO","WIJ1","AIR","EnvEurope",3,3,0,2015,11,7,{"$nulls":8},"PREC","DB","METH_1",0.19999998,"mm",null,"S"]
["METEO","LTER_EU_BE_05","INBO","WIJ1","AIR","EnvEurope",3,3,0,2015,11,8,{"$nulls":8},"PREC","DB","METH_1",0,"mm",null,"S"]
["METEO","LTER_EU_BE_05","INBO","WIJ1","AIR","EnvEurope",3,3,0,2015,11,9,{"$nulls":8},"PREC","DB","METH_1",0.04,"mm",null,"S"]
["METEO","LTER_EU_BE_05","INBO","WIJ1","AIR","EnvEurope",3,3,0,2015,11,10,{"$nulls":8},"PREC","DB","METH_1",0.43999999,"mm",null,"S"]
["METEO","LTER_EU_BE_05","INBO","WIJ1","AIR","EnvEurope",3,3,0,2015,11,11,{"$nulls":8},"PREC","DB","METH_1",0,"mm",null,"S"]
["METEO","LTER_EU_BE_05","INBO","WIJ1","AIR","EnvEurope",3,3,0,2015,11,12,{"$nulls":8},"PREC","DB","METH_1",0,"mm",null,"S"]
["METEO","LTER_EU_BE_05","INBO","WIJ1","AIR","EnvEurope",3,3,0,2015,11,13,{"$nulls":8},"PREC","DB","METH_1",1.9299995,"mm",null,"S"]
["METEO","LTER_EU_BE_05","INBO","WIJ1","AIR","EnvEurope",3,3,0,2015,11,14,{"$nulls":8},"PREC","DB","METH_1",5.059999460000001,"mm",null,"S"]
["METEO","LTER_EU_BE_05","INBO","WIJ1","AIR","EnvEurope",3,3,0,2015,11,15,{"$nulls":8},"PREC","DB","METH_1",0,"mm",null,"S"]
["METEO","LTER_EU_BE_05","INBO","WIJ1","AIR","EnvEurope",3,3,0,2015,11,16,{"$nulls":8},"PREC","DB","METH_1",0.47999997,"mm",null,"S"]
["METEO","LTER_EU_BE_05","INBO","WIJ1","AIR","EnvEurope",3,3,0,2015,11,17,{"$nulls":8},"PREC","DB","METH_1",5.569998489999999,"mm",null,"S"]
["METEO","LTER_EU_BE_05","INBO","WIJ1","AIR","EnvEurope",3,3,0,2015,11,18,{"$nulls":8},"PREC","DB","METH_1",0.28,"mm",null,"S"]
["METEO","LTER_EU_BE_05","INBO","WIJ1","AIR","EnvEurope",3,3,0,2015,11,19,{"$nulls":8},"PREC","DB","METH_1",7.699999169999997,"mm",null,"S"]
["METEO","LTER_EU_BE_05","INBO","WIJ1","AIR","EnvEurope",3,3,0,2015,11,20,{"$nulls":8},"PREC","DB","METH_1",0.04,"mm",null,"S"]
["METEO","LTER_EU_BE_05","INBO","WIJ1","AIR","EnvEurope",3,3,0,2015,11,21,{"$nulls":8},"PREC","DB","METH_1",11.20999827,"mm",null,"S"]
["METEO","LTER_EU_BE_05","INBO","WIJ1","AIR","EnvEurope",3,3,0,2015,11,22,{"$nulls":8},"PREC","DB","METH_1",23.949994359999998,"mm",null,"S"]
["METEO","LTER_EU_BE_05","INBO","WIJ1","AIR","EnvEurope",3,3,0,2015,11,23,{"$nulls":8},"PREC","DB","METH_1",0.05,"mm",null,"S"]
["METEO","LTER_EU_BE_05","INBO","WIJ1","AIR","EnvEurope",3,3,0,2015,11,24,{"$nulls":8},"PREC","DB","METH_1",6.939998790000001,"mm",null,"S"]
["METEO","LTER_EU_BE_05","INBO","WIJ1","AIR","EnvEurope",3,3,0,2015,11,25,{"$nulls":8},"PREC","DB","METH_1",4.9799989899999995,"mm",null,"S"]
["METEO","LTER_EU_BE_05","INBO","WIJ1","AIR","EnvEurope",3,3,0,2015,11,26,{"$nulls":8},"PREC","DB","METH_1",4.069999890000001,"mm",null,"S"]
["METEO","LTER_EU_BE_05","INBO","WIJ1","AIR","EnvEurope",3,3,0,2015,11,27,{"$nulls":8},"PREC","DB","METH_1",0,"mm",null,"S"]
["METEO","LTER_EU_BE_05","INBO","WIJ1","AIR","EnvEurope",3,3,0,2015,11,28,{"$nulls":8},"PREC","DB","METH_1",7.1199989499999985,"mm",null,"S"]
["METEO","LTER_EU_BE_05","INBO","WIJ1","AIR","EnvEurope",3,3,0,2015,11,29,{"$nulls":8},"PREC","DB","METH_1",2.67999986,"mm",null,"S"]
["METEO","LTER_EU_BE_05","INBO","WIJ1","AIR","EnvEurope",3,3,0,2015,11,30,{"$nulls":8},"PREC","DB","METH_1",6.55999826,"mm",null,"S"]
["METEO","LTER_EU_BE_05","INBO","WIJ1","AIR","EnvEurope",3,3,0,2015,12,1,{"$nulls":8},"PREC","DB","METH_1",0.09999999999999999,"mm",null,"S"]
["METEO","LTER_EU_BE_05","INBO","WIJ1","AIR","EnvEurope",3,3,0,2015,12,2,{"$nulls":8},"PREC","DB","METH_1",0.01,"mm",null,"S"]
["METEO","LTER_EU_BE_05","INBO","WIJ1","AIR","EnvEurope",3,3,0,2015,12,3,{"$nulls":8},"PREC","DB","METH_1",0,"mm",null,"S"]
["METEO","LTER_EU_BE_05","INBO","WIJ1","AIR","EnvEurope",3,3,0,2015,12,4,{"$nulls":8},"PREC","DB","METH_1",1.53999979,"mm",null,"S"]
["METEO","LTER_EU_BE_05","INBO","WIJ1","AIR","EnvEurope",3,3,0,2015,12,5,{"$nulls":8},"PREC","DB","METH_1",0,"mm",null,"S"]
["METEO","LTER_EU_BE_05","INBO","WIJ1","AIR","EnvEurope",3,3,0,2015,12,6,{"$nulls":8},"PREC","DB","METH_1",0,"mm",null,"S"]
["METEO","LTER_EU_BE_05","INBO","WIJ1","AIR","EnvEurope",3,3,0,2015,12,7,{"$nulls":8},"PREC","DB","METH_1",0,"mm",null,"S"]
["METEO","LTER_EU_BE_05","INBO","WIJ1","AIR","EnvEurope",3,3,0,2015,12,8,{"$nulls":8},"PREC","DB","METH_1",1.2599998799999998,"mm",null,"S"]
["METEO","LTER_EU_BE_05","INBO","WIJ1","AIR","EnvEurope",3,3,0,2015,12,9,{"$nulls":8},"PREC","DB","METH_1",0,"mm",null,"S"]
["METEO","LTER_EU_BE_05","INBO","WIJ1","AIR","EnvEurope",3,3,0,2015,12,10,{"$nulls":8},"PREC","DB","METH_1",0,"mm",null,"S"]
["METEO","LTER_EU_BE_05","INBO","WIJ1","AIR","EnvEurope",3,3,0,2015,12,11,{"$nulls":8},"PREC","DB","METH_1",6.619999449999997,"mm",null,"S"]
["METEO","LTER_EU_BE_05","INBO","WIJ1","AIR","EnvEurope",3,3,0,2015,12,12,{"$nulls":8},"PREC","DB","METH_1",0.01,"mm",null,"S"]
["METEO","LTER_EU_BE_05","INBO","WIJ1","AIR","EnvEurope",3,3,0,2015,12,13,{"$nulls":8},"PREC","DB","METH_1",0.02,"mm",null,"S"]
["METEO","LTER_EU_BE_05","INBO","WIJ1","AIR","EnvEurope",3,3,0,2015,12,14,{"$nulls":8},"PREC","DB","METH_1",0.07,"mm",null,"S"]
["METEO","LTER_EU_BE_05","INBO","WIJ1","AIR","EnvEurope",3,3,0,2015,12,15,{"$nulls":8},"PREC","DB","METH_1",3.80999989,"mm",null,"S"]
["METEO","LTER_EU_BE_05","INBO","WIJ1","AIR","EnvEurope",3,3,0,2015,12,16,{"$nulls":8},"PREC","DB","METH_1",0.27,"mm",null,"S"]
["METEO","LTER_EU_BE_05","INBO","WIJ1","AIR","EnvEurope",3,3,0,2015,12,17,{"$nulls":8},"PREC","DB","METH_1",0.20999999000000003,"mm",null,"S"]
["METEO","LTER_EU_BE_05","INBO","WIJ1","AIR","EnvEurope",3,3,0,2015,12,18,{"$nulls":8},"PREC","DB","METH_1",0,"mm",null,"S"]
["METEO","LTER_EU_BE_05","INBO","WIJ1","AIR","EnvEurope",3,3,0,2015,12,19,{"$nulls":8},"PREC","DB","METH_1",0,"mm",null,"S"]
["METEO","LTER_EU_BE_05","INBO","WIJ1","AIR","EnvEurope",3,3,0,2015,12,20,{"$nulls":8},"PREC","DB","METH_1",0.2700000000000001,"mm",null,"S"]
["METEO","LTER_EU_BE_05","INBO","WIJ1","AIR","EnvEurope",3,3,0,2015,12,21,{"$nulls":8},"PREC","DB","METH_1",0.7600000000000002,"mm",null,"S"]
["METEO","LTER_EU_BE_05","INBO","WIJ1","AIR","EnvEurope",3,3,0,2015,12,22,{"$nulls":8},"PREC","DB","METH_1",2.11999958,"mm",null,"S"]
["METEO","LTER_EU_BE_05","INBO","WIJ1","AIR","EnvEurope",3,3,0,2015,12,23,{"$nulls":8},"PREC","DB","METH_1",1.2999999,"mm",null,"S"]
["METEO","LTER_EU_BE_05","INBO","WIJ1","AIR","EnvEurope",3,3,0,2015,12,24,{"$nulls":8},"PREC","DB","METH_1",2.6499999799999996,"mm",null,"S"]
["METEO","LTER_EU_BE_05","INBO","WIJ1","AIR","EnvEurope",3,3,0,2015,12,25,{"$nulls":8},"PREC","DB","METH_1",0.23,"mm",null,"S"]
["METEO","LTER_EU_BE_05","INBO","WIJ1","AIR","EnvEurope",3,3,0,2015,12,26,{"$nulls":8},"PREC","DB","METH_1",0,"mm",null,"S"]
["METEO","LTER_EU_BE_05","INBO","WIJ1","AIR","EnvEurope",3,3,0,2015,12,27,{"$nulls":8},"PREC","DB","METH_1",0,"mm",null,"S"]
["METEO","LTER_EU_BE_05","INBO","WIJ1","AIR","EnvEurope",3,3,0,2015,12,28,{"$nulls":8},"PREC","DB","METH_1",0,"mm",null,"S"]
["METEO","LTER_EU_BE_05","INBO","WIJ1","AIR","EnvEurope",3,3,0,2015,12,29,{"$nulls":8},"PREC","DB","METH_1",0.06,"mm",null,"S"]
["METEO","LTER_EU_BE_05","INBO","WIJ1","AIR","EnvEurope",3,3,0,2015,12,30,{"$nulls":8},"PREC","DB","METH_1",0,"mm",null,"S"]
["METEO","LTER_EU_BE_05","INBO","WIJ1","AIR","EnvEurope",3,3,0,2015,12,31,{"$nulls":8},"PREC","DB","METH_1",3.8999997999999994,"mm",null,"S"]
["METEO","LTER_EU_BE_05","INBO","WIJ1","AIR","EnvEurope",3,3,0,2015,2,1,{"$nulls":8},"PREC","DB","METH_1",9.99999965,"mm",null,"S"]
["METEO","LTER_EU_BE_05","INBO","WIJ1","AIR","EnvEurope",3,3,0,2015,2,2,{"$nulls":8},"PREC","DB","METH_1",1.1199999900000002,"mm",null,"S"]
["METEO","LTER_EU_BE_05","INBO","WIJ1","AIR","EnvEurope",3,3,0,2015,2,3,{"$nulls":8},"PREC","DB","METH_1",0,"mm",null,"S"]
["METEO","LTER_EU_BE_05","INBO","WIJ1","AIR","EnvEurope",3,3,0,2015,2,4,{"$nulls":8},"PREC","DB","METH_1",5.7199999,"mm",null,"S"]
["METEO","LTER_EU_BE_05","INBO","WIJ1","AIR","EnvEurope",3,3,0,2015,2,5,{"$nulls":8},"PREC","DB","METH_1",0,"mm",null,"S"]
["METEO","LTER_EU_BE_05","INBO","WIJ1","AIR","EnvEurope",3,3,0,2015,2,6,{"$nulls":8},"PREC","DB","METH_1",0,"mm",null,"S"]
["METEO","LTER_EU_BE_05","INBO","WIJ1","AIR","EnvEurope",3,3,0,2015,2,7,{"$nulls":8},"PREC","DB","METH_1",0,"mm",null,"S"]
["METEO","LTER_EU_BE_05","INBO","WIJ1","AIR","EnvEurope",3,3,0,2015,2,8,{"$nulls":8},"PREC","DB","METH_1",0,"mm",null,"S"]
["METEO","LTER_EU_BE_05","INBO","WIJ1","AIR","EnvEurope",3,3,0,2015,2,9,{"$nulls":8},"PREC","DB","METH_1",0,"mm",null,"S"]
["METEO","LTER_EU_BE_05","INBO","WIJ1","AIR","EnvEurope",3,3,0,2015,2,10,{"$nulls":8},"PREC","DB","METH_1",0,"mm",null,"S"]
["METEO","LTER_EU_BE_05","INBO","WIJ1","AIR","EnvEurope",3,3,0,2015,2,11,{"$nulls":8},"PREC","DB","METH_1",0,"mm",null,"S"]
["METEO","LTER_EU_BE_05","INBO","WIJ1","AIR","EnvEurope",3,3,0,2015,2,12,{"$nulls":8},"PREC","DB","METH_1",0,"mm",null,"S"]
["METEO","LTER_EU_BE_05","INBO","WIJ1","AIR","EnvEurope",3,3,0,2015,2,13,{"$nulls":8},"PREC","DB","METH_1",0.10999999,"mm",null,"S"]
["METEO","LTER_EU_BE_05","INBO","WIJ1","AIR","EnvEurope",3,3,0,2015,2,14,{"$nulls":8},"PREC","DB","METH_1",0.18,"mm",null,"S"]
["METEO","LTER_EU_BE_05","INBO","WIJ1","AIR","EnvEurope",3,3,0,2015,2,15,{"$nulls":8},"PREC","DB","METH_1",0.02,"mm",null,"S"]
["METEO","LTER_EU_BE_05","INBO","WIJ1","AIR","EnvEurope",3,3,0,2015,2,16,{"$nulls":8},"PREC","DB","METH_1",0,"mm",null,"S"]
["METEO","LTER_EU_BE_05","INBO","WIJ1","AIR","EnvEurope",3,3,0,2015,2,17,{"$nulls":8},"PREC","DB","METH_1",0.01,"mm",null,"S"]
["METEO","LTER_EU_BE_05","INBO","WIJ1","AIR","EnvEurope",3,3,0,2015,2,18,{"$nulls":8},"PREC","DB","METH_1",0.04,"mm",null,"S"]
["METEO","LTER_EU_BE_05","INBO","WIJ1","AIR","EnvEurope",3,3,0,2015,2,19,{"$nulls":8},"PREC","DB","METH_1",0.17,"mm",null,"S"]
["METEO","LTER_EU_BE_05","INBO","WIJ1","AIR","EnvEurope",3,3,0,2015,2,20,{"$nulls":8},"PREC","DB","METH_1",8.609999259999999,"mm",null,"S"]
["METEO","LTER_EU_BE_05","INBO","WIJ1","AIR","EnvEurope",3,3,0,2015,2,21,{"$nulls":8},"PREC","DB","METH_1",2.55999989,"mm",null,"S"]
["METEO","LTER_EU_BE_05","INBO","WIJ1","AIR","EnvEurope",3,3,0,2015,2,22,{"$nulls":8},"PREC","DB","METH_1",2.88999979,"mm",null,"S"]
["METEO","LTER_EU_BE_05","INBO","WIJ1","AIR","EnvEurope",3,3,0,2015,2,23,{"$nulls":8},"PREC","DB","METH_1",1.3699997500000003,"mm",null,"S"]
["METEO","LTER_EU_BE_05","INBO","WIJ1","AIR","EnvEurope",3,3,0,2015,2,24,{"$nulls":8},"PREC","DB","METH_1",0.33999999000000003,"mm",null,"S"]
["METEO","LTER_EU_BE_05","INBO","WIJ1","AIR","EnvEurope",3,3,0,2015,2,25,{"$nulls":8},"PREC","DB","METH_1",0.52999998,"mm",null,"S"]
["METEO","LTER_EU_BE_05","INBO","WIJ1","AIR","EnvEurope",3,3,0,2015,2,26,{"$nulls":8},"PREC","DB","METH_1",4.949999369999999,"mm",null,"S"]
["METEO","LTER_EU_BE_05","INBO","WIJ1","AIR","EnvEurope",3,3,0,2015,2,27,{"$nulls":8},"PREC","DB","METH_1",0.04,"mm",null,"S"]
["METEO","LTER_EU_BE_05","INBO","WIJ1","AIR","EnvEurope",3,3,0,2015,2,28,{"$nulls":8},"PREC","DB","METH_1",0,"mm",null,"S"]
["METEO","LTER_EU_BE_05","INBO","WIJ1","AIR","EnvEurope",3,3,0,2015,3,1,{"$nulls":8},"PREC","DB","METH_1",2.9599995700000004,"mm",null,"S"]
["METEO","LTER_EU_BE_05","INBO","WIJ1","AIR","EnvEurope",3,3,0,2015,3,2,{"$nulls":8},"PREC","DB","METH_1",5.3299989,"mm",null,"S"]
["METEO","LTER_EU_BE_05","INBO","WIJ1","AIR","EnvEurope",3,3,0,2015,3,3,{"$nulls":8},"PREC","DB","METH_1",3.96999988,"mm",null,"S"]
["METEO","LTER_EU_BE_05","INBO","WIJ1","AIR","EnvEurope",3,3,0,2015,3,4,{"$nulls":8},"PREC","DB","METH_1",0,"mm",null,"S"]
["METEO","LTER_EU_BE_05","INBO","WIJ1","AIR","EnvEurope",3,3,0,2015,3,5,{"$nulls":8},"PREC","DB","METH_1",0,"mm",null,"S"]
["METEO","LTER_EU_BE_05","INBO","WIJ1","AIR","EnvEurope",3,3,0,2015,3,6,{"$nulls":8},"PREC","DB","METH_1",0,"mm",null,"S"]
["METEO","LTER_EU_BE_05","INBO","WIJ1","AIR","EnvEurope",3,3,0,2015,3,7,{"$nulls":8},"PREC","DB","METH_1",0,"mm",null,"S"]
["METEO","LTER_EU_BE_05","INBO","WIJ1","AIR","EnvEurope",3,3,0,2015,3,8,{"$nulls":8},"PREC","DB","METH_1",0,"mm",null,"S"]
["METEO","LTER_EU_BE_05","INBO","WIJ1","AIR","EnvEurope",3,3,0,2015,3,9,{"$nulls":8},"PREC","DB","METH_1",0,"mm",null,"S"]
["METEO","LTER_EU_BE_05","INBO","WIJ1","AIR","EnvEurope",3,3,0,2015,3,10,{"$nulls":8},"PREC","DB","METH_1",0.04,"mm",null,"S"]
["METEO","LTER_EU_BE_05","INBO","WIJ1","AIR","EnvEurope",3,3,0,2015,3,11,{"$nulls":8},"PREC","DB","METH_1",0,"mm",null,"S"]
["METEO","LTER_EU_BE_05","INBO","WIJ1","AIR","EnvEurope",3,3,0,2015,3,12,{"$nulls":8},"PREC","DB","METH_1",0,"mm",null,"S"]
["METEO","LTER_EU_BE_05","INBO","WIJ1","AIR","EnvEurope",3,3,0,2015,3,13,{"$nulls":8},"PREC","DB","METH_1",0,"mm",null,"S"]
["METEO","LTER_EU_BE_05","INBO","WIJ1","AIR","EnvEurope",3,3,0,2015,3,14,{"$nulls":8},"PREC","DB","METH_1",0,"mm",null,"S"]
["METEO","LTER_EU_BE_05","INBO","WIJ1","AIR","EnvEurope",3,3,0,2015,3,15,{"$nulls":8},"PREC","DB","METH_1",0.03,"mm",null,"S"]
["METEO","LTER_EU_BE_05","INBO","WIJ1","AIR","EnvEurope",3,3,0,2015,3,16,{"$nulls":8},"PREC","DB","METH_1",0,"mm",null,"S"]
["METEO","LTER_EU_BE_05","INBO","WIJ1","AIR","EnvEurope",3,3,0,2015,3,17,{"$nulls":8},"PREC","DB","METH_1",0,"mm",null,"S"]
["METEO","LTER_EU_BE_05","INBO","WIJ1","AIR","EnvEurope",3,3,0,2015,3,18,{"$nulls":8},"PREC","DB","METH_1",0,"mm",null,"S"]
["METEO","LTER_EU_BE_05","INBO","WIJ1","AIR","EnvEurope",3,3,0,2015,3,19,{"$nulls":8},"PREC","DB","METH_1",0,"mm",null,"S"]
["METEO","LTER_EU_BE_05","INBO","WIJ1","AIR","EnvEurope",3,3,0,2015,3,20,{"$nulls":8},"PREC","DB","METH_1",0,"mm",null,"S"]
["METEO","LTER_EU_BE_05","INBO","WIJ1","AIR","EnvEurope",3,3,0,2015,3,21,{"$nulls":8},"PREC","DB","METH_1",0,"mm",null,"S"]
["METEO","LTER_EU_BE_05","INBO","WIJ1","AIR","EnvEurope",3,3,0,2015,3,22,{"$nulls":8},"PREC","DB","METH_1",0,"mm",null,"S"]
["METEO","LTER_EU_BE_05","INBO","WIJ1","AIR","EnvEurope",3,3,0,2015,3,23,{"$nulls":8},"PREC","DB","METH_1",0,"mm",null,"S"]
["METEO","LTER_EU_BE_05","INBO","WIJ1","AIR","EnvEurope",3,3,0,2015,3,24,{"$nulls":8},"PREC","DB","METH_1",0.060000000000000005,"mm",null,"S"]
["METEO","LTER_EU_BE_05","INBO","WIJ1","AIR","EnvEurope",3,3,0,2015,3,25,{"$nulls":8},"PREC","DB","METH_1",3.8399996199999995,"mm",null,"S"]
["METEO","LTER_EU_BE_05","INBO","WIJ1","AIR","EnvEurope",3,3,0,2015,3,26,{"$nulls":8},"PREC","DB","METH_1",1.6000000899999998,"mm",null,"S"]
["METEO","LTER_EU_BE_05","INBO","WIJ1","AIR","EnvEurope",3,3,0,2015,3,27,{"$nulls":8},"PREC","DB","METH_1",0,"mm",null,"S"]
["METEO","LTER_EU_BE_05","INBO","WIJ1","AIR","EnvEurope",3,3,0,2015,3,28,{"$nulls":8},"PREC","DB","METH_1",0.47999999000000004,"mm",null,"S"]
["METEO","LTER_EU_BE_05","INBO","WIJ1","AIR","EnvEurope",3,3,0,2015,3,29,{"$nulls":8},"PREC","DB","METH_1",7.959998279999998,"mm",null,"S"]
["METEO","LTER_EU_BE_05","INBO","WIJ1","AIR","EnvEurope",3,3,0,2015,3,30,{"$nulls":8},"PREC","DB","METH_1",1.1599999900000002,"mm",null,"S"]
["METEO","LTER_EU_BE_05","INBO","WIJ1","AIR","EnvEurope",3,3,0,2015,3,31,{"$nulls":8},"PREC","DB","METH_1",0.06,"mm",null,"S"]
["METEO","LTER_EU_BE_05","INBO","WIJ1","AIR","EnvEurope",3,3,0,2015,4,1,{"$nulls":8},"PREC","DB","METH_1",0.01,"mm",null,"S"]
["METEO","LTER_EU_BE_05","INBO","WIJ1","AIR","EnvEurope",3,3,0,2015,4,2,{"$nulls":8},"PREC","DB","METH_1",4.559999670000001,"mm",null,"S"]
["METEO","LTER_EU_BE_05","INBO","WIJ1","AIR","EnvEurope",3,3,0,2015,4,3,{"$nulls":8},"PREC","DB","METH_1",0.14,"mm",null,"S"]
["METEO","LTER_EU_BE_05","INBO","WIJ1","AIR","EnvEurope",3,3,0,2015,4,4,{"$nulls":8},"PREC","DB","METH_1",0.02,"mm",null,"S"]
["METEO","LTER_EU_BE_05","INBO","WIJ1","AIR","EnvEurope",3,3,0,2015,4,5,{"$nulls":8},"PREC","DB","METH_1",0.02,"mm",null,"S"]
["METEO","LTER_EU_BE_05","INBO","WIJ1","AIR","EnvEurope",3,3,0,2015,4,6,{"$nulls":8},"PREC","DB","METH_1",0,"mm",null,"S"]
["METEO","LTER_EU_BE_05","INBO","WIJ1","AIR","EnvEurope",3,3,0,2015,4,7,{"$nulls":8},"PREC","DB","METH_1",0,"mm",null,"S"]
["METEO","LTER_EU_BE_05","INBO","WIJ1","AIR","EnvEurope",3,3,0,2015,4,8,{"$nulls":8},"PREC","DB","METH_1",0,"mm",null,"S"]
["METEO","LTER_EU_BE_05","INBO","WIJ1","AIR","EnvEurope",3,3,0,2015,4,9,{"$nulls":8},"PREC","DB","METH_1",0,"mm",null,"S"]
["METEO","LTER_EU_BE_05","INBO","WIJ1","AIR","EnvEurope",3,3,0,2015,4,10,{"$nulls":8},"PREC","DB","METH_1",0,"mm",null,"S"]
["METEO","LTER_EU_BE_05","INBO","WIJ1","AIR","EnvEurope",3,3,0,2015,4,11,{"$nulls":8},"PREC","DB","METH_1",0.8399999600000001,"mm",null,"S"]
["METEO","LTER_EU_BE_05","INBO","WIJ1","AIR","EnvEurope",3,3,0,2015,4,12,{"$nulls":8},"PREC","DB","METH_1",0,"mm",null,"S"]
["METEO","LTER_EU_BE_05","INBO","WIJ1","AIR","EnvEurope",3,3,0,2015,4,13,{"$nulls":8},"PREC","DB","METH_1",0,"mm",null,"S"]
["METEO","LTER_EU_BE_05","INBO","WIJ1","AIR","EnvEurope",3,3,0,2015,4,14,{"$nulls":8},"PREC","DB","METH_1",0,"mm",null,"S"]
["METEO","LTER_EU_BE_05","INBO","WIJ1","AIR","EnvEurope",3,3,0,2015,4,15,{"$nulls":8},"PREC","DB","METH_1",0,"mm",null,"S"]
["METEO","LTER_EU_BE_05","INBO","WIJ1","AIR","EnvEurope",3,3,0,2015,4,16,{"$nulls":8},"PREC","DB","METH_1",0.11999999,"mm",null,"S"]
["METEO","LTER_EU_BE_05","INBO","WIJ1","AIR","EnvEurope",3,3,0,2015,4,17,{"$nulls":8},"PREC","DB","METH_1",0,"mm",null,"S"]
["METEO","LTER_EU_BE_05","INBO","WIJ1","AIR","EnvEurope",3,3,0,2015,4,18,{"$nulls":8},"PREC","DB","METH_1",0,"mm",null,"S"]
["METEO","LTER_EU_BE_05","INBO","WIJ1","AIR","EnvEurope",3,3,0,2015,4,19,{"$nulls":8},"PREC","DB","METH_1",0,"mm",null,"S"]
["METEO","LTER_EU_BE_05","INBO","WIJ1","AIR","EnvEurope",3,3,0,2015,4,20,{"$nulls":8},"PREC","DB","METH_1",0,"mm",null,"S"]
["METEO","LTER_EU_BE_05","INBO","WIJ1","AIR","EnvEurope",3,3,0,2015,4,21,{"$nulls":8},"PREC","DB","METH_1",0,"mm",null,"S"]
["METEO","LTER_EU_BE_05","INBO","WIJ1","AIR","EnvEurope",3,3,0,2015,4,22,{"$nulls":8},"PREC","DB","METH_1",0,"mm",null,"S"]
["METEO","LTER_EU_BE_05","INBO","WIJ1","AIR","EnvEurope",3,3,0,2015,4,23,{"$nulls":8},"PREC","DB","METH_1",0,"mm",null,"S"]
["METEO","LTER_EU_BE_05","INBO","WIJ1","AIR","EnvEurope",3,3,0,2015,4,24,{"$nulls":8},"PREC","DB","METH_1",0,"mm",null,"S"]
["METEO","LTER_EU_BE_05","INBO","WIJ1","AIR","EnvEurope",3,3,0,2015,4,25,{"$nulls":8},"PREC","DB","METH_1",0.47999999,"mm",null,"S"]
["METEO","LTER_EU_BE_05","INBO","WIJ1","AIR","EnvEurope",3,3,0,2015,4,26,{"$nulls":8},"PREC","DB","METH_1",0.27,"mm",null,"S"]
["METEO","LTER_EU_BE_05","INBO","WIJ1","AIR","EnvEurope",3,3,0,2015,4,27,{"$nulls":8},"PREC","DB","METH_1",0,"mm",null,"S"]
["METEO","LTER_EU_BE_05","INBO","WIJ1","AIR","EnvEurope",3,3,0,2015,4,28,{"$nulls":8},"PREC","DB","METH_1",0,"mm",null,"S"]
["METEO","LTER_EU_BE_05","INBO","WIJ1","AIR","EnvEurope",3,3,0,2015,4,29,{"$nulls":8},"PREC","DB","METH_1",0.26,"mm",null,"S"]
["METEO","LTER_EU_BE_05","INBO","WIJ1","AIR","EnvEurope",3,3,0,2015,4,30,{"$nulls":8},"PREC","DB","METH_1",0,"mm",null,"S"]
["METEO","LTER_EU_BE_05","INBO","WIJ1","AIR","EnvEurope",3,3,0,2015,5,1,{"$nulls":8},"PREC","DB","METH_1",0,"mm",null,"S"]
["METEO","LTER_EU_BE_05","INBO","WIJ1","AIR","EnvEurope",3,3,0,2015,5,2,{"$nulls":8},"PREC","DB","METH_1",0,"mm",null,"S"]
["METEO","LTER_EU_BE_05","INBO","WIJ1","AIR","EnvEurope",3,3,0,2015,5,3,{"$nulls":8},"PREC","DB","METH_1",1.95999999,"mm",null,"S"]
["METEO","LTER_EU_BE_05","INBO","WIJ1","AIR","EnvEurope",3,3,0,2015,5,4,{"$nulls":8},"PREC","DB","METH_1",7.149998269999999,"mm",null,"S"]
["METEO","LTER_EU_BE_05","INBO","WIJ1","AIR","EnvEurope",3,3,0,2015,5,5,{"$nulls":8},"PREC","DB","METH_1",12.48000289,"mm",null,"S"]
["METEO","LTER_EU_BE_05","INBO","WIJ1","AIR","EnvEurope",3,3,0,2015,5,6,{"$nulls":8},"PREC","DB","METH_1",1.6899999,"mm",null,"S"]
["METEO","LTER_EU_BE_05","INBO","WIJ1","AIR","EnvEurope",3,3,0,2015,5,7,{"$nulls":8},"PREC","DB","METH_1",0.1,"mm",null,"S"]
["METEO","LTER_EU_BE_05","INBO","WIJ1","AIR","EnvEurope",3,3,0,2015,5,8,{"$nulls":8},"PREC","DB","METH_1",0.89999978,"mm",null,"S"]
["METEO","LTER_EU_BE_05","INBO","WIJ1","AIR","EnvEurope",3,3,0,2015,5,9,{"$nulls":8},"PREC","DB","METH_1",0.03,"mm",null,"S"]
["METEO","LTER_EU_BE_05","INBO","WIJ1","AIR","EnvEurope",3,3,0,2015,5,10,{"$nulls":8},"PREC","DB","METH_1",0,"mm",null,"S"]
["METEO","LTER_EU_BE_05","INBO","WIJ1","AIR","EnvEurope",3,3,0,2015,5,11,{"$nulls":8},"PREC","DB","METH_1",0,"mm",null,"S"]
["METEO","LTER_EU_BE_05","INBO","WIJ1","AIR","EnvEurope",3,3,0,2015,5,12,{"$nulls":8},"PREC","DB","METH_1",0,"mm",null,"S"]
["METEO","LTER_EU_BE_05","INBO","WIJ1","AIR","EnvEurope",3,3,0,2015,5,13,{"$nulls":8},"PREC","DB","METH_1",0,"mm",null,"S"]
["METEO","LTER_EU_BE_05","INBO","WIJ1","AIR","EnvEurope",3,3,0,2015,5,14,{"$nulls":8},"PREC","DB","METH_1",9.919998159999999,"mm",null,"S"]
["METEO","LTER_EU_BE_05","INBO","WIJ1","AIR","EnvEurope",3,3,0,2015,5,15,{"$nulls":8},"PREC","DB","METH_1",1.4499999800000003,"mm",null,"S"]
["METEO","LTER_EU_BE_05","INBO","WIJ1","AIR","EnvEurope",3,3,0,2015,5,16,{"$nulls":8},"PREC","DB","METH_1",0.03,"mm",null,"S"]
["METEO","LTER_EU_BE_05","INBO","WIJ1","AIR","EnvEurope",3,3,0,2015,5,17,{"$nulls":8},"PREC","DB","METH_1",0,"mm",null,"S"]
["METEO","LTER_EU_BE_05","INBO","WIJ1","AIR","EnvEurope",3,3,0,2015,5,18,{"$nulls":8},"PREC","DB","METH_1",0.23,"mm",null,"S"]
["METEO","LTER_EU_BE_05","INBO","WIJ1","AIR","EnvEurope",3,3,0,2015,5,19,{"$nulls":8},"PREC","DB","METH_1",5.249999869999999,"mm",null,"S"]
["METEO","LTER_EU_BE_05","INBO","WIJ1","AIR","EnvEurope",3,3,0,2015,5,20,{"$nulls":8},"PREC","DB","METH_1",0.13,"mm",null,"S"]
["METEO","LTER_EU_BE_05","INBO","WIJ1","AIR","EnvEurope",3,3,0,2015,5,21,{"$nulls":8},"PREC","DB","METH_1",0,"mm",null,"S"]
["METEO","LTER_EU_BE_05","INBO","WIJ1","AIR","EnvEurope",3,3,0,2015,5,22,{"$nulls":8},"PREC","DB","METH_1",0,"mm",null,"S"]
["METEO","LTER_EU_BE_05","INBO","WIJ1","AIR","EnvEurope",3,3,0,2015,5,23,{"$nulls":8},"PREC","DB","METH_1",0.19999999999999998,"mm",null,"S"]
["METEO","LTER_EU_BE_05","INBO","WIJ1","AIR","EnvEurope",3,3,0,2015,5,24,{"$nulls":8},"PREC","DB","METH_1",0.53,"mm",null,"S"]
["METEO","LTER_EU_BE_05","INBO","WIJ1","AIR","EnvEurope",3,3,0,2015,5,25,{"$nulls":8},"PREC","DB","METH_1",0,"mm",null,"S"]
["METEO","LTER_EU_BE_05","INBO","WIJ1","AIR","EnvEurope",3,3,0,2015,5,26,{"$nulls":8},"PREC","DB","METH_1",0,"mm",null,"S"]
["METEO","LTER_EU_BE_05","INBO","WIJ1","AIR","EnvEurope",3,3,0,2015,5,27,{"$nulls":8},"PREC","DB","METH_1",0,"mm",null,"S"]
["METEO","LTER_EU_BE_05","INBO","WIJ1","AIR","EnvEurope",3,3,0,2015,5,28,{"$nulls":8},"PREC","DB","METH_1",0,"mm",null,"S"]
["METEO","LTER_EU_BE_05","INBO","WIJ1","AIR","EnvEurope",3,3,0,2015,5,29,{"$nulls":8},"PREC","DB","METH_1",6.419998590000001,"mm",null,"S"]
["METEO","LTER_EU_BE_05","INBO","WIJ1","AIR","EnvEurope",3,3,0,2015,5,30,{"$nulls":8},"PREC","DB","METH_1",0,"mm",null,"S"]
["METEO","LTER_EU_BE_05","INBO","WIJ1","AIR","EnvEurope",3,3,0,2015,5,31,{"$nulls":8},"PREC","DB","METH_1",1.58999986,"mm",null,"S"]
["METEO","LTER_EU_BE_05","INBO","WIJ1","AIR","EnvEurope",3,3,0,2015,6,1,{"$nulls":8},"PREC","DB","METH_1",0,"mm",null,"S"]
["METEO","LTER_EU_BE_05","INBO","WIJ1","AIR","EnvEurope",3,3,0,2015,6,2,{"$nulls":8},"PREC","DB","METH_1",0.5099999800000001,"mm",null,"S"]
["METEO","LTER_EU_BE_05","INBO","WIJ1","AIR","EnvEurope",3,3,0,2015,6,3,{"$nulls":8},"PREC","DB","METH_1",0,"mm",null,"S"]
["METEO","LTER_EU_BE_05","INBO","WIJ1","AIR","EnvEurope",3,3,0,2015,6,4,{"$nulls":8},"PREC","DB","METH_1",0,"mm",null,"S"]
["METEO","LTER_EU_BE_05","INBO","WIJ1","AIR","EnvEurope",3,3,0,2015,6,5,{"$nulls":8},"PREC","DB","METH_1",3.649999899999999,"mm",null,"S"]
["METEO","LTER_EU_BE_05","INBO","WIJ1","AIR","EnvEurope",3,3,0,2015,6,6,{"$nulls":8},"PREC","DB","METH_1",0.64999999,"mm",null,"S"]
["METEO","LTER_EU_BE_05","INBO","WIJ1","AIR","EnvEurope",3,3,0,2015,6,7,{"$nulls":8},"PREC","DB","METH_1",0,"mm",null,"S"]
["METEO","LTER_EU_BE_05","INBO","WIJ1","AIR","EnvEurope",3,3,0,2015,6,8,{"$nulls":8},"PREC","DB","METH_1",0,"mm",null,"S"]
["METEO","LTER_EU_BE_05","INBO","WIJ1","AIR","EnvEurope",3,3,0,2015,6,9,{"$nulls":8},"PREC","DB","METH_1",0,"mm",null,"S"]
["METEO","LTER_EU_BE_05","INBO","WIJ1","AIR","EnvEurope",3,3,0,2015,6,10,{"$nulls":8},"PREC","DB","METH_1",0,"mm",null,"S"]
["METEO","LTER_EU_BE_05","INBO","WIJ1","AIR","EnvEurope",3,3,0,2015,6,11,{"$nulls":8},"PREC","DB","METH_1",0,"mm",null,"S"]
["METEO","LTER_EU_BE_05","INBO","WIJ1","AIR","EnvEurope",3,3,0,2015,6,12,{"$nulls":8},"PREC","DB","METH_1",0.9799999,"mm",null,"S"]
["METEO","LTER_EU_BE_05","INBO","WIJ1","AIR","EnvEurope",3,3,0,2015,6,13,{"$nulls":8},"PREC","DB","METH_1",0,"mm",null,"S"]
["METEO","LTER_EU_BE_05","INBO","WIJ1","AIR","EnvEurope",3,3,0,2015,6,14,{"$nulls":8},"PREC","DB","METH_1",0,"mm",null,"S"]
["METEO","LTER_EU_BE_05","INBO","WIJ1","AIR","EnvEurope",3,3,0,2015,6,15,{"$nulls":8},"PREC","DB","METH_1",0,"mm",null,"S"]
["METEO","LTER_EU_BE_05","INBO","WIJ1","AIR","EnvEurope",3,3,0,2015,6,16,{"$nulls":8},"PREC","DB","METH_1",0,"mm",null,"S"]
["METEO","LTER_EU_BE_05","INBO","WIJ1","AIR","EnvEurope",3,3,0,2015,6,17,{"$nulls":8},"PREC","DB","METH_1",0.34999999000000004,"mm",null,"S"]
["METEO","LTER_EU_BE_05","INBO","WIJ1","AIR","EnvEurope",3,3,0,2015,6,18,{"$nulls":8},"PREC","DB","METH_1",4.53999898,"mm",null,"S"]
["METEO","LTER_EU_BE_05","INBO","WIJ1","AIR","EnvEurope",3,3,0,2015,6,19,{"$nulls":8},"PREC","DB","METH_1",0,"mm",null,"S"]
["METEO","LTER_EU_BE_05","INBO","WIJ1","AIR","EnvEurope",3,3,0,2015,6,20,{"$nulls":8},"PREC","DB","METH_1",4.52999899,"mm",null,"S"]
["METEO","LTER_EU_BE_05","INBO","WIJ1","AIR","EnvEurope",3,3,0,2015,6,21,{"$nulls":8},"PREC","DB","METH_1",0.01,"mm",null,"S"]
["METEO","LTER_EU_BE_05","INBO","WIJ1","AIR","EnvEurope",3,3,0,2015,6,22,{"$nulls":8},"PREC","DB","METH_1",11.51999824,"mm",null,"S"]
["METEO","LTER_EU_BE_05","INBO","WIJ1","AIR","EnvEurope",3,3,0,2015,6,23,{"$nulls":8},"PREC","DB","METH_1",0.57999997,"mm",null,"S"]
["METEO","LTER_EU_BE_05","INBO","WIJ1","AIR","EnvEurope",3,3,0,2015,6,24,{"$nulls":8},"PREC","DB","METH_1",0,"mm",null,"S"]
["METEO","LTER_EU_BE_05","INBO","WIJ1","AIR","EnvEurope",3,3,0,2015,6,25,{"$nulls":8},"PREC","DB","METH_1",0,"mm",null,"S"]
["METEO","LTER_EU_BE_05","INBO","WIJ1","AIR","EnvEurope",3,3,0,2015,6,26,{"$nulls":8},"PREC","DB","METH_1",0,"mm",null,"S"]
["METEO","LTER_EU_BE_05","INBO","WIJ1","AIR","EnvEurope",3,3,0,2015,6,27,{"$nulls":8},"PREC","DB","METH_1",0.05,"mm",null,"S"]
["METEO","LTER_EU_BE_05","INBO","WIJ1","AIR","EnvEurope",3,3,0,2015,6,28,{"$nulls":8},"PREC","DB","METH_1",0.18999999,"mm",null,"S"]
["METEO","LTER_EU_BE_05","INBO","WIJ1","AIR","EnvEurope",3,3,0,2015,6,29,{"$nulls":8},"PREC","DB","METH_1",0,"mm",null,"S"]
["METEO","LTER_EU_BE_05","INBO","WIJ1","AIR","EnvEurope",3,3,0,2015,6,30,{"$nulls":8},"PREC","DB","METH_1",0,"mm",null,"S"]
["METEO","LTER_EU_BE_05","INBO","WIJ1","AIR","EnvEurope",3,3,0,2015,7,1,{"$nulls":8},"PREC","DB","METH_1",0,"mm",null,"S"]
["METEO","LTER_EU_BE_05","INBO","WIJ1","AIR","EnvEurope",3,3,0,2015,7,2,{"$nulls":8},"PREC","DB","METH_1",5.78999999,"mm",null,"S"]
["METEO","LTER_EU_BE_05","INBO","WIJ1","AIR","EnvEurope",3,3,0,2015,7,3,{"$nulls":8},"PREC","DB","METH_1",0,"mm",null,"S"]
["METEO","LTER_EU_BE_05","INBO","WIJ1","AIR","EnvEurope",3,3,0,2015,7,4,{"$nulls":8},"PREC","DB","METH_1",0.17,"mm",null,"S"]
["METEO","LTER_EU_BE_05","INBO","WIJ1","AIR","EnvEurope",3,3,0,2015,7,5,{"$nulls":8},"PREC","DB","METH_1",7.3099986999999995,"mm",null,"S"]
["METEO","LTER_EU_BE_05","INBO","WIJ1","AIR","EnvEurope",3,3,0,2015,7,6,{"$nulls":8},"PREC","DB","METH_1",0,"mm",null,"S"]
["METEO","LTER_EU_BE_05","INBO","WIJ1","AIR","EnvEurope",3,3,0,2015,7,7,{"$nulls":8},"PREC","DB","METH_1",0,"mm",null,"S"]
["METEO","LTER_EU_BE_05","INBO","WIJ1","AIR","EnvEurope",3,3,0,2015,7,8,{"$nulls":8},"PREC","DB","METH_1",0.9,"mm",null,"S"]
["METEO","LTER_EU_BE_05","INBO","WIJ1","AIR","EnvEurope",3,3,0,2015,7,9,{"$nulls":8},"PREC","DB","METH_1",0,"mm",null,"S"]
["METEO","LTER_EU_BE_05","INBO","WIJ1","AIR","EnvEurope",3,3,0,2015,7,10,{"$nulls":8},"PREC","DB","METH_1",0,"mm",null,"S"]
["METEO","LTER_EU_BE_05","INBO","WIJ1","AIR","EnvEurope",3,3,0,2015,7,11,{"$nulls":8},"PREC","DB","METH_1",0,"mm",null,"S"]
["METEO","LTER_EU_BE_05","INBO","WIJ1","AIR","EnvEurope",3,3,0,2015,7,12,{"$nulls":8},"PREC","DB","METH_1",0.5,"mm",null,"S"]
["METEO","LTER_EU_BE_05","INBO","WIJ1","AIR","EnvEurope",3,3,0,2015,7,13,{"$nulls":8},"PREC","DB","METH_1",1.1299999800000002,"mm",null,"S"]
["METEO","LTER_EU_BE_05","INBO","WIJ1","AIR","EnvEurope",3,3,0,2015,7,14,{"$nulls":8},"PREC","DB","METH_1",0.01,"mm",null,"S"]
["METEO","LTER_EU_BE_05","INBO","WIJ1","AIR","EnvEurope",3,3,0,2015,7,15,{"$nulls":8},"PREC","DB","METH_1",0.02,"mm",null,"S"]
["METEO","LTER_EU_BE_05","INBO","WIJ1","AIR","EnvEurope",3,3,0,2015,7,16,{"$nulls":8},"PREC","DB","METH_1",0.33,"mm",null,"S"]
["METEO","LTER_EU_BE_05","INBO","WIJ1","AIR","EnvEurope",3,3,0,2015,7,17,{"$nulls":8},"PREC","DB","METH_1",0.04,"mm",null,"S"]
["METEO","LTER_EU_BE_05","INBO","WIJ1","AIR","EnvEurope",3,3,0,2015,7,18,{"$nulls":8},"PREC","DB","METH_1",0,"mm",null,"S"]
["METEO","LTER_EU_BE_05","INBO","WIJ1","AIR","EnvEurope",3,3,0,2015,7,19,{"$nulls":8},"PREC","DB","METH_1",3.39999947,"mm",null,"S"]
["METEO","LTER_EU_BE_05","INBO","WIJ1","AIR","EnvEurope",3,3,0,2015,7,20,{"$nulls":8},"PREC","DB","METH_1",0.07,"mm",null,"S"]
["METEO","LTER_EU_BE_05","INBO","WIJ1","AIR","EnvEurope",3,3,0,2015,7,21,{"$nulls":8},"PREC","DB","METH_1",0.21000000000000002,"mm",null,"S"]
["METEO","LTER_EU_BE_05","INBO","WIJ1","AIR","EnvEurope",3,3,0,2015,7,22,{"$nulls":8},"PREC","DB","METH_1",0,"mm",null,"S"]
["METEO","LTER_EU_BE_05","INBO","WIJ1","AIR","EnvEurope",3,3,0,2015,7,23,{"$nulls":8},"PREC","DB","METH_1",0,"mm",null,"S"]
["METEO","LTER_EU_BE_05","INBO","WIJ1","AIR","EnvEurope",3,3,0,2015,7,24,{"$nulls":8},"PREC","DB","METH_1",0.7899998800000001,"mm",null,"S"]
["METEO","LTER_EU_BE_05","INBO","WIJ1","AIR","EnvEurope",3,3,0,2015,7,25,{"$nulls":8},"PREC","DB","METH_1",7.829999879999999,"mm",null,"S"]
["METEO","LTER_EU_BE_05","INBO","WIJ1","AIR","EnvEurope",3,3,0,2015,7,26,{"$nulls":8},"PREC","DB","METH_1",3.6099996800000005,"mm",null,"S"]
["METEO","LTER_EU_BE_05","INBO","WIJ1","AIR","EnvEurope",3,3,0,2015,7,27,{"$nulls":8},"PREC","DB","METH_1",0.6200000000000001,"mm",null,"S"]
["METEO","LTER_EU_BE_05","INBO","WIJ1","AIR","EnvEurope",3,3,0,2015,7,28,{"$nulls":8},"PREC","DB","METH_1",0.19999998000000002,"mm",null,"S"]
["METEO","LTER_EU_BE_05","INBO","WIJ1","AIR","EnvEurope",3,3,0,2015,7,29,{"$nulls":8},"PREC","DB","METH_1",0,"mm",null,"S"]
["METEO","LTER_EU_BE_05","INBO","WIJ1","AIR","EnvEurope",3,3,0,2015,7,30,{"$nulls":8},"PREC","DB","METH_1",3.1199999899999997,"mm",null,"S"]
["METEO","LTER_EU_BE_05","INBO","WIJ1","AIR","EnvEurope",3,3,0,2015,7,31,{"$nulls":8},"PREC","DB","METH_1",0,"mm",null,"S"]
["METEO","LTER_EU_BE_05","INBO","WIJ1","AIR","EnvEurope",3,3,0,2015,8,1,{"$nulls":8},"PREC","DB","METH_1",0,"mm",null,"S"]
["METEO","LTER_EU_BE_05","INBO","WIJ1","AIR","EnvEurope",3,3,0,2015,8,2,{"$nulls":8},"PREC","DB","METH_1",0,"mm",null,"S"]
["METEO","LTER_EU_BE_05","INBO","WIJ1","AIR","EnvEurope",3,3,0,2015,8,3,{"$nulls":8},"PREC","DB","METH_1",0.04,"mm",null,"S"]
["METEO","LTER_EU_BE_05","INBO","WIJ1","AIR","EnvEurope",3,3,0,2015,8,4,{"$nulls":8},"PREC","DB","METH_1",7.189997699999999,"mm",null,"S"]
["METEO","LTER_EU_BE_05","INBO","WIJ1","AIR","EnvEurope",3,3,0,2015,8,5,{"$nulls":8},"PREC","DB","METH_1",0,"mm",null,"S"]
["METEO","LTER_EU_BE_05","INBO","WIJ1","AIR","EnvEurope",3,3,0,2015,8,6,{"$nulls":8},"PREC","DB","METH_1",0,"mm",null,"S"]
["METEO","LTER_EU_BE_05","INBO","WIJ1","AIR","EnvEurope",3,3,0,2015,8,7,{"$nulls":8},"PREC","DB","METH_1",0,"mm",null,"S"]
["METEO","LTER_EU_BE_05","INBO","WIJ1","AIR","EnvEurope",3,3,0,2015,8,8,{"$nulls":8},"PREC","DB","METH_1",0,"mm",null,"S"]
["METEO","LTER_EU_BE_05","INBO","WIJ1","AIR","EnvEurope",3,3,0,2015,8,9,{"$nulls":8},"PREC","DB","METH_1",0.01,"mm",null,"S"]
["METEO","LTER_EU_BE_05","INBO","WIJ1","AIR","EnvEurope",3,3,0,2015,8,10,{"$nulls":8},"PREC","DB","METH_1",0,"mm",null,"S"]
["METEO","LTER_EU_BE_05","INBO","WIJ1","AIR","EnvEurope",3,3,0,2015,8,11,{"$nulls":8},"PREC","DB","METH_1",0.25,"mm",null,"S"]
["METEO","LTER_EU_BE_05","INBO","WIJ1","AIR","EnvEurope",3,3,0,2015,8,12,{"$nulls":8},"PREC","DB","METH_1",0.01,"mm",null,"S"]
["METEO","LTER_EU_BE_05","INBO","WIJ1","AIR","EnvEurope",3,3,0,2015,8,13,{"$nulls":8},"PREC","DB","METH_1",19.539998790000002,"mm",null,"S"]
["METEO","LTER_EU_BE_05","INBO","WIJ1","AIR","EnvEurope",3,3,0,2015,8,14,{"$nulls":8},"PREC","DB","METH_1",4.53999999,"mm",null,"S"]
["METEO","LTER_EU_BE_05","INBO","WIJ1","AIR","EnvEurope",3,3,0,2015,8,15,{"$nulls":8},"PREC","DB","METH_1",0.01,"mm",null,"S"]
["METEO","LTER_EU_BE_05","INBO","WIJ1","AIR","EnvEurope",3,3,0,2015,8,16,{"$nulls":8},"PREC","DB","METH_1",0,"mm",null,"S"]
["METEO","LTER_EU_BE_05","INBO","WIJ1","AIR","EnvEurope",3,3,0,2015,8,17,{"$nulls":8},"PREC","DB","METH_1",1.4899999800000001,"mm",null,"S"]
["METEO","LTER_EU_BE_05","INBO","WIJ1","AIR","EnvEurope",3,3,0,2015,8,18,{"$nulls":8},"PREC","DB","METH_1",6.149999589999998,"mm",null,"S"]
["METEO","LTER_EU_BE_05","INBO","WIJ1","AIR","EnvEurope",3,3,0,2015,8,19,{"$nulls":8},"PREC","DB","METH_1",0,"mm",null,"S"]
["METEO","LTER_EU_BE_05","INBO","WIJ1","AIR","EnvEurope",3,3,0,2015,8,20,{"$nulls":8},"PREC","DB","METH_1",0.51999999,"mm",null,"S"]
["METEO","LTER_EU_BE_05","INBO","WIJ1","AIR","EnvEurope",3,3,0,2015,8,21,{"$nulls":8},"PREC","DB","METH_1",0,"mm",null,"S"]
["METEO","LTER_EU_BE_05","INBO","WIJ1","AIR","EnvEurope",3,3,0,2015,8,22,{"$nulls":8},"PREC","DB","METH_1",0,"mm",null,"S"]
["METEO","LTER_EU_BE_05","INBO","WIJ1","AIR","EnvEurope",3,3,0,2015,8,23,{"$nulls":8},"PREC","DB","METH_1",0.31000000000000005,"mm",null,"S"]
["METEO","LTER_EU_BE_05","INBO","WIJ1","AIR","EnvEurope",3,3,0,2015,8,24,{"$nulls":8},"PREC","DB","METH_1",7.839999279999999,"mm",null,"S"]
["METEO","LTER_EU_BE_05","INBO","WIJ1","AIR","EnvEurope",3,3,0,2015,8,25,{"$nulls":8},"PREC","DB","METH_1",8.339999689999999,"mm",null,"S"]
["METEO","LTER_EU_BE_05","INBO","WIJ1","AIR","EnvEurope",3,3,0,2015,8,26,{"$nulls":8},"PREC","DB","METH_1",1.8099996699999998,"mm",null,"S"]
["METEO","LTER_EU_BE_05","INBO","WIJ1","AIR","EnvEurope",3,3,0,2015,8,27,{"$nulls":8},"PREC","DB","METH_1",4.709999679999999,"mm",null,"S"]
["METEO","LTER_EU_BE_05","INBO","WIJ1","AIR","EnvEurope",3,3,0,2015,8,28,{"$nulls":8},"PREC","DB","METH_1",0,"mm",null,"S"]
["METEO","LTER_EU_BE_05","INBO","WIJ1","AIR","EnvEurope",3,3,0,2015,8,29,{"$nulls":8},"PREC","DB","METH_1",0.28,"mm",null,"S"]
["METEO","LTER_EU_BE_05","INBO","WIJ1","AIR","EnvEurope",3,3,0,2015,8,30,{"$nulls":8},"PREC","DB","METH_1",46.5400017,"mm",null,"S"]
["METEO","LTER_EU_BE_05","INBO","WIJ1","AIR","EnvEurope",3,3,0,2015,8,31,{"$nulls":8},"PREC","DB","METH_1",11.83999667,"mm",null,"S"]
["METEO","LTER_EU_BE_05","INBO","WIJ1","AIR","EnvEurope",3,3,0,2015,9,1,{"$nulls":8},"PREC","DB","METH_1",0.49999999,"mm",null,"S"]
["METEO","LTER_EU_BE_05","INBO","WIJ1","AIR","EnvEurope",3,3,0,2015,9,2,{"$nulls":8},"PREC","DB","METH_1",5.139997899999999,"mm",null,"S"]
["METEO","LTER_EU_BE_05","INBO","WIJ1","AIR","EnvEurope",3,3,0,2015,9,3,{"$nulls":8},"PREC","DB","METH_1",0.7899998800000001,"mm",null,"S"]
["METEO","LTER_EU_BE_05","INBO","WIJ1","AIR","EnvEurope",3,3,0,2015,9,4,{"$nulls":8},"PREC","DB","METH_1",2.179999789999999,"mm",null,"S"]
["METEO","LTER_EU_BE_05","INBO","WIJ1","AIR","EnvEurope",3,3,0,2015,9,5,{"$nulls":8},"PREC","DB","METH_1",3.989999799999999,"mm",null,"S"]
["METEO","LTER_EU_BE_05","INBO","WIJ1","AIR","EnvEurope",3,3,0,2015,9,6,{"$nulls":8},"PREC","DB","METH_1",0.86999997,"mm",null,"S"]
["METEO","LTER_EU_BE_05","INBO","WIJ1","AIR","EnvEurope",3,3,0,2015,9,7,{"$nulls":8},"PREC","DB","METH_1",0.03,"mm",null,"S"]
["METEO","LTER_EU_BE_05","INBO","WIJ1","AIR","EnvEurope",3,3,0,2015,9,8,{"$nulls":8},"PREC","DB","METH_1",0.03,"mm",null,"S"]
["METEO","LTER_EU_BE_05","INBO","WIJ1","AIR","EnvEurope",3,3,0,2015,9,9,{"$nulls":8},"PREC","DB","METH_1",0,"mm",null,"S"]
["METEO","LTER_EU_BE_05","INBO","WIJ1","AIR","EnvEurope",3,3,0,2015,9,10,{"$nulls":8},"PREC","DB","METH_1",0,"mm",null,"S"]
["METEO","LTER_EU_BE_05","INBO","WIJ1","AIR","EnvEurope",3,3,0,2015,9,11,{"$nulls":8},"PREC","DB","METH_1",0,"mm",null,"S"]
["METEO","LTER_EU_BE_05","INBO","WIJ1","AIR","EnvEurope",3,3,0,2015,9,12,{"$nulls":8},"PREC","DB","METH_1",0.05,"mm",null,"S"]
["METEO","LTER_EU_BE_05","INBO","WIJ1","AIR","EnvEurope",3,3,0,2015,9,13,{"$nulls":8},"PREC","DB","METH_1",13.979997,"mm",null,"S"]
["METEO","LTER_EU_BE_05","INBO","WIJ1","AIR","EnvEurope",3,3,0,2015,9,14,{"$nulls":8},"PREC","DB","METH_1",3.53999998,"mm",null,"S"]
["METEO","LTER_EU_BE_05","INBO","WIJ1","AIR","EnvEurope",3,3,0,2015,9,15,{"$nulls":8},"PREC","DB","METH_1",2.8199997,"mm",null,"S"]
["METEO","LTER_EU_BE_05","INBO","WIJ1","AIR","EnvEurope",3,3,0,2015,9,16,{"$nulls":8},"PREC","DB","METH_1",3.1399995799999996,"mm",null,"S"]
["METEO","LTER_EU_BE_05","INBO","WIJ1","AIR","EnvEurope",3,3,0,2015,9,17,{"$nulls":8},"PREC","DB","METH_1",4.36999957,"mm",null,"S"]
["METEO","LTER_EU_BE_05","INBO","WIJ1","AIR","EnvEurope",3,3,0,2015,9,18,{"$nulls":8},"PREC","DB","METH_1",5.6799990000000005,"mm",null,"S"]
["METEO","LTER_EU_BE_05","INBO","WIJ1","AIR","EnvEurope",3,3,0,2015,9,19,{"$nulls":8},"PREC","DB","METH_1",0.36,"mm",null,"S"]
["METEO","LTER_EU_BE_05","INBO","WIJ1","AIR","EnvEurope",3,3,0,2015,9,20,{"$nulls":8},"PREC","DB","METH_1",0,"mm",null,"S"]
["METEO","LTER_EU_BE_05","INBO","WIJ1","AIR","EnvEurope",3,3,0,2015,9,21,{"$nulls":8},"PREC","DB","METH_1",2.8199997799999994,"mm",null,"S"]
["METEO","LTER_EU_BE_05","INBO","WIJ1","AIR","EnvEurope",3,3,0,2015,9,22,{"$nulls":8},"PREC","DB","METH_1",7.859997400000002,"mm",null,"S"]
["METEO","LTER_EU_BE_05","INBO","WIJ1","AIR","EnvEurope",3,3,0,2015,9,23,{"$nulls":8},"PREC","DB","METH_1",9.829997989999999,"mm",null,"S"]
["METEO","LTER_EU_BE_05","INBO","WIJ1","AIR","EnvEurope",3,3,0,2015,9,24,{"$nulls":8},"PREC","DB","METH_1",0.5599999,"mm",null,"S"]
["METEO","LTER_EU_BE_05","INBO","WIJ1","AIR","EnvEurope",3,3,0,2015,9,25,{"$nulls":8},"PREC","DB","METH_1",0,"mm",null,"S"]
["METEO","LTER_EU_BE_05","INBO","WIJ1","AIR","EnvEurope",3,3,0,2015,9,26,{"$nulls":8},"PREC","DB","METH_1",0,"mm",null,"S"]
["METEO","LTER_EU_BE_05","INBO","WIJ1","AIR","EnvEurope",3,3,0,2015,9,27,{"$nulls":8},"PREC","DB","METH_1",0,"mm",null,"S"]
["METEO","LTER_EU_BE_05","INBO","WIJ1","AIR","EnvEurope",3,3,0,2015,9,28,{"$nulls":8},"PREC","DB","METH_1",0,"mm",null,"S"]
["METEO","LTER_EU_BE_05","INBO","WIJ1","AIR","EnvEurope",3,3,0,2015,9,29,{"$nulls":8},"PREC","DB","METH_1",0,"mm",null,"S"]
["METEO","LTER_EU_BE_05","INBO","WIJ1","AIR","EnvEurope",3,3,0,2015,9,30,{"$nulls":8},"PREC","DB","METH_1",0,"mm",null,"S"]
["METEO","LTER_EU_BE_05","INBO","WIJ1","AIR","EnvEurope",3,3,0,2016,1,1,{"$nulls":8},"TEMP","DB","METH_2",4.6913333894736855,"°C",null,"X"]
["METEO","LTER_EU_BE_05","INBO","WIJ1","AIR","EnvEurope",3,3,0,2016,1,2,{"$nulls":8},"TEMP","DB","METH_2",8.041266864583331,"°C",null,"X"]
["METEO","LTER_EU_BE_05","INBO","WIJ1","AIR","EnvEurope",3,3,0,2016,1,3,{"$nulls":8},"TEMP","DB","METH_2",7.341284510416667,"°C",null,"X"]
["METEO","LTER_EU_BE_05","INBO","WIJ1","AIR","EnvEurope",3,3,0,2016,1,4,{"$nulls":8},"TEMP","DB","METH_2",7.049270385416661,"°C",null,"X"]
["METEO","LTER_EU_BE_05","INBO","WIJ1","AIR","EnvEurope",3,3,0,2016,1,5,{"$nulls":8},"TEMP","DB","METH_2",6.571579197916666,"°C",null,"X"]
["METEO","LTER_EU_BE_05","INBO","WIJ1","AIR","EnvEurope",3,3,0,2016,1,6,{"$nulls":8},"TEMP","DB","METH_2",7.394374750000002,"°C",null,"X"]
["METEO","LTER_EU_BE_05","INBO","WIJ1","AIR","EnvEurope",3,3,0,2016,1,7,{"$nulls":8},"TEMP","DB","METH_2",6.842308989583334,"°C",null,"X"]
["METEO","LTER_EU_BE_05","INBO","WIJ1","AIR","EnvEurope",3,3,0,2016,1,8,{"$nulls":8},"TEMP","DB","METH_2",3.783680527083334,"°C",null,"X"]
["METEO","LTER_EU_BE_05","INBO","WIJ1","AIR","EnvEurope",3,3,0,2016,1,9,{"$nulls":8},"TEMP","DB","METH_2",5.881475666666666,"°C",null,"X"]
["METEO","LTER_EU_BE_05","INBO","WIJ1","AIR","EnvEurope",3,3,0,2016,1,10,{"$nulls":8},"TEMP","DB","METH_2",6.799636072916666,"°C",null,"X"]
["METEO","LTER_EU_BE_05","INBO","WIJ1","AIR","EnvEurope",3,3,0,2016,1,11,{"$nulls":8},"TEMP","DB","METH_2",5.547725197916669,"°C",null,"X"]
["METEO","LTER_EU_BE_05","INBO","WIJ1","AIR","EnvEurope",3,3,0,2016,1,12,{"$nulls":8},"TEMP","DB","METH_2",6.020590645833334,"°C",null,"X"]
["METEO","LTER_EU_BE_05","INBO","WIJ1","AIR","EnvEurope",3,3,0,2016,1,13,{"$nulls":8},"TEMP","DB","METH_2",5.207309156250001,"°C",null,"X"]
["METEO","LTER_EU_BE_05","INBO","WIJ1","AIR","EnvEurope",3,3,0,2016,1,14,{"$nulls":8},"TEMP","DB","METH_2",3.9657638437500005,"°C",null,"X"]
["METEO","LTER_EU_BE_05","INBO","WIJ1","AIR","EnvEurope",3,3,0,2016,1,15,{"$nulls":8},"TEMP","DB","METH_2",4.226579520833334,"°C",null,"X"]
["METEO","LTER_EU_BE_05","INBO","WIJ1","AIR","EnvEurope",3,3,0,2016,1,16,{"$nulls":8},"TEMP","DB","METH_2",3.5752952770833346,"°C",null,"X"]
["METEO","LTER_EU_BE_05","INBO","WIJ1","AIR","EnvEurope",3,3,0,2016,1,17,{"$nulls":8},"TEMP","DB","METH_2",1.0748264089583335,"°C",null,"X"]
["METEO","LTER_EU_BE_05","INBO","WIJ1","AIR","EnvEurope",3,3,0,2016,1,18,{"$nulls":8},"TEMP","DB","METH_2",-2.5696528479166654,"°C",null,"X"]
["METEO","LTER_EU_BE_05","INBO","WIJ1","AIR","EnvEurope",3,3,0,2016,1,19,{"$nulls":8},"TEMP","DB","METH_2",-2.588281422916666,"°C",null,"X"]
["METEO","LTER_EU_BE_05","INBO","WIJ1","AIR","EnvEurope",3,3,0,2016,1,20,{"$nulls":8},"TEMP","DB","METH_2",0.3457639738541667,"°C",null,"X"]
["METEO","LTER_EU_BE_05","INBO","WIJ1","AIR","EnvEurope",3,3,0,2016,1,21,{"$nulls":8},"TEMP","DB","METH_2",0.28418403517708335,"°C",null,"X"]
["METEO","LTER_EU_BE_05","INBO","WIJ1","AIR","EnvEurope",3,3,0,2016,1,22,{"$nulls":8},"TEMP","DB","METH_2",1.8516318143749997,"°C",null,"X"]
["METEO","LTER_EU_BE_05","INBO","WIJ1","AIR","EnvEurope",3,3,0,2016,1,23,{"$nulls":8},"TEMP","DB","METH_2",5.473055281249999,"°C",null,"X"]
["METEO","LTER_EU_BE_05","INBO","WIJ1","AIR","EnvEurope",3,3,0,2016,1,24,{"$nulls":8},"TEMP","DB","METH_2",7.929132177083332,"°C",null,"X"]
["METEO","LTER_EU_BE_05","INBO","WIJ1","AIR","EnvEurope",3,3,0,2016,1,25,{"$nulls":8},"TEMP","DB","METH_2",8.729791218749996,"°C",null,"X"]
["METEO","LTER_EU_BE_05","INBO","WIJ1","AIR","EnvEurope",3,3,0,2016,1,26,{"$nulls":8},"TEMP","DB","METH_2",8.969669625000003,"°C",null,"X"]
["METEO","LTER_EU_BE_05","INBO","WIJ1","AIR","EnvEurope",3,3,0,2016,1,27,{"$nulls":8},"TEMP","DB","METH_2",10.842048281249996,"°C",null,"X"]
["METEO","LTER_EU_BE_05","INBO","WIJ1","AIR","EnvEurope",3,3,0,2016,1,28,{"$nulls":8},"TEMP","DB","METH_2",6.1358850416666675,"°C",null,"X"]
["METEO","LTER_EU_BE_05","INBO","WIJ1","AIR","EnvEurope",3,3,0,2016,1,29,{"$nulls":8},"TEMP","DB","METH_2",7.986388895833335,"°C",null,"X"]
["METEO","LTER_EU_BE_05","INBO","WIJ1","AIR","EnvEurope",3,3,0,2016,1,30,{"$nulls":8},"TEMP","DB","METH_2",7.242412656249997,"°C",null,"X"]
["METEO","LTER_EU_BE_05","INBO","WIJ1","AIR","EnvEurope",3,3,0,2016,1,31,{"$nulls":8},"TEMP","DB","METH_2",7.030937520833333,"°C",null,"X"]
["METEO","LTER_EU_BE_05","INBO","WIJ1","AIR","EnvEurope",3,3,0,2016,10,1,{"$nulls":8},"TEMP","DB","METH_2",12.452430010416672,"°C",null,"X"]
["METEO","LTER_EU_BE_05","INBO","WIJ1","AIR","EnvEurope",3,3,0,2016,10,2,{"$nulls":8},"TEMP","DB","METH_2",11.55364576041667,"°C",null,"X"]
["METEO","LTER_EU_BE_05","INBO","WIJ1","AIR","EnvEurope",3,3,0,2016,10,3,{"$nulls":8},"TEMP","DB","METH_2",12.08362795833333,"°C",null,"X"]
["METEO","LTER_EU_BE_05","INBO","WIJ1","AIR","EnvEurope",3,3,0,2016,10,4,{"$nulls":8},"TEMP","DB","METH_2",12.755138124999997,"°C",null,"X"]
["METEO","LTER_EU_BE_05","INBO","WIJ1","AIR","EnvEurope",3,3,0,2016,10,5,{"$nulls":8},"TEMP","DB","METH_2",10.580920781249999,"°C",null,"X"]
["METEO","LTER_EU_BE_05","INBO","WIJ1","AIR","EnvEurope",3,3,0,2016,10,6,{"$nulls":8},"TEMP","DB","METH_2",9.206440062499999,"°C",null,"X"]
["METEO","LTER_EU_BE_05","INBO","WIJ1","AIR","EnvEurope",3,3,0,2016,10,7,{"$nulls":8},"TEMP","DB","METH_2",11.505676614583335,"°C",null,"X"]
["METEO","LTER_EU_BE_05","INBO","WIJ1","AIR","EnvEurope",3,3,0,2016,10,8,{"$nulls":8},"TEMP","DB","METH_2",11.242413208333332,"°C",null,"X"]
["METEO","LTER_EU_BE_05","INBO","WIJ1","AIR","EnvEurope",3,3,0,2016,10,9,{"$nulls":8},"TEMP","DB","METH_2",9.492447822916665,"°C",null,"X"]
["METEO","LTER_EU_BE_05","INBO","WIJ1","AIR","EnvEurope",3,3,0,2016,10,10,{"$nulls":8},"TEMP","DB","METH_2",9.204756864583333,"°C",null,"X"]
["METEO","LTER_EU_BE_05","INBO","WIJ1","AIR","EnvEurope",3,3,0,2016,10,11,{"$nulls":8},"TEMP","DB","METH_2",7.831874906250001,"°C",null,"X"]
["METEO","LTER_EU_BE_05","INBO","WIJ1","AIR","EnvEurope",3,3,0,2016,10,12,{"$nulls":8},"TEMP","DB","METH_2",9.220798354166666,"°C",null,"X"]
["METEO","LTER_EU_BE_05","INBO","WIJ1","AIR","EnvEurope",3,3,0,2016,10,13,{"$nulls":8},"TEMP","DB","METH_2",8.690502833333332,"°C",null,"X"]
["METEO","LTER_EU_BE_05","INBO","WIJ1","AIR","EnvEurope",3,3,0,2016,10,14,{"$nulls":8},"TEMP","DB","METH_2",9.712291989583333,"°C",null,"X"]
["METEO","LTER_EU_BE_05","INBO","WIJ1","AIR","EnvEurope",3,3,0,2016,10,15,{"$nulls":8},"TEMP","DB","METH_2",12.091840364583328,"°C",null,"X"]
["METEO","LTER_EU_BE_05","INBO","WIJ1","AIR","EnvEurope",3,3,0,2016,10,16,{"$nulls":8},"TEMP","DB","METH_2",13.536059135416663,"°C",null,"X"]
["METEO","LTER_EU_BE_05","INBO","WIJ1","AIR","EnvEurope",3,3,0,2016,10,17,{"$nulls":8},"TEMP","DB","METH_2",12.485294062500005,"°C",null,"X"]
["METEO","LTER_EU_BE_05","INBO","WIJ1","AIR","EnvEurope",3,3,0,2016,10,18,{"$nulls":8},"TEMP","DB","METH_2",9.845295052083337,"°C",null,"X"]
["METEO","LTER_EU_BE_05","INBO","WIJ1","AIR","EnvEurope",3,3,0,2016,10,19,{"$nulls":8},"TEMP","DB","METH_2",10.344270697916667,"°C",null,"X"]
["METEO","LTER_EU_BE_05","INBO","WIJ1","AIR","EnvEurope",3,3,0,2016,10,20,{"$nulls":8},"TEMP","DB","METH_2",10.013593541666664,"°C",null,"X"]
["METEO","LTER_EU_BE_05","INBO","WIJ1","AIR","EnvEurope",3,3,0,2016,10,21,{"$nulls":8},"TEMP","DB","METH_2",8.756215427083333,"°C",null,"X"]
["METEO","LTER_EU_BE_05","INBO","WIJ1","AIR","EnvEurope",3,3,0,2016,10,22,{"$nulls":8},"TEMP","DB","METH_2",8.81770828125,"°C",null,"X"]
["METEO","LTER_EU_BE_05","INBO","WIJ1","AIR","EnvEurope",3,3,0,2016,10,23,{"$nulls":8},"TEMP","DB","METH_2",5.595190687499997,"°C",null,"X"]
["METEO","LTER_EU_BE_05","INBO","WIJ1","AIR","EnvEurope",3,3,0,2016,10,24,{"$nulls":8},"TEMP","DB","METH_2",8.16494835416667,"°C",null,"X"]
["METEO","LTER_EU_BE_05","INBO","WIJ1","AIR","EnvEurope",3,3,0,2016,10,25,{"$nulls":8},"TEMP","DB","METH_2",9.235156968749997,"°C",null,"X"]
["METEO","LTER_EU_BE_05","INBO","WIJ1","AIR","EnvEurope",3,3,0,2016,10,26,{"$nulls":8},"TEMP","DB","METH_2",8.050138833333332,"°C",null,"X"]
["METEO","LTER_EU_BE_05","INBO","WIJ1","AIR","EnvEurope",3,3,0,2016,10,27,{"$nulls":8},"TEMP","DB","METH_2",10.980659270833334,"°C",null,"X"]
["METEO","LTER_EU_BE_05","INBO","WIJ1","AIR","EnvEurope",3,3,0,2016,10,28,{"$nulls":8},"TEMP","DB","METH_2",12.658524791666666,"°C",null,"X"]
["METEO","LTER_EU_BE_05","INBO","WIJ1","AIR","EnvEurope",3,3,0,2016,10,29,{"$nulls":8},"TEMP","DB","METH_2",12.919479375,"°C",null,"X"]
["METEO","LTER_EU_BE_05","INBO","WIJ1","AIR","EnvEurope",3,3,0,2016,10,30,{"$nulls":8},"TEMP","DB","METH_2",10.624166666666666,"°C",null,"X"]
["METEO","LTER_EU_BE_05","INBO","WIJ1","AIR","EnvEurope",3,3,0,2016,10,31,{"$nulls":8},"TEMP","DB","METH_2",10.641093906249997,"°C",null,"X"]
["METEO","LTER_EU_BE_05","INBO","WIJ1","AIR","EnvEurope",3,3,0,2016,11,1,{"$nulls":8},"TEMP","DB","METH_2",10.037030489583335,"°C",null,"X"]
["METEO","LTER_EU_BE_05","INBO","WIJ1","AIR","EnvEurope",3,3,0,2016,11,2,{"$nulls":8},"TEMP","DB","METH_2",7.7463019583333335,"°C",null,"X"]
["METEO","LTER_EU_BE_05","INBO","WIJ1","AIR","EnvEurope",3,3,0,2016,11,3,{"$nulls":8},"TEMP","DB","METH_2",7.440573114583333,"°C",null,"X"]
["METEO","LTER_EU_BE_05","INBO","WIJ1","AIR","EnvEurope",3,3,0,2016,11,4,{"$nulls":8},"TEMP","DB","METH_2",6.819653114583332,"°C",null,"X"]
["METEO","LTER_EU_BE_05","INBO","WIJ1","AIR","EnvEurope",3,3,0,2016,11,5,{"$nulls":8},"TEMP","DB","METH_2",6.630902614583333,"°C",null,"X"]
["METEO","LTER_EU_BE_05","INBO","WIJ1","AIR","EnvEurope",3,3,0,2016,11,6,{"$nulls":8},"TEMP","DB","METH_2",6.369722302083332,"°C",null,"X"]
["METEO","LTER_EU_BE_05","INBO","WIJ1","AIR","EnvEurope",3,3,0,2016,11,7,{"$nulls":8},"TEMP","DB","METH_2",5.459618229166666,"°C",null,"X"]
["METEO","LTER_EU_BE_05","INBO","WIJ1","AIR","EnvEurope",3,3,0,2016,11,8,{"$nulls":8},"TEMP","DB","METH_2",2.991874958333334,"°C",null,"X"]
["METEO","LTER_EU_BE_05","INBO","WIJ1","AIR","EnvEurope",3,3,0,2016,11,9,{"$nulls":8},"TEMP","DB","METH_2",4.921024208333334,"°C",null,"X"]
["METEO","LTER_EU_BE_05","INBO","WIJ1","AIR","EnvEurope",3,3,0,2016,11,10,{"$nulls":8},"TEMP","DB","METH_2",7.1452432083333335,"°C",null,"X"]
["METEO","LTER_EU_BE_05","INBO","WIJ1","AIR","EnvEurope",3,3,0,2016,11,11,{"$nulls":8},"TEMP","DB","METH_2",4.502621444791666,"°C",null,"X"]
["METEO","LTER_EU_BE_05","INBO","WIJ1","AIR","EnvEurope",3,3,0,2016,11,12,{"$nulls":8},"TEMP","DB","METH_2",2.1322568844791663,"°C",null,"X"]
["METEO","LTER_EU_BE_05","INBO","WIJ1","AIR","EnvEurope",3,3,0,2016,11,13,{"$nulls":8},"TEMP","DB","METH_2",6.119131854166665,"°C",null,"X"]
["METEO","LTER_EU_BE_05","INBO","WIJ1","AIR","EnvEurope",3,3,0,2016,11,14,{"$nulls":8},"TEMP","DB","METH_2",6.509409916666666,"°C",null,"X"]
["METEO","LTER_EU_BE_05","INBO","WIJ1","AIR","EnvEurope",3,3,0,2016,11,15,{"$nulls":8},"TEMP","DB","METH_2",11.687500791666666,"°C",null,"X"]
["METEO","LTER_EU_BE_05","INBO","WIJ1","AIR","EnvEurope",3,3,0,2016,11,16,{"$nulls":8},"TEMP","DB","METH_2",12.561405937500005,"°C",null,"X"]
["METEO","LTER_EU_BE_05","INBO","WIJ1","AIR","EnvEurope",3,3,0,2016,11,17,{"$nulls":8},"TEMP","DB","METH_2",9.952100406250004,"°C",null,"X"]
["METEO","LTER_EU_BE_05","INBO","WIJ1","AIR","EnvEurope",3,3,0,2016,11,18,{"$nulls":8},"TEMP","DB","METH_2",5.165851083333333,"°C",null,"X"]
["METEO","LTER_EU_BE_05","INBO","WIJ1","AIR","EnvEurope",3,3,0,2016,11,19,{"$nulls":8},"TEMP","DB","METH_2",4.834479000000002,"°C",null,"X"]
["METEO","LTER_EU_BE_05","INBO","WIJ1","AIR","EnvEurope",3,3,0,2016,11,20,{"$nulls":8},"TEMP","DB","METH_2",8.473229447916667,"°C",null,"X"]
["METEO","LTER_EU_BE_05","INBO","WIJ1","AIR","EnvEurope",3,3,0,2016,11,21,{"$nulls":8},"TEMP","DB","METH_2",11.519548416666668,"°C",null,"X"]
["METEO","LTER_EU_BE_05","INBO","WIJ1","AIR","EnvEurope",3,3,0,2016,11,22,{"$nulls":8},"TEMP","DB","METH_2",9.902795468749998,"°C",null,"X"]
["METEO","LTER_EU_BE_05","INBO","WIJ1","AIR","EnvEurope",3,3,0,2016,11,23,{"$nulls":8},"TEMP","DB","METH_2",7.8626908541666625,"°C",null,"X"]
["METEO","LTER_EU_BE_05","INBO","WIJ1","AIR","EnvEurope",3,3,0,2016,11,24,{"$nulls":8},"TEMP","DB","METH_2",8.07855939583334,"°C",null,"X"]
["METEO","LTER_EU_BE_05","INBO","WIJ1","AIR","EnvEurope",3,3,0,2016,11,25,{"$nulls":8},"TEMP","DB","METH_2",4.278246395833333,"°C",null,"X"]
["METEO","LTER_EU_BE_05","INBO","WIJ1","AIR","EnvEurope",3,3,0,2016,11,26,{"$nulls":8},"TEMP","DB","METH_2",3.799809165625,"°C",null,"X"]
["METEO","LTER_EU_BE_05","INBO","WIJ1","AIR","EnvEurope",3,3,0,2016,11,27,{"$nulls":8},"TEMP","DB","METH_2",5.449704552083332,"°C",null,"X"]
["METEO","LTER_EU_BE_05","INBO","WIJ1","AIR","EnvEurope",3,3,0,2016,11,28,{"$nulls":8},"TEMP","DB","METH_2",1.9640452593437498,"°C",null,"X"]
["METEO","LTER_EU_BE_05","INBO","WIJ1","AIR","EnvEurope",3,3,0,2016,11,29,{"$nulls":8},"TEMP","DB","METH_2",-1.1086980746875,"°C",null,"X"]
["METEO","LTER_EU_BE_05","INBO","WIJ1","AIR","EnvEurope",3,3,0,2016,11,30,{"$nulls":8},"TEMP","DB","METH_2",-0.7827952320208335,"°C",null,"X"]
["METEO","LTER_EU_BE_05","INBO","WIJ1","AIR","EnvEurope",3,3,0,2016,12,1,{"$nulls":8},"TEMP","DB","METH_2",2.8996531376041665,"°C",null,"X"]
["METEO","LTER_EU_BE_05","INBO","WIJ1","AIR","EnvEurope",3,3,0,2016,12,2,{"$nulls":8},"TEMP","DB","METH_2",6.708524302083334,"°C",null,"X"]
["METEO","LTER_EU_BE_05","INBO","WIJ1","AIR","EnvEurope",3,3,0,2016,12,3,{"$nulls":8},"TEMP","DB","METH_2",2.524600549583334,"°C",null,"X"]
["METEO","LTER_EU_BE_05","INBO","WIJ1","AIR","EnvEurope",3,3,0,2016,12,4,{"$nulls":8},"TEMP","DB","METH_2",-0.08928831468491306,"°C",null,"X"]
["METEO","LTER_EU_BE_05","INBO","WIJ1","AIR","EnvEurope",3,3,0,2016,12,5,{"$nulls":8},"TEMP","DB","METH_2",-0.3491145607291662,"°C",null,"X"]
["METEO","LTER_EU_BE_05","INBO","WIJ1","AIR","EnvEurope",3,3,0,2016,12,6,{"$nulls":8},"TEMP","DB","METH_2",2.5842708963229177,"°C",null,"X"]
["METEO","LTER_EU_BE_05","INBO","WIJ1","AIR","EnvEurope",3,3,0,2016,12,7,{"$nulls":8},"TEMP","DB","METH_2",5.3358684375,"°C",null,"X"]
["METEO","LTER_EU_BE_05","INBO","WIJ1","AIR","EnvEurope",3,3,0,2016,12,8,{"$nulls":8},"TEMP","DB","METH_2",6.276457635416667,"°C",null,"X"]
["METEO","LTER_EU_BE_05","INBO","WIJ1","AIR","EnvEurope",3,3,0,2016,12,9,{"$nulls":8},"TEMP","DB","METH_2",8.675589989583331,"°C",null,"X"]
["METEO","LTER_EU_BE_05","INBO","WIJ1","AIR","EnvEurope",3,3,0,2016,12,10,{"$nulls":8},"TEMP","DB","METH_2",7.357621354166667,"°C",null,"X"]
["METEO","LTER_EU_BE_05","INBO","WIJ1","AIR","EnvEurope",3,3,0,2016,12,11,{"$nulls":8},"TEMP","DB","METH_2",7.309999354166667,"°C",null,"X"]
["METEO","LTER_EU_BE_05","INBO","WIJ1","AIR","EnvEurope",3,3,0,2016,12,12,{"$nulls":8},"TEMP","DB","METH_2",4.904861177083334,"°C",null,"X"]
["METEO","LTER_EU_BE_05","INBO","WIJ1","AIR","EnvEurope",3,3,0,2016,12,13,{"$nulls":8},"TEMP","DB","METH_2",6.4541326562500005,"°C",null,"X"]
["METEO","LTER_EU_BE_05","INBO","WIJ1","AIR","EnvEurope",3,3,0,2016,12,14,{"$nulls":8},"TEMP","DB","METH_2",6.312552312500004,"°C",null,"X"]
["METEO","LTER_EU_BE_05","INBO","WIJ1","AIR","EnvEurope",3,3,0,2016,12,15,{"$nulls":8},"TEMP","DB","METH_2",3.7695138333333333,"°C",null,"X"]
["METEO","LTER_EU_BE_05","INBO","WIJ1","AIR","EnvEurope",3,3,0,2016,12,16,{"$nulls":8},"TEMP","DB","METH_2",5.360885375,"°C",null,"X"]
["METEO","LTER_EU_BE_05","INBO","WIJ1","AIR","EnvEurope",3,3,0,2016,12,17,{"$nulls":8},"TEMP","DB","METH_2",5.217291645833332,"°C",null,"X"]
["METEO","LTER_EU_BE_05","INBO","WIJ1","AIR","EnvEurope",3,3,0,2016,12,18,{"$nulls":8},"TEMP","DB","METH_2",6.921493968750003,"°C",null,"X"]
["METEO","LTER_EU_BE_05","INBO","WIJ1","AIR","EnvEurope",3,3,0,2016,12,19,{"$nulls":8},"TEMP","DB","METH_2",5.638264531250002,"°C",null,"X"]
["METEO","LTER_EU_BE_05","INBO","WIJ1","AIR","EnvEurope",3,3,0,2016,12,20,{"$nulls":8},"TEMP","DB","METH_2",1.8855555895833334,"°C",null,"X"]
["METEO","LTER_EU_BE_05","INBO","WIJ1","AIR","EnvEurope",3,3,0,2016,12,21,{"$nulls":8},"TEMP","DB","METH_2",3.840451020833333,"°C",null,"X"]
["METEO","LTER_EU_BE_05","INBO","WIJ1","AIR","EnvEurope",3,3,0,2016,12,22,{"$nulls":8},"TEMP","DB","METH_2",6.066787614583333,"°C",null,"X"]
["METEO","LTER_EU_BE_05","INBO","WIJ1","AIR","EnvEurope",3,3,0,2016,12,23,{"$nulls":8},"TEMP","DB","METH_2",5.057535031249999,"°C",null,"X"]
["METEO","LTER_EU_BE_05","INBO","WIJ1","AIR","EnvEurope",3,3,0,2016,12,24,{"$nulls":8},"TEMP","DB","METH_2",7.157274135416665,"°C",null,"X"]
["METEO","LTER_EU_BE_05","INBO","WIJ1","AIR","EnvEurope",3,3,0,2016,12,25,{"$nulls":8},"TEMP","DB","METH_2",10.370329895833336,"°C",null,"X"]
["METEO","LTER_EU_BE_05","INBO","WIJ1","AIR","EnvEurope",3,3,0,2016,12,26,{"$nulls":8},"TEMP","DB","METH_2",7.782604312500001,"°C",null,"X"]
["METEO","LTER_EU_BE_05","INBO","WIJ1","AIR","EnvEurope",3,3,0,2016,12,27,{"$nulls":8},"TEMP","DB","METH_2",2.7527255656250005,"°C",null,"X"]
["METEO","LTER_EU_BE_05","INBO","WIJ1","AIR","EnvEurope",3,3,0,2016,12,28,{"$nulls":8},"TEMP","DB","METH_2",-0.22843748663541683,"°C",null,"X"]
["METEO","LTER_EU_BE_05","INBO","WIJ1","AIR","EnvEurope",3,3,0,2016,12,29,{"$nulls":8},"TEMP","DB","METH_2",-1.2003123898958332,"°C",null,"X"]
["METEO","LTER_EU_BE_05","INBO","WIJ1","AIR","EnvEurope",3,3,0,2016,12,30,{"$nulls":8},"TEMP","DB","METH_2",-1.3565102357604168,"°C",null,"X"]
["METEO","LTER_EU_BE_05","INBO","WIJ1","AIR","EnvEurope",3,3,0,2016,12,31,{"$nulls":8},"TEMP","DB","METH_2",0.029913276979166556,"°C",null,"X"]
["METEO","LTER_EU_BE_05","INBO","WIJ1","AIR","EnvEurope",3,3,0,2016,2,1,{"$nulls":8},"TEMP","DB","METH_2",11.24104104166667,"°C",null,"X"]
["METEO","LTER_EU_BE_05","INBO","WIJ1","AIR","EnvEurope",3,3,0,2016,2,2,{"$nulls":8},"TEMP","DB","METH_2",8.863525072916667,"°C",null,"X"]
["METEO","LTER_EU_BE_05","INBO","WIJ1","AIR","EnvEurope",3,3,0,2016,2,3,{"$nulls":8},"TEMP","DB","METH_2",4.623714854166665,"°C",null,"X"]
["METEO","LTER_EU_BE_05","INBO","WIJ1","AIR","EnvEurope",3,3,0,2016,2,4,{"$nulls":8},"TEMP","DB","METH_2",6.266440531249999,"°C",null,"X"]
["METEO","LTER_EU_BE_05","INBO","WIJ1","AIR","EnvEurope",3,3,0,2016,2,5,{"$nulls":8},"TEMP","DB","METH_2",9.196127770833336,"°C",null,"X"]
["METEO","LTER_EU_BE_05","INBO","WIJ1","AIR","EnvEurope",3,3,0,2016,2,6,{"$nulls":8},"TEMP","DB","METH_2",9.516961979166664,"°C",null,"X"]
["METEO","LTER_EU_BE_05","INBO","WIJ1","AIR","EnvEurope",3,3,0,2016,2,7,{"$nulls":8},"TEMP","DB","METH_2",8.120086093749999,"°C",null,"X"]
["METEO","LTER_EU_BE_05","INBO","WIJ1","AIR","EnvEurope",3,3,0,2016,2,8,{"$nulls":8},"TEMP","DB","METH_2",8.181458395833333,"°C",null,"X"]
["METEO","LTER_EU_BE_05","INBO","WIJ1","AIR","EnvEurope",3,3,0,2016,2,9,{"$nulls":8},"TEMP","DB","METH_2",5.1687150937499995,"°C",null,"X"]
["METEO","LTER_EU_BE_05","INBO","WIJ1","AIR","EnvEurope",3,3,0,2016,2,10,{"$nulls":8},"TEMP","DB","METH_2",4.886927062499998,"°C",null,"X"]
["METEO","LTER_EU_BE_05","INBO","WIJ1","AIR","EnvEurope",3,3,0,2016,2,11,{"$nulls":8},"TEMP","DB","METH_2",2.784427164583333,"°C",null,"X"]
["METEO","LTER_EU_BE_05","INBO","WIJ1","AIR","EnvEurope",3,3,0,2016,2,12,{"$nulls":8},"TEMP","DB","METH_2",2.6913540870520833,"°C",null,"X"]
["METEO","LTER_EU_BE_05","INBO","WIJ1","AIR","EnvEurope",3,3,0,2016,2,13,{"$nulls":8},"TEMP","DB","METH_2",1.3653124199999997,"°C",null,"X"]
["METEO","LTER_EU_BE_05","INBO","WIJ1","AIR","EnvEurope",3,3,0,2016,2,14,{"$nulls":8},"TEMP","DB","METH_2",3.439201604166668,"°C",null,"X"]
["METEO","LTER_EU_BE_05","INBO","WIJ1","AIR","EnvEurope",3,3,0,2016,2,15,{"$nulls":8},"TEMP","DB","METH_2",3.8022047239583334,"°C",null,"X"]
["METEO","LTER_EU_BE_05","INBO","WIJ1","AIR","EnvEurope",3,3,0,2016,2,16,{"$nulls":8},"TEMP","DB","METH_2",1.4322571232291672,"°C",null,"X"]
["METEO","LTER_EU_BE_05","INBO","WIJ1","AIR","EnvEurope",3,3,0,2016,2,17,{"$nulls":8},"TEMP","DB","METH_2",-0.29890631354166647,"°C",null,"X"]
["METEO","LTER_EU_BE_05","INBO","WIJ1","AIR","EnvEurope",3,3,0,2016,2,18,{"$nulls":8},"TEMP","DB","METH_2",0.42763897010416657,"°C",null,"X"]
["METEO","LTER_EU_BE_05","INBO","WIJ1","AIR","EnvEurope",3,3,0,2016,2,19,{"$nulls":8},"TEMP","DB","METH_2",3.312326422083334,"°C",null,"X"]
["METEO","LTER_EU_BE_05","INBO","WIJ1","AIR","EnvEurope",3,3,0,2016,2,20,{"$nulls":8},"TEMP","DB","METH_2",8.590486489583332,"°C",null,"X"]
["METEO","LTER_EU_BE_05","INBO","WIJ1","AIR","EnvEurope",3,3,0,2016,2,21,{"$nulls":8},"TEMP","DB","METH_2",11.011198020833334,"°C",null,"X"]
["METEO","LTER_EU_BE_05","INBO","WIJ1","AIR","EnvEurope",3,3,0,2016,2,22,{"$nulls":8},"TEMP","DB","METH_2",8.10376836458333,"°C",null,"X"]
["METEO","LTER_EU_BE_05","INBO","WIJ1","AIR","EnvEurope",3,3,0,2016,2,23,{"$nulls":8},"TEMP","DB","METH_2",4.441562489583332,"°C",null,"X"]
["METEO","LTER_EU_BE_05","INBO","WIJ1","AIR","EnvEurope",3,3,0,2016,2,24,{"$nulls":8},"TEMP","DB","METH_2",2.88211797,"°C",null,"X"]
["METEO","LTER_EU_BE_05","INBO","WIJ1","AIR","EnvEurope",3,3,0,2016,2,25,{"$nulls":8},"TEMP","DB","METH_2",2.629114564895833,"°C",null,"X"]
["METEO","LTER_EU_BE_05","INBO","WIJ1","AIR","EnvEurope",3,3,0,2016,2,26,{"$nulls":8},"TEMP","DB","METH_2",3.2647744375000016,"°C",null,"X"]
["METEO","LTER_EU_BE_05","INBO","WIJ1","AIR","EnvEurope",3,3,0,2016,2,27,{"$nulls":8},"TEMP","DB","METH_2",2.832604144166668,"°C",null,"X"]
["METEO","LTER_EU_BE_05","INBO","WIJ1","AIR","EnvEurope",3,3,0,2016,2,28,{"$nulls":8},"TEMP","DB","METH_2",3.2813366947916656,"°C",null,"X"]
["METEO","LTER_EU_BE_05","INBO","WIJ1","AIR","EnvEurope",3,3,0,2016,2,29,{"$nulls":8},"TEMP","DB","METH_2",2.811684035520834,"°C",null,"X"]
["METEO","LTER_EU_BE_05","INBO","WIJ1","AIR","EnvEurope",3,3,0,2016,3,1,{"$nulls":8},"TEMP","DB","METH_2",3.3472741015625007,"°C",null,"X"]
["METEO","LTER_EU_BE_05","INBO","WIJ1","AIR","EnvEurope",3,3,0,2016,3,2,{"$nulls":8},"TEMP","DB","METH_2",6.296319208333332,"°C",null,"X"]
["METEO","LTER_EU_BE_05","INBO","WIJ1","AIR","EnvEurope",3,3,0,2016,3,3,{"$nulls":8},"TEMP","DB","METH_2",4.8667708124999995,"°C",null,"X"]
["METEO","LTER_EU_BE_05","INBO","WIJ1","AIR","EnvEurope",3,3,0,2016,3,4,{"$nulls":8},"TEMP","DB","METH_2",4.365677035416667,"°C",null,"X"]
["METEO","LTER_EU_BE_05","INBO","WIJ1","AIR","EnvEurope",3,3,0,2016,3,5,{"$nulls":8},"TEMP","DB","METH_2",2.968611123958334,"°C",null,"X"]
["METEO","LTER_EU_BE_05","INBO","WIJ1","AIR","EnvEurope",3,3,0,2016,3,6,{"$nulls":8},"TEMP","DB","METH_2",3.844808991666666,"°C",null,"X"]
["METEO","LTER_EU_BE_05","INBO","WIJ1","AIR","EnvEurope",3,3,0,2016,3,7,{"$nulls":8},"TEMP","DB","METH_2",2.1631597718750006,"°C",null,"X"]
["METEO","LTER_EU_BE_05","INBO","WIJ1","AIR","EnvEurope",3,3,0,2016,3,8,{"$nulls":8},"TEMP","DB","METH_2",4.1417528229166685,"°C",null,"X"]
["METEO","LTER_EU_BE_05","INBO","WIJ1","AIR","EnvEurope",3,3,0,2016,3,9,{"$nulls":8},"TEMP","DB","METH_2",5.363680145833335,"°C",null,"X"]
["METEO","LTER_EU_BE_05","INBO","WIJ1","AIR","EnvEurope",3,3,0,2016,3,10,{"$nulls":8},"TEMP","DB","METH_2",4.973194284375,"°C",null,"X"]
["METEO","LTER_EU_BE_05","INBO","WIJ1","AIR","EnvEurope",3,3,0,2016,3,11,{"$nulls":8},"TEMP","DB","METH_2",4.8612496491354165,"°C",null,"X"]
["METEO","LTER_EU_BE_05","INBO","WIJ1","AIR","EnvEurope",3,3,0,2016,3,12,{"$nulls":8},"TEMP","DB","METH_2",4.6350172936458325,"°C",null,"X"]
["METEO","LTER_EU_BE_05","INBO","WIJ1","AIR","EnvEurope",3,3,0,2016,3,13,{"$nulls":8},"TEMP","DB","METH_2",3.900920143572915,"°C",null,"X"]
["METEO","LTER_EU_BE_05","INBO","WIJ1","AIR","EnvEurope",3,3,0,2016,3,14,{"$nulls":8},"TEMP","DB","METH_2",3.854583300760416,"°C",null,"X"]
["METEO","LTER_EU_BE_05","INBO","WIJ1","AIR","EnvEurope",3,3,0,2016,3,15,{"$nulls":8},"TEMP","DB","METH_2",4.8907982676041675,"°C",null,"X"]
["METEO","LTER_EU_BE_05","INBO","WIJ1","AIR","EnvEurope",3,3,0,2016,3,16,{"$nulls":8},"TEMP","DB","METH_2",5.457170354166666,"°C",null,"X"]
["METEO","LTER_EU_BE_05","INBO","WIJ1","AIR","EnvEurope",3,3,0,2016,3,17,{"$nulls":8},"TEMP","DB","METH_2",5.099062518854166,"°C",null,"X"]
["METEO","LTER_EU_BE_05","INBO","WIJ1","AIR","EnvEurope",3,3,0,2016,3,18,{"$nulls":8},"TEMP","DB","METH_2",4.958471604166667,"°C",null,"X"]
["METEO","LTER_EU_BE_05","INBO","WIJ1","AIR","EnvEurope",3,3,0,2016,3,19,{"$nulls":8},"TEMP","DB","METH_2",6.070851177083333,"°C",null,"X"]
["METEO","LTER_EU_BE_05","INBO","WIJ1","AIR","EnvEurope",3,3,0,2016,3,20,{"$nulls":8},"TEMP","DB","METH_2",6.658941135416669,"°C",null,"X"]
["METEO","LTER_EU_BE_05","INBO","WIJ1","AIR","EnvEurope",3,3,0,2016,3,21,{"$nulls":8},"TEMP","DB","METH_2",7.734045083333335,"°C",null,"X"]
["METEO","LTER_EU_BE_05","INBO","WIJ1","AIR","EnvEurope",3,3,0,2016,3,22,{"$nulls":8},"TEMP","DB","METH_2",6.9898786979166685,"°C",null,"X"]
["METEO","LTER_EU_BE_05","INBO","WIJ1","AIR","EnvEurope",3,3,0,2016,3,23,{"$nulls":8},"TEMP","DB","METH_2",8.170191437500007,"°C",null,"X"]
["METEO","LTER_EU_BE_05","INBO","WIJ1","AIR","EnvEurope",3,3,0,2016,3,24,{"$nulls":8},"TEMP","DB","METH_2",8.17295213541667,"°C",null,"X"]
["METEO","LTER_EU_BE_05","INBO","WIJ1","AIR","EnvEurope",3,3,0,2016,3,25,{"$nulls":8},"TEMP","DB","METH_2",7.8209545729166665,"°C",null,"X"]
["METEO","LTER_EU_BE_05","INBO","WIJ1","AIR","EnvEurope",3,3,0,2016,3,26,{"$nulls":8},"TEMP","DB","METH_2",8.763958322916668,"°C",null,"X"]
["METEO","LTER_EU_BE_05","INBO","WIJ1","AIR","EnvEurope",3,3,0,2016,3,27,{"$nulls":8},"TEMP","DB","METH_2",8.764028208333336,"°C",null,"X"]
["METEO","LTER_EU_BE_05","INBO","WIJ1","AIR","EnvEurope",3,3,0,2016,3,28,{"$nulls":8},"TEMP","DB","METH_2",9.245434031249998,"°C",null,"X"]
["METEO","LTER_EU_BE_05","INBO","WIJ1","AIR","EnvEurope",3,3,0,2016,3,29,{"$nulls":8},"TEMP","DB","METH_2",8.059392468750001,"°C",null,"X"]
["METEO","LTER_EU_BE_05","INBO","WIJ1","AIR","EnvEurope",3,3,0,2016,3,30,{"$nulls":8},"TEMP","DB","METH_2",9.011544625,"°C",null,"X"]
["METEO","LTER_EU_BE_05","INBO","WIJ1","AIR","EnvEurope",3,3,0,2016,3,31,{"$nulls":8},"TEMP","DB","METH_2",8.126527635416666,"°C",null,"X"]
["METEO","LTER_EU_BE_05","INBO","WIJ1","AIR","EnvEurope",3,3,0,2016,4,1,{"$nulls":8},"TEMP","DB","METH_2",7.669583322916669,"°C",null,"X"]
["METEO","LTER_EU_BE_05","INBO","WIJ1","AIR","EnvEurope",3,3,0,2016,4,2,{"$nulls":8},"TEMP","DB","METH_2",7.5996178020833325,"°C",null,"X"]
["METEO","LTER_EU_BE_05","INBO","WIJ1","AIR","EnvEurope",3,3,0,2016,4,3,{"$nulls":8},"TEMP","DB","METH_2",14.257568333333337,"°C",null,"X"]
["METEO","LTER_EU_BE_05","INBO","WIJ1","AIR","EnvEurope",3,3,0,2016,4,4,{"$nulls":8},"TEMP","DB","METH_2",12.253471833333327,"°C",null,"X"]
["METEO","LTER_EU_BE_05","INBO","WIJ1","AIR","EnvEurope",3,3,0,2016,4,5,{"$nulls":8},"TEMP","DB","METH_2",9.926632302083332,"°C",null,"X"]
["METEO","LTER_EU_BE_05","INBO","WIJ1","AIR","EnvEurope",3,3,0,2016,4,6,{"$nulls":8},"TEMP","DB","METH_2",8.559184218750003,"°C",null,"X"]
["METEO","LTER_EU_BE_05","INBO","WIJ1","AIR","EnvEurope",3,3,0,2016,4,7,{"$nulls":8},"TEMP","DB","METH_2",7.267447916666665,"°C",null,"X"]
["METEO","LTER_EU_BE_05","INBO","WIJ1","AIR","EnvEurope",3,3,0,2016,4,8,{"$nulls":8},"TEMP","DB","METH_2",7.550903427083333,"°C",null,"X"]
["METEO","LTER_EU_BE_05","INBO","WIJ1","AIR","EnvEurope",3,3,0,2016,4,9,{"$nulls":8},"TEMP","DB","METH_2",7.767604052083332,"°C",null,"X"]
["METEO","LTER_EU_BE_05","INBO","WIJ1","AIR","EnvEurope",3,3,0,2016,4,10,{"$nulls":8},"TEMP","DB","METH_2",8.45560771875,"°C",null,"X"]
["METEO","LTER_EU_BE_05","INBO","WIJ1","AIR","EnvEurope",3,3,0,2016,4,11,{"$nulls":8},"TEMP","DB","METH_2",12.530798677083334,"°C",null,"X"]
["METEO","LTER_EU_BE_05","INBO","WIJ1","AIR","EnvEurope",3,3,0,2016,4,12,{"$nulls":8},"TEMP","DB","METH_2",10.939201010416669,"°C",null,"X"]
["METEO","LTER_EU_BE_05","INBO","WIJ1","AIR","EnvEurope",3,3,0,2016,4,13,{"$nulls":8},"TEMP","DB","METH_2",9.286214958333334,"°C",null,"X"]
["METEO","LTER_EU_BE_05","INBO","WIJ1","AIR","EnvEurope",3,3,0,2016,4,14,{"$nulls":8},"TEMP","DB","METH_2",10.455677395833334,"°C",null,"X"]
["METEO","LTER_EU_BE_05","INBO","WIJ1","AIR","EnvEurope",3,3,0,2016,4,15,{"$nulls":8},"TEMP","DB","METH_2",11.025537958333336,"°C",null,"X"]
["METEO","LTER_EU_BE_05","INBO","WIJ1","AIR","EnvEurope",3,3,0,2016,4,16,{"$nulls":8},"TEMP","DB","METH_2",8.578888677083334,"°C",null,"X"]
["METEO","LTER_EU_BE_05","INBO","WIJ1","AIR","EnvEurope",3,3,0,2016,4,17,{"$nulls":8},"TEMP","DB","METH_2",5.970989666666668,"°C",null,"X"]
["METEO","LTER_EU_BE_05","INBO","WIJ1","AIR","EnvEurope",3,3,0,2016,4,18,{"$nulls":8},"TEMP","DB","METH_2",7.453489865624999,"°C",null,"X"]
["METEO","LTER_EU_BE_05","INBO","WIJ1","AIR","EnvEurope",3,3,0,2016,4,19,{"$nulls":8},"TEMP","DB","METH_2",9.555919614583335,"°C",null,"X"]
["METEO","LTER_EU_BE_05","INBO","WIJ1","AIR","EnvEurope",3,3,0,2016,4,20,{"$nulls":8},"TEMP","DB","METH_2",8.820069312500001,"°C",null,"X"]
["METEO","LTER_EU_BE_05","INBO","WIJ1","AIR","EnvEurope",3,3,0,2016,4,21,{"$nulls":8},"TEMP","DB","METH_2",11.040660104166669,"°C",null,"X"]
["METEO","LTER_EU_BE_05","INBO","WIJ1","AIR","EnvEurope",3,3,0,2016,4,22,{"$nulls":8},"TEMP","DB","METH_2",10.389149374999997,"°C",null,"X"]
["METEO","LTER_EU_BE_05","INBO","WIJ1","AIR","EnvEurope",3,3,0,2016,4,23,{"$nulls":8},"TEMP","DB","METH_2",6.953801604166671,"°C",null,"X"]
["METEO","LTER_EU_BE_05","INBO","WIJ1","AIR","EnvEurope",3,3,0,2016,4,24,{"$nulls":8},"TEMP","DB","METH_2",5.028576406249999,"°C",null,"X"]
["METEO","LTER_EU_BE_05","INBO","WIJ1","AIR","EnvEurope",3,3,0,2016,4,25,{"$nulls":8},"TEMP","DB","METH_2",5.482743322916664,"°C",null,"X"]
["METEO","LTER_EU_BE_05","INBO","WIJ1","AIR","EnvEurope",3,3,0,2016,4,26,{"$nulls":8},"TEMP","DB","METH_2",5.37730915625,"°C",null,"X"]
["METEO","LTER_EU_BE_05","INBO","WIJ1","AIR","EnvEurope",3,3,0,2016,4,27,{"$nulls":8},"TEMP","DB","METH_2",6.4892015416666675,"°C",null,"X"]
["METEO","LTER_EU_BE_05","INBO","WIJ1","AIR","EnvEurope",3,3,0,2016,4,28,{"$nulls":8},"TEMP","DB","METH_2",5.415382035802083,"°C",null,"X"]
["METEO","LTER_EU_BE_05","INBO","WIJ1","AIR","EnvEurope",3,3,0,2016,4,29,{"$nulls":8},"TEMP","DB","METH_2",8.023368229166673,"°C",null,"X"]
["METEO","LTER_EU_BE_05","INBO","WIJ1","AIR","EnvEurope",3,3,0,2016,4,30,{"$nulls":8},"TEMP","DB","METH_2",7.349983520833335,"°C",null,"X"]
["METEO","LTER_EU_BE_05","INBO","WIJ1","AIR","EnvEurope",3,3,0,2016,5,1,{"$nulls":8},"TEMP","DB","METH_2",8.162795593750005,"°C",null,"X"]
["METEO","LTER_EU_BE_05","INBO","WIJ1","AIR","EnvEurope",3,3,0,2016,5,2,{"$nulls":8},"TEMP","DB","METH_2",9.560606697916667,"°C",null,"X"]
["METEO","LTER_EU_BE_05","INBO","WIJ1","AIR","EnvEurope",3,3,0,2016,5,3,{"$nulls":8},"TEMP","DB","METH_2",10.313836927083335,"°C",null,"X"]
["METEO","LTER_EU_BE_05","INBO","WIJ1","AIR","EnvEurope",3,3,0,2016,5,4,{"$nulls":8},"TEMP","DB","METH_2",10.715712458333334,"°C",null,"X"]
["METEO","LTER_EU_BE_05","INBO","WIJ1","AIR","EnvEurope",3,3,0,2016,5,5,{"$nulls":8},"TEMP","DB","METH_2",13.188836718750002,"°C",null,"X"]
["METEO","LTER_EU_BE_05","INBO","WIJ1","AIR","EnvEurope",3,3,0,2016,5,6,{"$nulls":8},"TEMP","DB","METH_2",16.390556322916662,"°C",null,"X"]
["METEO","LTER_EU_BE_05","INBO","WIJ1","AIR","EnvEurope",3,3,0,2016,5,7,{"$nulls":8},"TEMP","DB","METH_2",18.458142083333325,"°C",null,"X"]
["METEO","LTER_EU_BE_05","INBO","WIJ1","AIR","EnvEurope",3,3,0,2016,5,8,{"$nulls":8},"TEMP","DB","METH_2",20.081302812499988,"°C",null,"X"]
["METEO","LTER_EU_BE_05","INBO","WIJ1","AIR","EnvEurope",3,3,0,2016,5,9,{"$nulls":8},"TEMP","DB","METH_2",19.00967041666667,"°C",null,"X"]
["METEO","LTER_EU_BE_05","INBO","WIJ1","AIR","EnvEurope",3,3,0,2016,5,10,{"$nulls":8},"TEMP","DB","METH_2",16.7886465625,"°C",null,"X"]
["METEO","LTER_EU_BE_05","INBO","WIJ1","AIR","EnvEurope",3,3,0,2016,5,11,{"$nulls":8},"TEMP","DB","METH_2",17.4594103125,"°C",null,"X"]
["METEO","LTER_EU_BE_05","INBO","WIJ1","AIR","EnvEurope",3,3,0,2016,5,12,{"$nulls":8},"TEMP","DB","METH_2",17.55848927083333,"°C",null,"X"]
["METEO","LTER_EU_BE_05","INBO","WIJ1","AIR","EnvEurope",3,3,0,2016,5,13,{"$nulls":8},"TEMP","DB","METH_2",14.348611260416666,"°C",null,"X"]
["METEO","LTER_EU_BE_05","INBO","WIJ1","AIR","EnvEurope",3,3,0,2016,5,14,{"$nulls":8},"TEMP","DB","METH_2",9.374878218749998,"°C",null,"X"]
["METEO","LTER_EU_BE_05","INBO","WIJ1","AIR","EnvEurope",3,3,0,2016,5,15,{"$nulls":8},"TEMP","DB","METH_2",9.51447884375,"°C",null,"X"]
["METEO","LTER_EU_BE_05","INBO","WIJ1","AIR","EnvEurope",3,3,0,2016,5,16,{"$nulls":8},"TEMP","DB","METH_2",10.441630864583333,"°C",null,"X"]
["METEO","LTER_EU_BE_05","INBO","WIJ1","AIR","EnvEurope",3,3,0,2016,5,17,{"$nulls":8},"TEMP","DB","METH_2",12.981753385416667,"°C",null,"X"]
["METEO","LTER_EU_BE_05","INBO","WIJ1","AIR","EnvEurope",3,3,0,2016,5,18,{"$nulls":8},"TEMP","DB","METH_2",12.370486291666671,"°C",null,"X"]
["METEO","LTER_EU_BE_05","INBO","WIJ1","AIR","EnvEurope",3,3,0,2016,5,19,{"$nulls":8},"TEMP","DB","METH_2",12.096492927083338,"°C",null,"X"]
["METEO","LTER_EU_BE_05","INBO","WIJ1","AIR","EnvEurope",3,3,0,2016,5,20,{"$nulls":8},"TEMP","DB","METH_2",14.474307083333342,"°C",null,"X"]
["METEO","LTER_EU_BE_05","INBO","WIJ1","AIR","EnvEurope",3,3,0,2016,5,21,{"$nulls":8},"TEMP","DB","METH_2",17.595626041666666,"°C",null,"X"]
["METEO","LTER_EU_BE_05","INBO","WIJ1","AIR","EnvEurope",3,3,0,2016,5,22,{"$nulls":8},"TEMP","DB","METH_2",14.211476249999997,"°C",null,"X"]
["METEO","LTER_EU_BE_05","INBO","WIJ1","AIR","EnvEurope",3,3,0,2016,5,23,{"$nulls":8},"TEMP","DB","METH_2",12.306753229166667,"°C",null,"X"]
["METEO","LTER_EU_BE_05","INBO","WIJ1","AIR","EnvEurope",3,3,0,2016,5,24,{"$nulls":8},"TEMP","DB","METH_2",11.424306354166667,"°C",null,"X"]
["METEO","LTER_EU_BE_05","INBO","WIJ1","AIR","EnvEurope",3,3,0,2016,5,25,{"$nulls":8},"TEMP","DB","METH_2",11.1659373125,"°C",null,"X"]
["METEO","LTER_EU_BE_05","INBO","WIJ1","AIR","EnvEurope",3,3,0,2016,5,26,{"$nulls":8},"TEMP","DB","METH_2",12.84751716666667,"°C",null,"X"]
["METEO","LTER_EU_BE_05","INBO","WIJ1","AIR","EnvEurope",3,3,0,2016,5,27,{"$nulls":8},"TEMP","DB","METH_2",16.696023437500006,"°C",null,"X"]
["METEO","LTER_EU_BE_05","INBO","WIJ1","AIR","EnvEurope",3,3,0,2016,5,28,{"$nulls":8},"TEMP","DB","METH_2",15.332951041666668,"°C",null,"X"]
["METEO","LTER_EU_BE_05","INBO","WIJ1","AIR","EnvEurope",3,3,0,2016,5,29,{"$nulls":8},"TEMP","DB","METH_2",15.287846666666667,"°C",null,"X"]
["METEO","LTER_EU_BE_05","INBO","WIJ1","AIR","EnvEurope",3,3,0,2016,5,30,{"$nulls":8},"TEMP","DB","METH_2",12.5872578125,"°C",null,"X"]
["METEO","LTER_EU_BE_05","INBO","WIJ1","AIR","EnvEurope",3,3,0,2016,5,31,{"$nulls":8},"TEMP","DB","METH_2",14.276042083333335,"°C",null,"X"]
["METEO","LTER_EU_BE_05","INBO","WIJ1","AIR","EnvEurope",3,3,0,2016,6,1,{"$nulls":8},"TEMP","DB","METH_2",13.3511971875,"°C",null,"X"]
["METEO","LTER_EU_BE_05","INBO","WIJ1","AIR","EnvEurope",3,3,0,2016,6,2,{"$nulls":8},"TEMP","DB","METH_2",11.804774062500007,"°C",null,"X"]
["METEO","LTER_EU_BE_05","INBO","WIJ1","AIR","EnvEurope",3,3,0,2016,6,3,{"$nulls":8},"TEMP","DB","METH_2",12.01308875,"°C",null,"X"]
["METEO","LTER_EU_BE_05","INBO","WIJ1","AIR","EnvEurope",3,3,0,2016,6,4,{"$nulls":8},"TEMP","DB","METH_2",13.086805729166668,"°C",null,"X"]
["METEO","LTER_EU_BE_05","INBO","WIJ1","AIR","EnvEurope",3,3,0,2016,6,5,{"$nulls":8},"TEMP","DB","METH_2",15.326753125000005,"°C",null,"X"]
["METEO","LTER_EU_BE_05","INBO","WIJ1","AIR","EnvEurope",3,3,0,2016,6,6,{"$nulls":8},"TEMP","DB","METH_2",16.92309083333333,"°C",null,"X"]
["METEO","LTER_EU_BE_05","INBO","WIJ1","AIR","EnvEurope",3,3,0,2016,6,7,{"$nulls":8},"TEMP","DB","METH_2",19.118368125,"°C",null,"X"]
["METEO","LTER_EU_BE_05","INBO","WIJ1","AIR","EnvEurope",3,3,0,2016,6,8,{"$nulls":8},"TEMP","DB","METH_2",16.344149791666663,"°C",null,"X"]
["METEO","LTER_EU_BE_05","INBO","WIJ1","AIR","EnvEurope",3,3,0,2016,6,9,{"$nulls":8},"TEMP","DB","METH_2",14.556336458333325,"°C",null,"X"]
["METEO","LTER_EU_BE_05","INBO","WIJ1","AIR","EnvEurope",3,3,0,2016,6,10,{"$nulls":8},"TEMP","DB","METH_2",15.382238916666664,"°C",null,"X"]
["METEO","LTER_EU_BE_05","INBO","WIJ1","AIR","EnvEurope",3,3,0,2016,6,11,{"$nulls":8},"TEMP","DB","METH_2",17.304097916666663,"°C",null,"X"]
["METEO","LTER_EU_BE_05","INBO","WIJ1","AIR","EnvEurope",3,3,0,2016,6,12,{"$nulls":8},"TEMP","DB","METH_2",16.744634166666668,"°C",null,"X"]
["METEO","LTER_EU_BE_05","INBO","WIJ1","AIR","EnvEurope",3,3,0,2016,6,13,{"$nulls":8},"TEMP","DB","METH_2",15.755831979166663,"°C",null,"X"]
["METEO","LTER_EU_BE_05","INBO","WIJ1","AIR","EnvEurope",3,3,0,2016,6,14,{"$nulls":8},"TEMP","DB","METH_2",15.340765625000003,"°C",null,"X"]
["METEO","LTER_EU_BE_05","INBO","WIJ1","AIR","EnvEurope",3,3,0,2016,6,15,{"$nulls":8},"TEMP","DB","METH_2",15.016544999999995,"°C",null,"X"]
["METEO","LTER_EU_BE_05","INBO","WIJ1","AIR","EnvEurope",3,3,0,2016,6,16,{"$nulls":8},"TEMP","DB","METH_2",14.148628458333334,"°C",null,"X"]
["METEO","LTER_EU_BE_05","INBO","WIJ1","AIR","EnvEurope",3,3,0,2016,6,17,{"$nulls":8},"TEMP","DB","METH_2",14.56355875,"°C",null,"X"]
["METEO","LTER_EU_BE_05","INBO","WIJ1","AIR","EnvEurope",3,3,0,2016,6,18,{"$nulls":8},"TEMP","DB","METH_2",13.544774270833335,"°C",null,"X"]
["METEO","LTER_EU_BE_05","INBO","WIJ1","AIR","EnvEurope",3,3,0,2016,6,19,{"$nulls":8},"TEMP","DB","METH_2",14.234878666666667,"°C",null,"X"]
["METEO","LTER_EU_BE_05","INBO","WIJ1","AIR","EnvEurope",3,3,0,2016,6,20,{"$nulls":8},"TEMP","DB","METH_2",15.320260416666658,"°C",null,"X"]
["METEO","LTER_EU_BE_05","INBO","WIJ1","AIR","EnvEurope",3,3,0,2016,6,21,{"$nulls":8},"TEMP","DB","METH_2",16.633856041666665,"°C",null,"X"]
["METEO","LTER_EU_BE_05","INBO","WIJ1","AIR","EnvEurope",3,3,0,2016,6,22,{"$nulls":8},"TEMP","DB","METH_2",18.7345140625,"°C",null,"X"]
["METEO","LTER_EU_BE_05","INBO","WIJ1","AIR","EnvEurope",3,3,0,2016,6,23,{"$nulls":8},"TEMP","DB","METH_2",20.635641041666663,"°C",null,"X"]
["METEO","LTER_EU_BE_05","INBO","WIJ1","AIR","EnvEurope",3,3,0,2016,6,24,{"$nulls":8},"TEMP","DB","METH_2",18.675833020833334,"°C",null,"X"]
["METEO","LTER_EU_BE_05","INBO","WIJ1","AIR","EnvEurope",3,3,0,2016,6,25,{"$nulls":8},"TEMP","DB","METH_2",15.257603020833324,"°C",null,"X"]
["METEO","LTER_EU_BE_05","INBO","WIJ1","AIR","EnvEurope",3,3,0,2016,6,26,{"$nulls":8},"TEMP","DB","METH_2",14.986545416666672,"°C",null,"X"]
["METEO","LTER_EU_BE_05","INBO","WIJ1","AIR","EnvEurope",3,3,0,2016,6,27,{"$nulls":8},"TEMP","DB","METH_2",15.352690729166667,"°C",null,"X"]
["METEO","LTER_EU_BE_05","INBO","WIJ1","AIR","EnvEurope",3,3,0,2016,6,28,{"$nulls":8},"TEMP","DB","METH_2",15.988696770833327,"°C",null,"X"]
["METEO","LTER_EU_BE_05","INBO","WIJ1","AIR","EnvEurope",3,3,0,2016,6,29,{"$nulls":8},"TEMP","DB","METH_2",15.074550208333333,"°C",null,"X"]
["METEO","LTER_EU_BE_05","INBO","WIJ1","AIR","EnvEurope",3,3,0,2016,6,30,{"$nulls":8},"TEMP","DB","METH_2",16.219426145833335,"°C",null,"X"]
["METEO","LTER_EU_BE_05","INBO","WIJ1","AIR","EnvEurope",3,3,0,2016,7,1,{"$nulls":8},"TEMP","DB","METH_2",16.09477541666666,"°C",null,"X"]
["METEO","LTER_EU_BE_05","INBO","WIJ1","AIR","EnvEurope",3,3,0,2016,7,2,{"$nulls":8},"TEMP","DB","METH_2",14.66861177083333,"°C",null,"X"]
["METEO","LTER_EU_BE_05","INBO","WIJ1","AIR","EnvEurope",3,3,0,2016,7,3,{"$nulls":8},"TEMP","DB","METH_2",14.822795312499998,"°C",null,"X"]
["METEO","LTER_EU_BE_05","INBO","WIJ1","AIR","EnvEurope",3,3,0,2016,7,4,{"$nulls":8},"TEMP","DB","METH_2",15.964391979166669,"°C",null,"X"]
["METEO","LTER_EU_BE_05","INBO","WIJ1","AIR","EnvEurope",3,3,0,2016,7,5,{"$nulls":8},"TEMP","DB","METH_2",16.07336854166667,"°C",null,"X"]
["METEO","LTER_EU_BE_05","INBO","WIJ1","AIR","EnvEurope",3,3,0,2016,7,6,{"$nulls":8},"TEMP","DB","METH_2",15.176336875000004,"°C",null,"X"]
["METEO","LTER_EU_BE_05","INBO","WIJ1","AIR","EnvEurope",3,3,0,2016,7,7,{"$nulls":8},"TEMP","DB","METH_2",16.283644687499994,"°C",null,"X"]
["METEO","LTER_EU_BE_05","INBO","WIJ1","AIR","EnvEurope",3,3,0,2016,7,8,{"$nulls":8},"TEMP","DB","METH_2",17.178107604166666,"°C",null,"X"]
["METEO","LTER_EU_BE_05","INBO","WIJ1","AIR","EnvEurope",3,3,0,2016,7,9,{"$nulls":8},"TEMP","DB","METH_2",18.672136145833335,"°C",null,"X"]
["METEO","LTER_EU_BE_05","INBO","WIJ1","AIR","EnvEurope",3,3,0,2016,7,10,{"$nulls":8},"TEMP","DB","METH_2",19.437221354166663,"°C",null,"X"]
["METEO","LTER_EU_BE_05","INBO","WIJ1","AIR","EnvEurope",3,3,0,2016,7,11,{"$nulls":8},"TEMP","DB","METH_2",17.564426770833347,"°C",null,"X"]
["METEO","LTER_EU_BE_05","INBO","WIJ1","AIR","EnvEurope",3,3,0,2016,7,12,{"$nulls":8},"TEMP","DB","METH_2",16.11229291666666,"°C",null,"X"]
["METEO","LTER_EU_BE_05","INBO","WIJ1","AIR","EnvEurope",3,3,0,2016,7,13,{"$nulls":8},"TEMP","DB","METH_2",14.630955833333331,"°C",null,"X"]
["METEO","LTER_EU_BE_05","INBO","WIJ1","AIR","EnvEurope",3,3,0,2016,7,14,{"$nulls":8},"TEMP","DB","METH_2",14.300937395833335,"°C",null,"X"]
["METEO","LTER_EU_BE_05","INBO","WIJ1","AIR","EnvEurope",3,3,0,2016,7,15,{"$nulls":8},"TEMP","DB","METH_2",16.028802395833335,"°C",null,"X"]
["METEO","LTER_EU_BE_05","INBO","WIJ1","AIR","EnvEurope",3,3,0,2016,7,16,{"$nulls":8},"TEMP","DB","METH_2",19.440901041666663,"°C",null,"X"]
["METEO","LTER_EU_BE_05","INBO","WIJ1","AIR","EnvEurope",3,3,0,2016,7,17,{"$nulls":8},"TEMP","DB","METH_2",20.055711875,"°C",null,"X"]
["METEO","LTER_EU_BE_05","INBO","WIJ1","AIR","EnvEurope",3,3,0,2016,7,18,{"$nulls":8},"TEMP","DB","METH_2",20.30333302083333,"°C",null,"X"]
["METEO","LTER_EU_BE_05","INBO","WIJ1","AIR","EnvEurope",3,3,0,2016,7,19,{"$nulls":8},"TEMP","DB","METH_2",22.81382020833333,"°C",null,"X"]
["METEO","LTER_EU_BE_05","INBO","WIJ1","AIR","EnvEurope",3,3,0,2016,7,20,{"$nulls":8},"TEMP","DB","METH_2",23.48192729166667,"°C",null,"X"]
["METEO","LTER_EU_BE_05","INBO","WIJ1","AIR","EnvEurope",3,3,0,2016,7,21,{"$nulls":8},"TEMP","DB","METH_2",19.1937146875,"°C",null,"X"]
["METEO","LTER_EU_BE_05","INBO","WIJ1","AIR","EnvEurope",3,3,0,2016,7,22,{"$nulls":8},"TEMP","DB","METH_2",18.75645895833333,"°C",null,"X"]
["METEO","LTER_EU_BE_05","INBO","WIJ1","AIR","EnvEurope",3,3,0,2016,7,23,{"$nulls":8},"TEMP","DB","METH_2",18.359670937499995,"°C",null,"X"]
["METEO","LTER_EU_BE_05","INBO","WIJ1","AIR","EnvEurope",3,3,0,2016,7,24,{"$nulls":8},"TEMP","DB","METH_2",18.048402916666664,"°C",null,"X"]
["METEO","LTER_EU_BE_05","INBO","WIJ1","AIR","EnvEurope",3,3,0,2016,7,25,{"$nulls":8},"TEMP","DB","METH_2",19.36473916666667,"°C",null,"X"]
["METEO","LTER_EU_BE_05","INBO","WIJ1","AIR","EnvEurope",3,3,0,2016,7,26,{"$nulls":8},"TEMP","DB","METH_2",16.865935937499994,"°C",null,"X"]
["METEO","LTER_EU_BE_05","INBO","WIJ1","AIR","EnvEurope",3,3,0,2016,7,27,{"$nulls":8},"TEMP","DB","METH_2",16.493611249999997,"°C",null,"X"]
["METEO","LTER_EU_BE_05","INBO","WIJ1","AIR","EnvEurope",3,3,0,2016,7,28,{"$nulls":8},"TEMP","DB","METH_2",18.634236249999997,"°C",null,"X"]
["METEO","LTER_EU_BE_05","INBO","WIJ1","AIR","EnvEurope",3,3,0,2016,7,29,{"$nulls":8},"TEMP","DB","METH_2",17.875364479166663,"°C",null,"X"]
["METEO","LTER_EU_BE_05","INBO","WIJ1","AIR","EnvEurope",3,3,0,2016,7,30,{"$nulls":8},"TEMP","DB","METH_2",16.724861250000004,"°C",null,"X"]
["METEO","LTER_EU_BE_05","INBO","WIJ1","AIR","EnvEurope",3,3,0,2016,7,31,{"$nulls":8},"TEMP","DB","METH_2",16.934721145833333,"°C",null,"X"]
["METEO","LTER_EU_BE_05","INBO","WIJ1","AIR","EnvEurope",3,3,0,2016,8,1,{"$nulls":8},"TEMP","DB","METH_2",15.917569687500006,"°C",null,"X"]
["METEO","LTER_EU_BE_05","INBO","WIJ1","AIR","EnvEurope",3,3,0,2016,8,2,{"$nulls":8},"TEMP","DB","METH_2",16.27128614583334,"°C",null,"X"]
["METEO","LTER_EU_BE_05","INBO","WIJ1","AIR","EnvEurope",3,3,0,2016,8,3,{"$nulls":8},"TEMP","DB","METH_2",17.786718958333328,"°C",null,"X"]
["METEO","LTER_EU_BE_05","INBO","WIJ1","AIR","EnvEurope",3,3,0,2016,8,4,{"$nulls":8},"TEMP","DB","METH_2",16.887013020833336,"°C",null,"X"]
["METEO","LTER_EU_BE_05","INBO","WIJ1","AIR","EnvEurope",3,3,0,2016,8,5,{"$nulls":8},"TEMP","DB","METH_2",16.897447291666662,"°C",null,"X"]
["METEO","LTER_EU_BE_05","INBO","WIJ1","AIR","EnvEurope",3,3,0,2016,8,6,{"$nulls":8},"TEMP","DB","METH_2",16.827777083333334,"°C",null,"X"]
["METEO","LTER_EU_BE_05","INBO","WIJ1","AIR","EnvEurope",3,3,0,2016,8,7,{"$nulls":8},"TEMP","DB","METH_2",18.09125020833334,"°C",null,"X"]
["METEO","LTER_EU_BE_05","INBO","WIJ1","AIR","EnvEurope",3,3,0,2016,8,8,{"$nulls":8},"TEMP","DB","METH_2",16.878107395833336,"°C",null,"X"]
["METEO","LTER_EU_BE_05","INBO","WIJ1","AIR","EnvEurope",3,3,0,2016,8,9,{"$nulls":8},"TEMP","DB","METH_2",14.285120416666667,"°C",null,"X"]
["METEO","LTER_EU_BE_05","INBO","WIJ1","AIR","EnvEurope",3,3,0,2016,8,10,{"$nulls":8},"TEMP","DB","METH_2",11.990034395833332,"°C",null,"X"]
["METEO","LTER_EU_BE_05","INBO","WIJ1","AIR","EnvEurope",3,3,0,2016,8,11,{"$nulls":8},"TEMP","DB","METH_2",13.59505013541667,"°C",null,"X"]
["METEO","LTER_EU_BE_05","INBO","WIJ1","AIR","EnvEurope",3,3,0,2016,8,12,{"$nulls":8},"TEMP","DB","METH_2",17.937015,"°C",null,"X"]
["METEO","LTER_EU_BE_05","INBO","WIJ1","AIR","EnvEurope",3,3,0,2016,8,13,{"$nulls":8},"TEMP","DB","METH_2",17.819687499999997,"°C",null,"X"]
["METEO","LTER_EU_BE_05","INBO","WIJ1","AIR","EnvEurope",3,3,0,2016,8,14,{"$nulls":8},"TEMP","DB","METH_2",16.872170416666666,"°C",null,"X"]
["METEO","LTER_EU_BE_05","INBO","WIJ1","AIR","EnvEurope",3,3,0,2016,8,15,{"$nulls":8},"TEMP","DB","METH_2",16.527100104166667,"°C",null,"X"]
["METEO","LTER_EU_BE_05","INBO","WIJ1","AIR","EnvEurope",3,3,0,2016,8,16,{"$nulls":8},"TEMP","DB","METH_2",17.306666041666666,"°C",null,"X"]
["METEO","LTER_EU_BE_05","INBO","WIJ1","AIR","EnvEurope",3,3,0,2016,8,17,{"$nulls":8},"TEMP","DB","METH_2",18.263141562500003,"°C",null,"X"]
["METEO","LTER_EU_BE_05","INBO","WIJ1","AIR","EnvEurope",3,3,0,2016,8,18,{"$nulls":8},"TEMP","DB","METH_2",18.5770828125,"°C",null,"X"]
["METEO","LTER_EU_BE_05","INBO","WIJ1","AIR","EnvEurope",3,3,0,2016,8,19,{"$nulls":8},"TEMP","DB","METH_2",18.327482916666664,"°C",null,"X"]
["METEO","LTER_EU_BE_05","INBO","WIJ1","AIR","EnvEurope",3,3,0,2016,8,20,{"$nulls":8},"TEMP","DB","METH_2",17.264547812499995,"°C",null,"X"]
["METEO","LTER_EU_BE_05","INBO","WIJ1","AIR","EnvEurope",3,3,0,2016,8,21,{"$nulls":8},"TEMP","DB","METH_2",16.461858541666665,"°C",null,"X"]
["METEO","LTER_EU_BE_05","INBO","WIJ1","AIR","EnvEurope",3,3,0,2016,8,22,{"$nulls":8},"TEMP","DB","METH_2",18.46418552083333,"°C",null,"X"]
["METEO","LTER_EU_BE_05","INBO","WIJ1","AIR","EnvEurope",3,3,0,2016,8,23,{"$nulls":8},"TEMP","DB","METH_2",19.6876728125,"°C",null,"X"]
["METEO","LTER_EU_BE_05","INBO","WIJ1","AIR","EnvEurope",3,3,0,2016,8,24,{"$nulls":8},"TEMP","DB","METH_2",23.632899270833338,"°C",null,"X"]
["METEO","LTER_EU_BE_05","INBO","WIJ1","AIR","EnvEurope",3,3,0,2016,8,25,{"$nulls":8},"TEMP","DB","METH_2",23.21116385416667,"°C",null,"X"]
["METEO","LTER_EU_BE_05","INBO","WIJ1","AIR","EnvEurope",3,3,0,2016,8,26,{"$nulls":8},"TEMP","DB","METH_2",20.51861114583333,"°C",null,"X"]
["METEO","LTER_EU_BE_05","INBO","WIJ1","AIR","EnvEurope",3,3,0,2016,8,27,{"$nulls":8},"TEMP","DB","METH_2",22.282186562500012,"°C",null,"X"]
["METEO","LTER_EU_BE_05","INBO","WIJ1","AIR","EnvEurope",3,3,0,2016,8,28,{"$nulls":8},"TEMP","DB","METH_2",19.441232291666665,"°C",null,"X"]
["METEO","LTER_EU_BE_05","INBO","WIJ1","AIR","EnvEurope",3,3,0,2016,8,29,{"$nulls":8},"TEMP","DB","METH_2",17.48156145833333,"°C",null,"X"]
["METEO","LTER_EU_BE_05","INBO","WIJ1","AIR","EnvEurope",3,3,0,2016,8,30,{"$nulls":8},"TEMP","DB","METH_2",16.66717010416667,"°C",null,"X"]
["METEO","LTER_EU_BE_05","INBO","WIJ1","AIR","EnvEurope",3,3,0,2016,8,31,{"$nulls":8},"TEMP","DB","METH_2",17.669026770833334,"°C",null,"X"]
["METEO","LTER_EU_BE_05","INBO","WIJ1","AIR","EnvEurope",3,3,0,2016,9,1,{"$nulls":8},"TEMP","DB","METH_2",17.14258718749999,"°C",null,"X"]
["METEO","LTER_EU_BE_05","INBO","WIJ1","AIR","EnvEurope",3,3,0,2016,9,2,{"$nulls":8},"TEMP","DB","METH_2",15.42744895833333,"°C",null,"X"]
["METEO","LTER_EU_BE_05","INBO","WIJ1","AIR","EnvEurope",3,3,0,2016,9,3,{"$nulls":8},"TEMP","DB","METH_2",17.335624999999997,"°C",null,"X"]
["METEO","LTER_EU_BE_05","INBO","WIJ1","AIR","EnvEurope",3,3,0,2016,9,4,{"$nulls":8},"TEMP","DB","METH_2",18.150762812499995,"°C",null,"X"]
["METEO","LTER_EU_BE_05","INBO","WIJ1","AIR","EnvEurope",3,3,0,2016,9,5,{"$nulls":8},"TEMP","DB","METH_2",17.750988124999992,"°C",null,"X"]
["METEO","LTER_EU_BE_05","INBO","WIJ1","AIR","EnvEurope",3,3,0,2016,9,6,{"$nulls":8},"TEMP","DB","METH_2",20.085919062499993,"°C",null,"X"]
["METEO","LTER_EU_BE_05","INBO","WIJ1","AIR","EnvEurope",3,3,0,2016,9,7,{"$nulls":8},"TEMP","DB","METH_2",19.981319895833334,"°C",null,"X"]
["METEO","LTER_EU_BE_05","INBO","WIJ1","AIR","EnvEurope",3,3,0,2016,9,8,{"$nulls":8},"TEMP","DB","METH_2",18.812499687499997,"°C",null,"X"]
["METEO","LTER_EU_BE_05","INBO","WIJ1","AIR","EnvEurope",3,3,0,2016,9,9,{"$nulls":8},"TEMP","DB","METH_2",16.85309052083333,"°C",null,"X"]
["METEO","LTER_EU_BE_05","INBO","WIJ1","AIR","EnvEurope",3,3,0,2016,9,10,{"$nulls":8},"TEMP","DB","METH_2",18.04270947916667,"°C",null,"X"]
["METEO","LTER_EU_BE_05","INBO","WIJ1","AIR","EnvEurope",3,3,0,2016,9,11,{"$nulls":8},"TEMP","DB","METH_2",19.14126854166666,"°C",null,"X"]
["METEO","LTER_EU_BE_05","INBO","WIJ1","AIR","EnvEurope",3,3,0,2016,9,12,{"$nulls":8},"TEMP","DB","METH_2",21.311632395833332,"°C",null,"X"]
["METEO","LTER_EU_BE_05","INBO","WIJ1","AIR","EnvEurope",3,3,0,2016,9,13,{"$nulls":8},"TEMP","DB","METH_2",23.24024333333334,"°C",null,"X"]
["METEO","LTER_EU_BE_05","INBO","WIJ1","AIR","EnvEurope",3,3,0,2016,9,14,{"$nulls":8},"TEMP","DB","METH_2",21.784045833333337,"°C",null,"X"]
["METEO","LTER_EU_BE_05","INBO","WIJ1","AIR","EnvEurope",3,3,0,2016,9,15,{"$nulls":8},"TEMP","DB","METH_2",20.369304479166676,"°C",null,"X"]
["METEO","LTER_EU_BE_05","INBO","WIJ1","AIR","EnvEurope",3,3,0,2016,9,16,{"$nulls":8},"TEMP","DB","METH_2",16.914775000000002,"°C",null,"X"]
["METEO","LTER_EU_BE_05","INBO","WIJ1","AIR","EnvEurope",3,3,0,2016,9,17,{"$nulls":8},"TEMP","DB","METH_2",15.203195312500002,"°C",null,"X"]
["METEO","LTER_EU_BE_05","INBO","WIJ1","AIR","EnvEurope",3,3,0,2016,9,18,{"$nulls":8},"TEMP","DB","METH_2",17.20819427083333,"°C",null,"X"]
["METEO","LTER_EU_BE_05","INBO","WIJ1","AIR","EnvEurope",3,3,0,2016,9,19,{"$nulls":8},"TEMP","DB","METH_2",15.782170104166665,"°C",null,"X"]
["METEO","LTER_EU_BE_05","INBO","WIJ1","AIR","EnvEurope",3,3,0,2016,9,20,{"$nulls":8},"TEMP","DB","METH_2",15.770728749999998,"°C",null,"X"]
["METEO","LTER_EU_BE_05","INBO","WIJ1","AIR","EnvEurope",3,3,0,2016,9,21,{"$nulls":8},"TEMP","DB","METH_2",14.805710604166665,"°C",null,"X"]
["METEO","LTER_EU_BE_05","INBO","WIJ1","AIR","EnvEurope",3,3,0,2016,9,22,{"$nulls":8},"TEMP","DB","METH_2",15.264079062499995,"°C",null,"X"]
["METEO","LTER_EU_BE_05","INBO","WIJ1","AIR","EnvEurope",3,3,0,2016,9,23,{"$nulls":8},"TEMP","DB","METH_2",14.850295104166667,"°C",null,"X"]
["METEO","LTER_EU_BE_05","INBO","WIJ1","AIR","EnvEurope",3,3,0,2016,9,24,{"$nulls":8},"TEMP","DB","METH_2",16.04113,"°C",null,"X"]
["METEO","LTER_EU_BE_05","INBO","WIJ1","AIR","EnvEurope",3,3,0,2016,9,25,{"$nulls":8},"TEMP","DB","METH_2",14.804253541666668,"°C",null,"X"]
["METEO","LTER_EU_BE_05","INBO","WIJ1","AIR","EnvEurope",3,3,0,2016,9,26,{"$nulls":8},"TEMP","DB","METH_2",12.20658023958333,"°C",null,"X"]
["METEO","LTER_EU_BE_05","INBO","WIJ1","AIR","EnvEurope",3,3,0,2016,9,27,{"$nulls":8},"TEMP","DB","METH_2",14.55001783333333,"°C",null,"X"]
["METEO","LTER_EU_BE_05","INBO","WIJ1","AIR","EnvEurope",3,3,0,2016,9,28,{"$nulls":8},"TEMP","DB","METH_2",18.13637072916666,"°C",null,"X"]
["METEO","LTER_EU_BE_05","INBO","WIJ1","AIR","EnvEurope",3,3,0,2016,9,29,{"$nulls":8},"TEMP","DB","METH_2",15.276287812500009,"°C",null,"X"]
["METEO","LTER_EU_BE_05","INBO","WIJ1","AIR","EnvEurope",3,3,0,2016,9,30,{"$nulls":8},"TEMP","DB","METH_2",13.643542812500003,"°C",null,"X"]
["METEO","LTER_EU_BE_05","INBO","WIJ1","AIR","EnvEurope",3,3,0,2016,1,1,{"$nulls":8},"PREC","DB","METH_1",0.14999998000000003,"mm",null,"S"]
["METEO","LTER_EU_BE_05","INBO","WIJ1","AIR","EnvEurope",3,3,0,2016,1,2,{"$nulls":8},"PREC","DB","METH_1",2.5099998599999993,"mm",null,"S"]
["METEO","LTER_EU_BE_05","INBO","WIJ1","AIR","EnvEurope",3,3,0,2016,1,3,{"$nulls":8},"PREC","DB","METH_1",15.669994589999995,"mm",null,"S"]
["METEO","LTER_EU_BE_05","INBO","WIJ1","AIR","EnvEurope",3,3,0,2016,1,4,{"$nulls":8},"PREC","DB","METH_1",1.2999998900000003,"mm",null,"S"]
["METEO","LTER_EU_BE_05","INBO","WIJ1","AIR","EnvEurope",3,3,0,2016,1,5,{"$nulls":8},"PREC","DB","METH_1",0.10999999,"mm",null,"S"]
["METEO","LTER_EU_BE_05","INBO","WIJ1","AIR","EnvEurope",3,3,0,2016,1,6,{"$nulls":8},"PREC","DB","METH_1",0.03,"mm",null,"S"]
["METEO","LTER_EU_BE_05","INBO","WIJ1","AIR","EnvEurope",3,3,0,2016,1,7,{"$nulls":8},"PREC","DB","METH_1",13.139996879999996,"mm",null,"S"]
["METEO","LTER_EU_BE_05","INBO","WIJ1","AIR","EnvEurope",3,3,0,2016,1,8,{"$nulls":8},"PREC","DB","METH_1",0,"mm",null,"S"]
["METEO","LTER_EU_BE_05","INBO","WIJ1","AIR","EnvEurope",3,3,0,2016,1,9,{"$nulls":8},"PREC","DB","METH_1",0.8399999600000001,"mm",null,"S"]
["METEO","LTER_EU_BE_05","INBO","WIJ1","AIR","EnvEurope",3,3,0,2016,1,10,{"$nulls":8},"PREC","DB","METH_1",1.95999999,"mm",null,"S"]
["METEO","LTER_EU_BE_05","INBO","WIJ1","AIR","EnvEurope",3,3,0,2016,1,11,{"$nulls":8},"PREC","DB","METH_1",0.49999999,"mm",null,"S"]
["METEO","LTER_EU_BE_05","INBO","WIJ1","AIR","EnvEurope",3,3,0,2016,1,12,{"$nulls":8},"PREC","DB","METH_1",0.6999999800000001,"mm",null,"S"]
["METEO","LTER_EU_BE_05","INBO","WIJ1","AIR","EnvEurope",3,3,0,2016,1,13,{"$nulls":8},"PREC","DB","METH_1",0.8799999500000001,"mm",null,"S"]
["METEO","LTER_EU_BE_05","INBO","WIJ1","AIR","EnvEurope",3,3,0,2016,1,14,{"$nulls":8},"PREC","DB","METH_1",4.9899992599999985,"mm",null,"S"]
["METEO","LTER_EU_BE_05","INBO","WIJ1","AIR","EnvEurope",3,3,0,2016,1,15,{"$nulls":8},"PREC","DB","METH_1",10.659998089999997,"mm",null,"S"]
["METEO","LTER_EU_BE_05","INBO","WIJ1","AIR","EnvEurope",3,3,0,2016,1,16,{"$nulls":8},"PREC","DB","METH_1",1.0799999800000002,"mm",null,"S"]
["METEO","LTER_EU_BE_05","INBO","WIJ1","AIR","EnvEurope",3,3,0,2016,1,17,{"$nulls":8},"PREC","DB","METH_1",3.7100000000000004,"mm",null,"S"]
["METEO","LTER_EU_BE_05","INBO","WIJ1","AIR","EnvEurope",3,3,0,2016,1,18,{"$nulls":8},"PREC","DB","METH_1",0,"mm",null,"S"]
["METEO","LTER_EU_BE_05","INBO","WIJ1","AIR","EnvEurope",3,3,0,2016,1,19,{"$nulls":8},"PREC","DB","METH_1",0,"mm",null,"S"]
["METEO","LTER_EU_BE_05","INBO","WIJ1","AIR","EnvEurope",3,3,0,2016,1,20,{"$nulls":8},"PREC","DB","METH_1",0.37999999000000007,"mm",null,"S"]
["METEO","LTER_EU_BE_05","INBO","WIJ1","AIR","EnvEurope",3,3,0,2016,1,21,{"$nulls":8},"PREC","DB","METH_1",0,"mm",null,"S"]
["METEO","LTER_EU_BE_05","INBO","WIJ1","AIR","EnvEurope",3,3,0,2016,1,22,{"$nulls":8},"PREC","DB","METH_1",3.709999469999999,"mm",null,"S"]
["METEO","LTER_EU_BE_05","INBO","WIJ1","AIR","EnvEurope",3,3,0,2016,1,23,{"$nulls":8},"PREC","DB","METH_1",0,"mm",null,"S"]
["METEO","LTER_EU_BE_05","INBO","WIJ1","AIR","EnvEurope",3,3,0,2016,1,24,{"$nulls":8},"PREC","DB","METH_1",0.8899999700000001,"mm",null,"S"]
["METEO","LTER_EU_BE_05","INBO","WIJ1","AIR","EnvEurope",3,3,0,2016,1,25,{"$nulls":8},"PREC","DB","METH_1",0,"mm",null,"S"]
["METEO","LTER_EU_BE_05","INBO","WIJ1","AIR","EnvEurope",3,3,0,2016,1,26,{"$nulls":8},"PREC","DB","METH_1",0.01,"mm",null,"S"]
["METEO","LTER_EU_BE_05","INBO","WIJ1","AIR","EnvEurope",3,3,0,2016,1,27,{"$nulls":8},"PREC","DB","METH_1",2.2599997699999994,"mm",null,"S"]
["METEO","LTER_EU_BE_05","INBO","WIJ1","AIR","EnvEurope",3,3,0,2016,1,28,{"$nulls":8},"PREC","DB","METH_1",0.09999999,"mm",null,"S"]
["METEO","LTER_EU_BE_05","INBO","WIJ1","AIR","EnvEurope",3,3,0,2016,1,29,{"$nulls":8},"PREC","DB","METH_1",0,"mm",null,"S"]
["METEO","LTER_EU_BE_05","INBO","WIJ1","AIR","EnvEurope",3,3,0,2016,1,30,{"$nulls":8},"PREC","DB","METH_1",11.429998349999996,"mm",null,"S"]
["METEO","LTER_EU_BE_05","INBO","WIJ1","AIR","EnvEurope",3,3,0,2016,1,31,{"$nulls":8},"PREC","DB","METH_1",1.12999997,"mm",null,"S"]
["METEO","LTER_EU_BE_05","INBO","WIJ1","AIR","EnvEurope",3,3,0,2016,10,1,{"$nulls":8},"PREC","DB","METH_1",2.2999999900000003,"mm",null,"S"]
["METEO","LTER_EU_BE_05","INBO","WIJ1","AIR","EnvEurope",3,3,0,2016,10,2,{"$nulls":8},"PREC","DB","METH_1",10.619998800000001,"mm",null,"S"]
["METEO","LTER_EU_BE_05","INBO","WIJ1","AIR","EnvEurope",3,3,0,2016,10,3,{"$nulls":8},"PREC","DB","METH_1",0.17,"mm",null,"S"]
["METEO","LTER_EU_BE_05","INBO","WIJ1","AIR","EnvEurope",3,3,0,2016,10,4,{"$nulls":8},"PREC","DB","METH_1",0,"mm",null,"S"]
["METEO","LTER_EU_BE_05","INBO","WIJ1","AIR","EnvEurope",3,3,0,2016,10,5,{"$nulls":8},"PREC","DB","METH_1",0,"mm",null,"S"]
["METEO","LTER_EU_BE_05","INBO","WIJ1","AIR","EnvEurope",3,3,0,2016,10,6,{"$nulls":8},"PREC","DB","METH_1",0,"mm",null,"S"]
["METEO","LTER_EU_BE_05","INBO","WIJ1","AIR","EnvEurope",3,3,0,2016,10,7,{"$nulls":8},"PREC","DB","METH_1",0,"mm",null,"S"]
["METEO","LTER_EU_BE_05","INBO","WIJ1","AIR","EnvEurope",3,3,0,2016,10,8,{"$nulls":8},"PREC","DB","METH_1",0,"mm",null,"S"]
["METEO","LTER_EU_BE_05","INBO","WIJ1","AIR","EnvEurope",3,3,0,2016,10,9,{"$nulls":8},"PREC","DB","METH_1",0.7999997999999999,"mm",null,"S"]
["METEO","LTER_EU_BE_05","INBO","WIJ1","AIR","EnvEurope",3,3,0,2016,10,10,{"$nulls":8},"PREC","DB","METH_1",1.9199996700000002,"mm",null,"S"]
["METEO","LTER_EU_BE_05","INBO","WIJ1","AIR","EnvEurope",3,3,0,2016,10,11,{"$nulls":8},"PREC","DB","METH_1",0,"mm",null,"S"]
["METEO","LTER_EU_BE_05","INBO","WIJ1","AIR","EnvEurope",3,3,0,2016,10,12,{"$nulls":8},"PREC","DB","METH_1",0,"mm",null,"S"]
["METEO","LTER_EU_BE_05","INBO","WIJ1","AIR","EnvEurope",3,3,0,2016,10,13,{"$nulls":8},"PREC","DB","METH_1",0,"mm",null,"S"]
["METEO","LTER_EU_BE_05","INBO","WIJ1","AIR","EnvEurope",3,3,0,2016,10,14,{"$nulls":8},"PREC","DB","METH_1",1.00999996,"mm",null,"S"]
["METEO","LTER_EU_BE_05","INBO","WIJ1","AIR","EnvEurope",3,3,0,2016,10,15,{"$nulls":8},"PREC","DB","METH_1",3.1299998700000002,"mm",null,"S"]
["METEO","LTER_EU_BE_05","INBO","WIJ1","AIR","EnvEurope",3,3,0,2016,10,16,{"$nulls":8},"PREC","DB","METH_1",8.6199965,"mm",null,"S"]
["METEO","LTER_EU_BE_05","INBO","WIJ1","AIR","EnvEurope",3,3,0,2016,10,17,{"$nulls":8},"PREC","DB","METH_1",10.229995699999998,"mm",null,"S"]
["METEO","LTER_EU_BE_05","INBO","WIJ1","AIR","EnvEurope",3,3,0,2016,10,18,{"$nulls":8},"PREC","DB","METH_1",6.64999898,"mm",null,"S"]
["METEO","LTER_EU_BE_05","INBO","WIJ1","AIR","EnvEurope",3,3,0,2016,10,19,{"$nulls":8},"PREC","DB","METH_1",15.89999467,"mm",null,"S"]
["METEO","LTER_EU_BE_05","INBO","WIJ1","AIR","EnvEurope",3,3,0,2016,10,20,{"$nulls":8},"PREC","DB","METH_1",11.679998259999998,"mm",null,"S"]
["METEO","LTER_EU_BE_05","INBO","WIJ1","AIR","EnvEurope",3,3,0,2016,10,21,{"$nulls":8},"PREC","DB","METH_1",0.19,"mm",null,"S"]
["METEO","LTER_EU_BE_05","INBO","WIJ1","AIR","EnvEurope",3,3,0,2016,10,22,{"$nulls":8},"PREC","DB","METH_1",2.4600000999999994,"mm",null,"S"]
["METEO","LTER_EU_BE_05","INBO","WIJ1","AIR","EnvEurope",3,3,0,2016,10,23,{"$nulls":8},"PREC","DB","METH_1",0,"mm",null,"S"]
["METEO","LTER_EU_BE_05","INBO","WIJ1","AIR","EnvEurope",3,3,0,2016,10,24,{"$nulls":8},"PREC","DB","METH_1",0,"mm",null,"S"]
["METEO","LTER_EU_BE_05","INBO","WIJ1","AIR","EnvEurope",3,3,0,2016,10,25,{"$nulls":8},"PREC","DB","METH_1",0,"mm",null,"S"]
["METEO","LTER_EU_BE_05","INBO","WIJ1","AIR","EnvEurope",3,3,0,2016,10,26,{"$nulls":8},"PREC","DB","METH_1",0,"mm",null,"S"]
["METEO","LTER_EU_BE_05","INBO","WIJ1","AIR","EnvEurope",3,3,0,2016,10,27,{"$nulls":8},"PREC","DB","METH_1",0,"mm",null,"S"]
["METEO","LTER_EU_BE_05","INBO","WIJ1","AIR","EnvEurope",3,3,0,2016,10,28,{"$nulls":8},"PREC","DB","METH_1",0,"mm",null,"S"]
["METEO","LTER_EU_BE_05","INBO","WIJ1","AIR","EnvEurope",3,3,0,2016,10,29,{"$nulls":8},"PREC","DB","METH_1",0,"mm",null,"S"]
["METEO","LTER_EU_BE_05","INBO","WIJ1","AIR","EnvEurope",3,3,0,2016,10,30,{"$nulls":8},"PREC","DB","METH_1",0,"mm",null,"S"]
["METEO","LTER_EU_BE_05","INBO","WIJ1","AIR","EnvEurope",3,3,0,2016,10,31,{"$nulls":8},"PREC","DB","METH_1",0,"mm",null,"S"]
["METEO","LTER_EU_BE_05","INBO","WIJ1","AIR","EnvEurope",3,3,0,2016,11,1,{"$nulls":8},"PREC","DB","METH_1",0,"mm",null,"S"]
["METEO","LTER_EU_BE_05","INBO","WIJ1","AIR","EnvEurope",3,3,0,2016,11,2,{"$nulls":8},"PREC","DB","METH_1",0,"mm",null,"S"]
["METEO","LTER_EU_BE_05","INBO","WIJ1","AIR","EnvEurope",3,3,0,2016,11,3,{"$nulls":8},"PREC","DB","METH_1",0.060000000000000005,"mm",null,"S"]
["METEO","LTER_EU_BE_05","INBO","WIJ1","AIR","EnvEurope",3,3,0,2016,11,4,{"$nulls":8},"PREC","DB","METH_1",2.2499997999999994,"mm",null,"S"]
["METEO","LTER_EU_BE_05","INBO","WIJ1","AIR","EnvEurope",3,3,0,2016,11,5,{"$nulls":8},"PREC","DB","METH_1",2.94999977,"mm",null,"S"]
["METEO","LTER_EU_BE_05","INBO","WIJ1","AIR","EnvEurope",3,3,0,2016,11,6,{"$nulls":8},"PREC","DB","METH_1",3.5599997899999996,"mm",null,"S"]
["METEO","LTER_EU_BE_05","INBO","WIJ1","AIR","EnvEurope",3,3,0,2016,11,7,{"$nulls":8},"PREC","DB","METH_1",1.72999978,"mm",null,"S"]
["METEO","LTER_EU_BE_05","INBO","WIJ1","AIR","EnvEurope",3,3,0,2016,11,8,{"$nulls":8},"PREC","DB","METH_1",2.60999899,"mm",null,"S"]
["METEO","LTER_EU_BE_05","INBO","WIJ1","AIR","EnvEurope",3,3,0,2016,11,9,{"$nulls":8},"PREC","DB","METH_1",10.419998820000002,"mm",null,"S"]
["METEO","LTER_EU_BE_05","INBO","WIJ1","AIR","EnvEurope",3,3,0,2016,11,10,{"$nulls":8},"PREC","DB","METH_1",1.5799997799999999,"mm",null,"S"]
["METEO","LTER_EU_BE_05","INBO","WIJ1","AIR","EnvEurope",3,3,0,2016,11,11,{"$nulls":8},"PREC","DB","METH_1",1.46999967,"mm",null,"S"]
["METEO","LTER_EU_BE_05","INBO","WIJ1","AIR","EnvEurope",3,3,0,2016,11,12,{"$nulls":8},"PREC","DB","METH_1",0.47,"mm",null,"S"]
["METEO","LTER_EU_BE_05","INBO","WIJ1","AIR","EnvEurope",3,3,0,2016,11,13,{"$nulls":8},"PREC","DB","METH_1",0.31999999999999995,"mm",null,"S"]
["METEO","LTER_EU_BE_05","INBO","WIJ1","AIR","EnvEurope",3,3,0,2016,11,14,{"$nulls":8},"PREC","DB","METH_1",0.5599999800000001,"mm",null,"S"]
["METEO","LTER_EU_BE_05","INBO","WIJ1","AIR","EnvEurope",3,3,0,2016,11,15,{"$nulls":8},"PREC","DB","METH_1",0,"mm",null,"S"]
["METEO","LTER_EU_BE_05","INBO","WIJ1","AIR","EnvEurope",3,3,0,2016,11,16,{"$nulls":8},"PREC","DB","METH_1",7.54999737,"mm",null,"S"]
["METEO","LTER_EU_BE_05","INBO","WIJ1","AIR","EnvEurope",3,3,0,2016,11,17,{"$nulls":8},"PREC","DB","METH_1",9.239998640000001,"mm",null,"S"]
["METEO","LTER_EU_BE_05","INBO","WIJ1","AIR","EnvEurope",3,3,0,2016,11,18,{"$nulls":8},"PREC","DB","METH_1",20.259993570000002,"mm",null,"S"]
["METEO","LTER_EU_BE_05","INBO","WIJ1","AIR","EnvEurope",3,3,0,2016,11,19,{"$nulls":8},"PREC","DB","METH_1",8.78999762,"mm",null,"S"]
["METEO","LTER_EU_BE_05","INBO","WIJ1","AIR","EnvEurope",3,3,0,2016,11,20,{"$nulls":8},"PREC","DB","METH_1",4.259999859999999,"mm",null,"S"]
["METEO","LTER_EU_BE_05","INBO","WIJ1","AIR","EnvEurope",3,3,0,2016,11,21,{"$nulls":8},"PREC","DB","METH_1",2.289999779999999,"mm",null,"S"]
["METEO","LTER_EU_BE_05","INBO","WIJ1","AIR","EnvEurope",3,3,0,2016,11,22,{"$nulls":8},"PREC","DB","METH_1",0,"mm",null,"S"]
["METEO","LTER_EU_BE_05","INBO","WIJ1","AIR","EnvEurope",3,3,0,2016,11,23,{"$nulls":8},"PREC","DB","METH_1",2.789999809999999,"mm",null,"S"]
["METEO","LTER_EU_BE_05","INBO","WIJ1","AIR","EnvEurope",3,3,0,2016,11,24,{"$nulls":8},"PREC","DB","METH_1",0,"mm",null,"S"]
["METEO","LTER_EU_BE_05","INBO","WIJ1","AIR","EnvEurope",3,3,0,2016,11,25,{"$nulls":8},"PREC","DB","METH_1",0,"mm",null,"S"]
["METEO","LTER_EU_BE_05","INBO","WIJ1","AIR","EnvEurope",3,3,0,2016,11,26,{"$nulls":8},"PREC","DB","METH_1",0,"mm",null,"S"]
["METEO","LTER_EU_BE_05","INBO","WIJ1","AIR","EnvEurope",3,3,0,2016,11,27,{"$nulls":8},"PREC","DB","METH_1",0,"mm",null,"S"]
["METEO","LTER_EU_BE_05","INBO","WIJ1","AIR","EnvEurope",3,3,0,2016,11,28,{"$nulls":8},"PREC","DB","METH_1",0,"mm",null,"S"]
["METEO","LTER_EU_BE_05","INBO","WIJ1","AIR","EnvEurope",3,3,0,2016,11,29,{"$nulls":8},"PREC","DB","METH_1",0,"mm",null,"S"]
["METEO","LTER_EU_BE_05","INBO","WIJ1","AIR","EnvEurope",3,3,0,2016,11,30,{"$nulls":8},"PREC","DB","METH_1",0,"mm",null,"S"]
["METEO","LTER_EU_BE_05","INBO","WIJ1","AIR","EnvEurope",3,3,0,2016,12,1,{"$nulls":8},"PREC","DB","METH_1",0,"mm",null,"S"]
["METEO","LTER_EU_BE_05","INBO","WIJ1","AIR","EnvEurope",3,3,0,2016,12,2,{"$nulls":8},"PREC","DB","METH_1",0.10999998999999999,"mm",null,"S"]
["METEO","LTER_EU_BE_05","INBO","WIJ1","AIR","EnvEurope",3,3,0,2016,12,3,{"$nulls":8},"PREC","DB","METH_1",0,"mm",null,"S"]
["METEO","LTER_EU_BE_05","INBO","WIJ1","AIR","EnvEurope",3,3,0,2016,12,4,{"$nulls":8},"PREC","DB","METH_1",0,"mm",null,"S"]
["METEO","LTER_EU_BE_05","INBO","WIJ1","AIR","EnvEurope",3,3,0,2016,12,5,{"$nulls":8},"PREC","DB","METH_1",0,"mm",null,"S"]
["METEO","LTER_EU_BE_05","INBO","WIJ1","AIR","EnvEurope",3,3,0,2016,12,6,{"$nulls":8},"PREC","DB","METH_1",0,"mm",null,"S"]
["METEO","LTER_EU_BE_05","INBO","WIJ1","AIR","EnvEurope",3,3,0,2016,12,7,{"$nulls":8},"PREC","DB","METH_1",0,"mm",null,"S"]
["METEO","LTER_EU_BE_05","INBO","WIJ1","AIR","EnvEurope",3,3,0,2016,12,8,{"$nulls":8},"PREC","DB","METH_1",0,"mm",null,"S"]
["METEO","LTER_EU_BE_05","INBO","WIJ1","AIR","EnvEurope",3,3,0,2016,12,9,{"$nulls":8},"PREC","DB","METH_1",0,"mm",null,"S"]
["METEO","LTER_EU_BE_05","INBO","WIJ1","AIR","EnvEurope",3,3,0,2016,12,10,{"$nulls":8},"PREC","DB","METH_1",0.05,"mm",null,"S"]
["METEO","LTER_EU_BE_05","INBO","WIJ1","AIR","EnvEurope",3,3,0,2016,12,11,{"$nulls":8},"PREC","DB","METH_1",2.34,"mm",null,"S"]
["METEO","LTER_EU_BE_05","INBO","WIJ1","AIR","EnvEurope",3,3,0,2016,12,12,{"$nulls":8},"PREC","DB","METH_1",0.04,"mm",null,"S"]
["METEO","LTER_EU_BE_05","INBO","WIJ1","AIR","EnvEurope",3,3,0,2016,12,13,{"$nulls":8},"PREC","DB","METH_1",0.02,"mm",null,"S"]
["METEO","LTER_EU_BE_05","INBO","WIJ1","AIR","EnvEurope",3,3,0,2016,12,14,{"$nulls":8},"PREC","DB","METH_1",0,"mm",null,"S"]
["METEO","LTER_EU_BE_05","INBO","WIJ1","AIR","EnvEurope",3,3,0,2016,12,15,{"$nulls":8},"PREC","DB","METH_1",0,"mm",null,"S"]
["METEO","LTER_EU_BE_05","INBO","WIJ1","AIR","EnvEurope",3,3,0,2016,12,16,{"$nulls":8},"PREC","DB","METH_1",0,"mm",null,"S"]
["METEO","LTER_EU_BE_05","INBO","WIJ1","AIR","EnvEurope",3,3,0,2016,12,17,{"$nulls":8},"PREC","DB","METH_1",0,"mm",null,"S"]
["METEO","LTER_EU_BE_05","INBO","WIJ1","AIR","EnvEurope",3,3,0,2016,12,18,{"$nulls":8},"PREC","DB","METH_1",0,"mm",null,"S"]
["METEO","LTER_EU_BE_05","INBO","WIJ1","AIR","EnvEurope",3,3,0,2016,12,19,{"$nulls":8},"PREC","DB","METH_1",0,"mm",null,"S"]
["METEO","LTER_EU_BE_05","INBO","WIJ1","AIR","EnvEurope",3,3,0,2016,12,20,{"$nulls":8},"PREC","DB","METH_1",0,"mm",null,"S"]
["METEO","LTER_EU_BE_05","INBO","WIJ1","AIR","EnvEurope",3,3,0,2016,12,21,{"$nulls":8},"PREC","DB","METH_1",1.8199999299999996,"mm",null,"S"]
["METEO","LTER_EU_BE_05","INBO","WIJ1","AIR","EnvEurope",3,3,0,2016,12,22,{"$nulls":8},"PREC","DB","METH_1",4.87999946,"mm",null,"S"]
["METEO","LTER_EU_BE_05","INBO","WIJ1","AIR","EnvEurope",3,3,0,2016,12,23,{"$nulls":8},"PREC","DB","METH_1",0,"mm",null,"S"]
["METEO","LTER_EU_BE_05","INBO","WIJ1","AIR","EnvEurope",3,3,0,2016,12,24,{"$nulls":8},"PREC","DB","METH_1",0.05999999,"mm",null,"S"]
["METEO","LTER_EU_BE_05","INBO","WIJ1","AIR","EnvEurope",3,3,0,2016,12,25,{"$nulls":8},"PREC","DB","METH_1",0.01,"mm",null,"S"]
["METEO","LTER_EU_BE_05","INBO","WIJ1","AIR","EnvEurope",3,3,0,2016,12,26,{"$nulls":8},"PREC","DB","METH_1",0.03,"mm",null,"S"]
["METEO","LTER_EU_BE_05","INBO","WIJ1","AIR","EnvEurope",3,3,0,2016,12,27,{"$nulls":8},"PREC","DB","METH_1",0,"mm",null,"S"]
["METEO","LTER_EU_BE_05","INBO","WIJ1","AIR","EnvEurope",3,3,0,2016,12,28,{"$nulls":8},"PREC","DB","METH_1",0,"mm",null,"S"]
["METEO","LTER_EU_BE_05","INBO","WIJ1","AIR","EnvEurope",3,3,0,2016,12,29,{"$nulls":8},"PREC","DB","METH_1",0,"mm",null,"S"]
["METEO","LTER_EU_BE_05","INBO","WIJ1","AIR","EnvEurope",3,3,0,2016,12,30,{"$nulls":8},"PREC","DB","METH_1",0,"mm",null,"S"]
["METEO","LTER_EU_BE_05","INBO","WIJ1","AIR","EnvEurope",3,3,0,2016,12,31,{"$nulls":8},"PREC","DB","METH_1",0,"mm",null,"S"]
["METEO","LTER_EU_BE_05","INBO","WIJ1","AIR","EnvEurope",3,3,0,2016,2,1,{"$nulls":8},"PREC","DB","METH_1",0.02,"mm",null,"S"]
["METEO","LTER_EU_BE_05","INBO","WIJ1","AIR","EnvEurope",3,3,0,2016,2,2,{"$nulls":8},"PREC","DB","METH_1",0.96,"mm",null,"S"]
["METEO","LTER_EU_BE_05","INBO","WIJ1","AIR","EnvEurope",3,3,0,2016,2,3,{"$nulls":8},"PREC","DB","METH_1",0.22999999,"mm",null,"S"]
["METEO","LTER_EU_BE_05","INBO","WIJ1","AIR","EnvEurope",3,3,0,2016,2,4,{"$nulls":8},"PREC","DB","METH_1",1.7699998799999999,"mm",null,"S"]
["METEO","LTER_EU_BE_05","INBO","WIJ1","AIR","EnvEurope",3,3,0,2016,2,5,{"$nulls":8},"PREC","DB","METH_1",0.05,"mm",null,"S"]
["METEO","LTER_EU_BE_05","INBO","WIJ1","AIR","EnvEurope",3,3,0,2016,2,6,{"$nulls":8},"PREC","DB","METH_1",0,"mm",null,"S"]
["METEO","LTER_EU_BE_05","INBO","WIJ1","AIR","EnvEurope",3,3,0,2016,2,7,{"$nulls":8},"PREC","DB","METH_1",2.1699998499999995,"mm",null,"S"]
["METEO","LTER_EU_BE_05","INBO","WIJ1","AIR","EnvEurope",3,3,0,2016,2,8,{"$nulls":8},"PREC","DB","METH_1",11.129996669999997,"mm",null,"S"]
["METEO","LTER_EU_BE_05","INBO","WIJ1","AIR","EnvEurope",3,3,0,2016,2,9,{"$nulls":8},"PREC","DB","METH_1",13.00999684,"mm",null,"S"]
["METEO","LTER_EU_BE_05","INBO","WIJ1","AIR","EnvEurope",3,3,0,2016,2,10,{"$nulls":8},"PREC","DB","METH_1",4.08999986,"mm",null,"S"]
["METEO","LTER_EU_BE_05","INBO","WIJ1","AIR","EnvEurope",3,3,0,2016,2,11,{"$nulls":8},"PREC","DB","METH_1",0,"mm",null,"S"]
["METEO","LTER_EU_BE_05","INBO","WIJ1","AIR","EnvEurope",3,3,0,2016,2,12,{"$nulls":8},"PREC","DB","METH_1",0,"mm",null,"S"]
["METEO","LTER_EU_BE_05","INBO","WIJ1","AIR","EnvEurope",3,3,0,2016,2,13,{"$nulls":8},"PREC","DB","METH_1",0.6099999700000001,"mm",null,"S"]
["METEO","LTER_EU_BE_05","INBO","WIJ1","AIR","EnvEurope",3,3,0,2016,2,14,{"$nulls":8},"PREC","DB","METH_1",2.1099996799999996,"mm",null,"S"]
["METEO","LTER_EU_BE_05","INBO","WIJ1","AIR","EnvEurope",3,3,0,2016,2,15,{"$nulls":8},"PREC","DB","METH_1",3.27999999,"mm",null,"S"]
["METEO","LTER_EU_BE_05","INBO","WIJ1","AIR","EnvEurope",3,3,0,2016,2,16,{"$nulls":8},"PREC","DB","METH_1",0.02,"mm",null,"S"]
["METEO","LTER_EU_BE_05","INBO","WIJ1","AIR","EnvEurope",3,3,0,2016,2,17,{"$nulls":8},"PREC","DB","METH_1",0,"mm",null,"S"]
["METEO","LTER_EU_BE_05","INBO","WIJ1","AIR","EnvEurope",3,3,0,2016,2,18,{"$nulls":8},"PREC","DB","METH_1",0.9499999300000003,"mm",null,"S"]
["METEO","LTER_EU_BE_05","INBO","WIJ1","AIR","EnvEurope",3,3,0,2016,2,19,{"$nulls":8},"PREC","DB","METH_1",0.03,"mm",null,"S"]
["METEO","LTER_EU_BE_05","INBO","WIJ1","AIR","EnvEurope",3,3,0,2016,2,20,{"$nulls":8},"PREC","DB","METH_1",4.579999559999999,"mm",null,"S"]
["METEO","LTER_EU_BE_05","INBO","WIJ1","AIR","EnvEurope",3,3,0,2016,2,21,{"$nulls":8},"PREC","DB","METH_1",0,"mm",null,"S"]
["METEO","LTER_EU_BE_05","INBO","WIJ1","AIR","EnvEurope",3,3,0,2016,2,22,{"$nulls":8},"PREC","DB","METH_1",1.8299996,"mm",null,"S"]
["METEO","LTER_EU_BE_05","INBO","WIJ1","AIR","EnvEurope",3,3,0,2016,2,23,{"$nulls":8},"PREC","DB","METH_1",0.34999999000000004,"mm",null,"S"]
["METEO","LTER_EU_BE_05","INBO","WIJ1","AIR","EnvEurope",3,3,0,2016,2,24,{"$nulls":8},"PREC","DB","METH_1",0.02,"mm",null,"S"]
["METEO","LTER_EU_BE_05","INBO","WIJ1","AIR","EnvEurope",3,3,0,2016,2,25,{"$nulls":8},"PREC","DB","METH_1",0.12999999,"mm",null,"S"]
["METEO","LTER_EU_BE_05","INBO","WIJ1","AIR","EnvEurope",3,3,0,2016,2,26,{"$nulls":8},"PREC","DB","METH_1",0,"mm",null,"S"]
["METEO","LTER_EU_BE_05","INBO","WIJ1","AIR","EnvEurope",3,3,0,2016,2,27,{"$nulls":8},"PREC","DB","METH_1",0,"mm",null,"S"]
["METEO","LTER_EU_BE_05","INBO","WIJ1","AIR","EnvEurope",3,3,0,2016,2,28,{"$nulls":8},"PREC","DB","METH_1",0,"mm",null,"S"]
["METEO","LTER_EU_BE_05","INBO","WIJ1","AIR","EnvEurope",3,3,0,2016,2,29,{"$nulls":8},"PREC","DB","METH_1",0,"mm",null,"S"]
["METEO","LTER_EU_BE_05","INBO","WIJ1","AIR","EnvEurope",3,3,0,2016,3,1,{"$nulls":8},"PREC","DB","METH_1",2.0199999699999998,"mm",null,"S"]
["METEO","LTER_EU_BE_05","INBO","WIJ1","AIR","EnvEurope",3,3,0,2016,3,2,{"$nulls":8},"PREC","DB","METH_1",11.839998759999999,"mm",null,"S"]
["METEO","LTER_EU_BE_05","INBO","WIJ1","AIR","EnvEurope",3,3,0,2016,3,3,{"$nulls":8},"PREC","DB","METH_1",6.139999659999999,"mm",null,"S"]
["METEO","LTER_EU_BE_05","INBO","WIJ1","AIR","EnvEurope",3,3,0,2016,3,4,{"$nulls":8},"PREC","DB","METH_1",6.899998759999999,"mm",null,"S"]
["METEO","LTER_EU_BE_05","INBO","WIJ1","AIR","EnvEurope",3,3,0,2016,3,5,{"$nulls":8},"PREC","DB","METH_1",4.419999570000001,"mm",null,"S"]
["METEO","LTER_EU_BE_05","INBO","WIJ1","AIR","EnvEurope",3,3,0,2016,3,6,{"$nulls":8},"PREC","DB","METH_1",9.24999905,"mm",null,"S"]
["METEO","LTER_EU_BE_05","INBO","WIJ1","AIR","EnvEurope",3,3,0,2016,3,7,{"$nulls":8},"PREC","DB","METH_1",1.48999986,"mm",null,"S"]
["METEO","LTER_EU_BE_05","INBO","WIJ1","AIR","EnvEurope",3,3,0,2016,3,8,{"$nulls":8},"PREC","DB","METH_1",0.02,"mm",null,"S"]
["METEO","LTER_EU_BE_05","INBO","WIJ1","AIR","EnvEurope",3,3,0,2016,3,9,{"$nulls":8},"PREC","DB","METH_1",2.84000008,"mm",null,"S"]
["METEO","LTER_EU_BE_05","INBO","WIJ1","AIR","EnvEurope",3,3,0,2016,3,10,{"$nulls":8},"PREC","DB","METH_1",0,"mm",null,"S"]
["METEO","LTER_EU_BE_05","INBO","WIJ1","AIR","EnvEurope",3,3,0,2016,3,11,{"$nulls":8},"PREC","DB","METH_1",0,"mm",null,"S"]
["METEO","LTER_EU_BE_05","INBO","WIJ1","AIR","EnvEurope",3,3,0,2016,3,12,{"$nulls":8},"PREC","DB","METH_1",0,"mm",null,"S"]
["METEO","LTER_EU_BE_05","INBO","WIJ1","AIR","EnvEurope",3,3,0,2016,3,13,{"$nulls":8},"PREC","DB","METH_1",0,"mm",null,"S"]
["METEO","LTER_EU_BE_05","INBO","WIJ1","AIR","EnvEurope",3,3,0,2016,3,14,{"$nulls":8},"PREC","DB","METH_1",0,"mm",null,"S"]
["METEO","LTER_EU_BE_05","INBO","WIJ1","AIR","EnvEurope",3,3,0,2016,3,15,{"$nulls":8},"PREC","DB","METH_1",0,"mm",null,"S"]
["METEO","LTER_EU_BE_05","INBO","WIJ1","AIR","EnvEurope",3,3,0,2016,3,16,{"$nulls":8},"PREC","DB","METH_1",0,"mm",null,"S"]
["METEO","LTER_EU_BE_05","INBO","WIJ1","AIR","EnvEurope",3,3,0,2016,3,17,{"$nulls":8},"PREC","DB","METH_1",0,"mm",null,"S"]
["METEO","LTER_EU_BE_05","INBO","WIJ1","AIR","EnvEurope",3,3,0,2016,3,18,{"$nulls":8},"PREC","DB","METH_1",0,"mm",null,"S"]
["METEO","LTER_EU_BE_05","INBO","WIJ1","AIR","EnvEurope",3,3,0,2016,3,19,{"$nulls":8},"PREC","DB","METH_1",0,"mm",null,"S"]
["METEO","LTER_EU_BE_05","INBO","WIJ1","AIR","EnvEurope",3,3,0,2016,3,20,{"$nulls":8},"PREC","DB","METH_1",0.01,"mm",null,"S"]
["METEO","LTER_EU_BE_05","INBO","WIJ1","AIR","EnvEurope",3,3,0,2016,3,21,{"$nulls":8},"PREC","DB","METH_1",0.04,"mm",null,"S"]
["METEO","LTER_EU_BE_05","INBO","WIJ1","AIR","EnvEurope",3,3,0,2016,3,22,{"$nulls":8},"PREC","DB","METH_1",0,"mm",null,"S"]
["METEO","LTER_EU_BE_05","INBO","WIJ1","AIR","EnvEurope",3,3,0,2016,3,23,{"$nulls":8},"PREC","DB","METH_1",0,"mm",null,"S"]
["METEO","LTER_EU_BE_05","INBO","WIJ1","AIR","EnvEurope",3,3,0,2016,3,24,{"$nulls":8},"PREC","DB","METH_1",0.22999998000000002,"mm",null,"S"]
["METEO","LTER_EU_BE_05","INBO","WIJ1","AIR","EnvEurope",3,3,0,2016,3,25,{"$nulls":8},"PREC","DB","METH_1",3.56999971,"mm",null,"S"]
["METEO","LTER_EU_BE_05","INBO","WIJ1","AIR","EnvEurope",3,3,0,2016,3,26,{"$nulls":8},"PREC","DB","METH_1",0.04,"mm",null,"S"]
["METEO","LTER_EU_BE_05","INBO","WIJ1","AIR","EnvEurope",3,3,0,2016,3,27,{"$nulls":8},"PREC","DB","METH_1",11.159998489999998,"mm",null,"S"]
["METEO","LTER_EU_BE_05","INBO","WIJ1","AIR","EnvEurope",3,3,0,2016,3,28,{"$nulls":8},"PREC","DB","METH_1",5.989997560000001,"mm",null,"S"]
["METEO","LTER_EU_BE_05","INBO","WIJ1","AIR","EnvEurope",3,3,0,2016,3,29,{"$nulls":8},"PREC","DB","METH_1",6.599999429999999,"mm",null,"S"]
["METEO","LTER_EU_BE_05","INBO","WIJ1","AIR","EnvEurope",3,3,0,2016,3,30,{"$nulls":8},"PREC","DB","METH_1",0.19999998,"mm",null,"S"]
["METEO","LTER_EU_BE_05","INBO","WIJ1","AIR","EnvEurope",3,3,0,2016,3,31,{"$nulls":8},"PREC","DB","METH_1",0,"mm",null,"S"]
["METEO","LTER_EU_BE_05","INBO","WIJ1","AIR","EnvEurope",3,3,0,2016,4,1,{"$nulls":8},"PREC","DB","METH_1",0,"mm",null,"S"]
["METEO","LTER_EU_BE_05","INBO","WIJ1","AIR","EnvEurope",3,3,0,2016,4,2,{"$nulls":8},"PREC","DB","METH_1",0.03,"mm",null,"S"]
["METEO","LTER_EU_BE_05","INBO","WIJ1","AIR","EnvEurope",3,3,0,2016,4,3,{"$nulls":8},"PREC","DB","METH_1",0.02,"mm",null,"S"]
["METEO","LTER_EU_BE_05","INBO","WIJ1","AIR","EnvEurope",3,3,0,2016,4,4,{"$nulls":8},"PREC","DB","METH_1",2.66999978,"mm",null,"S"]
["METEO","LTER_EU_BE_05","INBO","WIJ1","AIR","EnvEurope",3,3,0,2016,4,5,{"$nulls":8},"PREC","DB","METH_1",0,"mm",null,"S"]
["METEO","LTER_EU_BE_05","INBO","WIJ1","AIR","EnvEurope",3,3,0,2016,4,6,{"$nulls":8},"PREC","DB","METH_1",1.06999989,"mm",null,"S"]
["METEO","LTER_EU_BE_05","INBO","WIJ1","AIR","EnvEurope",3,3,0,2016,4,7,{"$nulls":8},"PREC","DB","METH_1",0.6799999800000001,"mm",null,"S"]
["METEO","LTER_EU_BE_05","INBO","WIJ1","AIR","EnvEurope",3,3,0,2016,4,8,{"$nulls":8},"PREC","DB","METH_1",0.8299999,"mm",null,"S"]
["METEO","LTER_EU_BE_05","INBO","WIJ1","AIR","EnvEurope",3,3,0,2016,4,9,{"$nulls":8},"PREC","DB","METH_1",3.19999969,"mm",null,"S"]
["METEO","LTER_EU_BE_05","INBO","WIJ1","AIR","EnvEurope",3,3,0,2016,4,10,{"$nulls":8},"PREC","DB","METH_1",0,"mm",null,"S"]
["METEO","LTER_EU_BE_05","INBO","WIJ1","AIR","EnvEurope",3,3,0,2016,4,11,{"$nulls":8},"PREC","DB","METH_1",0.66000009,"mm",null,"S"]
["METEO","LTER_EU_BE_05","INBO","WIJ1","AIR","EnvEurope",3,3,0,2016,4,12,{"$nulls":8},"PREC","DB","METH_1",4.54999998,"mm",null,"S"]
["METEO","LTER_EU_BE_05","INBO","WIJ1","AIR","EnvEurope",3,3,0,2016,4,13,{"$nulls":8},"PREC","DB","METH_1",0.10999999,"mm",null,"S"]
["METEO","LTER_EU_BE_05","INBO","WIJ1","AIR","EnvEurope",3,3,0,2016,4,14,{"$nulls":8},"PREC","DB","METH_1",6.49999789,"mm",null,"S"]
["METEO","LTER_EU_BE_05","INBO","WIJ1","AIR","EnvEurope",3,3,0,2016,4,15,{"$nulls":8},"PREC","DB","METH_1",6.139999339999999,"mm",null,"S"]
["METEO","LTER_EU_BE_05","INBO","WIJ1","AIR","EnvEurope",3,3,0,2016,4,16,{"$nulls":8},"PREC","DB","METH_1",0.6399999900000001,"mm",null,"S"]
["METEO","LTER_EU_BE_05","INBO","WIJ1","AIR","EnvEurope",3,3,0,2016,4,17,{"$nulls":8},"PREC","DB","METH_1",1.7500001,"mm",null,"S"]
["METEO","LTER_EU_BE_05","INBO","WIJ1","AIR","EnvEurope",3,3,0,2016,4,18,{"$nulls":8},"PREC","DB","METH_1",0,"mm",null,"S"]
["METEO","LTER_EU_BE_05","INBO","WIJ1","AIR","EnvEurope",3,3,0,2016,4,19,{"$nulls":8},"PREC","DB","METH_1",0,"mm",null,"S"]
["METEO","LTER_EU_BE_05","INBO","WIJ1","AIR","EnvEurope",3,3,0,2016,4,20,{"$nulls":8},"PREC","DB","METH_1",0,"mm",null,"S"]
["METEO","LTER_EU_BE_05","INBO","WIJ1","AIR","EnvEurope",3,3,0,2016,4,21,{"$nulls":8},"PREC","DB","METH_1",0,"mm",null,"S"]
["METEO","LTER_EU_BE_05","INBO","WIJ1","AIR","EnvEurope",3,3,0,2016,4,22,{"$nulls":8},"PREC","DB","METH_1",0,"mm",null,"S"]
["METEO","LTER_EU_BE_05","INBO","WIJ1","AIR","EnvEurope",3,3,0,2016,4,23,{"$nulls":8},"PREC","DB","METH_1",0.38999997999999997,"mm",null,"S"]
["METEO","LTER_EU_BE_05","INBO","WIJ1","AIR","EnvEurope",3,3,0,2016,4,24,{"$nulls":8},"PREC","DB","METH_1",2.4199999600000006,"mm",null,"S"]
["METEO","LTER_EU_BE_05","INBO","WIJ1","AIR","EnvEurope",3,3,0,2016,4,25,{"$nulls":8},"PREC","DB","METH_1",5.6799994599999994,"mm",null,"S"]
["METEO","LTER_EU_BE_05","INBO","WIJ1","AIR","EnvEurope",3,3,0,2016,4,26,{"$nulls":8},"PREC","DB","METH_1",0.6699999000000001,"mm",null,"S"]
["METEO","LTER_EU_BE_05","INBO","WIJ1","AIR","EnvEurope",3,3,0,2016,4,27,{"$nulls":8},"PREC","DB","METH_1",4.319999199999999,"mm",null,"S"]
["METEO","LTER_EU_BE_05","INBO","WIJ1","AIR","EnvEurope",3,3,0,2016,4,28,{"$nulls":8},"PREC","DB","METH_1",2.1399999999999997,"mm",null,"S"]
["METEO","LTER_EU_BE_05","INBO","WIJ1","AIR","EnvEurope",3,3,0,2016,4,29,{"$nulls":8},"PREC","DB","METH_1",1.8999998,"mm",null,"S"]
["METEO","LTER_EU_BE_05","INBO","WIJ1","AIR","EnvEurope",3,3,0,2016,4,30,{"$nulls":8},"PREC","DB","METH_1",0,"mm",null,"S"]
["METEO","LTER_EU_BE_05","INBO","WIJ1","AIR","EnvEurope",3,3,0,2016,5,1,{"$nulls":8},"PREC","DB","METH_1",0,"mm",null,"S"]
["METEO","LTER_EU_BE_05","INBO","WIJ1","AIR","EnvEurope",3,3,0,2016,5,2,{"$nulls":8},"PREC","DB","METH_1",0.51999989,"mm",null,"S"]
["METEO","LTER_EU_BE_05","INBO","WIJ1","AIR","EnvEurope",3,3,0,2016,5,3,{"$nulls":8},"PREC","DB","METH_1",0.05999999,"mm",null,"S"]
["METEO","LTER_EU_BE_05","INBO","WIJ1","AIR","EnvEurope",3,3,0,2016,5,4,{"$nulls":8},"PREC","DB","METH_1",0,"mm",null,"S"]
["METEO","LTER_EU_BE_05","INBO","WIJ1","AIR","EnvEurope",3,3,0,2016,5,5,{"$nulls":8},"PREC","DB","METH_1",0,"mm",null,"S"]
["METEO","LTER_EU_BE_05","INBO","WIJ1","AIR","EnvEurope",3,3,0,2016,5,6,{"$nulls":8},"PREC","DB","METH_1",0,"mm",null,"S"]
["METEO","LTER_EU_BE_05","INBO","WIJ1","AIR","EnvEurope",3,3,0,2016,5,7,{"$nulls":8},"PREC","DB","METH_1",0,"mm",null,"S"]
["METEO","LTER_EU_BE_05","INBO","WIJ1","AIR","EnvEurope",3,3,0,2016,5,8,{"$nulls":8},"PREC","DB","METH_1",0,"mm",null,"S"]
["METEO","LTER_EU_BE_05","INBO","WIJ1","AIR","EnvEurope",3,3,0,2016,5,9,{"$nulls":8},"PREC","DB","METH_1",0.01,"mm",null,"S"]
["METEO","LTER_EU_BE_05","INBO","WIJ1","AIR","EnvEurope",3,3,0,2016,5,10,{"$nulls":8},"PREC","DB","METH_1",0.97999985,"mm",null,"S"]
["METEO","LTER_EU_BE_05","INBO","WIJ1","AIR","EnvEurope",3,3,0,2016,5,11,{"$nulls":8},"PREC","DB","METH_1",2.76999959,"mm",null,"S"]
["METEO","LTER_EU_BE_05","INBO","WIJ1","AIR","EnvEurope",3,3,0,2016,5,12,{"$nulls":8},"PREC","DB","METH_1",0,"mm",null,"S"]
["METEO","LTER_EU_BE_05","INBO","WIJ1","AIR","EnvEurope",3,3,0,2016,5,13,{"$nulls":8},"PREC","DB","METH_1",1.83,"mm",null,"S"]
["METEO","LTER_EU_BE_05","INBO","WIJ1","AIR","EnvEurope",3,3,0,2016,5,14,{"$nulls":8},"PREC","DB","METH_1",0.14,"mm",null,"S"]
["METEO","LTER_EU_BE_05","INBO","WIJ1","AIR","EnvEurope",3,3,0,2016,5,15,{"$nulls":8},"PREC","DB","METH_1",0,"mm",null,"S"]
["METEO","LTER_EU_BE_05","INBO","WIJ1","AIR","EnvEurope",3,3,0,2016,5,16,{"$nulls":8},"PREC","DB","METH_1",0,"mm",null,"S"]
["METEO","LTER_EU_BE_05","INBO","WIJ1","AIR","EnvEurope",3,3,0,2016,5,17,{"$nulls":8},"PREC","DB","METH_1",0,"mm",null,"S"]
["METEO","LTER_EU_BE_05","INBO","WIJ1","AIR","EnvEurope",3,3,0,2016,5,18,{"$nulls":8},"PREC","DB","METH_1",0.93999986,"mm",null,"S"]
["METEO","LTER_EU_BE_05","INBO","WIJ1","AIR","EnvEurope",3,3,0,2016,5,19,{"$nulls":8},"PREC","DB","METH_1",0,"mm",null,"S"]
["METEO","LTER_EU_BE_05","INBO","WIJ1","AIR","EnvEurope",3,3,0,2016,5,20,{"$nulls":8},"PREC","DB","METH_1",0.5800000000000001,"mm",null,"S"]
["METEO","LTER_EU_BE_05","INBO","WIJ1","AIR","EnvEurope",3,3,0,2016,5,21,{"$nulls":8},"PREC","DB","METH_1",0.28,"mm",null,"S"]
["METEO","LTER_EU_BE_05","INBO","WIJ1","AIR","EnvEurope",3,3,0,2016,5,22,{"$nulls":8},"PREC","DB","METH_1",15.089997349999999,"mm",null,"S"]
["METEO","LTER_EU_BE_05","INBO","WIJ1","AIR","EnvEurope",3,3,0,2016,5,23,{"$nulls":8},"PREC","DB","METH_1",0.01,"mm",null,"S"]
["METEO","LTER_EU_BE_05","INBO","WIJ1","AIR","EnvEurope",3,3,0,2016,5,24,{"$nulls":8},"PREC","DB","METH_1",0,"mm",null,"S"]
["METEO","LTER_EU_BE_05","INBO","WIJ1","AIR","EnvEurope",3,3,0,2016,5,25,{"$nulls":8},"PREC","DB","METH_1",0,"mm",null,"S"]
["METEO","LTER_EU_BE_05","INBO","WIJ1","AIR","EnvEurope",3,3,0,2016,5,26,{"$nulls":8},"PREC","DB","METH_1",0,"mm",null,"S"]
["METEO","LTER_EU_BE_05","INBO","WIJ1","AIR","EnvEurope",3,3,0,2016,5,27,{"$nulls":8},"PREC","DB","METH_1",0.08999999,"mm",null,"S"]
["METEO","LTER_EU_BE_05","INBO","WIJ1","AIR","EnvEurope",3,3,0,2016,5,28,{"$nulls":8},"PREC","DB","METH_1",0,"mm",null,"S"]
["METEO","LTER_EU_BE_05","INBO","WIJ1","AIR","EnvEurope",3,3,0,2016,5,29,{"$nulls":8},"PREC","DB","METH_1",0.69999988,"mm",null,"S"]
["METEO","LTER_EU_BE_05","INBO","WIJ1","AIR","EnvEurope",3,3,0,2016,5,30,{"$nulls":8},"PREC","DB","METH_1",51.889993689999976,"mm",null,"S"]
["METEO","LTER_EU_BE_05","INBO","WIJ1","AIR","EnvEurope",3,3,0,2016,5,31,{"$nulls":8},"PREC","DB","METH_1",1.78999979,"mm",null,"S"]
["METEO","LTER_EU_BE_05","INBO","WIJ1","AIR","EnvEurope",3,3,0,2016,6,1,{"$nulls":8},"PREC","DB","METH_1",0.05,"mm",null,"S"]
["METEO","LTER_EU_BE_05","INBO","WIJ1","AIR","EnvEurope",3,3,0,2016,6,2,{"$nulls":8},"PREC","DB","METH_1",29.099998590000006,"mm",null,"S"]
["METEO","LTER_EU_BE_05","INBO","WIJ1","AIR","EnvEurope",3,3,0,2016,6,3,{"$nulls":8},"PREC","DB","METH_1",0.11,"mm",null,"S"]
["METEO","LTER_EU_BE_05","INBO","WIJ1","AIR","EnvEurope",3,3,0,2016,6,4,{"$nulls":8},"PREC","DB","METH_1",0,"mm",null,"S"]
["METEO","LTER_EU_BE_05","INBO","WIJ1","AIR","EnvEurope",3,3,0,2016,6,5,{"$nulls":8},"PREC","DB","METH_1",0,"mm",null,"S"]
["METEO","LTER_EU_BE_05","INBO","WIJ1","AIR","EnvEurope",3,3,0,2016,6,6,{"$nulls":8},"PREC","DB","METH_1",0,"mm",null,"S"]
["METEO","LTER_EU_BE_05","INBO","WIJ1","AIR","EnvEurope",3,3,0,2016,6,7,{"$nulls":8},"PREC","DB","METH_1",0.99999989,"mm",null,"S"]
["METEO","LTER_EU_BE_05","INBO","WIJ1","AIR","EnvEurope",3,3,0,2016,6,8,{"$nulls":8},"PREC","DB","METH_1",0,"mm",null,"S"]
["METEO","LTER_EU_BE_05","INBO","WIJ1","AIR","EnvEurope",3,3,0,2016,6,9,{"$nulls":8},"PREC","DB","METH_1",0,"mm",null,"S"]
["METEO","LTER_EU_BE_05","INBO","WIJ1","AIR","EnvEurope",3,3,0,2016,6,10,{"$nulls":8},"PREC","DB","METH_1",0,"mm",null,"S"]
["METEO","LTER_EU_BE_05","INBO","WIJ1","AIR","EnvEurope",3,3,0,2016,6,11,{"$nulls":8},"PREC","DB","METH_1",0,"mm",null,"S"]
["METEO","LTER_EU_BE_05","INBO","WIJ1","AIR","EnvEurope",3,3,0,2016,6,12,{"$nulls":8},"PREC","DB","METH_1",0.6200000000000001,"mm",null,"S"]
["METEO","LTER_EU_BE_05","INBO","WIJ1","AIR","EnvEurope",3,3,0,2016,6,13,{"$nulls":8},"PREC","DB","METH_1",0.7,"mm",null,"S"]
["METEO","LTER_EU_BE_05","INBO","WIJ1","AIR","EnvEurope",3,3,0,2016,6,14,{"$nulls":8},"PREC","DB","METH_1",1.5499999899999999,"mm",null,"S"]
["METEO","LTER_EU_BE_05","INBO","WIJ1","AIR","EnvEurope",3,3,0,2016,6,15,{"$nulls":8},"PREC","DB","METH_1",0,"mm",null,"S"]
["METEO","LTER_EU_BE_05","INBO","WIJ1","AIR","EnvEurope",3,3,0,2016,6,16,{"$nulls":8},"PREC","DB","METH_1",0,"mm",null,"S"]
["METEO","LTER_EU_BE_05","INBO","WIJ1","AIR","EnvEurope",3,3,0,2016,6,17,{"$nulls":8},"PREC","DB","METH_1",12.599996459999998,"mm",null,"S"]
["METEO","LTER_EU_BE_05","INBO","WIJ1","AIR","EnvEurope",3,3,0,2016,6,18,{"$nulls":8},"PREC","DB","METH_1",1.1899998700000003,"mm",null,"S"]
["METEO","LTER_EU_BE_05","INBO","WIJ1","AIR","EnvEurope",3,3,0,2016,6,19,{"$nulls":8},"PREC","DB","METH_1",0,"mm",null,"S"]
["METEO","LTER_EU_BE_05","INBO","WIJ1","AIR","EnvEurope",3,3,0,2016,6,20,{"$nulls":8},"PREC","DB","METH_1",8.499998269999997,"mm",null,"S"]
["METEO","LTER_EU_BE_05","INBO","WIJ1","AIR","EnvEurope",3,3,0,2016,6,21,{"$nulls":8},"PREC","DB","METH_1",0.08,"mm",null,"S"]
["METEO","LTER_EU_BE_05","INBO","WIJ1","AIR","EnvEurope",3,3,0,2016,6,22,{"$nulls":8},"PREC","DB","METH_1",0.8099998900000001,"mm",null,"S"]
["METEO","LTER_EU_BE_05","INBO","WIJ1","AIR","EnvEurope",3,3,0,2016,6,23,{"$nulls":8},"PREC","DB","METH_1",12.219996369999995,"mm",null,"S"]
["METEO","LTER_EU_BE_05","INBO","WIJ1","AIR","EnvEurope",3,3,0,2016,6,24,{"$nulls":8},"PREC","DB","METH_1",0.01,"mm",null,"S"]
["METEO","LTER_EU_BE_05","INBO","WIJ1","AIR","EnvEurope",3,3,0,2016,6,25,{"$nulls":8},"PREC","DB","METH_1",0.13,"mm",null,"S"]
["METEO","LTER_EU_BE_05","INBO","WIJ1","AIR","EnvEurope",3,3,0,2016,6,26,{"$nulls":8},"PREC","DB","METH_1",7.4299999,"mm",null,"S"]
["METEO","LTER_EU_BE_05","INBO","WIJ1","AIR","EnvEurope",3,3,0,2016,6,27,{"$nulls":8},"PREC","DB","METH_1",2.3399999,"mm",null,"S"]
["METEO","LTER_EU_BE_05","INBO","WIJ1","AIR","EnvEurope",3,3,0,2016,6,28,{"$nulls":8},"PREC","DB","METH_1",6.249998199999999,"mm",null,"S"]
["METEO","LTER_EU_BE_05","INBO","WIJ1","AIR","EnvEurope",3,3,0,2016,6,29,{"$nulls":8},"PREC","DB","METH_1",2.19999989,"mm",null,"S"]
["METEO","LTER_EU_BE_05","INBO","WIJ1","AIR","EnvEurope",3,3,0,2016,6,30,{"$nulls":8},"PREC","DB","METH_1",2.00999977,"mm",null,"S"]
["METEO","LTER_EU_BE_05","INBO","WIJ1","AIR","EnvEurope",3,3,0,2016,7,1,{"$nulls":8},"PREC","DB","METH_1",0.52,"mm",null,"S"]
["METEO","LTER_EU_BE_05","INBO","WIJ1","AIR","EnvEurope",3,3,0,2016,7,2,{"$nulls":8},"PREC","DB","METH_1",0.37999999000000007,"mm",null,"S"]
["METEO","LTER_EU_BE_05","INBO","WIJ1","AIR","EnvEurope",3,3,0,2016,7,3,{"$nulls":8},"PREC","DB","METH_1",0.9399999000000001,"mm",null,"S"]
["METEO","LTER_EU_BE_05","INBO","WIJ1","AIR","EnvEurope",3,3,0,2016,7,4,{"$nulls":8},"PREC","DB","METH_1",0,"mm",null,"S"]
["METEO","LTER_EU_BE_05","INBO","WIJ1","AIR","EnvEurope",3,3,0,2016,7,5,{"$nulls":8},"PREC","DB","METH_1",0.04,"mm",null,"S"]
["METEO","LTER_EU_BE_05","INBO","WIJ1","AIR","EnvEurope",3,3,0,2016,7,6,{"$nulls":8},"PREC","DB","METH_1",0,"mm",null,"S"]
["METEO","LTER_EU_BE_05","INBO","WIJ1","AIR","EnvEurope",3,3,0,2016,7,7,{"$nulls":8},"PREC","DB","METH_1",0,"mm",null,"S"]
["METEO","LTER_EU_BE_05","INBO","WIJ1","AIR","EnvEurope",3,3,0,2016,7,8,{"$nulls":8},"PREC","DB","METH_1",0.01,"mm",null,"S"]
["METEO","LTER_EU_BE_05","INBO","WIJ1","AIR","EnvEurope",3,3,0,2016,7,9,{"$nulls":8},"PREC","DB","METH_1",0,"mm",null,"S"]
["METEO","LTER_EU_BE_05","INBO","WIJ1","AIR","EnvEurope",3,3,0,2016,7,10,{"$nulls":8},"PREC","DB","METH_1",0,"mm",null,"S"]
["METEO","LTER_EU_BE_05","INBO","WIJ1","AIR","EnvEurope",3,3,0,2016,7,11,{"$nulls":8},"PREC","DB","METH_1",0.01,"mm",null,"S"]
["METEO","LTER_EU_BE_05","INBO","WIJ1","AIR","EnvEurope",3,3,0,2016,7,12,{"$nulls":8},"PREC","DB","METH_1",2.8199989999999997,"mm",null,"S"]
["METEO","LTER_EU_BE_05","INBO","WIJ1","AIR","EnvEurope",3,3,0,2016,7,13,{"$nulls":8},"PREC","DB","METH_1",12.969995589999998,"mm",null,"S"]
["METEO","LTER_EU_BE_05","INBO","WIJ1","AIR","EnvEurope",3,3,0,2016,7,14,{"$nulls":8},"PREC","DB","METH_1",0.10999998999999999,"mm",null,"S"]
["METEO","LTER_EU_BE_05","INBO","WIJ1","AIR","EnvEurope",3,3,0,2016,7,15,{"$nulls":8},"PREC","DB","METH_1",0.02,"mm",null,"S"]
["METEO","LTER_EU_BE_05","INBO","WIJ1","AIR","EnvEurope",3,3,0,2016,7,16,{"$nulls":8},"PREC","DB","METH_1",0.03,"mm",null,"S"]
["METEO","LTER_EU_BE_05","INBO","WIJ1","AIR","EnvEurope",3,3,0,2016,7,17,{"$nulls":8},"PREC","DB","METH_1",0,"mm",null,"S"]
["METEO","LTER_EU_BE_05","INBO","WIJ1","AIR","EnvEurope",3,3,0,2016,7,18,{"$nulls":8},"PREC","DB","METH_1",0.06999999,"mm",null,"S"]
["METEO","LTER_EU_BE_05","INBO","WIJ1","AIR","EnvEurope",3,3,0,2016,7,19,{"$nulls":8},"PREC","DB","METH_1",0,"mm",null,"S"]
["METEO","LTER_EU_BE_05","INBO","WIJ1","AIR","EnvEurope",3,3,0,2016,7,20,{"$nulls":8},"PREC","DB","METH_1",0.01,"mm",null,"S"]
["METEO","LTER_EU_BE_05","INBO","WIJ1","AIR","EnvEurope",3,3,0,2016,7,21,{"$nulls":8},"PREC","DB","METH_1",0,"mm",null,"S"]
["METEO","LTER_EU_BE_05","INBO","WIJ1","AIR","EnvEurope",3,3,0,2016,7,22,{"$nulls":8},"PREC","DB","METH_1",0,"mm",null,"S"]
["METEO","LTER_EU_BE_05","INBO","WIJ1","AIR","EnvEurope",3,3,0,2016,7,23,{"$nulls":8},"PREC","DB","METH_1",0,"mm",null,"S"]
["METEO","LTER_EU_BE_05","INBO","WIJ1","AIR","EnvEurope",3,3,0,2016,7,24,{"$nulls":8},"PREC","DB","METH_1",0,"mm",null,"S"]
["METEO","LTER_EU_BE_05","INBO","WIJ1","AIR","EnvEurope",3,3,0,2016,7,25,{"$nulls":8},"PREC","DB","METH_1",0,"mm",null,"S"]
["METEO","LTER_EU_BE_05","INBO","WIJ1","AIR","EnvEurope",3,3,0,2016,7,26,{"$nulls":8},"PREC","DB","METH_1",0.09999999,"mm",null,"S"]
["METEO","LTER_EU_BE_05","INBO","WIJ1","AIR","EnvEurope",3,3,0,2016,7,27,{"$nulls":8},"PREC","DB","METH_1",0,"mm",null,"S"]
["METEO","LTER_EU_BE_05","INBO","WIJ1","AIR","EnvEurope",3,3,0,2016,7,28,{"$nulls":8},"PREC","DB","METH_1",0.85,"mm",null,"S"]
["METEO","LTER_EU_BE_05","INBO","WIJ1","AIR","EnvEurope",3,3,0,2016,7,29,{"$nulls":8},"PREC","DB","METH_1",0.02,"mm",null,"S"]
["METEO","LTER_EU_BE_05","INBO","WIJ1","AIR","EnvEurope",3,3,0,2016,7,30,{"$nulls":8},"PREC","DB","METH_1",1.04999999,"mm",null,"S"]
["METEO","LTER_EU_BE_05","INBO","WIJ1","AIR","EnvEurope",3,3,0,2016,7,31,{"$nulls":8},"PREC","DB","METH_1",0.01,"mm",null,"S"]
["METEO","LTER_EU_BE_05","INBO","WIJ1","AIR","EnvEurope",3,3,0,2016,8,1,{"$nulls":8},"PREC","DB","METH_1",0.03,"mm",null,"S"]
["METEO","LTER_EU_BE_05","INBO","WIJ1","AIR","EnvEurope",3,3,0,2016,8,2,{"$nulls":8},"PREC","DB","METH_1",7.979999559999998,"mm",null,"S"]
["METEO","LTER_EU_BE_05","INBO","WIJ1","AIR","EnvEurope",3,3,0,2016,8,3,{"$nulls":8},"PREC","DB","METH_1",13.909998629999999,"mm",null,"S"]
["METEO","LTER_EU_BE_05","INBO","WIJ1","AIR","EnvEurope",3,3,0,2016,8,4,{"$nulls":8},"PREC","DB","METH_1",0,"mm",null,"S"]
["METEO","LTER_EU_BE_05","INBO","WIJ1","AIR","EnvEurope",3,3,0,2016,8,5,{"$nulls":8},"PREC","DB","METH_1",0.05999999,"mm",null,"S"]
["METEO","LTER_EU_BE_05","INBO","WIJ1","AIR","EnvEurope",3,3,0,2016,8,6,{"$nulls":8},"PREC","DB","METH_1",0.01,"mm",null,"S"]
["METEO","LTER_EU_BE_05","INBO","WIJ1","AIR","EnvEurope",3,3,0,2016,8,7,{"$nulls":8},"PREC","DB","METH_1",0,"mm",null,"S"]
["METEO","LTER_EU_BE_05","INBO","WIJ1","AIR","EnvEurope",3,3,0,2016,8,8,{"$nulls":8},"PREC","DB","METH_1",0,"mm",null,"S"]
["METEO","LTER_EU_BE_05","INBO","WIJ1","AIR","EnvEurope",3,3,0,2016,8,9,{"$nulls":8},"PREC","DB","METH_1",4.15999889,"mm",null,"S"]
["METEO","LTER_EU_BE_05","INBO","WIJ1","AIR","EnvEurope",3,3,0,2016,8,10,{"$nulls":8},"PREC","DB","METH_1",12.70999889,"mm",null,"S"]
["METEO","LTER_EU_BE_05","INBO","WIJ1","AIR","EnvEurope",3,3,0,2016,8,11,{"$nulls":8},"PREC","DB","METH_1",2.78999967,"mm",null,"S"]
["METEO","LTER_EU_BE_05","INBO","WIJ1","AIR","EnvEurope",3,3,0,2016,8,12,{"$nulls":8},"PREC","DB","METH_1",0.01,"mm",null,"S"]
["METEO","LTER_EU_BE_05","INBO","WIJ1","AIR","EnvEurope",3,3,0,2016,8,13,{"$nulls":8},"PREC","DB","METH_1",0,"mm",null,"S"]
["METEO","LTER_EU_BE_05","INBO","WIJ1","AIR","EnvEurope",3,3,0,2016,8,14,{"$nulls":8},"PREC","DB","METH_1",0.01,"mm",null,"S"]
["METEO","LTER_EU_BE_05","INBO","WIJ1","AIR","EnvEurope",3,3,0,2016,8,15,{"$nulls":8},"PREC","DB","METH_1",0,"mm",null,"S"]
["METEO","LTER_EU_BE_05","INBO","WIJ1","AIR","EnvEurope",3,3,0,2016,8,16,{"$nulls":8},"PREC","DB","METH_1",0,"mm",null,"S"]
["METEO","LTER_EU_BE_05","INBO","WIJ1","AIR","EnvEurope",3,3,0,2016,8,17,{"$nulls":8},"PREC","DB","METH_1",0,"mm",null,"S"]
["METEO","LTER_EU_BE_05","INBO","WIJ1","AIR","EnvEurope",3,3,0,2016,8,18,{"$nulls":8},"PREC","DB","METH_1",0,"mm",null,"S"]
["METEO","LTER_EU_BE_05","INBO","WIJ1","AIR","EnvEurope",3,3,0,2016,8,19,{"$nulls":8},"PREC","DB","METH_1",0.52,"mm",null,"S"]
["METEO","LTER_EU_BE_05","INBO","WIJ1","AIR","EnvEurope",3,3,0,2016,8,20,{"$nulls":8},"PREC","DB","METH_1",0,"mm",null,"S"]
["METEO","LTER_EU_BE_05","INBO","WIJ1","AIR","EnvEurope",3,3,0,2016,8,21,{"$nulls":8},"PREC","DB","METH_1",5.8299996,"mm",null,"S"]
["METEO","LTER_EU_BE_05","INBO","WIJ1","AIR","EnvEurope",3,3,0,2016,8,22,{"$nulls":8},"PREC","DB","METH_1",0.3899999900000001,"mm",null,"S"]
["METEO","LTER_EU_BE_05","INBO","WIJ1","AIR","EnvEurope",3,3,0,2016,8,23,{"$nulls":8},"PREC","DB","METH_1",0,"mm",null,"S"]
["METEO","LTER_EU_BE_05","INBO","WIJ1","AIR","EnvEurope",3,3,0,2016,8,24,{"$nulls":8},"PREC","DB","METH_1",0,"mm",null,"S"]
["METEO","LTER_EU_BE_05","INBO","WIJ1","AIR","EnvEurope",3,3,0,2016,8,25,{"$nulls":8},"PREC","DB","METH_1",0,"mm",null,"S"]
["METEO","LTER_EU_BE_05","INBO","WIJ1","AIR","EnvEurope",3,3,0,2016,8,26,{"$nulls":8},"PREC","DB","METH_1",0,"mm",null,"S"]
["METEO","LTER_EU_BE_05","INBO","WIJ1","AIR","EnvEurope",3,3,0,2016,8,27,{"$nulls":8},"PREC","DB","METH_1",0,"mm",null,"S"]
["METEO","LTER_EU_BE_05","INBO","WIJ1","AIR","EnvEurope",3,3,0,2016,8,28,{"$nulls":8},"PREC","DB","METH_1",0,"mm",null,"S"]
["METEO","LTER_EU_BE_05","INBO","WIJ1","AIR","EnvEurope",3,3,0,2016,8,29,{"$nulls":8},"PREC","DB","METH_1",0.29000000000000004,"mm",null,"S"]
["METEO","LTER_EU_BE_05","INBO","WIJ1","AIR","EnvEurope",3,3,0,2016,8,30,{"$nulls":8},"PREC","DB","METH_1",0,"mm",null,"S"]
["METEO","LTER_EU_BE_05","INBO","WIJ1","AIR","EnvEurope",3,3,0,2016,8,31,{"$nulls":8},"PREC","DB","METH_1",0,"mm",null,"S"]
["METEO","LTER_EU_BE_05","INBO","WIJ1","AIR","EnvEurope",3,3,0,2016,9,1,{"$nulls":8},"PREC","DB","METH_1",0,"mm",null,"S"]
["METEO","LTER_EU_BE_05","INBO","WIJ1","AIR","EnvEurope",3,3,0,2016,9,2,{"$nulls":8},"PREC","DB","METH_1",1.43999998,"mm",null,"S"]
["METEO","LTER_EU_BE_05","INBO","WIJ1","AIR","EnvEurope",3,3,0,2016,9,3,{"$nulls":8},"PREC","DB","METH_1",0.27,"mm",null,"S"]
["METEO","LTER_EU_BE_05","INBO","WIJ1","AIR","EnvEurope",3,3,0,2016,9,4,{"$nulls":8},"PREC","DB","METH_1",0.79999998,"mm",null,"S"]
["METEO","LTER_EU_BE_05","INBO","WIJ1","AIR","EnvEurope",3,3,0,2016,9,5,{"$nulls":8},"PREC","DB","METH_1",0,"mm",null,"S"]
["METEO","LTER_EU_BE_05","INBO","WIJ1","AIR","EnvEurope",3,3,0,2016,9,6,{"$nulls":8},"PREC","DB","METH_1",0,"mm",null,"S"]
["METEO","LTER_EU_BE_05","INBO","WIJ1","AIR","EnvEurope",3,3,0,2016,9,7,{"$nulls":8},"PREC","DB","METH_1",0,"mm",null,"S"]
["METEO","LTER_EU_BE_05","INBO","WIJ1","AIR","EnvEurope",3,3,0,2016,9,8,{"$nulls":8},"PREC","DB","METH_1",0,"mm",null,"S"]
["METEO","LTER_EU_BE_05","INBO","WIJ1","AIR","EnvEurope",3,3,0,2016,9,9,{"$nulls":8},"PREC","DB","METH_1",0,"mm",null,"S"]
["METEO","LTER_EU_BE_05","INBO","WIJ1","AIR","EnvEurope",3,3,0,2016,9,10,{"$nulls":8},"PREC","DB","METH_1",0,"mm",null,"S"]
["METEO","LTER_EU_BE_05","INBO","WIJ1","AIR","EnvEurope",3,3,0,2016,9,11,{"$nulls":8},"PREC","DB","METH_1",0,"mm",null,"S"]
["METEO","LTER_EU_BE_05","INBO","WIJ1","AIR","EnvEurope",3,3,0,2016,9,12,{"$nulls":8},"PREC","DB","METH_1",0,"mm",null,"S"]
["METEO","LTER_EU_BE_05","INBO","WIJ1","AIR","EnvEurope",3,3,0,2016,9,13,{"$nulls":8},"PREC","DB","METH_1",0.01,"mm",null,"S"]
["METEO","LTER_EU_BE_05","INBO","WIJ1","AIR","EnvEurope",3,3,0,2016,9,14,{"$nulls":8},"PREC","DB","METH_1",0,"mm",null,"S"]
["METEO","LTER_EU_BE_05","INBO","WIJ1","AIR","EnvEurope",3,3,0,2016,9,15,{"$nulls":8},"PREC","DB","METH_1",0.46999998,"mm",null,"S"]
["METEO","LTER_EU_BE_05","INBO","WIJ1","AIR","EnvEurope",3,3,0,2016,9,16,{"$nulls":8},"PREC","DB","METH_1",12.669996390000001,"mm",null,"S"]
["METEO","LTER_EU_BE_05","INBO","WIJ1","AIR","EnvEurope",3,3,0,2016,9,17,{"$nulls":8},"PREC","DB","METH_1",0.14,"mm",null,"S"]
["METEO","LTER_EU_BE_05","INBO","WIJ1","AIR","EnvEurope",3,3,0,2016,9,18,{"$nulls":8},"PREC","DB","METH_1",0,"mm",null,"S"]
["METEO","LTER_EU_BE_05","INBO","WIJ1","AIR","EnvEurope",3,3,0,2016,9,19,{"$nulls":8},"PREC","DB","METH_1",0.03,"mm",null,"S"]
["METEO","LTER_EU_BE_05","INBO","WIJ1","AIR","EnvEurope",3,3,0,2016,9,20,{"$nulls":8},"PREC","DB","METH_1",0.11,"mm",null,"S"]
["METEO","LTER_EU_BE_05","INBO","WIJ1","AIR","EnvEurope",3,3,0,2016,9,21,{"$nulls":8},"PREC","DB","METH_1",0,"mm",null,"S"]
["METEO","LTER_EU_BE_05","INBO","WIJ1","AIR","EnvEurope",3,3,0,2016,9,22,{"$nulls":8},"PREC","DB","METH_1",0,"mm",null,"S"]
["METEO","LTER_EU_BE_05","INBO","WIJ1","AIR","EnvEurope",3,3,0,2016,9,23,{"$nulls":8},"PREC","DB","METH_1",0,"mm",null,"S"]
["METEO","LTER_EU_BE_05","INBO","WIJ1","AIR","EnvEurope",3,3,0,2016,9,24,{"$nulls":8},"PREC","DB","METH_1",0,"mm",null,"S"]
["METEO","LTER_EU_BE_05","INBO","WIJ1","AIR","EnvEurope",3,3,0,2016,9,25,{"$nulls":8},"PREC","DB","METH_1",0.01,"mm",null,"S"]
["METEO","LTER_EU_BE_05","INBO","WIJ1","AIR","EnvEurope",3,3,0,2016,9,26,{"$nulls":8},"PREC","DB","METH_1",0,"mm",null,"S"]
["METEO","LTER_EU_BE_05","INBO","WIJ1","AIR","EnvEurope",3,3,0,2016,9,27,{"$nulls":8},"PREC","DB","METH_1",0,"mm",null,"S"]
["METEO","LTER_EU_BE_05","INBO","WIJ1","AIR","EnvEurope",3,3,0,2016,9,28,{"$nulls":8},"PREC","DB","METH_1",0,"mm",null,"S"]
["METEO","LTER_EU_BE_05","INBO","WIJ1","AIR","EnvEurope",3,3,0,2016,9,29,{"$nulls":8},"PREC","DB","METH_1",0.42000000000000004,"mm",null,"S"]
["METEO","LTER_EU_BE_05","INBO","WIJ1","AIR","EnvEurope",3,3,0,2016,9,30,{"$nulls":8},"PREC","DB","METH_1",0.54999999,"mm",null,"S"]

{"sheet":"Ref_STYPE","index":4,"n_rows":5,"n_cols":3,"rows_kept":5,"flags":["formulas_cached_only"]}
["STYPE","Station type","Example"]
["PT","point observation","Sampling point"]
["HLN","horizontal transect observed","transect"]
["VLN","vertical transect observed","depth gradient"]
["PL","area observed","vegetation plot"]

{"sheet":"Ref_SUBPROG","index":5,"n_rows":6,"n_cols":2,"rows_kept":6,"flags":["formulas_cached_only"]}
["SUBPROG","Explanation"]
["BIOCHEM","biogeochemistry data"]
["STRUCTU","Structure and function of ecosystems, communities and populations"]
["HUMANEC","human population and economy"]
["SITECHA","site characteristics (land use and land cover)"]
["METEO","meteorological data"]

{"sheet":"Ref_AREA","index":6,"n_rows":1,"n_cols":24,"rows_kept":1,"flags":["formulas_cached_only"]}
["UUID","LTER_EU_Site_Code","SiteName","Country","EnvEurope_Group","Checked","Note","Char_Biogeographic_Region","Elevation_avg","FocEcosys1","FocEcosys2","FocEcosys3","Loc_Country","Loc_DEG_X_ETRS89_GEO","Loc_DEG_Y_ETRS89_GEO","LTER_Declaration_Status","LTER_Site_Status","LTER_Site_Type","Actor","Organisation","email","Phone","Role","OBJEKT_ID"]

{"sheet":"Ref_TLEVEL","index":7,"n_rows":8,"n_cols":4,"rows_kept":8,"flags":["formulas_cached_only"]}
["TLEVEL","Explenation","Duration","Exmple"]
["HOUR","aggregated on the level of a hour","60 minutes"]
["DAY","aggregated on the level of a day","24 hours"]
["WEEK","aggregated on the level of a week","7 days"]
["MONTH","aggregated on the level of a month","21, 30 or 31 days"]
["SEASON","aggregated on the level of a season","3 Month","spring, summer, autumn, winter"]
["HYEAR","aggregated on the level of a half year","6 month"]
["YEAR","aggregated on the level of a year","12 month"]

{"sheet":"Ref_SUBST","index":8,"n_rows":107,"n_cols":8,"rows_kept":107,"flags":["formulas_cached_only"]}
["LISTSUB","SUBST","Name","Description","Group","CAS Code","included/changed"]
["*","AB","abundace of","groups; to be specified by user; to be described in the metadata",10," ","2000-06-16 15:39:00.000"]
["DB","ALK     ","Alkalinity"," ",10," ","2000-06-16 15:39:00.000"]
["*","BIOMASS","biomass of ","groups; to be specified by user; to be described in the metadata",10," ","2000-06-16 15:39:00.000"]
["DB","BOD     ","Biochemical oxygen demand","Essential to state incubation time - see pretreatment list: Incubation.",10," ","2000-06-16 15:39:00.000"]
["DB","BPP     ","Biological primary production net"," ",10," ","2000-06-16 15:39:00.000"]
["DB","BPY     ","Biological primary productivity net"," ",10," ","2000-06-16 15:39:00.000"]
["DB","CODCR   ","Chemical oxygen demand COD-Cr"," ",10," ","2000-08-14 15:23:00.000"]
["DB","CODMN   ","Chemical oxygen demand COD-Mn"," ",10," ","2000-08-14 15:23:00.000"]
["DB","COND    ","Conductivity"," ",10," ","2000-06-16 15:39:00.000"]
["IM","COVE_B","spccies cover bottom layer","mean cover of layer/species (%) in the bottom layer per vegetation plot; byrophytes and lichens",10," ","2000-06-16 15:39:00.000"]
["IM","COVE_F","spccies cover field layer","mean cover of layer/species (%) in the field layer per vegetation plot; trees and shrubs <1m and other plants irrespective of height",10," ","2000-06-16 15:39:00.000"]
["IM","COVE_S","spccies cover shrub layer","mean cover of layer/species (%) in the shrub layer per vegetation plot; trees 1-5m, morphological shrubs >1m",10," ","2000-06-16 15:39:00.000"]
["IM","COVE_T","spccies cover tree layer","mean cover of layer/species (%) in the tree layer per vegetation plot; trees >5m",10," ","2000-06-16 15:39:00.000"]
["DB","CP      ","Chlorophyll a"," ",10," ","2000-06-16 15:39:00.000"]
["DB","DC      ","Dissolved carbon"," ",10," ","2000-06-16 15:39:00.000"]
["DB","DEPTHB  ","Depth of sampling from bottom"," ",10," ","2000-06-16 15:39:00.000"]
["DB","DEPTHS  ","Depth of sampling from surface"," ",10," ","2000-06-16 15:39:00.000"]
["DB","DEPTHT  ","Depth to bottom"," ",10," ","2000-06-16 15:39:00.000"]
["DB","DIC     ","Dissolved inorganic carbon"," ",10," ","2000-06-16 15:39:00.000"]
["DB","DISCH","Discharge"," ",10," ","2000-06-16 15:39:00.000"]
["DB","DOC     ","Dissolved organic carbon"," ",10," ","2000-06-16 15:39:00.000"]
["DB","DOD     ","Direct oxygen demand"," ",10," ","2000-06-16 15:39:00.000"]
["DB","EH      ","Redox potential"," ",10," ","2000-08-14 15:24:00.000"]
["DB","FLOW    ","Flow"," ",10," ","2000-06-16 15:39:00.000"]
["*","HAGESTR","age structure","human population",10," ","2000-06-16 15:39:00.000"]
["*","HDENSITY","density","human population",10," ","2000-06-16 15:39:00.000"]
["*","HECONACT","main economic activity","human population",10," ","2000-06-16 15:39:00.000"]
["DB","HH      ","Humidity"," ",10," ","2000-06-16 15:39:00.000"]
["*","HINCOME","average income","human population",10," ","2000-06-16 15:39:00.000"]
["*","LANDCOV","land cover",null,10," ","2001-01-16T09:51:09"]
["*","LANDUSE","land use",null,30," ","2001-01-16T09:56:35"]
["DB","LDEP",null,"litterfall amount (oven dry weight)",30," ","2000-06-16 15:39:00.000","g/m2"]
["DB","LENGTH  ","Length"," ",30," ","2000-06-16 15:39:00.000"]
["DB","NH3     ","Ammonia"," ",30," ","2000-06-16 15:39:00.000"]
["DB","NH4     ","Ammonium"," ",30," ","2000-06-16 15:39:00.000"]
["DB","NH4N    ","Ammonium as nitrogen"," ",30," ","2000-06-16 15:39:00.000"]
["DB","NKJ     ","Kjeldahl nitrogen"," ",30," ","2000-06-16 15:39:00.000"]
["DB","NO2     ","Nitrite"," ",30," ","2000-06-16 15:39:00.000"]
["DB","NO23    ","Nitrite nitrate","Nitrite + nitrate",30," ","2000-06-16 15:39:00.000"]
["DB","NO23N   ","Nitrite nitrate as nitrogen","Nitrite + nitrate as nitrogen",30," ","2000-06-16 15:39:00.000"]
["DB","NO2N    ","Nitrite as nitrogen"," ",30," ","2000-06-16 15:39:00.000"]
["DB","NO3     ","Nitrate"," ",30," ","2000-06-16 15:39:00.000"]
["DB","NO3N    ","Nitrate as nitrogen"," ",30," ","2000-06-16 15:39:00.000"]
["DB","NOXNDO  ","Nitrogen oxides as NO2"," ",30," ","2000-06-16 15:39:00.000"]
["DB","NTOT    ","Total nitrogen"," ",30," ","2000-06-16 15:39:00.000"]
["DB","O2      ","Oxygen"," ",30," ","2000-06-16 15:39:00.000"]
["DB","O2D     ","Dissolved oxygen"," ",30," ","2000-06-16 15:39:00.000"]
["DB","O2S     ","Oxygen saturation","The amount of oxygen dissolved in the water compared to what theoretically can be dissolved at the same temperature expressed in percent.",40," ","2000-06-16 15:39:00.000"]
["DB","P","Phosphorus",null,40," ","2000-06-16 15:39:00.000"]
["DB","PH      ","pH"," ",40," ","2000-06-16 15:39:00.000"]
["DB","PO4     ","Phosphate"," ",30," ","2000-06-16 15:39:00.000"]
["DB","PO4P    ","Phosphate as phosphorous"," ",30," ","2000-09-05 12:08:00.000"]
["DB","PREC    ","Precipitation"," ",10,null,"2001-12-07T12:34:10"]
["DB","PTOT    ","Total phosphorous"," "]
["DB","SDT     ","Secchi disc transparency"," ",30,null,"2002-10-18T14:59:18"]
["*","SPNB","number of species","groups; to be specified by user; to be described in the metadata"]
["DB","SS      ","Suspended solids"," "]
["DB","TC      ","Total carbon"," "]
["DB","TEMP    ","Temperature"," "]
["*","THP","total population in the site","human population"]
["DB","TIC     ","Total inorganic carbon"," "]
["DB","TOC     ","Total organic carbon"," "]
["DB","TOD     ","Total oxygen demand"," "]
["DB","TS      ","Total solids"," "]
["DB","TURB    ","Turbidity"," "]
["DB","WEIGHT","Weight"]
["DB","WL      ","Water level"," "]
["DB","WLL     ","Water level local level","Water level compared to a local point."]
["DB","WLS     ","Water level sea level","Water level compared to the sea."]
["Add"]
["Add"]
["Add"]
["Add"]
["Add"]
["Add"]
["Add"]
["Add"]
["Add"]
["Add"]
["Add"]
["Add"]
["Add"]
["Add"]
["Add"]
["Add"]
["Add"]
["Add"]
["Add"]
["Add"]
["Add"]
["Add"]
["Add"]
["Add"]
["Add"]
["Add"]
["Add"]
["Add"]
["Add"]
["Add"]
[]
[]
[]
["DB"]
["*"]
["IM"]
["Add"]

{"sheet":"Ref_MEDIUM","index":9,"n_rows":20,"n_cols":3,"rows_kept":20,"flags":["formulas_cached_only"]}
["LISTMED","MEDIUM","Explanation"]
["EnvEurope","AIR","air including meteorlogy"]
["EnvEurope","BIOCOM","biological communities"]
["EnvEurope","HUMPOP","human population"]
["EnvEurope","LITTER","litterfall"]
["EnvEurope","SEDIMENT","sediments in aquatic envrionments"]
["EnvEurope","SITECHAR","site characteristics (as habitat or landscape structure)"]
["EnvEurope","SOIL","soil"]
["EnvEurope","SOILWAT","soil water"]
["EnvEurope","WATER","runoff and groundwater"]
["EnvEurope"]
["EnvEurope"]
["EnvEurope"]
["EnvEurope"]
["EnvEurope"]
["EnvEurope"]
["EnvEurope"]
["EnvEurope"]
["EnvEurope"]
["EnvEurope"]

{"sheet":"Ref_UNIT","index":10,"n_rows":40,"n_cols":1,"rows_kept":40,"flags":["formulas_cached_only"]}
["UNIT"]
["%         "]
["ha    "]
["°C        "]
["cm"]
["CODE      "]
["DEGREES   "]
["eq/m²/yr"]
["g/m²      "]
["g/m²      "]
["ind/m²"]
["k"]
["kg/m³     "]
["l/(s*km²) "]
["m         "]
["m/s      "]
["m²/ha     "]
["m³"]
["ME/kg     "]
["mg C m³/d "]
["mg O2 m³/d"]
["mg/kg     "]
["mg/l      "]
["mg/m³     "]
["mm"]
["mS/m      "]
["N mg/l    "]
["N µg/m³   "]
["µg/m³     "]
["NUMBER    "]
["P µg/l    "]
["PT mg/l   "]
["S mg/l    "]
["S µg/m³   "]
["μg/(G*H)  "]
["μg/l "]
["μg/m³"]
["μmol/(G*H)"]
["W/m²"]
["YEARS     "]

{"sheet":"Ref_FLAGQUA","index":11,"n_rows":3,"n_cols":2,"rows_kept":3,"flags":["formulas_cached_only"]}
["FLAGQUA","Explenation"]
["L","less than detection limit"]
["E","estimated from measured value"]

{"sheet":"Ref_FLAGSTA","index":12,"n_rows":10,"n_cols":2,"rows_kept":10,"flags":["formulas_cached_only"]}
["FLAGSTA","Explenation"]
["X ","Arithmetic average, mean; e.g. monthly average"]
["W ","Weighted mean"]
["S ","Sum"]
["M ","Mode"]
["A","Minimum"]
["Z","Maximum"]
["XA","average monthly minimum"]
["XZ","average monthly maximum"]
["SZ","maximum daily sum"]

{"sheet":"Tabelle4","index":13,"n_rows":0,"n_cols":0,"rows_kept":0,"flags":["formulas_cached_only"]}